{"text_format":"1","workbook":"xlsx","n_sheets":2,"sheets":["일위대가","일위대가상세"],"not_rendered":{"charts":0,"images":0,"macros":0,"external_links":0,"defined_names":2,"comments":0,"pivot_tables":0},"unopened":[],"bounds":{"document_bytes":16777216,"sheet_cells":100000,"rows_first":2000,"rows_last":500,"rows_between":2000,"halvings":0,"cell_chars":16384,"cell_head_chars":4096},"cells_cut":0,"cells_raw":0,"read":"whole","date_system":"1900"}

{"sheet":"일위대가","index":0,"n_rows":699,"n_cols":11,"rows_kept":699,"cut":false,"hidden":false,"merged":[[1,0,1,10],[0,0,0,10]]}
["일 위 대 가"]
["20240300085_2024년 표준일위대가(통신)_1800554961"]
["일위대가코드","번호","품명","규격","단위","재료비","노무비","경비","합계","비목구분","비고"]
["TBA31100010S",null,"파상형경질폴리에틸렌전선관-철거","30㎜(50%)","M",75,2514,0,2589,"합계"]
["TBA31100020S",null,"파상형경질폴리에틸렌전선관-재사용철거","30㎜(80%)","M",120,4023,0,4143,"합계"]
["TBA31200010S",null,"파상형경질폴리에틸렌전선관-철거","40㎜(50%)","M",141,4724,0,4865,"합계"]
["TBA31200020S",null,"파상형경질폴리에틸렌전선관-재사용철거","40㎜(80%)","M",226,7559,0,7785,"합계"]
["TBA31300010S",null,"파상형경질폴리에틸렌전선관-철거","50㎜(50%)","M",141,4724,0,4865,"합계"]
["TBA31300020S",null,"파상형경질폴리에틸렌전선관-재사용철거","50㎜(80%)","M",226,7559,0,7785,"합계"]
["TBA31400010S",null,"파상형경질폴리에틸렌전선관-철거","65㎜(50%)","M",174,5802,0,5976,"합계"]
["TBA31400020S",null,"파상형경질폴리에틸렌전선관-재사용철거","65㎜(80%)","M",278,9283,0,9561,"합계"]
["TBA31500010S",null,"파상형경질폴리에틸렌전선관-철거","80㎜(50%)","M",174,5802,0,5976,"합계"]
["TBA31500020S",null,"파상형경질폴리에틸렌전선관-재사용철거","80㎜(80%)","M",278,9283,0,9561,"합계"]
["TBA31600010S",null,"파상형경질폴리에틸렌전선관-철거","100㎜(50%)","M",246,8204,0,8450,"합계"]
["TBA31600020S",null,"파상형경질폴리에틸렌전선관-재사용철거","100㎜(80%)","M",393,13127,0,13520,"합계"]
["TBA31700010S",null,"파상형경질폴리에틸렌전선관-철거","125㎜(50%)","M",336,11215,0,11551,"합계"]
["TBA31700020S",null,"파상형경질폴리에틸렌전선관-재사용철거","125㎜(80%)","M",538,17945,0,18483,"합계"]
["TBA31800010S",null,"파상형경질폴리에틸렌전선관-철거","150㎜(50%)","M",415,13839,0,14254,"합계"]
["TBA31800020S",null,"파상형경질폴리에틸렌전선관-재사용철거","150㎜(80%)","M",664,22143,0,22807,"합계"]
["TBA31900010S",null,"파상형경질폴리에틸렌전선관-철거","175㎜(50%)","M",499,16657,0,17156,"합계"]
["TBA31900020S",null,"파상형경질폴리에틸렌전선관-재사용철거","175㎜(80%)","M",799,26651,0,27450,"합계"]
["TBA31A00010S",null,"파상형경질폴리에틸렌전선관-철거","200㎜(50%)","M",558,18618,0,19176,"합계"]
["TBA31A00020S",null,"파상형경질폴리에틸렌전선관-재사용철거","2000㎜(80%)","M",893,29790,0,30683,"합계"]
["TBB13100010S",null,"파상형경질폴리에틸렌전선관-지중포설","30㎜","M",579,5029,0,5608,"합계"]
["TBB13200010S",null,"파상형경질폴리에틸렌전선관-지중포설","40㎜","M",937,9449,0,10386,"합계"]
["TBB13300010S",null,"파상형경질폴리에틸렌전선관-지중포설","50㎜","M",1133,9449,0,10582,"합계"]
["TBB13400010S",null,"파상형경질폴리에틸렌전선관-지중포설","65㎜","M",1585,11604,0,13189,"합계"]
["TBB13600010S",null,"파상형경질폴리에틸렌전선관-지중포설","80㎜","M",2044,11604,0,13648,"합계"]
["TBB13700010S",null,"파상형경질폴리에틸렌전선관-지중포설","100㎜","M",2722,16408,0,19130,"합계"]
["TBB13900010S",null,"파상형경질폴리에틸렌전선관-지중포설","125㎜","M",4167,22431,0,26598,"합계"]
["TBB13A00010S",null,"파상형경질폴리에틸렌전선관-지중포설","150㎜","M",5453,27679,0,33132,"합계"]
["TBB13B00010S",null,"파상형경질폴리에틸렌전선관-지중포설","175㎜","M",8634,33314,0,41948,"합계"]
["TBB13C00010S",null,"파상형경질폴리에틸렌전선관-지중포설","200㎜","M",9968,37237,0,47205,"합계"]
["TCA11100010S",null,"경질비닐PVC전선관-콘크리트 매입","HI, 14mm","M",320,10691,0,11011,"합계"]
["TCA11200010S",null,"경질비닐PVC전선관-콘크리트 매입","HI, 16mm","M",788,13363,0,14151,"합계"]
["TCA11300010S",null,"경질비닐PVC전선관-콘크리트 매입","HI, 22mm","M",943,16036,0,16979,"합계"]
["TCA11400010S",null,"경질비닐PVC전선관-콘크리트 매입","HI, 28mm","M",1565,21382,0,22947,"합계"]
["TCA11500010S",null,"경질비닐PVC전선관-콘크리트 매입","HI, 36mm","M",2131,26727,0,28858,"합계"]
["TCA11600010S",null,"경질비닐PVC전선관-콘크리트 매입","HI, 42mm","M",2685,34746,0,37431,"합계"]
["TCA11700010S",null,"경질비닐PVC전선관-콘크리트 매입","HI, 54mm","M",3968,50782,0,54750,"합계"]
["TCA11800010S",null,"경질비닐PVC전선관-콘크리트 매입","HI, 70mm","M",5398,74837,0,80235,"합계"]
["TCA11900010S",null,"경질비닐PVC전선관-콘크리트 매입","HI, 82mm","M",7780,98892,0,106672,"합계"]
["TCA11C00010S",null,"경질비닐PVC전선관-콘크리트 매입","HI, 104mm","M",9109,122947,0,132056,"합계"]
["TCA12100010S",null,"경질비닐PVC전선관-콘크리트 노출 및 블록 칸막이 벽내","HI, 14mm","M",384,12829,0,13213,"합계"]
["TCA12200010S",null,"경질비닐PVC전선관-콘크리트 노출 및 블록 칸막이 벽내","HI, 16mm","M",869,16036,0,16905,"합계"]
["TCA12300010S",null,"경질비닐PVC전선관-콘크리트 노출 및 블록 칸막이 벽내","HI, 22mm","M",1039,19243,0,20282,"합계"]
["TCA12400010S",null,"경질비닐PVC전선관-콘크리트 노출 및 블록 칸막이 벽내","HI, 28mm","M",1693,25658,0,27351,"합계"]
["TCA12500010S",null,"경질비닐PVC전선관-콘크리트 노출 및 블록 칸막이 벽내","HI, 36mm","M",2291,32073,0,34364,"합계"]
["TCA12600010S",null,"경질비닐PVC전선관-콘크리트 노출 및 블록 칸막이 벽내","HI, 42mm","M",2894,41695,0,44589,"합계"]
["TCA12700010S",null,"경질비닐PVC전선관-콘크리트 노출 및 블록 칸막이 벽내","HI, 54mm","M",4272,60939,0,65211,"합계"]
["TCA12800010S",null,"경질비닐PVC전선관-콘크리트 노출 및 블록 칸막이 벽내","HI, 70mm","M",5847,89805,0,95652,"합계"]
["TCA12900010S",null,"경질비닐PVC전선관-콘크리트 노출 및 블록 칸막이 벽내","HI, 82mm","M",8374,118670,0,127044,"합계"]
["TCA12C00010S",null,"경질비닐PVC전선관-콘크리트 노출 및 블록 칸막이 벽내","HI, 104mm","M",9847,147536,0,157383,"합계"]
["TCA13100010S",null,"경질비닐PVC전선관-철강조 노출","HI, 14mm","M",400,13363,0,13763,"합계"]
["TCA13200010S",null,"경질비닐PVC전선관-철강조 노출","HI, 16mm","M",889,16704,0,17593,"합계"]
["TCA13300010S",null,"경질비닐PVC전선관-철강조 노출","HI, 22mm","M",1063,20045,0,21108,"합계"]
["TCA13400010S",null,"경질비닐PVC전선관-철강조 노출","HI, 28mm","M",1725,26727,0,28452,"합계"]
["TCA13500010S",null,"경질비닐PVC전선관-철강조 노출","HI, 36mm","M",2331,33409,0,35740,"합계"]
["TCA13600010S",null,"경질비닐PVC전선관-철강조 노출","HI, 42mm","M",2946,43432,0,46378,"합계"]
["TCA13700010S",null,"경질비닐PVC전선관-철강조 노출","HI, 54mm","M",4348,63478,0,67826,"합계"]
["TCA13800010S",null,"경질비닐PVC전선관-철강조 노출","HI, 70mm","M",5959,93546,0,99505,"합계"]
["TCA13900010S",null,"경질비닐PVC전선관-철강조 노출","HI, 82mm","M",8522,123615,0,132137,"합계"]
["TCA13C00010S",null,"경질비닐PVC전선관-철강조 노출","HI, 104mm","M",10031,153684,0,163715,"합계"]
["TCA14100010S",null,"경질비닐PVC전선관-천장속, 마루밑","HI, 14mm","M",416,13898,0,14314,"합계"]
["TCA14200010S",null,"경질비닐PVC전선관-천장속, 마루밑","HI, 16mm","M",909,17373,0,18282,"합계"]
["TCA14300010S",null,"경질비닐PVC전선관-천장속, 마루밑","HI, 22mm","M",1087,20847,0,21934,"합계"]
["TCA14400010S",null,"경질비닐PVC전선관-천장속, 마루밑","HI, 28mm","M",1757,27796,0,29553,"합계"]
["TCA14500010S",null,"경질비닐PVC전선관-천장속, 마루밑","HI, 36mm","M",2371,34746,0,37117,"합계"]
["TCA14600010S",null,"경질비닐PVC전선관-천장속, 마루밑","HI, 42mm","M",2998,45169,0,48167,"합계"]
["TCA14700010S",null,"경질비닐PVC전선관-천장속, 마루밑","HI, 54mm","M",4425,66017,0,70442,"합계"]
["TCA14800010S",null,"경질비닐PVC전선관-천장속, 마루밑","HI, 70mm","M",6072,97288,0,103360,"합계"]
["TCA14900010S",null,"경질비닐PVC전선관-천장속, 마루밑","HI, 82mm","M",8670,128560,0,137230,"합계"]
["TCA14C00010S",null,"경질비닐PVC전선관-천장속, 마루밑","HI, 104mm","M",10216,159831,0,170047,"합계"]
["TCA17200010S",null,"경질비닐PVC전선관-철거","16mm(30%)","M",120,4009,0,4129,"합계"]
["TCA17200020S",null,"경질비닐PVC전선관-재사용철거","16mm(40%)","M",160,5345,0,5505,"합계"]
["TCA17300010S",null,"경질비닐PVC전선관-철거","22mm(30%)","M",144,4810,0,4954,"합계"]
["TCA17300020S",null,"경질비닐PVC전선관-재사용철거","22mm(40%)","M",192,6414,0,6606,"합계"]
["TCA17400010S",null,"경질비닐PVC전선관-철거","28mm(30%)","M",192,6414,0,6606,"합계"]
["TCA17400020S",null,"경질비닐PVC전선관-재사용철거","28mm(40%)","M",256,8552,0,8808,"합계"]
["TCA17500010S",null,"경질비닐PVC전선관-철거","36mm(30%)","M",240,8018,0,8258,"합계"]
["TCA17500020S",null,"경질비닐PVC전선관-재사용철거","36mm(40%)","M",320,10691,0,11011,"합계"]
["TCA17600010S",null,"경질비닐PVC전선관-철거","42mm(30%)","M",312,10423,0,10735,"합계"]
["TCA17600020S",null,"경질비닐PVC전선관-재사용철거","42mm(40%)","M",416,13898,0,14314,"합계"]
["TCA17700010S",null,"경질비닐PVC전선관-철거","54mm(30%)","M",457,15234,0,15691,"합계"]
["TCA17700020S",null,"경질비닐PVC전선관-재사용철거","54mm(40%)","M",609,20313,0,20922,"합계"]
["TCA17800010S",null,"경질비닐PVC전선관-철거","70mm(30%)","M",673,22451,0,23124,"합계"]
["TCA17800020S",null,"경질비닐PVC전선관-재사용철거","70mm(40%)","M",898,29935,0,30833,"합계"]
["TCA17900010S",null,"경질비닐PVC전선관-철거","82mm(30%)","M",890,29667,0,30557,"합계"]
["TCA17900020S",null,"경질비닐PVC전선관-재사용철거","82mm(40%)","M",1186,39556,0,40742,"합계"]
["TCA17A00010S",null,"경질비닐PVC전선관-철거","92mm(30%)","M",1082,36082,0,37164,"합계"]
["TCA17A00020S",null,"경질비닐PVC전선관-재사용철거","92mm(40%)","M",1443,48109,0,49552,"합계"]
["TCA17C00010S",null,"경질비닐PVC전선관-철거","104mm(30%)","M",1106,36884,0,37990,"합계"]
["TCA17C00020S",null,"경질비닐PVC전선관-재사용철거","104mm(40%)","M",1475,49178,0,50653,"합계"]
["TCA17D00010S",null,"경질비닐PVC전선관-철거","125mm(30%)","M",1226,40893,0,42119,"합계"]
["TCA17D00020S",null,"경질비닐PVC전선관-재사용철거","125mm(40%)","M",1635,54524,0,56159,"합계"]
["TCA21100010S",null,"폴리에틸렌전선관-콘크리트 매입","PE, 14㎜","M",256,8552,0,8808,"합계"]
["TCA21200010S",null,"폴리에틸렌전선관-콘크리트 매입","PE, 16㎜","M",666,10691,0,11357,"합계"]
["TCA21300010S",null,"폴리에틸렌전선관-콘크리트 매입","PE, 22㎜","M",828,12829,0,13657,"합계"]
["TCA21400010S",null,"폴리에틸렌전선관-콘크리트 매입","PE, 28㎜","M",1216,17105,0,18321,"합계"]
["TCA21500010S",null,"폴리에틸렌전선관-콘크리트 매입","PE, 36㎜","M",1715,21382,0,23097,"합계"]
["TCA21600010S",null,"폴리에틸렌전선관-콘크리트 매입","PE, 42㎜","M",2025,27796,0,29821,"합계"]
["TCA21700010S",null,"폴리에틸렌전선관-콘크리트 매입","PE, 54㎜","M",3159,40626,0,43785,"합계"]
["TCA21800010S",null,"폴리에틸렌전선관-콘크리트 매입","PE, 70㎜","M",5038,59870,0,64908,"합계"]
["TCA21900010S",null,"폴리에틸렌전선관-콘크리트 매입","PE, 82㎜","M",6637,79113,0,85750,"합계"]
["TCA21B00010S",null,"폴리에틸렌전선관-콘크리트 매입","PE, 100㎜","M",9288,98357,0,107645,"합계"]
["TCA22100010S",null,"폴리에틸렌전선관-콘크리트 노출 및 블록 칸막이 벽내","PE, 14㎜","M",307,10263,0,10570,"합계"]
["TCA22200010S",null,"폴리에틸렌전선관-콘크리트 노출 및 블록 칸막이 벽내","PE, 16㎜","M",730,12829,0,13559,"합계"]
["TCA22300010S",null,"폴리에틸렌전선관-콘크리트 노출 및 블록 칸막이 벽내","PE, 22㎜","M",905,15395,0,16300,"합계"]
["TCA22400010S",null,"폴리에틸렌전선관-콘크리트 노출 및 블록 칸막이 벽내","PE, 28㎜","M",1319,20526,0,21845,"합계"]
["TCA22500010S",null,"폴리에틸렌전선관-콘크리트 노출 및 블록 칸막이 벽내","PE, 36㎜","M",1844,25658,0,27502,"합계"]
["TCA22600010S",null,"폴리에틸렌전선관-콘크리트 노출 및 블록 칸막이 벽내","PE, 42㎜","M",2192,33356,0,35548,"합계"]
["TCA22700010S",null,"폴리에틸렌전선관-콘크리트 노출 및 블록 칸막이 벽내","PE, 54㎜","M",3402,48751,0,52153,"합계"]
["TCA22800010S",null,"폴리에틸렌전선관-콘크리트 노출 및 블록 칸막이 벽내","PE, 70㎜","M",5397,71844,0,77241,"합계"]
["TCA22900010S",null,"폴리에틸렌전선관-콘크리트 노출 및 블록 칸막이 벽내","PE, 82㎜","M",7111,94936,0,102047,"합계"]
["TCA22B00010S",null,"폴리에틸렌전선관-콘크리트 노출 및 블록 칸막이 벽내","PE, 100㎜","M",9878,118029,0,127907,"합계"]
["TCA23100010S",null,"폴리에틸렌전선관-철강조 노출","PE, 14㎜","M",320,10691,0,11011,"합계"]
["TCA23200010S",null,"폴리에틸렌전선관-철강조 노출","PE, 16㎜","M",746,13363,0,14109,"합계"]
["TCA23300010S",null,"폴리에틸렌전선관-철강조 노출","PE, 22㎜","M",924,16036,0,16960,"합계"]
["TCA23400010S",null,"폴리에틸렌전선관-철강조 노출","PE, 28㎜","M",1344,21382,0,22726,"합계"]
["TCA23500010S",null,"폴리에틸렌전선관-철강조 노출","PE, 36㎜","M",1876,26727,0,28603,"합계"]
["TCA23600010S",null,"폴리에틸렌전선관-철강조 노출","PE, 42㎜","M",2234,34746,0,36980,"합계"]
["TCA23700010S",null,"폴리에틸렌전선관-철강조 노출","PE, 54㎜","M",3463,50782,0,54245,"합계"]
["TCA23800010S",null,"폴리에틸렌전선관-철강조 노출","PE, 70㎜","M",5487,74837,0,80324,"합계"]
["TCA23900010S",null,"폴리에틸렌전선관-철강조 노출","PE, 82㎜","M",7230,98892,0,106122,"합계"]
["TCA23B00010S",null,"폴리에틸렌전선관-철강조 노출","PE, 100㎜","M",10025,122947,0,132972,"합계"]
["TCA24100010S",null,"폴리에틸렌전선관-천장속, 마루밑","PE, 14㎜","M",333,11118,0,11451,"합계"]
["TCA24200010S",null,"폴리에틸렌전선관-천장속, 마루밑","PE, 16㎜","M",762,13898,0,14660,"합계"]
["TCA24300010S",null,"폴리에틸렌전선관-천장속, 마루밑","PE, 22㎜","M",943,16678,0,17621,"합계"]
["TCA24400010S",null,"폴리에틸렌전선관-천장속, 마루밑","PE, 28㎜","M",1370,22237,0,23607,"합계"]
["TCA24500010S",null,"폴리에틸렌전선관-천장속, 마루밑","PE, 36㎜","M",1908,27796,0,29704,"합계"]
["TCA24600010S",null,"폴리에틸렌전선관-천장속, 마루밑","PE, 42㎜","M",2275,36135,0,38410,"합계"]
["TCA24700010S",null,"폴리에틸렌전선관-천장속, 마루밑","PE, 54㎜","M",3524,52813,0,56337,"합계"]
["TCA24800010S",null,"폴리에틸렌전선관-천장속, 마루밑","PE, 70㎜","M",5576,77831,0,83407,"합계"]
["TCA24900010S",null,"폴리에틸렌전선관-천장속, 마루밑","PE, 82㎜","M",7349,102848,0,110197,"합계"]
["TCA24B00010S",null,"폴리에틸렌전선관-천장속, 마루밑","PE, 100㎜","M",10173,127865,0,138038,"합계"]
["TCA27100010S",null,"폴리에틸렌전선관-철거","PE, 14mm(30%)","M",76,2565,0,2641,"합계"]
["TCA27100020S",null,"폴리에틸렌전선관-재사용철거","PE, 14mm(40%)","M",102,3421,0,3523,"합계"]
["TCA27200010S",null,"폴리에틸렌전선관-철거","PE, 16mm(30%)","M",96,3207,0,3303,"합계"]
["TCA27200020S",null,"폴리에틸렌전선관-재사용철거","PE, 16mm(40%)","M",128,4276,0,4404,"합계"]
["TCA27300010S",null,"폴리에틸렌전선관-철거","PE, 22mm(30%)","M",115,3848,0,3963,"합계"]
["TCA27300020S",null,"폴리에틸렌전선관-재사용철거","PE, 22mm(40%)","M",153,5131,0,5284,"합계"]
["TCA27400010S",null,"폴리에틸렌전선관-철거","PE, 28mm(30%)","M",153,5131,0,5284,"합계"]
["TCA27400020S",null,"폴리에틸렌전선관-재사용철거","PE, 28mm(40%)","M",205,6842,0,7047,"합계"]
["TCA27500010S",null,"폴리에틸렌전선관-철거","PE, 36mm(30%)","M",192,6414,0,6606,"합계"]
["TCA27500020S",null,"폴리에틸렌전선관-재사용철거","PE, 36mm(40%)","M",256,8552,0,8808,"합계"]
["TCA27600010S",null,"폴리에틸렌전선관-철거","PE, 42mm(30%)","M",250,8339,0,8589,"합계"]
["TCA27600020S",null,"폴리에틸렌전선관-재사용철거","PE, 42mm(40%)","M",333,11118,0,11451,"합계"]
["TCA27700010S",null,"폴리에틸렌전선관-철거","PE, 54mm(40%)","M",365,12187,0,12552,"합계"]
["TCA27700020S",null,"폴리에틸렌전선관-재사용철거","PE, 54mm(40%)","M",487,16250,0,16737,"합계"]
["TCA27800010S",null,"폴리에틸렌전선관-철거","PE, 70mm(40%)","M",538,17961,0,18499,"합계"]
["TCA27800020S",null,"폴리에틸렌전선관-재사용철거","PE, 70mm(40%)","M",718,23948,0,24666,"합계"]
["TCA27900010S",null,"폴리에틸렌전선관-철거","PE, 82mm(40%)","M",712,23734,0,24446,"합계"]
["TCA27900020S",null,"폴리에틸렌전선관-재사용철거","PE, 82mm(40%)","M",949,31645,0,32594,"합계"]
["TCA27A00010S",null,"폴리에틸렌전선관-철거","PE, 92mm(40%)","M",865,28865,0,29730,"합계"]
["TCA27A00020S",null,"폴리에틸렌전선관-재사용철거","PE, 92mm(40%)","M",1154,38487,0,39641,"합계"]
["TCA27C00010S",null,"폴리에틸렌전선관-철거","PE, 104mm(40%)","M",885,29507,0,30392,"합계"]
["TCA27C00020S",null,"폴리에틸렌전선관-재사용철거","PE, 104mm(40%)","M",1180,39343,0,40523,"합계"]
["TCA27D00010S",null,"폴리에틸렌전선관-철거","PE, 125mm(40%)","M",981,32714,0,33695,"합계"]
["TCA27D00020S",null,"폴리에틸렌전선관-재사용철거","PE, 125mm(40%)","M",1308,43619,0,44927,"합계"]
["TCA31200010S",null,"합성수지제가요전선관-콘크리트 매입","하이렉스-CD, 16㎜","M",538,10691,0,11229,"합계"]
["TCA31200020S",null,"합성수지제가요전선관-콘크리트 매입","HI-LEX-PF(난연성), 16㎜","M",320,10691,0,11011,"합계"]
["TCA31300010S",null,"합성수지제가요전선관-콘크리트 매입","하이렉스-CD, 22㎜","M",705,12829,0,13534,"합계"]
["TCA31300020S",null,"합성수지제가요전선관-콘크리트 매입","HI-LEX-PF(난연성), 22㎜","M",384,12829,0,13213,"합계"]
["TCA31400010S",null,"합성수지제가요전선관-콘크리트 매입","하이렉스-CD, 28㎜","M",937,17105,0,18042,"합계"]
["TCA31400020S",null,"합성수지제가요전선관-콘크리트 매입","HI-LEX-PF(난연성), 28㎜","M",513,17105,0,17618,"합계"]
["TCA32200010S",null,"합성수지제가요전선관-콘크리트 노출 및 블록 칸막이 벽내","하이렉스-CD, 16㎜","M",602,12829,0,13431,"합계"]
["TCA32200020S",null,"합성수지제가요전선관-콘크리트 노출 및 블록 칸막이 벽내","HI-LEX-PF(난연성), 16㎜","M",384,12829,0,13213,"합계"]
["TCA32300010S",null,"합성수지제가요전선관-콘크리트 노출 및 블록 칸막이 벽내","하이렉스-CD, 22㎜","M",782,15395,0,16177,"합계"]
["TCA32300020S",null,"합성수지제가요전선관-콘크리트 노출 및 블록 칸막이 벽내","HI-LEX-PF(난연성), 22㎜","M",461,15395,0,15856,"합계"]
["TCA32400010S",null,"합성수지제가요전선관-콘크리트 노출 및 블록 칸막이 벽내","하이렉스-CD, 28㎜","M",1039,20526,0,21565,"합계"]
["TCA32400020S",null,"합성수지제가요전선관-콘크리트 노출 및 블록 칸막이 벽내","HI-LEX-PF(난연성), 28㎜","M",615,20526,0,21141,"합계"]
["TCA33200010S",null,"합성수지제가요전선관-철강조 노출","하이렉스-CD, 16㎜","M",618,13363,0,13981,"합계"]
["TCA33200020S",null,"합성수지제가요전선관-철강조 노출","HI-LEX-PF(난연성), 16㎜","M",400,13363,0,13763,"합계"]
["TCA33300010S",null,"합성수지제가요전선관-철강조 노출","하이렉스-CD, 22㎜","M",801,16036,0,16837,"합계"]
["TCA33300020S",null,"합성수지제가요전선관-철강조 노출","HI-LEX-PF(난연성), 22㎜","M",481,16036,0,16517,"합계"]
["TCA33400010S",null,"합성수지제가요전선관-철강조 노출","하이렉스-CD, 28㎜","M",1065,21382,0,22447,"합계"]
["TCA33400020S",null,"합성수지제가요전선관-철강조 노출","HI-LEX-PF(난연성), 28㎜","M",641,21382,0,22023,"합계"]
["TCA34200010S",null,"합성수지제가요전선관-천장속, 마루밑","하이렉스-CD, 16㎜","M",634,13898,0,14532,"합계"]
["TCA34200020S",null,"합성수지제가요전선관-천장속, 마루밑","HI-LEX-PF(난연성), 16㎜","M",416,13898,0,14314,"합계"]
["TCA34300010S",null,"합성수지제가요전선관-천장속, 마루밑","하이렉스-CD, 22㎜","M",821,16678,0,17499,"합계"]
["TCA34300020S",null,"합성수지제가요전선관-천장속, 마루밑","HI-LEX-PF(난연성), 22㎜","M",500,16678,0,17178,"합계"]
["TCA34400010S",null,"합성수지제가요전선관-천장속, 마루밑","하이렉스-CD, 28㎜","M",1091,22237,0,23328,"합계"]
["TCA34400020S",null,"합성수지제가요전선관-천장속, 마루밑","HI-LEX-PF(난연성), 28㎜","M",667,22237,0,22904,"합계"]
["TCA37200010S",null,"합성수지제가요전선관-철거","16mm(30%)","M",96,3207,0,3303,"합계"]
["TCA37200020S",null,"합성수지제가요전선관-재사용철거","16mm(40%)","M",128,4276,0,4404,"합계"]
["TCA37300010S",null,"합성수지제가요전선관-철거","22mm(30%)","M",115,3848,0,3963,"합계"]
["TCA37300020S",null,"합성수지제가요전선관-재사용철거","22mm(40%)","M",153,5131,0,5284,"합계"]
["TCA37400010S",null,"합성수지제가요전선관-철거","28mm(30%)","M",153,5131,0,5284,"합계"]
["TCA37400020S",null,"합성수지제가요전선관-재사용철거","28mm(40%)","M",205,6842,0,7047,"합계"]
["TCA41200010S",null,"강제전선관-콘크리트 매입","아연도, 16mm","M",3981,21382,0,25363,"합계"]
["TCA41300010S",null,"강제전선관-콘크리트 매입","아연도, 22mm","M",5203,29400,0,34603,"합계"]
["TCA41400010S",null,"강제전선관-콘크리트 매입","아연도, 28mm","M",6750,37418,0,44168,"합계"]
["TCA41500010S",null,"강제전선관-콘크리트 매입","아연도, 36mm","M",8830,53455,0,62285,"합계"]
["TCA41600010S",null,"강제전선관-콘크리트 매입","아연도, 42mm","M",10279,66819,0,77098,"합계"]
["TCA41700010S",null,"강제전선관-콘크리트 매입","아연도, 54mm","M",15386,90874,0,106260,"합계"]
["TCA41800010S",null,"강제전선관-콘크리트 매입","아연도, 70mm","M",18391,117601,0,135992,"합계"]
["TCA41900010S",null,"강제전선관-콘크리트 매입","아연도, 82mm","M",21452,144329,0,165781,"합계"]
["TCA41C00010S",null,"강제전선관-콘크리트 매입","아연도, 104mm","M",33205,189766,0,222971,"합계"]
["TCA42200010S",null,"강제전선관-콘크리트 노출 및 블록 칸막이 벽내","아연도, 16mm","M",4109,25658,0,29767,"합계"]
["TCA42300010S",null,"강제전선관-콘크리트 노출 및 블록 칸막이 벽내","아연도, 22mm","M",5380,35280,0,40660,"합계"]
["TCA42400010S",null,"강제전선관-콘크리트 노출 및 블록 칸막이 벽내","아연도, 28mm","M",6975,44902,0,51877,"합계"]
["TCA42500010S",null,"강제전선관-콘크리트 노출 및 블록 칸막이 벽내","아연도, 36mm","M",9151,64146,0,73297,"합계"]
["TCA42600010S",null,"강제전선관-콘크리트 노출 및 블록 칸막이 벽내","아연도, 42mm","M",10680,80183,0,90863,"합계"]
["TCA42700010S",null,"강제전선관-콘크리트 노출 및 블록 칸막이 벽내","아연도, 54mm","M",15931,109049,0,124980,"합계"]
["TCA42800010S",null,"강제전선관-콘크리트 노출 및 블록 칸막이 벽내","아연도, 70mm","M",19096,141122,0,160218,"합계"]
["TCA42900010S",null,"강제전선관-콘크리트 노출 및 블록 칸막이 벽내","아연도, 82mm","M",22318,173195,0,195513,"합계"]
["TCA42C00010S",null,"강제전선관-콘크리트 노출 및 블록 칸막이 벽내","아연도, 104mm","M",34344,227720,0,262064,"합계"]
["TCA43200010S",null,"강제전선관-철강조 노출","아연도, 16mm","M",4141,26727,0,30868,"합계"]
["TCA43300010S",null,"강제전선관-철강조 노출","아연도, 22mm","M",5424,36750,0,42174,"합계"]
["TCA43400010S",null,"강제전선관-철강조 노출","아연도, 28mm","M",7031,46773,0,53804,"합계"]
["TCA43500010S",null,"강제전선관-철강조 노출","아연도, 36mm","M",9231,66819,0,76050,"합계"]
["TCA43600010S",null,"강제전선관-철강조 노출","아연도, 42mm","M",10780,83524,0,94304,"합계"]
["TCA43700010S",null,"강제전선관-철강조 노출","아연도, 54mm","M",16067,113592,0,129659,"합계"]
["TCA43800010S",null,"강제전선관-철강조 노출","아연도, 70mm","M",19273,147002,0,166275,"합계"]
["TCA43900010S",null,"강제전선관-철강조 노출","아연도, 82mm","M",22535,180411,0,202946,"합계"]
["TCA43C00010S",null,"강제전선관-철강조 노출","아연도, 104mm","M",34628,237208,0,271836,"합계"]
["TCA44200010S",null,"강제전선관-천장속, 마루밑","아연도  16mm","M",4173,27796,0,31969,"합계"]
["TCA44300010S",null,"강제전선관-천장속, 마루밑","아연도  22mm","M",5468,38220,0,43688,"합계"]
["TCA44400010S",null,"강제전선관-천장속, 마루밑","아연도  28mm","M",7087,48644,0,55731,"합계"]
["TCA47200010S",null,"강제전선관-철거","아연도, 16mm(30%)","M",192,6414,0,6606,"합계"]
["TCA47200020S",null,"강제전선관-재사용철거","아연도, 16mm(40%)","M",256,8552,0,8808,"합계"]
["TCA47300010S",null,"강제전선관-철거","아연도, 22mm(30%)","M",264,8820,0,9084,"합계"]
["TCA47300020S",null,"강제전선관-재사용철거","아연도, 22mm(40%)","M",352,11760,0,12112,"합계"]
["TCA47400010S",null,"강제전선관-철거","아연도, 28mm(30%)","M",336,11225,0,11561,"합계"]
["TCA47400020S",null,"강제전선관-재사용철거","아연도, 28mm(40%)","M",449,14967,0,15416,"합계"]
["TCA47500010S",null,"강제전선관-철거","아연도, 36mm(30%)","M",481,16036,0,16517,"합계"]
["TCA47500020S",null,"강제전선관-재사용철거","아연도, 36mm(40%)","M",641,21382,0,22023,"합계"]
["TCA47600010S",null,"강제전선관-철거","아연도, 42mm(30%)","M",601,20045,0,20646,"합계"]
["TCA47600020S",null,"강제전선관-재사용철거","아연도, 42mm(40%)","M",801,26727,0,27528,"합계"]
["TCA47700010S",null,"강제전선관-철거","아연도, 54mm(30%)","M",817,27262,0,28079,"합계"]
["TCA47700020S",null,"강제전선관-재사용철거","아연도, 54mm(40%)","M",1090,36349,0,37439,"합계"]
["TCA47800010S",null,"강제전선관-철거","아연도, 70mm(30%)","M",1058,35280,0,36338,"합계"]
["TCA47800020S",null,"강제전선관-재사용철거","아연도, 70mm(40%)","M",1411,47040,0,48451,"합계"]
["TCA47900010S",null,"강제전선관-철거","아연도, 82mm(30%)","M",1298,43298,0,44596,"합계"]
["TCA47900020S",null,"강제전선관-재사용철거","아연도, 82mm(40%)","M",1731,57731,0,59462,"합계"]
["TCA47A00010S",null,"강제전선관-철거","아연도, 92mm(30%)","M",1443,48109,0,49552,"합계"]
["TCA47A00020S",null,"강제전선관-재사용철거","아연도, 92mm(40%)","M",1924,64146,0,66070,"합계"]
["TCA47C00010S",null,"강제전선관-철거","아연도, 104mm(30%)","M",1707,56930,0,58637,"합계"]
["TCA47C00020S",null,"강제전선관-재사용철거","아연도, 104mm(40%)","M",2277,75906,0,78183,"합계"]
["TCA52100010S",null,"1종금속제가요전선관-콘크리트 노출 및 블록 칸막이 벽내","10mm, 비방수","M",423,14112,0,14535,"합계"]
["TCA52100011S",null,"1종금속제가요전선관-콘크리트 노출 및 블록 칸막이 벽내","12mm, 비방수","M",423,14112,0,14535,"합계"]
["TCA52100020S",null,"1종금속제가요전선관-콘크리트 노출 및 블록 칸막이 벽내","비닐피복, 10mm, 방수","M",423,14112,0,14535,"합계"]
["TCA52100021S",null,"1종금속제가요전선관-콘크리트 노출 및 블록 칸막이 벽내","비닐피복, 12mm, 방수","M",423,14112,0,14535,"합계"]
["TCA52100030S",null,"1종금속제가요전선관-콘크리트 노출 및 블록 칸막이 벽내","고장력방수, 10mm","M",423,14112,0,14535,"합계"]
["TCA52100031S",null,"1종금속제가요전선관-콘크리트 노출 및 블록 칸막이 벽내","고장력방수, 12mm","M",423,14112,0,14535,"합계"]
["TCA52200010S",null,"1종금속제가요전선관-콘크리트 노출 및 블록 칸막이 벽내","16mm, 비방수","M",423,14112,0,14535,"합계"]
["TCA52200020S",null,"1종금속제가요전선관-콘크리트 노출 및 블록 칸막이 벽내","비닐피복, 16mm, 방수","M",1657,14112,0,15769,"합계"]
["TCA52200030S",null,"1종금속제가요전선관-콘크리트 노출 및 블록 칸막이 벽내","고장력방수, 16mm","M",2182,14112,0,16294,"합계"]
["TCA52300010S",null,"1종금속제가요전선관-콘크리트 노출 및 블록 칸막이 벽내","22mm, 비방수","M",567,18923,0,19490,"합계"]
["TCA52300020S",null,"1종금속제가요전선관-콘크리트 노출 및 블록 칸막이 벽내","비닐피복, 22mm, 방수","M",2115,18923,0,21038,"합계"]
["TCA52300030S",null,"1종금속제가요전선관-콘크리트 노출 및 블록 칸막이 벽내","고장력방수, 22mm","M",2823,18923,0,21746,"합계"]
["TCA52400010S",null,"1종금속제가요전선관-콘크리트 노출 및 블록 칸막이 벽내","28mm, 비방수","M",692,23092,0,23784,"합계"]
["TCA52400020S",null,"1종금속제가요전선관-콘크리트 노출 및 블록 칸막이 벽내","비닐피복, 28mm, 방수","M",2568,23092,0,25660,"합계"]
["TCA52400030S",null,"1종금속제가요전선관-콘크리트 노출 및 블록 칸막이 벽내","고장력방수, 28mm","M",3704,23092,0,26796,"합계"]
["TCA52500010S",null,"1종금속제가요전선관-콘크리트 노출 및 블록 칸막이 벽내","36mm, 비방수","M",837,27903,0,28740,"합계"]
["TCA52500020S",null,"1종금속제가요전선관-콘크리트 노출 및 블록 칸막이 벽내","비닐피복, 36mm, 방수","M",3697,27903,0,31600,"합계"]
["TCA52500030S",null,"1종금속제가요전선관-콘크리트 노출 및 블록 칸막이 벽내","고장력방수, 36mm","M",5223,27903,0,33126,"합계"]
["TCA52600010S",null,"1종금속제가요전선관-콘크리트 노출 및 블록 칸막이 벽내","42mm, 비방수","M",1000,33356,0,34356,"합계"]
["TCA52600020S",null,"1종금속제가요전선관-콘크리트 노출 및 블록 칸막이 벽내","비닐피복, 42mm, 방수","M",4666,33356,0,38022,"합계"]
["TCA52600030S",null,"1종금속제가요전선관-콘크리트 노출 및 블록 칸막이 벽내","고장력방수, 42mm","M",7737,33356,0,41093,"합계"]
["TCA52700010S",null,"1종금속제가요전선관-콘크리트 노출 및 블록 칸막이 벽내","54mm, 비방수","M",1308,43619,0,44927,"합계"]
["TCA52700020S",null,"1종금속제가요전선관-콘크리트 노출 및 블록 칸막이 벽내","비닐피복, 54mm, 방수","M",6339,43619,0,49958,"합계"]
["TCA52700030S",null,"1종금속제가요전선관-콘크리트 노출 및 블록 칸막이 벽내","고장력방수, 54mm","M",9085,43619,0,52704,"합계"]
["TCA53100010S",null,"1종금속제가요전선관-철강조 노출","10mm, 비방수","M",441,14700,0,15141,"합계"]
["TCA53100011S",null,"1종금속제가요전선관-철강조 노출","12mm, 비방수","M",441,14700,0,15141,"합계"]
["TCA53100020S",null,"1종금속제가요전선관-철강조 노출","비닐피복, 10mm, 방수","M",441,14700,0,15141,"합계"]
["TCA53100021S",null,"1종금속제가요전선관-철강조 노출","비닐피복, 12mm, 방수","M",441,14700,0,15141,"합계"]
["TCA53100030S",null,"1종금속제가요전선관-철강조 노출","고장력방수, 10mm","M",441,14700,0,15141,"합계"]
["TCA53100031S",null,"1종금속제가요전선관-철강조 노출","고장력방수, 12mm","M",441,14700,0,15141,"합계"]
["TCA53200010S",null,"1종금속제가요전선관-철강조 노출","16mm, 비방수","M",441,14700,0,15141,"합계"]
["TCA53200020S",null,"1종금속제가요전선관-철강조 노출","비닐피복, 16mm, 방수","M",1675,14700,0,16375,"합계"]
["TCA53200030S",null,"1종금속제가요전선관-철강조 노출","고장력방수, 16mm","M",2200,14700,0,16900,"합계"]
["TCA53300010S",null,"1종금속제가요전선관-철강조 노출","22mm, 비방수","M",591,19711,0,20302,"합계"]
["TCA53300020S",null,"1종금속제가요전선관-철강조 노출","비닐피복, 22mm, 방수","M",2139,19711,0,21850,"합계"]
["TCA53300030S",null,"1종금속제가요전선관-철강조 노출","고장력방수, 22mm","M",2847,19711,0,22558,"합계"]
["TCA53400010S",null,"1종금속제가요전선관-철강조 노출","28mm, 비방수","M",721,24054,0,24775,"합계"]
["TCA53400020S",null,"1종금속제가요전선관-철강조 노출","비닐피복, 28mm, 방수","M",2597,24054,0,26651,"합계"]
["TCA53400030S",null,"1종금속제가요전선관-철강조 노출","고장력방수, 28mm","M",3733,24054,0,27787,"합계"]
["TCA53500010S",null,"1종금속제가요전선관-철강조 노출","36mm, 비방수","M",871,29066,0,29937,"합계"]
["TCA53500020S",null,"1종금속제가요전선관-철강조 노출","비닐피복, 36mm, 방수","M",3732,29066,0,32798,"합계"]
["TCA53500030S",null,"1종금속제가요전선관-철강조 노출","고장력방수, 36mm","M",5258,29066,0,34324,"합계"]
["TCA53600010S",null,"1종금속제가요전선관-철강조 노출","42mm, 비방수","M",1042,34746,0,35788,"합계"]
["TCA53600020S",null,"1종금속제가요전선관-철강조 노출","비닐피복, 42mm, 방수","M",4707,34746,0,39453,"합계"]
["TCA53600030S",null,"1종금속제가요전선관-철강조 노출","고장력방수, 42mm","M",7779,34746,0,42525,"합계"]
["TCA53700010S",null,"1종금속제가요전선관-철강조 노출","54mm, 비방수","M",1363,45437,0,46800,"합계"]
["TCA53700020S",null,"1종금속제가요전선관-철강조 노출","비닐피복, 54mm, 방수","M",6393,45437,0,51830,"합계"]
["TCA53700030S",null,"1종금속제가요전선관-철강조 노출","고장력방수, 54mm","M",9140,45437,0,54577,"합계"]
["TCA54100010S",null,"1종금속제가요전선관-천장속, 마루밑","10mm, 비방수","M",458,15288,0,15746,"합계"]
["TCA54100011S",null,"1종금속제가요전선관-천장속, 마루밑","12mm, 비방수","M",458,15288,0,15746,"합계"]
["TCA54200010S",null,"1종금속제가요전선관-천장속, 마루밑","16mm, 비방수","M",458,15288,0,15746,"합계"]
["TCA54300010S",null,"1종금속제가요전선관-천장속, 마루밑","22mm, 비방수","M",615,20500,0,21115,"합계"]
["TCA54400010S",null,"1종금속제가요전선관-천장속, 마루밑","28mm, 비방수","M",750,25017,0,25767,"합계"]
["TCA54500010S",null,"1종금속제가요전선관-천장속, 마루밑","36mm, 비방수","M",906,30229,0,31135,"합계"]
["TCA54600010S",null,"1종금속제가요전선관-천장속, 마루밑","42mm, 비방수","M",1084,36135,0,37219,"합계"]
["TCA54700010S",null,"1종금속제가요전선관-천장속, 마루밑","54mm, 비방수","M",1417,47254,0,48671,"합계"]
["TCA57200010S",null,"1종금속제가요전선관-철거","16mm(30%)","M",105,3528,0,3633,"합계"]
["TCA57200020S",null,"1종금속제가요전선관-재사용철거","16mm(40%)","M",141,4704,0,4845,"합계"]
["TCA57300010S",null,"1종금속제가요전선관-철거","22mm(30%)","M",141,4730,0,4871,"합계"]
["TCA57300020S",null,"1종금속제가요전선관-재사용철거","22mm(40%)","M",189,6307,0,6496,"합계"]
["TCA57400010S",null,"1종금속제가요전선관-철거","28mm(30%)","M",173,5773,0,5946,"합계"]
["TCA57400020S",null,"1종금속제가요전선관-재사용철거","28mm(40%)","M",230,7697,0,7927,"합계"]
["TCA57500010S",null,"1종금속제가요전선관-철거","36mm(30%)","M",209,6975,0,7184,"합계"]
["TCA57500020S",null,"1종금속제가요전선관-재사용철거","36mm(40%)","M",279,9301,0,9580,"합계"]
["TCA57600010S",null,"1종금속제가요전선관-철거","42mm(30%)","M",250,8339,0,8589,"합계"]
["TCA57600020S",null,"1종금속제가요전선관-재사용철거","42mm(40%)","M",333,11118,0,11451,"합계"]
["TCA57700010S",null,"1종금속제가요전선관-철거","54mm(30%)","M",327,10904,0,11231,"합계"]
["TCA57700020S",null,"1종금속제가요전선관-재사용철거","54mm(40%)","M",436,14539,0,14975,"합계"]
["TCA57800010S",null,"1종금속제가요전선관-철거","70mm(30%)","M",375,12508,0,12883,"합계"]
["TCA57800020S",null,"1종금속제가요전선관-재사용철거","70mm(40%)","M",500,16678,0,17178,"합계"]
["TCA57900010S",null,"1종금속제가요전선관-철거","82mm(30%)","M",423,14112,0,14535,"합계"]
["TCA57900020S",null,"1종금속제가요전선관-재사용철거","82mm(40%)","M",564,18816,0,19380,"합계"]
["TCA57A00010S",null,"1종금속제가요전선관-철거","92mm(30%)","M",471,15715,0,16186,"합계"]
["TCA57A00020S",null,"1종금속제가요전선관-재사용철거","92mm(40%)","M",628,20954,0,21582,"합계"]
["TCA57C00010S",null,"1종금속제가요전선관-철거","104mm(30%)","M",519,17319,0,17838,"합계"]
["TCA57C00020S",null,"1종금속제가요전선관-재사용철거","104mm(40%)","M",692,23092,0,23784,"합계"]
["TCA62100010S",null,"2종금속제가요전선관-콘크리트 노출 및 블록 칸막이 벽내","프리카튜브, 10mm, 방수","M",423,14112,0,14535,"합계"]
["TCA62100011S",null,"2종금속제가요전선관-콘크리트 노출 및 블록 칸막이 벽내","프리카튜브, 12mm, 방수","M",423,14112,0,14535,"합계"]
["TCA62100020S",null,"2종금속제가요전선관-콘크리트 노출 및 블록 칸막이 벽내","프리카튜브, 10mm, 비방수","M",423,14112,0,14535,"합계"]
["TCA62100021S",null,"2종금속제가요전선관-콘크리트 노출 및 블록 칸막이 벽내","프리카튜브, 12mm, 비방수","M",423,14112,0,14535,"합계"]
["TCA62200010S",null,"2종금속제가요전선관-콘크리트 노출 및 블록 칸막이 벽내","프리카튜브, 15mm, 방수","M",423,14112,0,14535,"합계"]
["TCA62200020S",null,"2종금속제가요전선관-콘크리트 노출 및 블록 칸막이 벽내","프리카튜브, 15mm, 비방수","M",423,14112,0,14535,"합계"]
["TCA62300010S",null,"2종금속제가요전선관-콘크리트 노출 및 블록 칸막이 벽내","프리카튜브, 17mm, 방수","M",567,18923,0,19490,"합계"]
["TCA62300020S",null,"2종금속제가요전선관-콘크리트 노출 및 블록 칸막이 벽내","프리카튜브, 17mm, 비방수","M",567,18923,0,19490,"합계"]
["TCA62400010S",null,"2종금속제가요전선관-콘크리트 노출 및 블록 칸막이 벽내","프리카튜브, 24mm, 방수","M",692,23092,0,23784,"합계"]
["TCA62400020S",null,"2종금속제가요전선관-콘크리트 노출 및 블록 칸막이 벽내","프리카튜브, 24mm, 비방수","M",692,23092,0,23784,"합계"]
["TCA62500010S",null,"2종금속제가요전선관-콘크리트 노출 및 블록 칸막이 벽내","프리카튜브, 30mm, 방수","M",837,27903,0,28740,"합계"]
["TCA62500020S",null,"2종금속제가요전선관-콘크리트 노출 및 블록 칸막이 벽내","프리카튜브, 30mm, 비방수","M",837,27903,0,28740,"합계"]
["TCA62600010S",null,"2종금속제가요전선관-콘크리트 노출 및 블록 칸막이 벽내","프리카튜브, 38mm, 방수","M",1000,33356,0,34356,"합계"]
["TCA62600020S",null,"2종금속제가요전선관-콘크리트 노출 및 블록 칸막이 벽내","프리카튜브, 38mm, 비방수","M",1000,33356,0,34356,"합계"]
["TCA62700010S",null,"2종금속제가요전선관-콘크리트 노출 및 블록 칸막이 벽내","프리카튜브, 50mm, 방수","M",1308,43619,0,44927,"합계"]
["TCA62700020S",null,"2종금속제가요전선관-콘크리트 노출 및 블록 칸막이 벽내","프리카튜브, 50mm, 비방수","M",1308,43619,0,44927,"합계"]
["TCA62800010S",null,"2종금속제가요전선관-콘크리트 노출 및 블록 칸막이 벽내","프리카튜브, 63mm, 방수","M",1501,50034,0,51535,"합계"]
["TCA62800020S",null,"2종금속제가요전선관-콘크리트 노출 및 블록 칸막이 벽내","프리카튜브, 63mm, 비방수","M",1501,50034,0,51535,"합계"]
["TCA63100010S",null,"2종금속제가요전선관-철강조 노출","프리카튜브, 10mm, 방수","M",441,14700,0,15141,"합계"]
["TCA63100011S",null,"2종금속제가요전선관-철강조 노출","프리카튜브, 12mm, 방수","M",441,14700,0,15141,"합계"]
["TCA63100020S",null,"2종금속제가요전선관-철강조 노출","프리카튜브, 10mm, 비방수","M",441,14700,0,15141,"합계"]
["TCA63100021S",null,"2종금속제가요전선관-철강조 노출","프리카튜브, 12mm, 비방수","M",441,14700,0,15141,"합계"]
["TCA63200010S",null,"2종금속제가요전선관-철강조 노출","프리카튜브, 15mm, 방수","M",441,14700,0,15141,"합계"]
["TCA63200020S",null,"2종금속제가요전선관-철강조 노출","프리카튜브, 15mm, 비방수","M",441,14700,0,15141,"합계"]
["TCA63300010S",null,"2종금속제가요전선관-철강조 노출","프리카튜브, 17mm, 방수","M",591,19711,0,20302,"합계"]
["TCA63300020S",null,"2종금속제가요전선관-철강조 노출","프리카튜브, 17mm, 비방수","M",591,19711,0,20302,"합계"]
["TCA63400010S",null,"2종금속제가요전선관-철강조 노출","프리카튜브, 24mm, 방수","M",721,24054,0,24775,"합계"]
["TCA63400020S",null,"2종금속제가요전선관-철강조 노출","프리카튜브, 24mm, 비방수","M",721,24054,0,24775,"합계"]
["TCA63500010S",null,"2종금속제가요전선관-철강조 노출","프리카튜브, 30mm, 방수","M",871,29066,0,29937,"합계"]
["TCA63500020S",null,"2종금속제가요전선관-철강조 노출","프리카튜브, 30mm, 비방수","M",871,29066,0,29937,"합계"]
["TCA63600010S",null,"2종금속제가요전선관-철강조 노출","프리카튜브, 38mm, 방수","M",1042,34746,0,35788,"합계"]
["TCA63600020S",null,"2종금속제가요전선관-철강조 노출","프리카튜브, 38mm, 비방수","M",1042,34746,0,35788,"합계"]
["TCA63700010S",null,"2종금속제가요전선관-철강조 노출","프리카튜브, 50mm, 방수","M",1363,45437,0,46800,"합계"]
["TCA63700020S",null,"2종금속제가요전선관-철강조 노출","프리카튜브, 50mm, 비방수","M",1363,45437,0,46800,"합계"]
["TCA63800010S",null,"2종금속제가요전선관-철강조 노출","프리카튜브, 63mm, 방수","M",1563,52119,0,53682,"합계"]
["TCA63800020S",null,"2종금속제가요전선관-철강조 노출","프리카튜브, 63mm, 비방수","M",1563,52119,0,53682,"합계"]
["TCA64100010S",null,"2종금속제가요전선관-천장속, 마루밑","프리카튜브, 10mm, 비방수","M",458,15288,0,15746,"합계"]
["TCA64100011S",null,"2종금속제가요전선관-천장속, 마루밑","프리카튜브, 12mm, 비방수","M",458,15288,0,15746,"합계"]
["TCA64200010S",null,"2종금속제가요전선관-천장속, 마루밑","프리카튜브, 15mm, 비방수","M",458,15288,0,15746,"합계"]
["TCA64300010S",null,"2종금속제가요전선관-천장속, 마루밑","프리카튜브, 17mm, 비방수","M",615,20500,0,21115,"합계"]
["TCA64400010S",null,"2종금속제가요전선관-천장속, 마루밑","프리카튜브, 24mm, 비방수","M",750,25017,0,25767,"합계"]
["TCA64500010S",null,"2종금속제가요전선관-천장속, 마루밑","프리카튜브, 30mm, 비방수","M",906,30229,0,31135,"합계"]
["TCA64600010S",null,"2종금속제가요전선관-천장속, 마루밑","프리카튜브, 38mm, 비방수","M",1084,36135,0,37219,"합계"]
["TCA64700010S",null,"2종금속제가요전선관-천장속, 마루밑","프리카튜브, 50mm, 비방수","M",1417,47254,0,48671,"합계"]
["TCA64800010S",null,"2종금속제가요전선관-천장속, 마루밑","프리카튜브, 63mm, 비방수","M",1626,54203,0,55829,"합계"]
["TCA71200001S",null,"나사 없는 전선관","E19","M",2718,13363,0,16081,"합계"]
["TCA71300001S",null,"나사 없는 전선관","E25","M",3614,16036,0,19650,"합계"]
["TCA71400001S",null,"나사 없는 전선관","E31","M",4920,21382,0,26302,"합계"]
["TCA71500001S",null,"나사 없는 전선관","E39","M",6119,26727,0,32846,"합계"]
["TCA71600001S",null,"나사 없는 전선관","E51","M",8061,34746,0,42807,"합계"]
["TCA71700001S",null,"나사 없는 전선관","E63","M",11574,50782,0,62356,"합계"]
["TCA71800001S",null,"나사 없는 전선관","E75","M",14923,74837,0,89760,"합계"]
["TCA77100010S",null,"나사 없는 전선관-철거","E19(30%)","M",120,4009,0,4129,"합계"]
["TCA77100020S",null,"나사 없는 전선관-재사용철거","E19(40%)","M",160,5345,0,5505,"합계"]
["TCA77200010S",null,"나사 없는 전선관-철거","E25(30%)","M",144,4810,0,4954,"합계"]
["TCA77200020S",null,"나사 없는 전선관-재사용철거","E25(40%)","M",192,6414,0,6606,"합계"]
["TCA77300010S",null,"나사 없는 전선관-철거","E31","M",192,6414,0,6606,"합계"]
["TCA77300020S",null,"나사 없는 전선관-재사용철거","E31(40%)","M",256,8552,0,8808,"합계"]
["TCA77400010S",null,"나사 없는 전선관-철거","E39(30%)","M",240,8018,0,8258,"합계"]
["TCA77400020S",null,"나사 없는 전선관-재사용철거","E39(40%)","M",320,10691,0,11011,"합계"]
["TCA77500010S",null,"나사 없는 전선관-철거","E51","M",312,10423,0,10735,"합계"]
["TCA77500020S",null,"나사 없는 전선관-재사용철거","E51(40%)","M",416,13898,0,14314,"합계"]
["TCA77600010S",null,"나사 없는 전선관-철거","E63(30%)","M",457,15234,0,15691,"합계"]
["TCA77600020S",null,"나사 없는 전선관-재사용철거","E63(40%)","M",609,20313,0,20922,"합계"]
["TCA77700010S",null,"나사 없는 전선관-철거","E75(30%)","M",673,22451,0,23124,"합계"]
["TCA77700020S",null,"나사 없는 전선관-재사용철거","E75(40%)","M",898,29935,0,30833,"합계"]
["TCB22100010S",null,"아우트렛박스-콘크리트 매입","중형 4각, 54㎜","개",1443,48109,0,49552,"합계"]
["TCB22200010S",null,"아우트렛박스-콘크리트 매입","8각, 54mm","개",2070,48109,0,50179,"합계"]
["TCB22500010S",null,"스위치박스-콘크리트 매입","1개용, 44mm","개",1951,48109,0,50060,"합계"]
["TCB22500011S",null,"스위치박스-콘크리트 매입","1개용, 54mm","개",2035,48109,0,50144,"합계"]
["TCB22600010S",null,"스위치박스-콘크리트 매입","2개용, 54mm","개",2267,48109,0,50376,"합계"]
["TCC11000020S",null,"풀박스(천정면-통신)","100*100*50","개",2604,10691,0,13295,"합계"]
["TCC11000021S",null,"풀박스(천정면-통신)","100*100*75","개",3054,10691,0,13745,"합계"]
["TCC11000022S",null,"풀박스(천정면-통신)","100*100*100","개",3181,10691,0,13872,"합계"]
["TCC11000030S",null,"풀박스(천정면-통신)","150*150*100","개",4618,58800,0,63418,"합계"]
["TCC11000031S",null,"풀박스(천정면-통신)","150*150*150","개",5256,58800,0,64056,"합계"]
["TCC11000040S",null,"풀박스(천정면-통신)","200*200*100","개",5784,58800,0,64584,"합계"]
["TCC11000041S",null,"풀박스(천정면-통신)","200*200*150","개",6522,58800,0,65322,"합계"]
["TCC11000042S",null,"풀박스(천정면-통신)","200*200*200","개",7798,58800,0,66598,"합계"]
["TCC11000050S",null,"풀박스(천정면-통신)","250*250*100","개",8503,58800,0,67303,"합계"]
["TCC11000051S",null,"풀박스(천정면-통신)","250*250*150","개",9436,58800,0,68236,"합계"]
["TCC11000060S",null,"풀박스(천정면-통신)","300*300*100","개",9137,80183,0,89320,"합계"]
["TCC11000061S",null,"풀박스(천정면-통신)","300*300*150","개",12398,80183,0,92581,"합계"]
["TCC11000062S",null,"풀박스(천정면-통신)","300*300*200","개",12796,80183,0,92979,"합계"]
["TCC11000063S",null,"풀박스(천정면-통신)","300*300*300","개",16769,80183,0,96952,"합계"]
["TCC11000070S",null,"풀박스(천정면-통신)","400*400*150","개",17441,93546,0,110987,"합계"]
["TCC11000071S",null,"풀박스(천정면-통신)","400*400*200","개",19847,93546,0,113393,"합계"]
["TCC11000072S",null,"풀박스(천정면-통신)","400*400*300","개",23825,93546,0,117371,"합계"]
["TCC11000080S",null,"풀박스(천정면-통신)","500*500*200","개",34326,176402,0,210728,"합계"]
["TCC11000081S",null,"풀박스(천정면-통신)","500*500*300","개",39384,176402,0,215786,"합계"]
["TCC11000090S",null,"풀박스(천정면-통신)","600*600*300","개",52815,176402,0,229217,"합계"]
["TCC11000091S",null,"풀박스(천정면-통신)","600*600*400","개",5292,176402,0,181694,"합계"]
["TCF11000010S",null,"ST L 케이블트레이-Straight(철제)","150*100*t2.3mm","M",14165,56128,0,70293,"합계"]
["TCF11000011S",null,"ST L 케이블트레이-Straight(철제)","200*100*t2.3mm","M",17997,56128,0,74125,"합계"]
["TCF11000012S",null,"ST L 케이블트레이-Straight(철제)","300*100*t2.3mm","M",15789,72432,0,88221,"합계"]
["TCF11000013S",null,"ST L 케이블트레이-Straight(철제)","450*100*t2.3mm","M",3375,112523,0,115898,"합계"]
["TCF11000014S",null,"ST L 케이블트레이-Straight(철제)","600*100*t2.3mm","M",21657,138984,0,160641,"합계"]
["TCF11000016S",null,"ST L 케이블트레이-Straight(철제)","900*100*t2.3mm","M",34734,195112,0,229846,"합계"]
["TCF11000020S",null,"ST L 케이블트레이-Straight(철제)","150*100*t2.6mm","M",1683,56128,0,57811,"합계"]
["TCF11000021S",null,"ST L 케이블트레이-Straight(철제)","200*100*t2.6mm","M",1683,56128,0,57811,"합계"]
["TCF11000022S",null,"ST L 케이블트레이-Straight(철제)","300*100*t2.6mm","M",2172,72432,0,74604,"합계"]
["TCF11000023S",null,"ST L 케이블트레이-Straight(철제)","450*100*t2.6mm","M",3375,112523,0,115898,"합계"]
["TCF11000024S",null,"ST L 케이블트레이-Straight(철제)","600*100*t2.6mm","M",4169,138984,0,143153,"합계"]
["TCF11000026S",null,"ST L 케이블트레이-Straight(철제)","900*100*t2.6mm","M",5853,195112,0,200965,"합계"]
["TCF21000010S",null,"AL 케이블트레이","t2.0*150*70mm","M",12409,42229,0,54638,"합계"]
["TCF21000011S",null,"AL 케이블트레이","t2.0*200*70mm","M",13549,42229,0,55778,"합계"]
["TCF21000012S",null,"AL 케이블트레이","t2.0*300*70mm","M",14877,53455,0,68332,"합계"]
["TCF21000013S",null,"AL 케이블트레이","t2.0*600*70mm","M",2918,97288,0,100206,"합계"]
["TCF21000020S",null,"AL 케이블트레이","t2.0*400*100mm","M",1996,66551,0,68547,"합계"]
["TCF31000010S",null,"펀칭형(하이테크)케이블트레이","150*60*1.0t","M",10547,67353,0,77900,"합계"]
["TCF31000011S",null,"펀칭형(하이테크)케이블트레이","200*60*1.0t","M",12147,67353,0,79500,"합계"]
["TCF31000012S",null,"펀칭형(하이테크)케이블트레이","300*60*1.0t","M",14775,86918,0,101693,"합계"]
["TCF31000020S",null,"펀칭형(하이테크)케이블트레이","150*75*1.0t","M",12081,67353,0,79434,"합계"]
["TCF31000021S",null,"펀칭형(하이테크)케이블트레이","200*75*1.0t","M",13251,67353,0,80604,"합계"]
["TCF31000022S",null,"펀칭형(하이테크)케이블트레이","300*75*1.0t","M",16286,86918,0,103204,"합계"]
["TCF31000030S",null,"펀칭형(하이테크)케이블트레이","150*100*1.0t","M",12809,67353,0,80162,"합계"]
["TCF31000031S",null,"펀칭형(하이테크)케이블트레이","200*100*1.0t","M",14486,67353,0,81839,"합계"]
["TCF31000032S",null,"펀칭형(하이테크)케이블트레이","300*100*1.0t","M",16849,86918,0,103767,"합계"]
["TCF31000040S",null,"펀칭형(하이테크)케이블트레이","200*150*1.0t","M",14486,67353,0,81839,"합계"]
["TCF31000041S",null,"펀칭형(하이테크)케이블트레이","300*150*1.0t","M",18725,86918,0,105643,"합계"]
["TCF31000050S",null,"펀칭형(하이테크)케이블트레이","150*60*1.2t","M",2020,67353,0,69373,"합계"]
["TCF31000051S",null,"펀칭형(하이테크)케이블트레이","200*60*1.2t","M",2020,67353,0,69373,"합계"]
["TCF31000052S",null,"펀칭형(하이테크)케이블트레이","300*60*1.2t","M",2607,86918,0,89525,"합계"]
["TCF31000053S",null,"펀칭형(하이테크)케이블트레이","400*60*1.2t","M",20350,113860,0,134210,"합계"]
["TCF31000054S",null,"펀칭형(하이테크)케이블트레이","500*60*1.2t","M",22419,135028,0,157447,"합계"]
["TCF31000055S",null,"펀칭형(하이테크)케이블트레이","600*60*1.2t","M",29252,166780,0,196032,"합계"]
["TCF31000060S",null,"펀칭형(하이테크)케이블트레이","150*75*1.2t","M",2020,67353,0,69373,"합계"]
["TCF31000061S",null,"펀칭형(하이테크)케이블트레이","200*75*1.2t","M",2020,67353,0,69373,"합계"]
["TCF31000062S",null,"펀칭형(하이테크)케이블트레이","300*75*1.2t","M",2607,86918,0,89525,"합계"]
["TCF31000063S",null,"펀칭형(하이테크)케이블트레이","400*75*1.2t","M",21486,113860,0,135346,"합계"]
["TCF31000064S",null,"펀칭형(하이테크)케이블트레이","500*75*1.2t","M",22970,135028,0,157998,"합계"]
["TCF31000065S",null,"펀칭형(하이테크)케이블트레이","600*75*1.2t","M",29296,166780,0,196076,"합계"]
["TCF31000070S",null,"펀칭형(하이테크)케이블트레이","150*100*1.2t","M",2020,67353,0,69373,"합계"]
["TCF31000071S",null,"펀칭형(하이테크)케이블트레이","200*100*1.2t","M",2020,67353,0,69373,"합계"]
["TCF31000072S",null,"펀칭형(하이테크)케이블트레이","300*100*1.2t","M",2607,86918,0,89525,"합계"]
["TCF31000073S",null,"펀칭형(하이테크)케이블트레이","400*100*1.2t","M",23262,113860,0,137122,"합계"]
["TCF31000074S",null,"펀칭형(하이테크)케이블트레이","500*100*1.2t","M",25707,135028,0,160735,"합계"]
["TCF31000075S",null,"펀칭형(하이테크)케이블트레이","600*100*1.2t","M",30995,166780,0,197775,"합계"]
["TCF31000080S",null,"펀칭형(하이테크)케이블트레이","200*150*1.2t","M",2020,67353,0,69373,"합계"]
["TCF31000081S",null,"펀칭형(하이테크)케이블트레이","300*150*1.2t","M",2607,86918,0,89525,"합계"]
["TCF31000082S",null,"펀칭형(하이테크)케이블트레이","400*150*1.2t","M",24641,113860,0,138501,"합계"]
["TCF31000083S",null,"펀칭형(하이테크)케이블트레이","500*150*1.2t","M",29810,135028,0,164838,"합계"]
["TCF31000084S",null,"펀칭형(하이테크)케이블트레이","600*150*1.2t","M",35551,166780,0,202331,"합계"]
["TDA15100010S",null,"LAP외피광케이블(구내)","SM 9/125, 2C","M",152,5071,0,5223,"합계"]
["TDA15100011S",null,"LAP외피광케이블(구내)","SM 9/125, 3C","M",152,5071,0,5223,"합계"]
["TDA15200010S",null,"LAP외피광케이블(구내)","SM 9/125, 4C","M",973,5071,0,6044,"합계"]
["TDA15200011S",null,"LAP외피광케이블(구내)","SM 9/125, 5C","M",152,5071,0,5223,"합계"]
["TDA15200012S",null,"LAP외피광케이블(구내)","SM 9/125, 6C","M",152,5071,0,5223,"합계"]
["TDA15200013S",null,"LAP외피광케이블(구내)","SM 9/125, 7C","M",152,5071,0,5223,"합계"]
["TDA15300010S",null,"LAP외피광케이블(구내)","SM 9/125, 8C","M",1046,5071,0,6117,"합계"]
["TDA15300011S",null,"LAP외피광케이블(구내)","SM 9/125, 9C","M",152,5071,0,5223,"합계"]
["TDA15300012S",null,"LAP외피광케이블(구내)","SM 9/125, 10C","M",152,5071,0,5223,"합계"]
["TDA15300013S",null,"LAP외피광케이블(구내)","SM 9/125, 11C","M",152,5071,0,5223,"합계"]
["TDA15400010S",null,"LAP외피광케이블(구내)","SM 9/125, 12C","M",1172,5071,0,6243,"합계"]
["TDA15400011S",null,"LAP외피광케이블(구내)","SM 9/125, 13C","M",218,7297,0,7515,"합계"]
["TDA15400012S",null,"LAP외피광케이블(구내)","SM 9/125, 14C","M",218,7297,0,7515,"합계"]
["TDA15400013S",null,"LAP외피광케이블(구내)","SM 9/125, 15C","M",218,7297,0,7515,"합계"]
["TDA15400014S",null,"LAP외피광케이블(구내)","SM 9/125, 16C","M",218,7297,0,7515,"합계"]
["TDE11200010S",null,"UTP케이블(구내)","난연성 10Mbps, 4P","M",186,6224,0,6410,"합계"]
["TDE11400010S",null,"UTP케이블(구내)","난연성 10Mbps, 25P","M",298,9958,0,10256,"합계"]
["TDE11500010S",null,"UTP케이블(구내)","난연성 10Mbps, 50P","M",435,14523,0,14958,"합계"]
["TDE11600010S",null,"UTP케이블(구내)","난연성 10Mbps, 75P","M",622,20747,0,21369,"합계"]
["TDE11700010S",null,"UTP케이블(구내)","난연성 10Mbps, 100P","M",622,20747,0,21369,"합계"]
["TDE11A00010S",null,"UTP케이블(구내)","난연성 10Mbps, 200P","M",1120,37344,0,38464,"합계"]
["TDI51200010S",null,"0.6/1kv 트레이용 절연난연 제어케이블(F-CVV)","2C*1.5㎟","M",1469,4979,0,6448,"합계"]
["TDI51300010S",null,"0.6/1kv 트레이용 절연난연 제어케이블(F-CVV)","3C*1.5㎟","M",1594,7054,0,8648,"합계"]
["TDI51400010S",null,"0.6/1kv 트레이용 절연난연 제어케이블(F-CVV)","4C*1.5㎟","M",1923,9543,0,11466,"합계"]
["TDI51500010S",null,"0.6/1kv 트레이용 절연난연 제어케이블(F-CVV)","5C*1.5㎟","M",2283,12033,0,14316,"합계"]
["TDI51600010S",null,"0.6/1kv 트레이용 절연난연 제어케이블(F-CVV)","6C*1.5㎟","M",2567,13278,0,15845,"합계"]
["TDI51700010S",null,"0.6/1kv 트레이용 절연난연 제어케이블(F-CVV)","7C*1.5㎟","M",2767,14523,0,17290,"합계"]
["TDI51800010S",null,"0.6/1kv 트레이용 절연난연 제어케이블(F-CVV)","8C*1.5㎟","M",3023,15767,0,18790,"합계"]
["TDI51A00010S",null,"0.6/1kv 트레이용 절연난연 제어케이블(F-CVV)","10C*1.5㎟","M",3803,17842,0,21645,"합계"]
["TDI51C00010S",null,"0.6/1kv 트레이용 절연난연 제어케이블(F-CVV)","12C*1.5㎟","M",4446,20332,0,24778,"합계"]
["TDI51D00010S",null,"0.6/1kv 트레이용 절연난연 제어케이블(F-CVV)","15C*1.5㎟","M",5307,26971,0,32278,"합계"]
["TDI51E00010S",null,"0.6/1kv 트레이용 절연난연 제어케이블(F-CVV)","20C*1.5㎟","M",6768,31535,0,38303,"합계"]
["TDI51F00010S",null,"0.6/1kv 트레이용 절연난연 제어케이블(F-CVV)","25C*1.5㎟","M",8140,35685,0,43825,"합계"]
["TDI51G00010S",null,"0.6/1kv 트레이용 절연난연 제어케이블(F-CVV)","30C*1.5㎟","M",9366,35685,0,45051,"합계"]
["TDI51G00020S",null,"0.6/1kv 트레이용 절연난연 제어케이블(F-CVV)","40C*1.5㎟","M",13151,41909,0,55060,"합계"]
["TDI51H00010S",null,"0.6/1kv 트레이용 절연난연 제어케이블(F-CVV)","50C*1.5㎟","M",15385,41909,0,57294,"합계"]
["TDI53200010S",null,"0.6/1kv 트레이용 절연난연 제어케이블(F-CVV)","2C*2.5㎟","M",1535,5809,0,7344,"합계"]
["TDI53300010S",null,"0.6/1kv 트레이용 절연난연 제어케이블(F-CVV)","3C*2.5㎟","M",1917,7883,0,9800,"합계"]
["TDI53400010S",null,"0.6/1kv 트레이용 절연난연 제어케이블(F-CVV)","4C*2.5㎟","M",2375,10788,0,13163,"합계"]
["TDI53500010S",null,"0.6/1kv 트레이용 절연난연 제어케이블(F-CVV)","5C*2.5㎟","M",2813,13278,0,16091,"합계"]
["TDI53600010S",null,"0.6/1kv 트레이용 절연난연 제어케이블(F-CVV)","6C*2.5㎟","M",3238,14523,0,17761,"합계"]
["TDI53700010S",null,"0.6/1kv 트레이용 절연난연 제어케이블(F-CVV)","7C*2.5㎟","M",3557,16182,0,19739,"합계"]
["TDI53800010S",null,"0.6/1kv 트레이용 절연난연 제어케이블(F-CVV)","8C*2.5㎟","M",3957,17427,0,21384,"합계"]
["TDI53A00010S",null,"0.6/1kv 트레이용 절연난연 제어케이블(F-CVV)","10C*2.5㎟","M",5022,19917,0,24939,"합계"]
["TDI53C00010S",null,"0.6/1kv 트레이용 절연난연 제어케이블(F-CVV)","12C*2.5㎟","M",5849,22406,0,28255,"합계"]
["TDI53D00010S",null,"0.6/1kv 트레이용 절연난연 제어케이블(F-CVV)","15C*2.5㎟","M",7072,29875,0,36947,"합계"]
["TDI53E00010S",null,"0.6/1kv 트레이용 절연난연 제어케이블(F-CVV)","20C*2.5㎟","M",8684,34855,0,43539,"합계"]
["TDI53F00010S",null,"0.6/1kv 트레이용 절연난연 제어케이블(F-CVV)","25C*2.5㎟","M",10570,40664,0,51234,"합계"]
["TDI53G00010S",null,"0.6/1kv 트레이용 절연난연 제어케이블(F-CVV)","30C*2.5㎟","M",12320,40664,0,52984,"합계"]
["TDI53G00020S",null,"0.6/1kv 트레이용 절연난연 제어케이블(F-CVV)","40C*2.5㎟","M",16988,46473,0,63461,"합계"]
["TDI53H00010S",null,"0.6/1kv 트레이용 절연난연 제어케이블(F-CVV)","50C*2.5㎟","M",19930,46473,0,66403,"합계"]
["TDI54200010S",null,"0.6/1kv 트레이용 절연난연 제어케이블(F-CVV)","2C*4㎟","M",2049,6639,0,8688,"합계"]
["TDI54300010S",null,"0.6/1kv 트레이용 절연난연 제어케이블(F-CVV)","3C*4㎟","M",2594,9128,0,11722,"합계"]
["TDI54400010S",null,"0.6/1kv 트레이용 절연난연 제어케이블(F-CVV)","4C*4㎟","M",3235,12033,0,15268,"합계"]
["TDI54500010S",null,"0.6/1kv 트레이용 절연난연 제어케이블(F-CVV)","5C*4㎟","M",3806,14108,0,17914,"합계"]
["TDI54600010S",null,"0.6/1kv 트레이용 절연난연 제어케이블(F-CVV)","6C*4㎟","M",4491,15767,0,20258,"합계"]
["TDI54700010S",null,"0.6/1kv 트레이용 절연난연 제어케이블(F-CVV)","7C*4㎟","M",4964,17427,0,22391,"합계"]
["TDI54800010S",null,"0.6/1kv 트레이용 절연난연 제어케이블(F-CVV)","8C*4㎟","M",5576,19087,0,24663,"합계"]
["TDI54A00010S",null,"0.6/1kv 트레이용 절연난연 제어케이블(F-CVV)","10C*4㎟","M",7091,21577,0,28668,"합계"]
["TDI54C00010S",null,"0.6/1kv 트레이용 절연난연 제어케이블(F-CVV)","12C*4㎟","M",8166,24066,0,32232,"합계"]
["TDI54D00010S",null,"0.6/1kv 트레이용 절연난연 제어케이블(F-CVV)","15C*4㎟","M",9834,32365,0,42199,"합계"]
["TDI54E00010S",null,"0.6/1kv 트레이용 절연난연 제어케이블(F-CVV)","20C*4㎟","M",13198,37344,0,50542,"합계"]
["TDI54F00010S",null,"0.6/1kv 트레이용 절연난연 제어케이블(F-CVV)","25C*4㎟","M",15899,37344,0,53243,"합계"]
["TDI55200010S",null,"0.6/1kv 트레이용 절연난연 제어케이블(F-CVV)","2C*6㎟","M",2466,7468,0,9934,"합계"]
["TDI55300010S",null,"0.6/1kv 트레이용 절연난연 제어케이블(F-CVV)","3C*6㎟","M",3215,10788,0,14003,"합계"]
["TDI55400010S",null,"0.6/1kv 트레이용 절연난연 제어케이블(F-CVV)","4C*6㎟","M",4013,14108,0,18121,"합계"]
["TDI55500010S",null,"0.6/1kv 트레이용 절연난연 제어케이블(F-CVV)","5C*6㎟","M",4875,16182,0,21057,"합계"]
["TDI55600010S",null,"0.6/1kv 트레이용 절연난연 제어케이블(F-CVV)","6C*6㎟","M",5675,18257,0,23932,"합계"]
["TDI55700010S",null,"0.6/1kv 트레이용 절연난연 제어케이블(F-CVV)","7C*6㎟","M",6314,19917,0,26231,"합계"]
["TDI55800010S",null,"0.6/1kv 트레이용 절연난연 제어케이블(F-CVV)","8C*6㎟","M",7109,21577,0,28686,"합계"]
["TDI55A00010S",null,"0.6/1kv 트레이용 절연난연 제어케이블(F-CVV)","10C*6㎟","M",8884,24481,0,33365,"합계"]
["TDI55C00010S",null,"0.6/1kv 트레이용 절연난연 제어케이블(F-CVV)","12C*6㎟","M",10293,27386,0,37679,"합계"]
["TDI55D00010S",null,"0.6/1kv 트레이용 절연난연 제어케이블(F-CVV)","15C*6㎟","M",12623,36930,0,49553,"합계"]
["TDI61200010S",null,"0.6/1kv 트레이용 제어케이블(F-CVV-S)","2C*1.5㎟","M",1658,5975,0,7633,"합계"]
["TDI61300010S",null,"0.6/1kv 트레이용 제어케이블(F-CVV-S)","3C*1.5㎟","M",2112,8464,0,10576,"합계"]
["TDI61400010S",null,"0.6/1kv 트레이용 제어케이블(F-CVV-S)","4C*1.5㎟","M",2514,11452,0,13966,"합계"]
["TDI61500010S",null,"0.6/1kv 트레이용 제어케이블(F-CVV-S)","5C*1.5㎟","M",2902,14440,0,17342,"합계"]
["TDI61600010S",null,"0.6/1kv 트레이용 제어케이블(F-CVV-S)","6C*1.5㎟","M",3294,15933,0,19227,"합계"]
["TDI61700010S",null,"0.6/1kv 트레이용 제어케이블(F-CVV-S)","7C*1.5㎟","M",3551,17427,0,20978,"합계"]
["TDI61800010S",null,"0.6/1kv 트레이용 제어케이블(F-CVV-S)","8C*1.5㎟","M",3909,18921,0,22830,"합계"]
["TDI61A00010S",null,"0.6/1kv 트레이용 제어케이블(F-CVV-S)","10C*1.5㎟","M",4786,21411,0,26197,"합계"]
["TDI61C00010S",null,"0.6/1kv 트레이용 제어케이블(F-CVV-S)","12C*1.5㎟","M",5357,24398,0,29755,"합계"]
["TDI61D00010S",null,"0.6/1kv 트레이용 제어케이블(F-CVV-S)","15C*1.5㎟","M",6478,32365,0,38843,"합계"]
["TDI61E00010S",null,"0.6/1kv 트레이용 제어케이블(F-CVV-S)","20C*1.5㎟","M",7937,37842,0,45779,"합계"]
["TDI61F00010S",null,"0.6/1kv 트레이용 제어케이블(F-CVV-S)","25C*1.5㎟","M",9535,42822,0,52357,"합계"]
["TDI61G00010S",null,"0.6/1kv 트레이용 제어케이블(F-CVV-S)","30C*1.5㎟","M",11120,42822,0,53942,"합계"]
["TDI61G00020S",null,"0.6/1kv 트레이용 제어케이블(F-CVV-S)","40C*1.5㎟","M",15502,50291,0,65793,"합계"]
["TDI61H00010S",null,"0.6/1kv 트레이용 제어케이블(F-CVV-S)","50C*1.5㎟","M",17934,50291,0,68225,"합계"]
["TDI63200010S",null,"0.6/1kv 트레이용 제어케이블(F-CVV-S)","2C*2.5㎟","M",1968,6971,0,8939,"합계"]
["TDI63300010S",null,"0.6/1kv 트레이용 제어케이블(F-CVV-S)","3C*2.5㎟","M",2481,9460,0,11941,"합계"]
["TDI63400010S",null,"0.6/1kv 트레이용 제어케이블(F-CVV-S)","4C*2.5㎟","M",3064,12946,0,16010,"합계"]
["TDI63500010S",null,"0.6/1kv 트레이용 제어케이블(F-CVV-S)","5C*2.5㎟","M",3533,15933,0,19466,"합계"]
["TDI63600010S",null,"0.6/1kv 트레이용 제어케이블(F-CVV-S)","6C*2.5㎟","M",4107,17427,0,21534,"합계"]
["TDI63700010S",null,"0.6/1kv 트레이용 제어케이블(F-CVV-S)","7C*2.5㎟","M",4460,19419,0,23879,"합계"]
["TDI63800010S",null,"0.6/1kv 트레이용 제어케이블(F-CVV-S)","8C*2.5㎟","M",4948,20913,0,25861,"합계"]
["TDI63A00010S",null,"0.6/1kv 트레이용 제어케이블(F-CVV-S)","10C*2.5㎟","M",6162,23900,0,30062,"합계"]
["TDI63C00010S",null,"0.6/1kv 트레이용 제어케이블(F-CVV-S)","12C*2.5㎟","M",6796,26888,0,33684,"합계"]
["TDI63D00010S",null,"0.6/1kv 트레이용 제어케이블(F-CVV-S)","15C*2.5㎟","M",8144,35851,0,43995,"합계"]
["TDI63E00010S",null,"0.6/1kv 트레이용 제어케이블(F-CVV-S)","20C*2.5㎟","M",9108,4182,0,13290,"합계"]
["TDI63F00010S",null,"0.6/1kv 트레이용 제어케이블(F-CVV-S)","25C*2.5㎟","M",12509,48797,0,61306,"합계"]
["TDI63G00010S",null,"0.6/1kv 트레이용 제어케이블(F-CVV-S)","30C*2.5㎟","M",14591,48797,0,63388,"합계"]
["TDI63G00020S",null,"0.6/1kv 트레이용 제어케이블(F-CVV-S)","40C*2.5㎟","M",19968,55768,0,75736,"합계"]
["TDI63H00010S",null,"0.6/1kv 트레이용 제어케이블(F-CVV-S)","50C*2.5㎟","M",24206,55768,0,79974,"합계"]
["TDI64200010S",null,"0.6/1kv 트레이용 제어케이블(F-CVV-S)","2C*4㎟","M",2632,7966,0,10598,"합계"]
["TDI64300010S",null,"0.6/1kv 트레이용 제어케이블(F-CVV-S)","3C*4㎟","M",3323,10954,0,14277,"합계"]
["TDI64400010S",null,"0.6/1kv 트레이용 제어케이블(F-CVV-S)","4C*4㎟","M",4097,14440,0,18537,"합계"]
["TDI64500010S",null,"0.6/1kv 트레이용 제어케이블(F-CVV-S)","5C*4㎟","M",4828,16929,0,21757,"합계"]
["TDI64600010S",null,"0.6/1kv 트레이용 제어케이블(F-CVV-S)","6C*4㎟","M",5621,18921,0,24542,"합계"]
["TDI64700010S",null,"0.6/1kv 트레이용 제어케이블(F-CVV-S)","7C*4㎟","M",6163,20913,0,27076,"합계"]
["TDI64800010S",null,"0.6/1kv 트레이용 제어케이블(F-CVV-S)","8C*4㎟","M",7090,22904,0,29994,"합계"]
["TDI64A00010S",null,"0.6/1kv 트레이용 제어케이블(F-CVV-S)","10C*4㎟","M",8626,25892,0,34518,"합계"]
["TDI64C00010S",null,"0.6/1kv 트레이용 제어케이블(F-CVV-S)","12C*4㎟","M",9489,28880,0,38369,"합계"]
["TDI64D00010S",null,"0.6/1kv 트레이용 제어케이블(F-CVV-S)","15C*4㎟","M",11593,38838,0,50431,"합계"]
["TDI64E00010S",null,"0.6/1kv 트레이용 제어케이블(F-CVV-S)","20C*4㎟","M",15161,44813,0,59974,"합계"]
["TDI64F00010S",null,"0.6/1kv 트레이용 제어케이블(F-CVV-S)","25C*4㎟","M",18354,44813,0,63167,"합계"]
["TDI65200010S",null,"0.6/1kv 트레이용 제어케이블(F-CVV-S)","2C*6㎟","M",2992,8962,0,11954,"합계"]
["TDI65300010S",null,"0.6/1kv 트레이용 제어케이블(F-CVV-S)","3C*6㎟","M",3857,12946,0,16803,"합계"]
["TDI65400010S",null,"0.6/1kv 트레이용 제어케이블(F-CVV-S)","4C*6㎟","M",4754,16929,0,21683,"합계"]
["TDI65500010S",null,"0.6/1kv 트레이용 제어케이블(F-CVV-S)","5C*6㎟","M",5343,19419,0,24762,"합계"]
["TDI65600010S",null,"0.6/1kv 트레이용 제어케이블(F-CVV-S)","6C*6㎟","M",6657,21909,0,28566,"합계"]
["TDI65700010S",null,"0.6/1kv 트레이용 제어케이블(F-CVV-S)","7C*6㎟","M",7335,23900,0,31235,"합계"]
["TDI65800010S",null,"0.6/1kv 트레이용 제어케이블(F-CVV-S)","8C*6㎟","M",8248,25892,0,34140,"합계"]
["TDI65A00010S",null,"0.6/1kv 트레이용 제어케이블(F-CVV-S)","10C*6㎟","M",10269,29378,0,39647,"합계"]
["TDI65C00010S",null,"0.6/1kv 트레이용 제어케이블(F-CVV-S)","12C*6㎟","M",11900,32863,0,44763,"합계"]
["TDI65D00010S",null,"0.6/1kv 트레이용 제어케이블(F-CVV-S)","15C*6㎟","M",14625,44316,0,58941,"합계"]
["TDI65E00010S",null,"0.6/1kv 트레이용 제어케이블(F-CVV-S)","20C*6㎟","M",19076,51287,0,70363,"합계"]
["TDI71200010S",null,"0.6/1kv 트레이용 동편조차폐 제어케이블(F-CVV-SB)","2C*1.5㎟","M",1824,5975,0,7799,"합계"]
["TDI71300010S",null,"0.6/1kv 트레이용 동편조차폐 제어케이블(F-CVV-SB)","3C*1.5㎟","M",2263,8464,0,10727,"합계"]
["TDI71400010S",null,"0.6/1kv 트레이용 동편조차폐 제어케이블(F-CVV-SB)","4C*1.5㎟","M",2530,11452,0,13982,"합계"]
["TDI71500010S",null,"0.6/1kv 트레이용 동편조차폐 제어케이블(F-CVV-SB)","5C*1.5㎟","M",3037,14440,0,17477,"합계"]
["TDI71600010S",null,"0.6/1kv 트레이용 동편조차폐 제어케이블(F-CVV-SB)","6C*1.5㎟","M",3393,15933,0,19326,"합계"]
["TDI71700010S",null,"0.6/1kv 트레이용 동편조차폐 제어케이블(F-CVV-SB)","7C*1.5㎟","M",3720,17427,0,21147,"합계"]
["TDI71800010S",null,"0.6/1kv 트레이용 동편조차폐 제어케이블(F-CVV-SB)","8C*1.5㎟","M",4133,18921,0,23054,"합계"]
["TDI71A00010S",null,"0.6/1kv 트레이용 동편조차폐 제어케이블(F-CVV-SB)","10C*1.5㎟","M",4904,21411,0,26315,"합계"]
["TDI71C00010S",null,"0.6/1kv 트레이용 동편조차폐 제어케이블(F-CVV-SB)","12C*1.5㎟","M",5836,24398,0,30234,"합계"]
["TDI71D00010S",null,"0.6/1kv 트레이용 동편조차폐 제어케이블(F-CVV-SB)","15C*1.5㎟","M",7078,32365,0,39443,"합계"]
["TDI71E00010S",null,"0.6/1kv 트레이용 동편조차폐 제어케이블(F-CVV-SB)","20C*1.5㎟","M",8831,37842,0,46673,"합계"]
["TDI71F00010S",null,"0.6/1kv 트레이용 동편조차폐 제어케이블(F-CVV-SB)","25C*1.5㎟","M",10838,42822,0,53660,"합계"]
["TDI71G00010S",null,"0.6/1kv 트레이용 동편조차폐 제어케이블(F-CVV-SB)","30C*1.5㎟","M",12358,42822,0,55180,"합계"]
["TDI71G00020S",null,"0.6/1kv 트레이용 동편조차폐 제어케이블(F-CVV-SB)","40C*1.5㎟","M",17106,50291,0,67397,"합계"]
["TDI71H00010S",null,"0.6/1kv 트레이용 동편조차폐 제어케이블(F-CVV-SB)","50C*1.5㎟","M",20039,50291,0,70330,"합계"]
["TDI73200010S",null,"0.6/1kv 트레이용 동편조차폐 제어케이블(F-CVV-SB)","2C*2.5㎟","M",2207,6971,0,9178,"합계"]
["TDI73300010S",null,"0.6/1kv 트레이용 동편조차폐 제어케이블(F-CVV-SB)","3C*2.5㎟","M",2719,9460,0,12179,"합계"]
["TDI73400010S",null,"0.6/1kv 트레이용 동편조차폐 제어케이블(F-CVV-SB)","4C*2.5㎟","M",3184,12946,0,16130,"합계"]
["TDI73500010S",null,"0.6/1kv 트레이용 동편조차폐 제어케이블(F-CVV-SB)","5C*2.5㎟","M",3778,15933,0,19711,"합계"]
["TDI73600010S",null,"0.6/1kv 트레이용 동편조차폐 제어케이블(F-CVV-SB)","6C*2.5㎟","M",4313,17427,0,21740,"합계"]
["TDI73700010S",null,"0.6/1kv 트레이용 동편조차폐 제어케이블(F-CVV-SB)","7C*2.5㎟","M",4786,19419,0,24205,"합계"]
["TDI73800010S",null,"0.6/1kv 트레이용 동편조차폐 제어케이블(F-CVV-SB)","8C*2.5㎟","M",5321,20913,0,26234,"합계"]
["TDI73A00010S",null,"0.6/1kv 트레이용 동편조차폐 제어케이블(F-CVV-SB)","10C*2.5㎟","M",6605,23900,0,30505,"합계"]
["TDI73C00010S",null,"0.6/1kv 트레이용 동편조차폐 제어케이블(F-CVV-SB)","12C*2.5㎟","M",7691,26888,0,34579,"합계"]
["TDI73D00010S",null,"0.6/1kv 트레이용 동편조차폐 제어케이블(F-CVV-SB)","15C*2.5㎟","M",9296,35851,0,45147,"합계"]
["TDI73E00010S",null,"0.6/1kv 트레이용 동편조차폐 제어케이블(F-CVV-SB)","20C*2.5㎟","M",11549,41826,0,53375,"합계"]
["TDI73F00010S",null,"0.6/1kv 트레이용 동편조차폐 제어케이블(F-CVV-SB)","25C*2.5㎟","M",14142,48797,0,62939,"합계"]
["TDI73G00010S",null,"0.6/1kv 트레이용 동편조차폐 제어케이블(F-CVV-SB)","30C*2.5㎟","M",16801,48797,0,65598,"합계"]
["TDI73G00020S",null,"0.6/1kv 트레이용 동편조차폐 제어케이블(F-CVV-SB)","40C*2.5㎟","M",23079,55768,0,78847,"합계"]
["TDI73H00010S",null,"0.6/1kv 트레이용 동편조차폐 제어케이블(F-CVV-SB)","50C*2.5㎟","M",27099,55768,0,82867,"합계"]
["TDI74200010S",null,"0.6/1kv 트레이용 동편조차폐 제어케이블(F-CVV-SB)","2C*4㎟","M",2759,7966,0,10725,"합계"]
["TDI74300010S",null,"0.6/1kv 트레이용 동편조차폐 제어케이블(F-CVV-SB)","3C*4㎟","M",3588,10954,0,14542,"합계"]
["TDI74400010S",null,"0.6/1kv 트레이용 동편조차폐 제어케이블(F-CVV-SB)","4C*4㎟","M",3830,14440,0,18270,"합계"]
["TDI74500010S",null,"0.6/1kv 트레이용 동편조차폐 제어케이블(F-CVV-SB)","5C*4㎟","M",5153,16929,0,22082,"합계"]
["TDI74600010S",null,"0.6/1kv 트레이용 동편조차폐 제어케이블(F-CVV-SB)","6C*4㎟","M",6022,18921,0,24943,"합계"]
["TDI74700010S",null,"0.6/1kv 트레이용 동편조차폐 제어케이블(F-CVV-SB)","7C*4㎟","M",6569,20913,0,27482,"합계"]
["TDI74800010S",null,"0.6/1kv 트레이용 동편조차폐 제어케이블(F-CVV-SB)","8C*4㎟","M",7311,22904,0,30215,"합계"]
["TDI74A00010S",null,"0.6/1kv 트레이용 동편조차폐 제어케이블(F-CVV-SB)","10C*4㎟","M",9360,25892,0,35252,"합계"]
["TDI74C00010S",null,"0.6/1kv 트레이용 동편조차폐 제어케이블(F-CVV-SB)","12C*4㎟","M",10192,28880,0,39072,"합계"]
["TDI74D00010S",null,"0.6/1kv 트레이용 동편조차폐 제어케이블(F-CVV-SB)","15C*4㎟","M",12446,38838,0,51284,"합계"]
["TDI74E00010S",null,"0.6/1kv 트레이용 동편조차폐 제어케이블(F-CVV-SB)","20C*4㎟","M",16173,44813,0,60986,"합계"]
["TDI74F00010S",null,"0.6/1kv 트레이용 동편조차폐 제어케이블(F-CVV-SB)","25C*4㎟","M",19604,44813,0,64417,"합계"]
["TDI75200010S",null,"0.6/1kv 트레이용 동편조차폐 제어케이블(F-CVV-SB)","2C*6㎟","M",3196,8962,0,12158,"합계"]
["TDI75300010S",null,"0.6/1kv 트레이용 동편조차폐 제어케이블(F-CVV-SB)","3C*6㎟","M",4145,12946,0,17091,"합계"]
["TDI75400010S",null,"0.6/1kv 트레이용 동편조차폐 제어케이블(F-CVV-SB)","4C*6㎟","M",5107,16929,0,22036,"합계"]
["TDI75500010S",null,"0.6/1kv 트레이용 동편조차폐 제어케이블(F-CVV-SB)","5C*6㎟","M",6182,19419,0,25601,"합계"]
["TDI75600010S",null,"0.6/1kv 트레이용 동편조차폐 제어케이블(F-CVV-SB)","6C*6㎟","M",7139,21909,0,29048,"합계"]
["TDI75700010S",null,"0.6/1kv 트레이용 동편조차폐 제어케이블(F-CVV-SB)","7C*6㎟","M",7861,23900,0,31761,"합계"]
["TDI75800010S",null,"0.6/1kv 트레이용 동편조차폐 제어케이블(F-CVV-SB)","8C*6㎟","M",8849,25892,0,34741,"합계"]
["TDI75A00010S",null,"0.6/1kv 트레이용 동편조차폐 제어케이블(F-CVV-SB)","10C*6㎟","M",11031,29378,0,40409,"합계"]
["TDI75C00010S",null,"0.6/1kv 트레이용 동편조차폐 제어케이블(F-CVV-SB)","12C*6㎟","M",12698,32863,0,45561,"합계"]
["TDP31100010S",null,"난연성 비닐절연접지용전선(통신)","0.6/1kv, F-GV, 2.5㎟","M",725,3873,0,4598,"합계"]
["TDP31200010S",null,"난연성 비닐절연접지용전선(통신)","0.6/1kv, F-GV, 4㎟","M",977,3873,0,4850,"합계"]
["TDP31300010S",null,"난연성 비닐절연접지용전선(통신)","0.6/1kv, F-GV, 6㎟","M",1097,3873,0,4970,"합계"]
["TDP31400010S",null,"난연성 비닐절연접지용전선(통신)","0.6/1kv, F-GV, 10㎟","M",1783,3873,0,5656,"합계"]
["TDP31500010S",null,"난연성 비닐절연접지용전선(통신)","0.6/1kv, F-GV, 16㎟","M",2396,4648,0,7044,"합계"]
["TDP31600010S",null,"난연성 비닐절연접지용전선(통신)","0.6/1kv, F-GV, 25㎟","M",3634,4648,0,8282,"합계"]
["TDP31700010S",null,"난연성 비닐절연접지용전선(통신)","0.6/1kv, F-GV, 35㎟","M",5052,4648,0,9700,"합계"]
["TDP31800010S",null,"난연성 비닐절연접지용전선(통신)","0.6/1kv, F-GV, 50㎟","M",6863,5810,0,12673,"합계"]
["TDP31A00010S",null,"난연성 비닐절연접지용전선(통신)","0.6/1kv, F-GV, 70㎟","M",9593,5810,0,15403,"합계"]
["TDP31B00010S",null,"난연성 비닐절연접지용전선(통신)","0.6/1kv, F-GV, 95㎟","M",12855,5810,0,18665,"합계"]
["TDP31C00010S",null,"난연성 비닐절연접지용전선(통신)","0.6/1kv, F-GV, 120㎟","M",15750,7747,0,23497,"합계"]
["TDP31D00010S",null,"난연성 비닐절연접지용전선(통신)","0.6/1kv, F-GV, 150㎟","M",19320,7747,0,27067,"합계"]
["TDP31E00010S",null,"난연성 비닐절연접지용전선(통신)","0.6/1kv, F-GV, 185㎟","M",23996,9684,0,33680,"합계"]
["TDP31F00010S",null,"난연성 비닐절연접지용전선(통신)","0.6/1kv, F-GV, 200㎟","M",31414,9684,0,41098,"합계"]
["TDP31G00010S",null,"난연성 비닐절연접지용전선(통신)","0.6/1kv, F-GV, 300㎟","M",38642,9684,0,48326,"합계"]
["TDP32100010S",null,"난연성 비닐절연접지용전선(통신-옥내 포설시)","0.6/1kv, F-GV, 2.5㎟","M",783,5810,0,6593,"합계"]
["TDP32200010S",null,"난연성 비닐절연접지용전선(통신-옥내 포설시)","0.6/1kv, F-GV, 4㎟","M",1036,5810,0,6846,"합계"]
["TDP32300010S",null,"난연성 비닐절연접지용전선(통신-옥내 포설시)","0.6/1kv, F-GV, 6㎟","M",1155,5810,0,6965,"합계"]
["TDP32400010S",null,"난연성 비닐절연접지용전선(통신-옥내 포설시)","0.6/1kv, F-GV, 10㎟","M",1841,5810,0,7651,"합계"]
["TDP32500010S",null,"난연성 비닐절연접지용전선(통신-옥내 포설시)","0.6/1kv, F-GV, 16㎟","M",2465,6972,0,9437,"합계"]
["TDP32600010S",null,"난연성 비닐절연접지용전선(통신-옥내 포설시)","0.6/1kv, F-GV, 25㎟","M",3704,6972,0,10676,"합계"]
["TDP32700010S",null,"난연성 비닐절연접지용전선(통신-옥내 포설시)","0.6/1kv, F-GV, 35㎟","M",5122,6972,0,12094,"합계"]
["TDP32800010S",null,"난연성 비닐절연접지용전선(통신-옥내 포설시)","0.6/1kv, F-GV, 50㎟","M",6950,8715,0,15665,"합계"]
["TDP32A00010S",null,"난연성 비닐절연접지용전선(통신-옥내 포설시)","0.6/1kv, F-GV, 70㎟","M",9680,8715,0,18395,"합계"]
["TDP32B00010S",null,"난연성 비닐절연접지용전선(통신-옥내 포설시)","0.6/1kv, F-GV, 95㎟","M",12942,8715,0,21657,"합계"]
["TDP32C00010S",null,"난연성 비닐절연접지용전선(통신-옥내 포설시)","0.6/1kv, F-GV, 120㎟","M",15866,11621,0,27487,"합계"]
["TDP32D00010S",null,"난연성 비닐절연접지용전선(통신-옥내 포설시)","0.6/1kv, F-GV, 150㎟","M",19436,11621,0,31057,"합계"]
["TDP32E00010S",null,"난연성 비닐절연접지용전선(통신-옥내 포설시)","0.6/1kv, F-GV, 185㎟","M",24141,14526,0,38667,"합계"]
["TDP32F00010S",null,"난연성 비닐절연접지용전선(통신-옥내 포설시)","0.6/1kv, F-GV, 240㎟","M",31559,14526,0,46085,"합계"]
["TDP32G00010S",null,"난연성 비닐절연접지용전선(통신-옥내 포설시)","0.6/1kv, F-GV, 300㎟","M",38788,14526,0,53314,"합계"]
["TDP33100010S",null,"난연 비닐절연접지용전선(F-GV)-철거","0.6/1kv, 2.5㎟(50%)","M",58,1936,0,1994,"합계"]
["TDP33200010S",null,"난연 비닐절연접지용전선(F-GV)-철거","0.6/1kv, 4㎟(50%)","M",58,1936,0,1994,"합계"]
["TDP33300010S",null,"난연 비닐절연접지용전선(F-GV)-철거","0.6/1kv, 6㎟(50%)","M",58,1936,0,1994,"합계"]
["TDP33400010S",null,"난연 비닐절연접지용전선(F-GV)-철거","0.6/1kv, 10㎟(50%)","M",58,1936,0,1994,"합계"]
["TDP33500010S",null,"난연 비닐절연접지용전선(F-GV)-철거","0.6/1kv, 16㎟(50%)","M",69,2324,0,2393,"합계"]
["TDP33600010S",null,"난연 비닐절연접지용전선(F-GV)-철거","0.6/1kv, 25㎟(50%)","M",69,2324,0,2393,"합계"]
["TDP33700010S",null,"난연 비닐절연접지용전선(F-GV)-철거","0.6/1kv, 35㎟(50%)","M",69,2324,0,2393,"합계"]
["TDP33800010S",null,"난연 비닐절연접지용전선(F-GV)-철거","0.6/1kv, 50㎟(50%)","M",87,2905,0,2992,"합계"]
["TDP33A00010S",null,"난연 비닐절연접지용전선(F-GV)-철거","0.6/1kv, 70㎟(50%)","M",87,2905,0,2992,"합계"]
["TDP33B00010S",null,"난연 비닐절연접지용전선(F-GV)-철거","0.6/1kv, 95㎟(50%)","M",87,2905,0,2992,"합계"]
["TDP33C00010S",null,"난연 비닐절연접지용전선(F-GV)-철거","0.6/1kv, 120㎟(50%)","M",116,3873,0,3989,"합계"]
["TDP33D00010S",null,"난연 비닐절연접지용전선(F-GV)-철거","0.6/1kv, 150㎟(50%)","M",116,3873,0,3989,"합계"]
["TDP33E00010S",null,"난연 비닐절연접지용전선(F-GV)-철거","0.6/1kv, 150㎟(50%)","M",145,4842,0,4987,"합계"]
["TDP33F00010S",null,"난연 비닐절연접지용전선(F-GV)-철거","0.6/1kv, 200㎟(50%)","M",145,4842,0,4987,"합계"]
["TDP33G00010S",null,"난연 비닐절연접지용전선(F-GV)-철거","0.6/1kv, 300㎟(50%)","M",145,4842,0,4987,"합계"]
["TIC61100001S",null,"CCTV Pole 설치","3m 이하, 설계하중 200kg 이하","기",6151,205044,0,211195,"합계"]
["TIC63100001S",null,"CCTV Pole 설치","5m 이하, 설계하중 200kg 이하","기",8591,286393,0,294984,"합계"]
["TIC63200001S",null,"CCTV Pole 설치","5m 이하, 설계하중 200kg 초과","기",11179,372642,0,383821,"합계"]
["TIC64100001S",null,"CCTV Pole 설치","6m 이하, 설계하중 200kg 이하","기",9470,315694,0,325164,"합계"]
["TIC64200001S",null,"CCTV Pole 설치","6m 이하, 설계하중 200kg 초과","기",12390,413002,0,425392,"합계"]
["TIC65100001S",null,"CCTV Pole 설치","7m 이하, 설계하중 200kg 이하","기",16403,546795,0,563198,"합계"]
["TIC65200001S",null,"CCTV Pole 설치","7m 이하, 설계하중 200kg 초과","기",21247,708235,0,729482,"합계"]
["TIC66100001S",null,"CCTV Pole 설치","8m 이하, 설계하중 200kg 이하","기",22076,735881,0,757957,"합계"]
["TIC66200001S",null,"CCTV Pole 설치","8m 이하, 설계하중 200kg 초과","기",28628,954268,0,982896,"합계"]
["TIC67100001S",null,"CCTV Pole 설치","9m 이하, 설계하중 200kg 이하","기",23136,771208,0,794344,"합계"]
["TIC67200001S",null,"CCTV Pole 설치","9m 이하, 설계하중 200kg 초과","기",30102,1003402,0,1033504,"합계"]
["TIC68100001S",null,"CCTV Pole 설치","10m 이하, 설계하중 200kg 이하","기",27747,924901,0,952648,"합계"]
["TIC68200001S",null,"CCTV Pole 설치","10m 이하, 설계하중 200kg 초과","기",36022,1200765,0,1236787,"합계"]
["TIC69100001S",null,"CCTV Pole 설치","11m 이하, 설계하중 200kg 이하","기",32510,1083691,0,1116201,"합계"]
["TIC69200001S",null,"CCTV Pole 설치","11m 이하, 설계하중 200kg 초과","기",42114,1403823,0,1445937,"합계"]
["TIC6A100001S",null,"CCTV Pole 설치","12m 이하, 설계하중 200kg 이하","기",37039,1234636,0,1271675,"합계"]
["TIC6A200001S",null,"CCTV Pole 설치","12m 이하, 설계하중 200kg 초과","기",48135,1604530,0,1652665,"합계"]
["TIC6C100001S",null,"CCTV Pole 설치","14m 이하, 설계하중 200kg 이하","기",48381,1612708,0,1661089,"합계"]
["TIC6C200001S",null,"CCTV Pole 설치","14m 이하, 설계하중 200kg 초과","기",62893,2096464,0,2159357,"합계"]

{"sheet":"일위대가상세","index":1,"n_rows":5240,"n_cols":22,"rows_kept":4500,"cut":true,"hidden":false,"merged":[[1,0,1,16],[0,0,0,16],[2,8,2,9],[2,10,2,11],[2,12,2,13],[2,14,2,15],[2,0,3,0],[2,3,3,3],[2,1,3,1],[2,4,3,4],[2,5,3,5],[2,16,3,16],[2,6,3,6],[2,7,3,7],[2,2,3,2]],"bounds":{"rows_first":2000,"rows_last":500,"rows_between":2000,"halvings":0}}
["일 위 대 가 상 세"]
["20240300085_2024년 표준일위대가(통신)_1800554961"]
["일위대가코드","자원구분","자원코드","계산제외","품명","규격","단위","수량","재료비",null,"노무비",null,"경비",null,"합계",null,"비고",null,"관급여부","계산제외","적용요율","계산여부"]
[null,null,null,null,null,null,null,null,"단가","금액","단가","금액","단가","금액","단가","금액"]
["TBA31100010S",null,null,null,"파상형경질폴리에틸렌전선관-철거","30㎜(50%)","M",0,0,0,0,0,0,0,0,0,null,null,null,null,"",1]
["TBA31100010S","노무","L001010101000088",null,"통신외선공","일반공사 직종","인",3.5000000000000001E-3,0,0,387376,1355.8,0,0,387376,1355.8,null,null,"N","N","",1]
["TBA31100010S","노무","L001010101000002",null,"보통인부","일반공사 직종","인",7.0000000000000001E-3,0,0,165545,1158.8,0,0,165545,1158.8,null,null,"N","N","",1]
["TBA31100010S","손료","RENT000000000003",null,"공구손료","노무비의 3%","식",1,75.400000000000006,75.400000000000006,0,0,0,0,75.400000000000006,75.400000000000006,null,null,"N","N",3,1]
[null,null,null,null,"[합 계]",null,null,0,0,75,0,2514,0,0,0,2589,null,null,null,null,"",1]
[null,null,null,null,null,null,null,0,0,0,0,0,0,0,0,0,null,null,null,null,"",1]
["TBA31100020S",null,null,null,"파상형경질폴리에틸렌전선관-재사용철거","30㎜(80%)","M",0,0,0,0,0,0,0,0,0,null,null,null,null,"",1]
["TBA31100020S","노무","L001010101000088",null,"통신외선공","일반공사 직종","인",5.5999999999999999E-3,0,0,387376,2169.3000000000002,0,0,387376,2169.3000000000002,null,null,"N","N","",1]
["TBA31100020S","노무","L001010101000002",null,"보통인부","일반공사 직종","인",1.12E-2,0,0,165545,1854.1,0,0,165545,1854.1,null,null,"N","N","",1]
["TBA31100020S","손료","RENT000000000003",null,"공구손료","노무비의 3%","식",1,120.7,120.7,0,0,0,0,120.7,120.7,null,null,"N","N",3,1]
[null,null,null,null,"[합 계]",null,null,0,0,120,0,4023,0,0,0,4143,null,null,null,null,"",1]
[null,null,null,null,null,null,null,0,0,0,0,0,0,0,0,0,null,null,null,null,"",1]
["TBA31200010S",null,null,null,"파상형경질폴리에틸렌전선관-철거","40㎜(50%)","M",0,0,0,0,0,0,0,0,0,null,null,null,null,"",1]
["TBA31200010S","노무","L001010101000088",null,"통신외선공","일반공사 직종","인",6.0000000000000001E-3,0,0,387376,2324.1999999999998,0,0,387376,2324.1999999999998,null,null,"N","N","",1]
["TBA31200010S","노무","L001010101000002",null,"보통인부","일반공사 직종","인",1.4500000000000001E-2,0,0,165545,2400.4,0,0,165545,2400.4,null,null,"N","N","",1]
["TBA31200010S","손료","RENT000000000003",null,"공구손료","노무비의 3%","식",1,141.69999999999999,141.69999999999999,0,0,0,0,141.69999999999999,141.69999999999999,null,null,"N","N",3,1]
[null,null,null,null,"[합 계]",null,null,0,0,141,0,4724,0,0,0,4865,null,null,null,null,"",1]
[null,null,null,null,null,null,null,0,0,0,0,0,0,0,0,0,null,null,null,null,"",1]
["TBA31200020S",null,null,null,"파상형경질폴리에틸렌전선관-재사용철거","40㎜(80%)","M",0,0,0,0,0,0,0,0,0,null,null,null,null,"",1]
["TBA31200020S","노무","L001010101000088",null,"통신외선공","일반공사 직종","인",9.5999999999999992E-3,0,0,387376,3718.8,0,0,387376,3718.8,null,null,"N","N","",1]
["TBA31200020S","노무","L001010101000002",null,"보통인부","일반공사 직종","인",2.3199999999999998E-2,0,0,165545,3840.6,0,0,165545,3840.6,null,null,"N","N","",1]
["TBA31200020S","손료","RENT000000000003",null,"공구손료","노무비의 3%","식",1,226.7,226.7,0,0,0,0,226.7,226.7,null,null,"N","N",3,1]
[null,null,null,null,"[합 계]",null,null,0,0,226,0,7559,0,0,0,7785,null,null,null,null,"",1]
[null,null,null,null,null,null,null,0,0,0,0,0,0,0,0,0,null,null,null,null,"",1]
["TBA31300010S",null,null,null,"파상형경질폴리에틸렌전선관-철거","50㎜(50%)","M",0,0,0,0,0,0,0,0,0,null,null,null,null,"",1]
["TBA31300010S","노무","L001010101000088",null,"통신외선공","일반공사 직종","인",6.0000000000000001E-3,0,0,387376,2324.1999999999998,0,0,387376,2324.1999999999998,null,null,"N","N","",1]
["TBA31300010S","노무","L001010101000002",null,"보통인부","일반공사 직종","인",1.4500000000000001E-2,0,0,165545,2400.4,0,0,165545,2400.4,null,null,"N","N","",1]
["TBA31300010S","손료","RENT000000000003",null,"공구손료","노무비의 3%","식",1,141.69999999999999,141.69999999999999,0,0,0,0,141.69999999999999,141.69999999999999,null,null,"N","N",3,1]
[null,null,null,null,"[합 계]",null,null,0,0,141,0,4724,0,0,0,4865,null,null,null,null,"",1]
[null,null,null,null,null,null,null,0,0,0,0,0,0,0,0,0,null,null,null,null,"",1]
["TBA31300020S",null,null,null,"파상형경질폴리에틸렌전선관-재사용철거","50㎜(80%)","M",0,0,0,0,0,0,0,0,0,null,null,null,null,"",1]
["TBA31300020S","노무","L001010101000088",null,"통신외선공","일반공사 직종","인",9.5999999999999992E-3,0,0,387376,3718.8,0,0,387376,3718.8,null,null,"N","N","",1]
["TBA31300020S","노무","L001010101000002",null,"보통인부","일반공사 직종","인",2.3199999999999998E-2,0,0,165545,3840.6,0,0,165545,3840.6,null,null,"N","N","",1]
["TBA31300020S","손료","RENT000000000003",null,"공구손료","노무비의 3%","식",1,226.7,226.7,0,0,0,0,226.7,226.7,null,null,"N","N",3,1]
[null,null,null,null,"[합 계]",null,null,0,0,226,0,7559,0,0,0,7785,null,null,null,null,"",1]
[null,null,null,null,null,null,null,0,0,0,0,0,0,0,0,0,null,null,null,null,"",1]
["TBA31400010S",null,null,null,"파상형경질폴리에틸렌전선관-철거","65㎜(50%)","M",0,0,0,0,0,0,0,0,0,null,null,null,null,"",1]
["TBA31400010S","노무","L001010101000088",null,"통신외선공","일반공사 직종","인",7.4999999999999997E-3,0,0,387376,2905.3,0,0,387376,2905.3,null,null,"N","N","",1]
["TBA31400010S","노무","L001010101000002",null,"보통인부","일반공사 직종","인",1.7500000000000002E-2,0,0,165545,2897,0,0,165545,2897,null,null,"N","N","",1]
["TBA31400010S","손료","RENT000000000003",null,"공구손료","노무비의 3%","식",1,174,174,0,0,0,0,174,174,null,null,"N","N",3,1]
[null,null,null,null,"[합 계]",null,null,0,0,174,0,5802,0,0,0,5976,null,null,null,null,"",1]
[null,null,null,null,null,null,null,0,0,0,0,0,0,0,0,0,null,null,null,null,"",1]
["TBA31400020S",null,null,null,"파상형경질폴리에틸렌전선관-재사용철거","65㎜(80%)","M",0,0,0,0,0,0,0,0,0,null,null,null,null,"",1]
["TBA31400020S","노무","L001010101000088",null,"통신외선공","일반공사 직종","인",1.2E-2,0,0,387376,4648.5,0,0,387376,4648.5,null,null,"N","N","",1]
["TBA31400020S","노무","L001010101000002",null,"보통인부","일반공사 직종","인",2.8000000000000001E-2,0,0,165545,4635.2,0,0,165545,4635.2,null,null,"N","N","",1]
["TBA31400020S","손료","RENT000000000003",null,"공구손료","노무비의 3%","식",1,278.5,278.5,0,0,0,0,278.5,278.5,null,null,"N","N",3,1]
[null,null,null,null,"[합 계]",null,null,0,0,278,0,9283,0,0,0,9561,null,null,null,null,"",1]
[null,null,null,null,null,null,null,0,0,0,0,0,0,0,0,0,null,null,null,null,"",1]
["TBA31500010S",null,null,null,"파상형경질폴리에틸렌전선관-철거","80㎜(50%)","M",0,0,0,0,0,0,0,0,0,null,null,null,null,"",1]
["TBA31500010S","노무","L001010101000088",null,"통신외선공","일반공사 직종","인",7.4999999999999997E-3,0,0,387376,2905.3,0,0,387376,2905.3,null,null,"N","N","",1]
["TBA31500010S","노무","L001010101000002",null,"보통인부","일반공사 직종","인",1.7500000000000002E-2,0,0,165545,2897,0,0,165545,2897,null,null,"N","N","",1]
["TBA31500010S","손료","RENT000000000003",null,"공구손료","노무비의 3%","식",1,174,174,0,0,0,0,174,174,null,null,"N","N",3,1]
[null,null,null,null,"[합 계]",null,null,0,0,174,0,5802,0,0,0,5976,null,null,null,null,"",1]
[null,null,null,null,null,null,null,0,0,0,0,0,0,0,0,0,null,null,null,null,"",1]
["TBA31500020S",null,null,null,"파상형경질폴리에틸렌전선관-재사용철거","80㎜(80%)","M",0,0,0,0,0,0,0,0,0,null,null,null,null,"",1]
["TBA31500020S","노무","L001010101000088",null,"통신외선공","일반공사 직종","인",1.2E-2,0,0,387376,4648.5,0,0,387376,4648.5,null,null,"N","N","",1]
["TBA31500020S","노무","L001010101000002",null,"보통인부","일반공사 직종","인",2.8000000000000001E-2,0,0,165545,4635.2,0,0,165545,4635.2,null,null,"N","N","",1]
["TBA31500020S","손료","RENT000000000003",null,"공구손료","노무비의 3%","식",1,278.5,278.5,0,0,0,0,278.5,278.5,null,null,"N","N",3,1]
[null,null,null,null,"[합 계]",null,null,0,0,278,0,9283,0,0,0,9561,null,null,null,null,"",1]
[null,null,null,null,null,null,null,0,0,0,0,0,0,0,0,0,null,null,null,null,"",1]
["TBA31600010S",null,null,null,"파상형경질폴리에틸렌전선관-철거","100㎜(50%)","M",0,0,0,0,0,0,0,0,0,null,null,null,null,"",1]
["TBA31600010S","노무","L001010101000088",null,"통신외선공","일반공사 직종","인",8.9999999999999993E-3,0,0,387376,3486.3,0,0,387376,3486.3,null,null,"N","N","",1]
["TBA31600010S","노무","L001010101000002",null,"보통인부","일반공사 직종","인",2.8500000000000001E-2,0,0,165545,4718,0,0,165545,4718,null,null,"N","N","",1]
["TBA31600010S","손료","RENT000000000003",null,"공구손료","노무비의 3%","식",1,246.1,246.1,0,0,0,0,246.1,246.1,null,null,"N","N",3,1]
[null,null,null,null,"[합 계]",null,null,0,0,246,0,8204,0,0,0,8450,null,null,null,null,"",1]
[null,null,null,null,null,null,null,0,0,0,0,0,0,0,0,0,null,null,null,null,"",1]
["TBA31600020S",null,null,null,"파상형경질폴리에틸렌전선관-재사용철거","100㎜(80%)","M",0,0,0,0,0,0,0,0,0,null,null,null,null,"",1]
["TBA31600020S","노무","L001010101000088",null,"통신외선공","일반공사 직종","인",1.44E-2,0,0,387376,5578.2,0,0,387376,5578.2,null,null,"N","N","",1]
["TBA31600020S","노무","L001010101000002",null,"보통인부","일반공사 직종","인",4.5600000000000002E-2,0,0,165545,7548.8,0,0,165545,7548.8,null,null,"N","N","",1]
["TBA31600020S","손료","RENT000000000003",null,"공구손료","노무비의 3%","식",1,393.8,393.8,0,0,0,0,393.8,393.8,null,null,"N","N",3,1]
[null,null,null,null,"[합 계]",null,null,0,0,393,0,13127,0,0,0,13520,null,null,null,null,"",1]
[null,null,null,null,null,null,null,0,0,0,0,0,0,0,0,0,null,null,null,null,"",1]
["TBA31700010S",null,null,null,"파상형경질폴리에틸렌전선관-철거","125㎜(50%)","M",0,0,0,0,0,0,0,0,0,null,null,null,null,"",1]
["TBA31700010S","노무","L001010101000088",null,"통신외선공","일반공사 직종","인",1.2500000000000001E-2,0,0,387376,4842.2,0,0,387376,4842.2,null,null,"N","N","",1]
["TBA31700010S","노무","L001010101000002",null,"보통인부","일반공사 직종","인",3.85E-2,0,0,165545,6373.4,0,0,165545,6373.4,null,null,"N","N","",1]
["TBA31700010S","손료","RENT000000000003",null,"공구손료","노무비의 3%","식",1,336.4,336.4,0,0,0,0,336.4,336.4,null,null,"N","N",3,1]
[null,null,null,null,"[합 계]",null,null,0,0,336,0,11215,0,0,0,11551,null,null,null,null,"",1]
[null,null,null,null,null,null,null,0,0,0,0,0,0,0,0,0,null,null,null,null,"",1]
["TBA31700020S",null,null,null,"파상형경질폴리에틸렌전선관-재사용철거","125㎜(80%)","M",0,0,0,0,0,0,0,0,0,null,null,null,null,"",1]
["TBA31700020S","노무","L001010101000088",null,"통신외선공","일반공사 직종","인",0.02,0,0,387376,7747.5,0,0,387376,7747.5,null,null,"N","N","",1]
["TBA31700020S","노무","L001010101000002",null,"보통인부","일반공사 직종","인",6.1600000000000002E-2,0,0,165545,10197.5,0,0,165545,10197.5,null,null,"N","N","",1]
["TBA31700020S","손료","RENT000000000003",null,"공구손료","노무비의 3%","식",1,538.29999999999995,538.29999999999995,0,0,0,0,538.29999999999995,538.29999999999995,null,null,"N","N",3,1]
[null,null,null,null,"[합 계]",null,null,0,0,538,0,17945,0,0,0,18483,null,null,null,null,"",1]
[null,null,null,null,null,null,null,0,0,0,0,0,0,0,0,0,null,null,null,null,"",1]
["TBA31800010S",null,null,null,"파상형경질폴리에틸렌전선관-철거","150㎜(50%)","M",0,0,0,0,0,0,0,0,0,null,null,null,null,"",1]
["TBA31800010S","노무","L001010101000088",null,"통신외선공","일반공사 직종","인",1.4999999999999999E-2,0,0,387376,5810.6,0,0,387376,5810.6,null,null,"N","N","",1]
["TBA31800010S","노무","L001010101000002",null,"보통인부","일반공사 직종","인",4.8500000000000001E-2,0,0,165545,8028.9,0,0,165545,8028.9,null,null,"N","N","",1]
["TBA31800010S","손료","RENT000000000003",null,"공구손료","노무비의 3%","식",1,415.1,415.1,0,0,0,0,415.1,415.1,null,null,"N","N",3,1]
[null,null,null,null,"[합 계]",null,null,0,0,415,0,13839,0,0,0,14254,null,null,null,null,"",1]
[null,null,null,null,null,null,null,0,0,0,0,0,0,0,0,0,null,null,null,null,"",1]
["TBA31800020S",null,null,null,"파상형경질폴리에틸렌전선관-재사용철거","150㎜(80%)","M",0,0,0,0,0,0,0,0,0,null,null,null,null,"",1]
["TBA31800020S","노무","L001010101000088",null,"통신외선공","일반공사 직종","인",2.4E-2,0,0,387376,9297,0,0,387376,9297,null,null,"N","N","",1]
["TBA31800020S","노무","L001010101000002",null,"보통인부","일반공사 직종","인",7.7600000000000002E-2,0,0,165545,12846.2,0,0,165545,12846.2,null,null,"N","N","",1]
["TBA31800020S","손료","RENT000000000003",null,"공구손료","노무비의 3%","식",1,664.2,664.2,0,0,0,0,664.2,664.2,null,null,"N","N",3,1]
[null,null,null,null,"[합 계]",null,null,0,0,664,0,22143,0,0,0,22807,null,null,null,null,"",1]
[null,null,null,null,null,null,null,0,0,0,0,0,0,0,0,0,null,null,null,null,"",1]
["TBA31900010S",null,null,null,"파상형경질폴리에틸렌전선관-철거","175㎜(50%)","M",0,0,0,0,0,0,0,0,0,null,null,null,null,"",1]
["TBA31900010S","노무","L001010101000088",null,"통신외선공","일반공사 직종","인",1.7999999999999999E-2,0,0,387376,6972.7,0,0,387376,6972.7,null,null,"N","N","",1]
["TBA31900010S","노무","L001010101000002",null,"보통인부","일반공사 직종","인",5.8500000000000003E-2,0,0,165545,9684.2999999999993,0,0,165545,9684.2999999999993,null,null,"N","N","",1]
["TBA31900010S","손료","RENT000000000003",null,"공구손료","노무비의 3%","식",1,499.7,499.7,0,0,0,0,499.7,499.7,null,null,"N","N",3,1]
[null,null,null,null,"[합 계]",null,null,0,0,499,0,16657,0,0,0,17156,null,null,null,null,"",1]
[null,null,null,null,null,null,null,0,0,0,0,0,0,0,0,0,null,null,null,null,"",1]
["TBA31900020S",null,null,null,"파상형경질폴리에틸렌전선관-재사용철거","175㎜(80%)","M",0,0,0,0,0,0,0,0,0,null,null,null,null,"",1]
["TBA31900020S","노무","L001010101000088",null,"통신외선공","일반공사 직종","인",2.8799999999999999E-2,0,0,387376,11156.4,0,0,387376,11156.4,null,null,"N","N","",1]
["TBA31900020S","노무","L001010101000002",null,"보통인부","일반공사 직종","인",9.3600000000000003E-2,0,0,165545,15495,0,0,165545,15495,null,null,"N","N","",1]
["TBA31900020S","손료","RENT000000000003",null,"공구손료","노무비의 3%","식",1,799.5,799.5,0,0,0,0,799.5,799.5,null,null,"N","N",3,1]
[null,null,null,null,"[합 계]",null,null,0,0,799,0,26651,0,0,0,27450,null,null,null,null,"",1]
[null,null,null,null,null,null,null,0,0,0,0,0,0,0,0,0,null,null,null,null,"",1]
["TBA31A00010S",null,null,null,"파상형경질폴리에틸렌전선관-철거","200㎜(50%)","M",0,0,0,0,0,0,0,0,0,null,null,null,null,"",1]
["TBA31A00010S","노무","L001010101000088",null,"통신외선공","일반공사 직종","인",2.0500000000000001E-2,0,0,387376,7941.2,0,0,387376,7941.2,null,null,"N","N","",1]
["TBA31A00010S","노무","L001010101000002",null,"보통인부","일반공사 직종","인",6.4500000000000002E-2,0,0,165545,10677.6,0,0,165545,10677.6,null,null,"N","N","",1]
["TBA31A00010S","손료","RENT000000000003",null,"공구손료","노무비의 3%","식",1,558.5,558.5,0,0,0,0,558.5,558.5,null,null,"N","N",3,1]
[null,null,null,null,"[합 계]",null,null,0,0,558,0,18618,0,0,0,19176,null,null,null,null,"",1]
[null,null,null,null,null,null,null,0,0,0,0,0,0,0,0,0,null,null,null,null,"",1]
["TBA31A00020S",null,null,null,"파상형경질폴리에틸렌전선관-재사용철거","2000㎜(80%)","M",0,0,0,0,0,0,0,0,0,null,null,null,null,"",1]
["TBA31A00020S","노무","L001010101000088",null,"통신외선공","일반공사 직종","인",3.2800000000000003E-2,0,0,387376,12705.9,0,0,387376,12705.9,null,null,"N","N","",1]
["TBA31A00020S","노무","L001010101000002",null,"보통인부","일반공사 직종","인",0.1032,0,0,165545,17084.2,0,0,165545,17084.2,null,null,"N","N","",1]
["TBA31A00020S","손료","RENT000000000003",null,"공구손료","노무비의 3%","식",1,893.7,893.7,0,0,0,0,893.7,893.7,null,null,"N","N",3,1]
[null,null,null,null,"[합 계]",null,null,0,0,893,0,29790,0,0,0,30683,null,null,null,null,"",1]
[null,null,null,null,null,null,null,0,0,0,0,0,0,0,0,0,null,null,null,null,"",1]
["TBB13100010S",null,null,null,"파상형경질폴리에틸렌전선관-지중포설","30㎜","M",0,0,0,0,0,0,0,0,0,null,null,null,null,"",1]
["TBB13100010S","자재","3913170610035631",null,"파상형경질폴리에틸렌전선관","파상형경질폴리에틸렌전선관, 30mm","m",1,343,343,0,0,0,0,343,343,null,null,"N","N","",1]
["TBB13100010S","자재","3913170610035631",null,"파상형경질폴리에틸렌전선관","파상형경질폴리에틸렌전선관, 30mm","m",0.03,343,10.199999999999999,0,0,0,0,343,10.199999999999999,null,null,"N","N","",1]
["TBB13100010S","손료","RENT000000000001",null,"전선관부속품비","전선관의 20%","식",1,68.599999999999994,68.599999999999994,0,0,0,0,68.599999999999994,68.599999999999994,null,null,"N","N",20,1]
["TBB13100010S","손료","RENT000000000002",null,"잡재료비","배관배선의 2%","식",1,6.8,6.8,0,0,0,0,6.8,6.8,null,null,"N","N",2,1]
["TBB13100010S","노무","L001010101000088",null,"통신외선공","일반공사 직종","인",7.0000000000000001E-3,0,0,387376,2711.6,0,0,387376,2711.6,null,null,"N","N","",1]
["TBB13100010S","노무","L001010101000002",null,"보통인부","일반공사 직종","인",1.4E-2,0,0,165545,2317.6,0,0,165545,2317.6,null,null,"N","N","",1]
["TBB13100010S","손료","RENT000000000003",null,"공구손료","인력품의 3%","식",1,150.80000000000001,150.80000000000001,0,0,0,0,150.80000000000001,150.80000000000001,null,null,"N","N",3,1]
[null,null,null,null,"[합 계]",null,null,0,0,579,0,5029,0,0,0,5608,null,null,null,null,"",1]
[null,null,null,null,null,null,null,0,0,0,0,0,0,0,0,0,null,null,null,null,"",1]
["TBB13200010S",null,null,null,"파상형경질폴리에틸렌전선관-지중포설","40㎜","M",0,0,0,0,0,0,0,0,0,null,null,null,null,"",1]
["TBB13200010S","자재","3913170610035632",null,"파상형경질폴리에틸렌전선관","파상형경질폴리에틸렌전선관, 40mm","m",1,523,523,0,0,0,0,523,523,null,null,"N","N","",1]
["TBB13200010S","자재","3913170610035632",null,"파상형경질폴리에틸렌전선관","파상형경질폴리에틸렌전선관, 40mm","m",0.03,523,15.6,0,0,0,0,523,15.6,null,null,"N","N","",1]
["TBB13200010S","손료","RENT000000000001",null,"전선관부속품비","전선관의 20%","식",1,104.6,104.6,0,0,0,0,104.6,104.6,null,null,"N","N",20,1]
["TBB13200010S","손료","RENT000000000002",null,"잡재료비","배관배선의 2%","식",1,10.4,10.4,0,0,0,0,10.4,10.4,null,null,"N","N",2,1]
["TBB13200010S","노무","L001010101000088",null,"통신외선공","일반공사 직종","인",1.2E-2,0,0,387376,4648.5,0,0,387376,4648.5,null,null,"N","N","",1]
["TBB13200010S","노무","L001010101000002",null,"보통인부","일반공사 직종","인",2.9000000000000001E-2,0,0,165545,4800.8,0,0,165545,4800.8,null,null,"N","N","",1]
["TBB13200010S","손료","RENT000000000003",null,"공구손료","인력품의 3%","식",1,283.39999999999998,283.39999999999998,0,0,0,0,283.39999999999998,283.39999999999998,null,null,"N","N",3,1]
[null,null,null,null,"[합 계]",null,null,0,0,937,0,9449,0,0,0,10386,null,null,null,null,"",1]
[null,null,null,null,null,null,null,0,0,0,0,0,0,0,0,0,null,null,null,null,"",1]
["TBB13300010S",null,null,null,"파상형경질폴리에틸렌전선관-지중포설","50㎜","M",0,0,0,0,0,0,0,0,0,null,null,null,null,"",1]
["TBB13300010S","자재","3913170610035633",null,"파상형경질폴리에틸렌전선관","파상형경질폴리에틸렌전선관, 50mm","m",1,680,680,0,0,0,0,680,680,null,null,"N","N","",1]
["TBB13300010S","자재","3913170610035633",null,"파상형경질폴리에틸렌전선관","파상형경질폴리에틸렌전선관, 50mm","m",0.03,680,20.399999999999999,0,0,0,0,680,20.399999999999999,null,null,"N","N","",1]
["TBB13300010S","손료","RENT000000000001",null,"전선관부속품비","전선관의 20%","식",1,136,136,0,0,0,0,136,136,null,null,"N","N",20,1]
["TBB13300010S","손료","RENT000000000002",null,"잡재료비","배관배선의 2%","식",1,13.6,13.6,0,0,0,0,13.6,13.6,null,null,"N","N",2,1]
["TBB13300010S","노무","L001010101000088",null,"통신외선공","일반공사 직종","인",1.2E-2,0,0,387376,4648.5,0,0,387376,4648.5,null,null,"N","N","",1]
["TBB13300010S","노무","L001010101000002",null,"보통인부","일반공사 직종","인",2.9000000000000001E-2,0,0,165545,4800.8,0,0,165545,4800.8,null,null,"N","N","",1]
["TBB13300010S","손료","RENT000000000003",null,"공구손료","인력품의 3%","식",1,283.39999999999998,283.39999999999998,0,0,0,0,283.39999999999998,283.39999999999998,null,null,"N","N",3,1]
[null,null,null,null,"[합 계]",null,null,0,0,1133,0,9449,0,0,0,10582,null,null,null,null,"",1]
[null,null,null,null,null,null,null,0,0,0,0,0,0,0,0,0,null,null,null,null,"",1]
["TBB13400010S",null,null,null,"파상형경질폴리에틸렌전선관-지중포설","65㎜","M",0,0,0,0,0,0,0,0,0,null,null,null,null,"",1]
["TBB13400010S","자재","3913170610035634",null,"파상형경질폴리에틸렌전선관","파상형경질폴리에틸렌전선관, 65mm","m",1,990,990,0,0,0,0,990,990,null,null,"N","N","",1]
["TBB13400010S","자재","3913170610035634",null,"파상형경질폴리에틸렌전선관","파상형경질폴리에틸렌전선관, 65mm","m",0.03,990,29.7,0,0,0,0,990,29.7,null,null,"N","N","",1]
["TBB13400010S","손료","RENT000000000001",null,"전선관부속품비","전선관의 20%","식",1,198,198,0,0,0,0,198,198,null,null,"N","N",20,1]
["TBB13400010S","손료","RENT000000000002",null,"잡재료비","배관배선의 2%","식",1,19.8,19.8,0,0,0,0,19.8,19.8,null,null,"N","N",2,1]
["TBB13400010S","노무","L001010101000088",null,"통신외선공","일반공사 직종","인",1.4999999999999999E-2,0,0,387376,5810.6,0,0,387376,5810.6,null,null,"N","N","",1]
["TBB13400010S","노무","L001010101000002",null,"보통인부","일반공사 직종","인",3.5000000000000003E-2,0,0,165545,5794,0,0,165545,5794,null,null,"N","N","",1]
["TBB13400010S","손료","RENT000000000003",null,"공구손료","인력품의 3%","식",1,348.1,348.1,0,0,0,0,348.1,348.1,null,null,"N","N",3,1]
[null,null,null,null,"[합 계]",null,null,0,0,1585,0,11604,0,0,0,13189,null,null,null,null,"",1]
[null,null,null,null,null,null,null,0,0,0,0,0,0,0,0,0,null,null,null,null,"",1]
["TBB13600010S",null,null,null,"파상형경질폴리에틸렌전선관-지중포설","80㎜","M",0,0,0,0,0,0,0,0,0,null,null,null,null,"",1]
["TBB13600010S","자재","3913170610035635",null,"파상형경질폴리에틸렌전선관","파상형경질폴리에틸렌전선관, 80mm","m",1,1357,1357,0,0,0,0,1357,1357,null,null,"N","N","",1]
["TBB13600010S","자재","3913170610035635",null,"파상형경질폴리에틸렌전선관","파상형경질폴리에틸렌전선관, 80mm","m",0.03,1357,40.700000000000003,0,0,0,0,1357,40.700000000000003,null,null,"N","N","",1]
["TBB13600010S","손료","RENT000000000001",null,"전선관부속품비","전선관의 20%","식",1,271.39999999999998,271.39999999999998,0,0,0,0,271.39999999999998,271.39999999999998,null,null,"N","N",20,1]
["TBB13600010S","손료","RENT000000000002",null,"잡재료비","배관배선의 2%","식",1,27.1,27.1,0,0,0,0,27.1,27.1,null,null,"N","N",2,1]
["TBB13600010S","노무","L001010101000088",null,"통신외선공","일반공사 직종","인",1.4999999999999999E-2,0,0,387376,5810.6,0,0,387376,5810.6,null,null,"N","N","",1]
["TBB13600010S","노무","L001010101000002",null,"보통인부","일반공사 직종","인",3.5000000000000003E-2,0,0,165545,5794,0,0,165545,5794,null,null,"N","N","",1]
["TBB13600010S","손료","RENT000000000003",null,"공구손료","인력품의 3%","식",1,348.1,348.1,0,0,0,0,348.1,348.1,null,null,"N","N",3,1]
[null,null,null,null,"[합 계]",null,null,0,0,2044,0,11604,0,0,0,13648,null,null,null,null,"",1]
[null,null,null,null,null,null,null,0,0,0,0,0,0,0,0,0,null,null,null,null,"",1]
["TBB13700010S",null,null,null,"파상형경질폴리에틸렌전선관-지중포설","100㎜","M",0,0,0,0,0,0,0,0,0,null,null,null,null,"",1]
["TBB13700010S","자재","3913170610035636",null,"파상형경질폴리에틸렌전선관","파상형경질폴리에틸렌전선관, 100mm","m",1,1784,1784,0,0,0,0,1784,1784,null,null,"N","N","",1]
["TBB13700010S","자재","3913170610035636",null,"파상형경질폴리에틸렌전선관","파상형경질폴리에틸렌전선관, 100mm","m",0.03,1784,53.5,0,0,0,0,1784,53.5,null,null,"N","N","",1]
["TBB13700010S","손료","RENT000000000001",null,"전선관부속품비","전선관의 20%","식",1,356.8,356.8,0,0,0,0,356.8,356.8,null,null,"N","N",20,1]
["TBB13700010S","손료","RENT000000000002",null,"잡재료비","배관배선의 2%","식",1,35.6,35.6,0,0,0,0,35.6,35.6,null,null,"N","N",2,1]
["TBB13700010S","노무","L001010101000088",null,"통신외선공","일반공사 직종","인",1.7999999999999999E-2,0,0,387376,6972.7,0,0,387376,6972.7,null,null,"N","N","",1]
["TBB13700010S","노무","L001010101000002",null,"보통인부","일반공사 직종","인",5.7000000000000002E-2,0,0,165545,9436,0,0,165545,9436,null,null,"N","N","",1]
["TBB13700010S","손료","RENT000000000003",null,"공구손료","인력품의 3%","식",1,492.2,492.2,0,0,0,0,492.2,492.2,null,null,"N","N",3,1]
[null,null,null,null,"[합 계]",null,null,0,0,2722,0,16408,0,0,0,19130,null,null,null,null,"",1]
[null,null,null,null,null,null,null,0,0,0,0,0,0,0,0,0,null,null,null,null,"",1]
["TBB13900010S",null,null,null,"파상형경질폴리에틸렌전선관-지중포설","125㎜","M",0,0,0,0,0,0,0,0,0,null,null,null,null,"",1]
["TBB13900010S","자재","3913170610035637",null,"파상형경질폴리에틸렌전선관","파상형경질폴리에틸렌전선관, 125mm","m",1,2796,2796,0,0,0,0,2796,2796,null,null,"N","N","",1]
["TBB13900010S","자재","3913170610035637",null,"파상형경질폴리에틸렌전선관","파상형경질폴리에틸렌전선관, 125mm","m",0.03,2796,83.8,0,0,0,0,2796,83.8,null,null,"N","N","",1]
["TBB13900010S","손료","RENT000000000001",null,"전선관부속품비","전선관의 20%","식",1,559.20000000000005,559.20000000000005,0,0,0,0,559.20000000000005,559.20000000000005,null,null,"N","N",20,1]
["TBB13900010S","손료","RENT000000000002",null,"잡재료비","배관배선의 2%","식",1,55.9,55.9,0,0,0,0,55.9,55.9,null,null,"N","N",2,1]
["TBB13900010S","노무","L001010101000088",null,"통신외선공","일반공사 직종","인",2.5000000000000001E-2,0,0,387376,9684.4,0,0,387376,9684.4,null,null,"N","N","",1]
["TBB13900010S","노무","L001010101000002",null,"보통인부","일반공사 직종","인",7.6999999999999999E-2,0,0,165545,12746.9,0,0,165545,12746.9,null,null,"N","N","",1]
["TBB13900010S","손료","RENT000000000003",null,"공구손료","인력품의 3%","식",1,672.9,672.9,0,0,0,0,672.9,672.9,null,null,"N","N",3,1]
[null,null,null,null,"[합 계]",null,null,0,0,4167,0,22431,0,0,0,26598,null,null,null,null,"",1]
[null,null,null,null,null,null,null,0,0,0,0,0,0,0,0,0,null,null,null,null,"",1]
["TBB13A00010S",null,null,null,"파상형경질폴리에틸렌전선관-지중포설","150㎜","M",0,0,0,0,0,0,0,0,0,null,null,null,null,"",1]
["TBB13A00010S","자재","3913170610035638",null,"파상형경질폴리에틸렌전선관","파상형경질폴리에틸렌전선관, 150mm","m",1,3699,3699,0,0,0,0,3699,3699,null,null,"N","N","",1]
["TBB13A00010S","자재","3913170610035638",null,"파상형경질폴리에틸렌전선관","파상형경질폴리에틸렌전선관, 150mm","m",0.03,3699,110.9,0,0,0,0,3699,110.9,null,null,"N","N","",1]
["TBB13A00010S","손료","RENT000000000001",null,"전선관부속품비","전선관의 20%","식",1,739.8,739.8,0,0,0,0,739.8,739.8,null,null,"N","N",20,1]
["TBB13A00010S","손료","RENT000000000002",null,"잡재료비","배관배선의 2%","식",1,73.900000000000006,73.900000000000006,0,0,0,0,73.900000000000006,73.900000000000006,null,null,"N","N",2,1]
["TBB13A00010S","노무","L001010101000088",null,"통신외선공","일반공사 직종","인",0.03,0,0,387376,11621.2,0,0,387376,11621.2,null,null,"N","N","",1]
["TBB13A00010S","노무","L001010101000002",null,"보통인부","일반공사 직종","인",9.7000000000000003E-2,0,0,165545,16057.8,0,0,165545,16057.8,null,null,"N","N","",1]
["TBB13A00010S","손료","RENT000000000003",null,"공구손료","인력품의 3%","식",1,830.3,830.3,0,0,0,0,830.3,830.3,null,null,"N","N",3,1]
[null,null,null,null,"[합 계]",null,null,0,0,5453,0,27679,0,0,0,33132,null,null,null,null,"",1]
[null,null,null,null,null,null,null,0,0,0,0,0,0,0,0,0,null,null,null,null,"",1]
["TBB13B00010S",null,null,null,"파상형경질폴리에틸렌전선관-지중포설","175㎜","M",0,0,0,0,0,0,0,0,0,null,null,null,null,"",1]
["TBB13B00010S","자재","3913170610035639",null,"파상형경질폴리에틸렌전선관","파상형경질폴리에틸렌전선관, 175mm","m",1,6108,6108,0,0,0,0,6108,6108,null,null,"N","N","",1]
["TBB13B00010S","자재","3913170610035639",null,"파상형경질폴리에틸렌전선관","파상형경질폴리에틸렌전선관, 175mm","m",0.03,6108,183.2,0,0,0,0,6108,183.2,null,null,"N","N","",1]
["TBB13B00010S","손료","RENT000000000001",null,"전선관부속품비","전선관의 20%","식",1,1221.5999999999999,1221.5999999999999,0,0,0,0,1221.5999999999999,1221.5999999999999,null,null,"N","N",20,1]
["TBB13B00010S","손료","RENT000000000002",null,"잡재료비","배관배선의 2%","식",1,122.1,122.1,0,0,0,0,122.1,122.1,null,null,"N","N",2,1]
["TBB13B00010S","노무","L001010101000088",null,"통신외선공","일반공사 직종","인",3.5999999999999997E-2,0,0,387376,13945.5,0,0,387376,13945.5,null,null,"N","N","",1]
["TBB13B00010S","노무","L001010101000002",null,"보통인부","일반공사 직종","인",0.11700000000000001,0,0,165545,19368.7,0,0,165545,19368.7,null,null,"N","N","",1]
["TBB13B00010S","손료","RENT000000000003",null,"공구손료","인력품의 3%","식",1,999.4,999.4,0,0,0,0,999.4,999.4,null,null,"N","N",3,1]
[null,null,null,null,"[합 계]",null,null,0,0,8634,0,33314,0,0,0,41948,null,null,null,null,"",1]
[null,null,null,null,null,null,null,0,0,0,0,0,0,0,0,0,null,null,null,null,"",1]
["TBB13C00010S",null,null,null,"파상형경질폴리에틸렌전선관-지중포설","200㎜","M",0,0,0,0,0,0,0,0,0,null,null,null,null,"",1]
["TBB13C00010S","자재","3913170610035640",null,"파상형경질폴리에틸렌전선관","파상형경질폴리에틸렌전선관, 200mm","m",1,7081,7081,0,0,0,0,7081,7081,null,null,"N","N","",1]
["TBB13C00010S","자재","3913170610035640",null,"파상형경질폴리에틸렌전선관","파상형경질폴리에틸렌전선관, 200mm","m",0.03,7081,212.4,0,0,0,0,7081,212.4,null,null,"N","N","",1]
["TBB13C00010S","손료","RENT000000000001",null,"전선관부속품비","전선관의 20%","식",1,1416.2,1416.2,0,0,0,0,1416.2,1416.2,null,null,"N","N",20,1]
["TBB13C00010S","손료","RENT000000000002",null,"잡재료비","배관배선의 2%","식",1,141.6,141.6,0,0,0,0,141.6,141.6,null,null,"N","N",2,1]
["TBB13C00010S","노무","L001010101000088",null,"통신외선공","일반공사 직종","인",4.1000000000000002E-2,0,0,387376,15882.4,0,0,387376,15882.4,null,null,"N","N","",1]
["TBB13C00010S","노무","L001010101000002",null,"보통인부","일반공사 직종","인",0.129,0,0,165545,21355.3,0,0,165545,21355.3,null,null,"N","N","",1]
["TBB13C00010S","손료","RENT000000000003",null,"공구손료","인력품의 3%","식",1,1117.0999999999999,1117.0999999999999,0,0,0,0,1117.0999999999999,1117.0999999999999,null,null,"N","N",3,1]
[null,null,null,null,"[합 계]",null,null,0,0,9968,0,37237,0,0,0,47205,null,null,null,null,"",1]
[null,null,null,null,null,null,null,0,0,0,0,0,0,0,0,0,null,null,null,null,"",1]
["TCA11100010S",null,null,null,"경질비닐PVC전선관-콘크리트 매입","HI, 14mm","M",0,0,0,0,0,0,0,0,0,null,null,null,null,"",1]
["TCA11100010S","자재","3913170610034964",null,"경질비닐전선관","경질비닐전선관, HI, 14mm","m",1,0,0,0,0,0,0,0,0,null,null,"N","N","",1]
["TCA11100010S","자재","3913170610034964",null,"경질비닐전선관","경질비닐전선관, HI, 14mm","m",0.1,0,0,0,0,0,0,0,0,null,null,"N","N","",1]
["TCA11100010S","손료","RENT000000000001",null,"전선관부속품비","전선관의 20%","식",1,0,0,0,0,0,0,0,0,null,null,"N","N",20,1]
["TCA11100010S","손료","RENT000000000002",null,"잡재료비","배관배선의 2%","식",1,0,0,0,0,0,0,0,0,null,null,"N","N",2,1]
["TCA11100010S","노무","L001010101000086",null,"통신내선공","일반공사 직종","인",0.04,0,0,267277,10691,0,0,267277,10691,null,null,"N","N","",1]
["TCA11100010S","손료","RENT000000000003",null,"공구손료","인력품의 3%","식",1,320.7,320.7,0,0,0,0,320.7,320.7,null,null,"N","N",3,1]
[null,null,null,null,"[합 계]",null,null,0,0,320,0,10691,0,0,0,11011,null,null,null,null,"",1]
[null,null,null,null,null,null,null,0,0,0,0,0,0,0,0,0,null,null,null,null,"",1]
["TCA11200010S",null,null,null,"경질비닐PVC전선관-콘크리트 매입","HI, 16mm","M",0,0,0,0,0,0,0,0,0,null,null,null,null,"",1]
["TCA11200010S","자재","3913170610034965",null,"경질비닐전선관","경질비닐전선관, HI 16 mm","m",1,294,294,0,0,0,0,294,294,null,null,"N","N","",1]
["TCA11200010S","자재","3913170610034965",null,"경질비닐전선관","경질비닐전선관, HI 16 mm","m",0.1,294,29.4,0,0,0,0,294,29.4,null,null,"N","N","",1]
["TCA11200010S","손료","RENT000000000001",null,"전선관부속품비","전선관의 20%","식",1,58.8,58.8,0,0,0,0,58.8,58.8,null,null,"N","N",20,1]
["TCA11200010S","손료","RENT000000000002",null,"잡재료비","배관배선의 2%","식",1,5.8,5.8,0,0,0,0,5.8,5.8,null,null,"N","N",2,1]
["TCA11200010S","노무","L001010101000086",null,"통신내선공","일반공사 직종","인",0.05,0,0,267277,13363.8,0,0,267277,13363.8,null,null,"N","N","",1]
["TCA11200010S","손료","RENT000000000003",null,"공구손료","인력품의 3%","식",1,400.9,400.9,0,0,0,0,400.9,400.9,null,null,"N","N",3,1]
[null,null,null,null,"[합 계]",null,null,0,0,788,0,13363,0,0,0,14151,null,null,null,null,"",1]
[null,null,null,null,null,null,null,0,0,0,0,0,0,0,0,0,null,null,null,null,"",1]
["TCA11300010S",null,null,null,"경질비닐PVC전선관-콘크리트 매입","HI, 22mm","M",0,0,0,0,0,0,0,0,0,null,null,null,null,"",1]
["TCA11300010S","자재","3913170610034966",null,"경질비닐전선관","경질비닐전선관, HI, 22mm","m",1,350,350,0,0,0,0,350,350,null,null,"N","N","",1]
["TCA11300010S","자재","3913170610034966",null,"경질비닐전선관","경질비닐전선관, HI, 22mm","m",0.1,350,35,0,0,0,0,350,35,null,null,"N","N","",1]
["TCA11300010S","손료","RENT000000000001",null,"전선관부속품비","전선관의 20%","식",1,70,70,0,0,0,0,70,70,null,null,"N","N",20,1]
["TCA11300010S","손료","RENT000000000002",null,"잡재료비","배관배선의 2%","식",1,7,7,0,0,0,0,7,7,null,null,"N","N",2,1]
["TCA11300010S","노무","L001010101000086",null,"통신내선공","일반공사 직종","인",0.06,0,0,267277,16036.6,0,0,267277,16036.6,null,null,"N","N","",1]
["TCA11300010S","손료","RENT000000000003",null,"공구손료","인력품의 3%","식",1,481,481,0,0,0,0,481,481,null,null,"N","N",3,1]
[null,null,null,null,"[합 계]",null,null,0,0,943,0,16036,0,0,0,16979,null,null,null,null,"",1]
[null,null,null,null,null,null,null,0,0,0,0,0,0,0,0,0,null,null,null,null,"",1]
["TCA11400010S",null,null,null,"경질비닐PVC전선관-콘크리트 매입","HI, 28mm","M",0,0,0,0,0,0,0,0,0,null,null,null,null,"",1]
["TCA11400010S","자재","3913170610034967",null,"경질비닐전선관","경질비닐전선관, HI, 28mm","m",1,700,700,0,0,0,0,700,700,null,null,"N","N","",1]
["TCA11400010S","자재","3913170610034967",null,"경질비닐전선관","경질비닐전선관, HI, 28mm","m",0.1,700,70,0,0,0,0,700,70,null,null,"N","N","",1]
["TCA11400010S","손료","RENT000000000001",null,"전선관부속품비","전선관의 20%","식",1,140,140,0,0,0,0,140,140,null,null,"N","N",20,1]
["TCA11400010S","손료","RENT000000000002",null,"잡재료비","배관배선의 2%","식",1,14,14,0,0,0,0,14,14,null,null,"N","N",2,1]
["TCA11400010S","노무","L001010101000086",null,"통신내선공","일반공사 직종","인",0.08,0,0,267277,21382.1,0,0,267277,21382.1,null,null,"N","N","",1]
["TCA11400010S","손료","RENT000000000003",null,"공구손료","인력품의 3%","식",1,641.4,641.4,0,0,0,0,641.4,641.4,null,null,"N","N",3,1]
[null,null,null,null,"[합 계]",null,null,0,0,1565,0,21382,0,0,0,22947,null,null,null,null,"",1]
[null,null,null,null,null,null,null,0,0,0,0,0,0,0,0,0,null,null,null,null,"",1]
["TCA11500010S",null,null,null,"경질비닐PVC전선관-콘크리트 매입","HI, 36mm","M",0,0,0,0,0,0,0,0,0,null,null,null,null,"",1]
["TCA11500010S","자재","3913170610034968",null,"경질비닐전선관","경질비닐전선관, HI 36 mm","m",1,1007,1007,0,0,0,0,1007,1007,null,null,"N","N","",1]
["TCA11500010S","자재","3913170610034968",null,"경질비닐전선관","경질비닐전선관, HI 36 mm","m",0.1,1007,100.7,0,0,0,0,1007,100.7,null,null,"N","N","",1]
["TCA11500010S","손료","RENT000000000001",null,"전선관부속품비","전선관의 20%","식",1,201.4,201.4,0,0,0,0,201.4,201.4,null,null,"N","N",20,1]
["TCA11500010S","손료","RENT000000000002",null,"잡재료비","배관배선의 2%","식",1,20.100000000000001,20.100000000000001,0,0,0,0,20.100000000000001,20.100000000000001,null,null,"N","N",2,1]
["TCA11500010S","노무","L001010101000086",null,"통신내선공","일반공사 직종","인",0.1,0,0,267277,26727.7,0,0,267277,26727.7,null,null,"N","N","",1]
["TCA11500010S","손료","RENT000000000003",null,"공구손료","인력품의 3%","식",1,801.8,801.8,0,0,0,0,801.8,801.8,null,null,"N","N",3,1]
[null,null,null,null,"[합 계]",null,null,0,0,2131,0,26727,0,0,0,28858,null,null,null,null,"",1]
[null,null,null,null,null,null,null,0,0,0,0,0,0,0,0,0,null,null,null,null,"",1]
["TCA11600010S",null,null,null,"경질비닐PVC전선관-콘크리트 매입","HI, 42mm","M",0,0,0,0,0,0,0,0,0,null,null,null,null,"",1]
["TCA11600010S","자재","3913170610034969",null,"경질비닐전선관","경질비닐전선관, HI, 42mm","m",1,1245,1245,0,0,0,0,1245,1245,null,null,"N","N","",1]
["TCA11600010S","자재","3913170610034969",null,"경질비닐전선관","경질비닐전선관, HI, 42mm","m",0.1,1245,124.5,0,0,0,0,1245,124.5,null,null,"N","N","",1]
["TCA11600010S","손료","RENT000000000001",null,"전선관부속품비","전선관의 20%","식",1,249,249,0,0,0,0,249,249,null,null,"N","N",20,1]
["TCA11600010S","손료","RENT000000000002",null,"잡재료비","배관배선의 2%","식",1,24.9,24.9,0,0,0,0,24.9,24.9,null,null,"N","N",2,1]
["TCA11600010S","노무","L001010101000086",null,"통신내선공","일반공사 직종","인",0.13,0,0,267277,34746,0,0,267277,34746,null,null,"N","N","",1]
["TCA11600010S","손료","RENT000000000003",null,"공구손료","인력품의 3%","식",1,1042.3,1042.3,0,0,0,0,1042.3,1042.3,null,null,"N","N",3,1]
[null,null,null,null,"[합 계]",null,null,0,0,2685,0,34746,0,0,0,37431,null,null,null,null,"",1]
[null,null,null,null,null,null,null,0,0,0,0,0,0,0,0,0,null,null,null,null,"",1]
["TCA11700010S",null,null,null,"경질비닐PVC전선관-콘크리트 매입","HI, 54mm","M",0,0,0,0,0,0,0,0,0,null,null,null,null,"",1]
["TCA11700010S","자재","3913170610034970",null,"경질비닐전선관","경질비닐전선관, HI 54 mm","m",1,1852,1852,0,0,0,0,1852,1852,null,null,"N","N","",1]
["TCA11700010S","자재","3913170610034970",null,"경질비닐전선관","경질비닐전선관, HI 54 mm","m",0.1,1852,185.2,0,0,0,0,1852,185.2,null,null,"N","N","",1]
["TCA11700010S","손료","RENT000000000001",null,"전선관부속품비","전선관의 20%","식",1,370.4,370.4,0,0,0,0,370.4,370.4,null,null,"N","N",20,1]
["TCA11700010S","손료","RENT000000000002",null,"잡재료비","배관배선의 2%","식",1,37,37,0,0,0,0,37,37,null,null,"N","N",2,1]
["TCA11700010S","노무","L001010101000086",null,"통신내선공","일반공사 직종","인",0.19,0,0,267277,50782.6,0,0,267277,50782.6,null,null,"N","N","",1]
["TCA11700010S","손료","RENT000000000003",null,"공구손료","인력품의 3%","식",1,1523.4,1523.4,0,0,0,0,1523.4,1523.4,null,null,"N","N",3,1]
[null,null,null,null,"[합 계]",null,null,0,0,3968,0,50782,0,0,0,54750,null,null,null,null,"",1]
[null,null,null,null,null,null,null,0,0,0,0,0,0,0,0,0,null,null,null,null,"",1]
["TCA11800010S",null,null,null,"경질비닐PVC전선관-콘크리트 매입","HI, 70mm","M",0,0,0,0,0,0,0,0,0,null,null,null,null,"",1]
["TCA11800010S","자재","3913170610034971",null,"경질비닐전선관","경질비닐전선관, HI 70 mm","m",1,2389,2389,0,0,0,0,2389,2389,null,null,"N","N","",1]
["TCA11800010S","자재","3913170610034971",null,"경질비닐전선관","경질비닐전선관, HI 70 mm","m",0.1,2389,238.9,0,0,0,0,2389,238.9,null,null,"N","N","",1]
["TCA11800010S","손료","RENT000000000001",null,"전선관부속품비","전선관의 20%","식",1,477.8,477.8,0,0,0,0,477.8,477.8,null,null,"N","N",20,1]
["TCA11800010S","손료","RENT000000000002",null,"잡재료비","배관배선의 2%","식",1,47.7,47.7,0,0,0,0,47.7,47.7,null,null,"N","N",2,1]
["TCA11800010S","노무","L001010101000086",null,"통신내선공","일반공사 직종","인",0.28000000000000003,0,0,267277,74837.5,0,0,267277,74837.5,null,null,"N","N","",1]
["TCA11800010S","손료","RENT000000000003",null,"공구손료","인력품의 3%","식",1,2245.1,2245.1,0,0,0,0,2245.1,2245.1,null,null,"N","N",3,1]
[null,null,null,null,"[합 계]",null,null,0,0,5398,0,74837,0,0,0,80235,null,null,null,null,"",1]
[null,null,null,null,null,null,null,0,0,0,0,0,0,0,0,0,null,null,null,null,"",1]
["TCA11900010S",null,null,null,"경질비닐PVC전선관-콘크리트 매입","HI, 82mm","M",0,0,0,0,0,0,0,0,0,null,null,null,null,"",1]
["TCA11900010S","자재","3913170610034972",null,"경질비닐전선관","경질비닐전선관, HI, 82mm","m",1,3647,3647,0,0,0,0,3647,3647,null,null,"N","N","",1]
["TCA11900010S","자재","3913170610034972",null,"경질비닐전선관","경질비닐전선관, HI, 82mm","m",0.1,3647,364.7,0,0,0,0,3647,364.7,null,null,"N","N","",1]
["TCA11900010S","손료","RENT000000000001",null,"전선관부속품비","전선관의 20%","식",1,729.4,729.4,0,0,0,0,729.4,729.4,null,null,"N","N",20,1]
["TCA11900010S","손료","RENT000000000002",null,"잡재료비","배관배선의 2%","식",1,72.900000000000006,72.900000000000006,0,0,0,0,72.900000000000006,72.900000000000006,null,null,"N","N",2,1]
["TCA11900010S","노무","L001010101000086",null,"통신내선공","일반공사 직종","인",0.37,0,0,267277,98892.4,0,0,267277,98892.4,null,null,"N","N","",1]
["TCA11900010S","손료","RENT000000000003",null,"공구손료","인력품의 3%","식",1,2966.7,2966.7,0,0,0,0,2966.7,2966.7,null,null,"N","N",3,1]
[null,null,null,null,"[합 계]",null,null,0,0,7780,0,98892,0,0,0,106672,null,null,null,null,"",1]
[null,null,null,null,null,null,null,0,0,0,0,0,0,0,0,0,null,null,null,null,"",1]
["TCA11C00010S",null,null,null,"경질비닐PVC전선관-콘크리트 매입","HI, 104mm","M",0,0,0,0,0,0,0,0,0,null,null,null,null,"",1]
["TCA11C00010S","자재","3913170610034973",null,"경질비닐전선관","경질비닐전선관, HI, 100mm","m",1,4107,4107,0,0,0,0,4107,4107,null,null,"N","N","",1]
["TCA11C00010S","자재","3913170610034973",null,"경질비닐전선관","경질비닐전선관, HI, 100mm","m",0.1,4107,410.7,0,0,0,0,4107,410.7,null,null,"N","N","",1]
["TCA11C00010S","손료","RENT000000000001",null,"전선관부속품비","전선관의 20%","식",1,821.4,821.4,0,0,0,0,821.4,821.4,null,null,"N","N",20,1]
["TCA11C00010S","손료","RENT000000000002",null,"잡재료비","배관배선의 2%","식",1,82.1,82.1,0,0,0,0,82.1,82.1,null,null,"N","N",2,1]
["TCA11C00010S","노무","L001010101000086",null,"통신내선공","일반공사 직종","인",0.46,0,0,267277,122947.4,0,0,267277,122947.4,null,null,"N","N","",1]
["TCA11C00010S","손료","RENT000000000003",null,"공구손료","인력품의 3%","식",1,3688.4,3688.4,0,0,0,0,3688.4,3688.4,null,null,"N","N",3,1]
[null,null,null,null,"[합 계]",null,null,0,0,9109,0,122947,0,0,0,132056,null,null,null,null,"",1]
[null,null,null,null,null,null,null,0,0,0,0,0,0,0,0,0,null,null,null,null,"",1]
["TCA12100010S",null,null,null,"경질비닐PVC전선관-콘크리트 노출 및 블록 칸막이 벽내","HI, 14mm","M",0,0,0,0,0,0,0,0,0,null,null,null,null,"",1]
["TCA12100010S","자재","3913170610034964",null,"경질비닐전선관","경질비닐전선관, HI, 14mm","m",1,0,0,0,0,0,0,0,0,null,null,"N","N","",1]
["TCA12100010S","자재","3913170610034964",null,"경질비닐전선관","경질비닐전선관, HI, 14mm","m",0.1,0,0,0,0,0,0,0,0,null,null,"N","N","",1]
["TCA12100010S","손료","RENT000000000001",null,"전선관부속품비","전선관의 20%","식",1,0,0,0,0,0,0,0,0,null,null,"N","N",20,1]
["TCA12100010S","손료","RENT000000000002",null,"잡재료비","배관배선의 2%","식",1,0,0,0,0,0,0,0,0,null,null,"N","N",2,1]
["TCA12100010S","노무","L001010101000086",null,"통신내선공","일반공사 직종","인",4.8000000000000001E-2,0,0,267277,12829.2,0,0,267277,12829.2,null,null,"N","N","",1]
["TCA12100010S","손료","RENT000000000003",null,"공구손료","인력품의 3%","식",1,384.8,384.8,0,0,0,0,384.8,384.8,null,null,"N","N",3,1]
[null,null,null,null,"[합 계]",null,null,0,0,384,0,12829,0,0,0,13213,null,null,null,null,"",1]
[null,null,null,null,null,null,null,0,0,0,0,0,0,0,0,0,null,null,null,null,"",1]
["TCA12200010S",null,null,null,"경질비닐PVC전선관-콘크리트 노출 및 블록 칸막이 벽내","HI, 16mm","M",0,0,0,0,0,0,0,0,0,null,null,null,null,"",1]
["TCA12200010S","자재","3913170610034965",null,"경질비닐전선관","경질비닐전선관, HI 16 mm","m",1,294,294,0,0,0,0,294,294,null,null,"N","N","",1]
["TCA12200010S","자재","3913170610034965",null,"경질비닐전선관","경질비닐전선관, HI 16 mm","m",0.1,294,29.4,0,0,0,0,294,29.4,null,null,"N","N","",1]
["TCA12200010S","손료","RENT000000000001",null,"전선관부속품비","전선관의 20%","식",1,58.8,58.8,0,0,0,0,58.8,58.8,null,null,"N","N",20,1]
["TCA12200010S","손료","RENT000000000002",null,"잡재료비","배관배선의 2%","식",1,5.8,5.8,0,0,0,0,5.8,5.8,null,null,"N","N",2,1]
["TCA12200010S","노무","L001010101000086",null,"통신내선공","일반공사 직종","인",0.06,0,0,267277,16036.6,0,0,267277,16036.6,null,null,"N","N","",1]
["TCA12200010S","손료","RENT000000000003",null,"공구손료","인력품의 3%","식",1,481,481,0,0,0,0,481,481,null,null,"N","N",3,1]
[null,null,null,null,"[합 계]",null,null,0,0,869,0,16036,0,0,0,16905,null,null,null,null,"",1]
[null,null,null,null,null,null,null,0,0,0,0,0,0,0,0,0,null,null,null,null,"",1]
["TCA12300010S",null,null,null,"경질비닐PVC전선관-콘크리트 노출 및 블록 칸막이 벽내","HI, 22mm","M",0,0,0,0,0,0,0,0,0,null,null,null,null,"",1]
["TCA12300010S","자재","3913170610034966",null,"경질비닐전선관","경질비닐전선관, HI, 22mm","m",1,350,350,0,0,0,0,350,350,null,null,"N","N","",1]
["TCA12300010S","자재","3913170610034966",null,"경질비닐전선관","경질비닐전선관, HI, 22mm","m",0.1,350,35,0,0,0,0,350,35,null,null,"N","N","",1]
["TCA12300010S","손료","RENT000000000001",null,"전선관부속품비","전선관의 20%","식",1,70,70,0,0,0,0,70,70,null,null,"N","N",20,1]
["TCA12300010S","손료","RENT000000000002",null,"잡재료비","배관배선의 2%","식",1,7,7,0,0,0,0,7,7,null,null,"N","N",2,1]
["TCA12300010S","노무","L001010101000086",null,"통신내선공","일반공사 직종","인",7.1999999999999995E-2,0,0,267277,19243.900000000001,0,0,267277,19243.900000000001,null,null,"N","N","",1]
["TCA12300010S","손료","RENT000000000003",null,"공구손료","인력품의 3%","식",1,577.29999999999995,577.29999999999995,0,0,0,0,577.29999999999995,577.29999999999995,null,null,"N","N",3,1]
[null,null,null,null,"[합 계]",null,null,0,0,1039,0,19243,0,0,0,20282,null,null,null,null,"",1]
[null,null,null,null,null,null,null,0,0,0,0,0,0,0,0,0,null,null,null,null,"",1]
["TCA12400010S",null,null,null,"경질비닐PVC전선관-콘크리트 노출 및 블록 칸막이 벽내","HI, 28mm","M",0,0,0,0,0,0,0,0,0,null,null,null,null,"",1]
["TCA12400010S","자재","3913170610034967",null,"경질비닐전선관","경질비닐전선관, HI, 28mm","m",1,700,700,0,0,0,0,700,700,null,null,"N","N","",1]
["TCA12400010S","자재","3913170610034967",null,"경질비닐전선관","경질비닐전선관, HI, 28mm","m",0.1,700,70,0,0,0,0,700,70,null,null,"N","N","",1]
["TCA12400010S","손료","RENT000000000001",null,"전선관부속품비","전선관의 20%","식",1,140,140,0,0,0,0,140,140,null,null,"N","N",20,1]
["TCA12400010S","손료","RENT000000000002",null,"잡재료비","배관배선의 2%","식",1,14,14,0,0,0,0,14,14,null,null,"N","N",2,1]
["TCA12400010S","노무","L001010101000086",null,"통신내선공","일반공사 직종","인",9.6000000000000002E-2,0,0,267277,25658.5,0,0,267277,25658.5,null,null,"N","N","",1]
["TCA12400010S","손료","RENT000000000003",null,"공구손료","인력품의 3%","식",1,769.7,769.7,0,0,0,0,769.7,769.7,null,null,"N","N",3,1]
[null,null,null,null,"[합 계]",null,null,0,0,1693,0,25658,0,0,0,27351,null,null,null,null,"",1]
[null,null,null,null,null,null,null,0,0,0,0,0,0,0,0,0,null,null,null,null,"",1]
["TCA12500010S",null,null,null,"경질비닐PVC전선관-콘크리트 노출 및 블록 칸막이 벽내","HI, 36mm","M",0,0,0,0,0,0,0,0,0,null,null,null,null,"",1]
["TCA12500010S","자재","3913170610034968",null,"경질비닐전선관","경질비닐전선관, HI 36 mm","m",1,1007,1007,0,0,0,0,1007,1007,null,null,"N","N","",1]
["TCA12500010S","자재","3913170610034968",null,"경질비닐전선관","경질비닐전선관, HI 36 mm","m",0.1,1007,100.7,0,0,0,0,1007,100.7,null,null,"N","N","",1]
["TCA12500010S","손료","RENT000000000001",null,"전선관부속품비","전선관의 20%","식",1,201.4,201.4,0,0,0,0,201.4,201.4,null,null,"N","N",20,1]
["TCA12500010S","손료","RENT000000000002",null,"잡재료비","배관배선의 2%","식",1,20.100000000000001,20.100000000000001,0,0,0,0,20.100000000000001,20.100000000000001,null,null,"N","N",2,1]
["TCA12500010S","노무","L001010101000086",null,"통신내선공","일반공사 직종","인",0.12,0,0,267277,32073.200000000001,0,0,267277,32073.200000000001,null,null,"N","N","",1]
["TCA12500010S","손료","RENT000000000003",null,"공구손료","인력품의 3%","식",1,962.1,962.1,0,0,0,0,962.1,962.1,null,null,"N","N",3,1]
[null,null,null,null,"[합 계]",null,null,0,0,2291,0,32073,0,0,0,34364,null,null,null,null,"",1]
[null,null,null,null,null,null,null,0,0,0,0,0,0,0,0,0,null,null,null,null,"",1]
["TCA12600010S",null,null,null,"경질비닐PVC전선관-콘크리트 노출 및 블록 칸막이 벽내","HI, 42mm","M",0,0,0,0,0,0,0,0,0,null,null,null,null,"",1]
["TCA12600010S","자재","3913170610034969",null,"경질비닐전선관","경질비닐전선관, HI, 42mm","m",1,1245,1245,0,0,0,0,1245,1245,null,null,"N","N","",1]
["TCA12600010S","자재","3913170610034969",null,"경질비닐전선관","경질비닐전선관, HI, 42mm","m",0.1,1245,124.5,0,0,0,0,1245,124.5,null,null,"N","N","",1]
["TCA12600010S","손료","RENT000000000001",null,"전선관부속품비","전선관의 20%","식",1,249,249,0,0,0,0,249,249,null,null,"N","N",20,1]
["TCA12600010S","손료","RENT000000000002",null,"잡재료비","배관배선의 2%","식",1,24.9,24.9,0,0,0,0,24.9,24.9,null,null,"N","N",2,1]
["TCA12600010S","노무","L001010101000086",null,"통신내선공","일반공사 직종","인",0.156,0,0,267277,41695.199999999997,0,0,267277,41695.199999999997,null,null,"N","N","",1]
["TCA12600010S","손료","RENT000000000003",null,"공구손료","인력품의 3%","식",1,1250.8,1250.8,0,0,0,0,1250.8,1250.8,null,null,"N","N",3,1]
[null,null,null,null,"[합 계]",null,null,0,0,2894,0,41695,0,0,0,44589,null,null,null,null,"",1]
[null,null,null,null,null,null,null,0,0,0,0,0,0,0,0,0,null,null,null,null,"",1]
["TCA12700010S",null,null,null,"경질비닐PVC전선관-콘크리트 노출 및 블록 칸막이 벽내","HI, 54mm","M",0,0,0,0,0,0,0,0,0,null,null,null,null,"",1]
["TCA12700010S","자재","3913170610034970",null,"경질비닐전선관","경질비닐전선관, HI 54 mm","m",1,1852,1852,0,0,0,0,1852,1852,null,null,"N","N","",1]
["TCA12700010S","자재","3913170610034970",null,"경질비닐전선관","경질비닐전선관, HI 54 mm","m",0.1,1852,185.2,0,0,0,0,1852,185.2,null,null,"N","N","",1]
["TCA12700010S","손료","RENT000000000001",null,"전선관부속품비","전선관의 20%","식",1,370.4,370.4,0,0,0,0,370.4,370.4,null,null,"N","N",20,1]
["TCA12700010S","손료","RENT000000000002",null,"잡재료비","배관배선의 2%","식",1,37,37,0,0,0,0,37,37,null,null,"N","N",2,1]
["TCA12700010S","노무","L001010101000086",null,"통신내선공","일반공사 직종","인",0.22800000000000001,0,0,267277,60939.1,0,0,267277,60939.1,null,null,"N","N","",1]
["TCA12700010S","손료","RENT000000000003",null,"공구손료","인력품의 3%","식",1,1828.1,1828.1,0,0,0,0,1828.1,1828.1,null,null,"N","N",3,1]
[null,null,null,null,"[합 계]",null,null,0,0,4272,0,60939,0,0,0,65211,null,null,null,null,"",1]
[null,null,null,null,null,null,null,0,0,0,0,0,0,0,0,0,null,null,null,null,"",1]
["TCA12800010S",null,null,null,"경질비닐PVC전선관-콘크리트 노출 및 블록 칸막이 벽내","HI, 70mm","M",0,0,0,0,0,0,0,0,0,null,null,null,null,"",1]
["TCA12800010S","자재","3913170610034971",null,"경질비닐전선관","경질비닐전선관, HI 70 mm","m",1,2389,2389,0,0,0,0,2389,2389,null,null,"N","N","",1]
["TCA12800010S","자재","3913170610034971",null,"경질비닐전선관","경질비닐전선관, HI 70 mm","m",0.1,2389,238.9,0,0,0,0,2389,238.9,null,null,"N","N","",1]
["TCA12800010S","손료","RENT000000000001",null,"전선관부속품비","전선관의 20%","식",1,477.8,477.8,0,0,0,0,477.8,477.8,null,null,"N","N",20,1]
["TCA12800010S","손료","RENT000000000002",null,"잡재료비","배관배선의 2%","식",1,47.7,47.7,0,0,0,0,47.7,47.7,null,null,"N","N",2,1]
["TCA12800010S","노무","L001010101000086",null,"통신내선공","일반공사 직종","인",0.33600000000000002,0,0,267277,89805,0,0,267277,89805,null,null,"N","N","",1]
["TCA12800010S","손료","RENT000000000003",null,"공구손료","인력품의 3%","식",1,2694.1,2694.1,0,0,0,0,2694.1,2694.1,null,null,"N","N",3,1]
[null,null,null,null,"[합 계]",null,null,0,0,5847,0,89805,0,0,0,95652,null,null,null,null,"",1]
[null,null,null,null,null,null,null,0,0,0,0,0,0,0,0,0,null,null,null,null,"",1]
["TCA12900010S",null,null,null,"경질비닐PVC전선관-콘크리트 노출 및 블록 칸막이 벽내","HI, 82mm","M",0,0,0,0,0,0,0,0,0,null,null,null,null,"",1]
["TCA12900010S","자재","3913170610034972",null,"경질비닐전선관","경질비닐전선관, HI, 82mm","m",1,3647,3647,0,0,0,0,3647,3647,null,null,"N","N","",1]
["TCA12900010S","자재","3913170610034972",null,"경질비닐전선관","경질비닐전선관, HI, 82mm","m",0.1,3647,364.7,0,0,0,0,3647,364.7,null,null,"N","N","",1]
["TCA12900010S","손료","RENT000000000001",null,"전선관부속품비","전선관의 20%","식",1,729.4,729.4,0,0,0,0,729.4,729.4,null,null,"N","N",20,1]
["TCA12900010S","손료","RENT000000000002",null,"잡재료비","배관배선의 2%","식",1,72.900000000000006,72.900000000000006,0,0,0,0,72.900000000000006,72.900000000000006,null,null,"N","N",2,1]
["TCA12900010S","노무","L001010101000086",null,"통신내선공","일반공사 직종","인",0.44400000000000001,0,0,267277,118670.9,0,0,267277,118670.9,null,null,"N","N","",1]
["TCA12900010S","손료","RENT000000000003",null,"공구손료","인력품의 3%","식",1,3560.1,3560.1,0,0,0,0,3560.1,3560.1,null,null,"N","N",3,1]
[null,null,null,null,"[합 계]",null,null,0,0,8374,0,118670,0,0,0,127044,null,null,null,null,"",1]
[null,null,null,null,null,null,null,0,0,0,0,0,0,0,0,0,null,null,null,null,"",1]
["TCA12C00010S",null,null,null,"경질비닐PVC전선관-콘크리트 노출 및 블록 칸막이 벽내","HI, 104mm","M",0,0,0,0,0,0,0,0,0,null,null,null,null,"",1]
["TCA12C00010S","자재","3913170610034973",null,"경질비닐전선관","경질비닐전선관, HI, 100mm","m",1,4107,4107,0,0,0,0,4107,4107,null,null,"N","N","",1]
["TCA12C00010S","자재","3913170610034973",null,"경질비닐전선관","경질비닐전선관, HI, 100mm","m",0.1,4107,410.7,0,0,0,0,4107,410.7,null,null,"N","N","",1]
["TCA12C00010S","손료","RENT000000000001",null,"전선관부속품비","전선관의 20%","식",1,821.4,821.4,0,0,0,0,821.4,821.4,null,null,"N","N",20,1]
["TCA12C00010S","손료","RENT000000000002",null,"잡재료비","배관배선의 2%","식",1,82.1,82.1,0,0,0,0,82.1,82.1,null,null,"N","N",2,1]
["TCA12C00010S","노무","L001010101000086",null,"통신내선공","일반공사 직종","인",0.55200000000000005,0,0,267277,147536.9,0,0,267277,147536.9,null,null,"N","N","",1]
["TCA12C00010S","손료","RENT000000000003",null,"공구손료","인력품의 3%","식",1,4426.1000000000004,4426.1000000000004,0,0,0,0,4426.1000000000004,4426.1000000000004,null,null,"N","N",3,1]
[null,null,null,null,"[합 계]",null,null,0,0,9847,0,147536,0,0,0,157383,null,null,null,null,"",1]
[null,null,null,null,null,null,null,0,0,0,0,0,0,0,0,0,null,null,null,null,"",1]
["TCA13100010S",null,null,null,"경질비닐PVC전선관-철강조 노출","HI, 14mm","M",0,0,0,0,0,0,0,0,0,null,null,null,null,"",1]
["TCA13100010S","자재","3913170610034964",null,"경질비닐전선관","경질비닐전선관, HI, 14mm","m",1,0,0,0,0,0,0,0,0,null,null,"N","N","",1]
["TCA13100010S","자재","3913170610034964",null,"경질비닐전선관","경질비닐전선관, HI, 14mm","m",0.1,0,0,0,0,0,0,0,0,null,null,"N","N","",1]
["TCA13100010S","손료","RENT000000000001",null,"전선관부속품비","전선관의 20%","식",1,0,0,0,0,0,0,0,0,null,null,"N","N",20,1]
["TCA13100010S","손료","RENT000000000002",null,"잡재료비","배관배선의 2%","식",1,0,0,0,0,0,0,0,0,null,null,"N","N",2,1]
["TCA13100010S","노무","L001010101000086",null,"통신내선공","일반공사 직종","인",0.05,0,0,267277,13363.8,0,0,267277,13363.8,null,null,"N","N","",1]
["TCA13100010S","손료","RENT000000000003",null,"공구손료","인력품의 3%","식",1,400.9,400.9,0,0,0,0,400.9,400.9,null,null,"N","N",3,1]
[null,null,null,null,"[합 계]",null,null,0,0,400,0,13363,0,0,0,13763,null,null,null,null,"",1]
[null,null,null,null,null,null,null,0,0,0,0,0,0,0,0,0,null,null,null,null,"",1]
["TCA13200010S",null,null,null,"경질비닐PVC전선관-철강조 노출","HI, 16mm","M",0,0,0,0,0,0,0,0,0,null,null,null,null,"",1]
["TCA13200010S","자재","3913170610034965",null,"경질비닐전선관","경질비닐전선관, HI 16 mm","m",1,294,294,0,0,0,0,294,294,null,null,"N","N","",1]
["TCA13200010S","자재","3913170610034965",null,"경질비닐전선관","경질비닐전선관, HI 16 mm","m",0.1,294,29.4,0,0,0,0,294,29.4,null,null,"N","N","",1]
["TCA13200010S","손료","RENT000000000001",null,"전선관부속품비","전선관의 20%","식",1,58.8,58.8,0,0,0,0,58.8,58.8,null,null,"N","N",20,1]
["TCA13200010S","손료","RENT000000000002",null,"잡재료비","배관배선의 2%","식",1,5.8,5.8,0,0,0,0,5.8,5.8,null,null,"N","N",2,1]
["TCA13200010S","노무","L001010101000086",null,"통신내선공","일반공사 직종","인",6.25E-2,0,0,267277,16704.8,0,0,267277,16704.8,null,null,"N","N","",1]
["TCA13200010S","손료","RENT000000000003",null,"공구손료","인력품의 3%","식",1,501.1,501.1,0,0,0,0,501.1,501.1,null,null,"N","N",3,1]
[null,null,null,null,"[합 계]",null,null,0,0,889,0,16704,0,0,0,17593,null,null,null,null,"",1]
[null,null,null,null,null,null,null,0,0,0,0,0,0,0,0,0,null,null,null,null,"",1]
["TCA13300010S",null,null,null,"경질비닐PVC전선관-철강조 노출","HI, 22mm","M",0,0,0,0,0,0,0,0,0,null,null,null,null,"",1]
["TCA13300010S","자재","3913170610034966",null,"경질비닐전선관","경질비닐전선관, HI, 22mm","m",1,350,350,0,0,0,0,350,350,null,null,"N","N","",1]
["TCA13300010S","자재","3913170610034966",null,"경질비닐전선관","경질비닐전선관, HI, 22mm","m",0.1,350,35,0,0,0,0,350,35,null,null,"N","N","",1]
["TCA13300010S","손료","RENT000000000001",null,"전선관부속품비","전선관의 20%","식",1,70,70,0,0,0,0,70,70,null,null,"N","N",20,1]
["TCA13300010S","손료","RENT000000000002",null,"잡재료비","배관배선의 2%","식",1,7,7,0,0,0,0,7,7,null,null,"N","N",2,1]
["TCA13300010S","노무","L001010101000086",null,"통신내선공","일반공사 직종","인",7.4999999999999997E-2,0,0,267277,20045.7,0,0,267277,20045.7,null,null,"N","N","",1]
["TCA13300010S","손료","RENT000000000003",null,"공구손료","인력품의 3%","식",1,601.29999999999995,601.29999999999995,0,0,0,0,601.29999999999995,601.29999999999995,null,null,"N","N",3,1]
[null,null,null,null,"[합 계]",null,null,0,0,1063,0,20045,0,0,0,21108,null,null,null,null,"",1]
[null,null,null,null,null,null,null,0,0,0,0,0,0,0,0,0,null,null,null,null,"",1]
["TCA13400010S",null,null,null,"경질비닐PVC전선관-철강조 노출","HI, 28mm","M",0,0,0,0,0,0,0,0,0,null,null,null,null,"",1]
["TCA13400010S","자재","3913170610034967",null,"경질비닐전선관","경질비닐전선관, HI, 28mm","m",1,700,700,0,0,0,0,700,700,null,null,"N","N","",1]
["TCA13400010S","자재","3913170610034967",null,"경질비닐전선관","경질비닐전선관, HI, 28mm","m",0.1,700,70,0,0,0,0,700,70,null,null,"N","N","",1]
["TCA13400010S","손료","RENT000000000001",null,"전선관부속품비","전선관의 20%","식",1,140,140,0,0,0,0,140,140,null,null,"N","N",20,1]
["TCA13400010S","손료","RENT000000000002",null,"잡재료비","배관배선의 2%","식",1,14,14,0,0,0,0,14,14,null,null,"N","N",2,1]
["TCA13400010S","노무","L001010101000086",null,"통신내선공","일반공사 직종","인",0.1,0,0,267277,26727.7,0,0,267277,26727.7,null,null,"N","N","",1]
["TCA13400010S","손료","RENT000000000003",null,"공구손료","인력품의 3%","식",1,801.8,801.8,0,0,0,0,801.8,801.8,null,null,"N","N",3,1]
[null,null,null,null,"[합 계]",null,null,0,0,1725,0,26727,0,0,0,28452,null,null,null,null,"",1]
[null,null,null,null,null,null,null,0,0,0,0,0,0,0,0,0,null,null,null,null,"",1]
["TCA13500010S",null,null,null,"경질비닐PVC전선관-철강조 노출","HI, 36mm","M",0,0,0,0,0,0,0,0,0,null,null,null,null,"",1]
["TCA13500010S","자재","3913170610034968",null,"경질비닐전선관","경질비닐전선관, HI 36 mm","m",1,1007,1007,0,0,0,0,1007,1007,null,null,"N","N","",1]
["TCA13500010S","자재","3913170610034968",null,"경질비닐전선관","경질비닐전선관, HI 36 mm","m",0.1,1007,100.7,0,0,0,0,1007,100.7,null,null,"N","N","",1]
["TCA13500010S","손료","RENT000000000001",null,"전선관부속품비","전선관의 20%","식",1,201.4,201.4,0,0,0,0,201.4,201.4,null,null,"N","N",20,1]
["TCA13500010S","손료","RENT000000000002",null,"잡재료비","배관배선의 2%","식",1,20.100000000000001,20.100000000000001,0,0,0,0,20.100000000000001,20.100000000000001,null,null,"N","N",2,1]
["TCA13500010S","노무","L001010101000086",null,"통신내선공","일반공사 직종","인",0.125,0,0,267277,33409.599999999999,0,0,267277,33409.599999999999,null,null,"N","N","",1]
["TCA13500010S","손료","RENT000000000003",null,"공구손료","인력품의 3%","식",1,1002.2,1002.2,0,0,0,0,1002.2,1002.2,null,null,"N","N",3,1]
[null,null,null,null,"[합 계]",null,null,0,0,2331,0,33409,0,0,0,35740,null,null,null,null,"",1]
[null,null,null,null,null,null,null,0,0,0,0,0,0,0,0,0,null,null,null,null,"",1]
["TCA13600010S",null,null,null,"경질비닐PVC전선관-철강조 노출","HI, 42mm","M",0,0,0,0,0,0,0,0,0,null,null,null,null,"",1]
["TCA13600010S","자재","3913170610034969",null,"경질비닐전선관","경질비닐전선관, HI, 42mm","m",1,1245,1245,0,0,0,0,1245,1245,null,null,"N","N","",1]
["TCA13600010S","자재","3913170610034969",null,"경질비닐전선관","경질비닐전선관, HI, 42mm","m",0.1,1245,124.5,0,0,0,0,1245,124.5,null,null,"N","N","",1]
["TCA13600010S","손료","RENT000000000001",null,"전선관부속품비","전선관의 20%","식",1,249,249,0,0,0,0,249,249,null,null,"N","N",20,1]
["TCA13600010S","손료","RENT000000000002",null,"잡재료비","배관배선의 2%","식",1,24.9,24.9,0,0,0,0,24.9,24.9,null,null,"N","N",2,1]
["TCA13600010S","노무","L001010101000086",null,"통신내선공","일반공사 직종","인",0.16250000000000001,0,0,267277,43432.5,0,0,267277,43432.5,null,null,"N","N","",1]
["TCA13600010S","손료","RENT000000000003",null,"공구손료","인력품의 3%","식",1,1302.9000000000001,1302.9000000000001,0,0,0,0,1302.9000000000001,1302.9000000000001,null,null,"N","N",3,1]
[null,null,null,null,"[합 계]",null,null,0,0,2946,0,43432,0,0,0,46378,null,null,null,null,"",1]
[null,null,null,null,null,null,null,0,0,0,0,0,0,0,0,0,null,null,null,null,"",1]
["TCA13700010S",null,null,null,"경질비닐PVC전선관-철강조 노출","HI, 54mm","M",0,0,0,0,0,0,0,0,0,null,null,null,null,"",1]
["TCA13700010S","자재","3913170610034970",null,"경질비닐전선관","경질비닐전선관, HI 54 mm","m",1,1852,1852,0,0,0,0,1852,1852,null,null,"N","N","",1]
["TCA13700010S","자재","3913170610034970",null,"경질비닐전선관","경질비닐전선관, HI 54 mm","m",0.1,1852,185.2,0,0,0,0,1852,185.2,null,null,"N","N","",1]
["TCA13700010S","손료","RENT000000000001",null,"전선관부속품비","전선관의 20%","식",1,370.4,370.4,0,0,0,0,370.4,370.4,null,null,"N","N",20,1]
["TCA13700010S","손료","RENT000000000002",null,"잡재료비","배관배선의 2%","식",1,37,37,0,0,0,0,37,37,null,null,"N","N",2,1]
["TCA13700010S","노무","L001010101000086",null,"통신내선공","일반공사 직종","인",0.23749999999999999,0,0,267277,63478.2,0,0,267277,63478.2,null,null,"N","N","",1]
["TCA13700010S","손료","RENT000000000003",null,"공구손료","인력품의 3%","식",1,1904.3,1904.3,0,0,0,0,1904.3,1904.3,null,null,"N","N",3,1]
[null,null,null,null,"[합 계]",null,null,0,0,4348,0,63478,0,0,0,67826,null,null,null,null,"",1]
[null,null,null,null,null,null,null,0,0,0,0,0,0,0,0,0,null,null,null,null,"",1]
["TCA13800010S",null,null,null,"경질비닐PVC전선관-철강조 노출","HI, 70mm","M",0,0,0,0,0,0,0,0,0,null,null,null,null,"",1]
["TCA13800010S","자재","3913170610034971",null,"경질비닐전선관","경질비닐전선관, HI 70 mm","m",1,2389,2389,0,0,0,0,2389,2389,null,null,"N","N","",1]
["TCA13800010S","자재","3913170610034971",null,"경질비닐전선관","경질비닐전선관, HI 70 mm","m",0.1,2389,238.9,0,0,0,0,2389,238.9,null,null,"N","N","",1]
["TCA13800010S","손료","RENT000000000001",null,"전선관부속품비","전선관의 20%","식",1,477.8,477.8,0,0,0,0,477.8,477.8,null,null,"N","N",20,1]
["TCA13800010S","손료","RENT000000000002",null,"잡재료비","배관배선의 2%","식",1,47.7,47.7,0,0,0,0,47.7,47.7,null,null,"N","N",2,1]
["TCA13800010S","노무","L001010101000086",null,"통신내선공","일반공사 직종","인",0.35,0,0,267277,93546.9,0,0,267277,93546.9,null,null,"N","N","",1]
["TCA13800010S","손료","RENT000000000003",null,"공구손료","인력품의 3%","식",1,2806.4,2806.4,0,0,0,0,2806.4,2806.4,null,null,"N","N",3,1]
[null,null,null,null,"[합 계]",null,null,0,0,5959,0,93546,0,0,0,99505,null,null,null,null,"",1]
[null,null,null,null,null,null,null,0,0,0,0,0,0,0,0,0,null,null,null,null,"",1]
["TCA13900010S",null,null,null,"경질비닐PVC전선관-철강조 노출","HI, 82mm","M",0,0,0,0,0,0,0,0,0,null,null,null,null,"",1]
["TCA13900010S","자재","3913170610034972",null,"경질비닐전선관","경질비닐전선관, HI, 82mm","m",1,3647,3647,0,0,0,0,3647,3647,null,null,"N","N","",1]
["TCA13900010S","자재","3913170610034972",null,"경질비닐전선관","경질비닐전선관, HI, 82mm","m",0.1,3647,364.7,0,0,0,0,3647,364.7,null,null,"N","N","",1]
["TCA13900010S","손료","RENT000000000001",null,"전선관부속품비","전선관의 20%","식",1,729.4,729.4,0,0,0,0,729.4,729.4,null,null,"N","N",20,1]
["TCA13900010S","손료","RENT000000000002",null,"잡재료비","배관배선의 2%","식",1,72.900000000000006,72.900000000000006,0,0,0,0,72.900000000000006,72.900000000000006,null,null,"N","N",2,1]
["TCA13900010S","노무","L001010101000086",null,"통신내선공","일반공사 직종","인",0.46250000000000002,0,0,267277,123615.6,0,0,267277,123615.6,null,null,"N","N","",1]
["TCA13900010S","손료","RENT000000000003",null,"공구손료","인력품의 3%","식",1,3708.4,3708.4,0,0,0,0,3708.4,3708.4,null,null,"N","N",3,1]
[null,null,null,null,"[합 계]",null,null,0,0,8522,0,123615,0,0,0,132137,null,null,null,null,"",1]
[null,null,null,null,null,null,null,0,0,0,0,0,0,0,0,0,null,null,null,null,"",1]
["TCA13C00010S",null,null,null,"경질비닐PVC전선관-철강조 노출","HI, 104mm","M",0,0,0,0,0,0,0,0,0,null,null,null,null,"",1]
["TCA13C00010S","자재","3913170610034973",null,"경질비닐전선관","경질비닐전선관, HI, 100mm","m",1,4107,4107,0,0,0,0,4107,4107,null,null,"N","N","",1]
["TCA13C00010S","자재","3913170610034973",null,"경질비닐전선관","경질비닐전선관, HI, 100mm","m",0.1,4107,410.7,0,0,0,0,4107,410.7,null,null,"N","N","",1]
["TCA13C00010S","손료","RENT000000000001",null,"전선관부속품비","전선관의 20%","식",1,821.4,821.4,0,0,0,0,821.4,821.4,null,null,"N","N",20,1]
["TCA13C00010S","손료","RENT000000000002",null,"잡재료비","배관배선의 2%","식",1,82.1,82.1,0,0,0,0,82.1,82.1,null,null,"N","N",2,1]
["TCA13C00010S","노무","L001010101000086",null,"통신내선공","일반공사 직종","인",0.57499999999999996,0,0,267277,153684.20000000001,0,0,267277,153684.20000000001,null,null,"N","N","",1]
["TCA13C00010S","손료","RENT000000000003",null,"공구손료","인력품의 3%","식",1,4610.5,4610.5,0,0,0,0,4610.5,4610.5,null,null,"N","N",3,1]
[null,null,null,null,"[합 계]",null,null,0,0,10031,0,153684,0,0,0,163715,null,null,null,null,"",1]
[null,null,null,null,null,null,null,0,0,0,0,0,0,0,0,0,null,null,null,null,"",1]
["TCA14100010S",null,null,null,"경질비닐PVC전선관-천장속, 마루밑","HI, 14mm","M",0,0,0,0,0,0,0,0,0,null,null,null,null,"",1]
["TCA14100010S","자재","3913170610034964",null,"경질비닐전선관","경질비닐전선관, HI, 14mm","m",1,0,0,0,0,0,0,0,0,null,null,"N","N","",1]
["TCA14100010S","자재","3913170610034964",null,"경질비닐전선관","경질비닐전선관, HI, 14mm","m",0.1,0,0,0,0,0,0,0,0,null,null,"N","N","",1]
["TCA14100010S","손료","RENT000000000001",null,"전선관부속품비","전선관의 20%","식",1,0,0,0,0,0,0,0,0,null,null,"N","N",20,1]
["TCA14100010S","손료","RENT000000000002",null,"잡재료비","배관배선의 2%","식",1,0,0,0,0,0,0,0,0,null,null,"N","N",2,1]
["TCA14100010S","노무","L001010101000086",null,"통신내선공","일반공사 직종","인",5.1999999999999998E-2,0,0,267277,13898.4,0,0,267277,13898.4,null,null,"N","N","",1]
["TCA14100010S","손료","RENT000000000003",null,"공구손료","인력품의 3%","식",1,416.9,416.9,0,0,0,0,416.9,416.9,null,null,"N","N",3,1]
[null,null,null,null,"[합 계]",null,null,0,0,416,0,13898,0,0,0,14314,null,null,null,null,"",1]
[null,null,null,null,null,null,null,0,0,0,0,0,0,0,0,0,null,null,null,null,"",1]
["TCA14200010S",null,null,null,"경질비닐PVC전선관-천장속, 마루밑","HI, 16mm","M",0,0,0,0,0,0,0,0,0,null,null,null,null,"",1]
["TCA14200010S","자재","3913170610034965",null,"경질비닐전선관","경질비닐전선관, HI 16 mm","m",1,294,294,0,0,0,0,294,294,null,null,"N","N","",1]
["TCA14200010S","자재","3913170610034965",null,"경질비닐전선관","경질비닐전선관, HI 16 mm","m",0.1,294,29.4,0,0,0,0,294,29.4,null,null,"N","N","",1]
["TCA14200010S","손료","RENT000000000001",null,"전선관부속품비","전선관의 20%","식",1,58.8,58.8,0,0,0,0,58.8,58.8,null,null,"N","N",20,1]
["TCA14200010S","손료","RENT000000000002",null,"잡재료비","배관배선의 2%","식",1,5.8,5.8,0,0,0,0,5.8,5.8,null,null,"N","N",2,1]
["TCA14200010S","노무","L001010101000086",null,"통신내선공","일반공사 직종","인",6.5000000000000002E-2,0,0,267277,17373,0,0,267277,17373,null,null,"N","N","",1]
["TCA14200010S","손료","RENT000000000003",null,"공구손료","인력품의 3%","식",1,521.1,521.1,0,0,0,0,521.1,521.1,null,null,"N","N",3,1]
[null,null,null,null,"[합 계]",null,null,0,0,909,0,17373,0,0,0,18282,null,null,null,null,"",1]
[null,null,null,null,null,null,null,0,0,0,0,0,0,0,0,0,null,null,null,null,"",1]
["TCA14300010S",null,null,null,"경질비닐PVC전선관-천장속, 마루밑","HI, 22mm","M",0,0,0,0,0,0,0,0,0,null,null,null,null,"",1]
["TCA14300010S","자재","3913170610034966",null,"경질비닐전선관","경질비닐전선관, HI, 22mm","m",1,350,350,0,0,0,0,350,350,null,null,"N","N","",1]
["TCA14300010S","자재","3913170610034966",null,"경질비닐전선관","경질비닐전선관, HI, 22mm","m",0.1,350,35,0,0,0,0,350,35,null,null,"N","N","",1]
["TCA14300010S","손료","RENT000000000001",null,"전선관부속품비","전선관의 20%","식",1,70,70,0,0,0,0,70,70,null,null,"N","N",20,1]
["TCA14300010S","손료","RENT000000000002",null,"잡재료비","배관배선의 2%","식",1,7,7,0,0,0,0,7,7,null,null,"N","N",2,1]
["TCA14300010S","노무","L001010101000086",null,"통신내선공","일반공사 직종","인",7.8E-2,0,0,267277,20847.599999999999,0,0,267277,20847.599999999999,null,null,"N","N","",1]
["TCA14300010S","손료","RENT000000000003",null,"공구손료","인력품의 3%","식",1,625.4,625.4,0,0,0,0,625.4,625.4,null,null,"N","N",3,1]
[null,null,null,null,"[합 계]",null,null,0,0,1087,0,20847,0,0,0,21934,null,null,null,null,"",1]
[null,null,null,null,null,null,null,0,0,0,0,0,0,0,0,0,null,null,null,null,"",1]
["TCA14400010S",null,null,null,"경질비닐PVC전선관-천장속, 마루밑","HI, 28mm","M",0,0,0,0,0,0,0,0,0,null,null,null,null,"",1]
["TCA14400010S","자재","3913170610034967",null,"경질비닐전선관","경질비닐전선관, HI, 28mm","m",1,700,700,0,0,0,0,700,700,null,null,"N","N","",1]
["TCA14400010S","자재","3913170610034967",null,"경질비닐전선관","경질비닐전선관, HI, 28mm","m",0.1,700,70,0,0,0,0,700,70,null,null,"N","N","",1]
["TCA14400010S","손료","RENT000000000001",null,"전선관부속품비","전선관의 20%","식",1,140,140,0,0,0,0,140,140,null,null,"N","N",20,1]
["TCA14400010S","손료","RENT000000000002",null,"잡재료비","배관배선의 2%","식",1,14,14,0,0,0,0,14,14,null,null,"N","N",2,1]
["TCA14400010S","노무","L001010101000086",null,"통신내선공","일반공사 직종","인",0.104,0,0,267277,27796.799999999999,0,0,267277,27796.799999999999,null,null,"N","N","",1]
["TCA14400010S","손료","RENT000000000003",null,"공구손료","인력품의 3%","식",1,833.9,833.9,0,0,0,0,833.9,833.9,null,null,"N","N",3,1]
[null,null,null,null,"[합 계]",null,null,0,0,1757,0,27796,0,0,0,29553,null,null,null,null,"",1]
[null,null,null,null,null,null,null,0,0,0,0,0,0,0,0,0,null,null,null,null,"",1]
["TCA14500010S",null,null,null,"경질비닐PVC전선관-천장속, 마루밑","HI, 36mm","M",0,0,0,0,0,0,0,0,0,null,null,null,null,"",1]
["TCA14500010S","자재","3913170610034968",null,"경질비닐전선관","경질비닐전선관, HI 36 mm","m",1,1007,1007,0,0,0,0,1007,1007,null,null,"N","N","",1]
["TCA14500010S","자재","3913170610034968",null,"경질비닐전선관","경질비닐전선관, HI 36 mm","m",0.1,1007,100.7,0,0,0,0,1007,100.7,null,null,"N","N","",1]
["TCA14500010S","손료","RENT000000000001",null,"전선관부속품비","전선관의 20%","식",1,201.4,201.4,0,0,0,0,201.4,201.4,null,null,"N","N",20,1]
["TCA14500010S","손료","RENT000000000002",null,"잡재료비","배관배선의 2%","식",1,20.100000000000001,20.100000000000001,0,0,0,0,20.100000000000001,20.100000000000001,null,null,"N","N",2,1]
["TCA14500010S","노무","L001010101000086",null,"통신내선공","일반공사 직종","인",0.13,0,0,267277,34746,0,0,267277,34746,null,null,"N","N","",1]
["TCA14500010S","손료","RENT000000000003",null,"공구손료","인력품의 3%","식",1,1042.3,1042.3,0,0,0,0,1042.3,1042.3,null,null,"N","N",3,1]
[null,null,null,null,"[합 계]",null,null,0,0,2371,0,34746,0,0,0,37117,null,null,null,null,"",1]
[null,null,null,null,null,null,null,0,0,0,0,0,0,0,0,0,null,null,null,null,"",1]
["TCA14600010S",null,null,null,"경질비닐PVC전선관-천장속, 마루밑","HI, 42mm","M",0,0,0,0,0,0,0,0,0,null,null,null,null,"",1]
["TCA14600010S","자재","3913170610034969",null,"경질비닐전선관","경질비닐전선관, HI, 42mm","m",1,1245,1245,0,0,0,0,1245,1245,null,null,"N","N","",1]
["TCA14600010S","자재","3913170610034969",null,"경질비닐전선관","경질비닐전선관, HI, 42mm","m",0.1,1245,124.5,0,0,0,0,1245,124.5,null,null,"N","N","",1]
["TCA14600010S","손료","RENT000000000001",null,"전선관부속품비","전선관의 20%","식",1,249,249,0,0,0,0,249,249,null,null,"N","N",20,1]
["TCA14600010S","손료","RENT000000000002",null,"잡재료비","배관배선의 2%","식",1,24.9,24.9,0,0,0,0,24.9,24.9,null,null,"N","N",2,1]
["TCA14600010S","노무","L001010101000086",null,"통신내선공","일반공사 직종","인",0.16900000000000001,0,0,267277,45169.8,0,0,267277,45169.8,null,null,"N","N","",1]
["TCA14600010S","손료","RENT000000000003",null,"공구손료","인력품의 3%","식",1,1355,1355,0,0,0,0,1355,1355,null,null,"N","N",3,1]
[null,null,null,null,"[합 계]",null,null,0,0,2998,0,45169,0,0,0,48167,null,null,null,null,"",1]
[null,null,null,null,null,null,null,0,0,0,0,0,0,0,0,0,null,null,null,null,"",1]
["TCA14700010S",null,null,null,"경질비닐PVC전선관-천장속, 마루밑","HI, 54mm","M",0,0,0,0,0,0,0,0,0,null,null,null,null,"",1]
["TCA14700010S","자재","3913170610034970",null,"경질비닐전선관","경질비닐전선관, HI 54 mm","m",1,1852,1852,0,0,0,0,1852,1852,null,null,"N","N","",1]
["TCA14700010S","자재","3913170610034970",null,"경질비닐전선관","경질비닐전선관, HI 54 mm","m",0.1,1852,185.2,0,0,0,0,1852,185.2,null,null,"N","N","",1]
["TCA14700010S","손료","RENT000000000001",null,"전선관부속품비","전선관의 20%","식",1,370.4,370.4,0,0,0,0,370.4,370.4,null,null,"N","N",20,1]
["TCA14700010S","손료","RENT000000000002",null,"잡재료비","배관배선의 2%","식",1,37,37,0,0,0,0,37,37,null,null,"N","N",2,1]
["TCA14700010S","노무","L001010101000086",null,"통신내선공","일반공사 직종","인",0.247,0,0,267277,66017.399999999994,0,0,267277,66017.399999999994,null,null,"N","N","",1]
["TCA14700010S","손료","RENT000000000003",null,"공구손료","인력품의 3%","식",1,1980.5,1980.5,0,0,0,0,1980.5,1980.5,null,null,"N","N",3,1]
[null,null,null,null,"[합 계]",null,null,0,0,4425,0,66017,0,0,0,70442,null,null,null,null,"",1]
[null,null,null,null,null,null,null,0,0,0,0,0,0,0,0,0,null,null,null,null,"",1]
["TCA14800010S",null,null,null,"경질비닐PVC전선관-천장속, 마루밑","HI, 70mm","M",0,0,0,0,0,0,0,0,0,null,null,null,null,"",1]
["TCA14800010S","자재","3913170610034971",null,"경질비닐전선관","경질비닐전선관, HI 70 mm","m",1,2389,2389,0,0,0,0,2389,2389,null,null,"N","N","",1]
["TCA14800010S","자재","3913170610034971",null,"경질비닐전선관","경질비닐전선관, HI 70 mm","m",0.1,2389,238.9,0,0,0,0,2389,238.9,null,null,"N","N","",1]
["TCA14800010S","손료","RENT000000000001",null,"전선관부속품비","전선관의 20%","식",1,477.8,477.8,0,0,0,0,477.8,477.8,null,null,"N","N",20,1]
["TCA14800010S","손료","RENT000000000002",null,"잡재료비","배관배선의 2%","식",1,47.7,47.7,0,0,0,0,47.7,47.7,null,null,"N","N",2,1]
["TCA14800010S","노무","L001010101000086",null,"통신내선공","일반공사 직종","인",0.36399999999999999,0,0,267277,97288.8,0,0,267277,97288.8,null,null,"N","N","",1]
["TCA14800010S","손료","RENT000000000003",null,"공구손료","인력품의 3%","식",1,2918.6,2918.6,0,0,0,0,2918.6,2918.6,null,null,"N","N",3,1]
[null,null,null,null,"[합 계]",null,null,0,0,6072,0,97288,0,0,0,103360,null,null,null,null,"",1]
[null,null,null,null,null,null,null,0,0,0,0,0,0,0,0,0,null,null,null,null,"",1]
["TCA14900010S",null,null,null,"경질비닐PVC전선관-천장속, 마루밑","HI, 82mm","M",0,0,0,0,0,0,0,0,0,null,null,null,null,"",1]
["TCA14900010S","자재","3913170610034972",null,"경질비닐전선관","경질비닐전선관, HI, 82mm","m",1,3647,3647,0,0,0,0,3647,3647,null,null,"N","N","",1]
["TCA14900010S","자재","3913170610034972",null,"경질비닐전선관","경질비닐전선관, HI, 82mm","m",0.1,3647,364.7,0,0,0,0,3647,364.7,null,null,"N","N","",1]
["TCA14900010S","손료","RENT000000000001",null,"전선관부속품비","전선관의 20%","식",1,729.4,729.4,0,0,0,0,729.4,729.4,null,null,"N","N",20,1]
["TCA14900010S","손료","RENT000000000002",null,"잡재료비","배관배선의 2%","식",1,72.900000000000006,72.900000000000006,0,0,0,0,72.900000000000006,72.900000000000006,null,null,"N","N",2,1]
["TCA14900010S","노무","L001010101000086",null,"통신내선공","일반공사 직종","인",0.48099999999999998,0,0,267277,128560.2,0,0,267277,128560.2,null,null,"N","N","",1]
["TCA14900010S","손료","RENT000000000003",null,"공구손료","인력품의 3%","식",1,3856.8,3856.8,0,0,0,0,3856.8,3856.8,null,null,"N","N",3,1]
[null,null,null,null,"[합 계]",null,null,0,0,8670,0,128560,0,0,0,137230,null,null,null,null,"",1]
[null,null,null,null,null,null,null,0,0,0,0,0,0,0,0,0,null,null,null,null,"",1]
["TCA14C00010S",null,null,null,"경질비닐PVC전선관-천장속, 마루밑","HI, 104mm","M",0,0,0,0,0,0,0,0,0,null,null,null,null,"",1]
["TCA14C00010S","자재","3913170610034973",null,"경질비닐전선관","경질비닐전선관, HI, 100mm","m",1,4107,4107,0,0,0,0,4107,4107,null,null,"N","N","",1]
["TCA14C00010S","자재","3913170610034973",null,"경질비닐전선관","경질비닐전선관, HI, 100mm","m",0.1,4107,410.7,0,0,0,0,4107,410.7,null,null,"N","N","",1]
["TCA14C00010S","손료","RENT000000000001",null,"전선관부속품비","전선관의 20%","식",1,821.4,821.4,0,0,0,0,821.4,821.4,null,null,"N","N",20,1]
["TCA14C00010S","손료","RENT000000000002",null,"잡재료비","배관배선의 2%","식",1,82.1,82.1,0,0,0,0,82.1,82.1,null,null,"N","N",2,1]
["TCA14C00010S","노무","L001010101000086",null,"통신내선공","일반공사 직종","인",0.59799999999999998,0,0,267277,159831.6,0,0,267277,159831.6,null,null,"N","N","",1]
["TCA14C00010S","손료","RENT000000000003",null,"공구손료","인력품의 3%","식",1,4794.8999999999996,4794.8999999999996,0,0,0,0,4794.8999999999996,4794.8999999999996,null,null,"N","N",3,1]
[null,null,null,null,"[합 계]",null,null,0,0,10216,0,159831,0,0,0,170047,null,null,null,null,"",1]
[null,null,null,null,null,null,null,0,0,0,0,0,0,0,0,0,null,null,null,null,"",1]
["TCA17200010S",null,null,null,"경질비닐PVC전선관-철거","16mm(30%)","M",0,0,0,0,0,0,0,0,0,null,null,null,null,"",1]
["TCA17200010S","노무","L001010101000086",null,"통신내선공","일반공사 직종","인",1.4999999999999999E-2,0,0,267277,4009.1,0,0,267277,4009.1,null,null,"N","N","",1]
["TCA17200010S","손료","RENT000000000003",null,"공구손료","노무비의 3%","식",1,120.2,120.2,0,0,0,0,120.2,120.2,null,null,"N","N",3,1]
[null,null,null,null,"[합 계]",null,null,0,0,120,0,4009,0,0,0,4129,null,null,null,null,"",1]
[null,null,null,null,null,null,null,0,0,0,0,0,0,0,0,0,null,null,null,null,"",1]
["TCA17200020S",null,null,null,"경질비닐PVC전선관-재사용철거","16mm(40%)","M",0,0,0,0,0,0,0,0,0,null,null,null,null,"",1]
["TCA17200020S","노무","L001010101000086",null,"통신내선공","일반공사 직종","인",0.02,0,0,267277,5345.5,0,0,267277,5345.5,null,null,"N","N","",1]
["TCA17200020S","손료","RENT000000000003",null,"공구손료","노무비의 3%","식",1,160.30000000000001,160.30000000000001,0,0,0,0,160.30000000000001,160.30000000000001,null,null,"N","N",3,1]
[null,null,null,null,"[합 계]",null,null,0,0,160,0,5345,0,0,0,5505,null,null,null,null,"",1]
[null,null,null,null,null,null,null,0,0,0,0,0,0,0,0,0,null,null,null,null,"",1]
["TCA17300010S",null,null,null,"경질비닐PVC전선관-철거","22mm(30%)","M",0,0,0,0,0,0,0,0,0,null,null,null,null,"",1]
["TCA17300010S","노무","L001010101000086",null,"통신내선공","일반공사 직종","인",1.7999999999999999E-2,0,0,267277,4810.8999999999996,0,0,267277,4810.8999999999996,null,null,"N","N","",1]
["TCA17300010S","손료","RENT000000000003",null,"공구손료","노무비의 3%","식",1,144.30000000000001,144.30000000000001,0,0,0,0,144.30000000000001,144.30000000000001,null,null,"N","N",3,1]
[null,null,null,null,"[합 계]",null,null,0,0,144,0,4810,0,0,0,4954,null,null,null,null,"",1]
[null,null,null,null,null,null,null,0,0,0,0,0,0,0,0,0,null,null,null,null,"",1]
["TCA17300020S",null,null,null,"경질비닐PVC전선관-재사용철거","22mm(40%)","M",0,0,0,0,0,0,0,0,0,null,null,null,null,"",1]
["TCA17300020S","노무","L001010101000086",null,"통신내선공","일반공사 직종","인",2.4E-2,0,0,267277,6414.6,0,0,267277,6414.6,null,null,"N","N","",1]
["TCA17300020S","손료","RENT000000000003",null,"공구손료","노무비의 3%","식",1,192.4,192.4,0,0,0,0,192.4,192.4,null,null,"N","N",3,1]
[null,null,null,null,"[합 계]",null,null,0,0,192,0,6414,0,0,0,6606,null,null,null,null,"",1]
[null,null,null,null,null,null,null,0,0,0,0,0,0,0,0,0,null,null,null,null,"",1]
["TCA17400010S",null,null,null,"경질비닐PVC전선관-철거","28mm(30%)","M",0,0,0,0,0,0,0,0,0,null,null,null,null,"",1]
["TCA17400010S","노무","L001010101000086",null,"통신내선공","일반공사 직종","인",2.4E-2,0,0,267277,6414.6,0,0,267277,6414.6,null,null,"N","N","",1]
["TCA17400010S","손료","RENT000000000003",null,"공구손료","노무비의 3%","식",1,192.4,192.4,0,0,0,0,192.4,192.4,null,null,"N","N",3,1]
[null,null,null,null,"[합 계]",null,null,0,0,192,0,6414,0,0,0,6606,null,null,null,null,"",1]
[null,null,null,null,null,null,null,0,0,0,0,0,0,0,0,0,null,null,null,null,"",1]
["TCA17400020S",null,null,null,"경질비닐PVC전선관-재사용철거","28mm(40%)","M",0,0,0,0,0,0,0,0,0,null,null,null,null,"",1]
["TCA17400020S","노무","L001010101000086",null,"통신내선공","일반공사 직종","인",3.2000000000000001E-2,0,0,267277,8552.7999999999993,0,0,267277,8552.7999999999993,null,null,"N","N","",1]
["TCA17400020S","손료","RENT000000000003",null,"공구손료","노무비의 3%","식",1,256.5,256.5,0,0,0,0,256.5,256.5,null,null,"N","N",3,1]
[null,null,null,null,"[합 계]",null,null,0,0,256,0,8552,0,0,0,8808,null,null,null,null,"",1]
[null,null,null,null,null,null,null,0,0,0,0,0,0,0,0,0,null,null,null,null,"",1]
["TCA17500010S",null,null,null,"경질비닐PVC전선관-철거","36mm(30%)","M",0,0,0,0,0,0,0,0,0,null,null,null,null,"",1]
["TCA17500010S","노무","L001010101000086",null,"통신내선공","일반공사 직종","인",0.03,0,0,267277,8018.3,0,0,267277,8018.3,null,null,"N","N","",1]
["TCA17500010S","손료","RENT000000000003",null,"공구손료","노무비의 3%","식",1,240.5,240.5,0,0,0,0,240.5,240.5,null,null,"N","N",3,1]
[null,null,null,null,"[합 계]",null,null,0,0,240,0,8018,0,0,0,8258,null,null,null,null,"",1]
[null,null,null,null,null,null,null,0,0,0,0,0,0,0,0,0,null,null,null,null,"",1]
["TCA17500020S",null,null,null,"경질비닐PVC전선관-재사용철거","36mm(40%)","M",0,0,0,0,0,0,0,0,0,null,null,null,null,"",1]
["TCA17500020S","노무","L001010101000086",null,"통신내선공","일반공사 직종","인",0.04,0,0,267277,10691,0,0,267277,10691,null,null,"N","N","",1]
["TCA17500020S","손료","RENT000000000003",null,"공구손료","노무비의 3%","식",1,320.7,320.7,0,0,0,0,320.7,320.7,null,null,"N","N",3,1]
[null,null,null,null,"[합 계]",null,null,0,0,320,0,10691,0,0,0,11011,null,null,null,null,"",1]
[null,null,null,null,null,null,null,0,0,0,0,0,0,0,0,0,null,null,null,null,"",1]
["TCA17600010S",null,null,null,"경질비닐PVC전선관-철거","42mm(30%)","M",0,0,0,0,0,0,0,0,0,null,null,null,null,"",1]
["TCA17600010S","노무","L001010101000086",null,"통신내선공","일반공사 직종","인",3.9E-2,0,0,267277,10423.799999999999,0,0,267277,10423.799999999999,null,null,"N","N","",1]
["TCA17600010S","손료","RENT000000000003",null,"공구손료","노무비의 3%","식",1,312.7,312.7,0,0,0,0,312.7,312.7,null,null,"N","N",3,1]
[null,null,null,null,"[합 계]",null,null,0,0,312,0,10423,0,0,0,10735,null,null,null,null,"",1]
[null,null,null,null,null,null,null,0,0,0,0,0,0,0,0,0,null,null,null,null,"",1]
["TCA17600020S",null,null,null,"경질비닐PVC전선관-재사용철거","42mm(40%)","M",0,0,0,0,0,0,0,0,0,null,null,null,null,"",1]
["TCA17600020S","노무","L001010101000086",null,"통신내선공","일반공사 직종","인",5.1999999999999998E-2,0,0,267277,13898.4,0,0,267277,13898.4,null,null,"N","N","",1]
["TCA17600020S","손료","RENT000000000003",null,"공구손료","노무비의 3%","식",1,416.9,416.9,0,0,0,0,416.9,416.9,null,null,"N","N",3,1]
[null,null,null,null,"[합 계]",null,null,0,0,416,0,13898,0,0,0,14314,null,null,null,null,"",1]
[null,null,null,null,null,null,null,0,0,0,0,0,0,0,0,0,null,null,null,null,"",1]
["TCA17700010S",null,null,null,"경질비닐PVC전선관-철거","54mm(30%)","M",0,0,0,0,0,0,0,0,0,null,null,null,null,"",1]
["TCA17700010S","노무","L001010101000086",null,"통신내선공","일반공사 직종","인",5.7000000000000002E-2,0,0,267277,15234.7,0,0,267277,15234.7,null,null,"N","N","",1]
["TCA17700010S","손료","RENT000000000003",null,"공구손료","노무비의 3%","식",1,457,457,0,0,0,0,457,457,null,null,"N","N",3,1]
[null,null,null,null,"[합 계]",null,null,0,0,457,0,15234,0,0,0,15691,null,null,null,null,"",1]
[null,null,null,null,null,null,null,0,0,0,0,0,0,0,0,0,null,null,null,null,"",1]
["TCA17700020S",null,null,null,"경질비닐PVC전선관-재사용철거","54mm(40%)","M",0,0,0,0,0,0,0,0,0,null,null,null,null,"",1]
["TCA17700020S","노무","L001010101000086",null,"통신내선공","일반공사 직종","인",7.5999999999999998E-2,0,0,267277,20313,0,0,267277,20313,null,null,"N","N","",1]
["TCA17700020S","손료","RENT000000000003",null,"공구손료","노무비의 3%","식",1,609.29999999999995,609.29999999999995,0,0,0,0,609.29999999999995,609.29999999999995,null,null,"N","N",3,1]
[null,null,null,null,"[합 계]",null,null,0,0,609,0,20313,0,0,0,20922,null,null,null,null,"",1]
[null,null,null,null,null,null,null,0,0,0,0,0,0,0,0,0,null,null,null,null,"",1]
["TCA17800010S",null,null,null,"경질비닐PVC전선관-철거","70mm(30%)","M",0,0,0,0,0,0,0,0,0,null,null,null,null,"",1]
["TCA17800010S","노무","L001010101000086",null,"통신내선공","일반공사 직종","인",8.4000000000000005E-2,0,0,267277,22451.200000000001,0,0,267277,22451.200000000001,null,null,"N","N","",1]
["TCA17800010S","손료","RENT000000000003",null,"공구손료","노무비의 3%","식",1,673.5,673.5,0,0,0,0,673.5,673.5,null,null,"N","N",3,1]
[null,null,null,null,"[합 계]",null,null,0,0,673,0,22451,0,0,0,23124,null,null,null,null,"",1]
[null,null,null,null,null,null,null,0,0,0,0,0,0,0,0,0,null,null,null,null,"",1]
["TCA17800020S",null,null,null,"경질비닐PVC전선관-재사용철거","70mm(40%)","M",0,0,0,0,0,0,0,0,0,null,null,null,null,"",1]
["TCA17800020S","노무","L001010101000086",null,"통신내선공","일반공사 직종","인",0.112,0,0,267277,29935,0,0,267277,29935,null,null,"N","N","",1]
["TCA17800020S","손료","RENT000000000003",null,"공구손료","노무비의 3%","식",1,898,898,0,0,0,0,898,898,null,null,"N","N",3,1]
[null,null,null,null,"[합 계]",null,null,0,0,898,0,29935,0,0,0,30833,null,null,null,null,"",1]
[null,null,null,null,null,null,null,0,0,0,0,0,0,0,0,0,null,null,null,null,"",1]
["TCA17900010S",null,null,null,"경질비닐PVC전선관-철거","82mm(30%)","M",0,0,0,0,0,0,0,0,0,null,null,null,null,"",1]
["TCA17900010S","노무","L001010101000086",null,"통신내선공","일반공사 직종","인",0.111,0,0,267277,29667.7,0,0,267277,29667.7,null,null,"N","N","",1]
["TCA17900010S","손료","RENT000000000003",null,"공구손료","노무비의 3%","식",1,890,890,0,0,0,0,890,890,null,null,"N","N",3,1]
[null,null,null,null,"[합 계]",null,null,0,0,890,0,29667,0,0,0,30557,null,null,null,null,"",1]
[null,null,null,null,null,null,null,0,0,0,0,0,0,0,0,0,null,null,null,null,"",1]
["TCA17900020S",null,null,null,"경질비닐PVC전선관-재사용철거","82mm(40%)","M",0,0,0,0,0,0,0,0,0,null,null,null,null,"",1]
["TCA17900020S","노무","L001010101000086",null,"통신내선공","일반공사 직종","인",0.14799999999999999,0,0,267277,39556.9,0,0,267277,39556.9,null,null,"N","N","",1]
["TCA17900020S","손료","RENT000000000003",null,"공구손료","노무비의 3%","식",1,1186.7,1186.7,0,0,0,0,1186.7,1186.7,null,null,"N","N",3,1]
[null,null,null,null,"[합 계]",null,null,0,0,1186,0,39556,0,0,0,40742,null,null,null,null,"",1]
[null,null,null,null,null,null,null,0,0,0,0,0,0,0,0,0,null,null,null,null,"",1]
["TCA17A00010S",null,null,null,"경질비닐PVC전선관-철거","92mm(30%)","M",0,0,0,0,0,0,0,0,0,null,null,null,null,"",1]
["TCA17A00010S","노무","L001010101000086",null,"통신내선공","일반공사 직종","인",0.13500000000000001,0,0,267277,36082.300000000003,0,0,267277,36082.300000000003,null,null,"N","N","",1]
["TCA17A00010S","손료","RENT000000000003",null,"공구손료","노무비의 3%","식",1,1082.4000000000001,1082.4000000000001,0,0,0,0,1082.4000000000001,1082.4000000000001,null,null,"N","N",3,1]
[null,null,null,null,"[합 계]",null,null,0,0,1082,0,36082,0,0,0,37164,null,null,null,null,"",1]
[null,null,null,null,null,null,null,0,0,0,0,0,0,0,0,0,null,null,null,null,"",1]
["TCA17A00020S",null,null,null,"경질비닐PVC전선관-재사용철거","92mm(40%)","M",0,0,0,0,0,0,0,0,0,null,null,null,null,"",1]
["TCA17A00020S","노무","L001010101000086",null,"통신내선공","일반공사 직종","인",0.18,0,0,267277,48109.8,0,0,267277,48109.8,null,null,"N","N","",1]
["TCA17A00020S","손료","RENT000000000003",null,"공구손료","노무비의 3%","식",1,1443.2,1443.2,0,0,0,0,1443.2,1443.2,null,null,"N","N",3,1]
[null,null,null,null,"[합 계]",null,null,0,0,1443,0,48109,0,0,0,49552,null,null,null,null,"",1]
[null,null,null,null,null,null,null,0,0,0,0,0,0,0,0,0,null,null,null,null,"",1]
["TCA17C00010S",null,null,null,"경질비닐PVC전선관-철거","104mm(30%)","M",0,0,0,0,0,0,0,0,0,null,null,null,null,"",1]
["TCA17C00010S","노무","L001010101000086",null,"통신내선공","일반공사 직종","인",0.13800000000000001,0,0,267277,36884.199999999997,0,0,267277,36884.199999999997,null,null,"N","N","",1]
["TCA17C00010S","손료","RENT000000000003",null,"공구손료","노무비의 3%","식",1,1106.5,1106.5,0,0,0,0,1106.5,1106.5,null,null,"N","N",3,1]
[null,null,null,null,"[합 계]",null,null,0,0,1106,0,36884,0,0,0,37990,null,null,null,null,"",1]
[null,null,null,null,null,null,null,0,0,0,0,0,0,0,0,0,null,null,null,null,"",1]
["TCA17C00020S",null,null,null,"경질비닐PVC전선관-재사용철거","104mm(40%)","M",0,0,0,0,0,0,0,0,0,null,null,null,null,"",1]
["TCA17C00020S","노무","L001010101000086",null,"통신내선공","일반공사 직종","인",0.184,0,0,267277,49178.9,0,0,267277,49178.9,null,null,"N","N","",1]
["TCA17C00020S","손료","RENT000000000003",null,"공구손료","노무비의 3%","식",1,1475.3,1475.3,0,0,0,0,1475.3,1475.3,null,null,"N","N",3,1]
[null,null,null,null,"[합 계]",null,null,0,0,1475,0,49178,0,0,0,50653,null,null,null,null,"",1]
[null,null,null,null,null,null,null,0,0,0,0,0,0,0,0,0,null,null,null,null,"",1]
["TCA17D00010S",null,null,null,"경질비닐PVC전선관-철거","125mm(30%)","M",0,0,0,0,0,0,0,0,0,null,null,null,null,"",1]
["TCA17D00010S","노무","L001010101000086",null,"통신내선공","일반공사 직종","인",0.153,0,0,267277,40893.300000000003,0,0,267277,40893.300000000003,null,null,"N","N","",1]
["TCA17D00010S","손료","RENT000000000003",null,"공구손료","노무비의 3%","식",1,1226.7,1226.7,0,0,0,0,1226.7,1226.7,null,null,"N","N",3,1]
[null,null,null,null,"[합 계]",null,null,0,0,1226,0,40893,0,0,0,42119,null,null,null,null,"",1]
[null,null,null,null,null,null,null,0,0,0,0,0,0,0,0,0,null,null,null,null,"",1]
["TCA17D00020S",null,null,null,"경질비닐PVC전선관-재사용철거","125mm(40%)","M",0,0,0,0,0,0,0,0,0,null,null,null,null,"",1]
["TCA17D00020S","노무","L001010101000086",null,"통신내선공","일반공사 직종","인",0.20399999999999999,0,0,267277,54524.5,0,0,267277,54524.5,null,null,"N","N","",1]
["TCA17D00020S","손료","RENT000000000003",null,"공구손료","노무비의 3%","식",1,1635.7,1635.7,0,0,0,0,1635.7,1635.7,null,null,"N","N",3,1]
[null,null,null,null,"[합 계]",null,null,0,0,1635,0,54524,0,0,0,56159,null,null,null,null,"",1]
[null,null,null,null,null,null,null,0,0,0,0,0,0,0,0,0,null,null,null,null,"",1]
["TCA21100010S",null,null,null,"폴리에틸렌전선관-콘크리트 매입","PE, 14㎜","M",0,0,0,0,0,0,0,0,0,null,null,null,null,"",1]
["TCA21100010S","자재","3913170620174621",null,"폴리에틸렌전선관","폴리에틸렌전선관, 14mm","m",1,0,0,0,0,0,0,0,0,null,null,"N","N","",1]
["TCA21100010S","자재","3913170620174621",null,"폴리에틸렌전선관","폴리에틸렌전선관, 14mm","m",0.1,0,0,0,0,0,0,0,0,null,null,"N","N","",1]
["TCA21100010S","손료","RENT000000000001",null,"전선관부속품비","전선관의 20%","식",1,0,0,0,0,0,0,0,0,null,null,"N","N",20,1]
["TCA21100010S","손료","RENT000000000002",null,"잡재료비","배관배선의 2%","식",1,0,0,0,0,0,0,0,0,null,null,"N","N",2,1]
["TCA21100010S","노무","L001010101000086",null,"통신내선공","일반공사 직종","인",3.2000000000000001E-2,0,0,267277,8552.7999999999993,0,0,267277,8552.7999999999993,null,null,"N","N","",1]
["TCA21100010S","손료","RENT000000000003",null,"공구손료","인력품의 3%","식",1,256.5,256.5,0,0,0,0,256.5,256.5,null,null,"N","N",3,1]
[null,null,null,null,"[합 계]",null,null,0,0,256,0,8552,0,0,0,8808,null,null,null,null,"",1]
[null,null,null,null,null,null,null,0,0,0,0,0,0,0,0,0,null,null,null,null,"",1]
["TCA21200010S",null,null,null,"폴리에틸렌전선관-콘크리트 매입","PE, 16㎜","M",0,0,0,0,0,0,0,0,0,null,null,null,null,"",1]
["TCA21200010S","자재","3913170620174622",null,"폴리에틸렌전선관","폴리에틸렌전선관, 16mm","m",1,262,262,0,0,0,0,262,262,null,null,"N","N","",1]
["TCA21200010S","자재","3913170620174622",null,"폴리에틸렌전선관","폴리에틸렌전선관, 16mm","m",0.1,262,26.2,0,0,0,0,262,26.2,null,null,"N","N","",1]
["TCA21200010S","손료","RENT000000000001",null,"전선관부속품비","전선관의 20%","식",1,52.4,52.4,0,0,0,0,52.4,52.4,null,null,"N","N",20,1]
["TCA21200010S","손료","RENT000000000002",null,"잡재료비","배관배선의 2%","식",1,5.2,5.2,0,0,0,0,5.2,5.2,null,null,"N","N",2,1]
["TCA21200010S","노무","L001010101000086",null,"통신내선공","일반공사 직종","인",0.04,0,0,267277,10691,0,0,267277,10691,null,null,"N","N","",1]
["TCA21200010S","손료","RENT000000000003",null,"공구손료","인력품의 3%","식",1,320.7,320.7,0,0,0,0,320.7,320.7,null,null,"N","N",3,1]
[null,null,null,null,"[합 계]",null,null,0,0,666,0,10691,0,0,0,11357,null,null,null,null,"",1]
[null,null,null,null,null,null,null,0,0,0,0,0,0,0,0,0,null,null,null,null,"",1]
["TCA21300010S",null,null,null,"폴리에틸렌전선관-콘크리트 매입","PE, 22㎜","M",0,0,0,0,0,0,0,0,0,null,null,null,null,"",1]
["TCA21300010S","자재","3913170620174623",null,"폴리에틸렌전선관","폴리에틸렌전선관, 22mm","m",1,336,336,0,0,0,0,336,336,null,null,"N","N","",1]
["TCA21300010S","자재","3913170620174623",null,"폴리에틸렌전선관","폴리에틸렌전선관, 22mm","m",0.1,336,33.6,0,0,0,0,336,33.6,null,null,"N","N","",1]
["TCA21300010S","손료","RENT000000000001",null,"전선관부속품비","전선관의 20%","식",1,67.2,67.2,0,0,0,0,67.2,67.2,null,null,"N","N",20,1]
["TCA21300010S","손료","RENT000000000002",null,"잡재료비","배관배선의 2%","식",1,6.7,6.7,0,0,0,0,6.7,6.7,null,null,"N","N",2,1]
["TCA21300010S","노무","L001010101000086",null,"통신내선공","일반공사 직종","인",4.8000000000000001E-2,0,0,267277,12829.2,0,0,267277,12829.2,null,null,"N","N","",1]
["TCA21300010S","손료","RENT000000000003",null,"공구손료","인력품의 3%","식",1,384.8,384.8,0,0,0,0,384.8,384.8,null,null,"N","N",3,1]
[null,null,null,null,"[합 계]",null,null,0,0,828,0,12829,0,0,0,13657,null,null,null,null,"",1]
[null,null,null,null,null,null,null,0,0,0,0,0,0,0,0,0,null,null,null,null,"",1]
["TCA21400010S",null,null,null,"폴리에틸렌전선관-콘크리트 매입","PE, 28㎜","M",0,0,0,0,0,0,0,0,0,null,null,null,null,"",1]
["TCA21400010S","자재","3913170620174624",null,"폴리에틸렌전선관","폴리에틸렌전선관, 28mm","m",1,533,533,0,0,0,0,533,533,null,null,"N","N","",1]
["TCA21400010S","자재","3913170620174624",null,"폴리에틸렌전선관","폴리에틸렌전선관, 28mm","m",0.1,533,53.3,0,0,0,0,533,53.3,null,null,"N","N","",1]
["TCA21400010S","손료","RENT000000000001",null,"전선관부속품비","전선관의 20%","식",1,106.6,106.6,0,0,0,0,106.6,106.6,null,null,"N","N",20,1]
["TCA21400010S","손료","RENT000000000002",null,"잡재료비","배관배선의 2%","식",1,10.6,10.6,0,0,0,0,10.6,10.6,null,null,"N","N",2,1]
["TCA21400010S","노무","L001010101000086",null,"통신내선공","일반공사 직종","인",6.4000000000000001E-2,0,0,267277,17105.7,0,0,267277,17105.7,null,null,"N","N","",1]
["TCA21400010S","손료","RENT000000000003",null,"공구손료","인력품의 3%","식",1,513.1,513.1,0,0,0,0,513.1,513.1,null,null,"N","N",3,1]
[null,null,null,null,"[합 계]",null,null,0,0,1216,0,17105,0,0,0,18321,null,null,null,null,"",1]
[null,null,null,null,null,null,null,0,0,0,0,0,0,0,0,0,null,null,null,null,"",1]
["TCA21500010S",null,null,null,"폴리에틸렌전선관-콘크리트 매입","PE, 36㎜","M",0,0,0,0,0,0,0,0,0,null,null,null,null,"",1]
["TCA21500010S","자재","3913170620174625",null,"폴리에틸렌전선관","폴리에틸렌전선관, 36mm","m",1,814,814,0,0,0,0,814,814,null,null,"N","N","",1]
["TCA21500010S","자재","3913170620174625",null,"폴리에틸렌전선관","폴리에틸렌전선관, 36mm","m",0.1,814,81.400000000000006,0,0,0,0,814,81.400000000000006,null,null,"N","N","",1]
["TCA21500010S","손료","RENT000000000001",null,"전선관부속품비","전선관의 20%","식",1,162.80000000000001,162.80000000000001,0,0,0,0,162.80000000000001,162.80000000000001,null,null,"N","N",20,1]
["TCA21500010S","손료","RENT000000000002",null,"잡재료비","배관배선의 2%","식",1,16.2,16.2,0,0,0,0,16.2,16.2,null,null,"N","N",2,1]
["TCA21500010S","노무","L001010101000086",null,"통신내선공","일반공사 직종","인",0.08,0,0,267277,21382.1,0,0,267277,21382.1,null,null,"N","N","",1]
["TCA21500010S","손료","RENT000000000003",null,"공구손료","인력품의 3%","식",1,641.4,641.4,0,0,0,0,641.4,641.4,null,null,"N","N",3,1]
[null,null,null,null,"[합 계]",null,null,0,0,1715,0,21382,0,0,0,23097,null,null,null,null,"",1]
[null,null,null,null,null,null,null,0,0,0,0,0,0,0,0,0,null,null,null,null,"",1]
["TCA21600010S",null,null,null,"폴리에틸렌전선관-콘크리트 매입","PE, 42㎜","M",0,0,0,0,0,0,0,0,0,null,null,null,null,"",1]
["TCA21600010S","자재","3913170620174626",null,"폴리에틸렌전선관","폴리에틸렌전선관, 42mm","m",1,903,903,0,0,0,0,903,903,null,null,"N","N","",1]
["TCA21600010S","자재","3913170620174626",null,"폴리에틸렌전선관","폴리에틸렌전선관, 42mm","m",0.1,903,90.3,0,0,0,0,903,90.3,null,null,"N","N","",1]
["TCA21600010S","손료","RENT000000000001",null,"전선관부속품비","전선관의 20%","식",1,180.6,180.6,0,0,0,0,180.6,180.6,null,null,"N","N",20,1]
["TCA21600010S","손료","RENT000000000002",null,"잡재료비","배관배선의 2%","식",1,18,18,0,0,0,0,18,18,null,null,"N","N",2,1]
["TCA21600010S","노무","L001010101000086",null,"통신내선공","일반공사 직종","인",0.104,0,0,267277,27796.799999999999,0,0,267277,27796.799999999999,null,null,"N","N","",1]
["TCA21600010S","손료","RENT000000000003",null,"공구손료","인력품의 3%","식",1,833.9,833.9,0,0,0,0,833.9,833.9,null,null,"N","N",3,1]
[null,null,null,null,"[합 계]",null,null,0,0,2025,0,27796,0,0,0,29821,null,null,null,null,"",1]
[null,null,null,null,null,null,null,0,0,0,0,0,0,0,0,0,null,null,null,null,"",1]
["TCA21700010S",null,null,null,"폴리에틸렌전선관-콘크리트 매입","PE, 54㎜","M",0,0,0,0,0,0,0,0,0,null,null,null,null,"",1]
["TCA21700010S","자재","3913170620174627",null,"폴리에틸렌전선관","폴리에틸렌전선관, 54mm","m",1,1470,1470,0,0,0,0,1470,1470,null,null,"N","N","",1]
["TCA21700010S","자재","3913170620174627",null,"폴리에틸렌전선관","폴리에틸렌전선관, 54mm","m",0.1,1470,147,0,0,0,0,1470,147,null,null,"N","N","",1]
["TCA21700010S","손료","RENT000000000001",null,"전선관부속품비","전선관의 20%","식",1,294,294,0,0,0,0,294,294,null,null,"N","N",20,1]
["TCA21700010S","손료","RENT000000000002",null,"잡재료비","배관배선의 2%","식",1,29.4,29.4,0,0,0,0,29.4,29.4,null,null,"N","N",2,1]
["TCA21700010S","노무","L001010101000086",null,"통신내선공","일반공사 직종","인",0.152,0,0,267277,40626.1,0,0,267277,40626.1,null,null,"N","N","",1]
["TCA21700010S","손료","RENT000000000003",null,"공구손료","인력품의 3%","식",1,1218.7,1218.7,0,0,0,0,1218.7,1218.7,null,null,"N","N",3,1]
[null,null,null,null,"[합 계]",null,null,0,0,3159,0,40626,0,0,0,43785,null,null,null,null,"",1]
[null,null,null,null,null,null,null,0,0,0,0,0,0,0,0,0,null,null,null,null,"",1]
["TCA21800010S",null,null,null,"폴리에틸렌전선관-콘크리트 매입","PE, 70㎜","M",0,0,0,0,0,0,0,0,0,null,null,null,null,"",1]
["TCA21800010S","자재","3913170620174628",null,"폴리에틸렌전선관","폴리에틸렌전선관, 70mm","m",1,2456,2456,0,0,0,0,2456,2456,null,null,"N","N","",1]
["TCA21800010S","자재","3913170620174628",null,"폴리에틸렌전선관","폴리에틸렌전선관, 70mm","m",0.1,2456,245.6,0,0,0,0,2456,245.6,null,null,"N","N","",1]
["TCA21800010S","손료","RENT000000000001",null,"전선관부속품비","전선관의 20%","식",1,491.2,491.2,0,0,0,0,491.2,491.2,null,null,"N","N",20,1]
["TCA21800010S","손료","RENT000000000002",null,"잡재료비","배관배선의 2%","식",1,49.1,49.1,0,0,0,0,49.1,49.1,null,null,"N","N",2,1]
["TCA21800010S","노무","L001010101000086",null,"통신내선공","일반공사 직종","인",0.224,0,0,267277,59870,0,0,267277,59870,null,null,"N","N","",1]
["TCA21800010S","손료","RENT000000000003",null,"공구손료","인력품의 3%","식",1,1796.1,1796.1,0,0,0,0,1796.1,1796.1,null,null,"N","N",3,1]
[null,null,null,null,"[합 계]",null,null,0,0,5038,0,59870,0,0,0,64908,null,null,null,null,"",1]
[null,null,null,null,null,null,null,0,0,0,0,0,0,0,0,0,null,null,null,null,"",1]
["TCA21900010S",null,null,null,"폴리에틸렌전선관-콘크리트 매입","PE, 82㎜","M",0,0,0,0,0,0,0,0,0,null,null,null,null,"",1]
["TCA21900010S","자재","3913170620174629",null,"폴리에틸렌전선관","폴리에틸렌전선관, 82mm","m",1,3230,3230,0,0,0,0,3230,3230,null,null,"N","N","",1]
["TCA21900010S","자재","3913170620174629",null,"폴리에틸렌전선관","폴리에틸렌전선관, 82mm","m",0.1,3230,323,0,0,0,0,3230,323,null,null,"N","N","",1]
["TCA21900010S","손료","RENT000000000001",null,"전선관부속품비","전선관의 205%","식",1,646,646,0,0,0,0,646,646,null,null,"N","N",20,1]
["TCA21900010S","손료","RENT000000000002",null,"잡재료비","배관배선의 2%","식",1,64.599999999999994,64.599999999999994,0,0,0,0,64.599999999999994,64.599999999999994,null,null,"N","N",2,1]
["TCA21900010S","노무","L001010101000086",null,"통신내선공","일반공사 직종","인",0.29599999999999999,0,0,267277,79113.899999999994,0,0,267277,79113.899999999994,null,null,"N","N","",1]
["TCA21900010S","손료","RENT000000000003",null,"공구손료","인력품의 3%","식",1,2373.4,2373.4,0,0,0,0,2373.4,2373.4,null,null,"N","N",3,1]
[null,null,null,null,"[합 계]",null,null,0,0,6637,0,79113,0,0,0,85750,null,null,null,null,"",1]
[null,null,null,null,null,null,null,0,0,0,0,0,0,0,0,0,null,null,null,null,"",1]
["TCA21B00010S",null,null,null,"폴리에틸렌전선관-콘크리트 매입","PE, 100㎜","M",0,0,0,0,0,0,0,0,0,null,null,null,null,"",1]
["TCA21B00010S","자재","3913170620174630",null,"폴리에틸렌전선관","폴리에틸렌전선관, 100mm","m",1,4801,4801,0,0,0,0,4801,4801,null,null,"N","N","",1]
["TCA21B00010S","자재","3913170620174630",null,"폴리에틸렌전선관","폴리에틸렌전선관, 100mm","m",0.1,4801,480.1,0,0,0,0,4801,480.1,null,null,"N","N","",1]
["TCA21B00010S","손료","RENT000000000001",null,"전선관부속품비","전선관의 20%","식",1,960.2,960.2,0,0,0,0,960.2,960.2,null,null,"N","N",20,1]
["TCA21B00010S","손료","RENT000000000002",null,"잡재료비","배관배선의 2%","식",1,96,96,0,0,0,0,96,96,null,null,"N","N",2,1]
["TCA21B00010S","노무","L001010101000086",null,"통신내선공","일반공사 직종","인",0.36799999999999999,0,0,267277,98357.9,0,0,267277,98357.9,null,null,"N","N","",1]
["TCA21B00010S","손료","RENT000000000003",null,"공구손료","인력품의 3%","식",1,2950.7,2950.7,0,0,0,0,2950.7,2950.7,null,null,"N","N",3,1]
[null,null,null,null,"[합 계]",null,null,0,0,9288,0,98357,0,0,0,107645,null,null,null,null,"",1]
[null,null,null,null,null,null,null,0,0,0,0,0,0,0,0,0,null,null,null,null,"",1]
["TCA22100010S",null,null,null,"폴리에틸렌전선관-콘크리트 노출 및 블록 칸막이 벽내","PE, 14㎜","M",0,0,0,0,0,0,0,0,0,null,null,null,null,"",1]
["TCA22100010S","자재","3913170620174621",null,"폴리에틸렌전선관","폴리에틸렌전선관, 14mm","m",1,0,0,0,0,0,0,0,0,null,null,"N","N","",1]
["TCA22100010S","자재","3913170620174621",null,"폴리에틸렌전선관","폴리에틸렌전선관, 14mm","m",0.1,0,0,0,0,0,0,0,0,null,null,"N","N","",1]
["TCA22100010S","손료","RENT000000000001",null,"전선관부속품비","전선관의 20%","식",1,0,0,0,0,0,0,0,0,null,null,"N","N",20,1]
["TCA22100010S","손료","RENT000000000002",null,"잡재료비","배관배선의 2%","식",1,0,0,0,0,0,0,0,0,null,null,"N","N",2,1]
["TCA22100010S","노무","L001010101000086",null,"통신내선공","일반공사 직종","인",3.8399999999999997E-2,0,0,267277,10263.4,0,0,267277,10263.4,null,null,"N","N","",1]
["TCA22100010S","손료","RENT000000000003",null,"공구손료","인력품의 3%","식",1,307.89999999999998,307.89999999999998,0,0,0,0,307.89999999999998,307.89999999999998,null,null,"N","N",3,1]
[null,null,null,null,"[합 계]",null,null,0,0,307,0,10263,0,0,0,10570,null,null,null,null,"",1]
[null,null,null,null,null,null,null,0,0,0,0,0,0,0,0,0,null,null,null,null,"",1]
["TCA22200010S",null,null,null,"폴리에틸렌전선관-콘크리트 노출 및 블록 칸막이 벽내","PE, 16㎜","M",0,0,0,0,0,0,0,0,0,null,null,null,null,"",1]
["TCA22200010S","자재","3913170620174622",null,"폴리에틸렌전선관","폴리에틸렌전선관, 16mm","m",1,262,262,0,0,0,0,262,262,null,null,"N","N","",1]
["TCA22200010S","자재","3913170620174622",null,"폴리에틸렌전선관","폴리에틸렌전선관, 16mm","m",0.1,262,26.2,0,0,0,0,262,26.2,null,null,"N","N","",1]
["TCA22200010S","손료","RENT000000000001",null,"전선관부속품비","전선관의 20%","식",1,52.4,52.4,0,0,0,0,52.4,52.4,null,null,"N","N",20,1]
["TCA22200010S","손료","RENT000000000002",null,"잡재료비","배관배선의 2%","식",1,5.2,5.2,0,0,0,0,5.2,5.2,null,null,"N","N",2,1]
["TCA22200010S","노무","L001010101000086",null,"통신내선공","일반공사 직종","인",4.8000000000000001E-2,0,0,267277,12829.2,0,0,267277,12829.2,null,null,"N","N","",1]
["TCA22200010S","손료","RENT000000000003",null,"공구손료","인력품의 3%","식",1,384.8,384.8,0,0,0,0,384.8,384.8,null,null,"N","N",3,1]
[null,null,null,null,"[합 계]",null,null,0,0,730,0,12829,0,0,0,13559,null,null,null,null,"",1]
[null,null,null,null,null,null,null,0,0,0,0,0,0,0,0,0,null,null,null,null,"",1]
["TCA22300010S",null,null,null,"폴리에틸렌전선관-콘크리트 노출 및 블록 칸막이 벽내","PE, 22㎜","M",0,0,0,0,0,0,0,0,0,null,null,null,null,"",1]
["TCA22300010S","자재","3913170620174623",null,"폴리에틸렌전선관","폴리에틸렌전선관, 22mm","m",1,336,336,0,0,0,0,336,336,null,null,"N","N","",1]
["TCA22300010S","자재","3913170620174623",null,"폴리에틸렌전선관","폴리에틸렌전선관, 22mm","m",0.1,336,33.6,0,0,0,0,336,33.6,null,null,"N","N","",1]
["TCA22300010S","손료","RENT000000000001",null,"전선관부속품비","전선관의 20%","식",1,67.2,67.2,0,0,0,0,67.2,67.2,null,null,"N","N",20,1]
["TCA22300010S","손료","RENT000000000002",null,"잡재료비","배관배선의 2%","식",1,6.7,6.7,0,0,0,0,6.7,6.7,null,null,"N","N",2,1]
["TCA22300010S","노무","L001010101000086",null,"통신내선공","일반공사 직종","인",5.7599999999999998E-2,0,0,267277,15395.1,0,0,267277,15395.1,null,null,"N","N","",1]
["TCA22300010S","손료","RENT000000000003",null,"공구손료","인력품의 3%","식",1,461.8,461.8,0,0,0,0,461.8,461.8,null,null,"N","N",3,1]
[null,null,null,null,"[합 계]",null,null,0,0,905,0,15395,0,0,0,16300,null,null,null,null,"",1]
[null,null,null,null,null,null,null,0,0,0,0,0,0,0,0,0,null,null,null,null,"",1]
["TCA22400010S",null,null,null,"폴리에틸렌전선관-콘크리트 노출 및 블록 칸막이 벽내","PE, 28㎜","M",0,0,0,0,0,0,0,0,0,null,null,null,null,"",1]
["TCA22400010S","자재","3913170620174624",null,"폴리에틸렌전선관","폴리에틸렌전선관, 28mm","m",1,533,533,0,0,0,0,533,533,null,null,"N","N","",1]
["TCA22400010S","자재","3913170620174624",null,"폴리에틸렌전선관","폴리에틸렌전선관, 28mm","m",0.1,533,53.3,0,0,0,0,533,53.3,null,null,"N","N","",1]
["TCA22400010S","손료","RENT000000000001",null,"전선관부속품비","전선관의 20%","식",1,106.6,106.6,0,0,0,0,106.6,106.6,null,null,"N","N",20,1]
["TCA22400010S","손료","RENT000000000002",null,"잡재료비","배관배선의 2%","식",1,10.6,10.6,0,0,0,0,10.6,10.6,null,null,"N","N",2,1]
["TCA22400010S","노무","L001010101000086",null,"통신내선공","일반공사 직종","인",7.6799999999999993E-2,0,0,267277,20526.8,0,0,267277,20526.8,null,null,"N","N","",1]
["TCA22400010S","손료","RENT000000000003",null,"공구손료","인력품의 3%","식",1,615.79999999999995,615.79999999999995,0,0,0,0,615.79999999999995,615.79999999999995,null,null,"N","N",3,1]
[null,null,null,null,"[합 계]",null,null,0,0,1319,0,20526,0,0,0,21845,null,null,null,null,"",1]
[null,null,null,null,null,null,null,0,0,0,0,0,0,0,0,0,null,null,null,null,"",1]
["TCA22500010S",null,null,null,"폴리에틸렌전선관-콘크리트 노출 및 블록 칸막이 벽내","PE, 36㎜","M",0,0,0,0,0,0,0,0,0,null,null,null,null,"",1]
["TCA22500010S","자재","3913170620174625",null,"폴리에틸렌전선관","폴리에틸렌전선관, 36mm","m",1,814,814,0,0,0,0,814,814,null,null,"N","N","",1]
["TCA22500010S","자재","3913170620174625",null,"폴리에틸렌전선관","폴리에틸렌전선관, 36mm","m",0.1,814,81.400000000000006,0,0,0,0,814,81.400000000000006,null,null,"N","N","",1]
["TCA22500010S","손료","RENT000000000001",null,"전선관부속품비","전선관의 20%","식",1,162.80000000000001,162.80000000000001,0,0,0,0,162.80000000000001,162.80000000000001,null,null,"N","N",20,1]
["TCA22500010S","손료","RENT000000000002",null,"잡재료비","배관배선의 2%","식",1,16.2,16.2,0,0,0,0,16.2,16.2,null,null,"N","N",2,1]
["TCA22500010S","노무","L001010101000086",null,"통신내선공","일반공사 직종","인",9.6000000000000002E-2,0,0,267277,25658.5,0,0,267277,25658.5,null,null,"N","N","",1]
["TCA22500010S","손료","RENT000000000003",null,"공구손료","인력품의 3%","식",1,769.7,769.7,0,0,0,0,769.7,769.7,null,null,"N","N",3,1]
[null,null,null,null,"[합 계]",null,null,0,0,1844,0,25658,0,0,0,27502,null,null,null,null,"",1]
[null,null,null,null,null,null,null,0,0,0,0,0,0,0,0,0,null,null,null,null,"",1]
["TCA22600010S",null,null,null,"폴리에틸렌전선관-콘크리트 노출 및 블록 칸막이 벽내","PE, 42㎜","M",0,0,0,0,0,0,0,0,0,null,null,null,null,"",1]
["TCA22600010S","자재","3913170620174626",null,"폴리에틸렌전선관","폴리에틸렌전선관, 42mm","m",1,903,903,0,0,0,0,903,903,null,null,"N","N","",1]
["TCA22600010S","자재","3913170620174626",null,"폴리에틸렌전선관","폴리에틸렌전선관, 42mm","m",0.1,903,90.3,0,0,0,0,903,90.3,null,null,"N","N","",1]
["TCA22600010S","손료","RENT000000000001",null,"전선관부속품비","전선관의 20%","식",1,180.6,180.6,0,0,0,0,180.6,180.6,null,null,"N","N",20,1]
["TCA22600010S","손료","RENT000000000002",null,"잡재료비","배관배선의 2%","식",1,18,18,0,0,0,0,18,18,null,null,"N","N",2,1]
["TCA22600010S","노무","L001010101000086",null,"통신내선공","일반공사 직종","인",0.12479999999999999,0,0,267277,33356.1,0,0,267277,33356.1,null,null,"N","N","",1]
["TCA22600010S","손료","RENT000000000003",null,"공구손료","인력품의 3%","식",1,1000.6,1000.6,0,0,0,0,1000.6,1000.6,null,null,"N","N",3,1]
[null,null,null,null,"[합 계]",null,null,0,0,2192,0,33356,0,0,0,35548,null,null,null,null,"",1]
[null,null,null,null,null,null,null,0,0,0,0,0,0,0,0,0,null,null,null,null,"",1]
["TCA22700010S",null,null,null,"폴리에틸렌전선관-콘크리트 노출 및 블록 칸막이 벽내","PE, 54㎜","M",0,0,0,0,0,0,0,0,0,null,null,null,null,"",1]
["TCA22700010S","자재","3913170620174627",null,"폴리에틸렌전선관","폴리에틸렌전선관, 54mm","m",1,1470,1470,0,0,0,0,1470,1470,null,null,"N","N","",1]
["TCA22700010S","자재","3913170620174627",null,"폴리에틸렌전선관","폴리에틸렌전선관, 54mm","m",0.1,1470,147,0,0,0,0,1470,147,null,null,"N","N","",1]
["TCA22700010S","손료","RENT000000000001",null,"전선관부속품비","전선관의 20%","식",1,294,294,0,0,0,0,294,294,null,null,"N","N",20,1]
["TCA22700010S","손료","RENT000000000002",null,"잡재료비","배관배선의 2%","식",1,29.4,29.4,0,0,0,0,29.4,29.4,null,null,"N","N",2,1]
["TCA22700010S","노무","L001010101000086",null,"통신내선공","일반공사 직종","인",0.18240000000000001,0,0,267277,48751.3,0,0,267277,48751.3,null,null,"N","N","",1]
["TCA22700010S","손료","RENT000000000003",null,"공구손료","인력품의 3%","식",1,1462.5,1462.5,0,0,0,0,1462.5,1462.5,null,null,"N","N",3,1]
[null,null,null,null,"[합 계]",null,null,0,0,3402,0,48751,0,0,0,52153,null,null,null,null,"",1]
[null,null,null,null,null,null,null,0,0,0,0,0,0,0,0,0,null,null,null,null,"",1]
["TCA22800010S",null,null,null,"폴리에틸렌전선관-콘크리트 노출 및 블록 칸막이 벽내","PE, 70㎜","M",0,0,0,0,0,0,0,0,0,null,null,null,null,"",1]
["TCA22800010S","자재","3913170620174628",null,"폴리에틸렌전선관","폴리에틸렌전선관, 70mm","m",1,2456,2456,0,0,0,0,2456,2456,null,null,"N","N","",1]
["TCA22800010S","자재","3913170620174628",null,"폴리에틸렌전선관","폴리에틸렌전선관, 70mm","m",0.1,2456,245.6,0,0,0,0,2456,245.6,null,null,"N","N","",1]
["TCA22800010S","손료","RENT000000000001",null,"전선관부속품비","전선관의 20%","식",1,491.2,491.2,0,0,0,0,491.2,491.2,null,null,"N","N",20,1]
["TCA22800010S","손료","RENT000000000002",null,"잡재료비","배관배선의 2%","식",1,49.1,49.1,0,0,0,0,49.1,49.1,null,null,"N","N",2,1]
["TCA22800010S","노무","L001010101000086",null,"통신내선공","일반공사 직종","인",0.26879999999999998,0,0,267277,71844,0,0,267277,71844,null,null,"N","N","",1]
["TCA22800010S","손료","RENT000000000003",null,"공구손료","인력품의 3%","식",1,2155.3000000000002,2155.3000000000002,0,0,0,0,2155.3000000000002,2155.3000000000002,null,null,"N","N",3,1]
[null,null,null,null,"[합 계]",null,null,0,0,5397,0,71844,0,0,0,77241,null,null,null,null,"",1]
[null,null,null,null,null,null,null,0,0,0,0,0,0,0,0,0,null,null,null,null,"",1]
["TCA22900010S",null,null,null,"폴리에틸렌전선관-콘크리트 노출 및 블록 칸막이 벽내","PE, 82㎜","M",0,0,0,0,0,0,0,0,0,null,null,null,null,"",1]
["TCA22900010S","자재","3913170620174629",null,"폴리에틸렌전선관","폴리에틸렌전선관, 82mm","m",1,3230,3230,0,0,0,0,3230,3230,null,null,"N","N","",1]
["TCA22900010S","자재","3913170620174629",null,"폴리에틸렌전선관","폴리에틸렌전선관, 82mm","m",0.1,3230,323,0,0,0,0,3230,323,null,null,"N","N","",1]
["TCA22900010S","손료","RENT000000000001",null,"전선관부속품비","전선관의 20%","식",1,646,646,0,0,0,0,646,646,null,null,"N","N",20,1]
["TCA22900010S","손료","RENT000000000002",null,"잡재료비","배관배선의 2%","식",1,64.599999999999994,64.599999999999994,0,0,0,0,64.599999999999994,64.599999999999994,null,null,"N","N",2,1]
["TCA22900010S","노무","L001010101000086",null,"통신내선공","일반공사 직종","인",0.35520000000000002,0,0,267277,94936.7,0,0,267277,94936.7,null,null,"N","N","",1]
["TCA22900010S","손료","RENT000000000003",null,"공구손료","인력품의 3%","식",1,2848.1,2848.1,0,0,0,0,2848.1,2848.1,null,null,"N","N",3,1]
[null,null,null,null,"[합 계]",null,null,0,0,7111,0,94936,0,0,0,102047,null,null,null,null,"",1]
[null,null,null,null,null,null,null,0,0,0,0,0,0,0,0,0,null,null,null,null,"",1]
["TCA22B00010S",null,null,null,"폴리에틸렌전선관-콘크리트 노출 및 블록 칸막이 벽내","PE, 100㎜","M",0,0,0,0,0,0,0,0,0,null,null,null,null,"",1]
["TCA22B00010S","자재","3913170620174630",null,"폴리에틸렌전선관","폴리에틸렌전선관, 100mm","m",1,4801,4801,0,0,0,0,4801,4801,null,null,"N","N","",1]
["TCA22B00010S","자재","3913170620174630",null,"폴리에틸렌전선관","폴리에틸렌전선관, 100mm","m",0.1,4801,480.1,0,0,0,0,4801,480.1,null,null,"N","N","",1]
["TCA22B00010S","손료","RENT000000000001",null,"전선관부속품비","전선관의 20%","식",1,960.2,960.2,0,0,0,0,960.2,960.2,null,null,"N","N",20,1]
["TCA22B00010S","손료","RENT000000000002",null,"잡재료비","배관배선의 2%","식",1,96,96,0,0,0,0,96,96,null,null,"N","N",2,1]
["TCA22B00010S","노무","L001010101000086",null,"통신내선공","일반공사 직종","인",0.44159999999999999,0,0,267277,118029.5,0,0,267277,118029.5,null,null,"N","N","",1]
["TCA22B00010S","손료","RENT000000000003",null,"공구손료","인력품의 3%","식",1,3540.8,3540.8,0,0,0,0,3540.8,3540.8,null,null,"N","N",3,1]
[null,null,null,null,"[합 계]",null,null,0,0,9878,0,118029,0,0,0,127907,null,null,null,null,"",1]
[null,null,null,null,null,null,null,0,0,0,0,0,0,0,0,0,null,null,null,null,"",1]
["TCA23100010S",null,null,null,"폴리에틸렌전선관-철강조 노출","PE, 14㎜","M",0,0,0,0,0,0,0,0,0,null,null,null,null,"",1]
["TCA23100010S","자재","3913170620174621",null,"폴리에틸렌전선관","폴리에틸렌전선관, 14mm","m",1,0,0,0,0,0,0,0,0,null,null,"N","N","",1]
["TCA23100010S","자재","3913170620174621",null,"폴리에틸렌전선관","폴리에틸렌전선관, 14mm","m",0.1,0,0,0,0,0,0,0,0,null,null,"N","N","",1]
["TCA23100010S","손료","RENT000000000001",null,"전선관부속품비","전선관의 20%","식",1,0,0,0,0,0,0,0,0,null,null,"N","N",20,1]
["TCA23100010S","손료","RENT000000000002",null,"잡재료비","배관배선의 2%","식",1,0,0,0,0,0,0,0,0,null,null,"N","N",2,1]
["TCA23100010S","노무","L001010101000086",null,"통신내선공","일반공사 직종","인",0.04,0,0,267277,10691,0,0,267277,10691,null,null,"N","N","",1]
["TCA23100010S","손료","RENT000000000003",null,"공구손료","인력품의 3%","식",1,320.7,320.7,0,0,0,0,320.7,320.7,null,null,"N","N",3,1]
[null,null,null,null,"[합 계]",null,null,0,0,320,0,10691,0,0,0,11011,null,null,null,null,"",1]
[null,null,null,null,null,null,null,0,0,0,0,0,0,0,0,0,null,null,null,null,"",1]
["TCA23200010S",null,null,null,"폴리에틸렌전선관-철강조 노출","PE, 16㎜","M",0,0,0,0,0,0,0,0,0,null,null,null,null,"",1]
["TCA23200010S","자재","3913170620174622",null,"폴리에틸렌전선관","폴리에틸렌전선관, 16mm","m",1,262,262,0,0,0,0,262,262,null,null,"N","N","",1]
["TCA23200010S","자재","3913170620174622",null,"폴리에틸렌전선관","폴리에틸렌전선관, 16mm","m",0.1,262,26.2,0,0,0,0,262,26.2,null,null,"N","N","",1]
["TCA23200010S","손료","RENT000000000001",null,"전선관부속품비","전선관의 20%","식",1,52.4,52.4,0,0,0,0,52.4,52.4,null,null,"N","N",20,1]
["TCA23200010S","손료","RENT000000000002",null,"잡재료비","배관배선의 2%","식",1,5.2,5.2,0,0,0,0,5.2,5.2,null,null,"N","N",2,1]
["TCA23200010S","노무","L001010101000086",null,"통신내선공","일반공사 직종","인",0.05,0,0,267277,13363.8,0,0,267277,13363.8,null,null,"N","N","",1]
["TCA23200010S","손료","RENT000000000003",null,"공구손료","인력품의 3%","식",1,400.9,400.9,0,0,0,0,400.9,400.9,null,null,"N","N",3,1]
[null,null,null,null,"[합 계]",null,null,0,0,746,0,13363,0,0,0,14109,null,null,null,null,"",1]
[null,null,null,null,null,null,null,0,0,0,0,0,0,0,0,0,null,null,null,null,"",1]
["TCA23300010S",null,null,null,"폴리에틸렌전선관-철강조 노출","PE, 22㎜","M",0,0,0,0,0,0,0,0,0,null,null,null,null,"",1]
["TCA23300010S","자재","3913170620174623",null,"폴리에틸렌전선관","폴리에틸렌전선관, 22mm","m",1,336,336,0,0,0,0,336,336,null,null,"N","N","",1]
["TCA23300010S","자재","3913170620174623",null,"폴리에틸렌전선관","폴리에틸렌전선관, 22mm","m",0.1,336,33.6,0,0,0,0,336,33.6,null,null,"N","N","",1]
["TCA23300010S","손료","RENT000000000001",null,"전선관부속품비","전선관의 20%","식",1,67.2,67.2,0,0,0,0,67.2,67.2,null,null,"N","N",20,1]
["TCA23300010S","손료","RENT000000000002",null,"잡재료비","배관배선의 2%","식",1,6.7,6.7,0,0,0,0,6.7,6.7,null,null,"N","N",2,1]
["TCA23300010S","노무","L001010101000086",null,"통신내선공","일반공사 직종","인",0.06,0,0,267277,16036.6,0,0,267277,16036.6,null,null,"N","N","",1]
["TCA23300010S","손료","RENT000000000003",null,"공구손료","인력품의 3%","식",1,481,481,0,0,0,0,481,481,null,null,"N","N",3,1]
[null,null,null,null,"[합 계]",null,null,0,0,924,0,16036,0,0,0,16960,null,null,null,null,"",1]
[null,null,null,null,null,null,null,0,0,0,0,0,0,0,0,0,null,null,null,null,"",1]
["TCA23400010S",null,null,null,"폴리에틸렌전선관-철강조 노출","PE, 28㎜","M",0,0,0,0,0,0,0,0,0,null,null,null,null,"",1]
["TCA23400010S","자재","3913170620174624",null,"폴리에틸렌전선관","폴리에틸렌전선관, 28mm","m",1,533,533,0,0,0,0,533,533,null,null,"N","N","",1]
["TCA23400010S","자재","3913170620174624",null,"폴리에틸렌전선관","폴리에틸렌전선관, 28mm","m",0.1,533,53.3,0,0,0,0,533,53.3,null,null,"N","N","",1]
["TCA23400010S","손료","RENT000000000001",null,"전선관부속품비","전선관의 20%","식",1,106.6,106.6,0,0,0,0,106.6,106.6,null,null,"N","N",20,1]
["TCA23400010S","손료","RENT000000000002",null,"잡재료비","배관배선의 2%","식",1,10.6,10.6,0,0,0,0,10.6,10.6,null,null,"N","N",2,1]
["TCA23400010S","노무","L001010101000086",null,"통신내선공","일반공사 직종","인",0.08,0,0,267277,21382.1,0,0,267277,21382.1,null,null,"N","N","",1]
["TCA23400010S","손료","RENT000000000003",null,"공구손료","인력품의 3%","식",1,641.4,641.4,0,0,0,0,641.4,641.4,null,null,"N","N",3,1]
[null,null,null,null,"[합 계]",null,null,0,0,1344,0,21382,0,0,0,22726,null,null,null,null,"",1]
[null,null,null,null,null,null,null,0,0,0,0,0,0,0,0,0,null,null,null,null,"",1]
["TCA23500010S",null,null,null,"폴리에틸렌전선관-철강조 노출","PE, 36㎜","M",0,0,0,0,0,0,0,0,0,null,null,null,null,"",1]
["TCA23500010S","자재","3913170620174625",null,"폴리에틸렌전선관","폴리에틸렌전선관, 36mm","m",1,814,814,0,0,0,0,814,814,null,null,"N","N","",1]
["TCA23500010S","자재","3913170620174625",null,"폴리에틸렌전선관","폴리에틸렌전선관, 36mm","m",0.1,814,81.400000000000006,0,0,0,0,814,81.400000000000006,null,null,"N","N","",1]
["TCA23500010S","손료","RENT000000000001",null,"전선관부속품비","전선관의 20%","식",1,162.80000000000001,162.80000000000001,0,0,0,0,162.80000000000001,162.80000000000001,null,null,"N","N",20,1]
["TCA23500010S","손료","RENT000000000002",null,"잡재료비","배관배선의 2%","식",1,16.2,16.2,0,0,0,0,16.2,16.2,null,null,"N","N",2,1]
["TCA23500010S","노무","L001010101000086",null,"통신내선공","일반공사 직종","인",0.1,0,0,267277,26727.7,0,0,267277,26727.7,null,null,"N","N","",1]
["TCA23500010S","손료","RENT000000000003",null,"공구손료","인력품의 3%","식",1,801.8,801.8,0,0,0,0,801.8,801.8,null,null,"N","N",3,1]
[null,null,null,null,"[합 계]",null,null,0,0,1876,0,26727,0,0,0,28603,null,null,null,null,"",1]
[null,null,null,null,null,null,null,0,0,0,0,0,0,0,0,0,null,null,null,null,"",1]
["TCA23600010S",null,null,null,"폴리에틸렌전선관-철강조 노출","PE, 42㎜","M",0,0,0,0,0,0,0,0,0,null,null,null,null,"",1]
["TCA23600010S","자재","3913170620174626",null,"폴리에틸렌전선관","폴리에틸렌전선관, 42mm","m",1,903,903,0,0,0,0,903,903,null,null,"N","N","",1]
["TCA23600010S","자재","3913170620174626",null,"폴리에틸렌전선관","폴리에틸렌전선관, 42mm","m",0.1,903,90.3,0,0,0,0,903,90.3,null,null,"N","N","",1]
["TCA23600010S","손료","RENT000000000001",null,"전선관부속품비","전선관의 20%","식",1,180.6,180.6,0,0,0,0,180.6,180.6,null,null,"N","N",20,1]
["TCA23600010S","손료","RENT000000000002",null,"잡재료비","배관배선의 2%","식",1,18,18,0,0,0,0,18,18,null,null,"N","N",2,1]
["TCA23600010S","노무","L001010101000086",null,"통신내선공","일반공사 직종","인",0.13,0,0,267277,34746,0,0,267277,34746,null,null,"N","N","",1]
["TCA23600010S","손료","RENT000000000003",null,"공구손료","인력품의 3%","식",1,1042.3,1042.3,0,0,0,0,1042.3,1042.3,null,null,"N","N",3,1]
[null,null,null,null,"[합 계]",null,null,0,0,2234,0,34746,0,0,0,36980,null,null,null,null,"",1]
[null,null,null,null,null,null,null,0,0,0,0,0,0,0,0,0,null,null,null,null,"",1]
["TCA23700010S",null,null,null,"폴리에틸렌전선관-철강조 노출","PE, 54㎜","M",0,0,0,0,0,0,0,0,0,null,null,null,null,"",1]
["TCA23700010S","자재","3913170620174627",null,"폴리에틸렌전선관","폴리에틸렌전선관, 54mm","m",1,1470,1470,0,0,0,0,1470,1470,null,null,"N","N","",1]
["TCA23700010S","자재","3913170620174627",null,"폴리에틸렌전선관","폴리에틸렌전선관, 54mm","m",0.1,1470,147,0,0,0,0,1470,147,null,null,"N","N","",1]
["TCA23700010S","손료","RENT000000000001",null,"전선관부속품비","전선관의 20%","식",1,294,294,0,0,0,0,294,294,null,null,"N","N",20,1]
["TCA23700010S","손료","RENT000000000002",null,"잡재료비","배관배선의 2%","식",1,29.4,29.4,0,0,0,0,29.4,29.4,null,null,"N","N",2,1]
["TCA23700010S","노무","L001010101000086",null,"통신내선공","일반공사 직종","인",0.19,0,0,267277,50782.6,0,0,267277,50782.6,null,null,"N","N","",1]
["TCA23700010S","손료","RENT000000000003",null,"공구손료","인력품의 3%","식",1,1523.4,1523.4,0,0,0,0,1523.4,1523.4,null,null,"N","N",3,1]
[null,null,null,null,"[합 계]",null,null,0,0,3463,0,50782,0,0,0,54245,null,null,null,null,"",1]
[null,null,null,null,null,null,null,0,0,0,0,0,0,0,0,0,null,null,null,null,"",1]
["TCA23800010S",null,null,null,"폴리에틸렌전선관-철강조 노출","PE, 70㎜","M",0,0,0,0,0,0,0,0,0,null,null,null,null,"",1]
["TCA23800010S","자재","3913170620174628",null,"폴리에틸렌전선관","폴리에틸렌전선관, 70mm","m",1,2456,2456,0,0,0,0,2456,2456,null,null,"N","N","",1]
["TCA23800010S","자재","3913170620174628",null,"폴리에틸렌전선관","폴리에틸렌전선관, 70mm","m",0.1,2456,245.6,0,0,0,0,2456,245.6,null,null,"N","N","",1]
["TCA23800010S","손료","RENT000000000001",null,"전선관부속품비","전선관의 20%","식",1,491.2,491.2,0,0,0,0,491.2,491.2,null,null,"N","N",20,1]
["TCA23800010S","손료","RENT000000000002",null,"잡재료비","배관배선의 2%","식",1,49.1,49.1,0,0,0,0,49.1,49.1,null,null,"N","N",2,1]
["TCA23800010S","노무","L001010101000086",null,"통신내선공","일반공사 직종","인",0.28000000000000003,0,0,267277,74837.5,0,0,267277,74837.5,null,null,"N","N","",1]
["TCA23800010S","손료","RENT000000000003",null,"공구손료","인력품의 3%","식",1,2245.1,2245.1,0,0,0,0,2245.1,2245.1,null,null,"N","N",3,1]
[null,null,null,null,"[합 계]",null,null,0,0,5487,0,74837,0,0,0,80324,null,null,null,null,"",1]
[null,null,null,null,null,null,null,0,0,0,0,0,0,0,0,0,null,null,null,null,"",1]
["TCA23900010S",null,null,null,"폴리에틸렌전선관-철강조 노출","PE, 82㎜","M",0,0,0,0,0,0,0,0,0,null,null,null,null,"",1]
["TCA23900010S","자재","3913170620174629",null,"폴리에틸렌전선관","폴리에틸렌전선관, 82mm","m",1,3230,3230,0,0,0,0,3230,3230,null,null,"N","N","",1]
["TCA23900010S","자재","3913170620174629",null,"폴리에틸렌전선관","폴리에틸렌전선관, 82mm","m",0.1,3230,323,0,0,0,0,3230,323,null,null,"N","N","",1]
["TCA23900010S","손료","RENT000000000001",null,"전선관부속품비","전선관의 20%","식",1,646,646,0,0,0,0,646,646,null,null,"N","N",20,1]
["TCA23900010S","손료","RENT000000000002",null,"잡재료비","배관배선의 2%","식",1,64.599999999999994,64.599999999999994,0,0,0,0,64.599999999999994,64.599999999999994,null,null,"N","N",2,1]
["TCA23900010S","노무","L001010101000086",null,"통신내선공","일반공사 직종","인",0.37,0,0,267277,98892.4,0,0,267277,98892.4,null,null,"N","N","",1]
["TCA23900010S","손료","RENT000000000003",null,"공구손료","인력품의 3%","식",1,2966.7,2966.7,0,0,0,0,2966.7,2966.7,null,null,"N","N",3,1]
[null,null,null,null,"[합 계]",null,null,0,0,7230,0,98892,0,0,0,106122,null,null,null,null,"",1]
[null,null,null,null,null,null,null,0,0,0,0,0,0,0,0,0,null,null,null,null,"",1]
["TCA23B00010S",null,null,null,"폴리에틸렌전선관-철강조 노출","PE, 100㎜","M",0,0,0,0,0,0,0,0,0,null,null,null,null,"",1]
["TCA23B00010S","자재","3913170620174630",null,"폴리에틸렌전선관","폴리에틸렌전선관, 100mm","m",1,4801,4801,0,0,0,0,4801,4801,null,null,"N","N","",1]
["TCA23B00010S","자재","3913170620174630",null,"폴리에틸렌전선관","폴리에틸렌전선관, 100mm","m",0.1,4801,480.1,0,0,0,0,4801,480.1,null,null,"N","N","",1]
["TCA23B00010S","손료","RENT000000000001",null,"전선관부속품비","전선관의 20%","식",1,960.2,960.2,0,0,0,0,960.2,960.2,null,null,"N","N",20,1]
["TCA23B00010S","손료","RENT000000000002",null,"잡재료비","배관배선의 2%","식",1,96,96,0,0,0,0,96,96,null,null,"N","N",2,1]
["TCA23B00010S","노무","L001010101000086",null,"통신내선공","일반공사 직종","인",0.46,0,0,267277,122947.4,0,0,267277,122947.4,null,null,"N","N","",1]
["TCA23B00010S","손료","RENT000000000003",null,"공구손료","인력품의 3%","식",1,3688.4,3688.4,0,0,0,0,3688.4,3688.4,null,null,"N","N",3,1]
[null,null,null,null,"[합 계]",null,null,0,0,10025,0,122947,0,0,0,132972,null,null,null,null,"",1]
[null,null,null,null,null,null,null,0,0,0,0,0,0,0,0,0,null,null,null,null,"",1]
["TCA24100010S",null,null,null,"폴리에틸렌전선관-천장속, 마루밑","PE, 14㎜","M",0,0,0,0,0,0,0,0,0,null,null,null,null,"",1]
["TCA24100010S","자재","3913170620174621",null,"폴리에틸렌전선관","폴리에틸렌전선관, 14mm","m",1,0,0,0,0,0,0,0,0,null,null,"N","N","",1]
["TCA24100010S","자재","3913170620174621",null,"폴리에틸렌전선관","폴리에틸렌전선관, 14mm","m",0.1,0,0,0,0,0,0,0,0,null,null,"N","N","",1]
["TCA24100010S","손료","RENT000000000001",null,"전선관부속품비","전선관의 20%","식",1,0,0,0,0,0,0,0,0,null,null,"N","N",20,1]
["TCA24100010S","손료","RENT000000000002",null,"잡재료비","배관배선의 2%","식",1,0,0,0,0,0,0,0,0,null,null,"N","N",2,1]
["TCA24100010S","노무","L001010101000086",null,"통신내선공","일반공사 직종","인",4.1599999999999998E-2,0,0,267277,11118.7,0,0,267277,11118.7,null,null,"N","N","",1]
["TCA24100010S","손료","RENT000000000003",null,"공구손료","인력품의 3%","식",1,333.5,333.5,0,0,0,0,333.5,333.5,null,null,"N","N",3,1]
[null,null,null,null,"[합 계]",null,null,0,0,333,0,11118,0,0,0,11451,null,null,null,null,"",1]
[null,null,null,null,null,null,null,0,0,0,0,0,0,0,0,0,null,null,null,null,"",1]
["TCA24200010S",null,null,null,"폴리에틸렌전선관-천장속, 마루밑","PE, 16㎜","M",0,0,0,0,0,0,0,0,0,null,null,null,null,"",1]
["TCA24200010S","자재","3913170620174622",null,"폴리에틸렌전선관","폴리에틸렌전선관, 16mm","m",1,262,262,0,0,0,0,262,262,null,null,"N","N","",1]
["TCA24200010S","자재","3913170620174622",null,"폴리에틸렌전선관","폴리에틸렌전선관, 16mm","m",0.1,262,26.2,0,0,0,0,262,26.2,null,null,"N","N","",1]
["TCA24200010S","손료","RENT000000000001",null,"전선관부속품비","전선관의 20%","식",1,52.4,52.4,0,0,0,0,52.4,52.4,null,null,"N","N",20,1]
["TCA24200010S","손료","RENT000000000002",null,"잡재료비","배관배선의 2%","식",1,5.2,5.2,0,0,0,0,5.2,5.2,null,null,"N","N",2,1]
["TCA24200010S","노무","L001010101000086",null,"통신내선공","일반공사 직종","인",5.1999999999999998E-2,0,0,267277,13898.4,0,0,267277,13898.4,null,null,"N","N","",1]
["TCA24200010S","손료","RENT000000000003",null,"공구손료","인력품의 3%","식",1,416.9,416.9,0,0,0,0,416.9,416.9,null,null,"N","N",3,1]
[null,null,null,null,"[합 계]",null,null,0,0,762,0,13898,0,0,0,14660,null,null,null,null,"",1]
[null,null,null,null,null,null,null,0,0,0,0,0,0,0,0,0,null,null,null,null,"",1]
["TCA24300010S",null,null,null,"폴리에틸렌전선관-천장속, 마루밑","PE, 22㎜","M",0,0,0,0,0,0,0,0,0,null,null,null,null,"",1]
["TCA24300010S","자재","3913170620174623",null,"폴리에틸렌전선관","폴리에틸렌전선관, 22mm","m",1,336,336,0,0,0,0,336,336,null,null,"N","N","",1]
["TCA24300010S","자재","3913170620174623",null,"폴리에틸렌전선관","폴리에틸렌전선관, 22mm","m",0.1,336,33.6,0,0,0,0,336,33.6,null,null,"N","N","",1]
["TCA24300010S","손료","RENT000000000001",null,"전선관부속품비","전선관의 20%","식",1,67.2,67.2,0,0,0,0,67.2,67.2,null,null,"N","N",20,1]
["TCA24300010S","손료","RENT000000000002",null,"잡재료비","배관배선의 2%","식",1,6.7,6.7,0,0,0,0,6.7,6.7,null,null,"N","N",2,1]
["TCA24300010S","노무","L001010101000086",null,"통신내선공","일반공사 직종","인",6.2399999999999997E-2,0,0,267277,16678,0,0,267277,16678,null,null,"N","N","",1]
["TCA24300010S","손료","RENT000000000003",null,"공구손료","인력품의 3%","식",1,500.3,500.3,0,0,0,0,500.3,500.3,null,null,"N","N",3,1]
[null,null,null,null,"[합 계]",null,null,0,0,943,0,16678,0,0,0,17621,null,null,null,null,"",1]
[null,null,null,null,null,null,null,0,0,0,0,0,0,0,0,0,null,null,null,null,"",1]
["TCA24400010S",null,null,null,"폴리에틸렌전선관-천장속, 마루밑","PE, 28㎜","M",0,0,0,0,0,0,0,0,0,null,null,null,null,"",1]
["TCA24400010S","자재","3913170620174624",null,"폴리에틸렌전선관","폴리에틸렌전선관, 28mm","m",1,533,533,0,0,0,0,533,533,null,null,"N","N","",1]
["TCA24400010S","자재","3913170620174624",null,"폴리에틸렌전선관","폴리에틸렌전선관, 28mm","m",0.1,533,53.3,0,0,0,0,533,53.3,null,null,"N","N","",1]
["TCA24400010S","손료","RENT000000000001",null,"전선관부속품비","전선관의 20%","식",1,106.6,106.6,0,0,0,0,106.6,106.6,null,null,"N","N",20,1]
["TCA24400010S","손료","RENT000000000002",null,"잡재료비","배관배선의 2%","식",1,10.6,10.6,0,0,0,0,10.6,10.6,null,null,"N","N",2,1]
["TCA24400010S","노무","L001010101000086",null,"통신내선공","일반공사 직종","인",8.3199999999999996E-2,0,0,267277,22237.4,0,0,267277,22237.4,null,null,"N","N","",1]
["TCA24400010S","손료","RENT000000000003",null,"공구손료","인력품의 3%","식",1,667.1,667.1,0,0,0,0,667.1,667.1,null,null,"N","N",3,1]
[null,null,null,null,"[합 계]",null,null,0,0,1370,0,22237,0,0,0,23607,null,null,null,null,"",1]
[null,null,null,null,null,null,null,0,0,0,0,0,0,0,0,0,null,null,null,null,"",1]
["TCA24500010S",null,null,null,"폴리에틸렌전선관-천장속, 마루밑","PE, 36㎜","M",0,0,0,0,0,0,0,0,0,null,null,null,null,"",1]
["TCA24500010S","자재","3913170620174625",null,"폴리에틸렌전선관","폴리에틸렌전선관, 36mm","m",1,814,814,0,0,0,0,814,814,null,null,"N","N","",1]
["TCA24500010S","자재","3913170620174625",null,"폴리에틸렌전선관","폴리에틸렌전선관, 36mm","m",0.1,814,81.400000000000006,0,0,0,0,814,81.400000000000006,null,null,"N","N","",1]
["TCA24500010S","손료","RENT000000000001",null,"전선관부속품비","전선관의 20%","식",1,162.80000000000001,162.80000000000001,0,0,0,0,162.80000000000001,162.80000000000001,null,null,"N","N",20,1]
["TCA24500010S","손료","RENT000000000002",null,"잡재료비","배관배선의 2%","식",1,16.2,16.2,0,0,0,0,16.2,16.2,null,null,"N","N",2,1]
["TCA24500010S","노무","L001010101000086",null,"통신내선공","일반공사 직종","인",0.104,0,0,267277,27796.799999999999,0,0,267277,27796.799999999999,null,null,"N","N","",1]
["TCA24500010S","손료","RENT000000000003",null,"공구손료","인력품의 3%","식",1,833.9,833.9,0,0,0,0,833.9,833.9,null,null,"N","N",3,1]
[null,null,null,null,"[합 계]",null,null,0,0,1908,0,27796,0,0,0,29704,null,null,null,null,"",1]
[null,null,null,null,null,null,null,0,0,0,0,0,0,0,0,0,null,null,null,null,"",1]
["TCA24600010S",null,null,null,"폴리에틸렌전선관-천장속, 마루밑","PE, 42㎜","M",0,0,0,0,0,0,0,0,0,null,null,null,null,"",1]
["TCA24600010S","자재","3913170620174626",null,"폴리에틸렌전선관","폴리에틸렌전선관, 42mm","m",1,903,903,0,0,0,0,903,903,null,null,"N","N","",1]
["TCA24600010S","자재","3913170620174626",null,"폴리에틸렌전선관","폴리에틸렌전선관, 42mm","m",0.1,903,90.3,0,0,0,0,903,90.3,null,null,"N","N","",1]
["TCA24600010S","손료","RENT000000000001",null,"전선관부속품비","전선관의 20%","식",1,180.6,180.6,0,0,0,0,180.6,180.6,null,null,"N","N",20,1]
["TCA24600010S","손료","RENT000000000002",null,"잡재료비","배관배선의 2%","식",1,18,18,0,0,0,0,18,18,null,null,"N","N",2,1]
["TCA24600010S","노무","L001010101000086",null,"통신내선공","일반공사 직종","인",0.13519999999999999,0,0,267277,36135.800000000003,0,0,267277,36135.800000000003,null,null,"N","N","",1]
["TCA24600010S","손료","RENT000000000003",null,"공구손료","인력품의 3%","식",1,1084,1084,0,0,0,0,1084,1084,null,null,"N","N",3,1]
[null,null,null,null,"[합 계]",null,null,0,0,2275,0,36135,0,0,0,38410,null,null,null,null,"",1]
[null,null,null,null,null,null,null,0,0,0,0,0,0,0,0,0,null,null,null,null,"",1]
["TCA24700010S",null,null,null,"폴리에틸렌전선관-천장속, 마루밑","PE, 54㎜","M",0,0,0,0,0,0,0,0,0,null,null,null,null,"",1]
["TCA24700010S","자재","3913170620174627",null,"폴리에틸렌전선관","폴리에틸렌전선관, 54mm","m",1,1470,1470,0,0,0,0,1470,1470,null,null,"N","N","",1]
["TCA24700010S","자재","3913170620174627",null,"폴리에틸렌전선관","폴리에틸렌전선관, 54mm","m",0.1,1470,147,0,0,0,0,1470,147,null,null,"N","N","",1]
["TCA24700010S","손료","RENT000000000001",null,"전선관부속품비","전선관의 20%","식",1,294,294,0,0,0,0,294,294,null,null,"N","N",20,1]
["TCA24700010S","손료","RENT000000000002",null,"잡재료비","배관배선의 2%","식",1,29.4,29.4,0,0,0,0,29.4,29.4,null,null,"N","N",2,1]
["TCA24700010S","노무","L001010101000086",null,"통신내선공","일반공사 직종","인",0.1976,0,0,267277,52813.9,0,0,267277,52813.9,null,null,"N","N","",1]
["TCA24700010S","손료","RENT000000000003",null,"공구손료","인력품의 3%","식",1,1584.4,1584.4,0,0,0,0,1584.4,1584.4,null,null,"N","N",3,1]
[null,null,null,null,"[합 계]",null,null,0,0,3524,0,52813,0,0,0,56337,null,null,null,null,"",1]
[null,null,null,null,null,null,null,0,0,0,0,0,0,0,0,0,null,null,null,null,"",1]
["TCA24800010S",null,null,null,"폴리에틸렌전선관-천장속, 마루밑","PE, 70㎜","M",0,0,0,0,0,0,0,0,0,null,null,null,null,"",1]
["TCA24800010S","자재","3913170620174628",null,"폴리에틸렌전선관","폴리에틸렌전선관, 70mm","m",1,2456,2456,0,0,0,0,2456,2456,null,null,"N","N","",1]
["TCA24800010S","자재","3913170620174628",null,"폴리에틸렌전선관","폴리에틸렌전선관, 70mm","m",0.1,2456,245.6,0,0,0,0,2456,245.6,null,null,"N","N","",1]
["TCA24800010S","손료","RENT000000000001",null,"전선관부속품비","전선관의 20%","식",1,491.2,491.2,0,0,0,0,491.2,491.2,null,null,"N","N",20,1]
["TCA24800010S","손료","RENT000000000002",null,"잡재료비","배관배선의 2%","식",1,49.1,49.1,0,0,0,0,49.1,49.1,null,null,"N","N",2,1]
["TCA24800010S","노무","L001010101000086",null,"통신내선공","일반공사 직종","인",0.29120000000000001,0,0,267277,77831,0,0,267277,77831,null,null,"N","N","",1]
["TCA24800010S","손료","RENT000000000003",null,"공구손료","인력품의 3%","식",1,2334.9,2334.9,0,0,0,0,2334.9,2334.9,null,null,"N","N",3,1]
[null,null,null,null,"[합 계]",null,null,0,0,5576,0,77831,0,0,0,83407,null,null,null,null,"",1]
[null,null,null,null,null,null,null,0,0,0,0,0,0,0,0,0,null,null,null,null,"",1]
["TCA24900010S",null,null,null,"폴리에틸렌전선관-천장속, 마루밑","PE, 82㎜","M",0,0,0,0,0,0,0,0,0,null,null,null,null,"",1]
["TCA24900010S","자재","3913170620174629",null,"폴리에틸렌전선관","폴리에틸렌전선관, 82mm","m",1,3230,3230,0,0,0,0,3230,3230,null,null,"N","N","",1]
["TCA24900010S","자재","3913170620174629",null,"폴리에틸렌전선관","폴리에틸렌전선관, 82mm","m",0.1,3230,323,0,0,0,0,3230,323,null,null,"N","N","",1]
["TCA24900010S","손료","RENT000000000001",null,"전선관부속품비","전선관의 20%","식",1,646,646,0,0,0,0,646,646,null,null,"N","N",20,1]
["TCA24900010S","손료","RENT000000000002",null,"잡재료비","배관배선의 2%","식",1,64.599999999999994,64.599999999999994,0,0,0,0,64.599999999999994,64.599999999999994,null,null,"N","N",2,1]
["TCA24900010S","노무","L001010101000086",null,"통신내선공","일반공사 직종","인",0.38479999999999998,0,0,267277,102848.1,0,0,267277,102848.1,null,null,"N","N","",1]
["TCA24900010S","손료","RENT000000000003",null,"공구손료","인력품의 3%","식",1,3085.4,3085.4,0,0,0,0,3085.4,3085.4,null,null,"N","N",3,1]
[null,null,null,null,"[합 계]",null,null,0,0,7349,0,102848,0,0,0,110197,null,null,null,null,"",1]
[null,null,null,null,null,null,null,0,0,0,0,0,0,0,0,0,null,null,null,null,"",1]
["TCA24B00010S",null,null,null,"폴리에틸렌전선관-천장속, 마루밑","PE, 100㎜","M",0,0,0,0,0,0,0,0,0,null,null,null,null,"",1]
["TCA24B00010S","자재","3913170620174630",null,"폴리에틸렌전선관","폴리에틸렌전선관, 100mm","m",1,4801,4801,0,0,0,0,4801,4801,null,null,"N","N","",1]
["TCA24B00010S","자재","3913170620174630",null,"폴리에틸렌전선관","폴리에틸렌전선관, 100mm","m",0.1,4801,480.1,0,0,0,0,4801,480.1,null,null,"N","N","",1]
["TCA24B00010S","손료","RENT000000000001",null,"전선관부속품비","전선관의 20%","식",1,960.2,960.2,0,0,0,0,960.2,960.2,null,null,"N","N",20,1]
["TCA24B00010S","손료","RENT000000000002",null,"잡재료비","배관배선의 2%","식",1,96,96,0,0,0,0,96,96,null,null,"N","N",2,1]
["TCA24B00010S","노무","L001010101000086",null,"통신내선공","일반공사 직종","인",0.47839999999999999,0,0,267277,127865.3,0,0,267277,127865.3,null,null,"N","N","",1]
["TCA24B00010S","손료","RENT000000000003",null,"공구손료","인력품의 3%","식",1,3835.9,3835.9,0,0,0,0,3835.9,3835.9,null,null,"N","N",3,1]
[null,null,null,null,"[합 계]",null,null,0,0,10173,0,127865,0,0,0,138038,null,null,null,null,"",1]
[null,null,null,null,null,null,null,0,0,0,0,0,0,0,0,0,null,null,null,null,"",1]
["TCA27100010S",null,null,null,"폴리에틸렌전선관-철거","PE, 14mm(30%)","M",0,0,0,0,0,0,0,0,0,null,null,null,null,"",1]
["TCA27100010S","노무","L001010101000086",null,"통신내선공","일반공사 직종","인",9.5999999999999992E-3,0,0,267277,2565.8000000000002,0,0,267277,2565.8000000000002,null,null,"N","N","",1]
["TCA27100010S","손료","RENT000000000003",null,"공구손료","노무비의 3%","식",1,76.900000000000006,76.900000000000006,0,0,0,0,76.900000000000006,76.900000000000006,null,null,"N","N",3,1]
[null,null,null,null,"[합 계]",null,null,0,0,76,0,2565,0,0,0,2641,null,null,null,null,"",1]
[null,null,null,null,null,null,null,0,0,0,0,0,0,0,0,0,null,null,null,null,"",1]
["TCA27100020S",null,null,null,"폴리에틸렌전선관-재사용철거","PE, 14mm(40%)","M",0,0,0,0,0,0,0,0,0,null,null,null,null,"",1]
["TCA27100020S","노무","L001010101000086",null,"통신내선공","일반공사 직종","인",1.2800000000000001E-2,0,0,267277,3421.1,0,0,267277,3421.1,null,null,"N","N","",1]
["TCA27100020S","손료","RENT000000000003",null,"공구손료","노무비의 3%","식",1,102.6,102.6,0,0,0,0,102.6,102.6,null,null,"N","N",3,1]
[null,null,null,null,"[합 계]",null,null,0,0,102,0,3421,0,0,0,3523,null,null,null,null,"",1]
[null,null,null,null,null,null,null,0,0,0,0,0,0,0,0,0,null,null,null,null,"",1]
["TCA27200010S",null,null,null,"폴리에틸렌전선관-철거","PE, 16mm(30%)","M",0,0,0,0,0,0,0,0,0,null,null,null,null,"",1]
["TCA27200010S","노무","L001010101000086",null,"통신내선공","일반공사 직종","인",1.2E-2,0,0,267277,3207.3,0,0,267277,3207.3,null,null,"N","N","",1]
["TCA27200010S","손료","RENT000000000003",null,"공구손료","노무비의 3%","식",1,96.2,96.2,0,0,0,0,96.2,96.2,null,null,"N","N",3,1]
[null,null,null,null,"[합 계]",null,null,0,0,96,0,3207,0,0,0,3303,null,null,null,null,"",1]
[null,null,null,null,null,null,null,0,0,0,0,0,0,0,0,0,null,null,null,null,"",1]
["TCA27200020S",null,null,null,"폴리에틸렌전선관-재사용철거","PE, 16mm(40%)","M",0,0,0,0,0,0,0,0,0,null,null,null,null,"",1]
["TCA27200020S","노무","L001010101000086",null,"통신내선공","일반공사 직종","인",1.6E-2,0,0,267277,4276.3999999999996,0,0,267277,4276.3999999999996,null,null,"N","N","",1]
["TCA27200020S","손료","RENT000000000003",null,"공구손료","노무비의 3%","식",1,128.19999999999999,128.19999999999999,0,0,0,0,128.19999999999999,128.19999999999999,null,null,"N","N",3,1]
[null,null,null,null,"[합 계]",null,null,0,0,128,0,4276,0,0,0,4404,null,null,null,null,"",1]
[null,null,null,null,null,null,null,0,0,0,0,0,0,0,0,0,null,null,null,null,"",1]
["TCA27300010S",null,null,null,"폴리에틸렌전선관-철거","PE, 22mm(30%)","M",0,0,0,0,0,0,0,0,0,null,null,null,null,"",1]
["TCA27300010S","노무","L001010101000086",null,"통신내선공","일반공사 직종","인",1.44E-2,0,0,267277,3848.7,0,0,267277,3848.7,null,null,"N","N","",1]
["TCA27300010S","손료","RENT000000000003",null,"공구손료","노무비의 3%","식",1,115.4,115.4,0,0,0,0,115.4,115.4,null,null,"N","N",3,1]
[null,null,null,null,"[합 계]",null,null,0,0,115,0,3848,0,0,0,3963,null,null,null,null,"",1]
[null,null,null,null,null,null,null,0,0,0,0,0,0,0,0,0,null,null,null,null,"",1]
["TCA27300020S",null,null,null,"폴리에틸렌전선관-재사용철거","PE, 22mm(40%)","M",0,0,0,0,0,0,0,0,0,null,null,null,null,"",1]
["TCA27300020S","노무","L001010101000086",null,"통신내선공","일반공사 직종","인",1.9199999999999998E-2,0,0,267277,5131.7,0,0,267277,5131.7,null,null,"N","N","",1]
["TCA27300020S","손료","RENT000000000003",null,"공구손료","노무비의 3%","식",1,153.9,153.9,0,0,0,0,153.9,153.9,null,null,"N","N",3,1]
[null,null,null,null,"[합 계]",null,null,0,0,153,0,5131,0,0,0,5284,null,null,null,null,"",1]
[null,null,null,null,null,null,null,0,0,0,0,0,0,0,0,0,null,null,null,null,"",1]
["TCA27400010S",null,null,null,"폴리에틸렌전선관-철거","PE, 28mm(30%)","M",0,0,0,0,0,0,0,0,0,null,null,null,null,"",1]
["TCA27400010S","노무","L001010101000086",null,"통신내선공","일반공사 직종","인",1.9199999999999998E-2,0,0,267277,5131.7,0,0,267277,5131.7,null,null,"N","N","",1]
["TCA27400010S","손료","RENT000000000003",null,"공구손료","노무비의 3%","식",1,153.9,153.9,0,0,0,0,153.9,153.9,null,null,"N","N",3,1]
[null,null,null,null,"[합 계]",null,null,0,0,153,0,5131,0,0,0,5284,null,null,null,null,"",1]
[null,null,null,null,null,null,null,0,0,0,0,0,0,0,0,0,null,null,null,null,"",1]
["TCA27400020S",null,null,null,"폴리에틸렌전선관-재사용철거","PE, 28mm(40%)","M",0,0,0,0,0,0,0,0,0,null,null,null,null,"",1]
["TCA27400020S","노무","L001010101000086",null,"통신내선공","일반공사 직종","인",2.5600000000000001E-2,0,0,267277,6842.2,0,0,267277,6842.2,null,null,"N","N","",1]
["TCA27400020S","손료","RENT000000000003",null,"공구손료","노무비의 3%","식",1,205.2,205.2,0,0,0,0,205.2,205.2,null,null,"N","N",3,1]
[null,null,null,null,"[합 계]",null,null,0,0,205,0,6842,0,0,0,7047,null,null,null,null,"",1]
[null,null,null,null,null,null,null,0,0,0,0,0,0,0,0,0,null,null,null,null,"",1]
["TCA27500010S",null,null,null,"폴리에틸렌전선관-철거","PE, 36mm(30%)","M",0,0,0,0,0,0,0,0,0,null,null,null,null,"",1]
["TCA27500010S","노무","L001010101000086",null,"통신내선공","일반공사 직종","인",2.4E-2,0,0,267277,6414.6,0,0,267277,6414.6,null,null,"N","N","",1]
["TCA27500010S","손료","RENT000000000003",null,"공구손료","노무비의 3%","식",1,192.4,192.4,0,0,0,0,192.4,192.4,null,null,"N","N",3,1]
[null,null,null,null,"[합 계]",null,null,0,0,192,0,6414,0,0,0,6606,null,null,null,null,"",1]
[null,null,null,null,null,null,null,0,0,0,0,0,0,0,0,0,null,null,null,null,"",1]
["TCA27500020S",null,null,null,"폴리에틸렌전선관-재사용철거","PE, 36mm(40%)","M",0,0,0,0,0,0,0,0,0,null,null,null,null,"",1]
["TCA27500020S","노무","L001010101000086",null,"통신내선공","일반공사 직종","인",3.2000000000000001E-2,0,0,267277,8552.7999999999993,0,0,267277,8552.7999999999993,null,null,"N","N","",1]
["TCA27500020S","손료","RENT000000000003",null,"공구손료","노무비의 3%","식",1,256.5,256.5,0,0,0,0,256.5,256.5,null,null,"N","N",3,1]
[null,null,null,null,"[합 계]",null,null,0,0,256,0,8552,0,0,0,8808,null,null,null,null,"",1]
[null,null,null,null,null,null,null,0,0,0,0,0,0,0,0,0,null,null,null,null,"",1]
["TCA27600010S",null,null,null,"폴리에틸렌전선관-철거","PE, 42mm(30%)","M",0,0,0,0,0,0,0,0,0,null,null,null,null,"",1]
["TCA27600010S","노무","L001010101000086",null,"통신내선공","일반공사 직종","인",3.1199999999999999E-2,0,0,267277,8339,0,0,267277,8339,null,null,"N","N","",1]
["TCA27600010S","손료","RENT000000000003",null,"공구손료","노무비의 3%","식",1,250.1,250.1,0,0,0,0,250.1,250.1,null,null,"N","N",3,1]
[null,null,null,null,"[합 계]",null,null,0,0,250,0,8339,0,0,0,8589,null,null,null,null,"",1]
[null,null,null,null,null,null,null,0,0,0,0,0,0,0,0,0,null,null,null,null,"",1]
["TCA27600020S",null,null,null,"폴리에틸렌전선관-재사용철거","PE, 42mm(40%)","M",0,0,0,0,0,0,0,0,0,null,null,null,null,"",1]
["TCA27600020S","노무","L001010101000086",null,"통신내선공","일반공사 직종","인",4.1599999999999998E-2,0,0,267277,11118.7,0,0,267277,11118.7,null,null,"N","N","",1]
["TCA27600020S","손료","RENT000000000003",null,"공구손료","노무비의 3%","식",1,333.5,333.5,0,0,0,0,333.5,333.5,null,null,"N","N",3,1]
[null,null,null,null,"[합 계]",null,null,0,0,333,0,11118,0,0,0,11451,null,null,null,null,"",1]
[null,null,null,null,null,null,null,0,0,0,0,0,0,0,0,0,null,null,null,null,"",1]
["TCA27700010S",null,null,null,"폴리에틸렌전선관-철거","PE, 54mm(40%)","M",0,0,0,0,0,0,0,0,0,null,null,null,null,"",1]
["TCA27700010S","노무","L001010101000086",null,"통신내선공","일반공사 직종","인",4.5600000000000002E-2,0,0,267277,12187.8,0,0,267277,12187.8,null,null,"N","N","",1]
["TCA27700010S","손료","RENT000000000003",null,"공구손료","노무비의 3%","식",1,365.6,365.6,0,0,0,0,365.6,365.6,null,null,"N","N",3,1]
[null,null,null,null,"[합 계]",null,null,0,0,365,0,12187,0,0,0,12552,null,null,null,null,"",1]
[null,null,null,null,null,null,null,0,0,0,0,0,0,0,0,0,null,null,null,null,"",1]
["TCA27700020S",null,null,null,"폴리에틸렌전선관-재사용철거","PE, 54mm(40%)","M",0,0,0,0,0,0,0,0,0,null,null,null,null,"",1]
["TCA27700020S","노무","L001010101000086",null,"통신내선공","일반공사 직종","인",6.08E-2,0,0,267277,16250.4,0,0,267277,16250.4,null,null,"N","N","",1]
["TCA27700020S","손료","RENT000000000003",null,"공구손료","노무비의 3%","식",1,487.5,487.5,0,0,0,0,487.5,487.5,null,null,"N","N",3,1]
[null,null,null,null,"[합 계]",null,null,0,0,487,0,16250,0,0,0,16737,null,null,null,null,"",1]
[null,null,null,null,null,null,null,0,0,0,0,0,0,0,0,0,null,null,null,null,"",1]
["TCA27800010S",null,null,null,"폴리에틸렌전선관-철거","PE, 70mm(40%)","M",0,0,0,0,0,0,0,0,0,null,null,null,null,"",1]
["TCA27800010S","노무","L001010101000086",null,"통신내선공","일반공사 직종","인",6.7199999999999996E-2,0,0,267277,17961,0,0,267277,17961,null,null,"N","N","",1]
["TCA27800010S","손료","RENT000000000003",null,"공구손료","노무비의 3%","식",1,538.79999999999995,538.79999999999995,0,0,0,0,538.79999999999995,538.79999999999995,null,null,"N","N",3,1]
[null,null,null,null,"[합 계]",null,null,0,0,538,0,17961,0,0,0,18499,null,null,null,null,"",1]
[null,null,null,null,null,null,null,0,0,0,0,0,0,0,0,0,null,null,null,null,"",1]
["TCA27800020S",null,null,null,"폴리에틸렌전선관-재사용철거","PE, 70mm(40%)","M",0,0,0,0,0,0,0,0,0,null,null,null,null,"",1]
["TCA27800020S","노무","L001010101000086",null,"통신내선공","일반공사 직종","인",8.9599999999999999E-2,0,0,267277,23948,0,0,267277,23948,null,null,"N","N","",1]
["TCA27800020S","손료","RENT000000000003",null,"공구손료","노무비의 3%","식",1,718.4,718.4,0,0,0,0,718.4,718.4,null,null,"N","N",3,1]
[null,null,null,null,"[합 계]",null,null,0,0,718,0,23948,0,0,0,24666,null,null,null,null,"",1]
[null,null,null,null,null,null,null,0,0,0,0,0,0,0,0,0,null,null,null,null,"",1]
["TCA27900010S",null,null,null,"폴리에틸렌전선관-철거","PE, 82mm(40%)","M",0,0,0,0,0,0,0,0,0,null,null,null,null,"",1]
["TCA27900010S","노무","L001010101000086",null,"통신내선공","일반공사 직종","인",8.8800000000000004E-2,0,0,267277,23734.1,0,0,267277,23734.1,null,null,"N","N","",1]
["TCA27900010S","손료","RENT000000000003",null,"공구손료","노무비의 3%","식",1,712,712,0,0,0,0,712,712,null,null,"N","N",3,1]
[null,null,null,null,"[합 계]",null,null,0,0,712,0,23734,0,0,0,24446,null,null,null,null,"",1]
[null,null,null,null,null,null,null,0,0,0,0,0,0,0,0,0,null,null,null,null,"",1]
["TCA27900020S",null,null,null,"폴리에틸렌전선관-재사용철거","PE, 82mm(40%)","M",0,0,0,0,0,0,0,0,0,null,null,null,null,"",1]
["TCA27900020S","노무","L001010101000086",null,"통신내선공","일반공사 직종","인",0.11840000000000001,0,0,267277,31645.5,0,0,267277,31645.5,null,null,"N","N","",1]
["TCA27900020S","손료","RENT000000000003",null,"공구손료","노무비의 3%","식",1,949.3,949.3,0,0,0,0,949.3,949.3,null,null,"N","N",3,1]
[null,null,null,null,"[합 계]",null,null,0,0,949,0,31645,0,0,0,32594,null,null,null,null,"",1]
[null,null,null,null,null,null,null,0,0,0,0,0,0,0,0,0,null,null,null,null,"",1]
["TCA27A00010S",null,null,null,"폴리에틸렌전선관-철거","PE, 92mm(40%)","M",0,0,0,0,0,0,0,0,0,null,null,null,null,"",1]
["TCA27A00010S","노무","L001010101000086",null,"통신내선공","일반공사 직종","인",0.108,0,0,267277,28865.9,0,0,267277,28865.9,null,null,"N","N","",1]
["TCA27A00010S","손료","RENT000000000003",null,"공구손료","노무비의 3%","식",1,865.9,865.9,0,0,0,0,865.9,865.9,null,null,"N","N",3,1]
[null,null,null,null,"[합 계]",null,null,0,0,865,0,28865,0,0,0,29730,null,null,null,null,"",1]
[null,null,null,null,null,null,null,0,0,0,0,0,0,0,0,0,null,null,null,null,"",1]
["TCA27A00020S",null,null,null,"폴리에틸렌전선관-재사용철거","PE, 92mm(40%)","M",0,0,0,0,0,0,0,0,0,null,null,null,null,"",1]
["TCA27A00020S","노무","L001010101000086",null,"통신내선공","일반공사 직종","인",0.14399999999999999,0,0,267277,38487.800000000003,0,0,267277,38487.800000000003,null,null,"N","N","",1]
["TCA27A00020S","손료","RENT000000000003",null,"공구손료","노무비의 3%","식",1,1154.5999999999999,1154.5999999999999,0,0,0,0,1154.5999999999999,1154.5999999999999,null,null,"N","N",3,1]
[null,null,null,null,"[합 계]",null,null,0,0,1154,0,38487,0,0,0,39641,null,null,null,null,"",1]
[null,null,null,null,null,null,null,0,0,0,0,0,0,0,0,0,null,null,null,null,"",1]
["TCA27C00010S",null,null,null,"폴리에틸렌전선관-철거","PE, 104mm(40%)","M",0,0,0,0,0,0,0,0,0,null,null,null,null,"",1]
["TCA27C00010S","노무","L001010101000086",null,"통신내선공","일반공사 직종","인",0.1104,0,0,267277,29507.3,0,0,267277,29507.3,null,null,"N","N","",1]
["TCA27C00010S","손료","RENT000000000003",null,"공구손료","노무비의 3%","식",1,885.2,885.2,0,0,0,0,885.2,885.2,null,null,"N","N",3,1]
[null,null,null,null,"[합 계]",null,null,0,0,885,0,29507,0,0,0,30392,null,null,null,null,"",1]
[null,null,null,null,null,null,null,0,0,0,0,0,0,0,0,0,null,null,null,null,"",1]
["TCA27C00020S",null,null,null,"폴리에틸렌전선관-재사용철거","PE, 104mm(40%)","M",0,0,0,0,0,0,0,0,0,null,null,null,null,"",1]
["TCA27C00020S","노무","L001010101000086",null,"통신내선공","일반공사 직종","인",0.1472,0,0,267277,39343.1,0,0,267277,39343.1,null,null,"N","N","",1]
["TCA27C00020S","손료","RENT000000000003",null,"공구손료","노무비의 3%","식",1,1180.2,1180.2,0,0,0,0,1180.2,1180.2,null,null,"N","N",3,1]
[null,null,null,null,"[합 계]",null,null,0,0,1180,0,39343,0,0,0,40523,null,null,null,null,"",1]
[null,null,null,null,null,null,null,0,0,0,0,0,0,0,0,0,null,null,null,null,"",1]
["TCA27D00010S",null,null,null,"폴리에틸렌전선관-철거","PE, 125mm(40%)","M",0,0,0,0,0,0,0,0,0,null,null,null,null,"",1]
["TCA27D00010S","노무","L001010101000086",null,"통신내선공","일반공사 직종","인",0.12239999999999999,0,0,267277,32714.7,0,0,267277,32714.7,null,null,"N","N","",1]
["TCA27D00010S","손료","RENT000000000003",null,"공구손료","노무비의 3%","식",1,981.4,981.4,0,0,0,0,981.4,981.4,null,null,"N","N",3,1]
[null,null,null,null,"[합 계]",null,null,0,0,981,0,32714,0,0,0,33695,null,null,null,null,"",1]
[null,null,null,null,null,null,null,0,0,0,0,0,0,0,0,0,null,null,null,null,"",1]
["TCA27D00020S",null,null,null,"폴리에틸렌전선관-재사용철거","PE, 125mm(40%)","M",0,0,0,0,0,0,0,0,0,null,null,null,null,"",1]
["TCA27D00020S","노무","L001010101000086",null,"통신내선공","일반공사 직종","인",0.16320000000000001,0,0,267277,43619.6,0,0,267277,43619.6,null,null,"N","N","",1]
["TCA27D00020S","손료","RENT000000000003",null,"공구손료","노무비의 3%","식",1,1308.5,1308.5,0,0,0,0,1308.5,1308.5,null,null,"N","N",3,1]
[null,null,null,null,"[합 계]",null,null,0,0,1308,0,43619,0,0,0,44927,null,null,null,null,"",1]
[null,null,null,null,null,null,null,0,0,0,0,0,0,0,0,0,null,null,null,null,"",1]
["TCA31200010S",null,null,null,"합성수지제가요전선관-콘크리트 매입","하이렉스-CD, 16㎜","M",0,0,0,0,0,0,0,0,0,null,null,null,null,"",1]
["TCA31200010S","자재","3913170610035664",null,"합성수지제가요전선관","합성수지제가요전선관, HL-CD 16, 하이렉스-CD, 16mm","m",1,143,143,0,0,0,0,143,143,null,null,"N","N","",1]
["TCA31200010S","자재","3913170610035664",null,"합성수지제가요전선관","합성수지제가요전선관, HL-CD 16, 하이렉스-CD, 16mm","m",0.1,143,14.3,0,0,0,0,143,14.3,null,null,"N","N","",1]
["TCA31200010S","손료","RENT000000000001",null,"잡재료비","배관배선의 2%","식",1,2.8,2.8,0,0,0,0,2.8,2.8,null,null,"N","N",2,1]
["TCA31200010S","손료","RENT000000000002",null,"전선관부속품비","CD 관의 40%","식",1,57.2,57.2,0,0,0,0,57.2,57.2,null,null,"N","N",40,1]
["TCA31200010S","노무","L001010101000086",null,"통신내선공","일반공사 직종","인",0.04,0,0,267277,10691,0,0,267277,10691,null,null,"N","N","",1]
["TCA31200010S","손료","RENT000000000003",null,"공구손료","인력품의 3%","식",1,320.7,320.7,0,0,0,0,320.7,320.7,null,null,"N","N",3,1]
[null,null,null,null,"[합 계]",null,null,0,0,538,0,10691,0,0,0,11229,null,null,null,null,"",1]
[null,null,null,null,null,null,null,0,0,0,0,0,0,0,0,0,null,null,null,null,"",1]
["TCA31200020S",null,null,null,"합성수지제가요전선관-콘크리트 매입","HI-LEX-PF(난연성), 16㎜","M",0,0,0,0,0,0,0,0,0,null,null,null,null,"",1]
["TCA31200020S","자재","3913170610035668",null,"합성수지제가요전선관","합성수지제가요전선관, HL-PF 16, Hi-lex-pf, 난연성, 16mm","m",1,0,0,0,0,0,0,0,0,null,null,"N","N","",1]
["TCA31200020S","자재","3913170610035668",null,"합성수지제가요전선관","합성수지제가요전선관, HL-PF 16, Hi-lex-pf, 난연성, 16mm","m",0.1,0,0,0,0,0,0,0,0,null,null,"N","N","",1]
["TCA31200020S","손료","RENT000000000001",null,"잡재료비","배관배선의 2%","식",1,0,0,0,0,0,0,0,0,null,null,"N","N",2,1]
["TCA31200020S","손료","RENT000000000002",null,"전선관부속품비","CD 관의 40%","식",1,0,0,0,0,0,0,0,0,null,null,"N","N",40,1]
["TCA31200020S","노무","L001010101000086",null,"통신내선공","일반공사 직종","인",0.04,0,0,267277,10691,0,0,267277,10691,null,null,"N","N","",1]
["TCA31200020S","손료","RENT000000000003",null,"공구손료","인력품의 3%","식",1,320.7,320.7,0,0,0,0,320.7,320.7,null,null,"N","N",3,1]
[null,null,null,null,"[합 계]",null,null,0,0,320,0,10691,0,0,0,11011,null,null,null,null,"",1]
[null,null,null,null,null,null,null,0,0,0,0,0,0,0,0,0,null,null,null,null,"",1]
["TCA31300010S",null,null,null,"합성수지제가요전선관-콘크리트 매입","하이렉스-CD, 22㎜","M",0,0,0,0,0,0,0,0,0,null,null,null,null,"",1]
["TCA31300010S","자재","3913170610035665",null,"합성수지제가요전선관","합성수지제가요전선관, HL-CD 22, 하이렉스-CD, 22mm","m",1,211,211,0,0,0,0,211,211,null,null,"N","N","",1]
["TCA31300010S","자재","3913170610035665",null,"합성수지제가요전선관","합성수지제가요전선관, HL-CD 22, 하이렉스-CD, 22mm","m",0.1,211,21.1,0,0,0,0,211,21.1,null,null,"N","N","",1]
["TCA31300010S","손료","RENT000000000001",null,"잡재료비","배관배선의 2%","식",1,4.2,4.2,0,0,0,0,4.2,4.2,null,null,"N","N",2,1]
["TCA31300010S","손료","RENT000000000002",null,"전선관부속품비","CD 관의 40%","식",1,84.4,84.4,0,0,0,0,84.4,84.4,null,null,"N","N",40,1]
["TCA31300010S","노무","L001010101000086",null,"통신내선공","일반공사 직종","인",4.8000000000000001E-2,0,0,267277,12829.2,0,0,267277,12829.2,null,null,"N","N","",1]
["TCA31300010S","손료","RENT000000000003",null,"공구손료","인력품의 3%","식",1,384.8,384.8,0,0,0,0,384.8,384.8,null,null,"N","N",3,1]
[null,null,null,null,"[합 계]",null,null,0,0,705,0,12829,0,0,0,13534,null,null,null,null,"",1]
[null,null,null,null,null,null,null,0,0,0,0,0,0,0,0,0,null,null,null,null,"",1]
["TCA31300020S",null,null,null,"합성수지제가요전선관-콘크리트 매입","HI-LEX-PF(난연성), 22㎜","M",0,0,0,0,0,0,0,0,0,null,null,null,null,"",1]
["TCA31300020S","자재","3913170610035669",null,"합성수지제가요전선관","합성수지제가요전선관, HL-PF 22, Hi-lex-pf, 난연성, 22mm","m",1,0,0,0,0,0,0,0,0,null,null,"N","N","",1]
["TCA31300020S","자재","3913170610035669",null,"합성수지제가요전선관","합성수지제가요전선관, HL-PF 22, Hi-lex-pf, 난연성, 22mm","m",0.1,0,0,0,0,0,0,0,0,null,null,"N","N","",1]
["TCA31300020S","손료","RENT000000000001",null,"잡재료비","배관배선의 2%","식",1,0,0,0,0,0,0,0,0,null,null,"N","N",2,1]
["TCA31300020S","손료","RENT000000000002",null,"전선관부속품비","CD 관의 40%","식",1,0,0,0,0,0,0,0,0,null,null,"N","N",40,1]
["TCA31300020S","노무","L001010101000086",null,"통신내선공","일반공사 직종","인",4.8000000000000001E-2,0,0,267277,12829.2,0,0,267277,12829.2,null,null,"N","N","",1]
["TCA31300020S","손료","RENT000000000003",null,"공구손료","인력품의 3%","식",1,384.8,384.8,0,0,0,0,384.8,384.8,null,null,"N","N",3,1]
[null,null,null,null,"[합 계]",null,null,0,0,384,0,12829,0,0,0,13213,null,null,null,null,"",1]
[null,null,null,null,null,null,null,0,0,0,0,0,0,0,0,0,null,null,null,null,"",1]
["TCA31400010S",null,null,null,"합성수지제가요전선관-콘크리트 매입","하이렉스-CD, 28㎜","M",0,0,0,0,0,0,0,0,0,null,null,null,null,"",1]
["TCA31400010S","자재","3913170610035666",null,"합성수지제가요전선관","합성수지제가요전선관, HL-CD 28, 하이렉스-CD, 28mm","m",1,279,279,0,0,0,0,279,279,null,null,"N","N","",1]
["TCA31400010S","자재","3913170610035666",null,"합성수지제가요전선관","합성수지제가요전선관, HL-CD 28, 하이렉스-CD, 28mm","m",0.1,279,27.9,0,0,0,0,279,27.9,null,null,"N","N","",1]
["TCA31400010S","손료","RENT000000000001",null,"잡재료비","배관배선의 2%","식",1,5.5,5.5,0,0,0,0,5.5,5.5,null,null,"N","N",2,1]
["TCA31400010S","손료","RENT000000000002",null,"전선관부속품비","CD 관의 40%","식",1,111.6,111.6,0,0,0,0,111.6,111.6,null,null,"N","N",40,1]
["TCA31400010S","노무","L001010101000086",null,"통신내선공","일반공사 직종","인",6.4000000000000001E-2,0,0,267277,17105.7,0,0,267277,17105.7,null,null,"N","N","",1]
["TCA31400010S","손료","RENT000000000003",null,"공구손료","인력품의 3%","식",1,513.1,513.1,0,0,0,0,513.1,513.1,null,null,"N","N",3,1]
[null,null,null,null,"[합 계]",null,null,0,0,937,0,17105,0,0,0,18042,null,null,null,null,"",1]
[null,null,null,null,null,null,null,0,0,0,0,0,0,0,0,0,null,null,null,null,"",1]
["TCA31400020S",null,null,null,"합성수지제가요전선관-콘크리트 매입","HI-LEX-PF(난연성), 28㎜","M",0,0,0,0,0,0,0,0,0,null,null,null,null,"",1]
["TCA31400020S","자재","3913170610035670",null,"합성수지제가요전선관","합성수지제가요전선관, HL-PF 28, Hi-lex-pf, 난연성, 28mm","m",1,0,0,0,0,0,0,0,0,null,null,"N","N","",1]
["TCA31400020S","자재","3913170610035670",null,"합성수지제가요전선관","합성수지제가요전선관, HL-PF 28, Hi-lex-pf, 난연성, 28mm","m",0.1,0,0,0,0,0,0,0,0,null,null,"N","N","",1]
["TCA31400020S","손료","RENT000000000001",null,"잡재료비","배관배선의 2%","식",1,0,0,0,0,0,0,0,0,null,null,"N","N",2,1]
["TCA31400020S","손료","RENT000000000002",null,"전선관부속품비","CD 관의 40%","식",1,0,0,0,0,0,0,0,0,null,null,"N","N",40,1]
["TCA31400020S","노무","L001010101000086",null,"통신내선공","일반공사 직종","인",6.4000000000000001E-2,0,0,267277,17105.7,0,0,267277,17105.7,null,null,"N","N","",1]
["TCA31400020S","손료","RENT000000000003",null,"공구손료","인력품의 3%","식",1,513.1,513.1,0,0,0,0,513.1,513.1,null,null,"N","N",3,1]
[null,null,null,null,"[합 계]",null,null,0,0,513,0,17105,0,0,0,17618,null,null,null,null,"",1]
[null,null,null,null,null,null,null,0,0,0,0,0,0,0,0,0,null,null,null,null,"",1]
["TCA32200010S",null,null,null,"합성수지제가요전선관-콘크리트 노출 및 블록 칸막이 벽내","하이렉스-CD, 16㎜","M",0,0,0,0,0,0,0,0,0,null,null,null,null,"",1]
["TCA32200010S","자재","3913170610035664",null,"합성수지제가요전선관","합성수지제가요전선관, HL-CD 16, 하이렉스-CD, 16mm","m",1,143,143,0,0,0,0,143,143,null,null,"N","N","",1]
["TCA32200010S","자재","3913170610035664",null,"합성수지제가요전선관","합성수지제가요전선관, HL-CD 16, 하이렉스-CD, 16mm","m",0.1,143,14.3,0,0,0,0,143,14.3,null,null,"N","N","",1]
["TCA32200010S","손료","RENT000000000001",null,"잡재료비","배관배선의 2%","식",1,2.8,2.8,0,0,0,0,2.8,2.8,null,null,"N","N",2,1]
["TCA32200010S","손료","RENT000000000002",null,"전선관부속품비","CD 관의 40%","식",1,57.2,57.2,0,0,0,0,57.2,57.2,null,null,"N","N",40,1]
["TCA32200010S","노무","L001010101000086",null,"통신내선공","일반공사 직종","인",4.8000000000000001E-2,0,0,267277,12829.2,0,0,267277,12829.2,null,null,"N","N","",1]
["TCA32200010S","손료","RENT000000000003",null,"공구손료","인력품의 3%","식",1,384.8,384.8,0,0,0,0,384.8,384.8,null,null,"N","N",3,1]
[null,null,null,null,"[합 계]",null,null,0,0,602,0,12829,0,0,0,13431,null,null,null,null,"",1]
[null,null,null,null,null,null,null,0,0,0,0,0,0,0,0,0,null,null,null,null,"",1]
["TCA32200020S",null,null,null,"합성수지제가요전선관-콘크리트 노출 및 블록 칸막이 벽내","HI-LEX-PF(난연성), 16㎜","M",0,0,0,0,0,0,0,0,0,null,null,null,null,"",1]
["TCA32200020S","자재","3913170610035668",null,"합성수지제가요전선관","합성수지제가요전선관, HL-PF 16, Hi-lex-pf, 난연성, 16mm","m",1,0,0,0,0,0,0,0,0,null,null,"N","N","",1]
["TCA32200020S","자재","3913170610035668",null,"합성수지제가요전선관","합성수지제가요전선관, HL-PF 16, Hi-lex-pf, 난연성, 16mm","m",0.1,0,0,0,0,0,0,0,0,null,null,"N","N","",1]
["TCA32200020S","손료","RENT000000000001",null,"잡재료비","배관배선의 2%","식",1,0,0,0,0,0,0,0,0,null,null,"N","N",2,1]
["TCA32200020S","손료","RENT000000000002",null,"전선관부속품비","CD 관의 40%","식",1,0,0,0,0,0,0,0,0,null,null,"N","N",40,1]
["TCA32200020S","노무","L001010101000086",null,"통신내선공","일반공사 직종","인",4.8000000000000001E-2,0,0,267277,12829.2,0,0,267277,12829.2,null,null,"N","N","",1]
["TCA32200020S","손료","RENT000000000003",null,"공구손료","인력품의 3%","식",1,384.8,384.8,0,0,0,0,384.8,384.8,null,null,"N","N",3,1]
[null,null,null,null,"[합 계]",null,null,0,0,384,0,12829,0,0,0,13213,null,null,null,null,"",1]
[null,null,null,null,null,null,null,0,0,0,0,0,0,0,0,0,null,null,null,null,"",1]
["TCA32300010S",null,null,null,"합성수지제가요전선관-콘크리트 노출 및 블록 칸막이 벽내","하이렉스-CD, 22㎜","M",0,0,0,0,0,0,0,0,0,null,null,null,null,"",1]
["TCA32300010S","자재","3913170610035665",null,"합성수지제가요전선관","합성수지제가요전선관, HL-CD 22, 하이렉스-CD, 22mm","m",1,211,211,0,0,0,0,211,211,null,null,"N","N","",1]
["TCA32300010S","자재","3913170610035665",null,"합성수지제가요전선관","합성수지제가요전선관, HL-CD 22, 하이렉스-CD, 22mm","m",0.1,211,21.1,0,0,0,0,211,21.1,null,null,"N","N","",1]
["TCA32300010S","손료","RENT000000000001",null,"잡재료비","배관배선의 2%","식",1,4.2,4.2,0,0,0,0,4.2,4.2,null,null,"N","N",2,1]
["TCA32300010S","손료","RENT000000000002",null,"전선관부속품비","CD 관의 40%","식",1,84.4,84.4,0,0,0,0,84.4,84.4,null,null,"N","N",40,1]
["TCA32300010S","노무","L001010101000086",null,"통신내선공","일반공사 직종","인",5.7599999999999998E-2,0,0,267277,15395.1,0,0,267277,15395.1,null,null,"N","N","",1]
["TCA32300010S","손료","RENT000000000003",null,"공구손료","인력품의 3%","식",1,461.8,461.8,0,0,0,0,461.8,461.8,null,null,"N","N",3,1]
[null,null,null,null,"[합 계]",null,null,0,0,782,0,15395,0,0,0,16177,null,null,null,null,"",1]
[null,null,null,null,null,null,null,0,0,0,0,0,0,0,0,0,null,null,null,null,"",1]
["TCA32300020S",null,null,null,"합성수지제가요전선관-콘크리트 노출 및 블록 칸막이 벽내","HI-LEX-PF(난연성), 22㎜","M",0,0,0,0,0,0,0,0,0,null,null,null,null,"",1]
["TCA32300020S","자재","3913170610035669",null,"합성수지제가요전선관","합성수지제가요전선관, HL-PF 22, Hi-lex-pf, 난연성, 22mm","m",1,0,0,0,0,0,0,0,0,null,null,"N","N","",1]
["TCA32300020S","자재","3913170610035669",null,"합성수지제가요전선관","합성수지제가요전선관, HL-PF 22, Hi-lex-pf, 난연성, 22mm","m",0.1,0,0,0,0,0,0,0,0,null,null,"N","N","",1]
["TCA32300020S","손료","RENT000000000001",null,"잡재료비","배관배선의 2%","식",1,0,0,0,0,0,0,0,0,null,null,"N","N",2,1]
["TCA32300020S","손료","RENT000000000002",null,"전선관부속품비","CD 관의 40%","식",1,0,0,0,0,0,0,0,0,null,null,"N","N",40,1]
["TCA32300020S","노무","L001010101000086",null,"통신내선공","일반공사 직종","인",5.7599999999999998E-2,0,0,267277,15395.1,0,0,267277,15395.1,null,null,"N","N","",1]
["TCA32300020S","손료","RENT000000000003",null,"공구손료","인력품의 3%","식",1,461.8,461.8,0,0,0,0,461.8,461.8,null,null,"N","N",3,1]
[null,null,null,null,"[합 계]",null,null,0,0,461,0,15395,0,0,0,15856,null,null,null,null,"",1]
[null,null,null,null,null,null,null,0,0,0,0,0,0,0,0,0,null,null,null,null,"",1]
["TCA32400010S",null,null,null,"합성수지제가요전선관-콘크리트 노출 및 블록 칸막이 벽내","하이렉스-CD, 28㎜","M",0,0,0,0,0,0,0,0,0,null,null,null,null,"",1]
["TCA32400010S","자재","3913170610035666",null,"합성수지제가요전선관","합성수지제가요전선관, HL-CD 28, 하이렉스-CD, 28mm","m",1,279,279,0,0,0,0,279,279,null,null,"N","N","",1]
["TCA32400010S","자재","3913170610035666",null,"합성수지제가요전선관","합성수지제가요전선관, HL-CD 28, 하이렉스-CD, 28mm","m",0.1,279,27.9,0,0,0,0,279,27.9,null,null,"N","N","",1]
["TCA32400010S","손료","RENT000000000001",null,"잡재료비","배관배선의 2%","식",1,5.5,5.5,0,0,0,0,5.5,5.5,null,null,"N","N",2,1]
["TCA32400010S","손료","RENT000000000002",null,"전선관부속품비","CD 관의 40%","식",1,111.6,111.6,0,0,0,0,111.6,111.6,null,null,"N","N",40,1]
["TCA32400010S","노무","L001010101000086",null,"통신내선공","일반공사 직종","인",7.6799999999999993E-2,0,0,267277,20526.8,0,0,267277,20526.8,null,null,"N","N","",1]
["TCA32400010S","손료","RENT000000000003",null,"공구손료","인력품의 3%","식",1,615.79999999999995,615.79999999999995,0,0,0,0,615.79999999999995,615.79999999999995,null,null,"N","N",3,1]
[null,null,null,null,"[합 계]",null,null,0,0,1039,0,20526,0,0,0,21565,null,null,null,null,"",1]
[null,null,null,null,null,null,null,0,0,0,0,0,0,0,0,0,null,null,null,null,"",1]
["TCA32400020S",null,null,null,"합성수지제가요전선관-콘크리트 노출 및 블록 칸막이 벽내","HI-LEX-PF(난연성), 28㎜","M",0,0,0,0,0,0,0,0,0,null,null,null,null,"",1]
["TCA32400020S","자재","3913170610035670",null,"합성수지제가요전선관","합성수지제가요전선관, HL-PF 28, Hi-lex-pf, 난연성, 28mm","m",1,0,0,0,0,0,0,0,0,null,null,"N","N","",1]
["TCA32400020S","자재","3913170610035670",null,"합성수지제가요전선관","합성수지제가요전선관, HL-PF 28, Hi-lex-pf, 난연성, 28mm","m",0.1,0,0,0,0,0,0,0,0,null,null,"N","N","",1]
["TCA32400020S","손료","RENT000000000001",null,"잡재료비","배관배선의 2%","식",1,0,0,0,0,0,0,0,0,null,null,"N","N",2,1]
["TCA32400020S","손료","RENT000000000002",null,"전선관부속품비","CD 관의 40%","식",1,0,0,0,0,0,0,0,0,null,null,"N","N",40,1]
["TCA32400020S","노무","L001010101000086",null,"통신내선공","일반공사 직종","인",7.6799999999999993E-2,0,0,267277,20526.8,0,0,267277,20526.8,null,null,"N","N","",1]
["TCA32400020S","손료","RENT000000000003",null,"공구손료","인력품의 3%","식",1,615.79999999999995,615.79999999999995,0,0,0,0,615.79999999999995,615.79999999999995,null,null,"N","N",3,1]
[null,null,null,null,"[합 계]",null,null,0,0,615,0,20526,0,0,0,21141,null,null,null,null,"",1]
[null,null,null,null,null,null,null,0,0,0,0,0,0,0,0,0,null,null,null,null,"",1]
["TCA33200010S",null,null,null,"합성수지제가요전선관-철강조 노출","하이렉스-CD, 16㎜","M",0,0,0,0,0,0,0,0,0,null,null,null,null,"",1]
["TCA33200010S","자재","3913170610035664",null,"합성수지제가요전선관","합성수지제가요전선관, HL-CD 16, 하이렉스-CD, 16mm","m",1,143,143,0,0,0,0,143,143,null,null,"N","N","",1]
["TCA33200010S","자재","3913170610035664",null,"합성수지제가요전선관","합성수지제가요전선관, HL-CD 16, 하이렉스-CD, 16mm","m",0.1,143,14.3,0,0,0,0,143,14.3,null,null,"N","N","",1]
["TCA33200010S","손료","RENT000000000001",null,"잡재료비","배관배선의 2%","식",1,2.8,2.8,0,0,0,0,2.8,2.8,null,null,"N","N",2,1]
["TCA33200010S","손료","RENT000000000002",null,"전선관부속품비","CD 관의 40%","식",1,57.2,57.2,0,0,0,0,57.2,57.2,null,null,"N","N",40,1]
["TCA33200010S","노무","L001010101000086",null,"통신내선공","일반공사 직종","인",0.05,0,0,267277,13363.8,0,0,267277,13363.8,null,null,"N","N","",1]
["TCA33200010S","손료","RENT000000000003",null,"공구손료","인력품의 3%","식",1,400.9,400.9,0,0,0,0,400.9,400.9,null,null,"N","N",3,1]
[null,null,null,null,"[합 계]",null,null,0,0,618,0,13363,0,0,0,13981,null,null,null,null,"",1]
[null,null,null,null,null,null,null,0,0,0,0,0,0,0,0,0,null,null,null,null,"",1]
["TCA33200020S",null,null,null,"합성수지제가요전선관-철강조 노출","HI-LEX-PF(난연성), 16㎜","M",0,0,0,0,0,0,0,0,0,null,null,null,null,"",1]
["TCA33200020S","자재","3913170610035668",null,"합성수지제가요전선관","합성수지제가요전선관, HL-PF 16, Hi-lex-pf, 난연성, 16mm","m",1,0,0,0,0,0,0,0,0,null,null,"N","N","",1]
["TCA33200020S","자재","3913170610035668",null,"합성수지제가요전선관","합성수지제가요전선관, HL-PF 16, Hi-lex-pf, 난연성, 16mm","m",0.1,0,0,0,0,0,0,0,0,null,null,"N","N","",1]
["TCA33200020S","손료","RENT000000000001",null,"잡재료비","배관배선의 2%","식",1,0,0,0,0,0,0,0,0,null,null,"N","N",2,1]
["TCA33200020S","손료","RENT000000000002",null,"전선관부속품비","CD 관의 40%","식",1,0,0,0,0,0,0,0,0,null,null,"N","N",40,1]
["TCA33200020S","노무","L001010101000086",null,"통신내선공","일반공사 직종","인",0.05,0,0,267277,13363.8,0,0,267277,13363.8,null,null,"N","N","",1]
["TCA33200020S","손료","RENT000000000003",null,"공구손료","인력품의 3%","식",1,400.9,400.9,0,0,0,0,400.9,400.9,null,null,"N","N",3,1]
[null,null,null,null,"[합 계]",null,null,0,0,400,0,13363,0,0,0,13763,null,null,null,null,"",1]
[null,null,null,null,null,null,null,0,0,0,0,0,0,0,0,0,null,null,null,null,"",1]
["TCA33300010S",null,null,null,"합성수지제가요전선관-철강조 노출","하이렉스-CD, 22㎜","M",0,0,0,0,0,0,0,0,0,null,null,null,null,"",1]
["TCA33300010S","자재","3913170610035665",null,"합성수지제가요전선관","합성수지제가요전선관, HL-CD 22, 하이렉스-CD, 22mm","m",1,211,211,0,0,0,0,211,211,null,null,"N","N","",1]
["TCA33300010S","자재","3913170610035665",null,"합성수지제가요전선관","합성수지제가요전선관, HL-CD 22, 하이렉스-CD, 22mm","m",0.1,211,21.1,0,0,0,0,211,21.1,null,null,"N","N","",1]
["TCA33300010S","손료","RENT000000000001",null,"잡재료비","배관배선의 2%","식",1,4.2,4.2,0,0,0,0,4.2,4.2,null,null,"N","N",2,1]
["TCA33300010S","손료","RENT000000000002",null,"전선관부속품비","CD 관의 40%","식",1,84.4,84.4,0,0,0,0,84.4,84.4,null,null,"N","N",40,1]
["TCA33300010S","노무","L001010101000086",null,"통신내선공","일반공사 직종","인",0.06,0,0,267277,16036.6,0,0,267277,16036.6,null,null,"N","N","",1]
["TCA33300010S","손료","RENT000000000003",null,"공구손료","인력품의 3%","식",1,481,481,0,0,0,0,481,481,null,null,"N","N",3,1]
[null,null,null,null,"[합 계]",null,null,0,0,801,0,16036,0,0,0,16837,null,null,null,null,"",1]
[null,null,null,null,null,null,null,0,0,0,0,0,0,0,0,0,null,null,null,null,"",1]
["TCA33300020S",null,null,null,"합성수지제가요전선관-철강조 노출","HI-LEX-PF(난연성), 22㎜","M",0,0,0,0,0,0,0,0,0,null,null,null,null,"",1]
["TCA33300020S","자재","3913170610035669",null,"합성수지제가요전선관","합성수지제가요전선관, HL-PF 22, Hi-lex-pf, 난연성, 22mm","m",1,0,0,0,0,0,0,0,0,null,null,"N","N","",1]
["TCA33300020S","자재","3913170610035669",null,"합성수지제가요전선관","합성수지제가요전선관, HL-PF 22, Hi-lex-pf, 난연성, 22mm","m",0.1,0,0,0,0,0,0,0,0,null,null,"N","N","",1]
["TCA33300020S","손료","RENT000000000001",null,"잡재료비","배관배선의 2%","식",1,0,0,0,0,0,0,0,0,null,null,"N","N",2,1]
["TCA33300020S","손료","RENT000000000002",null,"전선관부속품비","CD 관의 40%","식",1,0,0,0,0,0,0,0,0,null,null,"N","N",40,1]
["TCA33300020S","노무","L001010101000086",null,"통신내선공","일반공사 직종","인",0.06,0,0,267277,16036.6,0,0,267277,16036.6,null,null,"N","N","",1]
["TCA33300020S","손료","RENT000000000003",null,"공구손료","인력품의 3%","식",1,481,481,0,0,0,0,481,481,null,null,"N","N",3,1]
[null,null,null,null,"[합 계]",null,null,0,0,481,0,16036,0,0,0,16517,null,null,null,null,"",1]
[null,null,null,null,null,null,null,0,0,0,0,0,0,0,0,0,null,null,null,null,"",1]
["TCA33400010S",null,null,null,"합성수지제가요전선관-철강조 노출","하이렉스-CD, 28㎜","M",0,0,0,0,0,0,0,0,0,null,null,null,null,"",1]
["TCA33400010S","자재","3913170610035666",null,"합성수지제가요전선관","합성수지제가요전선관, HL-CD 28, 하이렉스-CD, 28mm","m",1,279,279,0,0,0,0,279,279,null,null,"N","N","",1]
["TCA33400010S","자재","3913170610035666",null,"합성수지제가요전선관","합성수지제가요전선관, HL-CD 28, 하이렉스-CD, 28mm","m",0.1,279,27.9,0,0,0,0,279,27.9,null,null,"N","N","",1]
["TCA33400010S","손료","RENT000000000001",null,"잡재료비","배관배선의 2%","식",1,5.5,5.5,0,0,0,0,5.5,5.5,null,null,"N","N",2,1]
["TCA33400010S","손료","RENT000000000002",null,"전선관부속품비","CD 관의 40%","식",1,111.6,111.6,0,0,0,0,111.6,111.6,null,null,"N","N",40,1]
["TCA33400010S","노무","L001010101000086",null,"통신내선공","일반공사 직종","인",0.08,0,0,267277,21382.1,0,0,267277,21382.1,null,null,"N","N","",1]
["TCA33400010S","손료","RENT000000000003",null,"공구손료","인력품의 3%","식",1,641.4,641.4,0,0,0,0,641.4,641.4,null,null,"N","N",3,1]
[null,null,null,null,"[합 계]",null,null,0,0,1065,0,21382,0,0,0,22447,null,null,null,null,"",1]
[null,null,null,null,null,null,null,0,0,0,0,0,0,0,0,0,null,null,null,null,"",1]
["TCA33400020S",null,null,null,"합성수지제가요전선관-철강조 노출","HI-LEX-PF(난연성), 28㎜","M",0,0,0,0,0,0,0,0,0,null,null,null,null,"",1]
["TCA33400020S","자재","3913170610035670",null,"합성수지제가요전선관","합성수지제가요전선관, HL-PF 28, Hi-lex-pf, 난연성, 28mm","m",1,0,0,0,0,0,0,0,0,null,null,"N","N","",1]
["TCA33400020S","자재","3913170610035670",null,"합성수지제가요전선관","합성수지제가요전선관, HL-PF 28, Hi-lex-pf, 난연성, 28mm","m",0.1,0,0,0,0,0,0,0,0,null,null,"N","N","",1]
["TCA33400020S","손료","RENT000000000001",null,"잡재료비","배관배선의 2%","식",1,0,0,0,0,0,0,0,0,null,null,"N","N",2,1]
["TCA33400020S","손료","RENT000000000002",null,"전선관부속품비","CD 관의 40%","식",1,0,0,0,0,0,0,0,0,null,null,"N","N",40,1]
["TCA33400020S","노무","L001010101000086",null,"통신내선공","일반공사 직종","인",0.08,0,0,267277,21382.1,0,0,267277,21382.1,null,null,"N","N","",1]
["TCA33400020S","손료","RENT000000000003",null,"공구손료","인력품의 3%","식",1,641.4,641.4,0,0,0,0,641.4,641.4,null,null,"N","N",3,1]
[null,null,null,null,"[합 계]",null,null,0,0,641,0,21382,0,0,0,22023,null,null,null,null,"",1]
[null,null,null,null,null,null,null,0,0,0,0,0,0,0,0,0,null,null,null,null,"",1]
["TCA34200010S",null,null,null,"합성수지제가요전선관-천장속, 마루밑","하이렉스-CD, 16㎜","M",0,0,0,0,0,0,0,0,0,null,null,null,null,"",1]
["TCA34200010S","자재","3913170610035664",null,"합성수지제가요전선관","합성수지제가요전선관, HL-CD 16, 하이렉스-CD, 16mm","m",1,143,143,0,0,0,0,143,143,null,null,"N","N","",1]
["TCA34200010S","자재","3913170610035664",null,"합성수지제가요전선관","합성수지제가요전선관, HL-CD 16, 하이렉스-CD, 16mm","m",0.1,143,14.3,0,0,0,0,143,14.3,null,null,"N","N","",1]
["TCA34200010S","손료","RENT000000000001",null,"잡재료비","배관배선의 2%","식",1,2.8,2.8,0,0,0,0,2.8,2.8,null,null,"N","N",2,1]
["TCA34200010S","손료","RENT000000000002",null,"전선관부속품비","CD 관의 40%","식",1,57.2,57.2,0,0,0,0,57.2,57.2,null,null,"N","N",40,1]
["TCA34200010S","노무","L001010101000086",null,"통신내선공","일반공사 직종","인",5.1999999999999998E-2,0,0,267277,13898.4,0,0,267277,13898.4,null,null,"N","N","",1]
["TCA34200010S","손료","RENT000000000003",null,"공구손료","인력품의 3%","식",1,416.9,416.9,0,0,0,0,416.9,416.9,null,null,"N","N",3,1]
[null,null,null,null,"[합 계]",null,null,0,0,634,0,13898,0,0,0,14532,null,null,null,null,"",1]
[null,null,null,null,null,null,null,0,0,0,0,0,0,0,0,0,null,null,null,null,"",1]
["TCA34200020S",null,null,null,"합성수지제가요전선관-천장속, 마루밑","HI-LEX-PF(난연성), 16㎜","M",0,0,0,0,0,0,0,0,0,null,null,null,null,"",1]
["TCA34200020S","자재","3913170610035668",null,"합성수지제가요전선관","합성수지제가요전선관, HL-PF 16, Hi-lex-pf, 난연성, 16mm","m",1,0,0,0,0,0,0,0,0,null,null,"N","N","",1]
["TCA34200020S","자재","3913170610035668",null,"합성수지제가요전선관","합성수지제가요전선관, HL-PF 16, Hi-lex-pf, 난연성, 16mm","m",0.1,0,0,0,0,0,0,0,0,null,null,"N","N","",1]
["TCA34200020S","손료","RENT000000000001",null,"잡재료비","배관배선의 2%","식",1,0,0,0,0,0,0,0,0,null,null,"N","N",2,1]
["TCA34200020S","손료","RENT000000000002",null,"전선관부속품비","CD 관의 40%","식",1,0,0,0,0,0,0,0,0,null,null,"N","N",40,1]
["TCA34200020S","노무","L001010101000086",null,"통신내선공","일반공사 직종","인",5.1999999999999998E-2,0,0,267277,13898.4,0,0,267277,13898.4,null,null,"N","N","",1]
["TCA34200020S","손료","RENT000000000003",null,"공구손료","인력품의 3%","식",1,416.9,416.9,0,0,0,0,416.9,416.9,null,null,"N","N",3,1]
[null,null,null,null,"[합 계]",null,null,0,0,416,0,13898,0,0,0,14314,null,null,null,null,"",1]
[null,null,null,null,null,null,null,0,0,0,0,0,0,0,0,0,null,null,null,null,"",1]
["TCA34300010S",null,null,null,"합성수지제가요전선관-천장속, 마루밑","하이렉스-CD, 22㎜","M",0,0,0,0,0,0,0,0,0,null,null,null,null,"",1]
["TCA34300010S","자재","3913170610035665",null,"합성수지제가요전선관","합성수지제가요전선관, HL-CD 22, 하이렉스-CD, 22mm","m",1,211,211,0,0,0,0,211,211,null,null,"N","N","",1]
["TCA34300010S","자재","3913170610035665",null,"합성수지제가요전선관","합성수지제가요전선관, HL-CD 22, 하이렉스-CD, 22mm","m",0.1,211,21.1,0,0,0,0,211,21.1,null,null,"N","N","",1]
["TCA34300010S","손료","RENT000000000001",null,"잡재료비","배관배선의 2%","식",1,4.2,4.2,0,0,0,0,4.2,4.2,null,null,"N","N",2,1]
["TCA34300010S","손료","RENT000000000002",null,"전선관부속품비","CD 관의 40%","식",1,84.4,84.4,0,0,0,0,84.4,84.4,null,null,"N","N",40,1]
["TCA34300010S","노무","L001010101000086",null,"통신내선공","일반공사 직종","인",6.2399999999999997E-2,0,0,267277,16678,0,0,267277,16678,null,null,"N","N","",1]
["TCA34300010S","손료","RENT000000000003",null,"공구손료","인력품의 3%","식",1,500.3,500.3,0,0,0,0,500.3,500.3,null,null,"N","N",3,1]
[null,null,null,null,"[합 계]",null,null,0,0,821,0,16678,0,0,0,17499,null,null,null,null,"",1]
[null,null,null,null,null,null,null,0,0,0,0,0,0,0,0,0,null,null,null,null,"",1]
["TCA34300020S",null,null,null,"합성수지제가요전선관-천장속, 마루밑","HI-LEX-PF(난연성), 22㎜","M",0,0,0,0,0,0,0,0,0,null,null,null,null,"",1]
["TCA34300020S","자재","3913170610035669",null,"합성수지제가요전선관","합성수지제가요전선관, HL-PF 22, Hi-lex-pf, 난연성, 22mm","m",1,0,0,0,0,0,0,0,0,null,null,"N","N","",1]
["TCA34300020S","자재","3913170610035669",null,"합성수지제가요전선관","합성수지제가요전선관, HL-PF 22, Hi-lex-pf, 난연성, 22mm","m",0.1,0,0,0,0,0,0,0,0,null,null,"N","N","",1]
["TCA34300020S","손료","RENT000000000001",null,"잡재료비","배관배선의 2%","식",1,0,0,0,0,0,0,0,0,null,null,"N","N",2,1]
["TCA34300020S","손료","RENT000000000002",null,"전선관부속품비","CD 관의 40%","식",1,0,0,0,0,0,0,0,0,null,null,"N","N",40,1]
["TCA34300020S","노무","L001010101000086",null,"통신내선공","일반공사 직종","인",6.2399999999999997E-2,0,0,267277,16678,0,0,267277,16678,null,null,"N","N","",1]
["TCA34300020S","손료","RENT000000000003",null,"공구손료","인력품의 3%","식",1,500.3,500.3,0,0,0,0,500.3,500.3,null,null,"N","N",3,1]
[null,null,null,null,"[합 계]",null,null,0,0,500,0,16678,0,0,0,17178,null,null,null,null,"",1]
[null,null,null,null,null,null,null,0,0,0,0,0,0,0,0,0,null,null,null,null,"",1]
["TCA34400010S",null,null,null,"합성수지제가요전선관-천장속, 마루밑","하이렉스-CD, 28㎜","M",0,0,0,0,0,0,0,0,0,null,null,null,null,"",1]
["TCA34400010S","자재","3913170610035666",null,"합성수지제가요전선관","합성수지제가요전선관, HL-CD 28, 하이렉스-CD, 28mm","m",1,279,279,0,0,0,0,279,279,null,null,"N","N","",1]
["TCA34400010S","자재","3913170610035666",null,"합성수지제가요전선관","합성수지제가요전선관, HL-CD 28, 하이렉스-CD, 28mm","m",0.1,279,27.9,0,0,0,0,279,27.9,null,null,"N","N","",1]
["TCA34400010S","손료","RENT000000000001",null,"잡재료비","배관배선의 2%","식",1,5.5,5.5,0,0,0,0,5.5,5.5,null,null,"N","N",2,1]
["TCA34400010S","손료","RENT000000000002",null,"전선관부속품비","CD 관의 40%","식",1,111.6,111.6,0,0,0,0,111.6,111.6,null,null,"N","N",40,1]
["TCA34400010S","노무","L001010101000086",null,"통신내선공","일반공사 직종","인",8.3199999999999996E-2,0,0,267277,22237.4,0,0,267277,22237.4,null,null,"N","N","",1]
["TCA34400010S","손료","RENT000000000003",null,"공구손료","인력품의 3%","식",1,667.1,667.1,0,0,0,0,667.1,667.1,null,null,"N","N",3,1]
[null,null,null,null,"[합 계]",null,null,0,0,1091,0,22237,0,0,0,23328,null,null,null,null,"",1]
[null,null,null,null,null,null,null,0,0,0,0,0,0,0,0,0,null,null,null,null,"",1]
["TCA34400020S",null,null,null,"합성수지제가요전선관-천장속, 마루밑","HI-LEX-PF(난연성), 28㎜","M",0,0,0,0,0,0,0,0,0,null,null,null,null,"",1]
["TCA34400020S","자재","3913170610035670",null,"합성수지제가요전선관","합성수지제가요전선관, HL-PF 28, Hi-lex-pf, 난연성, 28mm","m",1,0,0,0,0,0,0,0,0,null,null,"N","N","",1]
["TCA34400020S","자재","3913170610035670",null,"합성수지제가요전선관","합성수지제가요전선관, HL-PF 28, Hi-lex-pf, 난연성, 28mm","m",0.1,0,0,0,0,0,0,0,0,null,null,"N","N","",1]
["TCA34400020S","손료","RENT000000000001",null,"잡재료비","배관배선의 2%","식",1,0,0,0,0,0,0,0,0,null,null,"N","N",2,1]
["TCA34400020S","손료","RENT000000000002",null,"전선관부속품비","CD 관의 40%","식",1,0,0,0,0,0,0,0,0,null,null,"N","N",40,1]
["TCA34400020S","노무","L001010101000086",null,"통신내선공","일반공사 직종","인",8.3199999999999996E-2,0,0,267277,22237.4,0,0,267277,22237.4,null,null,"N","N","",1]
["TCA34400020S","손료","RENT000000000003",null,"공구손료","인력품의 3%","식",1,667.1,667.1,0,0,0,0,667.1,667.1,null,null,"N","N",3,1]
[null,null,null,null,"[합 계]",null,null,0,0,667,0,22237,0,0,0,22904,null,null,null,null,"",1]
[null,null,null,null,null,null,null,0,0,0,0,0,0,0,0,0,null,null,null,null,"",1]
["TCA37200010S",null,null,null,"합성수지제가요전선관-철거","16mm(30%)","M",0,0,0,0,0,0,0,0,0,null,null,null,null,"",1]
["TCA37200010S","노무","L001010101000086",null,"통신내선공","일반공사 직종","인",1.2E-2,0,0,267277,3207.3,0,0,267277,3207.3,null,null,"N","N","",1]
["TCA37200010S","손료","RENT000000000003",null,"공구손료","노무비의 3%","식",1,96.2,96.2,0,0,0,0,96.2,96.2,null,null,"N","N",3,1]
[null,null,null,null,"[합 계]",null,null,0,0,96,0,3207,0,0,0,3303,null,null,null,null,"",1]
[null,null,null,null,null,null,null,0,0,0,0,0,0,0,0,0,null,null,null,null,"",1]
["TCA37200020S",null,null,null,"합성수지제가요전선관-재사용철거","16mm(40%)","M",0,0,0,0,0,0,0,0,0,null,null,null,null,"",1]
["TCA37200020S","노무","L001010101000086",null,"통신내선공","일반공사 직종","인",1.6E-2,0,0,267277,4276.3999999999996,0,0,267277,4276.3999999999996,null,null,"N","N","",1]
["TCA37200020S","손료","RENT000000000003",null,"공구손료","노무비의 3%","식",1,128.19999999999999,128.19999999999999,0,0,0,0,128.19999999999999,128.19999999999999,null,null,"N","N",3,1]
[null,null,null,null,"[합 계]",null,null,0,0,128,0,4276,0,0,0,4404,null,null,null,null,"",1]
[null,null,null,null,null,null,null,0,0,0,0,0,0,0,0,0,null,null,null,null,"",1]
["TCA37300010S",null,null,null,"합성수지제가요전선관-철거","22mm(30%)","M",0,0,0,0,0,0,0,0,0,null,null,null,null,"",1]
["TCA37300010S","노무","L001010101000086",null,"통신내선공","일반공사 직종","인",1.44E-2,0,0,267277,3848.7,0,0,267277,3848.7,null,null,"N","N","",1]
["TCA37300010S","손료","RENT000000000003",null,"공구손료","노무비의 3%","식",1,115.4,115.4,0,0,0,0,115.4,115.4,null,null,"N","N",3,1]
[null,null,null,null,"[합 계]",null,null,0,0,115,0,3848,0,0,0,3963,null,null,null,null,"",1]
[null,null,null,null,null,null,null,0,0,0,0,0,0,0,0,0,null,null,null,null,"",1]
["TCA37300020S",null,null,null,"합성수지제가요전선관-재사용철거","22mm(40%)","M",0,0,0,0,0,0,0,0,0,null,null,null,null,"",1]
["TCA37300020S","노무","L001010101000086",null,"통신내선공","일반공사 직종","인",1.9199999999999998E-2,0,0,267277,5131.7,0,0,267277,5131.7,null,null,"N","N","",1]
["TCA37300020S","손료","RENT000000000003",null,"공구손료","노무비의 3%","식",1,153.9,153.9,0,0,0,0,153.9,153.9,null,null,"N","N",3,1]
[null,null,null,null,"[합 계]",null,null,0,0,153,0,5131,0,0,0,5284,null,null,null,null,"",1]
[null,null,null,null,null,null,null,0,0,0,0,0,0,0,0,0,null,null,null,null,"",1]
["TCA37400010S",null,null,null,"합성수지제가요전선관-철거","28mm(30%)","M",0,0,0,0,0,0,0,0,0,null,null,null,null,"",1]
["TCA37400010S","노무","L001010101000086",null,"통신내선공","일반공사 직종","인",1.9199999999999998E-2,0,0,267277,5131.7,0,0,267277,5131.7,null,null,"N","N","",1]
["TCA37400010S","손료","RENT000000000003",null,"공구손료","노무비의 3%","식",1,153.9,153.9,0,0,0,0,153.9,153.9,null,null,"N","N",3,1]
[null,null,null,null,"[합 계]",null,null,0,0,153,0,5131,0,0,0,5284,null,null,null,null,"",1]
[null,null,null,null,null,null,null,0,0,0,0,0,0,0,0,0,null,null,null,null,"",1]
["TCA37400020S",null,null,null,"합성수지제가요전선관-재사용철거","28mm(40%)","M",0,0,0,0,0,0,0,0,0,null,null,null,null,"",1]
["TCA37400020S","노무","L001010101000086",null,"통신내선공","일반공사 직종","인",2.5600000000000001E-2,0,0,267277,6842.2,0,0,267277,6842.2,null,null,"N","N","",1]
["TCA37400020S","손료","RENT000000000003",null,"공구손료","노무비의 3%","식",1,205.2,205.2,0,0,0,0,205.2,205.2,null,null,"N","N",3,1]
[null,null,null,null,"[합 계]",null,null,0,0,205,0,6842,0,0,0,7047,null,null,null,null,"",1]
[null,null,null,null,null,null,null,0,0,0,0,0,0,0,0,0,null,null,null,null,"",1]
["TCA41200010S",null,null,null,"강제전선관-콘크리트 매입","아연도, 16mm","M",0,0,0,0,0,0,0,0,0,null,null,null,null,"",1]
["TCA41200010S","자재","3913170610034832",null,"강제전선관","강제전선관, 후강전선관, 아연도, 16mm","m",1,2530,2530,0,0,0,0,2530,2530,null,null,"N","N","",1]
["TCA41200010S","자재","3913170610034832",null,"강제전선관","강제전선관, 후강전선관, 아연도, 16mm","m",0.1,2530,253,0,0,0,0,2530,253,null,null,"N","N","",1]
["TCA41200010S","손료","RENT000000000001",null,"전선관부속품비","전선관의 20%","식",1,506,506,0,0,0,0,506,506,null,null,"N","N",20,1]
["TCA41200010S","손료","RENT000000000002",null,"잡재료비","배관배선의 2%","식",1,50.6,50.6,0,0,0,0,50.6,50.6,null,null,"N","N",2,1]
["TCA41200010S","노무","L001010101000086",null,"통신내선공","일반공사 직종","인",0.08,0,0,267277,21382.1,0,0,267277,21382.1,null,null,"N","N","",1]
["TCA41200010S","손료","RENT000000000003",null,"공구손료","인력품의 3%","식",1,641.4,641.4,0,0,0,0,641.4,641.4,null,null,"N","N",3,1]
[null,null,null,null,"[합 계]",null,null,0,0,3981,0,21382,0,0,0,25363,null,null,null,null,"",1]
[null,null,null,null,null,null,null,0,0,0,0,0,0,0,0,0,null,null,null,null,"",1]
["TCA41300010S",null,null,null,"강제전선관-콘크리트 매입","아연도, 22mm","M",0,0,0,0,0,0,0,0,0,null,null,null,null,"",1]
["TCA41300010S","자재","3913170610034833",null,"강제전선관","강제전선관, 후강전선관, 아연도, 22mm","m",1,3274,3274,0,0,0,0,3274,3274,null,null,"N","N","",1]
["TCA41300010S","자재","3913170610034833",null,"강제전선관","강제전선관, 후강전선관, 아연도, 22mm","m",0.1,3274,327.39999999999998,0,0,0,0,3274,327.39999999999998,null,null,"N","N","",1]
["TCA41300010S","손료","RENT000000000001",null,"전선관부속품비","전선관의 20%","식",1,654.79999999999995,654.79999999999995,0,0,0,0,654.79999999999995,654.79999999999995,null,null,"N","N",20,1]
["TCA41300010S","손료","RENT000000000002",null,"잡재료비","배관배선의 2%","식",1,65.400000000000006,65.400000000000006,0,0,0,0,65.400000000000006,65.400000000000006,null,null,"N","N",2,1]
["TCA41300010S","노무","L001010101000086",null,"통신내선공","일반공사 직종","인",0.11,0,0,267277,29400.400000000001,0,0,267277,29400.400000000001,null,null,"N","N","",1]
["TCA41300010S","손료","RENT000000000003",null,"공구손료","인력품의 3%","식",1,882,882,0,0,0,0,882,882,null,null,"N","N",3,1]
[null,null,null,null,"[합 계]",null,null,0,0,5203,0,29400,0,0,0,34603,null,null,null,null,"",1]
[null,null,null,null,null,null,null,0,0,0,0,0,0,0,0,0,null,null,null,null,"",1]
["TCA41400010S",null,null,null,"강제전선관-콘크리트 매입","아연도, 28mm","M",0,0,0,0,0,0,0,0,0,null,null,null,null,"",1]
["TCA41400010S","자재","3913170610034834",null,"강제전선관","강제전선관, 후강전선관, 아연도, 28mm","m",1,4264,4264,0,0,0,0,4264,4264,null,null,"N","N","",1]
["TCA41400010S","자재","3913170610034834",null,"강제전선관","강제전선관, 후강전선관, 아연도, 28mm","m",0.1,4264,426.4,0,0,0,0,4264,426.4,null,null,"N","N","",1]
["TCA41400010S","손료","RENT000000000001",null,"전선관부속품비","전선관의 20%","식",1,852.8,852.8,0,0,0,0,852.8,852.8,null,null,"N","N",20,1]
["TCA41400010S","손료","RENT000000000002",null,"잡재료비","배관배선의 2%","식",1,85.2,85.2,0,0,0,0,85.2,85.2,null,null,"N","N",2,1]
["TCA41400010S","노무","L001010101000086",null,"통신내선공","일반공사 직종","인",0.14000000000000001,0,0,267277,37418.699999999997,0,0,267277,37418.699999999997,null,null,"N","N","",1]
["TCA41400010S","손료","RENT000000000003",null,"공구손료","인력품의 3%","식",1,1122.5,1122.5,0,0,0,0,1122.5,1122.5,null,null,"N","N",3,1]
[null,null,null,null,"[합 계]",null,null,0,0,6750,0,37418,0,0,0,44168,null,null,null,null,"",1]
[null,null,null,null,null,null,null,0,0,0,0,0,0,0,0,0,null,null,null,null,"",1]
["TCA41500010S",null,null,null,"강제전선관-콘크리트 매입","아연도, 36mm","M",0,0,0,0,0,0,0,0,0,null,null,null,null,"",1]
["TCA41500010S","자재","3913170610034835",null,"강제전선관","강제전선관, 후강전선관, 아연도, 36mm","m",1,5475,5475,0,0,0,0,5475,5475,null,null,"N","N","",1]
["TCA41500010S","자재","3913170610034835",null,"강제전선관","강제전선관, 후강전선관, 아연도, 36mm","m",0.1,5475,547.5,0,0,0,0,5475,547.5,null,null,"N","N","",1]
["TCA41500010S","손료","RENT000000000001",null,"전선관부속품비","전선관의 20%","식",1,1095,1095,0,0,0,0,1095,1095,null,null,"N","N",20,1]
["TCA41500010S","손료","RENT000000000002",null,"잡재료비","배관배선의 2%","식",1,109.5,109.5,0,0,0,0,109.5,109.5,null,null,"N","N",2,1]
["TCA41500010S","노무","L001010101000086",null,"통신내선공","일반공사 직종","인",0.2,0,0,267277,53455.4,0,0,267277,53455.4,null,null,"N","N","",1]
["TCA41500010S","손료","RENT000000000003",null,"공구손료","인력품의 3%","식",1,1603.6,1603.6,0,0,0,0,1603.6,1603.6,null,null,"N","N",3,1]
[null,null,null,null,"[합 계]",null,null,0,0,8830,0,53455,0,0,0,62285,null,null,null,null,"",1]
[null,null,null,null,null,null,null,0,0,0,0,0,0,0,0,0,null,null,null,null,"",1]
["TCA41600010S",null,null,null,"강제전선관-콘크리트 매입","아연도, 42mm","M",0,0,0,0,0,0,0,0,0,null,null,null,null,"",1]
["TCA41600010S","자재","3913170610034836",null,"강제전선관","강제전선관, 후강전선관, 아연도, 42mm","m",1,6269,6269,0,0,0,0,6269,6269,null,null,"N","N","",1]
["TCA41600010S","자재","3913170610034836",null,"강제전선관","강제전선관, 후강전선관, 아연도, 42mm","m",0.1,6269,626.9,0,0,0,0,6269,626.9,null,null,"N","N","",1]
["TCA41600010S","손료","RENT000000000001",null,"전선관부속품비","전선관의 20%","식",1,1253.8,1253.8,0,0,0,0,1253.8,1253.8,null,null,"N","N",20,1]
["TCA41600010S","손료","RENT000000000002",null,"잡재료비","배관배선의 2%","식",1,125.3,125.3,0,0,0,0,125.3,125.3,null,null,"N","N",2,1]
["TCA41600010S","노무","L001010101000086",null,"통신내선공","일반공사 직종","인",0.25,0,0,267277,66819.199999999997,0,0,267277,66819.199999999997,null,null,"N","N","",1]
["TCA41600010S","손료","RENT000000000003",null,"공구손료","인력품의 3%","식",1,2004.5,2004.5,0,0,0,0,2004.5,2004.5,null,null,"N","N",3,1]
[null,null,null,null,"[합 계]",null,null,0,0,10279,0,66819,0,0,0,77098,null,null,null,null,"",1]
[null,null,null,null,null,null,null,0,0,0,0,0,0,0,0,0,null,null,null,null,"",1]
["TCA41700010S",null,null,null,"강제전선관-콘크리트 매입","아연도, 54mm","M",0,0,0,0,0,0,0,0,0,null,null,null,null,"",1]
["TCA41700010S","자재","3913170610034837",null,"강제전선관","강제전선관, 후강전선관, 아연도, 54mm","m",1,9591,9591,0,0,0,0,9591,9591,null,null,"N","N","",1]
["TCA41700010S","자재","3913170610034837",null,"강제전선관","강제전선관, 후강전선관, 아연도, 54mm","m",0.1,9591,959.1,0,0,0,0,9591,959.1,null,null,"N","N","",1]
["TCA41700010S","손료","RENT000000000001",null,"전선관부속품비","전선관의 20%","식",1,1918.2,1918.2,0,0,0,0,1918.2,1918.2,null,null,"N","N",20,1]
["TCA41700010S","손료","RENT000000000002",null,"잡재료비","배관배선의 2%","식",1,191.8,191.8,0,0,0,0,191.8,191.8,null,null,"N","N",2,1]
["TCA41700010S","노무","L001010101000086",null,"통신내선공","일반공사 직종","인",0.34,0,0,267277,90874.1,0,0,267277,90874.1,null,null,"N","N","",1]
["TCA41700010S","손료","RENT000000000003",null,"공구손료","인력품의 3%","식",1,2726.2,2726.2,0,0,0,0,2726.2,2726.2,null,null,"N","N",3,1]
[null,null,null,null,"[합 계]",null,null,0,0,15386,0,90874,0,0,0,106260,null,null,null,null,"",1]
[null,null,null,null,null,null,null,0,0,0,0,0,0,0,0,0,null,null,null,null,"",1]
["TCA41800010S",null,null,null,"강제전선관-콘크리트 매입","아연도, 70mm","M",0,0,0,0,0,0,0,0,0,null,null,null,null,"",1]
["TCA41800010S","자재","3913170610034838",null,"강제전선관","강제전선관, 후강전선관, 아연도, 70mm","m",1,11260,11260,0,0,0,0,11260,11260,null,null,"N","N","",1]
["TCA41800010S","자재","3913170610034838",null,"강제전선관","강제전선관, 후강전선관, 아연도, 70mm","m",0.1,11260,1126,0,0,0,0,11260,1126,null,null,"N","N","",1]
["TCA41800010S","손료","RENT000000000001",null,"전선관부속품비","전선관의 20%","식",1,2252,2252,0,0,0,0,2252,2252,null,null,"N","N",20,1]
["TCA41800010S","손료","RENT000000000002",null,"잡재료비","배관배선의 2%","식",1,225.2,225.2,0,0,0,0,225.2,225.2,null,null,"N","N",2,1]
["TCA41800010S","노무","L001010101000086",null,"통신내선공","일반공사 직종","인",0.44,0,0,267277,117601.8,0,0,267277,117601.8,null,null,"N","N","",1]
["TCA41800010S","손료","RENT000000000003",null,"공구손료","인력품의 3%","식",1,3528,3528,0,0,0,0,3528,3528,null,null,"N","N",3,1]
[null,null,null,null,"[합 계]",null,null,0,0,18391,0,117601,0,0,0,135992,null,null,null,null,"",1]
[null,null,null,null,null,null,null,0,0,0,0,0,0,0,0,0,null,null,null,null,"",1]
["TCA41900010S",null,null,null,"강제전선관-콘크리트 매입","아연도, 82mm","M",0,0,0,0,0,0,0,0,0,null,null,null,null,"",1]
["TCA41900010S","자재","3913170610034839",null,"강제전선관","강제전선관, 후강전선관, 아연도, 82mm","m",1,12972,12972,0,0,0,0,12972,12972,null,null,"N","N","",1]
["TCA41900010S","자재","3913170610034839",null,"강제전선관","강제전선관, 후강전선관, 아연도, 82mm","m",0.1,12972,1297.2,0,0,0,0,12972,1297.2,null,null,"N","N","",1]
["TCA41900010S","손료","RENT000000000001",null,"전선관부속품비","전선관의 20%","식",1,2594.4,2594.4,0,0,0,0,2594.4,2594.4,null,null,"N","N",20,1]
["TCA41900010S","손료","RENT000000000002",null,"잡재료비","배관배선의 2%","식",1,259.39999999999998,259.39999999999998,0,0,0,0,259.39999999999998,259.39999999999998,null,null,"N","N",2,1]
["TCA41900010S","노무","L001010101000086",null,"통신내선공","일반공사 직종","인",0.54,0,0,267277,144329.5,0,0,267277,144329.5,null,null,"N","N","",1]
["TCA41900010S","손료","RENT000000000003",null,"공구손료","인력품의 3%","식",1,4329.8,4329.8,0,0,0,0,4329.8,4329.8,null,null,"N","N",3,1]
[null,null,null,null,"[합 계]",null,null,0,0,21452,0,144329,0,0,0,165781,null,null,null,null,"",1]
[null,null,null,null,null,null,null,0,0,0,0,0,0,0,0,0,null,null,null,null,"",1]
["TCA41C00010S",null,null,null,"강제전선관-콘크리트 매입","아연도, 104mm","M",0,0,0,0,0,0,0,0,0,null,null,null,null,"",1]
["TCA41C00010S","자재","3913170610034841",null,"강제전선관","강제전선관, 후강전선관, 아연도, 104mm","m",1,20843,20843,0,0,0,0,20843,20843,null,null,"N","N","",1]
["TCA41C00010S","자재","3913170610034841",null,"강제전선관","강제전선관, 후강전선관, 아연도, 104mm","m",0.1,20843,2084.3000000000002,0,0,0,0,20843,2084.3000000000002,null,null,"N","N","",1]
["TCA41C00010S","손료","RENT000000000001",null,"전선관부속품비","전선관의 20%","식",1,4168.6000000000004,4168.6000000000004,0,0,0,0,4168.6000000000004,4168.6000000000004,null,null,"N","N",20,1]
["TCA41C00010S","손료","RENT000000000002",null,"잡재료비","배관배선의 2%","식",1,416.8,416.8,0,0,0,0,416.8,416.8,null,null,"N","N",2,1]
["TCA41C00010S","노무","L001010101000086",null,"통신내선공","일반공사 직종","인",0.71,0,0,267277,189766.6,0,0,267277,189766.6,null,null,"N","N","",1]
["TCA41C00010S","손료","RENT000000000003",null,"공구손료","인력품의 3%","식",1,5692.9,5692.9,0,0,0,0,5692.9,5692.9,null,null,"N","N",3,1]
[null,null,null,null,"[합 계]",null,null,0,0,33205,0,189766,0,0,0,222971,null,null,null,null,"",1]
[null,null,null,null,null,null,null,0,0,0,0,0,0,0,0,0,null,null,null,null,"",1]
["TCA42200010S",null,null,null,"강제전선관-콘크리트 노출 및 블록 칸막이 벽내","아연도, 16mm","M",0,0,0,0,0,0,0,0,0,null,null,null,null,"",1]
["TCA42200010S","자재","3913170610034832",null,"강제전선관","강제전선관, 후강전선관, 아연도, 16mm","m",1,2530,2530,0,0,0,0,2530,2530,null,null,"N","N","",1]
["TCA42200010S","자재","3913170610034832",null,"강제전선관","강제전선관, 후강전선관, 아연도, 16mm","m",0.1,2530,253,0,0,0,0,2530,253,null,null,"N","N","",1]
["TCA42200010S","손료","RENT000000000001",null,"전선관부속품비","전선관의 20%","식",1,506,506,0,0,0,0,506,506,null,null,"N","N",20,1]
["TCA42200010S","손료","RENT000000000002",null,"잡재료비","배관배선의 2%","식",1,50.6,50.6,0,0,0,0,50.6,50.6,null,null,"N","N",2,1]
["TCA42200010S","노무","L001010101000086",null,"통신내선공","일반공사 직종","인",9.6000000000000002E-2,0,0,267277,25658.5,0,0,267277,25658.5,null,null,"N","N","",1]
["TCA42200010S","손료","RENT000000000003",null,"공구손료","인력품의 3%","식",1,769.7,769.7,0,0,0,0,769.7,769.7,null,null,"N","N",3,1]
[null,null,null,null,"[합 계]",null,null,0,0,4109,0,25658,0,0,0,29767,null,null,null,null,"",1]
[null,null,null,null,null,null,null,0,0,0,0,0,0,0,0,0,null,null,null,null,"",1]
["TCA42300010S",null,null,null,"강제전선관-콘크리트 노출 및 블록 칸막이 벽내","아연도, 22mm","M",0,0,0,0,0,0,0,0,0,null,null,null,null,"",1]
["TCA42300010S","자재","3913170610034833",null,"강제전선관","강제전선관, 후강전선관, 아연도, 22mm","m",1,3274,3274,0,0,0,0,3274,3274,null,null,"N","N","",1]
["TCA42300010S","자재","3913170610034833",null,"강제전선관","강제전선관, 후강전선관, 아연도, 22mm","m",0.1,3274,327.39999999999998,0,0,0,0,3274,327.39999999999998,null,null,"N","N","",1]
["TCA42300010S","손료","RENT000000000001",null,"전선관부속품비","전선관의 20%","식",1,654.79999999999995,654.79999999999995,0,0,0,0,654.79999999999995,654.79999999999995,null,null,"N","N",20,1]
["TCA42300010S","손료","RENT000000000002",null,"잡재료비","배관배선의 2%","식",1,65.400000000000006,65.400000000000006,0,0,0,0,65.400000000000006,65.400000000000006,null,null,"N","N",2,1]
["TCA42300010S","노무","L001010101000086",null,"통신내선공","일반공사 직종","인",0.13200000000000001,0,0,267277,35280.5,0,0,267277,35280.5,null,null,"N","N","",1]
["TCA42300010S","손료","RENT000000000003",null,"공구손료","인력품의 3%","식",1,1058.4000000000001,1058.4000000000001,0,0,0,0,1058.4000000000001,1058.4000000000001,null,null,"N","N",3,1]
[null,null,null,null,"[합 계]",null,null,0,0,5380,0,35280,0,0,0,40660,null,null,null,null,"",1]
[null,null,null,null,null,null,null,0,0,0,0,0,0,0,0,0,null,null,null,null,"",1]
["TCA42400010S",null,null,null,"강제전선관-콘크리트 노출 및 블록 칸막이 벽내","아연도, 28mm","M",0,0,0,0,0,0,0,0,0,null,null,null,null,"",1]
["TCA42400010S","자재","3913170610034834",null,"강제전선관","강제전선관, 후강전선관, 아연도, 28mm","m",1,4264,4264,0,0,0,0,4264,4264,null,null,"N","N","",1]
["TCA42400010S","자재","3913170610034834",null,"강제전선관","강제전선관, 후강전선관, 아연도, 28mm","m",0.1,4264,426.4,0,0,0,0,4264,426.4,null,null,"N","N","",1]
["TCA42400010S","손료","RENT000000000001",null,"전선관부속품비","전선관의 20%","식",1,852.8,852.8,0,0,0,0,852.8,852.8,null,null,"N","N",20,1]
["TCA42400010S","손료","RENT000000000002",null,"잡재료비","배관배선의 2%","식",1,85.2,85.2,0,0,0,0,85.2,85.2,null,null,"N","N",2,1]
["TCA42400010S","노무","L001010101000086",null,"통신내선공","일반공사 직종","인",0.16800000000000001,0,0,267277,44902.5,0,0,267277,44902.5,null,null,"N","N","",1]
["TCA42400010S","손료","RENT000000000003",null,"공구손료","인력품의 3%","식",1,1347,1347,0,0,0,0,1347,1347,null,null,"N","N",3,1]
[null,null,null,null,"[합 계]",null,null,0,0,6975,0,44902,0,0,0,51877,null,null,null,null,"",1]
[null,null,null,null,null,null,null,0,0,0,0,0,0,0,0,0,null,null,null,null,"",1]
["TCA42500010S",null,null,null,"강제전선관-콘크리트 노출 및 블록 칸막이 벽내","아연도, 36mm","M",0,0,0,0,0,0,0,0,0,null,null,null,null,"",1]
["TCA42500010S","자재","3913170610034835",null,"강제전선관","강제전선관, 후강전선관, 아연도, 36mm","m",1,5475,5475,0,0,0,0,5475,5475,null,null,"N","N","",1]
["TCA42500010S","자재","3913170610034835",null,"강제전선관","강제전선관, 후강전선관, 아연도, 36mm","m",0.1,5475,547.5,0,0,0,0,5475,547.5,null,null,"N","N","",1]
["TCA42500010S","손료","RENT000000000001",null,"전선관부속품비","전선관의 20%","식",1,1095,1095,0,0,0,0,1095,1095,null,null,"N","N",20,1]
["TCA42500010S","손료","RENT000000000002",null,"잡재료비","배관배선의 2%","식",1,109.5,109.5,0,0,0,0,109.5,109.5,null,null,"N","N",2,1]
["TCA42500010S","노무","L001010101000086",null,"통신내선공","일반공사 직종","인",0.24,0,0,267277,64146.400000000001,0,0,267277,64146.400000000001,null,null,"N","N","",1]
["TCA42500010S","손료","RENT000000000003",null,"공구손료","인력품의 3%","식",1,1924.3,1924.3,0,0,0,0,1924.3,1924.3,null,null,"N","N",3,1]
[null,null,null,null,"[합 계]",null,null,0,0,9151,0,64146,0,0,0,73297,null,null,null,null,"",1]
[null,null,null,null,null,null,null,0,0,0,0,0,0,0,0,0,null,null,null,null,"",1]
["TCA42600010S",null,null,null,"강제전선관-콘크리트 노출 및 블록 칸막이 벽내","아연도, 42mm","M",0,0,0,0,0,0,0,0,0,null,null,null,null,"",1]
["TCA42600010S","자재","3913170610034836",null,"강제전선관","강제전선관, 후강전선관, 아연도, 42mm","m",1,6269,6269,0,0,0,0,6269,6269,null,null,"N","N","",1]
["TCA42600010S","자재","3913170610034836",null,"강제전선관","강제전선관, 후강전선관, 아연도, 42mm","m",0.1,6269,626.9,0,0,0,0,6269,626.9,null,null,"N","N","",1]
["TCA42600010S","손료","RENT000000000001",null,"전선관부속품비","전선관의 20%","식",1,1253.8,1253.8,0,0,0,0,1253.8,1253.8,null,null,"N","N",20,1]
["TCA42600010S","손료","RENT000000000002",null,"잡재료비","배관배선의 2%","식",1,125.3,125.3,0,0,0,0,125.3,125.3,null,null,"N","N",2,1]
["TCA42600010S","노무","L001010101000086",null,"통신내선공","일반공사 직종","인",0.3,0,0,267277,80183.100000000006,0,0,267277,80183.100000000006,null,null,"N","N","",1]
["TCA42600010S","손료","RENT000000000003",null,"공구손료","인력품의 3%","식",1,2405.4,2405.4,0,0,0,0,2405.4,2405.4,null,null,"N","N",3,1]
[null,null,null,null,"[합 계]",null,null,0,0,10680,0,80183,0,0,0,90863,null,null,null,null,"",1]
[null,null,null,null,null,null,null,0,0,0,0,0,0,0,0,0,null,null,null,null,"",1]
["TCA42700010S",null,null,null,"강제전선관-콘크리트 노출 및 블록 칸막이 벽내","아연도, 54mm","M",0,0,0,0,0,0,0,0,0,null,null,null,null,"",1]
["TCA42700010S","자재","3913170610034837",null,"강제전선관","강제전선관, 후강전선관, 아연도, 54mm","m",1,9591,9591,0,0,0,0,9591,9591,null,null,"N","N","",1]
["TCA42700010S","자재","3913170610034837",null,"강제전선관","강제전선관, 후강전선관, 아연도, 54mm","m",0.1,9591,959.1,0,0,0,0,9591,959.1,null,null,"N","N","",1]
["TCA42700010S","손료","RENT000000000001",null,"전선관부속품비","전선관의 20%","식",1,1918.2,1918.2,0,0,0,0,1918.2,1918.2,null,null,"N","N",20,1]
["TCA42700010S","손료","RENT000000000002",null,"잡재료비","배관배선의 2%","식",1,191.8,191.8,0,0,0,0,191.8,191.8,null,null,"N","N",2,1]
["TCA42700010S","노무","L001010101000086",null,"통신내선공","일반공사 직종","인",0.40799999999999997,0,0,267277,109049,0,0,267277,109049,null,null,"N","N","",1]
["TCA42700010S","손료","RENT000000000003",null,"공구손료","인력품의 3%","식",1,3271.4,3271.4,0,0,0,0,3271.4,3271.4,null,null,"N","N",3,1]
[null,null,null,null,"[합 계]",null,null,0,0,15931,0,109049,0,0,0,124980,null,null,null,null,"",1]
[null,null,null,null,null,null,null,0,0,0,0,0,0,0,0,0,null,null,null,null,"",1]
["TCA42800010S",null,null,null,"강제전선관-콘크리트 노출 및 블록 칸막이 벽내","아연도, 70mm","M",0,0,0,0,0,0,0,0,0,null,null,null,null,"",1]
["TCA42800010S","자재","3913170610034838",null,"강제전선관","강제전선관, 후강전선관, 아연도, 70mm","m",1,11260,11260,0,0,0,0,11260,11260,null,null,"N","N","",1]
["TCA42800010S","자재","3913170610034838",null,"강제전선관","강제전선관, 후강전선관, 아연도, 70mm","m",0.1,11260,1126,0,0,0,0,11260,1126,null,null,"N","N","",1]
["TCA42800010S","손료","RENT000000000001",null,"전선관부속품비","전선관의 20%","식",1,2252,2252,0,0,0,0,2252,2252,null,null,"N","N",20,1]
["TCA42800010S","손료","RENT000000000002",null,"잡재료비","배관배선의 2%","식",1,225.2,225.2,0,0,0,0,225.2,225.2,null,null,"N","N",2,1]
["TCA42800010S","노무","L001010101000086",null,"통신내선공","일반공사 직종","인",0.52800000000000002,0,0,267277,141122.20000000001,0,0,267277,141122.20000000001,null,null,"N","N","",1]
["TCA42800010S","손료","RENT000000000003",null,"공구손료","인력품의 3%","식",1,4233.6000000000004,4233.6000000000004,0,0,0,0,4233.6000000000004,4233.6000000000004,null,null,"N","N",3,1]
[null,null,null,null,"[합 계]",null,null,0,0,19096,0,141122,0,0,0,160218,null,null,null,null,"",1]
[null,null,null,null,null,null,null,0,0,0,0,0,0,0,0,0,null,null,null,null,"",1]
["TCA42900010S",null,null,null,"강제전선관-콘크리트 노출 및 블록 칸막이 벽내","아연도, 82mm","M",0,0,0,0,0,0,0,0,0,null,null,null,null,"",1]
["TCA42900010S","자재","3913170610034839",null,"강제전선관","강제전선관, 후강전선관, 아연도, 82mm","m",1,12972,12972,0,0,0,0,12972,12972,null,null,"N","N","",1]
["TCA42900010S","자재","3913170610034839",null,"강제전선관","강제전선관, 후강전선관, 아연도, 82mm","m",0.1,12972,1297.2,0,0,0,0,12972,1297.2,null,null,"N","N","",1]
["TCA42900010S","손료","RENT000000000001",null,"전선관부속품비","전선관의 20%","식",1,2594.4,2594.4,0,0,0,0,2594.4,2594.4,null,null,"N","N",20,1]
["TCA42900010S","손료","RENT000000000002",null,"잡재료비","배관배선의 2%","식",1,259.39999999999998,259.39999999999998,0,0,0,0,259.39999999999998,259.39999999999998,null,null,"N","N",2,1]
["TCA42900010S","노무","L001010101000086",null,"통신내선공","일반공사 직종","인",0.64800000000000002,0,0,267277,173195.4,0,0,267277,173195.4,null,null,"N","N","",1]
["TCA42900010S","손료","RENT000000000003",null,"공구손료","인력품의 3%","식",1,5195.8,5195.8,0,0,0,0,5195.8,5195.8,null,null,"N","N",3,1]
[null,null,null,null,"[합 계]",null,null,0,0,22318,0,173195,0,0,0,195513,null,null,null,null,"",1]
[null,null,null,null,null,null,null,0,0,0,0,0,0,0,0,0,null,null,null,null,"",1]
["TCA42C00010S",null,null,null,"강제전선관-콘크리트 노출 및 블록 칸막이 벽내","아연도, 104mm","M",0,0,0,0,0,0,0,0,0,null,null,null,null,"",1]
["TCA42C00010S","자재","3913170610034841",null,"강제전선관","강제전선관, 후강전선관, 아연도, 104mm","m",1,20843,20843,0,0,0,0,20843,20843,null,null,"N","N","",1]
["TCA42C00010S","자재","3913170610034841",null,"강제전선관","강제전선관, 후강전선관, 아연도, 104mm","m",0.1,20843,2084.3000000000002,0,0,0,0,20843,2084.3000000000002,null,null,"N","N","",1]
["TCA42C00010S","손료","RENT000000000001",null,"전선관부속품비","전선관의 20%","식",1,4168.6000000000004,4168.6000000000004,0,0,0,0,4168.6000000000004,4168.6000000000004,null,null,"N","N",20,1]
["TCA42C00010S","손료","RENT000000000002",null,"잡재료비","배관배선의 2%","식",1,416.8,416.8,0,0,0,0,416.8,416.8,null,null,"N","N",2,1]
["TCA42C00010S","노무","L001010101000086",null,"통신내선공","일반공사 직종","인",0.85199999999999998,0,0,267277,227720,0,0,267277,227720,null,null,"N","N","",1]
["TCA42C00010S","손료","RENT000000000003",null,"공구손료","인력품의 3%","식",1,6831.6,6831.6,0,0,0,0,6831.6,6831.6,null,null,"N","N",3,1]
[null,null,null,null,"[합 계]",null,null,0,0,34344,0,227720,0,0,0,262064,null,null,null,null,"",1]
[null,null,null,null,null,null,null,0,0,0,0,0,0,0,0,0,null,null,null,null,"",1]
["TCA43200010S",null,null,null,"강제전선관-철강조 노출","아연도, 16mm","M",0,0,0,0,0,0,0,0,0,null,null,null,null,"",1]
["TCA43200010S","자재","3913170610034832",null,"강제전선관","강제전선관, 후강전선관, 아연도, 16mm","m",1,2530,2530,0,0,0,0,2530,2530,null,null,"N","N","",1]
["TCA43200010S","자재","3913170610034832",null,"강제전선관","강제전선관, 후강전선관, 아연도, 16mm","m",0.1,2530,253,0,0,0,0,2530,253,null,null,"N","N","",1]
["TCA43200010S","손료","RENT000000000001",null,"전선관부속품비","전선관의 20%","식",1,506,506,0,0,0,0,506,506,null,null,"N","N",20,1]
["TCA43200010S","손료","RENT000000000002",null,"잡재료비","배관배선의 2%","식",1,50.6,50.6,0,0,0,0,50.6,50.6,null,null,"N","N",2,1]
["TCA43200010S","노무","L001010101000086",null,"통신내선공","일반공사 직종","인",0.1,0,0,267277,26727.7,0,0,267277,26727.7,null,null,"N","N","",1]
["TCA43200010S","손료","RENT000000000003",null,"공구손료","인력품의 3%","식",1,801.8,801.8,0,0,0,0,801.8,801.8,null,null,"N","N",3,1]
[null,null,null,null,"[합 계]",null,null,0,0,4141,0,26727,0,0,0,30868,null,null,null,null,"",1]
[null,null,null,null,null,null,null,0,0,0,0,0,0,0,0,0,null,null,null,null,"",1]
["TCA43300010S",null,null,null,"강제전선관-철강조 노출","아연도, 22mm","M",0,0,0,0,0,0,0,0,0,null,null,null,null,"",1]
["TCA43300010S","자재","3913170610034833",null,"강제전선관","강제전선관, 후강전선관, 아연도, 22mm","m",1,3274,3274,0,0,0,0,3274,3274,null,null,"N","N","",1]
["TCA43300010S","자재","3913170610034833",null,"강제전선관","강제전선관, 후강전선관, 아연도, 22mm","m",0.1,3274,327.39999999999998,0,0,0,0,3274,327.39999999999998,null,null,"N","N","",1]
["TCA43300010S","손료","RENT000000000001",null,"전선관부속품비","전선관의 20%","식",1,654.79999999999995,654.79999999999995,0,0,0,0,654.79999999999995,654.79999999999995,null,null,"N","N",20,1]
["TCA43300010S","손료","RENT000000000002",null,"잡재료비","배관배선의 2%","식",1,65.400000000000006,65.400000000000006,0,0,0,0,65.400000000000006,65.400000000000006,null,null,"N","N",2,1]
["TCA43300010S","노무","L001010101000086",null,"통신내선공","일반공사 직종","인",0.13750000000000001,0,0,267277,36750.5,0,0,267277,36750.5,null,null,"N","N","",1]
["TCA43300010S","손료","RENT000000000003",null,"공구손료","인력품의 3%","식",1,1102.5,1102.5,0,0,0,0,1102.5,1102.5,null,null,"N","N",3,1]
[null,null,null,null,"[합 계]",null,null,0,0,5424,0,36750,0,0,0,42174,null,null,null,null,"",1]
[null,null,null,null,null,null,null,0,0,0,0,0,0,0,0,0,null,null,null,null,"",1]
["TCA43400010S",null,null,null,"강제전선관-철강조 노출","아연도, 28mm","M",0,0,0,0,0,0,0,0,0,null,null,null,null,"",1]
["TCA43400010S","자재","3913170610034834",null,"강제전선관","강제전선관, 후강전선관, 아연도, 28mm","m",1,4264,4264,0,0,0,0,4264,4264,null,null,"N","N","",1]
["TCA43400010S","자재","3913170610034834",null,"강제전선관","강제전선관, 후강전선관, 아연도, 28mm","m",0.1,4264,426.4,0,0,0,0,4264,426.4,null,null,"N","N","",1]
["TCA43400010S","손료","RENT000000000001",null,"전선관부속품비","전선관의 20%","식",1,852.8,852.8,0,0,0,0,852.8,852.8,null,null,"N","N",20,1]
["TCA43400010S","손료","RENT000000000002",null,"잡재료비","배관배선의 2%","식",1,85.2,85.2,0,0,0,0,85.2,85.2,null,null,"N","N",2,1]
["TCA43400010S","노무","L001010101000086",null,"통신내선공","일반공사 직종","인",0.17499999999999999,0,0,267277,46773.4,0,0,267277,46773.4,null,null,"N","N","",1]
["TCA43400010S","손료","RENT000000000003",null,"공구손료","인력품의 3%","식",1,1403.2,1403.2,0,0,0,0,1403.2,1403.2,null,null,"N","N",3,1]
[null,null,null,null,"[합 계]",null,null,0,0,7031,0,46773,0,0,0,53804,null,null,null,null,"",1]
[null,null,null,null,null,null,null,0,0,0,0,0,0,0,0,0,null,null,null,null,"",1]
["TCA43500010S",null,null,null,"강제전선관-철강조 노출","아연도, 36mm","M",0,0,0,0,0,0,0,0,0,null,null,null,null,"",1]
["TCA43500010S","자재","3913170610034835",null,"강제전선관","강제전선관, 후강전선관, 아연도, 36mm","m",1,5475,5475,0,0,0,0,5475,5475,null,null,"N","N","",1]
["TCA43500010S","자재","3913170610034835",null,"강제전선관","강제전선관, 후강전선관, 아연도, 36mm","m",0.1,5475,547.5,0,0,0,0,5475,547.5,null,null,"N","N","",1]
["TCA43500010S","손료","RENT000000000001",null,"전선관부속품비","전선관의 20%","식",1,1095,1095,0,0,0,0,1095,1095,null,null,"N","N",20,1]
["TCA43500010S","손료","RENT000000000002",null,"잡재료비","배관배선의 2%","식",1,109.5,109.5,0,0,0,0,109.5,109.5,null,null,"N","N",2,1]
["TCA43500010S","노무","L001010101000086",null,"통신내선공","일반공사 직종","인",0.25,0,0,267277,66819.199999999997,0,0,267277,66819.199999999997,null,null,"N","N","",1]
["TCA43500010S","손료","RENT000000000003",null,"공구손료","인력품의 3%","식",1,2004.5,2004.5,0,0,0,0,2004.5,2004.5,null,null,"N","N",3,1]
[null,null,null,null,"[합 계]",null,null,0,0,9231,0,66819,0,0,0,76050,null,null,null,null,"",1]
[null,null,null,null,null,null,null,0,0,0,0,0,0,0,0,0,null,null,null,null,"",1]
["TCA43600010S",null,null,null,"강제전선관-철강조 노출","아연도, 42mm","M",0,0,0,0,0,0,0,0,0,null,null,null,null,"",1]
["TCA43600010S","자재","3913170610034836",null,"강제전선관","강제전선관, 후강전선관, 아연도, 42mm","m",1,6269,6269,0,0,0,0,6269,6269,null,null,"N","N","",1]
["TCA43600010S","자재","3913170610034836",null,"강제전선관","강제전선관, 후강전선관, 아연도, 42mm","m",0.1,6269,626.9,0,0,0,0,6269,626.9,null,null,"N","N","",1]
["TCA43600010S","손료","RENT000000000001",null,"전선관부속품비","전선관의 20%","식",1,1253.8,1253.8,0,0,0,0,1253.8,1253.8,null,null,"N","N",20,1]
["TCA43600010S","손료","RENT000000000002",null,"잡재료비","배관배선의 2%","식",1,125.3,125.3,0,0,0,0,125.3,125.3,null,null,"N","N",2,1]
["TCA43600010S","노무","L001010101000086",null,"통신내선공","일반공사 직종","인",0.3125,0,0,267277,83524,0,0,267277,83524,null,null,"N","N","",1]
["TCA43600010S","손료","RENT000000000003",null,"공구손료","인력품의 3%","식",1,2505.6999999999998,2505.6999999999998,0,0,0,0,2505.6999999999998,2505.6999999999998,null,null,"N","N",3,1]
[null,null,null,null,"[합 계]",null,null,0,0,10780,0,83524,0,0,0,94304,null,null,null,null,"",1]
[null,null,null,null,null,null,null,0,0,0,0,0,0,0,0,0,null,null,null,null,"",1]
["TCA43700010S",null,null,null,"강제전선관-철강조 노출","아연도, 54mm","M",0,0,0,0,0,0,0,0,0,null,null,null,null,"",1]
["TCA43700010S","자재","3913170610034837",null,"강제전선관","강제전선관, 후강전선관, 아연도, 54mm","m",1,9591,9591,0,0,0,0,9591,9591,null,null,"N","N","",1]
["TCA43700010S","자재","3913170610034837",null,"강제전선관","강제전선관, 후강전선관, 아연도, 54mm","m",0.1,9591,959.1,0,0,0,0,9591,959.1,null,null,"N","N","",1]
["TCA43700010S","손료","RENT000000000001",null,"전선관부속품비","전선관의 20%","식",1,1918.2,1918.2,0,0,0,0,1918.2,1918.2,null,null,"N","N",20,1]
["TCA43700010S","손료","RENT000000000002",null,"잡재료비","배관배선의 2%","식",1,191.8,191.8,0,0,0,0,191.8,191.8,null,null,"N","N",2,1]
["TCA43700010S","노무","L001010101000086",null,"통신내선공","일반공사 직종","인",0.42499999999999999,0,0,267277,113592.7,0,0,267277,113592.7,null,null,"N","N","",1]
["TCA43700010S","손료","RENT000000000003",null,"공구손료","인력품의 3%","식",1,3407.7,3407.7,0,0,0,0,3407.7,3407.7,null,null,"N","N",3,1]
[null,null,null,null,"[합 계]",null,null,0,0,16067,0,113592,0,0,0,129659,null,null,null,null,"",1]
[null,null,null,null,null,null,null,0,0,0,0,0,0,0,0,0,null,null,null,null,"",1]
["TCA43800010S",null,null,null,"강제전선관-철강조 노출","아연도, 70mm","M",0,0,0,0,0,0,0,0,0,null,null,null,null,"",1]
["TCA43800010S","자재","3913170610034838",null,"강제전선관","강제전선관, 후강전선관, 아연도, 70mm","m",1,11260,11260,0,0,0,0,11260,11260,null,null,"N","N","",1]
["TCA43800010S","자재","3913170610034838",null,"강제전선관","강제전선관, 후강전선관, 아연도, 70mm","m",0.1,11260,1126,0,0,0,0,11260,1126,null,null,"N","N","",1]
["TCA43800010S","손료","RENT000000000001",null,"전선관부속품비","전선관의 20%","식",1,2252,2252,0,0,0,0,2252,2252,null,null,"N","N",20,1]
["TCA43800010S","손료","RENT000000000002",null,"잡재료비","배관배선의 2%","식",1,225.2,225.2,0,0,0,0,225.2,225.2,null,null,"N","N",2,1]
["TCA43800010S","노무","L001010101000086",null,"통신내선공","일반공사 직종","인",0.55000000000000004,0,0,267277,147002.29999999999,0,0,267277,147002.29999999999,null,null,"N","N","",1]
["TCA43800010S","손료","RENT000000000003",null,"공구손료","인력품의 3%","식",1,4410,4410,0,0,0,0,4410,4410,null,null,"N","N",3,1]
[null,null,null,null,"[합 계]",null,null,0,0,19273,0,147002,0,0,0,166275,null,null,null,null,"",1]
[null,null,null,null,null,null,null,0,0,0,0,0,0,0,0,0,null,null,null,null,"",1]
["TCA43900010S",null,null,null,"강제전선관-철강조 노출","아연도, 82mm","M",0,0,0,0,0,0,0,0,0,null,null,null,null,"",1]
["TCA43900010S","자재","3913170610034839",null,"강제전선관","강제전선관, 후강전선관, 아연도, 82mm","m",1,12972,12972,0,0,0,0,12972,12972,null,null,"N","N","",1]
["TCA43900010S","자재","3913170610034839",null,"강제전선관","강제전선관, 후강전선관, 아연도, 82mm","m",0.1,12972,1297.2,0,0,0,0,12972,1297.2,null,null,"N","N","",1]
["TCA43900010S","손료","RENT000000000001",null,"전선관부속품비","전선관의 20%","식",1,2594.4,2594.4,0,0,0,0,2594.4,2594.4,null,null,"N","N",20,1]
["TCA43900010S","손료","RENT000000000002",null,"잡재료비","배관배선의 2%","식",1,259.39999999999998,259.39999999999998,0,0,0,0,259.39999999999998,259.39999999999998,null,null,"N","N",2,1]
["TCA43900010S","노무","L001010101000086",null,"통신내선공","일반공사 직종","인",0.67500000000000004,0,0,267277,180411.9,0,0,267277,180411.9,null,null,"N","N","",1]
["TCA43900010S","손료","RENT000000000003",null,"공구손료","인력품의 3%","식",1,5412.3,5412.3,0,0,0,0,5412.3,5412.3,null,null,"N","N",3,1]
[null,null,null,null,"[합 계]",null,null,0,0,22535,0,180411,0,0,0,202946,null,null,null,null,"",1]
[null,null,null,null,null,null,null,0,0,0,0,0,0,0,0,0,null,null,null,null,"",1]
["TCA43C00010S",null,null,null,"강제전선관-철강조 노출","아연도, 104mm","M",0,0,0,0,0,0,0,0,0,null,null,null,null,"",1]
["TCA43C00010S","자재","3913170610034841",null,"강제전선관","강제전선관, 후강전선관, 아연도, 104mm","m",1,20843,20843,0,0,0,0,20843,20843,null,null,"N","N","",1]
["TCA43C00010S","자재","3913170610034841",null,"강제전선관","강제전선관, 후강전선관, 아연도, 104mm","m",0.1,20843,2084.3000000000002,0,0,0,0,20843,2084.3000000000002,null,null,"N","N","",1]
["TCA43C00010S","손료","RENT000000000001",null,"전선관부속품비","전선관의 20%","식",1,4168.6000000000004,4168.6000000000004,0,0,0,0,4168.6000000000004,4168.6000000000004,null,null,"N","N",20,1]
["TCA43C00010S","손료","RENT000000000002",null,"잡재료비","배관배선의 2%","식",1,416.8,416.8,0,0,0,0,416.8,416.8,null,null,"N","N",2,1]
["TCA43C00010S","노무","L001010101000086",null,"통신내선공","일반공사 직종","인",0.88749999999999996,0,0,267277,237208.3,0,0,267277,237208.3,null,null,"N","N","",1]
["TCA43C00010S","손료","RENT000000000003",null,"공구손료","인력품의 3%","식",1,7116.2,7116.2,0,0,0,0,7116.2,7116.2,null,null,"N","N",3,1]
[null,null,null,null,"[합 계]",null,null,0,0,34628,0,237208,0,0,0,271836,null,null,null,null,"",1]
[null,null,null,null,null,null,null,0,0,0,0,0,0,0,0,0,null,null,null,null,"",1]
["TCA44200010S",null,null,null,"강제전선관-천장속, 마루밑","아연도  16mm","M",0,0,0,0,0,0,0,0,0,null,null,null,null,"",1]
["TCA44200010S","자재","3913170610034832",null,"강제전선관","강제전선관, 후강전선관, 아연도, 16mm","m",1,2530,2530,0,0,0,0,2530,2530,null,null,"N","N","",1]
["TCA44200010S","자재","3913170610034832",null,"강제전선관","강제전선관, 후강전선관, 아연도, 16mm","m",0.1,2530,253,0,0,0,0,2530,253,null,null,"N","N","",1]
["TCA44200010S","손료","RENT000000000001",null,"전선관부속품비","전선관의 20%","식",1,506,506,0,0,0,0,506,506,null,null,"N","N",20,1]
["TCA44200010S","손료","RENT000000000002",null,"잡재료비","배관배선의 2%","식",1,50.6,50.6,0,0,0,0,50.6,50.6,null,null,"N","N",2,1]
["TCA44200010S","노무","L001010101000086",null,"통신내선공","일반공사 직종","인",0.104,0,0,267277,27796.799999999999,0,0,267277,27796.799999999999,null,null,"N","N","",1]
["TCA44200010S","손료","RENT000000000003",null,"공구손료","인력품의 3%","식",1,833.9,833.9,0,0,0,0,833.9,833.9,null,null,"N","N",3,1]
[null,null,null,null,"[합 계]",null,null,0,0,4173,0,27796,0,0,0,31969,null,null,null,null,"",1]
[null,null,null,null,null,null,null,0,0,0,0,0,0,0,0,0,null,null,null,null,"",1]
["TCA44300010S",null,null,null,"강제전선관-천장속, 마루밑","아연도  22mm","M",0,0,0,0,0,0,0,0,0,null,null,null,null,"",1]
["TCA44300010S","자재","3913170610034833",null,"강제전선관","강제전선관, 후강전선관, 아연도, 22mm","m",1,3274,3274,0,0,0,0,3274,3274,null,null,"N","N","",1]
["TCA44300010S","자재","3913170610034833",null,"강제전선관","강제전선관, 후강전선관, 아연도, 22mm","m",0.1,3274,327.39999999999998,0,0,0,0,3274,327.39999999999998,null,null,"N","N","",1]
["TCA44300010S","손료","RENT000000000001",null,"전선관부속품비","전선관의 20%","식",1,654.79999999999995,654.79999999999995,0,0,0,0,654.79999999999995,654.79999999999995,null,null,"N","N",20,1]
["TCA44300010S","손료","RENT000000000002",null,"잡재료비","배관배선의 2%","식",1,65.400000000000006,65.400000000000006,0,0,0,0,65.400000000000006,65.400000000000006,null,null,"N","N",2,1]
["TCA44300010S","노무","L001010101000086",null,"통신내선공","일반공사 직종","인",0.14299999999999999,0,0,267277,38220.6,0,0,267277,38220.6,null,null,"N","N","",1]
["TCA44300010S","손료","RENT000000000003",null,"공구손료","인력품의 3%","식",1,1146.5999999999999,1146.5999999999999,0,0,0,0,1146.5999999999999,1146.5999999999999,null,null,"N","N",3,1]
[null,null,null,null,"[합 계]",null,null,0,0,5468,0,38220,0,0,0,43688,null,null,null,null,"",1]
[null,null,null,null,null,null,null,0,0,0,0,0,0,0,0,0,null,null,null,null,"",1]
["TCA44400010S",null,null,null,"강제전선관-천장속, 마루밑","아연도  28mm","M",0,0,0,0,0,0,0,0,0,null,null,null,null,"",1]
["TCA44400010S","자재","3913170610034834",null,"강제전선관","강제전선관, 후강전선관, 아연도, 28mm","m",1,4264,4264,0,0,0,0,4264,4264,null,null,"N","N","",1]
["TCA44400010S","자재","3913170610034834",null,"강제전선관","강제전선관, 후강전선관, 아연도, 28mm","m",0.1,4264,426.4,0,0,0,0,4264,426.4,null,null,"N","N","",1]
["TCA44400010S","손료","RENT000000000001",null,"전선관부속품비","전선관의 20%","식",1,852.8,852.8,0,0,0,0,852.8,852.8,null,null,"N","N",20,1]
["TCA44400010S","손료","RENT000000000002",null,"잡재료비","배관배선의 2%","식",1,85.2,85.2,0,0,0,0,85.2,85.2,null,null,"N","N",2,1]
["TCA44400010S","노무","L001010101000086",null,"통신내선공","일반공사 직종","인",0.182,0,0,267277,48644.4,0,0,267277,48644.4,null,null,"N","N","",1]
["TCA44400010S","손료","RENT000000000003",null,"공구손료","인력품의 3%","식",1,1459.3,1459.3,0,0,0,0,1459.3,1459.3,null,null,"N","N",3,1]
[null,null,null,null,"[합 계]",null,null,0,0,7087,0,48644,0,0,0,55731,null,null,null,null,"",1]
[null,null,null,null,null,null,null,0,0,0,0,0,0,0,0,0,null,null,null,null,"",1]
["TCA47200010S",null,null,null,"강제전선관-철거","아연도, 16mm(30%)","M",0,0,0,0,0,0,0,0,0,null,null,null,null,"",1]
["TCA47200010S","노무","L001010101000086",null,"통신내선공","일반공사 직종","인",2.4E-2,0,0,267277,6414.6,0,0,267277,6414.6,null,null,"N","N","",1]
["TCA47200010S","손료","RENT000000000003",null,"공구손료","노무비의 3%","식",1,192.4,192.4,0,0,0,0,192.4,192.4,null,null,"N","N",3,1]
[null,null,null,null,"[합 계]",null,null,0,0,192,0,6414,0,0,0,6606,null,null,null,null,"",1]
[null,null,null,null,null,null,null,0,0,0,0,0,0,0,0,0,null,null,null,null,"",1]
["TCA47200020S",null,null,null,"강제전선관-재사용철거","아연도, 16mm(40%)","M",0,0,0,0,0,0,0,0,0,null,null,null,null,"",1]
["TCA47200020S","노무","L001010101000086",null,"통신내선공","일반공사 직종","인",3.2000000000000001E-2,0,0,267277,8552.7999999999993,0,0,267277,8552.7999999999993,null,null,"N","N","",1]
["TCA47200020S","손료","RENT000000000003",null,"공구손료","노무비의 3%","식",1,256.5,256.5,0,0,0,0,256.5,256.5,null,null,"N","N",3,1]
[null,null,null,null,"[합 계]",null,null,0,0,256,0,8552,0,0,0,8808,null,null,null,null,"",1]
[null,null,null,null,null,null,null,0,0,0,0,0,0,0,0,0,null,null,null,null,"",1]
["TCA47300010S",null,null,null,"강제전선관-철거","아연도, 22mm(30%)","M",0,0,0,0,0,0,0,0,0,null,null,null,null,"",1]
["TCA47300010S","노무","L001010101000086",null,"통신내선공","일반공사 직종","인",3.3000000000000002E-2,0,0,267277,8820.1,0,0,267277,8820.1,null,null,"N","N","",1]
["TCA47300010S","손료","RENT000000000003",null,"공구손료","노무비의 3%","식",1,264.60000000000002,264.60000000000002,0,0,0,0,264.60000000000002,264.60000000000002,null,null,"N","N",3,1]
[null,null,null,null,"[합 계]",null,null,0,0,264,0,8820,0,0,0,9084,null,null,null,null,"",1]
[null,null,null,null,null,null,null,0,0,0,0,0,0,0,0,0,null,null,null,null,"",1]
["TCA47300020S",null,null,null,"강제전선관-재사용철거","아연도, 22mm(40%)","M",0,0,0,0,0,0,0,0,0,null,null,null,null,"",1]
["TCA47300020S","노무","L001010101000086",null,"통신내선공","일반공사 직종","인",4.3999999999999997E-2,0,0,267277,11760.1,0,0,267277,11760.1,null,null,"N","N","",1]
["TCA47300020S","손료","RENT000000000003",null,"공구손료","노무비의 3%","식",1,352.8,352.8,0,0,0,0,352.8,352.8,null,null,"N","N",3,1]
[null,null,null,null,"[합 계]",null,null,0,0,352,0,11760,0,0,0,12112,null,null,null,null,"",1]
[null,null,null,null,null,null,null,0,0,0,0,0,0,0,0,0,null,null,null,null,"",1]
["TCA47400010S",null,null,null,"강제전선관-철거","아연도, 28mm(30%)","M",0,0,0,0,0,0,0,0,0,null,null,null,null,"",1]
["TCA47400010S","노무","L001010101000086",null,"통신내선공","일반공사 직종","인",4.2000000000000003E-2,0,0,267277,11225.6,0,0,267277,11225.6,null,null,"N","N","",1]
["TCA47400010S","손료","RENT000000000003",null,"공구손료","노무비의 3%","식",1,336.7,336.7,0,0,0,0,336.7,336.7,null,null,"N","N",3,1]
[null,null,null,null,"[합 계]",null,null,0,0,336,0,11225,0,0,0,11561,null,null,null,null,"",1]
[null,null,null,null,null,null,null,0,0,0,0,0,0,0,0,0,null,null,null,null,"",1]
["TCA47400020S",null,null,null,"강제전선관-재사용철거","아연도, 28mm(40%)","M",0,0,0,0,0,0,0,0,0,null,null,null,null,"",1]
["TCA47400020S","노무","L001010101000086",null,"통신내선공","일반공사 직종","인",5.6000000000000001E-2,0,0,267277,14967.5,0,0,267277,14967.5,null,null,"N","N","",1]
["TCA47400020S","손료","RENT000000000003",null,"공구손료","노무비의 3%","식",1,449,449,0,0,0,0,449,449,null,null,"N","N",3,1]
[null,null,null,null,"[합 계]",null,null,0,0,449,0,14967,0,0,0,15416,null,null,null,null,"",1]
[null,null,null,null,null,null,null,0,0,0,0,0,0,0,0,0,null,null,null,null,"",1]
["TCA47500010S",null,null,null,"강제전선관-철거","아연도, 36mm(30%)","M",0,0,0,0,0,0,0,0,0,null,null,null,null,"",1]
["TCA47500010S","노무","L001010101000086",null,"통신내선공","일반공사 직종","인",0.06,0,0,267277,16036.6,0,0,267277,16036.6,null,null,"N","N","",1]
["TCA47500010S","손료","RENT000000000003",null,"공구손료","노무비의 3%","식",1,481,481,0,0,0,0,481,481,null,null,"N","N",3,1]
[null,null,null,null,"[합 계]",null,null,0,0,481,0,16036,0,0,0,16517,null,null,null,null,"",1]
[null,null,null,null,null,null,null,0,0,0,0,0,0,0,0,0,null,null,null,null,"",1]
["TCA47500020S",null,null,null,"강제전선관-재사용철거","아연도, 36mm(40%)","M",0,0,0,0,0,0,0,0,0,null,null,null,null,"",1]
["TCA47500020S","노무","L001010101000086",null,"통신내선공","일반공사 직종","인",0.08,0,0,267277,21382.1,0,0,267277,21382.1,null,null,"N","N","",1]
["TCA47500020S","손료","RENT000000000003",null,"공구손료","노무비의 3%","식",1,641.4,641.4,0,0,0,0,641.4,641.4,null,null,"N","N",3,1]
[null,null,null,null,"[합 계]",null,null,0,0,641,0,21382,0,0,0,22023,null,null,null,null,"",1]
[null,null,null,null,null,null,null,0,0,0,0,0,0,0,0,0,null,null,null,null,"",1]
["TCA47600010S",null,null,null,"강제전선관-철거","아연도, 42mm(30%)","M",0,0,0,0,0,0,0,0,0,null,null,null,null,"",1]
["TCA47600010S","노무","L001010101000086",null,"통신내선공","일반공사 직종","인",7.4999999999999997E-2,0,0,267277,20045.7,0,0,267277,20045.7,null,null,"N","N","",1]
["TCA47600010S","손료","RENT000000000003",null,"공구손료","노무비의 3%","식",1,601.29999999999995,601.29999999999995,0,0,0,0,601.29999999999995,601.29999999999995,null,null,"N","N",3,1]
[null,null,null,null,"[합 계]",null,null,0,0,601,0,20045,0,0,0,20646,null,null,null,null,"",1]
[null,null,null,null,null,null,null,0,0,0,0,0,0,0,0,0,null,null,null,null,"",1]
["TCA47600020S",null,null,null,"강제전선관-재사용철거","아연도, 42mm(40%)","M",0,0,0,0,0,0,0,0,0,null,null,null,null,"",1]
["TCA47600020S","노무","L001010101000086",null,"통신내선공","일반공사 직종","인",0.1,0,0,267277,26727.7,0,0,267277,26727.7,null,null,"N","N","",1]
["TCA47600020S","손료","RENT000000000003",null,"공구손료","노무비의 3%","식",1,801.8,801.8,0,0,0,0,801.8,801.8,null,null,"N","N",3,1]
[null,null,null,null,"[합 계]",null,null,0,0,801,0,26727,0,0,0,27528,null,null,null,null,"",1]
[null,null,null,null,null,null,null,0,0,0,0,0,0,0,0,0,null,null,null,null,"",1]
["TCA47700010S",null,null,null,"강제전선관-철거","아연도, 54mm(30%)","M",0,0,0,0,0,0,0,0,0,null,null,null,null,"",1]
["TCA47700010S","노무","L001010101000086",null,"통신내선공","일반공사 직종","인",0.10199999999999999,0,0,267277,27262.2,0,0,267277,27262.2,null,null,"N","N","",1]
["TCA47700010S","손료","RENT000000000003",null,"공구손료","노무비의 3%","식",1,817.8,817.8,0,0,0,0,817.8,817.8,null,null,"N","N",3,1]
[null,null,null,null,"[합 계]",null,null,0,0,817,0,27262,0,0,0,28079,null,null,null,null,"",1]
[null,null,null,null,null,null,null,0,0,0,0,0,0,0,0,0,null,null,null,null,"",1]
["TCA47700020S",null,null,null,"강제전선관-재사용철거","아연도, 54mm(40%)","M",0,0,0,0,0,0,0,0,0,null,null,null,null,"",1]
["TCA47700020S","노무","L001010101000086",null,"통신내선공","일반공사 직종","인",0.13600000000000001,0,0,267277,36349.599999999999,0,0,267277,36349.599999999999,null,null,"N","N","",1]
["TCA47700020S","손료","RENT000000000003",null,"공구손료","노무비의 3%","식",1,1090.4000000000001,1090.4000000000001,0,0,0,0,1090.4000000000001,1090.4000000000001,null,null,"N","N",3,1]
[null,null,null,null,"[합 계]",null,null,0,0,1090,0,36349,0,0,0,37439,null,null,null,null,"",1]
[null,null,null,null,null,null,null,0,0,0,0,0,0,0,0,0,null,null,null,null,"",1]
["TCA47800010S",null,null,null,"강제전선관-철거","아연도, 70mm(30%)","M",0,0,0,0,0,0,0,0,0,null,null,null,null,"",1]
["TCA47800010S","노무","L001010101000086",null,"통신내선공","일반공사 직종","인",0.13200000000000001,0,0,267277,35280.5,0,0,267277,35280.5,null,null,"N","N","",1]
["TCA47800010S","손료","RENT000000000003",null,"공구손료","노무비의 3%","식",1,1058.4000000000001,1058.4000000000001,0,0,0,0,1058.4000000000001,1058.4000000000001,null,null,"N","N",3,1]
[null,null,null,null,"[합 계]",null,null,0,0,1058,0,35280,0,0,0,36338,null,null,null,null,"",1]
[null,null,null,null,null,null,null,0,0,0,0,0,0,0,0,0,null,null,null,null,"",1]
["TCA47800020S",null,null,null,"강제전선관-재사용철거","아연도, 70mm(40%)","M",0,0,0,0,0,0,0,0,0,null,null,null,null,"",1]
["TCA47800020S","노무","L001010101000086",null,"통신내선공","일반공사 직종","인",0.17599999999999999,0,0,267277,47040.7,0,0,267277,47040.7,null,null,"N","N","",1]
["TCA47800020S","손료","RENT000000000003",null,"공구손료","노무비의 3%","식",1,1411.2,1411.2,0,0,0,0,1411.2,1411.2,null,null,"N","N",3,1]
[null,null,null,null,"[합 계]",null,null,0,0,1411,0,47040,0,0,0,48451,null,null,null,null,"",1]
[null,null,null,null,null,null,null,0,0,0,0,0,0,0,0,0,null,null,null,null,"",1]
["TCA47900010S",null,null,null,"강제전선관-철거","아연도, 82mm(30%)","M",0,0,0,0,0,0,0,0,0,null,null,null,null,"",1]
["TCA47900010S","노무","L001010101000086",null,"통신내선공","일반공사 직종","인",0.16200000000000001,0,0,267277,43298.8,0,0,267277,43298.8,null,null,"N","N","",1]
["TCA47900010S","손료","RENT000000000003",null,"공구손료","노무비의 3%","식",1,1298.9000000000001,1298.9000000000001,0,0,0,0,1298.9000000000001,1298.9000000000001,null,null,"N","N",3,1]
[null,null,null,null,"[합 계]",null,null,0,0,1298,0,43298,0,0,0,44596,null,null,null,null,"",1]
[null,null,null,null,null,null,null,0,0,0,0,0,0,0,0,0,null,null,null,null,"",1]
["TCA47900020S",null,null,null,"강제전선관-재사용철거","아연도, 82mm(40%)","M",0,0,0,0,0,0,0,0,0,null,null,null,null,"",1]
["TCA47900020S","노무","L001010101000086",null,"통신내선공","일반공사 직종","인",0.216,0,0,267277,57731.8,0,0,267277,57731.8,null,null,"N","N","",1]
["TCA47900020S","손료","RENT000000000003",null,"공구손료","노무비의 3%","식",1,1731.9,1731.9,0,0,0,0,1731.9,1731.9,null,null,"N","N",3,1]
[null,null,null,null,"[합 계]",null,null,0,0,1731,0,57731,0,0,0,59462,null,null,null,null,"",1]
[null,null,null,null,null,null,null,0,0,0,0,0,0,0,0,0,null,null,null,null,"",1]
["TCA47A00010S",null,null,null,"강제전선관-철거","아연도, 92mm(30%)","M",0,0,0,0,0,0,0,0,0,null,null,null,null,"",1]
["TCA47A00010S","노무","L001010101000086",null,"통신내선공","일반공사 직종","인",0.18,0,0,267277,48109.8,0,0,267277,48109.8,null,null,"N","N","",1]
["TCA47A00010S","손료","RENT000000000003",null,"공구손료","노무비의 3%","식",1,1443.2,1443.2,0,0,0,0,1443.2,1443.2,null,null,"N","N",3,1]
[null,null,null,null,"[합 계]",null,null,0,0,1443,0,48109,0,0,0,49552,null,null,null,null,"",1]
[null,null,null,null,null,null,null,0,0,0,0,0,0,0,0,0,null,null,null,null,"",1]
["TCA47A00020S",null,null,null,"강제전선관-재사용철거","아연도, 92mm(40%)","M",0,0,0,0,0,0,0,0,0,null,null,null,null,"",1]
["TCA47A00020S","노무","L001010101000086",null,"통신내선공","일반공사 직종","인",0.24,0,0,267277,64146.400000000001,0,0,267277,64146.400000000001,null,null,"N","N","",1]
["TCA47A00020S","손료","RENT000000000003",null,"공구손료","노무비의 3%","식",1,1924.3,1924.3,0,0,0,0,1924.3,1924.3,null,null,"N","N",3,1]
[null,null,null,null,"[합 계]",null,null,0,0,1924,0,64146,0,0,0,66070,null,null,null,null,"",1]
[null,null,null,null,null,null,null,0,0,0,0,0,0,0,0,0,null,null,null,null,"",1]
["TCA47C00010S",null,null,null,"강제전선관-철거","아연도, 104mm(30%)","M",0,0,0,0,0,0,0,0,0,null,null,null,null,"",1]
["TCA47C00010S","노무","L001010101000086",null,"통신내선공","일반공사 직종","인",0.21299999999999999,0,0,267277,56930,0,0,267277,56930,null,null,"N","N","",1]
["TCA47C00010S","손료","RENT000000000003",null,"공구손료","노무비의 3%","식",1,1707.9,1707.9,0,0,0,0,1707.9,1707.9,null,null,"N","N",3,1]
[null,null,null,null,"[합 계]",null,null,0,0,1707,0,56930,0,0,0,58637,null,null,null,null,"",1]
[null,null,null,null,null,null,null,0,0,0,0,0,0,0,0,0,null,null,null,null,"",1]
["TCA47C00020S",null,null,null,"강제전선관-재사용철거","아연도, 104mm(40%)","M",0,0,0,0,0,0,0,0,0,null,null,null,null,"",1]
["TCA47C00020S","노무","L001010101000086",null,"통신내선공","일반공사 직종","인",0.28399999999999997,0,0,267277,75906.600000000006,0,0,267277,75906.600000000006,null,null,"N","N","",1]
["TCA47C00020S","손료","RENT000000000003",null,"공구손료","노무비의 3%","식",1,2277.1,2277.1,0,0,0,0,2277.1,2277.1,null,null,"N","N",3,1]
[null,null,null,null,"[합 계]",null,null,0,0,2277,0,75906,0,0,0,78183,null,null,null,null,"",1]
[null,null,null,null,null,null,null,0,0,0,0,0,0,0,0,0,null,null,null,null,"",1]
["TCA52100010S",null,null,null,"1종금속제가요전선관-콘크리트 노출 및 블록 칸막이 벽내","10mm, 비방수","M",0,0,0,0,0,0,0,0,0,null,null,null,null,"",1]
["TCA52100010S","자재","3913170620174408",null,"1종금속제가요전선관","1종금속제가요전선관, 10mm, 비방수","개",1,0,0,0,0,0,0,0,0,null,null,"N","N","",1]
["TCA52100010S","자재","3913170620174408",null,"1종금속제가요전선관","1종금속제가요전선관, 10mm, 비방수","개",0.1,0,0,0,0,0,0,0,0,null,null,"N","N","",1]
["TCA52100010S","손료","RENT000000000001",null,"전선관부속품비","전선관의 20%","식",1,0,0,0,0,0,0,0,0,null,null,"N","N",20,1]
["TCA52100010S","손료","RENT000000000002",null,"잡재료비","배관배선의 2%","식",1,0,0,0,0,0,0,0,0,null,null,"N","N",2,1]
["TCA52100010S","노무","L001010101000086",null,"통신내선공","일반공사 직종","인",5.28E-2,0,0,267277,14112.2,0,0,267277,14112.2,null,null,"N","N","",1]
["TCA52100010S","손료","RENT000000000003",null,"공구손료","인력품의 3%","식",1,423.3,423.3,0,0,0,0,423.3,423.3,null,null,"N","N",3,1]
[null,null,null,null,"[합 계]",null,null,0,0,423,0,14112,0,0,0,14535,null,null,null,null,"",1]
[null,null,null,null,null,null,null,0,0,0,0,0,0,0,0,0,null,null,null,null,"",1]
["TCA52100011S",null,null,null,"1종금속제가요전선관-콘크리트 노출 및 블록 칸막이 벽내","12mm, 비방수","M",0,0,0,0,0,0,0,0,0,null,null,null,null,"",1]
["TCA52100011S","자재","3913170620174409",null,"1종금속제가요전선관","1종금속제가요전선관, 12mm, 비방수","m",1,0,0,0,0,0,0,0,0,null,null,"N","N","",1]
["TCA52100011S","자재","3913170620174409",null,"1종금속제가요전선관","1종금속제가요전선관, 12mm, 비방수","m",0.1,0,0,0,0,0,0,0,0,null,null,"N","N","",1]
["TCA52100011S","손료","RENT000000000001",null,"전선관부속품비","전선관의 20%","식",1,0,0,0,0,0,0,0,0,null,null,"N","N",20,1]
["TCA52100011S","손료","RENT000000000002",null,"잡재료비","배관배선의 2%","식",1,0,0,0,0,0,0,0,0,null,null,"N","N",2,1]
["TCA52100011S","노무","L001010101000086",null,"통신내선공","일반공사 직종","인",5.28E-2,0,0,267277,14112.2,0,0,267277,14112.2,null,null,"N","N","",1]
["TCA52100011S","손료","RENT000000000003",null,"공구손료","인력품의 3%","식",1,423.3,423.3,0,0,0,0,423.3,423.3,null,null,"N","N",3,1]
[null,null,null,null,"[합 계]",null,null,0,0,423,0,14112,0,0,0,14535,null,null,null,null,"",1]
[null,null,null,null,null,null,null,0,0,0,0,0,0,0,0,0,null,null,null,null,"",1]
["TCA52100020S",null,null,null,"1종금속제가요전선관-콘크리트 노출 및 블록 칸막이 벽내","비닐피복, 10mm, 방수","M",0,0,0,0,0,0,0,0,0,null,null,null,null,"",1]
["TCA52100020S","자재","3913170620174420",null,"1종금속제가요전선관","1종금속제가요전선관, 비닐피복, 10mm, 방수","m",1,0,0,0,0,0,0,0,0,null,null,"N","N","",1]
["TCA52100020S","자재","3913170620174420",null,"1종금속제가요전선관","1종금속제가요전선관, 비닐피복, 10mm, 방수","m",0.1,0,0,0,0,0,0,0,0,null,null,"N","N","",1]
["TCA52100020S","손료","RENT000000000001",null,"전선관부속품비","전선관의 20%","식",1,0,0,0,0,0,0,0,0,null,null,"N","N",20,1]
["TCA52100020S","손료","RENT000000000002",null,"잡재료비","배관배선의 2%","식",1,0,0,0,0,0,0,0,0,null,null,"N","N",2,1]
["TCA52100020S","노무","L001010101000086",null,"통신내선공","일반공사 직종","인",5.28E-2,0,0,267277,14112.2,0,0,267277,14112.2,null,null,"N","N","",1]
["TCA52100020S","손료","RENT000000000003",null,"공구손료","인력품의 3%","식",1,423.3,423.3,0,0,0,0,423.3,423.3,null,null,"N","N",3,1]
[null,null,null,null,"[합 계]",null,null,0,0,423,0,14112,0,0,0,14535,null,null,null,null,"",1]
[null,null,null,null,null,null,null,0,0,0,0,0,0,0,0,0,null,null,null,null,"",1]
["TCA52100021S",null,null,null,"1종금속제가요전선관-콘크리트 노출 및 블록 칸막이 벽내","비닐피복, 12mm, 방수","M",0,0,0,0,0,0,0,0,0,null,null,null,null,"",1]
["TCA52100021S","자재","3913170620174421",null,"1종금속제가요전선관","1종금속제가요전선관, 비닐피복, 12mm, 방수","m",1,0,0,0,0,0,0,0,0,null,null,"N","N","",1]
["TCA52100021S","자재","3913170620174421",null,"1종금속제가요전선관","1종금속제가요전선관, 비닐피복, 12mm, 방수","m",0.1,0,0,0,0,0,0,0,0,null,null,"N","N","",1]
["TCA52100021S","손료","RENT000000000001",null,"전선관부속품비","전선관의 20%","식",1,0,0,0,0,0,0,0,0,null,null,"N","N",20,1]
["TCA52100021S","손료","RENT000000000002",null,"잡재료비","배관배선의 2%","식",1,0,0,0,0,0,0,0,0,null,null,"N","N",2,1]
["TCA52100021S","노무","L001010101000086",null,"통신내선공","일반공사 직종","인",5.28E-2,0,0,267277,14112.2,0,0,267277,14112.2,null,null,"N","N","",1]
["TCA52100021S","손료","RENT000000000003",null,"공구손료","인력품의 3%","식",1,423.3,423.3,0,0,0,0,423.3,423.3,null,null,"N","N",3,1]
[null,null,null,null,"[합 계]",null,null,0,0,423,0,14112,0,0,0,14535,null,null,null,null,"",1]
[null,null,null,null,null,null,null,0,0,0,0,0,0,0,0,0,null,null,null,null,"",1]
["TCA52100030S",null,null,null,"1종금속제가요전선관-콘크리트 노출 및 블록 칸막이 벽내","고장력방수, 10mm","M",0,0,0,0,0,0,0,0,0,null,null,null,null,"",1]
["TCA52100030S","자재","3913170620174468",null,"1종금속제가요전선관","1종금속제가요전선관, 고장력후렉시블전선관, 10mm, 방수","개",1,0,0,0,0,0,0,0,0,null,null,"N","N","",1]
["TCA52100030S","자재","3913170620174468",null,"1종금속제가요전선관","1종금속제가요전선관, 고장력후렉시블전선관, 10mm, 방수","개",0.1,0,0,0,0,0,0,0,0,null,null,"N","N","",1]
["TCA52100030S","손료","RENT000000000001",null,"전선관부속품비","전선관의 20%","식",1,0,0,0,0,0,0,0,0,null,null,"N","N",20,1]
["TCA52100030S","손료","RENT000000000002",null,"잡재료비","배관배선의 2%","식",1,0,0,0,0,0,0,0,0,null,null,"N","N",2,1]
["TCA52100030S","노무","L001010101000086",null,"통신내선공","일반공사 직종","인",5.28E-2,0,0,267277,14112.2,0,0,267277,14112.2,null,null,"N","N","",1]
["TCA52100030S","손료","RENT000000000003",null,"공구손료","인력품의 3%","식",1,423.3,423.3,0,0,0,0,423.3,423.3,null,null,"N","N",3,1]
[null,null,null,null,"[합 계]",null,null,0,0,423,0,14112,0,0,0,14535,null,null,null,null,"",1]
[null,null,null,null,null,null,null,0,0,0,0,0,0,0,0,0,null,null,null,null,"",1]
["TCA52100031S",null,null,null,"1종금속제가요전선관-콘크리트 노출 및 블록 칸막이 벽내","고장력방수, 12mm","M",0,0,0,0,0,0,0,0,0,null,null,null,null,"",1]
["TCA52100031S","자재","3913170620174469",null,"1종금속제가요전선관","1종금속제가요전선관, 고장력후렉시블전선관, 12mm, 방수","m",1,0,0,0,0,0,0,0,0,null,null,"N","N","",1]
["TCA52100031S","자재","3913170620174469",null,"1종금속제가요전선관","1종금속제가요전선관, 고장력후렉시블전선관, 12mm, 방수","m",0.1,0,0,0,0,0,0,0,0,null,null,"N","N","",1]
["TCA52100031S","손료","RENT000000000001",null,"전선관부속품비","전선관의 20%","식",1,0,0,0,0,0,0,0,0,null,null,"N","N",20,1]
["TCA52100031S","손료","RENT000000000002",null,"잡재료비","배관배선의 2%","식",1,0,0,0,0,0,0,0,0,null,null,"N","N",2,1]
["TCA52100031S","노무","L001010101000086",null,"통신내선공","일반공사 직종","인",5.28E-2,0,0,267277,14112.2,0,0,267277,14112.2,null,null,"N","N","",1]
["TCA52100031S","손료","RENT000000000003",null,"공구손료","인력품의 3%","식",1,423.3,423.3,0,0,0,0,423.3,423.3,null,null,"N","N",3,1]
[null,null,null,null,"[합 계]",null,null,0,0,423,0,14112,0,0,0,14535,null,null,null,null,"",1]
[null,null,null,null,null,null,null,0,0,0,0,0,0,0,0,0,null,null,null,null,"",1]
["TCA52200010S",null,null,null,"1종금속제가요전선관-콘크리트 노출 및 블록 칸막이 벽내","16mm, 비방수","M",0,0,0,0,0,0,0,0,0,null,null,null,null,"",1]
["TCA52200010S","자재","3913170620174410",null,"1종금속제가요전선관","1종금속제가요전선관, 16mm, 비방수","m",1,0,0,0,0,0,0,0,0,null,null,"N","N","",1]
["TCA52200010S","자재","3913170620174410",null,"1종금속제가요전선관","1종금속제가요전선관, 16mm, 비방수","m",0.1,0,0,0,0,0,0,0,0,null,null,"N","N","",1]
["TCA52200010S","손료","RENT000000000001",null,"전선관부속품비","전선관의 20%","식",1,0,0,0,0,0,0,0,0,null,null,"N","N",20,1]
["TCA52200010S","손료","RENT000000000002",null,"잡재료비","배관배선의 2%","식",1,0,0,0,0,0,0,0,0,null,null,"N","N",2,1]
["TCA52200010S","노무","L001010101000086",null,"통신내선공","일반공사 직종","인",5.28E-2,0,0,267277,14112.2,0,0,267277,14112.2,null,null,"N","N","",1]
["TCA52200010S","손료","RENT000000000003",null,"공구손료","인력품의 3%","식",1,423.3,423.3,0,0,0,0,423.3,423.3,null,null,"N","N",3,1]
[null,null,null,null,"[합 계]",null,null,0,0,423,0,14112,0,0,0,14535,null,null,null,null,"",1]
[null,null,null,null,null,null,null,0,0,0,0,0,0,0,0,0,null,null,null,null,"",1]
["TCA52200020S",null,null,null,"1종금속제가요전선관-콘크리트 노출 및 블록 칸막이 벽내","비닐피복, 16mm, 방수","M",0,0,0,0,0,0,0,0,0,null,null,null,null,"",1]
["TCA52200020S","자재","3913170620174422",null,"1종금속제가요전선관","1종금속제가요전선관, 비닐피복, 16mm, 방수","m",1,935,935,0,0,0,0,935,935,null,null,"N","N","",1]
["TCA52200020S","자재","3913170620174422",null,"1종금속제가요전선관","1종금속제가요전선관, 비닐피복, 16mm, 방수","m",0.1,935,93.5,0,0,0,0,935,93.5,null,null,"N","N","",1]
["TCA52200020S","손료","RENT000000000001",null,"전선관부속품비","전선관의 20%","식",1,187,187,0,0,0,0,187,187,null,null,"N","N",20,1]
["TCA52200020S","손료","RENT000000000002",null,"잡재료비","배관배선의 2%","식",1,18.7,18.7,0,0,0,0,18.7,18.7,null,null,"N","N",2,1]
["TCA52200020S","노무","L001010101000086",null,"통신내선공","일반공사 직종","인",5.28E-2,0,0,267277,14112.2,0,0,267277,14112.2,null,null,"N","N","",1]
["TCA52200020S","손료","RENT000000000003",null,"공구손료","인력품의 3%","식",1,423.3,423.3,0,0,0,0,423.3,423.3,null,null,"N","N",3,1]
[null,null,null,null,"[합 계]",null,null,0,0,1657,0,14112,0,0,0,15769,null,null,null,null,"",1]
[null,null,null,null,null,null,null,0,0,0,0,0,0,0,0,0,null,null,null,null,"",1]
["TCA52200030S",null,null,null,"1종금속제가요전선관-콘크리트 노출 및 블록 칸막이 벽내","고장력방수, 16mm","M",0,0,0,0,0,0,0,0,0,null,null,null,null,"",1]
["TCA52200030S","자재","3913170620174470",null,"1종금속제가요전선관","1종금속제가요전선관, 고장력후렉시블전선관, 16mm, 방수","m",1,1333,1333,0,0,0,0,1333,1333,null,null,"N","N","",1]
["TCA52200030S","자재","3913170620174470",null,"1종금속제가요전선관","1종금속제가요전선관, 고장력후렉시블전선관, 16mm, 방수","m",0.1,1333,133.30000000000001,0,0,0,0,1333,133.30000000000001,null,null,"N","N","",1]
["TCA52200030S","손료","RENT000000000001",null,"전선관부속품비","전선관의 20%","식",1,266.60000000000002,266.60000000000002,0,0,0,0,266.60000000000002,266.60000000000002,null,null,"N","N",20,1]
["TCA52200030S","손료","RENT000000000002",null,"잡재료비","배관배선의 2%","식",1,26.6,26.6,0,0,0,0,26.6,26.6,null,null,"N","N",2,1]
["TCA52200030S","노무","L001010101000086",null,"통신내선공","일반공사 직종","인",5.28E-2,0,0,267277,14112.2,0,0,267277,14112.2,null,null,"N","N","",1]
["TCA52200030S","손료","RENT000000000003",null,"공구손료","인력품의 3%","식",1,423.3,423.3,0,0,0,0,423.3,423.3,null,null,"N","N",3,1]
[null,null,null,null,"[합 계]",null,null,0,0,2182,0,14112,0,0,0,16294,null,null,null,null,"",1]
[null,null,null,null,null,null,null,0,0,0,0,0,0,0,0,0,null,null,null,null,"",1]
["TCA52300010S",null,null,null,"1종금속제가요전선관-콘크리트 노출 및 블록 칸막이 벽내","22mm, 비방수","M",0,0,0,0,0,0,0,0,0,null,null,null,null,"",1]
["TCA52300010S","자재","3913170620174411",null,"1종금속제가요전선관","1종금속제가요전선관, 22mm, 비방수","m",1,0,0,0,0,0,0,0,0,null,null,"N","N","",1]
["TCA52300010S","자재","3913170620174411",null,"1종금속제가요전선관","1종금속제가요전선관, 22mm, 비방수","m",0.1,0,0,0,0,0,0,0,0,null,null,"N","N","",1]
["TCA52300010S","손료","RENT000000000001",null,"전선관부속품비","전선관의 20%","식",1,0,0,0,0,0,0,0,0,null,null,"N","N",20,1]
["TCA52300010S","손료","RENT000000000002",null,"잡재료비","배관배선의 2%","식",1,0,0,0,0,0,0,0,0,null,null,"N","N",2,1]
["TCA52300010S","노무","L001010101000086",null,"통신내선공","일반공사 직종","인",7.0800000000000002E-2,0,0,267277,18923.2,0,0,267277,18923.2,null,null,"N","N","",1]
["TCA52300010S","손료","RENT000000000003",null,"공구손료","인력품의 3%","식",1,567.6,567.6,0,0,0,0,567.6,567.6,null,null,"N","N",3,1]
[null,null,null,null,"[합 계]",null,null,0,0,567,0,18923,0,0,0,19490,null,null,null,null,"",1]
[null,null,null,null,null,null,null,0,0,0,0,0,0,0,0,0,null,null,null,null,"",1]
["TCA52300020S",null,null,null,"1종금속제가요전선관-콘크리트 노출 및 블록 칸막이 벽내","비닐피복, 22mm, 방수","M",0,0,0,0,0,0,0,0,0,null,null,null,null,"",1]
["TCA52300020S","자재","3913170620174423",null,"1종금속제가요전선관","1종금속제가요전선관, 비닐피복, 22mm, 방수","m",1,1173,1173,0,0,0,0,1173,1173,null,null,"N","N","",1]
["TCA52300020S","자재","3913170620174423",null,"1종금속제가요전선관","1종금속제가요전선관, 비닐피복, 22mm, 방수","m",0.1,1173,117.3,0,0,0,0,1173,117.3,null,null,"N","N","",1]
["TCA52300020S","손료","RENT000000000001",null,"전선관부속품비","전선관의 20%","식",1,234.6,234.6,0,0,0,0,234.6,234.6,null,null,"N","N",20,1]
["TCA52300020S","손료","RENT000000000002",null,"잡재료비","배관배선의 2%","식",1,23.4,23.4,0,0,0,0,23.4,23.4,null,null,"N","N",2,1]
["TCA52300020S","노무","L001010101000086",null,"통신내선공","일반공사 직종","인",7.0800000000000002E-2,0,0,267277,18923.2,0,0,267277,18923.2,null,null,"N","N","",1]
["TCA52300020S","손료","RENT000000000003",null,"공구손료","인력품의 3%","식",1,567.6,567.6,0,0,0,0,567.6,567.6,null,null,"N","N",3,1]
[null,null,null,null,"[합 계]",null,null,0,0,2115,0,18923,0,0,0,21038,null,null,null,null,"",1]
[null,null,null,null,null,null,null,0,0,0,0,0,0,0,0,0,null,null,null,null,"",1]
["TCA52300030S",null,null,null,"1종금속제가요전선관-콘크리트 노출 및 블록 칸막이 벽내","고장력방수, 22mm","M",0,0,0,0,0,0,0,0,0,null,null,null,null,"",1]
["TCA52300030S","자재","3913170620174471",null,"1종금속제가요전선관","1종금속제가요전선관, 고장력후렉시블전선관, 22mm, 방수","m",1,1709,1709,0,0,0,0,1709,1709,null,null,"N","N","",1]
["TCA52300030S","자재","3913170620174471",null,"1종금속제가요전선관","1종금속제가요전선관, 고장력후렉시블전선관, 22mm, 방수","m",0.1,1709,170.9,0,0,0,0,1709,170.9,null,null,"N","N","",1]
["TCA52300030S","손료","RENT000000000001",null,"전선관부속품비","전선관의 20%","식",1,341.8,341.8,0,0,0,0,341.8,341.8,null,null,"N","N",20,1]
["TCA52300030S","손료","RENT000000000002",null,"잡재료비","배관배선의 2%","식",1,34.1,34.1,0,0,0,0,34.1,34.1,null,null,"N","N",2,1]
["TCA52300030S","노무","L001010101000086",null,"통신내선공","일반공사 직종","인",7.0800000000000002E-2,0,0,267277,18923.2,0,0,267277,18923.2,null,null,"N","N","",1]
["TCA52300030S","손료","RENT000000000003",null,"공구손료","인력품의 3%","식",1,567.6,567.6,0,0,0,0,567.6,567.6,null,null,"N","N",3,1]
[null,null,null,null,"[합 계]",null,null,0,0,2823,0,18923,0,0,0,21746,null,null,null,null,"",1]
[null,null,null,null,null,null,null,0,0,0,0,0,0,0,0,0,null,null,null,null,"",1]
["TCA52400010S",null,null,null,"1종금속제가요전선관-콘크리트 노출 및 블록 칸막이 벽내","28mm, 비방수","M",0,0,0,0,0,0,0,0,0,null,null,null,null,"",1]
["TCA52400010S","자재","3913170620174412",null,"1종금속제가요전선관","1종금속제가요전선관, 28mm, 비방수","m",1,0,0,0,0,0,0,0,0,null,null,"N","N","",1]
["TCA52400010S","자재","3913170620174412",null,"1종금속제가요전선관","1종금속제가요전선관, 28mm, 비방수","m",0.1,0,0,0,0,0,0,0,0,null,null,"N","N","",1]
["TCA52400010S","손료","RENT000000000001",null,"전선관부속품비","전선관의 20%","식",1,0,0,0,0,0,0,0,0,null,null,"N","N",20,1]
["TCA52400010S","손료","RENT000000000002",null,"잡재료비","배관배선의 2%","식",1,0,0,0,0,0,0,0,0,null,null,"N","N",2,1]
["TCA52400010S","노무","L001010101000086",null,"통신내선공","일반공사 직종","인",8.6400000000000005E-2,0,0,267277,23092.7,0,0,267277,23092.7,null,null,"N","N","",1]
["TCA52400010S","손료","RENT000000000003",null,"공구손료","인력품의 3%","식",1,692.7,692.7,0,0,0,0,692.7,692.7,null,null,"N","N",3,1]
[null,null,null,null,"[합 계]",null,null,0,0,692,0,23092,0,0,0,23784,null,null,null,null,"",1]
[null,null,null,null,null,null,null,0,0,0,0,0,0,0,0,0,null,null,null,null,"",1]
["TCA52400020S",null,null,null,"1종금속제가요전선관-콘크리트 노출 및 블록 칸막이 벽내","비닐피복, 28mm, 방수","M",0,0,0,0,0,0,0,0,0,null,null,null,null,"",1]
["TCA52400020S","자재","3913170620174424",null,"1종금속제가요전선관","1종금속제가요전선관, 비닐피복, 28mm, 방수","m",1,1421,1421,0,0,0,0,1421,1421,null,null,"N","N","",1]
["TCA52400020S","자재","3913170620174424",null,"1종금속제가요전선관","1종금속제가요전선관, 비닐피복, 28mm, 방수","m",0.1,1421,142.1,0,0,0,0,1421,142.1,null,null,"N","N","",1]
["TCA52400020S","손료","RENT000000000001",null,"전선관부속품비","전선관의 20%","식",1,284.2,284.2,0,0,0,0,284.2,284.2,null,null,"N","N",20,1]
["TCA52400020S","손료","RENT000000000002",null,"잡재료비","배관배선의 2%","식",1,28.4,28.4,0,0,0,0,28.4,28.4,null,null,"N","N",2,1]
["TCA52400020S","노무","L001010101000086",null,"통신내선공","일반공사 직종","인",8.6400000000000005E-2,0,0,267277,23092.7,0,0,267277,23092.7,null,null,"N","N","",1]
["TCA52400020S","손료","RENT000000000003",null,"공구손료","인력품의 3%","식",1,692.7,692.7,0,0,0,0,692.7,692.7,null,null,"N","N",3,1]
[null,null,null,null,"[합 계]",null,null,0,0,2568,0,23092,0,0,0,25660,null,null,null,null,"",1]
[null,null,null,null,null,null,null,0,0,0,0,0,0,0,0,0,null,null,null,null,"",1]
["TCA52400030S",null,null,null,"1종금속제가요전선관-콘크리트 노출 및 블록 칸막이 벽내","고장력방수, 28mm","M",0,0,0,0,0,0,0,0,0,null,null,null,null,"",1]
["TCA52400030S","자재","3913170620174472",null,"1종금속제가요전선관","1종금속제가요전선관, 고장력후렉시블전선관, 28mm, 방수","m",1,2282,2282,0,0,0,0,2282,2282,null,null,"N","N","",1]
["TCA52400030S","자재","3913170620174472",null,"1종금속제가요전선관","1종금속제가요전선관, 고장력후렉시블전선관, 28mm, 방수","m",0.1,2282,228.2,0,0,0,0,2282,228.2,null,null,"N","N","",1]
["TCA52400030S","손료","RENT000000000001",null,"전선관부속품비","전선관의 20%","식",1,456.4,456.4,0,0,0,0,456.4,456.4,null,null,"N","N",20,1]
["TCA52400030S","손료","RENT000000000002",null,"잡재료비","배관배선의 2%","식",1,45.6,45.6,0,0,0,0,45.6,45.6,null,null,"N","N",2,1]
["TCA52400030S","노무","L001010101000086",null,"통신내선공","일반공사 직종","인",8.6400000000000005E-2,0,0,267277,23092.7,0,0,267277,23092.7,null,null,"N","N","",1]
["TCA52400030S","손료","RENT000000000003",null,"공구손료","인력품의 3%","식",1,692.7,692.7,0,0,0,0,692.7,692.7,null,null,"N","N",3,1]
[null,null,null,null,"[합 계]",null,null,0,0,3704,0,23092,0,0,0,26796,null,null,null,null,"",1]
[null,null,null,null,null,null,null,0,0,0,0,0,0,0,0,0,null,null,null,null,"",1]
["TCA52500010S",null,null,null,"1종금속제가요전선관-콘크리트 노출 및 블록 칸막이 벽내","36mm, 비방수","M",0,0,0,0,0,0,0,0,0,null,null,null,null,"",1]
["TCA52500010S","자재","3913170620174413",null,"1종금속제가요전선관","1종금속제가요전선관, 36mm, 비방수","m",1,0,0,0,0,0,0,0,0,null,null,"N","N","",1]
["TCA52500010S","자재","3913170620174413",null,"1종금속제가요전선관","1종금속제가요전선관, 36mm, 비방수","m",0.1,0,0,0,0,0,0,0,0,null,null,"N","N","",1]
["TCA52500010S","손료","RENT000000000001",null,"전선관부속품비","전선관의 20%","식",1,0,0,0,0,0,0,0,0,null,null,"N","N",20,1]
["TCA52500010S","손료","RENT000000000002",null,"잡재료비","배관배선의 2%","식",1,0,0,0,0,0,0,0,0,null,null,"N","N",2,1]
["TCA52500010S","노무","L001010101000086",null,"통신내선공","일반공사 직종","인",0.10440000000000001,0,0,267277,27903.7,0,0,267277,27903.7,null,null,"N","N","",1]
["TCA52500010S","손료","RENT000000000003",null,"공구손료","인력품의 3%","식",1,837.1,837.1,0,0,0,0,837.1,837.1,null,null,"N","N",3,1]
[null,null,null,null,"[합 계]",null,null,0,0,837,0,27903,0,0,0,28740,null,null,null,null,"",1]
[null,null,null,null,null,null,null,0,0,0,0,0,0,0,0,0,null,null,null,null,"",1]
["TCA52500020S",null,null,null,"1종금속제가요전선관-콘크리트 노출 및 블록 칸막이 벽내","비닐피복, 36mm, 방수","M",0,0,0,0,0,0,0,0,0,null,null,null,null,"",1]
["TCA52500020S","자재","3913170620174425",null,"1종금속제가요전선관","1종금속제가요전선관, 비닐피복, 36mm, 방수","m",1,2167,2167,0,0,0,0,2167,2167,null,null,"N","N","",1]
["TCA52500020S","자재","3913170620174425",null,"1종금속제가요전선관","1종금속제가요전선관, 비닐피복, 36mm, 방수","m",0.1,2167,216.7,0,0,0,0,2167,216.7,null,null,"N","N","",1]
["TCA52500020S","손료","RENT000000000001",null,"전선관부속품비","전선관의 20%","식",1,433.4,433.4,0,0,0,0,433.4,433.4,null,null,"N","N",20,1]
["TCA52500020S","손료","RENT000000000002",null,"잡재료비","배관배선의 2%","식",1,43.3,43.3,0,0,0,0,43.3,43.3,null,null,"N","N",2,1]
["TCA52500020S","노무","L001010101000086",null,"통신내선공","일반공사 직종","인",0.10440000000000001,0,0,267277,27903.7,0,0,267277,27903.7,null,null,"N","N","",1]
["TCA52500020S","손료","RENT000000000003",null,"공구손료","인력품의 3%","식",1,837.1,837.1,0,0,0,0,837.1,837.1,null,null,"N","N",3,1]
[null,null,null,null,"[합 계]",null,null,0,0,3697,0,27903,0,0,0,31600,null,null,null,null,"",1]
[null,null,null,null,null,null,null,0,0,0,0,0,0,0,0,0,null,null,null,null,"",1]
["TCA52500030S",null,null,null,"1종금속제가요전선관-콘크리트 노출 및 블록 칸막이 벽내","고장력방수, 36mm","M",0,0,0,0,0,0,0,0,0,null,null,null,null,"",1]
["TCA52500030S","자재","3913170620174473",null,"1종금속제가요전선관","1종금속제가요전선관, 고장력후렉시블전선관, 36mm, 방수","m",1,3323,3323,0,0,0,0,3323,3323,null,null,"N","N","",1]
["TCA52500030S","자재","3913170620174473",null,"1종금속제가요전선관","1종금속제가요전선관, 고장력후렉시블전선관, 36mm, 방수","m",0.1,3323,332.3,0,0,0,0,3323,332.3,null,null,"N","N","",1]
["TCA52500030S","손료","RENT000000000001",null,"전선관부속품비","전선관의 20%","식",1,664.6,664.6,0,0,0,0,664.6,664.6,null,null,"N","N",20,1]
["TCA52500030S","손료","RENT000000000002",null,"잡재료비","배관배선의 2%","식",1,66.400000000000006,66.400000000000006,0,0,0,0,66.400000000000006,66.400000000000006,null,null,"N","N",2,1]
["TCA52500030S","노무","L001010101000086",null,"통신내선공","일반공사 직종","인",0.10440000000000001,0,0,267277,27903.7,0,0,267277,27903.7,null,null,"N","N","",1]
["TCA52500030S","손료","RENT000000000003",null,"공구손료","인력품의 3%","식",1,837.1,837.1,0,0,0,0,837.1,837.1,null,null,"N","N",3,1]
[null,null,null,null,"[합 계]",null,null,0,0,5223,0,27903,0,0,0,33126,null,null,null,null,"",1]
[null,null,null,null,null,null,null,0,0,0,0,0,0,0,0,0,null,null,null,null,"",1]
["TCA52600010S",null,null,null,"1종금속제가요전선관-콘크리트 노출 및 블록 칸막이 벽내","42mm, 비방수","M",0,0,0,0,0,0,0,0,0,null,null,null,null,"",1]
["TCA52600010S","자재","3913170620174414",null,"1종금속제가요전선관","1종금속제가요전선관, 42mm, 비방수","m",1,0,0,0,0,0,0,0,0,null,null,"N","N","",1]
["TCA52600010S","자재","3913170620174414",null,"1종금속제가요전선관","1종금속제가요전선관, 42mm, 비방수","m",0.1,0,0,0,0,0,0,0,0,null,null,"N","N","",1]
["TCA52600010S","손료","RENT000000000001",null,"전선관부속품비","전선관의 20%","식",1,0,0,0,0,0,0,0,0,null,null,"N","N",20,1]
["TCA52600010S","손료","RENT000000000002",null,"잡재료비","배관배선의 2%","식",1,0,0,0,0,0,0,0,0,null,null,"N","N",2,1]
["TCA52600010S","노무","L001010101000086",null,"통신내선공","일반공사 직종","인",0.12479999999999999,0,0,267277,33356.1,0,0,267277,33356.1,null,null,"N","N","",1]
["TCA52600010S","손료","RENT000000000003",null,"공구손료","인력품의 3%","식",1,1000.6,1000.6,0,0,0,0,1000.6,1000.6,null,null,"N","N",3,1]
[null,null,null,null,"[합 계]",null,null,0,0,1000,0,33356,0,0,0,34356,null,null,null,null,"",1]
[null,null,null,null,null,null,null,0,0,0,0,0,0,0,0,0,null,null,null,null,"",1]
["TCA52600020S",null,null,null,"1종금속제가요전선관-콘크리트 노출 및 블록 칸막이 벽내","비닐피복, 42mm, 방수","M",0,0,0,0,0,0,0,0,0,null,null,null,null,"",1]
["TCA52600020S","자재","3913170620174426",null,"1종금속제가요전선관","1종금속제가요전선관, 비닐피복, 42mm, 방수","m",1,2777,2777,0,0,0,0,2777,2777,null,null,"N","N","",1]
["TCA52600020S","자재","3913170620174426",null,"1종금속제가요전선관","1종금속제가요전선관, 비닐피복, 42mm, 방수","m",0.1,2777,277.7,0,0,0,0,2777,277.7,null,null,"N","N","",1]
["TCA52600020S","손료","RENT000000000001",null,"전선관부속품비","전선관의 20%","식",1,555.4,555.4,0,0,0,0,555.4,555.4,null,null,"N","N",20,1]
["TCA52600020S","손료","RENT000000000002",null,"잡재료비","배관배선의 2%","식",1,55.5,55.5,0,0,0,0,55.5,55.5,null,null,"N","N",2,1]
["TCA52600020S","노무","L001010101000086",null,"통신내선공","일반공사 직종","인",0.12479999999999999,0,0,267277,33356.1,0,0,267277,33356.1,null,null,"N","N","",1]
["TCA52600020S","손료","RENT000000000003",null,"공구손료","인력품의 3%","식",1,1000.6,1000.6,0,0,0,0,1000.6,1000.6,null,null,"N","N",3,1]
[null,null,null,null,"[합 계]",null,null,0,0,4666,0,33356,0,0,0,38022,null,null,null,null,"",1]
[null,null,null,null,null,null,null,0,0,0,0,0,0,0,0,0,null,null,null,null,"",1]
["TCA52600030S",null,null,null,"1종금속제가요전선관-콘크리트 노출 및 블록 칸막이 벽내","고장력방수, 42mm","M",0,0,0,0,0,0,0,0,0,null,null,null,null,"",1]
["TCA52600030S","자재","3913170620174474",null,"1종금속제가요전선관","1종금속제가요전선관, 고장력후렉시블전선관, 42mm, 방수","m",1,5104,5104,0,0,0,0,5104,5104,null,null,"N","N","",1]
["TCA52600030S","자재","3913170620174474",null,"1종금속제가요전선관","1종금속제가요전선관, 고장력후렉시블전선관, 42mm, 방수","m",0.1,5104,510.4,0,0,0,0,5104,510.4,null,null,"N","N","",1]
["TCA52600030S","손료","RENT000000000001",null,"전선관부속품비","전선관의 20%","식",1,1020.8,1020.8,0,0,0,0,1020.8,1020.8,null,null,"N","N",20,1]
["TCA52600030S","손료","RENT000000000002",null,"잡재료비","배관배선의 2%","식",1,102,102,0,0,0,0,102,102,null,null,"N","N",2,1]
["TCA52600030S","노무","L001010101000086",null,"통신내선공","일반공사 직종","인",0.12479999999999999,0,0,267277,33356.1,0,0,267277,33356.1,null,null,"N","N","",1]
["TCA52600030S","손료","RENT000000000003",null,"공구손료","인력품의 3%","식",1,1000.6,1000.6,0,0,0,0,1000.6,1000.6,null,null,"N","N",3,1]
[null,null,null,null,"[합 계]",null,null,0,0,7737,0,33356,0,0,0,41093,null,null,null,null,"",1]
[null,null,null,null,null,null,null,0,0,0,0,0,0,0,0,0,null,null,null,null,"",1]
["TCA52700010S",null,null,null,"1종금속제가요전선관-콘크리트 노출 및 블록 칸막이 벽내","54mm, 비방수","M",0,0,0,0,0,0,0,0,0,null,null,null,null,"",1]
["TCA52700010S","자재","3913170620174415",null,"1종금속제가요전선관","1종금속제가요전선관, 54mm, 비방수","m",1,0,0,0,0,0,0,0,0,null,null,"N","N","",1]
["TCA52700010S","자재","3913170620174415",null,"1종금속제가요전선관","1종금속제가요전선관, 54mm, 비방수","m",0.1,0,0,0,0,0,0,0,0,null,null,"N","N","",1]
["TCA52700010S","손료","RENT000000000001",null,"전선관부속품비","전선관의 20%","식",1,0,0,0,0,0,0,0,0,null,null,"N","N",20,1]
["TCA52700010S","손료","RENT000000000002",null,"잡재료비","배관배선의 2%","식",1,0,0,0,0,0,0,0,0,null,null,"N","N",2,1]
["TCA52700010S","노무","L001010101000086",null,"통신내선공","일반공사 직종","인",0.16320000000000001,0,0,267277,43619.6,0,0,267277,43619.6,null,null,"N","N","",1]
["TCA52700010S","손료","RENT000000000003",null,"공구손료","인력품의 3%","식",1,1308.5,1308.5,0,0,0,0,1308.5,1308.5,null,null,"N","N",3,1]
[null,null,null,null,"[합 계]",null,null,0,0,1308,0,43619,0,0,0,44927,null,null,null,null,"",1]
[null,null,null,null,null,null,null,0,0,0,0,0,0,0,0,0,null,null,null,null,"",1]
["TCA52700020S",null,null,null,"1종금속제가요전선관-콘크리트 노출 및 블록 칸막이 벽내","비닐피복, 54mm, 방수","M",0,0,0,0,0,0,0,0,0,null,null,null,null,"",1]
["TCA52700020S","자재","3913170620174427",null,"1종금속제가요전선관","1종금속제가요전선관, 비닐피복, 54mm, 방수","m",1,3811,3811,0,0,0,0,3811,3811,null,null,"N","N","",1]
["TCA52700020S","자재","3913170620174427",null,"1종금속제가요전선관","1종금속제가요전선관, 비닐피복, 54mm, 방수","m",0.1,3811,381.1,0,0,0,0,3811,381.1,null,null,"N","N","",1]
["TCA52700020S","손료","RENT000000000001",null,"전선관부속품비","전선관의 20%","식",1,762.2,762.2,0,0,0,0,762.2,762.2,null,null,"N","N",20,1]
["TCA52700020S","손료","RENT000000000002",null,"잡재료비","배관배선의 2%","식",1,76.2,76.2,0,0,0,0,76.2,76.2,null,null,"N","N",2,1]
["TCA52700020S","노무","L001010101000086",null,"통신내선공","일반공사 직종","인",0.16320000000000001,0,0,267277,43619.6,0,0,267277,43619.6,null,null,"N","N","",1]
["TCA52700020S","손료","RENT000000000003",null,"공구손료","인력품의 3%","식",1,1308.5,1308.5,0,0,0,0,1308.5,1308.5,null,null,"N","N",3,1]
[null,null,null,null,"[합 계]",null,null,0,0,6339,0,43619,0,0,0,49958,null,null,null,null,"",1]
[null,null,null,null,null,null,null,0,0,0,0,0,0,0,0,0,null,null,null,null,"",1]
["TCA52700030S",null,null,null,"1종금속제가요전선관-콘크리트 노출 및 블록 칸막이 벽내","고장력방수, 54mm","M",0,0,0,0,0,0,0,0,0,null,null,null,null,"",1]
["TCA52700030S","자재","3913170620174475",null,"1종금속제가요전선관","1종금속제가요전선관, 고장력후렉시블전선관, 54mm, 방수","m",1,5892,5892,0,0,0,0,5892,5892,null,null,"N","N","",1]
["TCA52700030S","자재","3913170620174475",null,"1종금속제가요전선관","1종금속제가요전선관, 고장력후렉시블전선관, 54mm, 방수","m",0.1,5892,589.20000000000005,0,0,0,0,5892,589.20000000000005,null,null,"N","N","",1]
["TCA52700030S","손료","RENT000000000001",null,"전선관부속품비","전선관의 20%","식",1,1178.4000000000001,1178.4000000000001,0,0,0,0,1178.4000000000001,1178.4000000000001,null,null,"N","N",20,1]
["TCA52700030S","손료","RENT000000000002",null,"잡재료비","배관배선의 2%","식",1,117.8,117.8,0,0,0,0,117.8,117.8,null,null,"N","N",2,1]
["TCA52700030S","손료","RENT000000000003",null,"공구손료","인력품의 3%","식",1,1308.5,1308.5,0,0,0,0,1308.5,1308.5,null,null,"N","N",3,1]
[null,null,null,null,"[합 계]",null,null,0,0,9085,0,43619,0,0,0,52704,null,null,null,null,"",1]
[null,null,null,null,null,null,null,0,0,0,0,0,0,0,0,0,null,null,null,null,"",1]
["TCA53100010S",null,null,null,"1종금속제가요전선관-철강조 노출","10mm, 비방수","M",0,0,0,0,0,0,0,0,0,null,null,null,null,"",1]
["TCA53100010S","자재","3913170620174408",null,"1종금속제가요전선관","1종금속제가요전선관, 10mm, 비방수","개",0.1,0,0,0,0,0,0,0,0,null,null,"N","N","",1]
["TCA53100010S","손료","RENT000000000001",null,"전선관부속품비","전선관의 20%","식",1,0,0,0,0,0,0,0,0,null,null,"N","N",20,1]
["TCA53100010S","노무","L001010101000086",null,"통신내선공","일반공사 직종","인",5.5E-2,0,0,267277,14700.2,0,0,267277,14700.2,null,null,"N","N","",1]
["TCA53100010S","손료","RENT000000000003",null,"공구손료","인력품의 3%","식",1,441,441,0,0,0,0,441,441,null,null,"N","N",3,1]
[null,null,null,null,null,null,null,0,0,0,0,0,0,0,0,0,null,null,null,null,"",1]
["TCA53100011S",null,null,null,"1종금속제가요전선관-철강조 노출","12mm, 비방수","M",0,0,0,0,0,0,0,0,0,null,null,null,null,"",1]
["TCA53100011S","자재","3913170620174409",null,"1종금속제가요전선관","1종금속제가요전선관, 12mm, 비방수","m",1,0,0,0,0,0,0,0,0,null,null,"N","N","",1]
["TCA53100011S","자재","3913170620174409",null,"1종금속제가요전선관","1종금속제가요전선관, 12mm, 비방수","m",0.1,0,0,0,0,0,0,0,0,null,null,"N","N","",1]
["TCA53100011S","손료","RENT000000000002",null,"잡재료비","배관배선의 2%","식",1,0,0,0,0,0,0,0,0,null,null,"N","N",2,1]
["TCA53100011S","노무","L001010101000086",null,"통신내선공","일반공사 직종","인",5.5E-2,0,0,267277,14700.2,0,0,267277,14700.2,null,null,"N","N","",1]
[null,null,null,null,"[합 계]",null,null,0,0,441,0,14700,0,0,0,15141,null,null,null,null,"",1]
[null,null,null,null,null,null,null,0,0,0,0,0,0,0,0,0,null,null,null,null,"",1]
["TCA53100020S","자재","3913170620174420",null,"1종금속제가요전선관","1종금속제가요전선관, 비닐피복, 10mm, 방수","m",1,0,0,0,0,0,0,0,0,null,null,"N","N","",1]
["TCA53100020S","자재","3913170620174420",null,"1종금속제가요전선관","1종금속제가요전선관, 비닐피복, 10mm, 방수","m",0.1,0,0,0,0,0,0,0,0,null,null,"N","N","",1]
["TCA53100020S","손료","RENT000000000001",null,"전선관부속품비","전선관의 20%","식",1,0,0,0,0,0,0,0,0,null,null,"N","N",20,1]
["TCA53100020S","손료","RENT000000000002",null,"잡재료비","배관배선의 2%","식",1,0,0,0,0,0,0,0,0,null,null,"N","N",2,1]
["TCA53100020S","손료","RENT000000000003",null,"공구손료","인력품의 3%","식",1,441,441,0,0,0,0,441,441,null,null,"N","N",3,1]
[null,null,null,null,"[합 계]",null,null,0,0,441,0,14700,0,0,0,15141,null,null,null,null,"",1]
["TCA53100021S",null,null,null,"1종금속제가요전선관-철강조 노출","비닐피복, 12mm, 방수","M",0,0,0,0,0,0,0,0,0,null,null,null,null,"",1]
["TCA53100021S","자재","3913170620174421",null,"1종금속제가요전선관","1종금속제가요전선관, 비닐피복, 12mm, 방수","m",1,0,0,0,0,0,0,0,0,null,null,"N","N","",1]
["TCA53100021S","자재","3913170620174421",null,"1종금속제가요전선관","1종금속제가요전선관, 비닐피복, 12mm, 방수","m",0.1,0,0,0,0,0,0,0,0,null,null,"N","N","",1]
["TCA53100021S","손료","RENT000000000001",null,"전선관부속품비","전선관의 20%","식",1,0,0,0,0,0,0,0,0,null,null,"N","N",20,1]
["TCA53100021S","노무","L001010101000086",null,"통신내선공","일반공사 직종","인",5.5E-2,0,0,267277,14700.2,0,0,267277,14700.2,null,null,"N","N","",1]
["TCA53100021S","손료","RENT000000000003",null,"공구손료","인력품의 3%","식",1,441,441,0,0,0,0,441,441,null,null,"N","N",3,1]
[null,null,null,null,null,null,null,0,0,0,0,0,0,0,0,0,null,null,null,null,"",1]
["TCA53100030S",null,null,null,"1종금속제가요전선관-철강조 노출","고장력방수, 10mm","M",0,0,0,0,0,0,0,0,0,null,null,null,null,"",1]
["TCA53100030S","자재","3913170620174468",null,"1종금속제가요전선관","1종금속제가요전선관, 고장력후렉시블전선관, 10mm, 방수","개",0.1,0,0,0,0,0,0,0,0,null,null,"N","N","",1]
["TCA53100030S","손료","RENT000000000001",null,"전선관부속품비","전선관의20%","식",1,0,0,0,0,0,0,0,0,null,null,"N","N",20,1]
["TCA53100030S","손료","RENT000000000002",null,"잡재료비","배관배선의 2%","식",1,0,0,0,0,0,0,0,0,null,null,"N","N",2,1]
["TCA53100030S","노무","L001010101000086",null,"통신내선공","일반공사 직종","인",5.5E-2,0,0,267277,14700.2,0,0,267277,14700.2,null,null,"N","N","",1]
[null,null,null,null,"[합 계]",null,null,0,0,441,0,14700,0,0,0,15141,null,null,null,null,"",1]
[null,null,null,null,null,null,null,0,0,0,0,0,0,0,0,0,null,null,null,null,"",1]
["TCA53100031S","자재","3913170620174469",null,"1종금속제가요전선관","1종금속제가요전선관, 고장력후렉시블전선관, 12mm, 방수","m",1,0,0,0,0,0,0,0,0,null,null,"N","N","",1]
["TCA53100031S","자재","3913170620174469",null,"1종금속제가요전선관","1종금속제가요전선관, 고장력후렉시블전선관, 12mm, 방수","m",0.1,0,0,0,0,0,0,0,0,null,null,"N","N","",1]
["TCA53100031S","손료","RENT000000000002",null,"잡재료비","배관배선의 2%","식",1,0,0,0,0,0,0,0,0,null,null,"N","N",2,1]
["TCA53100031S","노무","L001010101000086",null,"통신내선공","일반공사 직종","인",5.5E-2,0,0,267277,14700.2,0,0,267277,14700.2,null,null,"N","N","",1]
["TCA53100031S","손료","RENT000000000003",null,"공구손료","인력품의 3%","식",1,441,441,0,0,0,0,441,441,null,null,"N","N",3,1]
[null,null,null,null,"[합 계]",null,null,0,0,441,0,14700,0,0,0,15141,null,null,null,null,"",1]
["TCA53200010S",null,null,null,"1종금속제가요전선관-철강조 노출","16mm, 비방수","M",0,0,0,0,0,0,0,0,0,null,null,null,null,"",1]
["TCA53200010S","자재","3913170620174410",null,"1종금속제가요전선관","1종금속제가요전선관, 16mm, 비방수","m",1,0,0,0,0,0,0,0,0,null,null,"N","N","",1]
["TCA53200010S","손료","RENT000000000001",null,"전선관부속품비","전선관의 20%","식",1,0,0,0,0,0,0,0,0,null,null,"N","N",20,1]
["TCA53200010S","손료","RENT000000000002",null,"잡재료비","배관배선의 2%","식",1,0,0,0,0,0,0,0,0,null,null,"N","N",2,1]
["TCA53200010S","손료","RENT000000000003",null,"공구손료","인력품의 3%","식",1,441,441,0,0,0,0,441,441,null,null,"N","N",3,1]
[null,null,null,null,"[합 계]",null,null,0,0,441,0,14700,0,0,0,15141,null,null,null,null,"",1]
[null,null,null,null,null,null,null,0,0,0,0,0,0,0,0,0,null,null,null,null,"",1]
["TCA53200020S",null,null,null,"1종금속제가요전선관-철강조 노출","비닐피복, 16mm, 방수","M",0,0,0,0,0,0,0,0,0,null,null,null,null,"",1]
["TCA53200020S","자재","3913170620174422",null,"1종금속제가요전선관","1종금속제가요전선관, 비닐피복, 16mm, 방수","m",0.1,935,93.5,0,0,0,0,935,93.5,null,null,"N","N","",1]
["TCA53200020S","손료","RENT000000000001",null,"전선관부속품비","전선관의 20%","식",1,187,187,0,0,0,0,187,187,null,null,"N","N",20,1]
["TCA53200020S","노무","L001010101000086",null,"통신내선공","일반공사 직종","인",5.5E-2,0,0,267277,14700.2,0,0,267277,14700.2,null,null,"N","N","",1]
["TCA53200020S","손료","RENT000000000003",null,"공구손료","인력품의 3%","식",1,441,441,0,0,0,0,441,441,null,null,"N","N",3,1]
[null,null,null,null,null,null,null,0,0,0,0,0,0,0,0,0,null,null,null,null,"",1]
["TCA53200030S",null,null,null,"1종금속제가요전선관-철강조 노출","고장력방수, 16mm","M",0,0,0,0,0,0,0,0,0,null,null,null,null,"",1]
["TCA53200030S","자재","3913170620174470",null,"1종금속제가요전선관","1종금속제가요전선관, 고장력후렉시블전선관, 16mm, 방수","m",1,1333,1333,0,0,0,0,1333,1333,null,null,"N","N","",1]
["TCA53200030S","자재","3913170620174470",null,"1종금속제가요전선관","1종금속제가요전선관, 고장력후렉시블전선관, 16mm, 방수","m",0.1,1333,133.30000000000001,0,0,0,0,1333,133.30000000000001,null,null,"N","N","",1]
["TCA53200030S","손료","RENT000000000002",null,"잡재료비","배관배선의 2%","식",1,26.6,26.6,0,0,0,0,26.6,26.6,null,null,"N","N",2,1]
["TCA53200030S","노무","L001010101000086",null,"통신내선공","일반공사 직종","인",5.5E-2,0,0,267277,14700.2,0,0,267277,14700.2,null,null,"N","N","",1]
[null,null,null,null,"[합 계]",null,null,0,0,2200,0,14700,0,0,0,16900,null,null,null,null,"",1]
[null,null,null,null,null,null,null,0,0,0,0,0,0,0,0,0,null,null,null,null,"",1]
["TCA53300010S","자재","3913170620174411",null,"1종금속제가요전선관","1종금속제가요전선관, 22mm, 비방수","m",1,0,0,0,0,0,0,0,0,null,null,"N","N","",1]
["TCA53300010S","자재","3913170620174411",null,"1종금속제가요전선관","1종금속제가요전선관, 22mm, 비방수","m",0.1,0,0,0,0,0,0,0,0,null,null,"N","N","",1]
["TCA53300010S","손료","RENT000000000001",null,"전선관부속품비","전선관의 20%","식",1,0,0,0,0,0,0,0,0,null,null,"N","N",20,1]
["TCA53300010S","손료","RENT000000000002",null,"잡재료비","배관배선의 2%","식",1,0,0,0,0,0,0,0,0,null,null,"N","N",2,1]
["TCA53300010S","손료","RENT000000000003",null,"공구손료","인력품의 3%","식",1,591.29999999999995,591.29999999999995,0,0,0,0,591.29999999999995,591.29999999999995,null,null,"N","N",3,1]
[null,null,null,null,"[합 계]",null,null,0,0,591,0,19711,0,0,0,20302,null,null,null,null,"",1]
["TCA53300020S",null,null,null,"1종금속제가요전선관-철강조 노출","비닐피복, 22mm, 방수","M",0,0,0,0,0,0,0,0,0,null,null,null,null,"",1]
["TCA53300020S","자재","3913170620174423",null,"1종금속제가요전선관","1종금속제가요전선관, 비닐피복, 22mm, 방수","m",1,1173,1173,0,0,0,0,1173,1173,null,null,"N","N","",1]
["TCA53300020S","손료","RENT000000000001",null,"전선관부속품비","전선관의 20%","식",1,234.6,234.6,0,0,0,0,234.6,234.6,null,null,"N","N",20,1]
["TCA53300020S","손료","RENT000000000002",null,"잡재료비","배관배선의 2%","식",1,23.4,23.4,0,0,0,0,23.4,23.4,null,null,"N","N",2,1]
["TCA53300020S","노무","L001010101000086",null,"통신내선공","일반공사 직종","인",7.3749999999999996E-2,0,0,267277,19711.599999999999,0,0,267277,19711.599999999999,null,null,"N","N","",1]
["TCA53300020S","손료","RENT000000000003",null,"공구손료","인력품의 3%","식",1,591.29999999999995,591.29999999999995,0,0,0,0,591.29999999999995,591.29999999999995,null,null,"N","N",3,1]
[null,null,null,null,null,null,null,0,0,0,0,0,0,0,0,0,null,null,null,null,"",1]
["TCA53300030S",null,null,null,"1종금속제가요전선관-철강조 노출","고장력방수, 22mm","M",0,0,0,0,0,0,0,0,0,null,null,null,null,"",1]
["TCA53300030S","자재","3913170620174471",null,"1종금속제가요전선관","1종금속제가요전선관, 고장력후렉시블전선관, 22mm, 방수","m",0.1,1709,170.9,0,0,0,0,1709,170.9,null,null,"N","N","",1]
["TCA53300030S","손료","RENT000000000001",null,"전선관부속품비","전선관의 20%","식",1,341.8,341.8,0,0,0,0,341.8,341.8,null,null,"N","N",20,1]
["TCA53300030S","손료","RENT000000000002",null,"잡재료비","배관배선의 2%","식",1,34.1,34.1,0,0,0,0,34.1,34.1,null,null,"N","N",2,1]
["TCA53300030S","노무","L001010101000086",null,"통신내선공","일반공사 직종","인",7.3749999999999996E-2,0,0,267277,19711.599999999999,0,0,267277,19711.599999999999,null,null,"N","N","",1]
[null,null,null,null,"[합 계]",null,null,0,0,2847,0,19711,0,0,0,22558,null,null,null,null,"",1]
[null,null,null,null,null,null,null,0,0,0,0,0,0,0,0,0,null,null,null,null,"",1]
["TCA53400010S","자재","3913170620174412",null,"1종금속제가요전선관","1종금속제가요전선관, 28mm, 비방수","m",1,0,0,0,0,0,0,0,0,null,null,"N","N","",1]
["TCA53400010S","자재","3913170620174412",null,"1종금속제가요전선관","1종금속제가요전선관, 28mm, 비방수","m",0.1,0,0,0,0,0,0,0,0,null,null,"N","N","",1]
["TCA53400010S","손료","RENT000000000002",null,"잡재료비","배관배선의 2%","식",1,0,0,0,0,0,0,0,0,null,null,"N","N",2,1]
["TCA53400010S","노무","L001010101000086",null,"통신내선공","일반공사 직종","인",0.09,0,0,267277,24054.9,0,0,267277,24054.9,null,null,"N","N","",1]
["TCA53400010S","손료","RENT000000000003",null,"공구손료","인력품의 3%","식",1,721.6,721.6,0,0,0,0,721.6,721.6,null,null,"N","N",3,1]
[null,null,null,null,"[합 계]",null,null,0,0,721,0,24054,0,0,0,24775,null,null,null,null,"",1]
["TCA53400020S",null,null,null,"1종금속제가요전선관-철강조 노출","비닐피복, 28mm, 방수","M",0,0,0,0,0,0,0,0,0,null,null,null,null,"",1]
["TCA53400020S","자재","3913170620174424",null,"1종금속제가요전선관","1종금속제가요전선관, 비닐피복, 28mm, 방수","m",1,1421,1421,0,0,0,0,1421,1421,null,null,"N","N","",1]
["TCA53400020S","손료","RENT000000000001",null,"전선관부속품비","전선관의 20%","식",1,284.2,284.2,0,0,0,0,284.2,284.2,null,null,"N","N",20,1]
["TCA53400020S","손료","RENT000000000002",null,"잡재료비","배관배선의 2%","식",1,28.4,28.4,0,0,0,0,28.4,28.4,null,null,"N","N",2,1]
["TCA53400020S","손료","RENT000000000003",null,"공구손료","인력품의 3%","식",1,721.6,721.6,0,0,0,0,721.6,721.6,null,null,"N","N",3,1]
[null,null,null,null,"[합 계]",null,null,0,0,2597,0,24054,0,0,0,26651,null,null,null,null,"",1]
[null,null,null,null,null,null,null,0,0,0,0,0,0,0,0,0,null,null,null,null,"",1]
["TCA53400030S",null,null,null,"1종금속제가요전선관-철강조 노출","고장력방수, 28mm","M",0,0,0,0,0,0,0,0,0,null,null,null,null,"",1]
["TCA53400030S","자재","3913170620174472",null,"1종금속제가요전선관","1종금속제가요전선관, 고장력후렉시블전선관, 28mm, 방수","m",0.1,2282,228.2,0,0,0,0,2282,228.2,null,null,"N","N","",1]
["TCA53400030S","손료","RENT000000000001",null,"전선관부속품비","전선관의 20%","식",1,456.4,456.4,0,0,0,0,456.4,456.4,null,null,"N","N",20,1]
["TCA53400030S","노무","L001010101000086",null,"통신내선공","일반공사 직종","인",0.09,0,0,267277,24054.9,0,0,267277,24054.9,null,null,"N","N","",1]
["TCA53400030S","손료","RENT000000000003",null,"공구손료","인력품의 3%","식",1,721.6,721.6,0,0,0,0,721.6,721.6,null,null,"N","N",3,1]
[null,null,null,null,null,null,null,0,0,0,0,0,0,0,0,0,null,null,null,null,"",1]
["TCA53500010S",null,null,null,"1종금속제가요전선관-철강조 노출","36mm, 비방수","M",0,0,0,0,0,0,0,0,0,null,null,null,null,"",1]
["TCA53500010S","자재","3913170620174413",null,"1종금속제가요전선관","1종금속제가요전선관, 36mm, 비방수","m",1,0,0,0,0,0,0,0,0,null,null,"N","N","",1]
["TCA53500010S","자재","3913170620174413",null,"1종금속제가요전선관","1종금속제가요전선관, 36mm, 비방수","m",0.1,0,0,0,0,0,0,0,0,null,null,"N","N","",1]
["TCA53500010S","손료","RENT000000000002",null,"잡재료비","배관배선의 2%","식",1,0,0,0,0,0,0,0,0,null,null,"N","N",2,1]
["TCA53500010S","노무","L001010101000086",null,"통신내선공","일반공사 직종","인",0.10875,0,0,267277,29066.3,0,0,267277,29066.3,null,null,"N","N","",1]
[null,null,null,null,"[합 계]",null,null,0,0,871,0,29066,0,0,0,29937,null,null,null,null,"",1]
[null,null,null,null,null,null,null,0,0,0,0,0,0,0,0,0,null,null,null,null,"",1]
["TCA53500020S","자재","3913170620174425",null,"1종금속제가요전선관","1종금속제가요전선관, 비닐피복, 36mm, 방수","m",1,2167,2167,0,0,0,0,2167,2167,null,null,"N","N","",1]
["TCA53500020S","자재","3913170620174425",null,"1종금속제가요전선관","1종금속제가요전선관, 비닐피복, 36mm, 방수","m",0.1,2167,216.7,0,0,0,0,2167,216.7,null,null,"N","N","",1]
["TCA53500020S","손료","RENT000000000001",null,"전선관부속품비","전선관의 20%","식",1,433.4,433.4,0,0,0,0,433.4,433.4,null,null,"N","N",20,1]
["TCA53500020S","손료","RENT000000000002",null,"잡재료비","배관배선의 2%","식",1,43.3,43.3,0,0,0,0,43.3,43.3,null,null,"N","N",2,1]
["TCA53500020S","손료","RENT000000000003",null,"공구손료","인력품의 3%","식",1,871.9,871.9,0,0,0,0,871.9,871.9,null,null,"N","N",3,1]
[null,null,null,null,"[합 계]",null,null,0,0,3732,0,29066,0,0,0,32798,null,null,null,null,"",1]
["TCA53500030S",null,null,null,"1종금속제가요전선관-철강조 노출","고장력방수, 36mm","M",0,0,0,0,0,0,0,0,0,null,null,null,null,"",1]
["TCA53500030S","자재","3913170620174473",null,"1종금속제가요전선관","1종금속제가요전선관, 고장력후렉시블전선관, 36mm, 방수","m",1,3323,3323,0,0,0,0,3323,3323,null,null,"N","N","",1]
["TCA53500030S","손료","RENT000000000001",null,"전선관부속품비","전선관의 20%","식",1,664.6,664.6,0,0,0,0,664.6,664.6,null,null,"N","N",20,1]
["TCA53500030S","손료","RENT000000000002",null,"잡재료비","배관배선의 2%","식",1,66.400000000000006,66.400000000000006,0,0,0,0,66.400000000000006,66.400000000000006,null,null,"N","N",2,1]
["TCA53500030S","노무","L001010101000086",null,"통신내선공","일반공사 직종","인",0.10875,0,0,267277,29066.3,0,0,267277,29066.3,null,null,"N","N","",1]
["TCA53500030S","손료","RENT000000000003",null,"공구손료","인력품의 3%","식",1,871.9,871.9,0,0,0,0,871.9,871.9,null,null,"N","N",3,1]
[null,null,null,null,null,null,null,0,0,0,0,0,0,0,0,0,null,null,null,null,"",1]
["TCA53600010S",null,null,null,"1종금속제가요전선관-철강조 노출","42mm, 비방수","M",0,0,0,0,0,0,0,0,0,null,null,null,null,"",1]
["TCA53600010S","자재","3913170620174414",null,"1종금속제가요전선관","1종금속제가요전선관, 42mm, 비방수","m",0.1,0,0,0,0,0,0,0,0,null,null,"N","N","",1]
["TCA53600010S","손료","RENT000000000001",null,"전선관부속품비","전선관의 20%","식",1,0,0,0,0,0,0,0,0,null,null,"N","N",20,1]
["TCA53600010S","손료","RENT000000000002",null,"잡재료비","배관배선의 2%","식",1,0,0,0,0,0,0,0,0,null,null,"N","N",2,1]
["TCA53600010S","노무","L001010101000086",null,"통신내선공","일반공사 직종","인",0.13,0,0,267277,34746,0,0,267277,34746,null,null,"N","N","",1]
[null,null,null,null,"[합 계]",null,null,0,0,1042,0,34746,0,0,0,35788,null,null,null,null,"",1]
[null,null,null,null,null,null,null,0,0,0,0,0,0,0,0,0,null,null,null,null,"",1]
["TCA53600020S","자재","3913170620174426",null,"1종금속제가요전선관","1종금속제가요전선관, 비닐피복, 42mm, 방수","m",1,2777,2777,0,0,0,0,2777,2777,null,null,"N","N","",1]
["TCA53600020S","자재","3913170620174426",null,"1종금속제가요전선관","1종금속제가요전선관, 비닐피복, 42mm, 방수","m",0.1,2777,277.7,0,0,0,0,2777,277.7,null,null,"N","N","",1]
["TCA53600020S","손료","RENT000000000002",null,"잡재료비","배관배선의 2%","식",1,55.5,55.5,0,0,0,0,55.5,55.5,null,null,"N","N",2,1]
["TCA53600020S","노무","L001010101000086",null,"통신내선공","일반공사 직종","인",0.13,0,0,267277,34746,0,0,267277,34746,null,null,"N","N","",1]
["TCA53600020S","손료","RENT000000000003",null,"공구손료","인력품의 3%","식",1,1042.3,1042.3,0,0,0,0,1042.3,1042.3,null,null,"N","N",3,1]
[null,null,null,null,"[합 계]",null,null,0,0,4707,0,34746,0,0,0,39453,null,null,null,null,"",1]
["TCA53600030S",null,null,null,"1종금속제가요전선관-철강조 노출","고장력방수, 42mm","M",0,0,0,0,0,0,0,0,0,null,null,null,null,"",1]
["TCA53600030S","자재","3913170620174474",null,"1종금속제가요전선관","1종금속제가요전선관, 고장력후렉시블전선관, 42mm, 방수","m",1,5104,5104,0,0,0,0,5104,5104,null,null,"N","N","",1]
["TCA53600030S","손료","RENT000000000001",null,"전선관부속품비","전선관의 20%","식",1,1020.8,1020.8,0,0,0,0,1020.8,1020.8,null,null,"N","N",20,1]
["TCA53600030S","손료","RENT000000000002",null,"잡재료비","배관배선의 2%","식",1,102,102,0,0,0,0,102,102,null,null,"N","N",2,1]
["TCA53600030S","손료","RENT000000000003",null,"공구손료","인력품의 3%","식",1,1042.3,1042.3,0,0,0,0,1042.3,1042.3,null,null,"N","N",3,1]
[null,null,null,null,"[합 계]",null,null,0,0,7779,0,34746,0,0,0,42525,null,null,null,null,"",1]
[null,null,null,null,null,null,null,0,0,0,0,0,0,0,0,0,null,null,null,null,"",1]
["TCA53700010S",null,null,null,"1종금속제가요전선관-철강조 노출","54mm, 비방수","M",0,0,0,0,0,0,0,0,0,null,null,null,null,"",1]
["TCA53700010S","자재","3913170620174415",null,"1종금속제가요전선관","1종금속제가요전선관, 54mm, 비방수","m",0.1,0,0,0,0,0,0,0,0,null,null,"N","N","",1]
["TCA53700010S","손료","RENT000000000001",null,"전선관부속품비","전선관의 20%","식",1,0,0,0,0,0,0,0,0,null,null,"N","N",20,1]
["TCA53700010S","노무","L001010101000086",null,"통신내선공","일반공사 직종","인",0.17,0,0,267277,45437,0,0,267277,45437,null,null,"N","N","",1]
["TCA53700010S","손료","RENT000000000003",null,"공구손료","인력품의 3%","식",1,1363.1,1363.1,0,0,0,0,1363.1,1363.1,null,null,"N","N",3,1]
[null,null,null,null,null,null,null,0,0,0,0,0,0,0,0,0,null,null,null,null,"",1]
["TCA53700020S",null,null,null,"1종금속제가요전선관-철강조 노출","비닐피복, 54mm, 방수","M",0,0,0,0,0,0,0,0,0,null,null,null,null,"",1]
["TCA53700020S","자재","3913170620174427",null,"1종금속제가요전선관","1종금속제가요전선관, 비닐피복, 54mm, 방수","m",1,3811,3811,0,0,0,0,3811,3811,null,null,"N","N","",1]
["TCA53700020S","자재","3913170620174427",null,"1종금속제가요전선관","1종금속제가요전선관, 비닐피복, 54mm, 방수","m",0.1,3811,381.1,0,0,0,0,3811,381.1,null,null,"N","N","",1]
["TCA53700020S","손료","RENT000000000002",null,"잡재료비","배관배선의 2%","식",1,76.2,76.2,0,0,0,0,76.2,76.2,null,null,"N","N",2,1]
["TCA53700020S","노무","L001010101000086",null,"통신내선공","일반공사 직종","인",0.17,0,0,267277,45437,0,0,267277,45437,null,null,"N","N","",1]
[null,null,null,null,"[합 계]",null,null,0,0,6393,0,45437,0,0,0,51830,null,null,null,null,"",1]
[null,null,null,null,null,null,null,0,0,0,0,0,0,0,0,0,null,null,null,null,"",1]
["TCA53700030S","자재","3913170620174475",null,"1종금속제가요전선관","1종금속제가요전선관, 고장력후렉시블전선관, 54mm, 방수","m",1,5892,5892,0,0,0,0,5892,5892,null,null,"N","N","",1]
["TCA53700030S","자재","3913170620174475",null,"1종금속제가요전선관","1종금속제가요전선관, 고장력후렉시블전선관, 54mm, 방수","m",0.1,5892,589.20000000000005,0,0,0,0,5892,589.20000000000005,null,null,"N","N","",1]
["TCA53700030S","손료","RENT000000000001",null,"전선관부속품비","전선관의 20%","식",1,1178.4000000000001,1178.4000000000001,0,0,0,0,1178.4000000000001,1178.4000000000001,null,null,"N","N",20,1]
["TCA53700030S","손료","RENT000000000002",null,"잡재료비","배관배선의 2%","식",1,117.8,117.8,0,0,0,0,117.8,117.8,null,null,"N","N",2,1]
["TCA53700030S","손료","RENT000000000003",null,"공구손료","인력품의 3%","식",1,1363.1,1363.1,0,0,0,0,1363.1,1363.1,null,null,"N","N",3,1]
[null,null,null,null,"[합 계]",null,null,0,0,9140,0,45437,0,0,0,54577,null,null,null,null,"",1]
["TCA54100010S",null,null,null,"1종금속제가요전선관-천장속, 마루밑","10mm, 비방수","M",0,0,0,0,0,0,0,0,0,null,null,null,null,"",1]
["TCA54100010S","자재","3913170620174408",null,"1종금속제가요전선관","1종금속제가요전선관, 10mm, 비방수","개",1,0,0,0,0,0,0,0,0,null,null,"N","N","",1]
["TCA54100010S","손료","RENT000000000001",null,"전선관부속품비","전선관의 20%","식",1,0,0,0,0,0,0,0,0,null,null,"N","N",20,1]
["TCA54100010S","손료","RENT000000000002",null,"잡재료비","배관배선의 2%","식",1,0,0,0,0,0,0,0,0,null,null,"N","N",2,1]
["TCA54100010S","노무","L001010101000086",null,"통신내선공","일반공사 직종","인",5.7200000000000001E-2,0,0,267277,15288.2,0,0,267277,15288.2,null,null,"N","N","",1]
["TCA54100010S","손료","RENT000000000003",null,"공구손료","인력품의 3%","식",1,458.6,458.6,0,0,0,0,458.6,458.6,null,null,"N","N",3,1]
[null,null,null,null,null,null,null,0,0,0,0,0,0,0,0,0,null,null,null,null,"",1]
["TCA54100011S",null,null,null,"1종금속제가요전선관-천장속, 마루밑","12mm, 비방수","M",0,0,0,0,0,0,0,0,0,null,null,null,null,"",1]
["TCA54100011S","자재","3913170620174409",null,"1종금속제가요전선관","1종금속제가요전선관, 12mm, 비방수","m",0.1,0,0,0,0,0,0,0,0,null,null,"N","N","",1]
["TCA54100011S","손료","RENT000000000001",null,"전선관부속품비","전선관의 20%","식",1,0,0,0,0,0,0,0,0,null,null,"N","N",20,1]
["TCA54100011S","노무","L001010101000086",null,"통신내선공","일반공사 직종","인",5.7200000000000001E-2,0,0,267277,15288.2,0,0,267277,15288.2,null,null,"N","N","",1]
["TCA54100011S","손료","RENT000000000003",null,"공구손료","인력품의 3%","식",1,458.6,458.6,0,0,0,0,458.6,458.6,null,null,"N","N",3,1]
[null,null,null,null,"[합 계]",null,null,0,0,458,0,15288,0,0,0,15746,null,null,null,null,"",1]
[null,null,null,null,null,null,null,0,0,0,0,0,0,0,0,0,null,null,null,null,"",1]
["TCA54200010S","자재","3913170620174410",null,"1종금속제가요전선관","1종금속제가요전선관, 16mm, 비방수","m",1,0,0,0,0,0,0,0,0,null,null,"N","N","",1]
["TCA54200010S","자재","3913170620174410",null,"1종금속제가요전선관","1종금속제가요전선관, 16mm, 비방수","m",0.1,0,0,0,0,0,0,0,0,null,null,"N","N","",1]
["TCA54200010S","손료","RENT000000000002",null,"잡재료비","배관배선의 2%","식",1,0,0,0,0,0,0,0,0,null,null,"N","N",2,1]
["TCA54200010S","노무","L001010101000086",null,"통신내선공","일반공사 직종","인",5.7200000000000001E-2,0,0,267277,15288.2,0,0,267277,15288.2,null,null,"N","N","",1]
["TCA54200010S","손료","RENT000000000003",null,"공구손료","인력품의 3%","식",1,458.6,458.6,0,0,0,0,458.6,458.6,null,null,"N","N",3,1]
[null,null,null,null,"[합 계]",null,null,0,0,458,0,15288,0,0,0,15746,null,null,null,null,"",1]
["TCA54300010S",null,null,null,"1종금속제가요전선관-천장속, 마루밑","22mm, 비방수","M",0,0,0,0,0,0,0,0,0,null,null,null,null,"",1]
["TCA54300010S","자재","3913170620174411",null,"1종금속제가요전선관","1종금속제가요전선관, 22mm, 비방수","m",1,0,0,0,0,0,0,0,0,null,null,"N","N","",1]
["TCA54300010S","손료","RENT000000000001",null,"전선관부속품비","전선관의 20%","식",1,0,0,0,0,0,0,0,0,null,null,"N","N",20,1]
["TCA54300010S","손료","RENT000000000002",null,"잡재료비","배관배선의 2%","식",1,0,0,0,0,0,0,0,0,null,null,"N","N",2,1]
["TCA54300010S","손료","RENT000000000003",null,"공구손료","인력품의 3%","식",1,615,615,0,0,0,0,615,615,null,null,"N","N",3,1]
[null,null,null,null,"[합 계]",null,null,0,0,615,0,20500,0,0,0,21115,null,null,null,null,"",1]
[null,null,null,null,null,null,null,0,0,0,0,0,0,0,0,0,null,null,null,null,"",1]
["TCA54400010S",null,null,null,"1종금속제가요전선관-천장속, 마루밑","28mm, 비방수","M",0,0,0,0,0,0,0,0,0,null,null,null,null,"",1]
["TCA54400010S","자재","3913170620174412",null,"1종금속제가요전선관","1종금속제가요전선관, 28mm, 비방수","m",0.1,0,0,0,0,0,0,0,0,null,null,"N","N","",1]
["TCA54400010S","손료","RENT000000000001",null,"전선관부속품비","전선관의 20%","식",1,0,0,0,0,0,0,0,0,null,null,"N","N",20,1]
["TCA54400010S","노무","L001010101000086",null,"통신내선공","일반공사 직종","인",9.3600000000000003E-2,0,0,267277,25017.1,0,0,267277,25017.1,null,null,"N","N","",1]
["TCA54400010S","손료","RENT000000000003",null,"공구손료","인력품의 3%","식",1,750.5,750.5,0,0,0,0,750.5,750.5,null,null,"N","N",3,1]
[null,null,null,null,null,null,null,0,0,0,0,0,0,0,0,0,null,null,null,null,"",1]
["TCA54500010S",null,null,null,"1종금속제가요전선관-천장속, 마루밑","36mm, 비방수","M",0,0,0,0,0,0,0,0,0,null,null,null,null,"",1]
["TCA54500010S","자재","3913170620174413",null,"1종금속제가요전선관","1종금속제가요전선관, 36mm, 비방수","m",1,0,0,0,0,0,0,0,0,null,null,"N","N","",1]
["TCA54500010S","자재","3913170620174413",null,"1종금속제가요전선관","1종금속제가요전선관, 36mm, 비방수","m",0.1,0,0,0,0,0,0,0,0,null,null,"N","N","",1]
["TCA54500010S","손료","RENT000000000002",null,"잡재료비","배관배선의 2%","식",1,0,0,0,0,0,0,0,0,null,null,"N","N",2,1]
["TCA54500010S","노무","L001010101000086",null,"통신내선공","일반공사 직종","인",0.11310000000000001,0,0,267277,30229,0,0,267277,30229,null,null,"N","N","",1]
[null,null,null,null,"[합 계]",null,null,0,0,906,0,30229,0,0,0,31135,null,null,null,null,"",1]
[null,null,null,null,null,null,null,0,0,0,0,0,0,0,0,0,null,null,null,null,"",1]
["TCA54600010S","자재","3913170620174414",null,"1종금속제가요전선관","1종금속제가요전선관, 42mm, 비방수","m",1,0,0,0,0,0,0,0,0,null,null,"N","N","",1]
["TCA54600010S","자재","3913170620174414",null,"1종금속제가요전선관","1종금속제가요전선관, 42mm, 비방수","m",0.1,0,0,0,0,0,0,0,0,null,null,"N","N","",1]
["TCA54600010S","손료","RENT000000000001",null,"전선관부속품비","전선관의 20%","식",1,0,0,0,0,0,0,0,0,null,null,"N","N",20,1]
["TCA54600010S","손료","RENT000000000002",null,"잡재료비","배관배선의 2%","식",1,0,0,0,0,0,0,0,0,null,null,"N","N",2,1]
["TCA54600010S","손료","RENT000000000003",null,"공구손료","인력품의 3%","식",1,1084,1084,0,0,0,0,1084,1084,null,null,"N","N",3,1]
[null,null,null,null,"[합 계]",null,null,0,0,1084,0,36135,0,0,0,37219,null,null,null,null,"",1]
["TCA54700010S",null,null,null,"1종금속제가요전선관-천장속, 마루밑","54mm, 비방수","M",0,0,0,0,0,0,0,0,0,null,null,null,null,"",1]
["TCA54700010S","자재","3913170620174415",null,"1종금속제가요전선관","1종금속제가요전선관, 54mm, 비방수","m",1,0,0,0,0,0,0,0,0,null,null,"N","N","",1]
["TCA54700010S","손료","RENT000000000001",null,"전선관부속품비","전선관의 20%","식",1,0,0,0,0,0,0,0,0,null,null,"N","N",20,1]
["TCA54700010S","손료","RENT000000000002",null,"잡재료비","배관배선의 2%","식",1,0,0,0,0,0,0,0,0,null,null,"N","N",2,1]
["TCA54700010S","노무","L001010101000086",null,"통신내선공","일반공사 직종","인",0.17680000000000001,0,0,267277,47254.5,0,0,267277,47254.5,null,null,"N","N","",1]
["TCA54700010S","손료","RENT000000000003",null,"공구손료","인력품의 3%","식",1,1417.6,1417.6,0,0,0,0,1417.6,1417.6,null,null,"N","N",3,1]
[null,null,null,null,null,null,null,0,0,0,0,0,0,0,0,0,null,null,null,null,"",1]
["TCA57200010S",null,null,null,"1종금속제가요전선관-철거","16mm(30%)","M",0,0,0,0,0,0,0,0,0,null,null,null,null,"",1]
["TCA57200010S","손료","RENT000000000003",null,"공구손료","노무비의 3%","식",1,105.8,105.8,0,0,0,0,105.8,105.8,null,null,"N","N",3,1]
[null,null,null,null,"[합 계]",null,null,0,0,105,0,3528,0,0,0,3633,null,null,null,null,"",1]
["TCA57200020S",null,null,null,"1종금속제가요전선관-재사용철거","16mm(40%)","M",0,0,0,0,0,0,0,0,0,null,null,null,null,"",1]
["TCA57200020S","노무","L001010101000086",null,"통신내선공","일반공사 직종","인",1.7600000000000001E-2,0,0,267277,4704,0,0,267277,4704,null,null,"N","N","",1]
["TCA57200020S","손료","RENT000000000003",null,"공구손료","노무비의 3%","식",1,141.1,141.1,0,0,0,0,141.1,141.1,null,null,"N","N",3,1]
[null,null,null,null,"[합 계]",null,null,0,0,141,0,4704,0,0,0,4845,null,null,null,null,"",1]
["TCA57300010S",null,null,null,"1종금속제가요전선관-철거","22mm(30%)","M",0,0,0,0,0,0,0,0,0,null,null,null,null,"",1]
["TCA57300010S","노무","L001010101000086",null,"통신내선공","일반공사 직종","인",1.77E-2,0,0,267277,4730.8,0,0,267277,4730.8,null,null,"N","N","",1]
[null,null,null,null,"[합 계]",null,null,0,0,141,0,4730,0,0,0,4871,null,null,null,null,"",1]
[null,null,null,null,null,null,null,0,0,0,0,0,0,0,0,0,null,null,null,null,"",1]
["TCA57300020S",null,null,null,"1종금속제가요전선관-재사용철거","22mm(40%)","M",0,0,0,0,0,0,0,0,0,null,null,null,null,"",1]
["TCA57300020S","노무","L001010101000086",null,"통신내선공","일반공사 직종","인",2.3599999999999999E-2,0,0,267277,6307.7,0,0,267277,6307.7,null,null,"N","N","",1]
[null,null,null,null,"[합 계]",null,null,0,0,189,0,6307,0,0,0,6496,null,null,null,null,"",1]
[null,null,null,null,null,null,null,0,0,0,0,0,0,0,0,0,null,null,null,null,"",1]
["TCA57400010S","노무","L001010101000086",null,"통신내선공","일반공사 직종","인",2.1600000000000001E-2,0,0,267277,5773.1,0,0,267277,5773.1,null,null,"N","N","",1]
["TCA57400010S","손료","RENT000000000003",null,"공구손료","노무비의 3%","식",1,173.1,173.1,0,0,0,0,173.1,173.1,null,null,"N","N",3,1]
[null,null,null,null,null,null,null,0,0,0,0,0,0,0,0,0,null,null,null,null,"",1]
["TCA57400020S",null,null,null,"1종금속제가요전선관-재사용철거","28mm(40%)","M",0,0,0,0,0,0,0,0,0,null,null,null,null,"",1]
["TCA57400020S","노무","L001010101000086",null,"통신내선공","일반공사 직종","인",2.8799999999999999E-2,0,0,267277,7697.5,0,0,267277,7697.5,null,null,"N","N","",1]
["TCA57400020S","손료","RENT000000000003",null,"공구손료","노무비의 3%","식",1,230.9,230.9,0,0,0,0,230.9,230.9,null,null,"N","N",3,1]
[null,null,null,null,null,null,null,0,0,0,0,0,0,0,0,0,null,null,null,null,"",1]
["TCA57500010S",null,null,null,"1종금속제가요전선관-철거","36mm(30%)","M",0,0,0,0,0,0,0,0,0,null,null,null,null,"",1]
["TCA57500010S","손료","RENT000000000003",null,"공구손료","노무비의 3%","식",1,209.2,209.2,0,0,0,0,209.2,209.2,null,null,"N","N",3,1]
[null,null,null,null,"[합 계]",null,null,0,0,209,0,6975,0,0,0,7184,null,null,null,null,"",1]
["TCA57500020S",null,null,null,"1종금속제가요전선관-재사용철거","36mm(40%)","M",0,0,0,0,0,0,0,0,0,null,null,null,null,"",1]
["TCA57500020S","노무","L001010101000086",null,"통신내선공","일반공사 직종","인",3.4799999999999998E-2,0,0,267277,9301.2000000000007,0,0,267277,9301.2000000000007,null,null,"N","N","",1]
["TCA57500020S","손료","RENT000000000003",null,"공구손료","노무비의 3%","식",1,279,279,0,0,0,0,279,279,null,null,"N","N",3,1]
[null,null,null,null,"[합 계]",null,null,0,0,279,0,9301,0,0,0,9580,null,null,null,null,"",1]
["TCA57600010S",null,null,null,"1종금속제가요전선관-철거","42mm(30%)","M",0,0,0,0,0,0,0,0,0,null,null,null,null,"",1]
["TCA57600010S","노무","L001010101000086",null,"통신내선공","일반공사 직종","인",3.1199999999999999E-2,0,0,267277,8339,0,0,267277,8339,null,null,"N","N","",1]
[null,null,null,null,"[합 계]",null,null,0,0,250,0,8339,0,0,0,8589,null,null,null,null,"",1]
[null,null,null,null,null,null,null,0,0,0,0,0,0,0,0,0,null,null,null,null,"",1]
["TCA57600020S","노무","L001010101000086",null,"통신내선공","일반공사 직종","인",4.1599999999999998E-2,0,0,267277,11118.7,0,0,267277,11118.7,null,null,"N","N","",1]
["TCA57600020S","손료","RENT000000000003",null,"공구손료","노무비의 3%","식",1,333.5,333.5,0,0,0,0,333.5,333.5,null,null,"N","N",3,1]
[null,null,null,null,"[합 계]",null,null,0,0,333,0,11118,0,0,0,11451,null,null,null,null,"",1]
[null,null,null,null,null,null,null,0,0,0,0,0,0,0,0,0,null,null,null,null,"",1]
["TCA57700010S","노무","L001010101000086",null,"통신내선공","일반공사 직종","인",4.0800000000000003E-2,0,0,267277,10904.9,0,0,267277,10904.9,null,null,"N","N","",1]
["TCA57700010S","손료","RENT000000000003",null,"공구손료","노무비의 3%","식",1,327.10000000000002,327.10000000000002,0,0,0,0,327.10000000000002,327.10000000000002,null,null,"N","N",3,1]
[null,null,null,null,null,null,null,0,0,0,0,0,0,0,0,0,null,null,null,null,"",1]
["TCA57700020S",null,null,null,"1종금속제가요전선관-재사용철거","54mm(40%)","M",0,0,0,0,0,0,0,0,0,null,null,null,null,"",1]
["TCA57700020S","손료","RENT000000000003",null,"공구손료","노무비의 3%","식",1,436.1,436.1,0,0,0,0,436.1,436.1,null,null,"N","N",3,1]
[null,null,null,null,"[합 계]",null,null,0,0,436,0,14539,0,0,0,14975,null,null,null,null,"",1]
[null,null,null,null,null,null,null,0,0,0,0,0,0,0,0,0,null,null,null,null,"",1]
["TCA57800010S",null,null,null,"1종금속제가요전선관-철거","70mm(30%)","M",0,0,0,0,0,0,0,0,0,null,null,null,null,"",1]
["TCA57800010S","손료","RENT000000000003",null,"공구손료","노무비의 3%","식",1,375.2,375.2,0,0,0,0,375.2,375.2,null,null,"N","N",3,1]
[null,null,null,null,"[합 계]",null,null,0,0,375,0,12508,0,0,0,12883,null,null,null,null,"",1]
["TCA57800020S",null,null,null,"1종금속제가요전선관-재사용철거","70mm(40%)","M",0,0,0,0,0,0,0,0,0,null,null,null,null,"",1]
["TCA57800020S","노무","L001010101000086",null,"통신내선공","일반공사 직종","인",6.2399999999999997E-2,0,0,267277,16678,0,0,267277,16678,null,null,"N","N","",1]
[null,null,null,null,"[합 계]",null,null,0,0,500,0,16678,0,0,0,17178,null,null,null,null,"",1]
[null,null,null,null,null,null,null,0,0,0,0,0,0,0,0,0,null,null,null,null,"",1]
["TCA57900010S",null,null,null,"1종금속제가요전선관-철거","82mm(30%)","M",0,0,0,0,0,0,0,0,0,null,null,null,null,"",1]
["TCA57900010S","노무","L001010101000086",null,"통신내선공","일반공사 직종","인",5.28E-2,0,0,267277,14112.2,0,0,267277,14112.2,null,null,"N","N","",1]
[null,null,null,null,"[합 계]",null,null,0,0,423,0,14112,0,0,0,14535,null,null,null,null,"",1]
[null,null,null,null,null,null,null,0,0,0,0,0,0,0,0,0,null,null,null,null,"",1]
["TCA57900020S","노무","L001010101000086",null,"통신내선공","일반공사 직종","인",7.0400000000000004E-2,0,0,267277,18816.3,0,0,267277,18816.3,null,null,"N","N","",1]
["TCA57900020S","손료","RENT000000000003",null,"공구손료","노무비의 3%","식",1,564.4,564.4,0,0,0,0,564.4,564.4,null,null,"N","N",3,1]
[null,null,null,null,null,null,null,0,0,0,0,0,0,0,0,0,null,null,null,null,"",1]
["TCA57A00010S",null,null,null,"1종금속제가요전선관-철거","92mm(30%)","M",0,0,0,0,0,0,0,0,0,null,null,null,null,"",1]
["TCA57A00010S","노무","L001010101000086",null,"통신내선공","일반공사 직종","인",5.8799999999999998E-2,0,0,267277,15715.8,0,0,267277,15715.8,null,null,"N","N","",1]
["TCA57A00010S","손료","RENT000000000003",null,"공구손료","노무비의 3%","식",1,471.4,471.4,0,0,0,0,471.4,471.4,null,null,"N","N",3,1]
[null,null,null,null,null,null,null,0,0,0,0,0,0,0,0,0,null,null,null,null,"",1]
["TCA57A00020S",null,null,null,"1종금속제가요전선관-재사용철거","92mm(40%)","M",0,0,0,0,0,0,0,0,0,null,null,null,null,"",1]
["TCA57A00020S","손료","RENT000000000003",null,"공구손료","노무비의 3%","식",1,628.6,628.6,0,0,0,0,628.6,628.6,null,null,"N","N",3,1]
[null,null,null,null,"[합 계]",null,null,0,0,628,0,20954,0,0,0,21582,null,null,null,null,"",1]
[null,null,null,null,null,null,null,0,0,0,0,0,0,0,0,0,null,null,null,null,"",1]
["TCA57C00010S",null,null,null,"1종금속제가요전선관-철거","104mm(30%)","M",0,0,0,0,0,0,0,0,0,null,null,null,null,"",1]
["TCA57C00010S","손료","RENT000000000003",null,"공구손료","노무비의 3%","식",1,519.5,519.5,0,0,0,0,519.5,519.5,null,null,"N","N",3,1]
[null,null,null,null,"[합 계]",null,null,0,0,519,0,17319,0,0,0,17838,null,null,null,null,"",1]
["TCA57C00020S",null,null,null,"1종금속제가요전선관-재사용철거","104mm(40%)","M",0,0,0,0,0,0,0,0,0,null,null,null,null,"",1]
["TCA57C00020S","노무","L001010101000086",null,"통신내선공","일반공사 직종","인",8.6400000000000005E-2,0,0,267277,23092.7,0,0,267277,23092.7,null,null,"N","N","",1]
[null,null,null,null,"[합 계]",null,null,0,0,692,0,23092,0,0,0,23784,null,null,null,null,"",1]
[null,null,null,null,null,null,null,0,0,0,0,0,0,0,0,0,null,null,null,null,"",1]
["TCA62100010S",null,null,null,"2종금속제가요전선관-콘크리트 노출 및 블록 칸막이 벽내","프리카튜브, 10mm, 방수","M",0,0,0,0,0,0,0,0,0,null,null,null,null,"",1]
["TCA62100010S","자재","3913170620174567",null,"2종금속제가요전선관","2종금속제가요전선관, 프리카튜브, 10mm, 방수","m",1,0,0,0,0,0,0,0,0,null,null,"N","N","",1]
["TCA62100010S","손료","RENT000000000001",null,"전선관부속품비","전선관의 20%","식",1,0,0,0,0,0,0,0,0,null,null,"N","N",20,1]
["TCA62100010S","손료","RENT000000000002",null,"잡재료비","배관배선의 2%","식",1,0,0,0,0,0,0,0,0,null,null,"N","N",2,1]
["TCA62100010S","손료","RENT000000000003",null,"공구손료","인력품의 3%","식",1,423.3,423.3,0,0,0,0,423.3,423.3,null,null,"N","N",3,1]
[null,null,null,null,"[합 계]",null,null,0,0,423,0,14112,0,0,0,14535,null,null,null,null,"",1]
["TCA62100011S",null,null,null,"2종금속제가요전선관-콘크리트 노출 및 블록 칸막이 벽내","프리카튜브, 12mm, 방수","M",0,0,0,0,0,0,0,0,0,null,null,null,null,"",1]
["TCA62100011S","자재","3913170620174568",null,"2종금속제가요전선관","2종금속제가요전선관, 프리카튜브, 12mm, 방수","m",1,0,0,0,0,0,0,0,0,null,null,"N","N","",1]
["TCA62100011S","자재","3913170620174568",null,"2종금속제가요전선관","2종금속제가요전선관, 프리카튜브, 12mm, 방수","m",0.1,0,0,0,0,0,0,0,0,null,null,"N","N","",1]
["TCA62100011S","손료","RENT000000000001",null,"전선관부속품비","전선관의 20%","식",1,0,0,0,0,0,0,0,0,null,null,"N","N",20,1]
["TCA62100011S","노무","L001010101000086",null,"통신내선공","일반공사 직종","인",5.28E-2,0,0,267277,14112.2,0,0,267277,14112.2,null,null,"N","N","",1]
["TCA62100011S","손료","RENT000000000003",null,"공구손료","인력품의 3%","식",1,423.3,423.3,0,0,0,0,423.3,423.3,null,null,"N","N",3,1]
[null,null,null,null,null,null,null,0,0,0,0,0,0,0,0,0,null,null,null,null,"",1]
["TCA62100020S",null,null,null,"2종금속제가요전선관-콘크리트 노출 및 블록 칸막이 벽내","프리카튜브, 10mm, 비방수","M",0,0,0,0,0,0,0,0,0,null,null,null,null,"",1]
["TCA62100020S","자재","3913170620174579",null,"2종금속제가요전선관","2종금속제가요전선관, 프리카튜브, 10mm, 비방수","m",0.1,0,0,0,0,0,0,0,0,null,null,"N","N","",1]
["TCA62100020S","손료","RENT000000000001",null,"전선관부속품비","전선관의 20%","식",1,0,0,0,0,0,0,0,0,null,null,"N","N",20,1]
["TCA62100020S","손료","RENT000000000002",null,"잡재료비","배관배선의 2%","식",1,0,0,0,0,0,0,0,0,null,null,"N","N",2,1]
["TCA62100020S","노무","L001010101000086",null,"통신내선공","일반공사 직종","인",5.28E-2,0,0,267277,14112.2,0,0,267277,14112.2,null,null,"N","N","",1]
[null,null,null,null,"[합 계]",null,null,0,0,423,0,14112,0,0,0,14535,null,null,null,null,"",1]
[null,null,null,null,null,null,null,0,0,0,0,0,0,0,0,0,null,null,null,null,"",1]
["TCA62100021S","자재","3913170620174580",null,"2종금속제가요전선관","2종금속제가요전선관, 프리카튜브, 12mm, 비방수","m",1,0,0,0,0,0,0,0,0,null,null,"N","N","",1]
["TCA62100021S","자재","3913170620174580",null,"2종금속제가요전선관","2종금속제가요전선관, 프리카튜브, 12mm, 비방수","m",0.1,0,0,0,0,0,0,0,0,null,null,"N","N","",1]
["TCA62100021S","손료","RENT000000000002",null,"잡재료비","배관배선의 2%","식",1,0,0,0,0,0,0,0,0,null,null,"N","N",2,1]
["TCA62100021S","노무","L001010101000086",null,"통신내선공","일반공사 직종","인",5.28E-2,0,0,267277,14112.2,0,0,267277,14112.2,null,null,"N","N","",1]
["TCA62100021S","손료","RENT000000000003",null,"공구손료","인력품의 3%","식",1,423.3,423.3,0,0,0,0,423.3,423.3,null,null,"N","N",3,1]
[null,null,null,null,"[합 계]",null,null,0,0,423,0,14112,0,0,0,14535,null,null,null,null,"",1]
["TCA62200010S",null,null,null,"2종금속제가요전선관-콘크리트 노출 및 블록 칸막이 벽내","프리카튜브, 15mm, 방수","M",0,0,0,0,0,0,0,0,0,null,null,null,null,"",1]
["TCA62200010S","자재","3913170620174569",null,"2종금속제가요전선관","2종금속제가요전선관, 프리카튜브, 15mm, 방수","m",1,0,0,0,0,0,0,0,0,null,null,"N","N","",1]
["TCA62200010S","손료","RENT000000000001",null,"전선관부속품비","전선관의 20%","식",1,0,0,0,0,0,0,0,0,null,null,"N","N",20,1]
["TCA62200010S","손료","RENT000000000002",null,"잡재료비","배관배선의 2%","식",1,0,0,0,0,0,0,0,0,null,null,"N","N",2,1]
["TCA62200010S","손료","RENT000000000003",null,"공구손료","인력품의 3%","식",1,423.3,423.3,0,0,0,0,423.3,423.3,null,null,"N","N",3,1]
[null,null,null,null,"[합 계]",null,null,0,0,423,0,14112,0,0,0,14535,null,null,null,null,"",1]
[null,null,null,null,null,null,null,0,0,0,0,0,0,0,0,0,null,null,null,null,"",1]
["TCA62200020S",null,null,null,"2종금속제가요전선관-콘크리트 노출 및 블록 칸막이 벽내","프리카튜브, 15mm, 비방수","M",0,0,0,0,0,0,0,0,0,null,null,null,null,"",1]
["TCA62200020S","자재","3913170620174581",null,"2종금속제가요전선관","2종금속제가요전선관, 프리카튜브, 15mm, 비방수","m",0.1,0,0,0,0,0,0,0,0,null,null,"N","N","",1]
["TCA62200020S","손료","RENT000000000001",null,"전선관부속품비","전선관의 20%","식",1,0,0,0,0,0,0,0,0,null,null,"N","N",20,1]
["TCA62200020S","노무","L001010101000086",null,"통신내선공","일반공사 직종","인",5.28E-2,0,0,267277,14112.2,0,0,267277,14112.2,null,null,"N","N","",1]
["TCA62200020S","손료","RENT000000000003",null,"공구손료","인력품의 3%","식",1,423.3,423.3,0,0,0,0,423.3,423.3,null,null,"N","N",3,1]
[null,null,null,null,"[합 계]",null,null,0,0,423,0,14112,0,0,0,14535,null,null,null,null,"",1]
[null,null,null,null,null,null,null,0,0,0,0,0,0,0,0,0,null,null,null,null,"",1]
["TCA62300010S","자재","3913170620174570",null,"2종금속제가요전선관","2종금속제가요전선관, 프리카튜브, 17mm, 방수","m",1,0,0,0,0,0,0,0,0,null,null,"N","N","",1]
["TCA62300010S","자재","3913170620174570",null,"2종금속제가요전선관","2종금속제가요전선관, 프리카튜브, 17mm, 방수","m",0.1,0,0,0,0,0,0,0,0,null,null,"N","N","",1]
["TCA62300010S","손료","RENT000000000002",null,"잡재료비","배관배선의 2%","식",1,0,0,0,0,0,0,0,0,null,null,"N","N",2,1]
["TCA62300010S","노무","L001010101000086",null,"통신내선공","일반공사 직종","인",7.0800000000000002E-2,0,0,267277,18923.2,0,0,267277,18923.2,null,null,"N","N","",1]
[null,null,null,null,"[합 계]",null,null,0,0,567,0,18923,0,0,0,19490,null,null,null,null,"",1]
[null,null,null,null,null,null,null,0,0,0,0,0,0,0,0,0,null,null,null,null,"",1]
["TCA62300020S",null,null,null,"2종금속제가요전선관-콘크리트 노출 및 블록 칸막이 벽내","프리카튜브, 17mm, 비방수","M",0,0,0,0,0,0,0,0,0,null,null,null,null,"",1]
["TCA62300020S","자재","3913170620174582",null,"2종금속제가요전선관","2종금속제가요전선관, 프리카튜브, 17mm, 비방수","m",1,0,0,0,0,0,0,0,0,null,null,"N","N","",1]
["TCA62300020S","손료","RENT000000000001",null,"전선관부속품비","전선관의 20%","식",1,0,0,0,0,0,0,0,0,null,null,"N","N",20,1]
["TCA62300020S","손료","RENT000000000002",null,"잡재료비","배관배선의 2%","식",1,0,0,0,0,0,0,0,0,null,null,"N","N",2,1]
["TCA62300020S","손료","RENT000000000003",null,"공구손료","인력품의 3%","식",1,567.6,567.6,0,0,0,0,567.6,567.6,null,null,"N","N",3,1]
[null,null,null,null,"[합 계]",null,null,0,0,567,0,18923,0,0,0,19490,null,null,null,null,"",1]
["TCA62400010S",null,null,null,"2종금속제가요전선관-콘크리트 노출 및 블록 칸막이 벽내","프리카튜브, 24mm, 방수","M",0,0,0,0,0,0,0,0,0,null,null,null,null,"",1]
["TCA62400010S","자재","3913170620174571",null,"2종금속제가요전선관","2종금속제가요전선관, 프리카튜브, 24mm, 방수","m",1,0,0,0,0,0,0,0,0,null,null,"N","N","",1]
["TCA62400010S","자재","3913170620174571",null,"2종금속제가요전선관","2종금속제가요전선관, 프리카튜브, 24mm, 방수","m",0.1,0,0,0,0,0,0,0,0,null,null,"N","N","",1]
["TCA62400010S","손료","RENT000000000001",null,"전선관부속품비","전선관의 20%","식",1,0,0,0,0,0,0,0,0,null,null,"N","N",20,1]
["TCA62400010S","노무","L001010101000086",null,"통신내선공","일반공사 직종","인",8.6400000000000005E-2,0,0,267277,23092.7,0,0,267277,23092.7,null,null,"N","N","",1]
["TCA62400010S","손료","RENT000000000003",null,"공구손료","인력품의 3%","식",1,692.7,692.7,0,0,0,0,692.7,692.7,null,null,"N","N",3,1]
[null,null,null,null,null,null,null,0,0,0,0,0,0,0,0,0,null,null,null,null,"",1]
["TCA62400020S",null,null,null,"2종금속제가요전선관-콘크리트 노출 및 블록 칸막이 벽내","프리카튜브, 24mm, 비방수","M",0,0,0,0,0,0,0,0,0,null,null,null,null,"",1]
["TCA62400020S","자재","3913170620174583",null,"2종금속제가요전선관","2종금속제가요전선관, 프리카튜브, 24mm, 비방수","m",0.1,0,0,0,0,0,0,0,0,null,null,"N","N","",1]
["TCA62400020S","손료","RENT000000000001",null,"전선관부속품비","전선관의 20%","식",1,0,0,0,0,0,0,0,0,null,null,"N","N",20,1]
["TCA62400020S","손료","RENT000000000002",null,"잡재료비","배관배선의 2%","식",1,0,0,0,0,0,0,0,0,null,null,"N","N",2,1]
["TCA62400020S","노무","L001010101000086",null,"통신내선공","일반공사 직종","인",8.6400000000000005E-2,0,0,267277,23092.7,0,0,267277,23092.7,null,null,"N","N","",1]
[null,null,null,null,"[합 계]",null,null,0,0,692,0,23092,0,0,0,23784,null,null,null,null,"",1]
[null,null,null,null,null,null,null,0,0,0,0,0,0,0,0,0,null,null,null,null,"",1]
["TCA62500010S","자재","3913170620174572",null,"2종금속제가요전선관","2종금속제가요전선관, 프리카튜브, 30mm, 방수","m",1,0,0,0,0,0,0,0,0,null,null,"N","N","",1]
["TCA62500010S","자재","3913170620174572",null,"2종금속제가요전선관","2종금속제가요전선관, 프리카튜브, 30mm, 방수","m",0.1,0,0,0,0,0,0,0,0,null,null,"N","N","",1]
["TCA62500010S","손료","RENT000000000002",null,"잡재료비","배관배선의 2%","식",1,0,0,0,0,0,0,0,0,null,null,"N","N",2,1]
["TCA62500010S","노무","L001010101000086",null,"통신내선공","일반공사 직종","인",0.10440000000000001,0,0,267277,27903.7,0,0,267277,27903.7,null,null,"N","N","",1]
["TCA62500010S","손료","RENT000000000003",null,"공구손료","인력품의 3%","식",1,837.1,837.1,0,0,0,0,837.1,837.1,null,null,"N","N",3,1]
[null,null,null,null,"[합 계]",null,null,0,0,837,0,27903,0,0,0,28740,null,null,null,null,"",1]
["TCA62500020S",null,null,null,"2종금속제가요전선관-콘크리트 노출 및 블록 칸막이 벽내","프리카튜브, 30mm, 비방수","M",0,0,0,0,0,0,0,0,0,null,null,null,null,"",1]
["TCA62500020S","자재","3913170620174584",null,"2종금속제가요전선관","2종금속제가요전선관, 프리카튜브, 30mm, 비방수","m",1,0,0,0,0,0,0,0,0,null,null,"N","N","",1]
["TCA62500020S","손료","RENT000000000001",null,"전선관부속품비","전선관의 20%","식",1,0,0,0,0,0,0,0,0,null,null,"N","N",20,1]
["TCA62500020S","손료","RENT000000000002",null,"잡재료비","배관배선의 2%","식",1,0,0,0,0,0,0,0,0,null,null,"N","N",2,1]
["TCA62500020S","손료","RENT000000000003",null,"공구손료","인력품의 3%","식",1,837.1,837.1,0,0,0,0,837.1,837.1,null,null,"N","N",3,1]
[null,null,null,null,"[합 계]",null,null,0,0,837,0,27903,0,0,0,28740,null,null,null,null,"",1]
[null,null,null,null,null,null,null,0,0,0,0,0,0,0,0,0,null,null,null,null,"",1]
["TCA62600010S",null,null,null,"2종금속제가요전선관-콘크리트 노출 및 블록 칸막이 벽내","프리카튜브, 38mm, 방수","M",0,0,0,0,0,0,0,0,0,null,null,null,null,"",1]
["TCA62600010S","자재","3913170620174573",null,"2종금속제가요전선관","2종금속제가요전선관, 프리카튜브, 38mm, 방수","m",0.1,0,0,0,0,0,0,0,0,null,null,"N","N","",1]
["TCA62600010S","손료","RENT000000000001",null,"전선관부속품비","전선관의 20%","식",1,0,0,0,0,0,0,0,0,null,null,"N","N",20,1]
["TCA62600010S","노무","L001010101000086",null,"통신내선공","일반공사 직종","인",0.12479999999999999,0,0,267277,33356.1,0,0,267277,33356.1,null,null,"N","N","",1]
["TCA62600010S","손료","RENT000000000003",null,"공구손료","인력품의 3%","식",1,1000.6,1000.6,0,0,0,0,1000.6,1000.6,null,null,"N","N",3,1]
[null,null,null,null,null,null,null,0,0,0,0,0,0,0,0,0,null,null,null,null,"",1]
["TCA62600020S",null,null,null,"2종금속제가요전선관-콘크리트 노출 및 블록 칸막이 벽내","프리카튜브, 38mm, 비방수","M",0,0,0,0,0,0,0,0,0,null,null,null,null,"",1]
["TCA62600020S","자재","3913170620174585",null,"2종금속제가요전선관","2종금속제가요전선관, 프리카튜브, 38mm, 비방수","m",1,0,0,0,0,0,0,0,0,null,null,"N","N","",1]
["TCA62600020S","자재","3913170620174585",null,"2종금속제가요전선관","2종금속제가요전선관, 프리카튜브, 38mm, 비방수","m",0.1,0,0,0,0,0,0,0,0,null,null,"N","N","",1]
["TCA62600020S","손료","RENT000000000002",null,"잡재료비","배관배선의 2%","식",1,0,0,0,0,0,0,0,0,null,null,"N","N",2,1]
["TCA62600020S","노무","L001010101000086",null,"통신내선공","일반공사 직종","인",0.12479999999999999,0,0,267277,33356.1,0,0,267277,33356.1,null,null,"N","N","",1]
[null,null,null,null,"[합 계]",null,null,0,0,1000,0,33356,0,0,0,34356,null,null,null,null,"",1]
[null,null,null,null,null,null,null,0,0,0,0,0,0,0,0,0,null,null,null,null,"",1]
["TCA62700010S",null,null,null,"2종금속제가요전선관-콘크리트 노출 및 블록 칸막이 벽내","프리카튜브, 50mm, 방수","M",0,0,0,0,0,0,0,0,0,null,null,null,null,"",1]
["TCA62700010S","자재","3913170620174574",null,"2종금속제가요전선관","2종금속제가요전선관, 프리카튜브, 50mm, 방수","m",1,0,0,0,0,0,0,0,0,null,null,"N","N","",1]
["TCA62700010S","손료","RENT000000000001",null,"전선관부속품비","전선관의 20%","식",1,0,0,0,0,0,0,0,0,null,null,"N","N",20,1]
["TCA62700010S","손료","RENT000000000002",null,"잡재료비","배관배선의 2%","식",1,0,0,0,0,0,0,0,0,null,null,"N","N",2,1]
["TCA62700010S","손료","RENT000000000003",null,"공구손료","인력품의 3%","식",1,1308.5,1308.5,0,0,0,0,1308.5,1308.5,null,null,"N","N",3,1]
[null,null,null,null,"[합 계]",null,null,0,0,1308,0,43619,0,0,0,44927,null,null,null,null,"",1]
["TCA62700020S",null,null,null,"2종금속제가요전선관-콘크리트 노출 및 블록 칸막이 벽내","프리카튜브, 50mm, 비방수","M",0,0,0,0,0,0,0,0,0,null,null,null,null,"",1]
["TCA62700020S","자재","3913170620174586",null,"2종금속제가요전선관","2종금속제가요전선관, 프리카튜브, 50mm, 비방수","m",1,0,0,0,0,0,0,0,0,null,null,"N","N","",1]
["TCA62700020S","자재","3913170620174586",null,"2종금속제가요전선관","2종금속제가요전선관, 프리카튜브, 50mm, 비방수","m",0.1,0,0,0,0,0,0,0,0,null,null,"N","N","",1]
["TCA62700020S","손료","RENT000000000001",null,"전선관부속품비","전선관의 20%","식",1,0,0,0,0,0,0,0,0,null,null,"N","N",20,1]
["TCA62700020S","노무","L001010101000086",null,"통신내선공","일반공사 직종","인",0.16320000000000001,0,0,267277,43619.6,0,0,267277,43619.6,null,null,"N","N","",1]
["TCA62700020S","손료","RENT000000000003",null,"공구손료","인력품의 3%","식",1,1308.5,1308.5,0,0,0,0,1308.5,1308.5,null,null,"N","N",3,1]
[null,null,null,null,null,null,null,0,0,0,0,0,0,0,0,0,null,null,null,null,"",1]
["TCA62800010S",null,null,null,"2종금속제가요전선관-콘크리트 노출 및 블록 칸막이 벽내","프리카튜브, 63mm, 방수","M",0,0,0,0,0,0,0,0,0,null,null,null,null,"",1]
["TCA62800010S","자재","3913170620174575",null,"2종금속제가요전선관","2종금속제가요전선관, 프리카튜브, 63mm, 방수","m",0.1,0,0,0,0,0,0,0,0,null,null,"N","N","",1]
["TCA62800010S","손료","RENT000000000001",null,"전선관부속품비","전선관의 20%","식",1,0,0,0,0,0,0,0,0,null,null,"N","N",20,1]
["TCA62800010S","손료","RENT000000000002",null,"잡재료비","배관배선의 2%","식",1,0,0,0,0,0,0,0,0,null,null,"N","N",2,1]
["TCA62800010S","노무","L001010101000086",null,"통신내선공","일반공사 직종","인",0.18720000000000001,0,0,267277,50034.2,0,0,267277,50034.2,null,null,"N","N","",1]
[null,null,null,null,"[합 계]",null,null,0,0,1501,0,50034,0,0,0,51535,null,null,null,null,"",1]
[null,null,null,null,null,null,null,0,0,0,0,0,0,0,0,0,null,null,null,null,"",1]
["TCA62800020S","자재","3913170620174587",null,"2종금속제가요전선관","2종금속제가요전선관, 프리카튜브, 63mm, 비방수","m",1,0,0,0,0,0,0,0,0,null,null,"N","N","",1]
["TCA62800020S","자재","3913170620174587",null,"2종금속제가요전선관","2종금속제가요전선관, 프리카튜브, 63mm, 비방수","m",0.1,0,0,0,0,0,0,0,0,null,null,"N","N","",1]
["TCA62800020S","손료","RENT000000000002",null,"잡재료비","배관배선의 2%","식",1,0,0,0,0,0,0,0,0,null,null,"N","N",2,1]
["TCA62800020S","노무","L001010101000086",null,"통신내선공","일반공사 직종","인",0.18720000000000001,0,0,267277,50034.2,0,0,267277,50034.2,null,null,"N","N","",1]
["TCA62800020S","손료","RENT000000000003",null,"공구손료","인력품의 3%","식",1,1501,1501,0,0,0,0,1501,1501,null,null,"N","N",3,1]
[null,null,null,null,"[합 계]",null,null,0,0,1501,0,50034,0,0,0,51535,null,null,null,null,"",1]
["TCA63100010S",null,null,null,"2종금속제가요전선관-철강조 노출","프리카튜브, 10mm, 방수","M",0,0,0,0,0,0,0,0,0,null,null,null,null,"",1]
["TCA63100010S","자재","3913170620174567",null,"2종금속제가요전선관","2종금속제가요전선관, 프리카튜브, 10mm, 방수","m",1,0,0,0,0,0,0,0,0,null,null,"N","N","",1]
["TCA63100010S","손료","RENT000000000001",null,"전선관부속품비","전선관의 20%","식",1,0,0,0,0,0,0,0,0,null,null,"N","N",20,1]
["TCA63100010S","손료","RENT000000000002",null,"잡재료비","배관배선의 2%","식",1,0,0,0,0,0,0,0,0,null,null,"N","N",2,1]
["TCA63100010S","손료","RENT000000000003",null,"공구손료","인력품의 3%","식",1,441,441,0,0,0,0,441,441,null,null,"N","N",3,1]
[null,null,null,null,"[합 계]",null,null,0,0,441,0,14700,0,0,0,15141,null,null,null,null,"",1]
[null,null,null,null,null,null,null,0,0,0,0,0,0,0,0,0,null,null,null,null,"",1]
["TCA63100011S",null,null,null,"2종금속제가요전선관-철강조 노출","프리카튜브, 12mm, 방수","M",0,0,0,0,0,0,0,0,0,null,null,null,null,"",1]
["TCA63100011S","자재","3913170620174568",null,"2종금속제가요전선관","2종금속제가요전선관, 프리카튜브, 12mm, 방수","m",0.1,0,0,0,0,0,0,0,0,null,null,"N","N","",1]
["TCA63100011S","손료","RENT000000000001",null,"전선관부속품비","전선관의 20%","식",1,0,0,0,0,0,0,0,0,null,null,"N","N",20,1]
["TCA63100011S","노무","L001010101000086",null,"통신내선공","일반공사 직종","인",5.5E-2,0,0,267277,14700.2,0,0,267277,14700.2,null,null,"N","N","",1]
["TCA63100011S","손료","RENT000000000003",null,"공구손료","인력품의 3%","식",1,441,441,0,0,0,0,441,441,null,null,"N","N",3,1]
[null,null,null,null,null,null,null,0,0,0,0,0,0,0,0,0,null,null,null,null,"",1]
["TCA63100020S",null,null,null,"2종금속제가요전선관-철강조 노출","프리카튜브, 10mm, 비방수","M",0,0,0,0,0,0,0,0,0,null,null,null,null,"",1]
["TCA63100020S","자재","3913170620174579",null,"2종금속제가요전선관","2종금속제가요전선관, 프리카튜브, 10mm, 비방수","m",1,0,0,0,0,0,0,0,0,null,null,"N","N","",1]
["TCA63100020S","자재","3913170620174579",null,"2종금속제가요전선관","2종금속제가요전선관, 프리카튜브, 10mm, 비방수","m",0.1,0,0,0,0,0,0,0,0,null,null,"N","N","",1]
["TCA63100020S","손료","RENT000000000002",null,"잡재료비","배관배선의 2%","식",1,0,0,0,0,0,0,0,0,null,null,"N","N",2,1]
["TCA63100020S","노무","L001010101000086",null,"통신내선공","일반공사 직종","인",5.5E-2,0,0,267277,14700.2,0,0,267277,14700.2,null,null,"N","N","",1]
[null,null,null,null,"[합 계]",null,null,0,0,441,0,14700,0,0,0,15141,null,null,null,null,"",1]
[null,null,null,null,null,null,null,0,0,0,0,0,0,0,0,0,null,null,null,null,"",1]
["TCA63100021S",null,null,null,"2종금속제가요전선관-철강조 노출","프리카튜브, 12mm, 비방수","M",0,0,0,0,0,0,0,0,0,null,null,null,null,"",1]
["TCA63100021S","자재","3913170620174580",null,"2종금속제가요전선관","2종금속제가요전선관, 프리카튜브, 12mm, 비방수","m",1,0,0,0,0,0,0,0,0,null,null,"N","N","",1]
["TCA63100021S","손료","RENT000000000001",null,"전선관부속품비","전선관의 20%","식",1,0,0,0,0,0,0,0,0,null,null,"N","N",20,1]
["TCA63100021S","손료","RENT000000000002",null,"잡재료비","배관배선의 2%","식",1,0,0,0,0,0,0,0,0,null,null,"N","N",2,1]
["TCA63100021S","손료","RENT000000000003",null,"공구손료","인력품의 3%","식",1,441,441,0,0,0,0,441,441,null,null,"N","N",3,1]
[null,null,null,null,"[합 계]",null,null,0,0,441,0,14700,0,0,0,15141,null,null,null,null,"",1]
["TCA63200010S",null,null,null,"2종금속제가요전선관-철강조 노출","프리카튜브, 15mm, 방수","M",0,0,0,0,0,0,0,0,0,null,null,null,null,"",1]
["TCA63200010S","자재","3913170620174569",null,"2종금속제가요전선관","2종금속제가요전선관, 프리카튜브, 15mm, 방수","m",1,0,0,0,0,0,0,0,0,null,null,"N","N","",1]
["TCA63200010S","자재","3913170620174569",null,"2종금속제가요전선관","2종금속제가요전선관, 프리카튜브, 15mm, 방수","m",0.1,0,0,0,0,0,0,0,0,null,null,"N","N","",1]
["TCA63200010S","손료","RENT000000000001",null,"전선관부속품비","전선관의 20%","식",1,0,0,0,0,0,0,0,0,null,null,"N","N",20,1]
["TCA63200010S","노무","L001010101000086",null,"통신내선공","일반공사 직종","인",5.5E-2,0,0,267277,14700.2,0,0,267277,14700.2,null,null,"N","N","",1]
["TCA63200010S","손료","RENT000000000003",null,"공구손료","인력품의 3%","식",1,441,441,0,0,0,0,441,441,null,null,"N","N",3,1]
[null,null,null,null,null,null,null,0,0,0,0,0,0,0,0,0,null,null,null,null,"",1]
["TCA63200020S",null,null,null,"2종금속제가요전선관-철강조 노출","프리카튜브, 15mm, 비방수","M",0,0,0,0,0,0,0,0,0,null,null,null,null,"",1]
["TCA63200020S","자재","3913170620174581",null,"2종금속제가요전선관","2종금속제가요전선관, 프리카튜브, 15mm, 비방수","m",0.1,0,0,0,0,0,0,0,0,null,null,"N","N","",1]
["TCA63200020S","손료","RENT000000000001",null,"전선관부속품비","전선관의 20%","식",1,0,0,0,0,0,0,0,0,null,null,"N","N",20,1]
["TCA63200020S","손료","RENT000000000002",null,"잡재료비","배관배선의 2%","식",1,0,0,0,0,0,0,0,0,null,null,"N","N",2,1]
["TCA63200020S","노무","L001010101000086",null,"통신내선공","일반공사 직종","인",5.5E-2,0,0,267277,14700.2,0,0,267277,14700.2,null,null,"N","N","",1]
[null,null,null,null,"[합 계]",null,null,0,0,441,0,14700,0,0,0,15141,null,null,null,null,"",1]
[null,null,null,null,null,null,null,0,0,0,0,0,0,0,0,0,null,null,null,null,"",1]
["TCA63300010S","자재","3913170620174570",null,"2종금속제가요전선관","2종금속제가요전선관, 프리카튜브, 17mm, 방수","m",1,0,0,0,0,0,0,0,0,null,null,"N","N","",1]
["TCA63300010S","자재","3913170620174570",null,"2종금속제가요전선관","2종금속제가요전선관, 프리카튜브, 17mm, 방수","m",0.1,0,0,0,0,0,0,0,0,null,null,"N","N","",1]
["TCA63300010S","손료","RENT000000000002",null,"잡재료비","배관배선의 2%","식",1,0,0,0,0,0,0,0,0,null,null,"N","N",2,1]
["TCA63300010S","노무","L001010101000086",null,"통신내선공","일반공사 직종","인",7.3749999999999996E-2,0,0,267277,19711.599999999999,0,0,267277,19711.599999999999,null,null,"N","N","",1]
["TCA63300010S","손료","RENT000000000003",null,"공구손료","인력품의 3%","식",1,591.29999999999995,591.29999999999995,0,0,0,0,591.29999999999995,591.29999999999995,null,null,"N","N",3,1]
[null,null,null,null,"[합 계]",null,null,0,0,591,0,19711,0,0,0,20302,null,null,null,null,"",1]
["TCA63300020S",null,null,null,"2종금속제가요전선관-철강조 노출","프리카튜브, 17mm, 비방수","M",0,0,0,0,0,0,0,0,0,null,null,null,null,"",1]
["TCA63300020S","자재","3913170620174582",null,"2종금속제가요전선관","2종금속제가요전선관, 프리카튜브, 17mm, 비방수","m",1,0,0,0,0,0,0,0,0,null,null,"N","N","",1]
["TCA63300020S","손료","RENT000000000001",null,"전선관부속품비","전선관의 20%","식",1,0,0,0,0,0,0,0,0,null,null,"N","N",20,1]
["TCA63300020S","손료","RENT000000000002",null,"잡재료비","배관배선의 2%","식",1,0,0,0,0,0,0,0,0,null,null,"N","N",2,1]
["TCA63300020S","손료","RENT000000000003",null,"공구손료","인력품의 3%","식",1,591.29999999999995,591.29999999999995,0,0,0,0,591.29999999999995,591.29999999999995,null,null,"N","N",3,1]
[null,null,null,null,"[합 계]",null,null,0,0,591,0,19711,0,0,0,20302,null,null,null,null,"",1]
[null,null,null,null,null,null,null,0,0,0,0,0,0,0,0,0,null,null,null,null,"",1]
["TCA63400010S",null,null,null,"2종금속제가요전선관-철강조 노출","프리카튜브, 24mm, 방수","M",0,0,0,0,0,0,0,0,0,null,null,null,null,"",1]
["TCA63400010S","자재","3913170620174571",null,"2종금속제가요전선관","2종금속제가요전선관, 프리카튜브, 24mm, 방수","m",0.1,0,0,0,0,0,0,0,0,null,null,"N","N","",1]
["TCA63400010S","손료","RENT000000000001",null,"전선관부속품비","전선관의 20%","식",1,0,0,0,0,0,0,0,0,null,null,"N","N",20,1]
["TCA63400010S","노무","L001010101000086",null,"통신내선공","일반공사 직종","인",0.09,0,0,267277,24054.9,0,0,267277,24054.9,null,null,"N","N","",1]
["TCA63400010S","손료","RENT000000000003",null,"공구손료","인력품의 3%","식",1,721.6,721.6,0,0,0,0,721.6,721.6,null,null,"N","N",3,1]
[null,null,null,null,null,null,null,0,0,0,0,0,0,0,0,0,null,null,null,null,"",1]
["TCA63400020S",null,null,null,"2종금속제가요전선관-철강조 노출","프리카튜브, 24mm, 비방수","M",0,0,0,0,0,0,0,0,0,null,null,null,null,"",1]
["TCA63400020S","자재","3913170620174583",null,"2종금속제가요전선관","2종금속제가요전선관, 프리카튜브, 24mm, 비방수","m",1,0,0,0,0,0,0,0,0,null,null,"N","N","",1]
["TCA63400020S","자재","3913170620174583",null,"2종금속제가요전선관","2종금속제가요전선관, 프리카튜브, 24mm, 비방수","m",0.1,0,0,0,0,0,0,0,0,null,null,"N","N","",1]
["TCA63400020S","손료","RENT000000000002",null,"잡재료비","배관배선의 2%","식",1,0,0,0,0,0,0,0,0,null,null,"N","N",2,1]
["TCA63400020S","노무","L001010101000086",null,"통신내선공","일반공사 직종","인",0.09,0,0,267277,24054.9,0,0,267277,24054.9,null,null,"N","N","",1]
[null,null,null,null,"[합 계]",null,null,0,0,721,0,24054,0,0,0,24775,null,null,null,null,"",1]
[null,null,null,null,null,null,null,0,0,0,0,0,0,0,0,0,null,null,null,null,"",1]
["TCA63500010S","자재","3913170620174572",null,"2종금속제가요전선관","2종금속제가요전선관, 프리카튜브, 30mm, 방수","m",1,0,0,0,0,0,0,0,0,null,null,"N","N","",1]
["TCA63500010S","자재","3913170620174572",null,"2종금속제가요전선관","2종금속제가요전선관, 프리카튜브, 30mm, 방수","m",0.1,0,0,0,0,0,0,0,0,null,null,"N","N","",1]
["TCA63500010S","손료","RENT000000000001",null,"전선관부속품비","전선관의 20%","식",1,0,0,0,0,0,0,0,0,null,null,"N","N",20,1]
["TCA63500010S","손료","RENT000000000002",null,"잡재료비","배관배선의 2%","식",1,0,0,0,0,0,0,0,0,null,null,"N","N",2,1]
["TCA63500010S","손료","RENT000000000003",null,"공구손료","인력품의 3%","식",1,871.9,871.9,0,0,0,0,871.9,871.9,null,null,"N","N",3,1]
[null,null,null,null,"[합 계]",null,null,0,0,871,0,29066,0,0,0,29937,null,null,null,null,"",1]
["TCA63500020S",null,null,null,"2종금속제가요전선관-철강조 노출","프리카튜브, 30mm, 비방수","M",0,0,0,0,0,0,0,0,0,null,null,null,null,"",1]
["TCA63500020S","자재","3913170620174584",null,"2종금속제가요전선관","2종금속제가요전선관, 프리카튜브, 30mm, 비방수","m",1,0,0,0,0,0,0,0,0,null,null,"N","N","",1]
["TCA63500020S","자재","3913170620174584",null,"2종금속제가요전선관","2종금속제가요전선관, 프리카튜브, 30mm, 비방수","m",0.1,0,0,0,0,0,0,0,0,null,null,"N","N","",1]
["TCA63500020S","손료","RENT000000000001",null,"전선관부속품비","전선관의 20%","식",1,0,0,0,0,0,0,0,0,null,null,"N","N",20,1]
["TCA63500020S","노무","L001010101000086",null,"통신내선공","일반공사 직종","인",0.10875,0,0,267277,29066.3,0,0,267277,29066.3,null,null,"N","N","",1]
["TCA63500020S","손료","RENT000000000003",null,"공구손료","인력품의 3%","식",1,871.9,871.9,0,0,0,0,871.9,871.9,null,null,"N","N",3,1]
[null,null,null,null,null,null,null,0,0,0,0,0,0,0,0,0,null,null,null,null,"",1]
["TCA63600010S",null,null,null,"2종금속제가요전선관-철강조 노출","프리카튜브, 38mm, 방수","M",0,0,0,0,0,0,0,0,0,null,null,null,null,"",1]
["TCA63600010S","자재","3913170620174573",null,"2종금속제가요전선관","2종금속제가요전선관, 프리카튜브, 38mm, 방수","m",0.1,0,0,0,0,0,0,0,0,null,null,"N","N","",1]
["TCA63600010S","손료","RENT000000000001",null,"전선관부속품비","전선관의 20%","식",1,0,0,0,0,0,0,0,0,null,null,"N","N",20,1]
["TCA63600010S","손료","RENT000000000002",null,"잡재료비","배관배선의 2%","식",1,0,0,0,0,0,0,0,0,null,null,"N","N",2,1]
["TCA63600010S","노무","L001010101000086",null,"통신내선공","일반공사 직종","인",0.13,0,0,267277,34746,0,0,267277,34746,null,null,"N","N","",1]
[null,null,null,null,"[합 계]",null,null,0,0,1042,0,34746,0,0,0,35788,null,null,null,null,"",1]
[null,null,null,null,null,null,null,0,0,0,0,0,0,0,0,0,null,null,null,null,"",1]
["TCA63600020S","자재","3913170620174585",null,"2종금속제가요전선관","2종금속제가요전선관, 프리카튜브, 38mm, 비방수","m",1,0,0,0,0,0,0,0,0,null,null,"N","N","",1]
["TCA63600020S","자재","3913170620174585",null,"2종금속제가요전선관","2종금속제가요전선관, 프리카튜브, 38mm, 비방수","m",0.1,0,0,0,0,0,0,0,0,null,null,"N","N","",1]
["TCA63600020S","손료","RENT000000000002",null,"잡재료비","배관배선의 2%","식",1,0,0,0,0,0,0,0,0,null,null,"N","N",2,1]
["TCA63600020S","노무","L001010101000086",null,"통신내선공","일반공사 직종","인",0.13,0,0,267277,34746,0,0,267277,34746,null,null,"N","N","",1]
["TCA63600020S","손료","RENT000000000003",null,"공구손료","인력품의 3%","식",1,1042.3,1042.3,0,0,0,0,1042.3,1042.3,null,null,"N","N",3,1]
[null,null,null,null,"[합 계]",null,null,0,0,1042,0,34746,0,0,0,35788,null,null,null,null,"",1]
["TCA63700010S",null,null,null,"2종금속제가요전선관-철강조 노출","프리카튜브, 50mm, 방수","M",0,0,0,0,0,0,0,0,0,null,null,null,null,"",1]
["TCA63700010S","자재","3913170620174574",null,"2종금속제가요전선관","2종금속제가요전선관, 프리카튜브, 50mm, 방수","m",1,0,0,0,0,0,0,0,0,null,null,"N","N","",1]
["TCA63700010S","손료","RENT000000000001",null,"전선관부속품비","전선관의 20%","식",1,0,0,0,0,0,0,0,0,null,null,"N","N",20,1]
["TCA63700010S","손료","RENT000000000002",null,"잡재료비","배관배선의 2%","식",1,0,0,0,0,0,0,0,0,null,null,"N","N",2,1]
["TCA63700010S","손료","RENT000000000003",null,"공구손료","인력품의 3%","식",1,1363.1,1363.1,0,0,0,0,1363.1,1363.1,null,null,"N","N",3,1]
[null,null,null,null,"[합 계]",null,null,0,0,1363,0,45437,0,0,0,46800,null,null,null,null,"",1]
[null,null,null,null,null,null,null,0,0,0,0,0,0,0,0,0,null,null,null,null,"",1]
["TCA63700020S",null,null,null,"2종금속제가요전선관-철강조 노출","프리카튜브, 50mm, 비방수","M",0,0,0,0,0,0,0,0,0,null,null,null,null,"",1]
["TCA63700020S","자재","3913170620174586",null,"2종금속제가요전선관","2종금속제가요전선관, 프리카튜브, 50mm, 비방수","m",0.1,0,0,0,0,0,0,0,0,null,null,"N","N","",1]
["TCA63700020S","손료","RENT000000000001",null,"전선관부속품비","전선관의 20%","식",1,0,0,0,0,0,0,0,0,null,null,"N","N",20,1]
["TCA63700020S","노무","L001010101000086",null,"통신내선공","일반공사 직종","인",0.17,0,0,267277,45437,0,0,267277,45437,null,null,"N","N","",1]
["TCA63700020S","손료","RENT000000000003",null,"공구손료","인력품의 3%","식",1,1363.1,1363.1,0,0,0,0,1363.1,1363.1,null,null,"N","N",3,1]
[null,null,null,null,null,null,null,0,0,0,0,0,0,0,0,0,null,null,null,null,"",1]
["TCA63800010S",null,null,null,"2종금속제가요전선관-철강조 노출","프리카튜브, 63mm, 방수","M",0,0,0,0,0,0,0,0,0,null,null,null,null,"",1]
["TCA63800010S","자재","3913170620174575",null,"2종금속제가요전선관","2종금속제가요전선관, 프리카튜브, 63mm, 방수","m",1,0,0,0,0,0,0,0,0,null,null,"N","N","",1]
["TCA63800010S","자재","3913170620174575",null,"2종금속제가요전선관","2종금속제가요전선관, 프리카튜브, 63mm, 방수","m",0.1,0,0,0,0,0,0,0,0,null,null,"N","N","",1]
["TCA63800010S","손료","RENT000000000002",null,"잡재료비","배관배선의 2%","식",1,0,0,0,0,0,0,0,0,null,null,"N","N",2,1]
["TCA63800010S","노무","L001010101000086",null,"통신내선공","일반공사 직종","인",0.19500000000000001,0,0,267277,52119,0,0,267277,52119,null,null,"N","N","",1]
[null,null,null,null,"[합 계]",null,null,0,0,1563,0,52119,0,0,0,53682,null,null,null,null,"",1]
[null,null,null,null,null,null,null,0,0,0,0,0,0,0,0,0,null,null,null,null,"",1]
["TCA63800020S","자재","3913170620174587",null,"2종금속제가요전선관","2종금속제가요전선관, 프리카튜브, 63mm, 비방수","m",1,0,0,0,0,0,0,0,0,null,null,"N","N","",1]
["TCA63800020S","자재","3913170620174587",null,"2종금속제가요전선관","2종금속제가요전선관, 프리카튜브, 63mm, 비방수","m",0.1,0,0,0,0,0,0,0,0,null,null,"N","N","",1]
["TCA63800020S","손료","RENT000000000001",null,"전선관부속품비","전선관의 20%","식",1,0,0,0,0,0,0,0,0,null,null,"N","N",20,1]
["TCA63800020S","손료","RENT000000000002",null,"잡재료비","배관배선의 2%","식",1,0,0,0,0,0,0,0,0,null,null,"N","N",2,1]
["TCA63800020S","손료","RENT000000000003",null,"공구손료","인력품의 3%","식",1,1563.5,1563.5,0,0,0,0,1563.5,1563.5,null,null,"N","N",3,1]
[null,null,null,null,"[합 계]",null,null,0,0,1563,0,52119,0,0,0,53682,null,null,null,null,"",1]
["TCA64100010S",null,null,null,"2종금속제가요전선관-천장속, 마루밑","프리카튜브, 10mm, 비방수","M",0,0,0,0,0,0,0,0,0,null,null,null,null,"",1]
["TCA64100010S","자재","3913170620174579",null,"2종금속제가요전선관","2종금속제가요전선관, 프리카튜브, 10mm, 비방수","m",1,0,0,0,0,0,0,0,0,null,null,"N","N","",1]
["TCA64100010S","자재","3913170620174579",null,"2종금속제가요전선관","2종금속제가요전선관, 프리카튜브, 10mm, 비방수","m",0.1,0,0,0,0,0,0,0,0,null,null,"N","N","",1]
["TCA64100010S","손료","RENT000000000001",null,"전선관부속품비","전선관의 20%","식",1,0,0,0,0,0,0,0,0,null,null,"N","N",20,1]
["TCA64100010S","노무","L001010101000086",null,"통신내선공","일반공사 직종","인",5.7200000000000001E-2,0,0,267277,15288.2,0,0,267277,15288.2,null,null,"N","N","",1]
["TCA64100010S","손료","RENT000000000003",null,"공구손료","인력품의 3%","식",1,458.6,458.6,0,0,0,0,458.6,458.6,null,null,"N","N",3,1]
[null,null,null,null,null,null,null,0,0,0,0,0,0,0,0,0,null,null,null,null,"",1]
["TCA64100011S",null,null,null,"2종금속제가요전선관-천장속, 마루밑","프리카튜브, 12mm, 비방수","M",0,0,0,0,0,0,0,0,0,null,null,null,null,"",1]
["TCA64100011S","자재","3913170620174580",null,"2종금속제가요전선관","2종금속제가요전선관, 프리카튜브, 12mm, 비방수","m",0.1,0,0,0,0,0,0,0,0,null,null,"N","N","",1]
["TCA64100011S","손료","RENT000000000001",null,"전선관부속품비","전선관의 20%","식",1,0,0,0,0,0,0,0,0,null,null,"N","N",20,1]
["TCA64100011S","손료","RENT000000000002",null,"잡재료비","배관배선의 2%","식",1,0,0,0,0,0,0,0,0,null,null,"N","N",2,1]
["TCA64100011S","노무","L001010101000086",null,"통신내선공","일반공사 직종","인",5.7200000000000001E-2,0,0,267277,15288.2,0,0,267277,15288.2,null,null,"N","N","",1]
[null,null,null,null,"[합 계]",null,null,0,0,458,0,15288,0,0,0,15746,null,null,null,null,"",1]
[null,null,null,null,null,null,null,0,0,0,0,0,0,0,0,0,null,null,null,null,"",1]
["TCA64200010S","자재","3913170620174581",null,"2종금속제가요전선관","2종금속제가요전선관, 프리카튜브, 15mm, 비방수","m",1,0,0,0,0,0,0,0,0,null,null,"N","N","",1]
["TCA64200010S","자재","3913170620174581",null,"2종금속제가요전선관","2종금속제가요전선관, 프리카튜브, 15mm, 비방수","m",0.1,0,0,0,0,0,0,0,0,null,null,"N","N","",1]
["TCA64200010S","손료","RENT000000000002",null,"잡재료비","배관배선의 2%","식",1,0,0,0,0,0,0,0,0,null,null,"N","N",2,1]
["TCA64200010S","노무","L001010101000086",null,"통신내선공","일반공사 직종","인",5.7200000000000001E-2,0,0,267277,15288.2,0,0,267277,15288.2,null,null,"N","N","",1]
["TCA64200010S","손료","RENT000000000003",null,"공구손료","인력품의 3%","식",1,458.6,458.6,0,0,0,0,458.6,458.6,null,null,"N","N",3,1]
[null,null,null,null,"[합 계]",null,null,0,0,458,0,15288,0,0,0,15746,null,null,null,null,"",1]
["TCA64300010S",null,null,null,"2종금속제가요전선관-천장속, 마루밑","프리카튜브, 17mm, 비방수","M",0,0,0,0,0,0,0,0,0,null,null,null,null,"",1]
["TCA64300010S","자재","3913170620174582",null,"2종금속제가요전선관","2종금속제가요전선관, 프리카튜브, 17mm, 비방수","m",1,0,0,0,0,0,0,0,0,null,null,"N","N","",1]
["TCA64300010S","손료","RENT000000000001",null,"전선관부속품비","전선관의 20%","식",1,0,0,0,0,0,0,0,0,null,null,"N","N",20,1]
["TCA64300010S","손료","RENT000000000002",null,"잡재료비","배관배선의 2%","식",1,0,0,0,0,0,0,0,0,null,null,"N","N",2,1]
["TCA64300010S","손료","RENT000000000003",null,"공구손료","인력품의 3%","식",1,615,615,0,0,0,0,615,615,null,null,"N","N",3,1]
[null,null,null,null,"[합 계]",null,null,0,0,615,0,20500,0,0,0,21115,null,null,null,null,"",1]
[null,null,null,null,null,null,null,0,0,0,0,0,0,0,0,0,null,null,null,null,"",1]
["TCA64400010S",null,null,null,"2종금속제가요전선관-천장속, 마루밑","프리카튜브, 24mm, 비방수","M",0,0,0,0,0,0,0,0,0,null,null,null,null,"",1]
["TCA64400010S","자재","3913170620174583",null,"2종금속제가요전선관","2종금속제가요전선관, 프리카튜브, 24mm, 비방수","m",0.1,0,0,0,0,0,0,0,0,null,null,"N","N","",1]
["TCA64400010S","손료","RENT000000000001",null,"전선관부속품비","전선관의 20%","식",1,0,0,0,0,0,0,0,0,null,null,"N","N",20,1]
["TCA64400010S","노무","L001010101000086",null,"통신내선공","일반공사 직종","인",9.3600000000000003E-2,0,0,267277,25017.1,0,0,267277,25017.1,null,null,"N","N","",1]
["TCA64400010S","손료","RENT000000000003",null,"공구손료","인력품의 3%","식",1,750.5,750.5,0,0,0,0,750.5,750.5,null,null,"N","N",3,1]
[null,null,null,null,null,null,null,0,0,0,0,0,0,0,0,0,null,null,null,null,"",1]
["TCA64500010S",null,null,null,"2종금속제가요전선관-천장속, 마루밑","프리카튜브, 30mm, 비방수","M",0,0,0,0,0,0,0,0,0,null,null,null,null,"",1]
["TCA64500010S","자재","3913170620174584",null,"2종금속제가요전선관","2종금속제가요전선관, 프리카튜브, 30mm, 비방수","m",1,0,0,0,0,0,0,0,0,null,null,"N","N","",1]
["TCA64500010S","자재","3913170620174584",null,"2종금속제가요전선관","2종금속제가요전선관, 프리카튜브, 30mm, 비방수","m",0.1,0,0,0,0,0,0,0,0,null,null,"N","N","",1]
["TCA64500010S","손료","RENT000000000002",null,"잡재료비","배관배선의 2%","식",1,0,0,0,0,0,0,0,0,null,null,"N","N",2,1]
["TCA64500010S","노무","L001010101000086",null,"통신내선공","일반공사 직종","인",0.11310000000000001,0,0,267277,30229,0,0,267277,30229,null,null,"N","N","",1]
[null,null,null,null,"[합 계]",null,null,0,0,906,0,30229,0,0,0,31135,null,null,null,null,"",1]
[null,null,null,null,null,null,null,0,0,0,0,0,0,0,0,0,null,null,null,null,"",1]
["TCA64600010S","자재","3913170620174585",null,"2종금속제가요전선관","2종금속제가요전선관, 프리카튜브, 38mm, 비방수","m",1,0,0,0,0,0,0,0,0,null,null,"N","N","",1]
["TCA64600010S","자재","3913170620174585",null,"2종금속제가요전선관","2종금속제가요전선관, 프리카튜브, 38mm, 비방수","m",0.1,0,0,0,0,0,0,0,0,null,null,"N","N","",1]
["TCA64600010S","손료","RENT000000000001",null,"전선관부속품비","전선관의 20%","식",1,0,0,0,0,0,0,0,0,null,null,"N","N",20,1]
["TCA64600010S","손료","RENT000000000002",null,"잡재료비","배관배선의 2%","식",1,0,0,0,0,0,0,0,0,null,null,"N","N",2,1]
["TCA64600010S","손료","RENT000000000003",null,"공구손료","인력품의 3%","식",1,1084,1084,0,0,0,0,1084,1084,null,null,"N","N",3,1]
[null,null,null,null,"[합 계]",null,null,0,0,1084,0,36135,0,0,0,37219,null,null,null,null,"",1]
["TCA64700010S",null,null,null,"2종금속제가요전선관-천장속, 마루밑","프리카튜브, 50mm, 비방수","M",0,0,0,0,0,0,0,0,0,null,null,null,null,"",1]
["TCA64700010S","자재","3913170620174586",null,"2종금속제가요전선관","2종금속제가요전선관, 프리카튜브, 50mm, 비방수","m",1,0,0,0,0,0,0,0,0,null,null,"N","N","",1]
["TCA64700010S","손료","RENT000000000001",null,"전선관부속품비","전선관의 20%","식",1,0,0,0,0,0,0,0,0,null,null,"N","N",20,1]
["TCA64700010S","손료","RENT000000000002",null,"잡재료비","배관배선의 2%","식",1,0,0,0,0,0,0,0,0,null,null,"N","N",2,1]
["TCA64700010S","노무","L001010101000086",null,"통신내선공","일반공사 직종","인",0.17680000000000001,0,0,267277,47254.5,0,0,267277,47254.5,null,null,"N","N","",1]
["TCA64700010S","손료","RENT000000000003",null,"공구손료","인력품의 3%","식",1,1417.6,1417.6,0,0,0,0,1417.6,1417.6,null,null,"N","N",3,1]
[null,null,null,null,null,null,null,0,0,0,0,0,0,0,0,0,null,null,null,null,"",1]
["TCA64800010S",null,null,null,"2종금속제가요전선관-천장속, 마루밑","프리카튜브, 63mm, 비방수","M",0,0,0,0,0,0,0,0,0,null,null,null,null,"",1]
["TCA64800010S","자재","3913170620174587",null,"2종금속제가요전선관","2종금속제가요전선관, 프리카튜브, 63mm, 비방수","m",0.1,0,0,0,0,0,0,0,0,null,null,"N","N","",1]
["TCA64800010S","손료","RENT000000000001",null,"전선관부속품비","전선관의 20%","식",1,0,0,0,0,0,0,0,0,null,null,"N","N",20,1]
["TCA64800010S","손료","RENT000000000002",null,"잡재료비","배관배선의 2%","식",1,0,0,0,0,0,0,0,0,null,null,"N","N",2,1]
["TCA64800010S","노무","L001010101000086",null,"통신내선공","일반공사 직종","인",0.20280000000000001,0,0,267277,54203.7,0,0,267277,54203.7,null,null,"N","N","",1]
[null,null,null,null,"[합 계]",null,null,0,0,1626,0,54203,0,0,0,55829,null,null,null,null,"",1]
[null,null,null,null,null,null,null,0,0,0,0,0,0,0,0,0,null,null,null,null,"",1]
["TCA71200001S","자재","3913170624691047",null,"강제전선관","강제전선관, 나사없는전선관, E19","m",1,2107,2107,0,0,0,0,2107,2107,null,null,"N","N","",1]
["TCA71200001S","자재","3913170624691047",null,"강제전선관","강제전선관, 나사없는전선관, E19","m",0.1,2107,210.7,0,0,0,0,2107,210.7,null,null,"N","N","",1]
["TCA71200001S","손료","RENT000000000003",null,"공구손료","노무비의 3%","식",1,400.9,400.9,0,0,0,0,400.9,400.9,null,null,"N","N",3,1]
[null,null,null,null,"[합 계]",null,null,0,0,2718,0,13363,0,0,0,16081,null,null,null,null,"",1]
[null,null,null,null,null,null,null,0,0,0,0,0,0,0,0,0,null,null,null,null,"",1]
["TCA71300001S",null,null,null,"나사 없는 전선관","E25","M",0,0,0,0,0,0,0,0,0,null,null,null,null,"",1]
["TCA71300001S","자재","3913170624691048",null,"강제전선관","강제전선관, 나사없는전선관, E25","m",0.1,2849,284.89999999999998,0,0,0,0,2849,284.89999999999998,null,null,"N","N","",1]
["TCA71300001S","노무","L001010101000086",null,"통신내선공","일반공사 직종","인",0.06,0,0,267277,16036.6,0,0,267277,16036.6,null,null,"N","N","",1]
[null,null,null,null,"[합 계]",null,null,0,0,3614,0,16036,0,0,0,19650,null,null,null,null,"",1]
[null,null,null,null,null,null,null,0,0,0,0,0,0,0,0,0,null,null,null,null,"",1]
["TCA71400001S","자재","3913170624691049",null,"강제전선관","강제전선관, 나사없는전선관, E31","m",1,3890,3890,0,0,0,0,3890,3890,null,null,"N","N","",1]
["TCA71400001S","자재","3913170624691049",null,"강제전선관","강제전선관, 나사없는전선관, E31","m",0.1,3890,389,0,0,0,0,3890,389,null,null,"N","N","",1]
["TCA71400001S","노무","L001010101000086",null,"통신내선공","일반공사 직종","인",0.08,0,0,267277,21382.1,0,0,267277,21382.1,null,null,"N","N","",1]
["TCA71400001S","손료","RENT000000000003",null,"공구손료","노무비의 3%","식",1,641.4,641.4,0,0,0,0,641.4,641.4,null,null,"N","N",3,1]
[null,null,null,null,null,null,null,0,0,0,0,0,0,0,0,0,null,null,null,null,"",1]
["TCA71500001S",null,null,null,"나사 없는 전선관","E39","M",0,0,0,0,0,0,0,0,0,null,null,null,null,"",1]
["TCA71500001S","자재","3913170624691050",null,"강제전선관","강제전선관, 나사없는전선관, E39","m",0.1,4834,483.4,0,0,0,0,4834,483.4,null,null,"N","N","",1]
["TCA71500001S","노무","L001010101000086",null,"통신내선공","일반공사 직종","인",0.1,0,0,267277,26727.7,0,0,267277,26727.7,null,null,"N","N","",1]
[null,null,null,null,"[합 계]",null,null,0,0,6119,0,26727,0,0,0,32846,null,null,null,null,"",1]
[null,null,null,null,null,null,null,0,0,0,0,0,0,0,0,0,null,null,null,null,"",1]
["TCA71600001S",null,null,null,"나사 없는 전선관","E51","M",0,0,0,0,0,0,0,0,0,null,null,null,null,"",1]
["TCA71600001S","자재","3913170624691051",null,"강제전선관","강제전선관, 나사없는전선관, E51","m",1,6381,6381,0,0,0,0,6381,6381,null,null,"N","N","",1]
["TCA71600001S","노무","L001010101000086",null,"통신내선공","일반공사 직종","인",0.13,0,0,267277,34746,0,0,267277,34746,null,null,"N","N","",1]
["TCA71600001S","손료","RENT000000000003",null,"공구손료","노무비의 3%","식",1,1042.3,1042.3,0,0,0,0,1042.3,1042.3,null,null,"N","N",3,1]
[null,null,null,null,null,null,null,0,0,0,0,0,0,0,0,0,null,null,null,null,"",1]
["TCA71700001S",null,null,null,"나사 없는 전선관","E63","M",0,0,0,0,0,0,0,0,0,null,null,null,null,"",1]
["TCA71700001S","자재","3913170624691052",null,"강제전선관","강제전선관, 나사없는전선관, E63","m",0.1,9137,913.7,0,0,0,0,9137,913.7,null,null,"N","N","",1]
["TCA71700001S","노무","L001010101000086",null,"통신내선공","일반공사 직종","인",0.19,0,0,267277,50782.6,0,0,267277,50782.6,null,null,"N","N","",1]
["TCA71700001S","손료","RENT000000000003",null,"공구손료","노무비의 3%","식",1,1523.4,1523.4,0,0,0,0,1523.4,1523.4,null,null,"N","N",3,1]
[null,null,null,null,"[합 계]",null,null,0,0,11574,0,50782,0,0,0,62356,null,null,null,null,"",1]
["TCA71800001S",null,null,null,"나사 없는 전선관","E75","M",0,0,0,0,0,0,0,0,0,null,null,null,null,"",1]
["TCA71800001S","자재","3913170624691053",null,"강제전선관","강제전선관, 나사없는전선관, E75","m",1,11526,11526,0,0,0,0,11526,11526,null,null,"N","N","",1]
["TCA71800001S","노무","L001010101000086",null,"통신내선공","일반공사 직종","인",0.28000000000000003,0,0,267277,74837.5,0,0,267277,74837.5,null,null,"N","N","",1]
["TCA71800001S","손료","RENT000000000003",null,"공구손료","노무비의 3%","식",1,2245.1,2245.1,0,0,0,0,2245.1,2245.1,null,null,"N","N",3,1]
[null,null,null,null,null,null,null,0,0,0,0,0,0,0,0,0,null,null,null,null,"",1]
["TCA77100010S",null,null,null,"나사 없는 전선관-철거","E19(30%)","M",0,0,0,0,0,0,0,0,0,null,null,null,null,"",1]
["TCA77100010S","노무","L001010101000086",null,"통신내선공","일반공사 직종","인",1.4999999999999999E-2,0,0,267277,4009.1,0,0,267277,4009.1,null,null,"N","N","",1]
["TCA77100010S","손료","RENT000000000003",null,"공구손료","노무비의 3%","식",1,120.2,120.2,0,0,0,0,120.2,120.2,null,null,"N","N",3,1]
[null,null,null,null,null,null,null,0,0,0,0,0,0,0,0,0,null,null,null,null,"",1]
["TCA77100020S",null,null,null,"나사 없는 전선관-재사용철거","E19(40%)","M",0,0,0,0,0,0,0,0,0,null,null,null,null,"",1]
["TCA77100020S","손료","RENT000000000003",null,"공구손료","노무비의 3%","식",1,160.30000000000001,160.30000000000001,0,0,0,0,160.30000000000001,160.30000000000001,null,null,"N","N",3,1]
[null,null,null,null,"[합 계]",null,null,0,0,160,0,5345,0,0,0,5505,null,null,null,null,"",1]
[null,null,null,null,null,null,null,0,0,0,0,0,0,0,0,0,null,null,null,null,"",1]
["TCA77200010S",null,null,null,"나사 없는 전선관-철거","E25(30%)","M",0,0,0,0,0,0,0,0,0,null,null,null,null,"",1]
["TCA77200010S","손료","RENT000000000003",null,"공구손료","노무비의 3%","식",1,144.30000000000001,144.30000000000001,0,0,0,0,144.30000000000001,144.30000000000001,null,null,"N","N",3,1]
[null,null,null,null,"[합 계]",null,null,0,0,144,0,4810,0,0,0,4954,null,null,null,null,"",1]
["TCA77200020S",null,null,null,"나사 없는 전선관-재사용철거","E25(40%)","M",0,0,0,0,0,0,0,0,0,null,null,null,null,"",1]
["TCA77200020S","노무","L001010101000086",null,"통신내선공","일반공사 직종","인",2.4E-2,0,0,267277,6414.6,0,0,267277,6414.6,null,null,"N","N","",1]
[null,null,null,null,"[합 계]",null,null,0,0,192,0,6414,0,0,0,6606,null,null,null,null,"",1]
[null,null,null,null,null,null,null,0,0,0,0,0,0,0,0,0,null,null,null,null,"",1]
["TCA77300010S",null,null,null,"나사 없는 전선관-철거","E31","M",0,0,0,0,0,0,0,0,0,null,null,null,null,"",1]
["TCA77300010S","노무","L001010101000086",null,"통신내선공","일반공사 직종","인",2.4E-2,0,0,267277,6414.6,0,0,267277,6414.6,null,null,"N","N","",1]
[null,null,null,null,"[합 계]",null,null,0,0,192,0,6414,0,0,0,6606,null,null,null,null,"",1]
[null,null,null,null,null,null,null,0,0,0,0,0,0,0,0,0,null,null,null,null,"",1]
["TCA77300020S","노무","L001010101000086",null,"통신내선공","일반공사 직종","인",3.2000000000000001E-2,0,0,267277,8552.7999999999993,0,0,267277,8552.7999999999993,null,null,"N","N","",1]
["TCA77300020S","손료","RENT000000000003",null,"공구손료","노무비의 3%","식",1,256.5,256.5,0,0,0,0,256.5,256.5,null,null,"N","N",3,1]
[null,null,null,null,null,null,null,0,0,0,0,0,0,0,0,0,null,null,null,null,"",1]
["TCA77400010S",null,null,null,"나사 없는 전선관-철거","E39(30%)","M",0,0,0,0,0,0,0,0,0,null,null,null,null,"",1]
["TCA77400010S","노무","L001010101000086",null,"통신내선공","일반공사 직종","인",0.03,0,0,267277,8018.3,0,0,267277,8018.3,null,null,"N","N","",1]
["TCA77400010S","손료","RENT000000000003",null,"공구손료","노무비의 3%","식",1,240.5,240.5,0,0,0,0,240.5,240.5,null,null,"N","N",3,1]
[null,null,null,null,null,null,null,0,0,0,0,0,0,0,0,0,null,null,null,null,"",1]
["TCA77400020S",null,null,null,"나사 없는 전선관-재사용철거","E39(40%)","M",0,0,0,0,0,0,0,0,0,null,null,null,null,"",1]
["TCA77400020S","손료","RENT000000000003",null,"공구손료","노무비의 3%","식",1,320.7,320.7,0,0,0,0,320.7,320.7,null,null,"N","N",3,1]
[null,null,null,null,"[합 계]",null,null,0,0,320,0,10691,0,0,0,11011,null,null,null,null,"",1]
["TCA77500010S",null,null,null,"나사 없는 전선관-철거","E51","M",0,0,0,0,0,0,0,0,0,null,null,null,null,"",1]
["TCA77500010S","노무","L001010101000086",null,"통신내선공","일반공사 직종","인",3.9E-2,0,0,267277,10423.799999999999,0,0,267277,10423.799999999999,null,null,"N","N","",1]
["TCA77500010S","손료","RENT000000000003",null,"공구손료","노무비의 3%","식",1,312.7,312.7,0,0,0,0,312.7,312.7,null,null,"N","N",3,1]
[null,null,null,null,"[합 계]",null,null,0,0,312,0,10423,0,0,0,10735,null,null,null,null,"",1]
["TCA77500020S",null,null,null,"나사 없는 전선관-재사용철거","E51(40%)","M",0,0,0,0,0,0,0,0,0,null,null,null,null,"",1]
["TCA77500020S","노무","L001010101000086",null,"통신내선공","일반공사 직종","인",5.1999999999999998E-2,0,0,267277,13898.4,0,0,267277,13898.4,null,null,"N","N","",1]
[null,null,null,null,"[합 계]",null,null,0,0,416,0,13898,0,0,0,14314,null,null,null,null,"",1]
[null,null,null,null,null,null,null,0,0,0,0,0,0,0,0,0,null,null,null,null,"",1]
["TCA77600010S","노무","L001010101000086",null,"통신내선공","일반공사 직종","인",5.7000000000000002E-2,0,0,267277,15234.7,0,0,267277,15234.7,null,null,"N","N","",1]
["TCA77600010S","손료","RENT000000000003",null,"공구손료","노무비의 3%","식",1,457,457,0,0,0,0,457,457,null,null,"N","N",3,1]
[null,null,null,null,"[합 계]",null,null,0,0,457,0,15234,0,0,0,15691,null,null,null,null,"",1]
[null,null,null,null,null,null,null,0,0,0,0,0,0,0,0,0,null,null,null,null,"",1]
["TCA77600020S","노무","L001010101000086",null,"통신내선공","일반공사 직종","인",7.5999999999999998E-2,0,0,267277,20313,0,0,267277,20313,null,null,"N","N","",1]
["TCA77600020S","손료","RENT000000000003",null,"공구손료","노무비의 3%","식",1,609.29999999999995,609.29999999999995,0,0,0,0,609.29999999999995,609.29999999999995,null,null,"N","N",3,1]
[null,null,null,null,null,null,null,0,0,0,0,0,0,0,0,0,null,null,null,null,"",1]
["TCA77700010S",null,null,null,"나사 없는 전선관-철거","E75(30%)","M",0,0,0,0,0,0,0,0,0,null,null,null,null,"",1]
["TCA77700010S","손료","RENT000000000003",null,"공구손료","노무비의 3%","식",1,673.5,673.5,0,0,0,0,673.5,673.5,null,null,"N","N",3,1]
[null,null,null,null,"[합 계]",null,null,0,0,673,0,22451,0,0,0,23124,null,null,null,null,"",1]
[null,null,null,null,null,null,null,0,0,0,0,0,0,0,0,0,null,null,null,null,"",1]
["TCA77700020S",null,null,null,"나사 없는 전선관-재사용철거","E75(40%)","M",0,0,0,0,0,0,0,0,0,null,null,null,null,"",1]
["TCA77700020S","손료","RENT000000000003",null,"공구손료","노무비의 3%","식",1,898,898,0,0,0,0,898,898,null,null,"N","N",3,1]
[null,null,null,null,"[합 계]",null,null,0,0,898,0,29935,0,0,0,30833,null,null,null,null,"",1]
["TCB22100010S",null,null,null,"아우트렛박스-콘크리트 매입","중형 4각, 54㎜","개",0,0,0,0,0,0,0,0,0,null,null,null,null,"",1]
["TCB22100010S","자재","3912130810035753",null,"아웃렛박스","아웃렛박스, 중형4각, 54mm","개",1,0,0,0,0,0,0,0,0,null,null,"N","N","",1]
["TCB22100010S","손료","RENT000000000001",null,"공구손료","인력품의 3%","식",1,1443.2,1443.2,0,0,0,0,1443.2,1443.2,null,null,"N","N",3,1]
[null,null,null,null,"[합 계]",null,null,0,0,1443,0,48109,0,0,0,49552,null,null,null,null,"",1]
[null,null,null,null,null,null,null,0,0,0,0,0,0,0,0,0,null,null,null,null,"",1]
["TCB22200010S",null,null,null,"아우트렛박스-콘크리트 매입","8각, 54mm","개",0,0,0,0,0,0,0,0,0,null,null,null,null,"",1]
["TCB22200010S","노무","L001010101000086",null,"통신내선공","일반공사 직종","인",0.18,0,0,267277,48109.8,0,0,267277,48109.8,null,null,"N","N","",1]
["TCB22200010S","손료","RENT000000000001",null,"공구손료","인력품의 3%","식",1,1443.2,1443.2,0,0,0,0,1443.2,1443.2,null,null,"N","N",3,1]
[null,null,null,null,null,null,null,0,0,0,0,0,0,0,0,0,null,null,null,null,"",1]
["TCB22500010S",null,null,null,"스위치박스-콘크리트 매입","1개용, 44mm","개",0,0,0,0,0,0,0,0,0,null,null,null,null,"",1]
["TCB22500010S","자재","3912130610035777",null,"스위치박스","스위치박스, 1개용, 44mm","개",1,508,508,0,0,0,0,508,508,null,null,"N","N","",1]
["TCB22500010S","노무","L001010101000086",null,"통신내선공","일반공사 직종","인",0.18,0,0,267277,48109.8,0,0,267277,48109.8,null,null,"N","N","",1]
[null,null,null,null,"[합 계]",null,null,0,0,1951,0,48109,0,0,0,50060,null,null,null,null,"",1]
[null,null,null,null,null,null,null,0,0,0,0,0,0,0,0,0,null,null,null,null,"",1]
["TCB22500011S","자재","3912130610035778",null,"스위치박스","스위치박스, 1개용, 54mm","개",1,592,592,0,0,0,0,592,592,null,null,"N","N","",1]
["TCB22500011S","노무","L001010101000086",null,"통신내선공","일반공사 직종","인",0.18,0,0,267277,48109.8,0,0,267277,48109.8,null,null,"N","N","",1]
[null,null,null,null,"[합 계]",null,null,0,0,2035,0,48109,0,0,0,50144,null,null,null,null,"",1]
[null,null,null,null,null,null,null,0,0,0,0,0,0,0,0,0,null,null,null,null,"",1]
["TCB22600010S",null,null,null,"스위치박스-콘크리트 매입","2개용, 54mm","개",0,0,0,0,0,0,0,0,0,null,null,null,null,"",1]
["TCB22600010S","자재","3912130610035781",null,"스위치박스","스위치박스, 2개용, 54mm","개",1,824,824,0,0,0,0,824,824,null,null,"N","N","",1]
["TCB22600010S","손료","RENT000000000001",null,"공구손료","인력품의 3%","식",1,1443.2,1443.2,0,0,0,0,1443.2,1443.2,null,null,"N","N",3,1]
[null,null,null,null,"[합 계]",null,null,0,0,2267,0,48109,0,0,0,50376,null,null,null,null,"",1]
["TCC11000020S",null,null,null,"풀박스(천정면-통신)","100*100*50","개",0,0,0,0,0,0,0,0,0,null,null,null,null,"",1]
["TCC11000020S","자재","3912130310035794",null,"풀박스","풀박스, 100×100×50mm","개",1,2284,2284,0,0,0,0,2284,2284,null,null,"N","N","",1]
["TCC11000020S","손료","RENT000000000001",null,"공구손료","인력품의 3%","식",1,320.7,320.7,0,0,0,0,320.7,320.7,null,null,"N","N",3,1]
[null,null,null,null,"[합 계]",null,null,0,0,2604,0,10691,0,0,0,13295,null,null,null,null,"",1]
[null,null,null,null,null,null,null,0,0,0,0,0,0,0,0,0,null,null,null,null,"",1]
["TCC11000021S",null,null,null,"풀박스(천정면-통신)","100*100*75","개",0,0,0,0,0,0,0,0,0,null,null,null,null,"",1]
["TCC11000021S","노무","L001010101000086",null,"통신내선공","일반공사 직종","인",0.04,0,0,267277,10691,0,0,267277,10691,null,null,"N","N","",1]
["TCC11000021S","손료","RENT000000000001",null,"공구손료","인력품의 3%","식",1,320.7,320.7,0,0,0,0,320.7,320.7,null,null,"N","N",3,1]
[null,null,null,null,null,null,null,0,0,0,0,0,0,0,0,0,null,null,null,null,"",1]
["TCC11000022S",null,null,null,"풀박스(천정면-통신)","100*100*100","개",0,0,0,0,0,0,0,0,0,null,null,null,null,"",1]
["TCC11000022S","노무","L001010101000086",null,"통신내선공","일반공사 직종","인",0.04,0,0,267277,10691,0,0,267277,10691,null,null,"N","N","",1]
["TCC11000022S","손료","RENT000000000001",null,"공구손료","인력품의 3%","식",1,320.7,320.7,0,0,0,0,320.7,320.7,null,null,"N","N",3,1]
[null,null,null,null,"[합 계]",null,null,0,0,3181,0,10691,0,0,0,13872,null,null,null,null,"",1]
[null,null,null,null,null,null,null,0,0,0,0,0,0,0,0,0,null,null,null,null,"",1]
["TCC11000030S","자재","3912130310035797",null,"풀박스","풀박스, 150×150×100mm","개",1,2854,2854,0,0,0,0,2854,2854,null,null,"N","N","",1]
["TCC11000030S","노무","L001010101000086",null,"통신내선공","일반공사 직종","인",0.22,0,0,267277,58800.9,0,0,267277,58800.9,null,null,"N","N","",1]
[null,null,null,null,"[합 계]",null,null,0,0,4618,0,58800,0,0,0,63418,null,null,null,null,"",1]
[null,null,null,null,null,null,null,0,0,0,0,0,0,0,0,0,null,null,null,null,"",1]
["TCC11000031S","자재","3912130321871007",null,"풀박스","풀박스, 150×150×150mm","개",1,3492,3492,0,0,0,0,3492,3492,null,null,"N","N","",1]
["TCC11000031S","노무","L001010101000086",null,"통신내선공","일반공사 직종","인",0.22,0,0,267277,58800.9,0,0,267277,58800.9,null,null,"N","N","",1]
["TCC11000031S","손료","RENT000000000001",null,"공구손료","인력품의 3%","식",1,1764,1764,0,0,0,0,1764,1764,null,null,"N","N",3,1]
[null,null,null,null,"[합 계]",null,null,0,0,5256,0,58800,0,0,0,64056,null,null,null,null,"",1]
["TCC11000040S",null,null,null,"풀박스(천정면-통신)","200*200*100","개",0,0,0,0,0,0,0,0,0,null,null,null,null,"",1]
["TCC11000040S","자재","3912130310035799",null,"풀박스","풀박스, 200×200×100mm","개",1,4020,4020,0,0,0,0,4020,4020,null,null,"N","N","",1]
["TCC11000040S","손료","RENT000000000001",null,"공구손료","인력품의 3%","식",1,1764,1764,0,0,0,0,1764,1764,null,null,"N","N",3,1]
[null,null,null,null,"[합 계]",null,null,0,0,5784,0,58800,0,0,0,64584,null,null,null,null,"",1]
["TCC11000041S",null,null,null,"풀박스(천정면-통신)","200*200*150","개",0,0,0,0,0,0,0,0,0,null,null,null,null,"",1]
["TCC11000041S","자재","3912130310035800",null,"풀박스","풀박스, 200×200×150mm","개",1,4758,4758,0,0,0,0,4758,4758,null,null,"N","N","",1]
["TCC11000041S","노무","L001010101000086",null,"통신내선공","일반공사 직종","인",0.22,0,0,267277,58800.9,0,0,267277,58800.9,null,null,"N","N","",1]
["TCC11000041S","손료","RENT000000000001",null,"공구손료","인력품의 3%","식",1,1764,1764,0,0,0,0,1764,1764,null,null,"N","N",3,1]
[null,null,null,null,null,null,null,0,0,0,0,0,0,0,0,0,null,null,null,null,"",1]
["TCC11000042S",null,null,null,"풀박스(천정면-통신)","200*200*200","개",0,0,0,0,0,0,0,0,0,null,null,null,null,"",1]
["TCC11000042S","노무","L001010101000086",null,"통신내선공","일반공사 직종","인",0.22,0,0,267277,58800.9,0,0,267277,58800.9,null,null,"N","N","",1]
["TCC11000042S","손료","RENT000000000001",null,"공구손료","인력품의 3%","식",1,1764,1764,0,0,0,0,1764,1764,null,null,"N","N",3,1]
[null,null,null,null,"[합 계]",null,null,0,0,7798,0,58800,0,0,0,66598,null,null,null,null,"",1]
[null,null,null,null,null,null,null,0,0,0,0,0,0,0,0,0,null,null,null,null,"",1]
["TCC11000050S","자재","3912130310035802",null,"풀박스","풀박스, 250×250×100mm","개",1,6739,6739,0,0,0,0,6739,6739,null,null,"N","N","",1]
["TCC11000050S","노무","L001010101000086",null,"통신내선공","일반공사 직종","인",0.22,0,0,267277,58800.9,0,0,267277,58800.9,null,null,"N","N","",1]
[null,null,null,null,"[합 계]",null,null,0,0,8503,0,58800,0,0,0,67303,null,null,null,null,"",1]
[null,null,null,null,null,null,null,0,0,0,0,0,0,0,0,0,null,null,null,null,"",1]
["TCC11000051S","자재","3912130310035803",null,"풀박스","풀박스, 250×250×150mm","개",1,7672,7672,0,0,0,0,7672,7672,null,null,"N","N","",1]
["TCC11000051S","노무","L001010101000086",null,"통신내선공","일반공사 직종","인",0.22,0,0,267277,58800.9,0,0,267277,58800.9,null,null,"N","N","",1]
["TCC11000051S","손료","RENT000000000001",null,"공구손료","인력품의 3%","식",1,1764,1764,0,0,0,0,1764,1764,null,null,"N","N",3,1]
[null,null,null,null,"[합 계]",null,null,0,0,9436,0,58800,0,0,0,68236,null,null,null,null,"",1]
["TCC11000060S",null,null,null,"풀박스(천정면-통신)","300*300*100","개",0,0,0,0,0,0,0,0,0,null,null,null,null,"",1]
["TCC11000060S","자재","3912130320174765",null,"풀박스","풀박스, 300×300×100mm","개",1,6732,6732,0,0,0,0,6732,6732,null,null,"N","N","",1]
["TCC11000060S","손료","RENT000000000001",null,"공구손료","인력품의 3%","식",1,2405.4,2405.4,0,0,0,0,2405.4,2405.4,null,null,"N","N",3,1]
[null,null,null,null,"[합 계]",null,null,0,0,9137,0,80183,0,0,0,89320,null,null,null,null,"",1]
["TCC11000061S",null,null,null,"풀박스(천정면-통신)","300*300*150","개",0,0,0,0,0,0,0,0,0,null,null,null,null,"",1]
["TCC11000061S","자재","3912130320174766",null,"풀박스","풀박스, 300×300×150mm","개",1,9993,9993,0,0,0,0,9993,9993,null,null,"N","N","",1]
["TCC11000061S","노무","L001010101000086",null,"통신내선공","일반공사 직종","인",0.3,0,0,267277,80183.100000000006,0,0,267277,80183.100000000006,null,null,"N","N","",1]
["TCC11000061S","손료","RENT000000000001",null,"공구손료","인력품의 3%","식",1,2405.4,2405.4,0,0,0,0,2405.4,2405.4,null,null,"N","N",3,1]
[null,null,null,null,null,null,null,0,0,0,0,0,0,0,0,0,null,null,null,null,"",1]
["TCC11000062S",null,null,null,"풀박스(천정면-통신)","300*300*200","개",0,0,0,0,0,0,0,0,0,null,null,null,null,"",1]
["TCC11000062S","노무","L001010101000086",null,"통신내선공","일반공사 직종","인",0.3,0,0,267277,80183.100000000006,0,0,267277,80183.100000000006,null,null,"N","N","",1]
["TCC11000062S","손료","RENT000000000001",null,"공구손료","인력품의 3%","식",1,2405.4,2405.4,0,0,0,0,2405.4,2405.4,null,null,"N","N",3,1]
[null,null,null,null,null,null,null,0,0,0,0,0,0,0,0,0,null,null,null,null,"",1]
["TCC11000063S",null,null,null,"풀박스(천정면-통신)","300*300*300","개",0,0,0,0,0,0,0,0,0,null,null,null,null,"",1]
["TCC11000063S","자재","3912130320174768",null,"풀박스","풀박스, 300×300×300mm","개",1,14364,14364,0,0,0,0,14364,14364,null,null,"N","N","",1]
["TCC11000063S","노무","L001010101000086",null,"통신내선공","일반공사 직종","인",0.3,0,0,267277,80183.100000000006,0,0,267277,80183.100000000006,null,null,"N","N","",1]
[null,null,null,null,"[합 계]",null,null,0,0,16769,0,80183,0,0,0,96952,null,null,null,null,"",1]
[null,null,null,null,null,null,null,0,0,0,0,0,0,0,0,0,null,null,null,null,"",1]
["TCC11000070S","자재","3912130320174770",null,"풀박스","풀박스, 400×400×150mm","개",1,14635,14635,0,0,0,0,14635,14635,null,null,"N","N","",1]
["TCC11000070S","노무","L001010101000086",null,"통신내선공","일반공사 직종","인",0.35,0,0,267277,93546.9,0,0,267277,93546.9,null,null,"N","N","",1]
[null,null,null,null,"[합 계]",null,null,0,0,17441,0,93546,0,0,0,110987,null,null,null,null,"",1]
[null,null,null,null,null,null,null,0,0,0,0,0,0,0,0,0,null,null,null,null,"",1]
["TCC11000071S",null,null,null,"풀박스(천정면-통신)","400*400*200","개",0,0,0,0,0,0,0,0,0,null,null,null,null,"",1]
["TCC11000071S","자재","3912130320174771",null,"풀박스","풀박스, 400×400×200mm","개",1,17041,17041,0,0,0,0,17041,17041,null,null,"N","N","",1]
["TCC11000071S","손료","RENT000000000001",null,"공구손료","인력품의 3%","식",1,2806.4,2806.4,0,0,0,0,2806.4,2806.4,null,null,"N","N",3,1]
[null,null,null,null,"[합 계]",null,null,0,0,19847,0,93546,0,0,0,113393,null,null,null,null,"",1]
["TCC11000072S",null,null,null,"풀박스(천정면-통신)","400*400*300","개",0,0,0,0,0,0,0,0,0,null,null,null,null,"",1]
["TCC11000072S","자재","3912130320174772",null,"풀박스","풀박스, 400×400×300mm","개",1,21019,21019,0,0,0,0,21019,21019,null,null,"N","N","",1]
["TCC11000072S","손료","RENT000000000001",null,"공구손료","인력품의 3%","식",1,2806.4,2806.4,0,0,0,0,2806.4,2806.4,null,null,"N","N",3,1]
[null,null,null,null,"[합 계]",null,null,0,0,23825,0,93546,0,0,0,117371,null,null,null,null,"",1]
[null,null,null,null,null,null,null,0,0,0,0,0,0,0,0,0,null,null,null,null,"",1]
["TCC11000080S",null,null,null,"풀박스(천정면-통신)","500*500*200","개",0,0,0,0,0,0,0,0,0,null,null,null,null,"",1]
["TCC11000080S","노무","L001010101000086",null,"통신내선공","일반공사 직종","인",0.66,0,0,267277,176402.8,0,0,267277,176402.8,null,null,"N","N","",1]
["TCC11000080S","손료","RENT000000000001",null,"공구손료","인력품의 3%","식",1,5292,5292,0,0,0,0,5292,5292,null,null,"N","N",3,1]
[null,null,null,null,null,null,null,0,0,0,0,0,0,0,0,0,null,null,null,null,"",1]
["TCC11000081S",null,null,null,"풀박스(천정면-통신)","500*500*300","개",0,0,0,0,0,0,0,0,0,null,null,null,null,"",1]
["TCC11000081S","노무","L001010101000086",null,"통신내선공","일반공사 직종","인",0.66,0,0,267277,176402.8,0,0,267277,176402.8,null,null,"N","N","",1]
["TCC11000081S","손료","RENT000000000001",null,"공구손료","인력품의 3%","식",1,5292,5292,0,0,0,0,5292,5292,null,null,"N","N",3,1]
[null,null,null,null,"[합 계]",null,null,0,0,39384,0,176402,0,0,0,215786,null,null,null,null,"",1]
[null,null,null,null,null,null,null,0,0,0,0,0,0,0,0,0,null,null,null,null,"",1]
["TCC11000090S","자재","3912130320174775",null,"풀박스","풀박스, 600×600×300mm","개",1,47523,47523,0,0,0,0,47523,47523,null,null,"N","N","",1]
["TCC11000090S","노무","L001010101000086",null,"통신내선공","일반공사 직종","인",0.66,0,0,267277,176402.8,0,0,267277,176402.8,null,null,"N","N","",1]
[null,null,null,null,"[합 계]",null,null,0,0,52815,0,176402,0,0,0,229217,null,null,null,null,"",1]
[null,null,null,null,null,null,null,0,0,0,0,0,0,0,0,0,null,null,null,null,"",1]
["TCC11000091S",null,null,null,"풀박스(천정면-통신)","600*600*400","개",0,0,0,0,0,0,0,0,0,null,null,null,null,"",1]
["TCC11000091S","자재","3912130321871008",null,"풀박스","풀박스, 600×600×400mm","개",1,0,0,0,0,0,0,0,0,null,null,"N","N","",1]
["TCC11000091S","손료","RENT000000000001",null,"공구손료","인력품의 3%","식",1,5292,5292,0,0,0,0,5292,5292,null,null,"N","N",3,1]
[null,null,null,null,"[합 계]",null,null,0,0,5292,0,176402,0,0,0,181694,null,null,null,null,"",1]
["TCF11000010S",null,null,null,"ST L 케이블트레이-Straight(철제)","150*100*t2.3mm","M",0,0,0,0,0,0,0,0,0,null,null,null,null,"",1]
["TCF11000010S","자재","3913170420174046",null,"케이블트레이","케이블트레이, 150×100×t2.3mm, 스트레이트, 스틸","m",1.05,11887,12481.3,0,0,0,0,11887,12481.3,null,null,"N","N","",1]
["TCF11000010S","손료","RENT000000000001",null,"공구손료","인력품의 3%","식",1,1683.8,1683.8,0,0,0,0,1683.8,1683.8,null,null,"N","N",3,1]
[null,null,null,null,"[합 계]",null,null,0,0,14165,0,56128,0,0,0,70293,null,null,null,null,"",1]
[null,null,null,null,null,null,null,0,0,0,0,0,0,0,0,0,null,null,null,null,"",1]
["TCF11000011S",null,null,null,"ST L 케이블트레이-Straight(철제)","200*100*t2.3mm","M",0,0,0,0,0,0,0,0,0,null,null,null,null,"",1]
["TCF11000011S","노무","L001010101000086",null,"통신내선공","일반공사 직종","인",0.21,0,0,267277,56128.1,0,0,267277,56128.1,null,null,"N","N","",1]
["TCF11000011S","손료","RENT000000000001",null,"공구손료","인력품의 3%","식",1,1683.8,1683.8,0,0,0,0,1683.8,1683.8,null,null,"N","N",3,1]
[null,null,null,null,null,null,null,0,0,0,0,0,0,0,0,0,null,null,null,null,"",1]
["TCF11000012S",null,null,null,"ST L 케이블트레이-Straight(철제)","300*100*t2.3mm","M",0,0,0,0,0,0,0,0,0,null,null,null,null,"",1]
["TCF11000012S","노무","L001010101000086",null,"통신내선공","일반공사 직종","인",0.27100000000000002,0,0,267277,72432,0,0,267277,72432,null,null,"N","N","",1]
["TCF11000012S","손료","RENT000000000001",null,"공구손료","인력품의 3%","식",1,2172.9,2172.9,0,0,0,0,2172.9,2172.9,null,null,"N","N",3,1]
[null,null,null,null,"[합 계]",null,null,0,0,15789,0,72432,0,0,0,88221,null,null,null,null,"",1]
[null,null,null,null,null,null,null,0,0,0,0,0,0,0,0,0,null,null,null,null,"",1]
["TCF11000013S","자재","3913170420174049",null,"케이블트레이","케이블트레이, 450×100×t2.3mm, 스트레이트, 스틸","m",1.05,0,0,0,0,0,0,0,0,null,null,"N","N","",1]
["TCF11000013S","노무","L001010101000086",null,"통신내선공","일반공사 직종","인",0.42099999999999999,0,0,267277,112523.6,0,0,267277,112523.6,null,null,"N","N","",1]
[null,null,null,null,"[합 계]",null,null,0,0,3375,0,112523,0,0,0,115898,null,null,null,null,"",1]
[null,null,null,null,null,null,null,0,0,0,0,0,0,0,0,0,null,null,null,null,"",1]
["TCF11000014S","자재","3913170420174050",null,"케이블트레이","케이블트레이, 600×100×t2.3mm, 스트레이트, 스틸","m",1.05,16655,17487.7,0,0,0,0,16655,17487.7,null,null,"N","N","",1]
["TCF11000014S","노무","L001010101000086",null,"통신내선공","일반공사 직종","인",0.52,0,0,267277,138984,0,0,267277,138984,null,null,"N","N","",1]
["TCF11000014S","손료","RENT000000000001",null,"공구손료","인력품의 3%","식",1,4169.5,4169.5,0,0,0,0,4169.5,4169.5,null,null,"N","N",3,1]
[null,null,null,null,"[합 계]",null,null,0,0,21657,0,138984,0,0,0,160641,null,null,null,null,"",1]
["TCF11000016S",null,null,null,"ST L 케이블트레이-Straight(철제)","900*100*t2.3mm","M",0,0,0,0,0,0,0,0,0,null,null,null,null,"",1]
["TCF11000016S","자재","3913170420174052",null,"케이블트레이","케이블트레이, 900×100×t2.3mm, 스트레이트, 스틸","m",1.05,27506,28881.3,0,0,0,0,27506,28881.3,null,null,"N","N","",1]
["TCF11000016S","손료","RENT000000000001",null,"공구손료","인력품의 3%","식",1,5853.3,5853.3,0,0,0,0,5853.3,5853.3,null,null,"N","N",3,1]
[null,null,null,null,"[합 계]",null,null,0,0,34734,0,195112,0,0,0,229846,null,null,null,null,"",1]
["TCF11000020S",null,null,null,"ST L 케이블트레이-Straight(철제)","150*100*t2.6mm","M",0,0,0,0,0,0,0,0,0,null,null,null,null,"",1]
["TCF11000020S","자재","3913170420174053",null,"케이블트레이","케이블트레이, 150×150×t2.6mm, 스트레이트, 스틸","m",1.05,0,0,0,0,0,0,0,0,null,null,"N","N","",1]
["TCF11000020S","노무","L001010101000086",null,"통신내선공","일반공사 직종","인",0.21,0,0,267277,56128.1,0,0,267277,56128.1,null,null,"N","N","",1]
["TCF11000020S","손료","RENT000000000001",null,"공구손료","인력품의 3%","식",1,1683.8,1683.8,0,0,0,0,1683.8,1683.8,null,null,"N","N",3,1]
[null,null,null,null,null,null,null,0,0,0,0,0,0,0,0,0,null,null,null,null,"",1]
["TCF11000021S",null,null,null,"ST L 케이블트레이-Straight(철제)","200*100*t2.6mm","M",0,0,0,0,0,0,0,0,0,null,null,null,null,"",1]
["TCF11000021S","노무","L001010101000086",null,"통신내선공","일반공사 직종","인",0.21,0,0,267277,56128.1,0,0,267277,56128.1,null,null,"N","N","",1]
["TCF11000021S","손료","RENT000000000001",null,"공구손료","인력품의 3%","식",1,1683.8,1683.8,0,0,0,0,1683.8,1683.8,null,null,"N","N",3,1]
[null,null,null,null,null,null,null,0,0,0,0,0,0,0,0,0,null,null,null,null,"",1]
["TCF11000022S",null,null,null,"ST L 케이블트레이-Straight(철제)","300*100*t2.6mm","M",0,0,0,0,0,0,0,0,0,null,null,null,null,"",1]
["TCF11000022S","자재","3913170420174055",null,"케이블트레이","케이블트레이, 300×150×t2.6mm, 스트레이트, 스틸","m",1.05,0,0,0,0,0,0,0,0,null,null,"N","N","",1]
["TCF11000022S","노무","L001010101000086",null,"통신내선공","일반공사 직종","인",0.27100000000000002,0,0,267277,72432,0,0,267277,72432,null,null,"N","N","",1]
[null,null,null,null,"[합 계]",null,null,0,0,2172,0,72432,0,0,0,74604,null,null,null,null,"",1]
[null,null,null,null,null,null,null,0,0,0,0,0,0,0,0,0,null,null,null,null,"",1]
["TCF11000023S","자재","3913170420174056",null,"케이블트레이","케이블트레이, 450×150×t2.6mm, 스트레이트, 스틸","m",1.05,0,0,0,0,0,0,0,0,null,null,"N","N","",1]
["TCF11000023S","노무","L001010101000086",null,"통신내선공","일반공사 직종","인",0.42099999999999999,0,0,267277,112523.6,0,0,267277,112523.6,null,null,"N","N","",1]
["TCF11000023S","손료","RENT000000000001",null,"공구손료","인력품의 3%","식",1,3375.7,3375.7,0,0,0,0,3375.7,3375.7,null,null,"N","N",3,1]
[null,null,null,null,"[합 계]",null,null,0,0,3375,0,112523,0,0,0,115898,null,null,null,null,"",1]
["TCF11000024S",null,null,null,"ST L 케이블트레이-Straight(철제)","600*100*t2.6mm","M",0,0,0,0,0,0,0,0,0,null,null,null,null,"",1]
["TCF11000024S","자재","3913170420174057",null,"케이블트레이","케이블트레이, 600×150×t2.6mm, 스트레이트, 스틸","m",1.05,0,0,0,0,0,0,0,0,null,null,"N","N","",1]
["TCF11000024S","손료","RENT000000000001",null,"공구손료","인력품의 3%","식",1,4169.5,4169.5,0,0,0,0,4169.5,4169.5,null,null,"N","N",3,1]
[null,null,null,null,"[합 계]",null,null,0,0,4169,0,138984,0,0,0,143153,null,null,null,null,"",1]
["TCF11000026S",null,null,null,"ST L 케이블트레이-Straight(철제)","900*100*t2.6mm","M",0,0,0,0,0,0,0,0,0,null,null,null,null,"",1]
["TCF11000026S","자재","3913170420174059",null,"케이블트레이","케이블트레이, 900×150×t2.6mm, 스트레이트, 스틸","m",1.05,0,0,0,0,0,0,0,0,null,null,"N","N","",1]
["TCF11000026S","노무","L001010101000086",null,"통신내선공","일반공사 직종","인",0.73,0,0,267277,195112.2,0,0,267277,195112.2,null,null,"N","N","",1]
["TCF11000026S","손료","RENT000000000001",null,"공구손료","인력품의 3%","식",1,5853.3,5853.3,0,0,0,0,5853.3,5853.3,null,null,"N","N",3,1]
[null,null,null,null,null,null,null,0,0,0,0,0,0,0,0,0,null,null,null,null,"",1]
["TCF21000010S",null,null,null,"AL 케이블트레이","t2.0*150*70mm","M",0,0,0,0,0,0,0,0,0,null,null,null,null,"",1]
["TCF21000010S","노무","L001010101000086",null,"통신내선공","일반공사 직종","인",0.158,0,0,267277,42229.7,0,0,267277,42229.7,null,null,"N","N","",1]
["TCF21000010S","손료","RENT000000000001",null,"공구손료","인력품의 3%","식",1,1266.8,1266.8,0,0,0,0,1266.8,1266.8,null,null,"N","N",3,1]
[null,null,null,null,null,null,null,0,0,0,0,0,0,0,0,0,null,null,null,null,"",1]
["TCF21000011S",null,null,null,"AL 케이블트레이","t2.0*200*70mm","M",0,0,0,0,0,0,0,0,0,null,null,null,null,"",1]
["TCF21000011S","자재","3913170420174037",null,"케이블트레이","케이블트레이, 200×70×t2.0mm, 스트레이트, 알루미늄","m",1.05,11698,12282.9,0,0,0,0,11698,12282.9,null,null,"N","N","",1]
["TCF21000011S","노무","L001010101000086",null,"통신내선공","일반공사 직종","인",0.158,0,0,267277,42229.7,0,0,267277,42229.7,null,null,"N","N","",1]
[null,null,null,null,"[합 계]",null,null,0,0,13549,0,42229,0,0,0,55778,null,null,null,null,"",1]
[null,null,null,null,null,null,null,0,0,0,0,0,0,0,0,0,null,null,null,null,"",1]
["TCF21000012S","자재","3913170420174039",null,"케이블트레이","케이블트레이, 300×70×t2.0mm, 스트레이트, 알루미늄","m",1.05,12642,13274.1,0,0,0,0,12642,13274.1,null,null,"N","N","",1]
["TCF21000012S","노무","L001010101000086",null,"통신내선공","일반공사 직종","인",0.2,0,0,267277,53455.4,0,0,267277,53455.4,null,null,"N","N","",1]
[null,null,null,null,"[합 계]",null,null,0,0,14877,0,53455,0,0,0,68332,null,null,null,null,"",1]
[null,null,null,null,null,null,null,0,0,0,0,0,0,0,0,0,null,null,null,null,"",1]
["TCF21000013S",null,null,null,"AL 케이블트레이","t2.0*600*70mm","M",0,0,0,0,0,0,0,0,0,null,null,null,null,"",1]
["TCF21000013S","자재","3913170420174045",null,"케이블트레이","케이블트레이, 600×70×t2.0mm, 스트레이트, 알루미늄","m",1.05,0,0,0,0,0,0,0,0,null,null,"N","N","",1]
["TCF21000013S","손료","RENT000000000001",null,"공구손료","인력품의 3%","식",1,2918.6,2918.6,0,0,0,0,2918.6,2918.6,null,null,"N","N",3,1]
[null,null,null,null,"[합 계]",null,null,0,0,2918,0,97288,0,0,0,100206,null,null,null,null,"",1]
["TCF21000020S",null,null,null,"AL 케이블트레이","t2.0*400*100mm","M",0,0,0,0,0,0,0,0,0,null,null,null,null,"",1]
["TCF21000020S","자재","3913170420174041",null,"케이블트레이","케이블트레이, 400×100×t2mm, 스트레이트, 알루미늄","m",1.05,0,0,0,0,0,0,0,0,null,null,"N","N","",1]
["TCF21000020S","손료","RENT000000000001",null,"공구손료","인력품의 3%","식",1,1996.5,1996.5,0,0,0,0,1996.5,1996.5,null,null,"N","N",3,1]
[null,null,null,null,"[합 계]",null,null,0,0,1996,0,66551,0,0,0,68547,null,null,null,null,"",1]
[null,null,null,null,null,null,null,0,0,0,0,0,0,0,0,0,null,null,null,null,"",1]
["TCF31000010S",null,null,null,"펀칭형(하이테크)케이블트레이","150*60*1.0t","M",0,0,0,0,0,0,0,0,0,null,null,null,null,"",1]
["TCF31000010S","노무","L001010101000086",null,"통신내선공","일반공사 직종","인",0.252,0,0,267277,67353.8,0,0,267277,67353.8,null,null,"N","N","",1]
["TCF31000010S","손료","RENT000000000001",null,"공구손료","인력품의 3%","식",1,2020.6,2020.6,0,0,0,0,2020.6,2020.6,null,null,"N","N",3,1]
[null,null,null,null,null,null,null,0,0,0,0,0,0,0,0,0,null,null,null,null,"",1]
["TCF31000011S",null,null,null,"펀칭형(하이테크)케이블트레이","200*60*1.0t","M",0,0,0,0,0,0,0,0,0,null,null,null,null,"",1]
["TCF31000011S","노무","L001010101000086",null,"통신내선공","일반공사 직종","인",0.252,0,0,267277,67353.8,0,0,267277,67353.8,null,null,"N","N","",1]
["TCF31000011S","손료","RENT000000000001",null,"공구손료","인력품의 3%","식",1,2020.6,2020.6,0,0,0,0,2020.6,2020.6,null,null,"N","N",3,1]
[null,null,null,null,"[합 계]",null,null,0,0,12147,0,67353,0,0,0,79500,null,null,null,null,"",1]
[null,null,null,null,null,null,null,0,0,0,0,0,0,0,0,0,null,null,null,null,"",1]
["TCF31000012S","자재","3913170420969907",null,"케이블트레이","케이블트레이, Hi-Tec, 분체도장, W300×60H×1.0t","m",1.05,11589,12168.4,0,0,0,0,11589,12168.4,null,null,"N","N","",1]
["TCF31000012S","노무","L001010101000086",null,"통신내선공","일반공사 직종","인",0.32519999999999999,0,0,267277,86918.399999999994,0,0,267277,86918.399999999994,null,null,"N","N","",1]
[null,null,null,null,"[합 계]",null,null,0,0,14775,0,86918,0,0,0,101693,null,null,null,null,"",1]
[null,null,null,null,null,null,null,0,0,0,0,0,0,0,0,0,null,null,null,null,"",1]
["TCF31000020S","자재","3913170420938588",null,"케이블트레이","케이블트레이, Hi-Tec, 분체도장, W150×75H×1.0t","m",1.05,9582,10061.1,0,0,0,0,9582,10061.1,null,null,"N","N","",1]
["TCF31000020S","노무","L001010101000086",null,"통신내선공","일반공사 직종","인",0.252,0,0,267277,67353.8,0,0,267277,67353.8,null,null,"N","N","",1]
["TCF31000020S","손료","RENT000000000001",null,"공구손료","인력품의 3%","식",1,2020.6,2020.6,0,0,0,0,2020.6,2020.6,null,null,"N","N",3,1]
[null,null,null,null,"[합 계]",null,null,0,0,12081,0,67353,0,0,0,79434,null,null,null,null,"",1]
["TCF31000021S",null,null,null,"펀칭형(하이테크)케이블트레이","200*75*1.0t","M",0,0,0,0,0,0,0,0,0,null,null,null,null,"",1]
["TCF31000021S","자재","3913170420938590",null,"케이블트레이","케이블트레이, Hi-Tec, 분체도장, W200×75H×1.0t","m",1.05,10696,11230.8,0,0,0,0,10696,11230.8,null,null,"N","N","",1]
["TCF31000021S","손료","RENT000000000001",null,"공구손료","인력품의 3%","식",1,2020.6,2020.6,0,0,0,0,2020.6,2020.6,null,null,"N","N",3,1]
[null,null,null,null,"[합 계]",null,null,0,0,13251,0,67353,0,0,0,80604,null,null,null,null,"",1]
[null,null,null,null,null,null,null,0,0,0,0,0,0,0,0,0,null,null,null,null,"",1]
["TCF31000022S",null,null,null,"펀칭형(하이테크)케이블트레이","300*75*1.0t","M",0,0,0,0,0,0,0,0,0,null,null,null,null,"",1]
["TCF31000022S","노무","L001010101000086",null,"통신내선공","일반공사 직종","인",0.32519999999999999,0,0,267277,86918.399999999994,0,0,267277,86918.399999999994,null,null,"N","N","",1]
["TCF31000022S","손료","RENT000000000001",null,"공구손료","인력품의 3%","식",1,2607.5,2607.5,0,0,0,0,2607.5,2607.5,null,null,"N","N",3,1]
[null,null,null,null,null,null,null,0,0,0,0,0,0,0,0,0,null,null,null,null,"",1]
["TCF31000030S",null,null,null,"펀칭형(하이테크)케이블트레이","150*100*1.0t","M",0,0,0,0,0,0,0,0,0,null,null,null,null,"",1]
["TCF31000030S","노무","L001010101000086",null,"통신내선공","일반공사 직종","인",0.252,0,0,267277,67353.8,0,0,267277,67353.8,null,null,"N","N","",1]
["TCF31000030S","손료","RENT000000000001",null,"공구손료","인력품의 3%","식",1,2020.6,2020.6,0,0,0,0,2020.6,2020.6,null,null,"N","N",3,1]
[null,null,null,null,"[합 계]",null,null,0,0,12809,0,67353,0,0,0,80162,null,null,null,null,"",1]
[null,null,null,null,null,null,null,0,0,0,0,0,0,0,0,0,null,null,null,null,"",1]
["TCF31000031S","자재","3913170420938598",null,"케이블트레이","케이블트레이, Hi-Tec, 분체도장, W200×100H×1.0t","m",1.05,11872,12465.6,0,0,0,0,11872,12465.6,null,null,"N","N","",1]
["TCF31000031S","노무","L001010101000086",null,"통신내선공","일반공사 직종","인",0.252,0,0,267277,67353.8,0,0,267277,67353.8,null,null,"N","N","",1]
[null,null,null,null,"[합 계]",null,null,0,0,14486,0,67353,0,0,0,81839,null,null,null,null,"",1]
[null,null,null,null,null,null,null,0,0,0,0,0,0,0,0,0,null,null,null,null,"",1]
["TCF31000032S","자재","3913170420938600",null,"케이블트레이","케이블트레이, Hi-Tec, 분체도장, W300×100H×1.0t","m",1.05,13564,14242.2,0,0,0,0,13564,14242.2,null,null,"N","N","",1]
["TCF31000032S","노무","L001010101000086",null,"통신내선공","일반공사 직종","인",0.32519999999999999,0,0,267277,86918.399999999994,0,0,267277,86918.399999999994,null,null,"N","N","",1]
["TCF31000032S","손료","RENT000000000001",null,"공구손료","인력품의 3%","식",1,2607.5,2607.5,0,0,0,0,2607.5,2607.5,null,null,"N","N",3,1]
[null,null,null,null,"[합 계]",null,null,0,0,16849,0,86918,0,0,0,103767,null,null,null,null,"",1]
["TCF31000040S",null,null,null,"펀칭형(하이테크)케이블트레이","200*150*1.0t","M",0,0,0,0,0,0,0,0,0,null,null,null,null,"",1]
["TCF31000040S","자재","3913170420938604",null,"케이블트레이","케이블트레이, Hi-Tec, 분체도장, W200×150H×1.0t","m",1.05,11872,12465.6,0,0,0,0,11872,12465.6,null,null,"N","N","",1]
["TCF31000040S","손료","RENT000000000001",null,"공구손료","인력품의 3%","식",1,2020.6,2020.6,0,0,0,0,2020.6,2020.6,null,null,"N","N",3,1]
[null,null,null,null,"[합 계]",null,null,0,0,14486,0,67353,0,0,0,81839,null,null,null,null,"",1]
["TCF31000041S",null,null,null,"펀칭형(하이테크)케이블트레이","300*150*1.0t","M",0,0,0,0,0,0,0,0,0,null,null,null,null,"",1]
["TCF31000041S","자재","3913170420938606",null,"케이블트레이","케이블트레이, Hi-Tec, 분체도장, W300×150H×1.0t","m",1.05,15350,16117.5,0,0,0,0,15350,16117.5,null,null,"N","N","",1]
["TCF31000041S","노무","L001010101000086",null,"통신내선공","일반공사 직종","인",0.32519999999999999,0,0,267277,86918.399999999994,0,0,267277,86918.399999999994,null,null,"N","N","",1]
["TCF31000041S","손료","RENT000000000001",null,"공구손료","인력품의 3%","식",1,2607.5,2607.5,0,0,0,0,2607.5,2607.5,null,null,"N","N",3,1]
[null,null,null,null,null,null,null,0,0,0,0,0,0,0,0,0,null,null,null,null,"",1]
["TCF31000050S",null,null,null,"펀칭형(하이테크)케이블트레이","150*60*1.2t","M",0,0,0,0,0,0,0,0,0,null,null,null,null,"",1]
["TCF31000050S","노무","L001010101000086",null,"통신내선공","일반공사 직종","인",0.252,0,0,267277,67353.8,0,0,267277,67353.8,null,null,"N","N","",1]
["TCF31000050S","손료","RENT000000000001",null,"공구손료","인력품의 3%","식",1,2020.6,2020.6,0,0,0,0,2020.6,2020.6,null,null,"N","N",3,1]
[null,null,null,null,null,null,null,0,0,0,0,0,0,0,0,0,null,null,null,null,"",1]
["TCF31000051S",null,null,null,"펀칭형(하이테크)케이블트레이","200*60*1.2t","M",0,0,0,0,0,0,0,0,0,null,null,null,null,"",1]
["TCF31000051S","자재","3913170420938583",null,"덕트형케이블트레이","덕트형케이블트레이, 하이테크트레이, 분체, 200×t1.2(60)mm","m",1.05,0,0,0,0,0,0,0,0,null,null,"N","N","",1]
["TCF31000051S","노무","L001010101000086",null,"통신내선공","일반공사 직종","인",0.252,0,0,267277,67353.8,0,0,267277,67353.8,null,null,"N","N","",1]
[null,null,null,null,"[합 계]",null,null,0,0,2020,0,67353,0,0,0,69373,null,null,null,null,"",1]
[null,null,null,null,null,null,null,0,0,0,0,0,0,0,0,0,null,null,null,null,"",1]
["TCF31000052S","자재","3913170420938584",null,"덕트형케이블트레이","덕트형케이블트레이, 하이테크트레이, 분체, 300×t1.2(60)mm","m",1.05,0,0,0,0,0,0,0,0,null,null,"N","N","",1]
["TCF31000052S","노무","L001010101000086",null,"통신내선공","일반공사 직종","인",0.32519999999999999,0,0,267277,86918.399999999994,0,0,267277,86918.399999999994,null,null,"N","N","",1]
[null,null,null,null,"[합 계]",null,null,0,0,2607,0,86918,0,0,0,89525,null,null,null,null,"",1]
[null,null,null,null,null,null,null,0,0,0,0,0,0,0,0,0,null,null,null,null,"",1]
["TCF31000053S",null,null,null,"펀칭형(하이테크)케이블트레이","400*60*1.2t","M",0,0,0,0,0,0,0,0,0,null,null,null,null,"",1]
["TCF31000053S","자재","3913170420938585",null,"케이블트레이","케이블트레이, Hi-Tec, 분체도장, W400×60H×1.2t","m",1.05,16128,16934.400000000001,0,0,0,0,16128,16934.400000000001,null,null,"N","N","",1]
["TCF31000053S","손료","RENT000000000001",null,"공구손료","인력품의 3%","식",1,3415.8,3415.8,0,0,0,0,3415.8,3415.8,null,null,"N","N",3,1]
[null,null,null,null,"[합 계]",null,null,0,0,20350,0,113860,0,0,0,134210,null,null,null,null,"",1]
["TCF31000054S",null,null,null,"펀칭형(하이테크)케이블트레이","500*60*1.2t","M",0,0,0,0,0,0,0,0,0,null,null,null,null,"",1]
["TCF31000054S","자재","3913170420938586",null,"케이블트레이","케이블트레이, Hi-Tec, 분체도장, W500×60H×1.2t","m",1.05,17494,18368.7,0,0,0,0,17494,18368.7,null,null,"N","N","",1]
["TCF31000054S","노무","L001010101000086",null,"통신내선공","일반공사 직종","인",0.50519999999999998,0,0,267277,135028.29999999999,0,0,267277,135028.29999999999,null,null,"N","N","",1]
["TCF31000054S","손료","RENT000000000001",null,"공구손료","인력품의 3%","식",1,4050.8,4050.8,0,0,0,0,4050.8,4050.8,null,null,"N","N",3,1]
[null,null,null,null,null,null,null,0,0,0,0,0,0,0,0,0,null,null,null,null,"",1]
["TCF31000055S",null,null,null,"펀칭형(하이테크)케이블트레이","600*60*1.2t","M",0,0,0,0,0,0,0,0,0,null,null,null,null,"",1]
["TCF31000055S","노무","L001010101000086",null,"통신내선공","일반공사 직종","인",0.624,0,0,267277,166780.79999999999,0,0,267277,166780.79999999999,null,null,"N","N","",1]
["TCF31000055S","손료","RENT000000000001",null,"공구손료","인력품의 3%","식",1,5003.3999999999996,5003.3999999999996,0,0,0,0,5003.3999999999996,5003.3999999999996,null,null,"N","N",3,1]
[null,null,null,null,null,null,null,0,0,0,0,0,0,0,0,0,null,null,null,null,"",1]
["TCF31000060S",null,null,null,"펀칭형(하이테크)케이블트레이","150*75*1.2t","M",0,0,0,0,0,0,0,0,0,null,null,null,null,"",1]
["TCF31000060S","자재","3913170420938589",null,"덕트형케이블트레이","덕트형케이블트레이, 하이테크트레이, 분체, 150×t1.2(75)mm","m",1.05,0,0,0,0,0,0,0,0,null,null,"N","N","",1]
["TCF31000060S","노무","L001010101000086",null,"통신내선공","일반공사 직종","인",0.252,0,0,267277,67353.8,0,0,267277,67353.8,null,null,"N","N","",1]
[null,null,null,null,"[합 계]",null,null,0,0,2020,0,67353,0,0,0,69373,null,null,null,null,"",1]
[null,null,null,null,null,null,null,0,0,0,0,0,0,0,0,0,null,null,null,null,"",1]
["TCF31000061S","자재","3913170420938591",null,"덕트형케이블트레이","덕트형케이블트레이, 하이테크트레이, 분체, 200×t1.2(75)mm","m",1.05,0,0,0,0,0,0,0,0,null,null,"N","N","",1]
["TCF31000061S","노무","L001010101000086",null,"통신내선공","일반공사 직종","인",0.252,0,0,267277,67353.8,0,0,267277,67353.8,null,null,"N","N","",1]
[null,null,null,null,"[합 계]",null,null,0,0,2020,0,67353,0,0,0,69373,null,null,null,null,"",1]
[null,null,null,null,null,null,null,0,0,0,0,0,0,0,0,0,null,null,null,null,"",1]
["TCF31000062S",null,null,null,"펀칭형(하이테크)케이블트레이","300*75*1.2t","M",0,0,0,0,0,0,0,0,0,null,null,null,null,"",1]
["TCF31000062S","자재","3913170420969908",null,"덕트형케이블트레이","덕트형케이블트레이, 300×t1.2(75)mm","m",1.05,0,0,0,0,0,0,0,0,null,null,"N","N","",1]
["TCF31000062S","손료","RENT000000000001",null,"공구손료","인력품의 3%","식",1,2607.5,2607.5,0,0,0,0,2607.5,2607.5,null,null,"N","N",3,1]
[null,null,null,null,"[합 계]",null,null,0,0,2607,0,86918,0,0,0,89525,null,null,null,null,"",1]
["TCF31000063S",null,null,null,"펀칭형(하이테크)케이블트레이","400*75*1.2t","M",0,0,0,0,0,0,0,0,0,null,null,null,null,"",1]
["TCF31000063S","자재","3913170420938593",null,"케이블트레이","케이블트레이, Hi-Tec, 분체도장, W400×75H×1.2t","m",1.05,17210,18070.5,0,0,0,0,17210,18070.5,null,null,"N","N","",1]
["TCF31000063S","손료","RENT000000000001",null,"공구손료","인력품의 3%","식",1,3415.8,3415.8,0,0,0,0,3415.8,3415.8,null,null,"N","N",3,1]
[null,null,null,null,"[합 계]",null,null,0,0,21486,0,113860,0,0,0,135346,null,null,null,null,"",1]
[null,null,null,null,null,null,null,0,0,0,0,0,0,0,0,0,null,null,null,null,"",1]
["TCF31000064S",null,null,null,"펀칭형(하이테크)케이블트레이","500*75*1.2t","M",0,0,0,0,0,0,0,0,0,null,null,null,null,"",1]
["TCF31000064S","노무","L001010101000086",null,"통신내선공","일반공사 직종","인",0.50519999999999998,0,0,267277,135028.29999999999,0,0,267277,135028.29999999999,null,null,"N","N","",1]
["TCF31000064S","손료","RENT000000000001",null,"공구손료","인력품의 3%","식",1,4050.8,4050.8,0,0,0,0,4050.8,4050.8,null,null,"N","N",3,1]
[null,null,null,null,null,null,null,0,0,0,0,0,0,0,0,0,null,null,null,null,"",1]
["TCF31000065S",null,null,null,"펀칭형(하이테크)케이블트레이","600*75*1.2t","M",0,0,0,0,0,0,0,0,0,null,null,null,null,"",1]
["TCF31000065S","노무","L001010101000086",null,"통신내선공","일반공사 직종","인",0.624,0,0,267277,166780.79999999999,0,0,267277,166780.79999999999,null,null,"N","N","",1]
["TCF31000065S","손료","RENT000000000001",null,"공구손료","인력품의 3%","식",1,5003.3999999999996,5003.3999999999996,0,0,0,0,5003.3999999999996,5003.3999999999996,null,null,"N","N",3,1]
[null,null,null,null,"[합 계]",null,null,0,0,29296,0,166780,0,0,0,196076,null,null,null,null,"",1]
[null,null,null,null,null,null,null,0,0,0,0,0,0,0,0,0,null,null,null,null,"",1]
["TCF31000070S","자재","3913170420938597",null,"덕트형케이블트레이","덕트형케이블트레이, 하이테크트레이, 분체, 150×t1.2(100)mm","m",1.05,0,0,0,0,0,0,0,0,null,null,"N","N","",1]
["TCF31000070S","노무","L001010101000086",null,"통신내선공","일반공사 직종","인",0.252,0,0,267277,67353.8,0,0,267277,67353.8,null,null,"N","N","",1]
[null,null,null,null,"[합 계]",null,null,0,0,2020,0,67353,0,0,0,69373,null,null,null,null,"",1]
[null,null,null,null,null,null,null,0,0,0,0,0,0,0,0,0,null,null,null,null,"",1]
["TCF31000071S","자재","3913170420938599",null,"덕트형케이블트레이","덕트형케이블트레이, 하이테크트레이, 분체, 200×t1.2(100)mm","m",1.05,0,0,0,0,0,0,0,0,null,null,"N","N","",1]
["TCF31000071S","노무","L001010101000086",null,"통신내선공","일반공사 직종","인",0.252,0,0,267277,67353.8,0,0,267277,67353.8,null,null,"N","N","",1]
["TCF31000071S","손료","RENT000000000001",null,"공구손료","인력품의 3%","식",1,2020.6,2020.6,0,0,0,0,2020.6,2020.6,null,null,"N","N",3,1]
[null,null,null,null,"[합 계]",null,null,0,0,2020,0,67353,0,0,0,69373,null,null,null,null,"",1]
["TCF31000072S",null,null,null,"펀칭형(하이테크)케이블트레이","300*100*1.2t","M",0,0,0,0,0,0,0,0,0,null,null,null,null,"",1]
["TCF31000072S","자재","3913170420938601",null,"덕트형케이블트레이","덕트형케이블트레이, 하이테크트레이, 분체, 300×t1.2(100)mm","m",1.05,0,0,0,0,0,0,0,0,null,null,"N","N","",1]
["TCF31000072S","손료","RENT000000000001",null,"공구손료","인력품의 3%","식",1,2607.5,2607.5,0,0,0,0,2607.5,2607.5,null,null,"N","N",3,1]
[null,null,null,null,"[합 계]",null,null,0,0,2607,0,86918,0,0,0,89525,null,null,null,null,"",1]
["TCF31000073S",null,null,null,"펀칭형(하이테크)케이블트레이","400*100*1.2t","M",0,0,0,0,0,0,0,0,0,null,null,null,null,"",1]
["TCF31000073S","자재","3913170420969909",null,"케이블트레이","케이블트레이, Hi-Tec, 분체도장, W400×100H×1.2t","m",1.05,18902,19847.099999999999,0,0,0,0,18902,19847.099999999999,null,null,"N","N","",1]
["TCF31000073S","노무","L001010101000086",null,"통신내선공","일반공사 직종","인",0.42599999999999999,0,0,267277,113860,0,0,267277,113860,null,null,"N","N","",1]
["TCF31000073S","손료","RENT000000000001",null,"공구손료","인력품의 3%","식",1,3415.8,3415.8,0,0,0,0,3415.8,3415.8,null,null,"N","N",3,1]
[null,null,null,null,null,null,null,0,0,0,0,0,0,0,0,0,null,null,null,null,"",1]
["TCF31000074S",null,null,null,"펀칭형(하이테크)케이블트레이","500*100*1.2t","M",0,0,0,0,0,0,0,0,0,null,null,null,null,"",1]
["TCF31000074S","노무","L001010101000086",null,"통신내선공","일반공사 직종","인",0.50519999999999998,0,0,267277,135028.29999999999,0,0,267277,135028.29999999999,null,null,"N","N","",1]
["TCF31000074S","손료","RENT000000000001",null,"공구손료","인력품의 3%","식",1,4050.8,4050.8,0,0,0,0,4050.8,4050.8,null,null,"N","N",3,1]
[null,null,null,null,"[합 계]",null,null,0,0,25707,0,135028,0,0,0,160735,null,null,null,null,"",1]
[null,null,null,null,null,null,null,0,0,0,0,0,0,0,0,0,null,null,null,null,"",1]
["TCF31000075S","자재","3913170420938603",null,"케이블트레이","케이블트레이, Hi-Tec, 분체도장, W600×100H×1.2t","m",1.05,24754,25991.7,0,0,0,0,24754,25991.7,null,null,"N","N","",1]
["TCF31000075S","노무","L001010101000086",null,"통신내선공","일반공사 직종","인",0.624,0,0,267277,166780.79999999999,0,0,267277,166780.79999999999,null,null,"N","N","",1]
[null,null,null,null,"[합 계]",null,null,0,0,30995,0,166780,0,0,0,197775,null,null,null,null,"",1]
[null,null,null,null,null,null,null,0,0,0,0,0,0,0,0,0,null,null,null,null,"",1]
["TCF31000080S","자재","3913170420938605",null,"덕트형케이블트레이","덕트형케이블트레이, 하이테크트레이, 분체, 200×t1.2(150)mm","m",1.05,0,0,0,0,0,0,0,0,null,null,"N","N","",1]
["TCF31000080S","노무","L001010101000086",null,"통신내선공","일반공사 직종","인",0.252,0,0,267277,67353.8,0,0,267277,67353.8,null,null,"N","N","",1]
["TCF31000080S","손료","RENT000000000001",null,"공구손료","인력품의 3%","식",1,2020.6,2020.6,0,0,0,0,2020.6,2020.6,null,null,"N","N",3,1]
[null,null,null,null,"[합 계]",null,null,0,0,2020,0,67353,0,0,0,69373,null,null,null,null,"",1]
["TCF31000081S",null,null,null,"펀칭형(하이테크)케이블트레이","300*150*1.2t","M",0,0,0,0,0,0,0,0,0,null,null,null,null,"",1]
["TCF31000081S","자재","3913170420938607",null,"덕트형케이블트레이","덕트형케이블트레이, 하이테크트레이, 분체, 300×t1.2(150)mm","m",1.05,0,0,0,0,0,0,0,0,null,null,"N","N","",1]
["TCF31000081S","손료","RENT000000000001",null,"공구손료","인력품의 3%","식",1,2607.5,2607.5,0,0,0,0,2607.5,2607.5,null,null,"N","N",3,1]
[null,null,null,null,"[합 계]",null,null,0,0,2607,0,86918,0,0,0,89525,null,null,null,null,"",1]
["TCF31000082S",null,null,null,"펀칭형(하이테크)케이블트레이","400*150*1.2t","M",0,0,0,0,0,0,0,0,0,null,null,null,null,"",1]
["TCF31000082S","자재","3913170420938608",null,"케이블트레이","케이블트레이, Hi-Tec, 분체도장, W400×150H×1.2t","m",1.05,20215,21225.7,0,0,0,0,20215,21225.7,null,null,"N","N","",1]
["TCF31000082S","노무","L001010101000086",null,"통신내선공","일반공사 직종","인",0.42599999999999999,0,0,267277,113860,0,0,267277,113860,null,null,"N","N","",1]
["TCF31000082S","손료","RENT000000000001",null,"공구손료","인력품의 3%","식",1,3415.8,3415.8,0,0,0,0,3415.8,3415.8,null,null,"N","N",3,1]
[null,null,null,null,null,null,null,0,0,0,0,0,0,0,0,0,null,null,null,null,"",1]
["TCF31000083S",null,null,null,"펀칭형(하이테크)케이블트레이","500*150*1.2t","M",0,0,0,0,0,0,0,0,0,null,null,null,null,"",1]
["TCF31000083S","노무","L001010101000086",null,"통신내선공","일반공사 직종","인",0.50519999999999998,0,0,267277,135028.29999999999,0,0,267277,135028.29999999999,null,null,"N","N","",1]
["TCF31000083S","손료","RENT000000000001",null,"공구손료","인력품의 3%","식",1,4050.8,4050.8,0,0,0,0,4050.8,4050.8,null,null,"N","N",3,1]
[null,null,null,null,null,null,null,0,0,0,0,0,0,0,0,0,null,null,null,null,"",1]
["TCF31000084S",null,null,null,"펀칭형(하이테크)케이블트레이","600*150*1.2t","M",0,0,0,0,0,0,0,0,0,null,null,null,null,"",1]
["TCF31000084S","자재","3913170420938610",null,"케이블트레이","케이블트레이, Hi-Tec, 분체도장, W600×150H×1.2t","m",1.05,29093,30547.599999999999,0,0,0,0,29093,30547.599999999999,null,null,"N","N","",1]
["TCF31000084S","노무","L001010101000086",null,"통신내선공","일반공사 직종","인",0.624,0,0,267277,166780.79999999999,0,0,267277,166780.79999999999,null,null,"N","N","",1]
[null,null,null,null,"[합 계]",null,null,0,0,35551,0,166780,0,0,0,202331,null,null,null,null,"",1]
[null,null,null,null,null,null,null,0,0,0,0,0,0,0,0,0,null,null,null,null,"",1]
["TDA15100010S","자재","2612163720177107",null,"LAP외피광케이블","LAP외피광케이블, 광케이블, SM 9/125, 2C","m",1,0,0,0,0,0,0,0,0,null,null,"N","N","",1]
["TDA15100010S","자재","2612163720177107",null,"LAP외피광케이블","LAP외피광케이블, 광케이블, SM 9/125, 2C","m",0.03,0,0,0,0,0,0,0,0,null,null,"N","N","",1]
["TDA15100010S","노무","L001010101000003",null,"특별인부","일반공사 직종","인",4.5999999999999999E-3,0,0,214222,985.4,0,0,214222,985.4,null,null,"N","N","",1]
["TDA15100010S","노무","L001010201000092",null,"광케이블설치사","광전자 직종","인",9.1999999999999998E-3,0,0,444142,4086.1,0,0,444142,4086.1,null,null,"N","N","",1]
["TDA15100010S","손료","RENT000000000002",null,"공구손료","인력품의 3%","식",1,152.1,152.1,0,0,0,0,152.1,152.1,null,null,"N","N",3,1]
[null,null,null,null,"[합 계]",null,null,0,0,152,0,5071,0,0,0,5223,null,null,null,null,"",1]
["TDA15100011S",null,null,null,"LAP외피광케이블(구내)","SM 9/125, 3C","M",0,0,0,0,0,0,0,0,0,null,null,null,null,"",1]
["TDA15100011S","자재","2612163720177108",null,"LAP외피광케이블","LAP외피광케이블, 광케이블, SM 9/125, 3C","m",1,0,0,0,0,0,0,0,0,null,null,"N","N","",1]
["TDA15100011S","손료","RENT000000000001",null,"잡재료비","배관배선의 2%","식",1,0,0,0,0,0,0,0,0,null,null,"N","N",2,1]
["TDA15100011S","노무","L001010101000003",null,"특별인부","일반공사 직종","인",4.5999999999999999E-3,0,0,214222,985.4,0,0,214222,985.4,null,null,"N","N","",1]
["TDA15100011S","손료","RENT000000000002",null,"공구손료","인력품의 3%","식",1,152.1,152.1,0,0,0,0,152.1,152.1,null,null,"N","N",3,1]
[null,null,null,null,"[합 계]",null,null,0,0,152,0,5071,0,0,0,5223,null,null,null,null,"",1]
[null,null,null,null,null,null,null,0,0,0,0,0,0,0,0,0,null,null,null,null,"",1]
["TDA15200010S",null,null,null,"LAP외피광케이블(구내)","SM 9/125, 4C","M",0,0,0,0,0,0,0,0,0,null,null,null,null,"",1]
["TDA15200010S","자재","2612163720177109",null,"LAP외피광케이블","LAP외피광케이블, 광케이블, SM 9/125, 4C","m",0.03,782,23.4,0,0,0,0,782,23.4,null,null,"N","N","",1]
["TDA15200010S","손료","RENT000000000001",null,"잡재료비","배관배선의 2%","식",1,15.6,15.6,0,0,0,0,15.6,15.6,null,null,"N","N",2,1]
["TDA15200010S","노무","L001010201000092",null,"광케이블설치사","광전자 직종","인",9.1999999999999998E-3,0,0,444142,4086.1,0,0,444142,4086.1,null,null,"N","N","",1]
["TDA15200010S","손료","RENT000000000002",null,"공구손료","인력품의 3%","식",1,152.1,152.1,0,0,0,0,152.1,152.1,null,null,"N","N",3,1]
[null,null,null,null,"[합 계]",null,null,0,0,973,0,5071,0,0,0,6044,null,null,null,null,"",1]
[null,null,null,null,null,null,null,0,0,0,0,0,0,0,0,0,null,null,null,null,"",1]
["TDA15200011S","자재","2612163720177110",null,"LAP외피광케이블","LAP외피광케이블, 광케이블, SM 9/125, 5C","m",1,0,0,0,0,0,0,0,0,null,null,"N","N","",1]
["TDA15200011S","자재","2612163720177110",null,"LAP외피광케이블","LAP외피광케이블, 광케이블, SM 9/125, 5C","m",0.03,0,0,0,0,0,0,0,0,null,null,"N","N","",1]
["TDA15200011S","노무","L001010101000003",null,"특별인부","일반공사 직종","인",4.5999999999999999E-3,0,0,214222,985.4,0,0,214222,985.4,null,null,"N","N","",1]
["TDA15200011S","노무","L001010201000092",null,"광케이블설치사","광전자 직종","인",9.1999999999999998E-3,0,0,444142,4086.1,0,0,444142,4086.1,null,null,"N","N","",1]
[null,null,null,null,"[합 계]",null,null,0,0,152,0,5071,0,0,0,5223,null,null,null,null,"",1]
[null,null,null,null,null,null,null,0,0,0,0,0,0,0,0,0,null,null,null,null,"",1]
["TDA15200012S",null,null,null,"LAP외피광케이블(구내)","SM 9/125, 6C","M",0,0,0,0,0,0,0,0,0,null,null,null,null,"",1]
["TDA15200012S","자재","2612163720177111",null,"LAP외피광케이블","LAP외피광케이블, 광케이블, SM 9/125, 6C","m",1,0,0,0,0,0,0,0,0,null,null,"N","N","",1]
["TDA15200012S","손료","RENT000000000001",null,"잡재료비","배관배선의 2%","식",1,0,0,0,0,0,0,0,0,null,null,"N","N",2,1]
["TDA15200012S","노무","L001010101000003",null,"특별인부","일반공사 직종","인",4.5999999999999999E-3,0,0,214222,985.4,0,0,214222,985.4,null,null,"N","N","",1]
["TDA15200012S","손료","RENT000000000002",null,"공구손료","인력품의 3%","식",1,152.1,152.1,0,0,0,0,152.1,152.1,null,null,"N","N",3,1]
[null,null,null,null,"[합 계]",null,null,0,0,152,0,5071,0,0,0,5223,null,null,null,null,"",1]
["TDA15200013S",null,null,null,"LAP외피광케이블(구내)","SM 9/125, 7C","M",0,0,0,0,0,0,0,0,0,null,null,null,null,"",1]
["TDA15200013S","자재","2612163720177112",null,"LAP외피광케이블","LAP외피광케이블, 광케이블, SM 9/125, 7C","m",1,0,0,0,0,0,0,0,0,null,null,"N","N","",1]
["TDA15200013S","자재","2612163720177112",null,"LAP외피광케이블","LAP외피광케이블, 광케이블, SM 9/125, 7C","m",0.03,0,0,0,0,0,0,0,0,null,null,"N","N","",1]
["TDA15200013S","손료","RENT000000000001",null,"잡재료비","배관배선의 2%","식",1,0,0,0,0,0,0,0,0,null,null,"N","N",2,1]
["TDA15200013S","노무","L001010201000092",null,"광케이블설치사","광전자 직종","인",9.1999999999999998E-3,0,0,444142,4086.1,0,0,444142,4086.1,null,null,"N","N","",1]
["TDA15200013S","손료","RENT000000000002",null,"공구손료","인력품의 3%","식",1,152.1,152.1,0,0,0,0,152.1,152.1,null,null,"N","N",3,1]
[null,null,null,null,null,null,null,0,0,0,0,0,0,0,0,0,null,null,null,null,"",1]
["TDA15300010S",null,null,null,"LAP외피광케이블(구내)","SM 9/125, 8C","M",0,0,0,0,0,0,0,0,0,null,null,null,null,"",1]
["TDA15300010S","자재","2612163720177113",null,"LAP외피광케이블","LAP외피광케이블, 광케이블, SM 9/125, 8C","m",0.03,852,25.5,0,0,0,0,852,25.5,null,null,"N","N","",1]
["TDA15300010S","손료","RENT000000000001",null,"잡재료비","배관배선의 2%","식",1,17,17,0,0,0,0,17,17,null,null,"N","N",2,1]
["TDA15300010S","노무","L001010101000003",null,"특별인부","일반공사 직종","인",4.5999999999999999E-3,0,0,214222,985.4,0,0,214222,985.4,null,null,"N","N","",1]
["TDA15300010S","노무","L001010201000092",null,"광케이블설치사","광전자 직종","인",9.1999999999999998E-3,0,0,444142,4086.1,0,0,444142,4086.1,null,null,"N","N","",1]
[null,null,null,null,"[합 계]",null,null,0,0,1046,0,5071,0,0,0,6117,null,null,null,null,"",1]
[null,null,null,null,null,null,null,0,0,0,0,0,0,0,0,0,null,null,null,null,"",1]
["TDA15300011S","자재","2612163720177114",null,"LAP외피광케이블","LAP외피광케이블, 광케이블, SM 9/125, 9C","m",1,0,0,0,0,0,0,0,0,null,null,"N","N","",1]
["TDA15300011S","자재","2612163720177114",null,"LAP외피광케이블","LAP외피광케이블, 광케이블, SM 9/125, 9C","m",0.03,0,0,0,0,0,0,0,0,null,null,"N","N","",1]
["TDA15300011S","노무","L001010101000003",null,"특별인부","일반공사 직종","인",4.5999999999999999E-3,0,0,214222,985.4,0,0,214222,985.4,null,null,"N","N","",1]
["TDA15300011S","노무","L001010201000092",null,"광케이블설치사","광전자 직종","인",9.1999999999999998E-3,0,0,444142,4086.1,0,0,444142,4086.1,null,null,"N","N","",1]
["TDA15300011S","손료","RENT000000000002",null,"공구손료","인력품의 3%","식",1,152.1,152.1,0,0,0,0,152.1,152.1,null,null,"N","N",3,1]
[null,null,null,null,"[합 계]",null,null,0,0,152,0,5071,0,0,0,5223,null,null,null,null,"",1]
["TDA15300012S",null,null,null,"LAP외피광케이블(구내)","SM 9/125, 10C","M",0,0,0,0,0,0,0,0,0,null,null,null,null,"",1]
["TDA15300012S","자재","2612163720177115",null,"LAP외피광케이블","LAP외피광케이블, 광케이블, SM 9/125, 10C","m",1,0,0,0,0,0,0,0,0,null,null,"N","N","",1]
["TDA15300012S","손료","RENT000000000001",null,"잡재료비","배관배선의 2%","식",1,0,0,0,0,0,0,0,0,null,null,"N","N",2,1]
["TDA15300012S","노무","L001010101000003",null,"특별인부","일반공사 직종","인",4.5999999999999999E-3,0,0,214222,985.4,0,0,214222,985.4,null,null,"N","N","",1]
["TDA15300012S","손료","RENT000000000002",null,"공구손료","인력품의 3%","식",1,152.1,152.1,0,0,0,0,152.1,152.1,null,null,"N","N",3,1]
[null,null,null,null,"[합 계]",null,null,0,0,152,0,5071,0,0,0,5223,null,null,null,null,"",1]
[null,null,null,null,null,null,null,0,0,0,0,0,0,0,0,0,null,null,null,null,"",1]
["TDA15300013S",null,null,null,"LAP외피광케이블(구내)","SM 9/125, 11C","M",0,0,0,0,0,0,0,0,0,null,null,null,null,"",1]
["TDA15300013S","자재","2612163720177116",null,"LAP외피광케이블","LAP외피광케이블, 광케이블, SM 9/125, 11C","m",0.03,0,0,0,0,0,0,0,0,null,null,"N","N","",1]
["TDA15300013S","손료","RENT000000000001",null,"잡재료비","배관배선의 2%","식",1,0,0,0,0,0,0,0,0,null,null,"N","N",2,1]
["TDA15300013S","노무","L001010201000092",null,"광케이블설치사","광전자 직종","인",9.1999999999999998E-3,0,0,444142,4086.1,0,0,444142,4086.1,null,null,"N","N","",1]
["TDA15300013S","손료","RENT000000000002",null,"공구손료","인력품의 3%","식",1,152.1,152.1,0,0,0,0,152.1,152.1,null,null,"N","N",3,1]
[null,null,null,null,null,null,null,0,0,0,0,0,0,0,0,0,null,null,null,null,"",1]
["TDA15400010S",null,null,null,"LAP외피광케이블(구내)","SM 9/125, 12C","M",0,0,0,0,0,0,0,0,0,null,null,null,null,"",1]
["TDA15400010S","자재","2612163720177117",null,"LAP외피광케이블","LAP외피광케이블, 광케이블, SM 9/125, 12C","m",1,972,972,0,0,0,0,972,972,null,null,"N","N","",1]
["TDA15400010S","자재","2612163720177117",null,"LAP외피광케이블","LAP외피광케이블, 광케이블, SM 9/125, 12C","m",0.03,972,29.1,0,0,0,0,972,29.1,null,null,"N","N","",1]
["TDA15400010S","노무","L001010101000003",null,"특별인부","일반공사 직종","인",4.5999999999999999E-3,0,0,214222,985.4,0,0,214222,985.4,null,null,"N","N","",1]
["TDA15400010S","노무","L001010201000092",null,"광케이블설치사","광전자 직종","인",9.1999999999999998E-3,0,0,444142,4086.1,0,0,444142,4086.1,null,null,"N","N","",1]
[null,null,null,null,"[합 계]",null,null,0,0,1172,0,5071,0,0,0,6243,null,null,null,null,"",1]
[null,null,null,null,null,null,null,0,0,0,0,0,0,0,0,0,null,null,null,null,"",1]
["TDA15400011S",null,null,null,"LAP외피광케이블(구내)","SM 9/125, 13C","M",0,0,0,0,0,0,0,0,0,null,null,null,null,"",1]
["TDA15400011S","자재","2612163720177118",null,"LAP외피광케이블","LAP외피광케이블, 광케이블, SM 9/125, 13C","m",1,0,0,0,0,0,0,0,0,null,null,"N","N","",1]
["TDA15400011S","손료","RENT000000000001",null,"잡재료비","배관배선의 2%","식",1,0,0,0,0,0,0,0,0,null,null,"N","N",2,1]
["TDA15400011S","노무","L001010101000003",null,"특별인부","일반공사 직종","인",6.7000000000000002E-3,0,0,214222,1435.2,0,0,214222,1435.2,null,null,"N","N","",1]
["TDA15400011S","손료","RENT000000000002",null,"공구손료","인력품의 3%","식",1,218.9,218.9,0,0,0,0,218.9,218.9,null,null,"N","N",3,1]
[null,null,null,null,"[합 계]",null,null,0,0,218,0,7297,0,0,0,7515,null,null,null,null,"",1]
["TDA15400012S",null,null,null,"LAP외피광케이블(구내)","SM 9/125, 14C","M",0,0,0,0,0,0,0,0,0,null,null,null,null,"",1]
["TDA15400012S","자재","2612163720177119",null,"LAP외피광케이블","LAP외피광케이블, 광케이블, SM 9/125, 14C","m",1,0,0,0,0,0,0,0,0,null,null,"N","N","",1]
["TDA15400012S","자재","2612163720177119",null,"LAP외피광케이블","LAP외피광케이블, 광케이블, SM 9/125, 14C","m",0.03,0,0,0,0,0,0,0,0,null,null,"N","N","",1]
["TDA15400012S","손료","RENT000000000001",null,"잡재료비","배관배선의 2%","식",1,0,0,0,0,0,0,0,0,null,null,"N","N",2,1]
["TDA15400012S","노무","L001010201000092",null,"광케이블설치사","광전자 직종","인",1.32E-2,0,0,444142,5862.6,0,0,444142,5862.6,null,null,"N","N","",1]
["TDA15400012S","손료","RENT000000000002",null,"공구손료","인력품의 3%","식",1,218.9,218.9,0,0,0,0,218.9,218.9,null,null,"N","N",3,1]
[null,null,null,null,null,null,null,0,0,0,0,0,0,0,0,0,null,null,null,null,"",1]
["TDA15400013S",null,null,null,"LAP외피광케이블(구내)","SM 9/125, 15C","M",0,0,0,0,0,0,0,0,0,null,null,null,null,"",1]
["TDA15400013S","자재","2612163720177120",null,"LAP외피광케이블","LAP외피광케이블, 광케이블, SM 9/125, 15C","m",0.03,0,0,0,0,0,0,0,0,null,null,"N","N","",1]
["TDA15400013S","손료","RENT000000000001",null,"잡재료비","배관배선의 2%","식",1,0,0,0,0,0,0,0,0,null,null,"N","N",2,1]
["TDA15400013S","노무","L001010101000003",null,"특별인부","일반공사 직종","인",6.7000000000000002E-3,0,0,214222,1435.2,0,0,214222,1435.2,null,null,"N","N","",1]
["TDA15400013S","노무","L001010201000092",null,"광케이블설치사","광전자 직종","인",1.32E-2,0,0,444142,5862.6,0,0,444142,5862.6,null,null,"N","N","",1]
[null,null,null,null,"[합 계]",null,null,0,0,218,0,7297,0,0,0,7515,null,null,null,null,"",1]
[null,null,null,null,null,null,null,0,0,0,0,0,0,0,0,0,null,null,null,null,"",1]
["TDA15400014S","자재","2612163720177121",null,"LAP외피광케이블","LAP외피광케이블, 광케이블, SM 9/125, 16C","m",1,0,0,0,0,0,0,0,0,null,null,"N","N","",1]
["TDA15400014S","자재","2612163720177121",null,"LAP외피광케이블","LAP외피광케이블, 광케이블, SM 9/125, 16C","m",0.03,0,0,0,0,0,0,0,0,null,null,"N","N","",1]
["TDA15400014S","노무","L001010101000003",null,"특별인부","일반공사 직종","인",6.7000000000000002E-3,0,0,214222,1435.2,0,0,214222,1435.2,null,null,"N","N","",1]
["TDA15400014S","노무","L001010201000092",null,"광케이블설치사","광전자 직종","인",1.32E-2,0,0,444142,5862.6,0,0,444142,5862.6,null,null,"N","N","",1]
["TDA15400014S","손료","RENT000000000002",null,"공구손료","인력품의 3%","식",1,218.9,218.9,0,0,0,0,218.9,218.9,null,null,"N","N",3,1]
[null,null,null,null,"[합 계]",null,null,0,0,218,0,7297,0,0,0,7515,null,null,null,null,"",1]
["TDE11200010S",null,null,null,"UTP케이블(구내)","난연성 10Mbps, 4P","M",0,0,0,0,0,0,0,0,0,null,null,null,null,"",1]
["TDE11200010S","자재","2612160910041276",null,"UTP케이블","UTP케이블, 난연성10MBps, 4P","m",1,0,0,0,0,0,0,0,0,null,null,"N","N","",1]
["TDE11200010S","손료","RENT000000000001",null,"잡재료비","배관배선의 2%","식",1,0,0,0,0,0,0,0,0,null,null,"N","N",2,1]
["TDE11200010S","노무","L001010101000089",null,"통신케이블공","일반공사 직종","인",1.4999999999999999E-2,0,0,414944,6224.1,0,0,414944,6224.1,null,null,"N","N","",1]
[null,null,null,null,"[합 계]",null,null,0,0,186,0,6224,0,0,0,6410,null,null,null,null,"",1]
[null,null,null,null,null,null,null,0,0,0,0,0,0,0,0,0,null,null,null,null,"",1]
["TDE11400010S",null,null,null,"UTP케이블(구내)","난연성 10Mbps, 25P","M",0,0,0,0,0,0,0,0,0,null,null,null,null,"",1]
["TDE11400010S","자재","2612160910041277",null,"UTP케이블","UTP케이블, 난연성10MBps, 25P","m",1,0,0,0,0,0,0,0,0,null,null,"N","N","",1]
["TDE11400010S","손료","RENT000000000001",null,"잡재료비","배관배선의 2%","식",1,0,0,0,0,0,0,0,0,null,null,"N","N",2,1]
["TDE11400010S","노무","L001010101000089",null,"통신케이블공","일반공사 직종","인",2.4E-2,0,0,414944,9958.6,0,0,414944,9958.6,null,null,"N","N","",1]
[null,null,null,null,"[합 계]",null,null,0,0,298,0,9958,0,0,0,10256,null,null,null,null,"",1]
[null,null,null,null,null,null,null,0,0,0,0,0,0,0,0,0,null,null,null,null,"",1]
["TDE11500010S","자재","2612160910041278",null,"UTP케이블","UTP케이블, 난연성10MBps, 50P","m",1,0,0,0,0,0,0,0,0,null,null,"N","N","",1]
["TDE11500010S","자재","2612160910041278",null,"UTP케이블","UTP케이블, 난연성10MBps, 50P","m",7.4999999999999997E-2,0,0,0,0,0,0,0,0,null,null,"N","N","",1]
["TDE11500010S","손료","RENT000000000001",null,"잡재료비","배관배선의 2%","식",1,0,0,0,0,0,0,0,0,null,null,"N","N",2,1]
["TDE11500010S","노무","L001010101000089",null,"통신케이블공","일반공사 직종","인",3.5000000000000003E-2,0,0,414944,14523,0,0,414944,14523,null,null,"N","N","",1]
[null,null,null,null,"[합 계]",null,null,0,0,435,0,14523,0,0,0,14958,null,null,null,null,"",1]
[null,null,null,null,null,null,null,0,0,0,0,0,0,0,0,0,null,null,null,null,"",1]
["TDE11600010S","자재","2612160910041279",null,"UTP케이블","UTP케이블, 난연성10MBps, 75P","m",1,0,0,0,0,0,0,0,0,null,null,"N","N","",1]
["TDE11600010S","자재","2612160910041279",null,"UTP케이블","UTP케이블, 난연성10MBps, 75P","m",7.4999999999999997E-2,0,0,0,0,0,0,0,0,null,null,"N","N","",1]
["TDE11600010S","손료","RENT000000000001",null,"잡재료비","배관배선의 2%","식",1,0,0,0,0,0,0,0,0,null,null,"N","N",2,1]
["TDE11600010S","노무","L001010101000089",null,"통신케이블공","일반공사 직종","인",0.05,0,0,414944,20747.2,0,0,414944,20747.2,null,null,"N","N","",1]
[null,null,null,null,"[합 계]",null,null,0,0,622,0,20747,0,0,0,21369,null,null,null,null,"",1]
[null,null,null,null,null,null,null,0,0,0,0,0,0,0,0,0,null,null,null,null,"",1]
["TDE11700010S","자재","2612160910041280",null,"UTP케이블","UTP케이블, 난연성10MBps, 100P","m",1,0,0,0,0,0,0,0,0,null,null,"N","N","",1]
["TDE11700010S","자재","2612160910041280",null,"UTP케이블","UTP케이블, 난연성10MBps, 100P","m",7.4999999999999997E-2,0,0,0,0,0,0,0,0,null,null,"N","N","",1]
["TDE11700010S","노무","L001010101000089",null,"통신케이블공","일반공사 직종","인",0.05,0,0,414944,20747.2,0,0,414944,20747.2,null,null,"N","N","",1]
["TDE11700010S","손료","RENT000000000002",null,"공구손료","인력품의 3%","식",1,622.4,622.4,0,0,0,0,622.4,622.4,null,null,"N","N",3,1]
[null,null,null,null,"[합 계]",null,null,0,0,622,0,20747,0,0,0,21369,null,null,null,null,"",1]
[null,null,null,null,null,null,null,0,0,0,0,0,0,0,0,0,null,null,null,null,"",1]
["TDE11A00010S","자재","2612160910041281",null,"UTP케이블","UTP케이블, 난연성10MBps, 200P","m",1,0,0,0,0,0,0,0,0,null,null,"N","N","",1]
["TDE11A00010S","자재","2612160910041281",null,"UTP케이블","UTP케이블, 난연성10MBps, 200P","m",7.4999999999999997E-2,0,0,0,0,0,0,0,0,null,null,"N","N","",1]
["TDE11A00010S","노무","L001010101000089",null,"통신케이블공","일반공사 직종","인",0.09,0,0,414944,37344.9,0,0,414944,37344.9,null,null,"N","N","",1]
["TDE11A00010S","손료","RENT000000000002",null,"공구손료","인력품의 3%","식",1,1120.3,1120.3,0,0,0,0,1120.3,1120.3,null,null,"N","N",3,1]
[null,null,null,null,null,null,null,0,0,0,0,0,0,0,0,0,null,null,null,null,"",1]
["TDI51200010S",null,null,null,"0.6/1kv 트레이용 절연난연 제어케이블(F-CVV)","2C*1.5㎟","M",0,0,0,0,0,0,0,0,0,null,null,null,null,"",1]
["TDI51200010S","자재","2612160320684224",null,"제어케이블","제어케이블, 0.6/1kV, TFR-CVV, 2C×1.5㎟","m",1,1206,1206,0,0,0,0,1206,1206,null,null,"N","N","",1]
["TDI51200010S","자재","2612160320684224",null,"제어케이블","제어케이블, 0.6/1kV, TFR-CVV, 2C×1.5㎟","m",7.4999999999999997E-2,1206,90.4,0,0,0,0,1206,90.4,null,null,"N","N","",1]
["TDI51200010S","노무","L001010101000089",null,"통신케이블공","일반공사 직종","인",1.2E-2,0,0,414944,4979.3,0,0,414944,4979.3,null,null,"N","N","",1]
["TDI51200010S","손료","RENT000000000002",null,"공구손료","인력품의 3%","식",1,149.30000000000001,149.30000000000001,0,0,0,0,149.30000000000001,149.30000000000001,null,null,"N","N",3,1]
[null,null,null,null,null,null,null,0,0,0,0,0,0,0,0,0,null,null,null,null,"",1]
["TDI51300010S",null,null,null,"0.6/1kv 트레이용 절연난연 제어케이블(F-CVV)","3C*1.5㎟","M",0,0,0,0,0,0,0,0,0,null,null,null,null,"",1]
["TDI51300010S","자재","2612160320684228",null,"제어케이블","제어케이블, 0.6/1kV, TFR-CVV, 3C×1.5㎟","m",7.4999999999999997E-2,1263,94.7,0,0,0,0,1263,94.7,null,null,"N","N","",1]
["TDI51300010S","손료","RENT000000000001",null,"잡재료비","배관배선의 2%","식",1,25.2,25.2,0,0,0,0,25.2,25.2,null,null,"N","N",2,1]
["TDI51300010S","노무","L001010101000089",null,"통신케이블공","일반공사 직종","인",1.7000000000000001E-2,0,0,414944,7054,0,0,414944,7054,null,null,"N","N","",1]
["TDI51300010S","손료","RENT000000000002",null,"공구손료","인력품의 3%","식",1,211.6,211.6,0,0,0,0,211.6,211.6,null,null,"N","N",3,1]
[null,null,null,null,null,null,null,0,0,0,0,0,0,0,0,0,null,null,null,null,"",1]
["TDI51400010S",null,null,null,"0.6/1kv 트레이용 절연난연 제어케이블(F-CVV)","4C*1.5㎟","M",0,0,0,0,0,0,0,0,0,null,null,null,null,"",1]
["TDI51400010S","자재","2612160320684234",null,"제어케이블","제어케이블, 0.6/1kV, TFR-CVV, 4C×1.5㎟","m",7.4999999999999997E-2,1495,112.1,0,0,0,0,1495,112.1,null,null,"N","N","",1]
["TDI51400010S","손료","RENT000000000001",null,"잡재료비","배관배선의 2%","식",1,29.9,29.9,0,0,0,0,29.9,29.9,null,null,"N","N",2,1]
["TDI51400010S","손료","RENT000000000002",null,"공구손료","인력품의 3%","식",1,286.3,286.3,0,0,0,0,286.3,286.3,null,null,"N","N",3,1]
[null,null,null,null,"[합 계]",null,null,0,0,1923,0,9543,0,0,0,11466,null,null,null,null,"",1]
[null,null,null,null,null,null,null,0,0,0,0,0,0,0,0,0,null,null,null,null,"",1]
["TDI51500010S",null,null,null,"0.6/1kv 트레이용 절연난연 제어케이블(F-CVV)","5C*1.5㎟","M",0,0,0,0,0,0,0,0,0,null,null,null,null,"",1]
["TDI51500010S","자재","2612160320684238",null,"제어케이블","제어케이블, 0.6/1kV, TFR-CVV, 5C×1.5㎟","m",7.4999999999999997E-2,1756,131.69999999999999,0,0,0,0,1756,131.69999999999999,null,null,"N","N","",1]
["TDI51500010S","손료","RENT000000000001",null,"잡재료비","배관배선의 2%","식",1,35.1,35.1,0,0,0,0,35.1,35.1,null,null,"N","N",2,1]
["TDI51500010S","손료","RENT000000000002",null,"공구손료","인력품의 3%","식",1,360.9,360.9,0,0,0,0,360.9,360.9,null,null,"N","N",3,1]
[null,null,null,null,"[합 계]",null,null,0,0,2283,0,12033,0,0,0,14316,null,null,null,null,"",1]
["TDI51600010S",null,null,null,"0.6/1kv 트레이용 절연난연 제어케이블(F-CVV)","6C*1.5㎟","M",0,0,0,0,0,0,0,0,0,null,null,null,null,"",1]
["TDI51600010S","자재","2612160320684242",null,"제어케이블","제어케이블, 0.6/1kV, TFR-CVV, 6C×1.5㎟","m",1,1981,1981,0,0,0,0,1981,1981,null,null,"N","N","",1]
["TDI51600010S","자재","2612160320684242",null,"제어케이블","제어케이블, 0.6/1kV, TFR-CVV, 6C×1.5㎟","m",7.4999999999999997E-2,1981,148.5,0,0,0,0,1981,148.5,null,null,"N","N","",1]
["TDI51600010S","손료","RENT000000000001",null,"잡재료비","배관배선의 2%","식",1,39.6,39.6,0,0,0,0,39.6,39.6,null,null,"N","N",2,1]
["TDI51600010S","손료","RENT000000000002",null,"공구손료","인력품의 3%","식",1,398.3,398.3,0,0,0,0,398.3,398.3,null,null,"N","N",3,1]
[null,null,null,null,"[합 계]",null,null,0,0,2567,0,13278,0,0,0,15845,null,null,null,null,"",1]
["TDI51700010S",null,null,null,"0.6/1kv 트레이용 절연난연 제어케이블(F-CVV)","7C*1.5㎟","M",0,0,0,0,0,0,0,0,0,null,null,null,null,"",1]
["TDI51700010S","자재","2612160320684246",null,"제어케이블","제어케이블, 0.6/1kV, TFR-CVV, 7C×1.5㎟","m",1,2130,2130,0,0,0,0,2130,2130,null,null,"N","N","",1]
["TDI51700010S","손료","RENT000000000001",null,"잡재료비","배관배선의 2%","식",1,42.6,42.6,0,0,0,0,42.6,42.6,null,null,"N","N",2,1]
["TDI51700010S","노무","L001010101000089",null,"통신케이블공","일반공사 직종","인",3.5000000000000003E-2,0,0,414944,14523,0,0,414944,14523,null,null,"N","N","",1]
["TDI51700010S","손료","RENT000000000002",null,"공구손료","인력품의 3%","식",1,435.6,435.6,0,0,0,0,435.6,435.6,null,null,"N","N",3,1]
[null,null,null,null,"[합 계]",null,null,0,0,2767,0,14523,0,0,0,17290,null,null,null,null,"",1]
["TDI51800010S",null,null,null,"0.6/1kv 트레이용 절연난연 제어케이블(F-CVV)","8C*1.5㎟","M",0,0,0,0,0,0,0,0,0,null,null,null,null,"",1]
["TDI51800010S","자재","2612160320684250",null,"제어케이블","제어케이블, 0.6/1kV, TFR-CVV, 8C×1.5㎟","m",1,2329,2329,0,0,0,0,2329,2329,null,null,"N","N","",1]
["TDI51800010S","손료","RENT000000000001",null,"잡재료비","배관배선의 2%","식",1,46.5,46.5,0,0,0,0,46.5,46.5,null,null,"N","N",2,1]
["TDI51800010S","노무","L001010101000089",null,"통신케이블공","일반공사 직종","인",3.7999999999999999E-2,0,0,414944,15767.8,0,0,414944,15767.8,null,null,"N","N","",1]
["TDI51800010S","손료","RENT000000000002",null,"공구손료","인력품의 3%","식",1,473,473,0,0,0,0,473,473,null,null,"N","N",3,1]
[null,null,null,null,"[합 계]",null,null,0,0,3023,0,15767,0,0,0,18790,null,null,null,null,"",1]
["TDI51A00010S",null,null,null,"0.6/1kv 트레이용 절연난연 제어케이블(F-CVV)","10C*1.5㎟","M",0,0,0,0,0,0,0,0,0,null,null,null,null,"",1]
["TDI51A00010S","자재","2612160320684254",null,"제어케이블","제어케이블, 0.6/1kV, TFR-CVV, 10C×1.5㎟","m",1,2985,2985,0,0,0,0,2985,2985,null,null,"N","N","",1]
["TDI51A00010S","손료","RENT000000000001",null,"잡재료비","배관배선의 2%","식",1,59.7,59.7,0,0,0,0,59.7,59.7,null,null,"N","N",2,1]
["TDI51A00010S","노무","L001010101000089",null,"통신케이블공","일반공사 직종","인",4.2999999999999997E-2,0,0,414944,17842.5,0,0,414944,17842.5,null,null,"N","N","",1]
[null,null,null,null,"[합 계]",null,null,0,0,3803,0,17842,0,0,0,21645,null,null,null,null,"",1]
[null,null,null,null,null,null,null,0,0,0,0,0,0,0,0,0,null,null,null,null,"",1]
["TDI51C00010S",null,null,null,"0.6/1kv 트레이용 절연난연 제어케이블(F-CVV)","12C*1.5㎟","M",0,0,0,0,0,0,0,0,0,null,null,null,null,"",1]
["TDI51C00010S","자재","2612160320684258",null,"제어케이블","제어케이블, 0.6/1kV, TFR-CVV, 12C×1.5㎟","m",1,3504,3504,0,0,0,0,3504,3504,null,null,"N","N","",1]
["TDI51C00010S","손료","RENT000000000001",null,"잡재료비","배관배선의 2%","식",1,70,70,0,0,0,0,70,70,null,null,"N","N",2,1]
["TDI51C00010S","노무","L001010101000089",null,"통신케이블공","일반공사 직종","인",4.9000000000000002E-2,0,0,414944,20332.2,0,0,414944,20332.2,null,null,"N","N","",1]
[null,null,null,null,"[합 계]",null,null,0,0,4446,0,20332,0,0,0,24778,null,null,null,null,"",1]
[null,null,null,null,null,null,null,0,0,0,0,0,0,0,0,0,null,null,null,null,"",1]
["TDI51D00010S","자재","2612160320684262",null,"제어케이블","제어케이블, 0.6/1kV, TFR-CVV, 15C×1.5㎟","m",1,4108,4108,0,0,0,0,4108,4108,null,null,"N","N","",1]
["TDI51D00010S","자재","2612160320684262",null,"제어케이블","제어케이블, 0.6/1kV, TFR-CVV, 15C×1.5㎟","m",7.4999999999999997E-2,4108,308.10000000000002,0,0,0,0,4108,308.10000000000002,null,null,"N","N","",1]
["TDI51D00010S","손료","RENT000000000001",null,"잡재료비","배관배선의 2%","식",1,82.1,82.1,0,0,0,0,82.1,82.1,null,null,"N","N",2,1]
["TDI51D00010S","노무","L001010101000089",null,"통신케이블공","일반공사 직종","인",6.5000000000000002E-2,0,0,414944,26971.3,0,0,414944,26971.3,null,null,"N","N","",1]
[null,null,null,null,"[합 계]",null,null,0,0,5307,0,26971,0,0,0,32278,null,null,null,null,"",1]
[null,null,null,null,null,null,null,0,0,0,0,0,0,0,0,0,null,null,null,null,"",1]
["TDI51E00010S","자재","2612160320684266",null,"제어케이블","제어케이블, 0.6/1kV, TFR-CVV, 20C×1.5㎟","m",1,5317,5317,0,0,0,0,5317,5317,null,null,"N","N","",1]
["TDI51E00010S","자재","2612160320684266",null,"제어케이블","제어케이블, 0.6/1kV, TFR-CVV, 20C×1.5㎟","m",7.4999999999999997E-2,5317,398.7,0,0,0,0,5317,398.7,null,null,"N","N","",1]
["TDI51E00010S","노무","L001010101000089",null,"통신케이블공","일반공사 직종","인",7.5999999999999998E-2,0,0,414944,31535.7,0,0,414944,31535.7,null,null,"N","N","",1]
["TDI51E00010S","손료","RENT000000000002",null,"공구손료","인력품의 3%","식",1,946,946,0,0,0,0,946,946,null,null,"N","N",3,1]
[null,null,null,null,"[합 계]",null,null,0,0,6768,0,31535,0,0,0,38303,null,null,null,null,"",1]
[null,null,null,null,null,null,null,0,0,0,0,0,0,0,0,0,null,null,null,null,"",1]
["TDI51F00010S","자재","2612160320684271",null,"제어케이블","제어케이블, 0.6/1kV, TFR-CVV, 25C×1.5㎟","m",1,6457,6457,0,0,0,0,6457,6457,null,null,"N","N","",1]
["TDI51F00010S","자재","2612160320684271",null,"제어케이블","제어케이블, 0.6/1kV, TFR-CVV, 25C×1.5㎟","m",7.4999999999999997E-2,6457,484.2,0,0,0,0,6457,484.2,null,null,"N","N","",1]
["TDI51F00010S","노무","L001010101000089",null,"통신케이블공","일반공사 직종","인",8.5999999999999993E-2,0,0,414944,35685.1,0,0,414944,35685.1,null,null,"N","N","",1]
["TDI51F00010S","손료","RENT000000000002",null,"공구손료","인력품의 3%","식",1,1070.5,1070.5,0,0,0,0,1070.5,1070.5,null,null,"N","N",3,1]
[null,null,null,null,null,null,null,0,0,0,0,0,0,0,0,0,null,null,null,null,"",1]
["TDI51G00010S",null,null,null,"0.6/1kv 트레이용 절연난연 제어케이블(F-CVV)","30C*1.5㎟","M",0,0,0,0,0,0,0,0,0,null,null,null,null,"",1]
["TDI51G00010S","자재","2612160320684275",null,"제어케이블","제어케이블, 0.6/1kV, TFR-CVV, 30C×1.5㎟","m",1,7576,7576,0,0,0,0,7576,7576,null,null,"N","N","",1]
["TDI51G00010S","자재","2612160320684275",null,"제어케이블","제어케이블, 0.6/1kV, TFR-CVV, 30C×1.5㎟","m",7.4999999999999997E-2,7576,568.20000000000005,0,0,0,0,7576,568.20000000000005,null,null,"N","N","",1]
["TDI51G00010S","노무","L001010101000089",null,"통신케이블공","일반공사 직종","인",8.5999999999999993E-2,0,0,414944,35685.1,0,0,414944,35685.1,null,null,"N","N","",1]
["TDI51G00010S","손료","RENT000000000002",null,"공구손료","인력품의 3%","식",1,1070.5,1070.5,0,0,0,0,1070.5,1070.5,null,null,"N","N",3,1]
[null,null,null,null,null,null,null,0,0,0,0,0,0,0,0,0,null,null,null,null,"",1]
["TDI51G00020S",null,null,null,"0.6/1kv 트레이용 절연난연 제어케이블(F-CVV)","40C*1.5㎟","M",0,0,0,0,0,0,0,0,0,null,null,null,null,"",1]
["TDI51G00020S","자재","2612160320684279",null,"제어케이블","제어케이블, 0.6/1kV, TFR-CVV, 40C×1.5㎟","m",7.4999999999999997E-2,10862,814.6,0,0,0,0,10862,814.6,null,null,"N","N","",1]
["TDI51G00020S","손료","RENT000000000001",null,"잡재료비","배관배선의 2%","식",1,217.2,217.2,0,0,0,0,217.2,217.2,null,null,"N","N",2,1]
["TDI51G00020S","노무","L001010101000089",null,"통신케이블공","일반공사 직종","인",0.10100000000000001,0,0,414944,41909.300000000003,0,0,414944,41909.300000000003,null,null,"N","N","",1]
["TDI51G00020S","손료","RENT000000000002",null,"공구손료","인력품의 3%","식",1,1257.2,1257.2,0,0,0,0,1257.2,1257.2,null,null,"N","N",3,1]
[null,null,null,null,null,null,null,0,0,0,0,0,0,0,0,0,null,null,null,null,"",1]
["TDI51H00010S",null,null,null,"0.6/1kv 트레이용 절연난연 제어케이블(F-CVV)","50C*1.5㎟","M",0,0,0,0,0,0,0,0,0,null,null,null,null,"",1]
["TDI51H00010S","자재","2612160320684283",null,"제어케이블","제어케이블, 0.6/1kV, TFR-CVV, 50C×1.5㎟","m",7.4999999999999997E-2,12903,967.7,0,0,0,0,12903,967.7,null,null,"N","N","",1]
["TDI51H00010S","손료","RENT000000000001",null,"잡재료비","배관배선의 2%","식",1,258,258,0,0,0,0,258,258,null,null,"N","N",2,1]
["TDI51H00010S","노무","L001010101000089",null,"통신케이블공","일반공사 직종","인",0.10100000000000001,0,0,414944,41909.300000000003,0,0,414944,41909.300000000003,null,null,"N","N","",1]
["TDI51H00010S","손료","RENT000000000002",null,"공구손료","인력품의 3%","식",1,1257.2,1257.2,0,0,0,0,1257.2,1257.2,null,null,"N","N",3,1]
[null,null,null,null,null,null,null,0,0,0,0,0,0,0,0,0,null,null,null,null,"",1]
["TDI53200010S",null,null,null,"0.6/1kv 트레이용 절연난연 제어케이블(F-CVV)","2C*2.5㎟","M",0,0,0,0,0,0,0,0,0,null,null,null,null,"",1]
["TDI53200010S","자재","2612160320684225",null,"제어케이블","제어케이블, 0.6/1kV, TFR-CVV, 2C×2.5㎟","m",7.4999999999999997E-2,1243,93.2,0,0,0,0,1243,93.2,null,null,"N","N","",1]
["TDI53200010S","손료","RENT000000000001",null,"잡재료비","배관배선의 2%","식",1,24.8,24.8,0,0,0,0,24.8,24.8,null,null,"N","N",2,1]
["TDI53200010S","손료","RENT000000000002",null,"공구손료","인력품의 3%","식",1,174.2,174.2,0,0,0,0,174.2,174.2,null,null,"N","N",3,1]
[null,null,null,null,"[합 계]",null,null,0,0,1535,0,5809,0,0,0,7344,null,null,null,null,"",1]
[null,null,null,null,null,null,null,0,0,0,0,0,0,0,0,0,null,null,null,null,"",1]
["TDI53300010S",null,null,null,"0.6/1kv 트레이용 절연난연 제어케이블(F-CVV)","3C*2.5㎟","M",0,0,0,0,0,0,0,0,0,null,null,null,null,"",1]
["TDI53300010S","자재","2612160320684231",null,"제어케이블","제어케이블, 0.6/1kV, TFR-CVV, 3C×2.5㎟","m",7.4999999999999997E-2,1535,115.1,0,0,0,0,1535,115.1,null,null,"N","N","",1]
["TDI53300010S","손료","RENT000000000001",null,"잡재료비","배관배선의 2%","식",1,30.7,30.7,0,0,0,0,30.7,30.7,null,null,"N","N",2,1]
["TDI53300010S","손료","RENT000000000002",null,"공구손료","인력품의 3%","식",1,236.5,236.5,0,0,0,0,236.5,236.5,null,null,"N","N",3,1]
[null,null,null,null,"[합 계]",null,null,0,0,1917,0,7883,0,0,0,9800,null,null,null,null,"",1]
["TDI53400010S",null,null,null,"0.6/1kv 트레이용 절연난연 제어케이블(F-CVV)","4C*2.5㎟","M",0,0,0,0,0,0,0,0,0,null,null,null,null,"",1]
["TDI53400010S","자재","2612160320684235",null,"제어케이블","제어케이블, 0.6/1kV, TFR-CVV, 4C×2.5㎟","m",1,1874,1874,0,0,0,0,1874,1874,null,null,"N","N","",1]
["TDI53400010S","자재","2612160320684235",null,"제어케이블","제어케이블, 0.6/1kV, TFR-CVV, 4C×2.5㎟","m",7.4999999999999997E-2,1874,140.5,0,0,0,0,1874,140.5,null,null,"N","N","",1]
["TDI53400010S","손료","RENT000000000001",null,"잡재료비","배관배선의 2%","식",1,37.4,37.4,0,0,0,0,37.4,37.4,null,null,"N","N",2,1]
["TDI53400010S","손료","RENT000000000002",null,"공구손료","인력품의 3%","식",1,323.60000000000002,323.60000000000002,0,0,0,0,323.60000000000002,323.60000000000002,null,null,"N","N",3,1]
[null,null,null,null,"[합 계]",null,null,0,0,2375,0,10788,0,0,0,13163,null,null,null,null,"",1]
["TDI53500010S",null,null,null,"0.6/1kv 트레이용 절연난연 제어케이블(F-CVV)","5C*2.5㎟","M",0,0,0,0,0,0,0,0,0,null,null,null,null,"",1]
["TDI53500010S","자재","2612160320684239",null,"제어케이블","제어케이블, 0.6/1kV, TFR-CVV, 5C×2.5㎟","m",1,2206,2206,0,0,0,0,2206,2206,null,null,"N","N","",1]
["TDI53500010S","손료","RENT000000000001",null,"잡재료비","배관배선의 2%","식",1,44.1,44.1,0,0,0,0,44.1,44.1,null,null,"N","N",2,1]
["TDI53500010S","노무","L001010101000089",null,"통신케이블공","일반공사 직종","인",3.2000000000000001E-2,0,0,414944,13278.2,0,0,414944,13278.2,null,null,"N","N","",1]
["TDI53500010S","손료","RENT000000000002",null,"공구손료","인력품의 3%","식",1,398.3,398.3,0,0,0,0,398.3,398.3,null,null,"N","N",3,1]
[null,null,null,null,"[합 계]",null,null,0,0,2813,0,13278,0,0,0,16091,null,null,null,null,"",1]
["TDI53600010S",null,null,null,"0.6/1kv 트레이용 절연난연 제어케이블(F-CVV)","6C*2.5㎟","M",0,0,0,0,0,0,0,0,0,null,null,null,null,"",1]
["TDI53600010S","자재","2612160320684243",null,"제어케이블","제어케이블, 0.6/1kV, TFR-CVV, 6C×2.5㎟","m",1,2560,2560,0,0,0,0,2560,2560,null,null,"N","N","",1]
["TDI53600010S","손료","RENT000000000001",null,"잡재료비","배관배선의 2%","식",1,51.2,51.2,0,0,0,0,51.2,51.2,null,null,"N","N",2,1]
["TDI53600010S","노무","L001010101000089",null,"통신케이블공","일반공사 직종","인",3.5000000000000003E-2,0,0,414944,14523,0,0,414944,14523,null,null,"N","N","",1]
[null,null,null,null,"[합 계]",null,null,0,0,3238,0,14523,0,0,0,17761,null,null,null,null,"",1]
[null,null,null,null,null,null,null,0,0,0,0,0,0,0,0,0,null,null,null,null,"",1]
["TDI53700010S",null,null,null,"0.6/1kv 트레이용 절연난연 제어케이블(F-CVV)","7C*2.5㎟","M",0,0,0,0,0,0,0,0,0,null,null,null,null,"",1]
["TDI53700010S","자재","2612160320684247",null,"제어케이블","제어케이블, 0.6/1kV, TFR-CVV, 7C×2.5㎟","m",1,2806,2806,0,0,0,0,2806,2806,null,null,"N","N","",1]
["TDI53700010S","손료","RENT000000000001",null,"잡재료비","배관배선의 2%","식",1,56.1,56.1,0,0,0,0,56.1,56.1,null,null,"N","N",2,1]
["TDI53700010S","노무","L001010101000089",null,"통신케이블공","일반공사 직종","인",3.9E-2,0,0,414944,16182.8,0,0,414944,16182.8,null,null,"N","N","",1]
[null,null,null,null,"[합 계]",null,null,0,0,3557,0,16182,0,0,0,19739,null,null,null,null,"",1]
[null,null,null,null,null,null,null,0,0,0,0,0,0,0,0,0,null,null,null,null,"",1]
["TDI53800010S","자재","2612160320684251",null,"제어케이블","제어케이블, 0.6/1kV, TFR-CVV, 8C×2.5㎟","m",1,3137,3137,0,0,0,0,3137,3137,null,null,"N","N","",1]
["TDI53800010S","자재","2612160320684251",null,"제어케이블","제어케이블, 0.6/1kV, TFR-CVV, 8C×2.5㎟","m",7.4999999999999997E-2,3137,235.2,0,0,0,0,3137,235.2,null,null,"N","N","",1]
["TDI53800010S","손료","RENT000000000001",null,"잡재료비","배관배선의 2%","식",1,62.7,62.7,0,0,0,0,62.7,62.7,null,null,"N","N",2,1]
["TDI53800010S","노무","L001010101000089",null,"통신케이블공","일반공사 직종","인",4.2000000000000003E-2,0,0,414944,17427.599999999999,0,0,414944,17427.599999999999,null,null,"N","N","",1]
[null,null,null,null,"[합 계]",null,null,0,0,3957,0,17427,0,0,0,21384,null,null,null,null,"",1]
[null,null,null,null,null,null,null,0,0,0,0,0,0,0,0,0,null,null,null,null,"",1]
["TDI53A00010S","자재","2612160320684255",null,"제어케이블","제어케이블, 0.6/1kV, TFR-CVV, 10C×2.5㎟","m",1,4041,4041,0,0,0,0,4041,4041,null,null,"N","N","",1]
["TDI53A00010S","자재","2612160320684255",null,"제어케이블","제어케이블, 0.6/1kV, TFR-CVV, 10C×2.5㎟","m",7.4999999999999997E-2,4041,303,0,0,0,0,4041,303,null,null,"N","N","",1]
["TDI53A00010S","노무","L001010101000089",null,"통신케이블공","일반공사 직종","인",4.8000000000000001E-2,0,0,414944,19917.3,0,0,414944,19917.3,null,null,"N","N","",1]
["TDI53A00010S","손료","RENT000000000002",null,"공구손료","인력품의 3%","식",1,597.5,597.5,0,0,0,0,597.5,597.5,null,null,"N","N",3,1]
[null,null,null,null,"[합 계]",null,null,0,0,5022,0,19917,0,0,0,24939,null,null,null,null,"",1]
[null,null,null,null,null,null,null,0,0,0,0,0,0,0,0,0,null,null,null,null,"",1]
["TDI53C00010S","자재","2612160320684259",null,"제어케이블","제어케이블, 0.6/1kV, TFR-CVV, 12C×2.5㎟","m",1,4728,4728,0,0,0,0,4728,4728,null,null,"N","N","",1]
["TDI53C00010S","자재","2612160320684259",null,"제어케이블","제어케이블, 0.6/1kV, TFR-CVV, 12C×2.5㎟","m",7.4999999999999997E-2,4728,354.6,0,0,0,0,4728,354.6,null,null,"N","N","",1]
["TDI53C00010S","노무","L001010101000089",null,"통신케이블공","일반공사 직종","인",5.3999999999999999E-2,0,0,414944,22406.9,0,0,414944,22406.9,null,null,"N","N","",1]
["TDI53C00010S","손료","RENT000000000002",null,"공구손료","인력품의 3%","식",1,672.2,672.2,0,0,0,0,672.2,672.2,null,null,"N","N",3,1]
[null,null,null,null,"[합 계]",null,null,0,0,5849,0,22406,0,0,0,28255,null,null,null,null,"",1]
[null,null,null,null,null,null,null,0,0,0,0,0,0,0,0,0,null,null,null,null,"",1]
["TDI53D00010S","자재","2612160320684263",null,"제어케이블","제어케이블, 0.6/1kV, TFR-CVV, 15C×2.5㎟","m",1,5640,5640,0,0,0,0,5640,5640,null,null,"N","N","",1]
["TDI53D00010S","자재","2612160320684263",null,"제어케이블","제어케이블, 0.6/1kV, TFR-CVV, 15C×2.5㎟","m",7.4999999999999997E-2,5640,423,0,0,0,0,5640,423,null,null,"N","N","",1]
["TDI53D00010S","노무","L001010101000089",null,"통신케이블공","일반공사 직종","인",7.1999999999999995E-2,0,0,414944,29875.9,0,0,414944,29875.9,null,null,"N","N","",1]
["TDI53D00010S","손료","RENT000000000002",null,"공구손료","인력품의 3%","식",1,896.2,896.2,0,0,0,0,896.2,896.2,null,null,"N","N",3,1]
[null,null,null,null,null,null,null,0,0,0,0,0,0,0,0,0,null,null,null,null,"",1]
["TDI53E00010S",null,null,null,"0.6/1kv 트레이용 절연난연 제어케이블(F-CVV)","20C*2.5㎟","M",0,0,0,0,0,0,0,0,0,null,null,null,null,"",1]
["TDI53E00010S","자재","2612160320684268",null,"제어케이블","제어케이블, 0.6/1kV, TFR-CVV, 20C×2.5㎟","m",1,6976,6976,0,0,0,0,6976,6976,null,null,"N","N","",1]
["TDI53E00010S","자재","2612160320684268",null,"제어케이블","제어케이블, 0.6/1kV, TFR-CVV, 20C×2.5㎟","m",7.4999999999999997E-2,6976,523.20000000000005,0,0,0,0,6976,523.20000000000005,null,null,"N","N","",1]
["TDI53E00010S","노무","L001010101000089",null,"통신케이블공","일반공사 직종","인",8.4000000000000005E-2,0,0,414944,34855.199999999997,0,0,414944,34855.199999999997,null,null,"N","N","",1]
["TDI53E00010S","손료","RENT000000000002",null,"공구손료","인력품의 3%","식",1,1045.5999999999999,1045.5999999999999,0,0,0,0,1045.5999999999999,1045.5999999999999,null,null,"N","N",3,1]
[null,null,null,null,null,null,null,0,0,0,0,0,0,0,0,0,null,null,null,null,"",1]
["TDI53F00010S",null,null,null,"0.6/1kv 트레이용 절연난연 제어케이블(F-CVV)","25C*2.5㎟","M",0,0,0,0,0,0,0,0,0,null,null,null,null,"",1]
["TDI53F00010S","자재","2612160320684272",null,"제어케이블","제어케이블, 0.6/1kV, TFR-CVV, 25C×2.5㎟","m",7.4999999999999997E-2,8539,640.4,0,0,0,0,8539,640.4,null,null,"N","N","",1]
["TDI53F00010S","손료","RENT000000000001",null,"잡재료비","배관배선의 2%","식",1,170.7,170.7,0,0,0,0,170.7,170.7,null,null,"N","N",2,1]
["TDI53F00010S","노무","L001010101000089",null,"통신케이블공","일반공사 직종","인",9.8000000000000004E-2,0,0,414944,40664.5,0,0,414944,40664.5,null,null,"N","N","",1]
["TDI53F00010S","손료","RENT000000000002",null,"공구손료","인력품의 3%","식",1,1219.9000000000001,1219.9000000000001,0,0,0,0,1219.9000000000001,1219.9000000000001,null,null,"N","N",3,1]
[null,null,null,null,null,null,null,0,0,0,0,0,0,0,0,0,null,null,null,null,"",1]
["TDI53G00010S",null,null,null,"0.6/1kv 트레이용 절연난연 제어케이블(F-CVV)","30C*2.5㎟","M",0,0,0,0,0,0,0,0,0,null,null,null,null,"",1]
["TDI53G00010S","자재","2612160320684276",null,"제어케이블","제어케이블, 0.6/1kV, TFR-CVV, 30C×2.5㎟","m",7.4999999999999997E-2,10138,760.3,0,0,0,0,10138,760.3,null,null,"N","N","",1]
["TDI53G00010S","손료","RENT000000000001",null,"잡재료비","배관배선의 2%","식",1,202.7,202.7,0,0,0,0,202.7,202.7,null,null,"N","N",2,1]
["TDI53G00010S","손료","RENT000000000002",null,"공구손료","인력품의 3%","식",1,1219.9000000000001,1219.9000000000001,0,0,0,0,1219.9000000000001,1219.9000000000001,null,null,"N","N",3,1]
[null,null,null,null,"[합 계]",null,null,0,0,12320,0,40664,0,0,0,52984,null,null,null,null,"",1]
[null,null,null,null,null,null,null,0,0,0,0,0,0,0,0,0,null,null,null,null,"",1]
["TDI53G00020S",null,null,null,"0.6/1kv 트레이용 절연난연 제어케이블(F-CVV)","40C*2.5㎟","M",0,0,0,0,0,0,0,0,0,null,null,null,null,"",1]
["TDI53G00020S","자재","2612160320684280",null,"제어케이블","제어케이블, 0.6/1kV, TFR-CVV, 40C×2.5㎟","m",7.4999999999999997E-2,14241,1068,0,0,0,0,14241,1068,null,null,"N","N","",1]
["TDI53G00020S","손료","RENT000000000001",null,"잡재료비","배관배선의 2%","식",1,284.8,284.8,0,0,0,0,284.8,284.8,null,null,"N","N",2,1]
["TDI53G00020S","손료","RENT000000000002",null,"공구손료","인력품의 3%","식",1,1394.2,1394.2,0,0,0,0,1394.2,1394.2,null,null,"N","N",3,1]
[null,null,null,null,"[합 계]",null,null,0,0,16988,0,46473,0,0,0,63461,null,null,null,null,"",1]
["TDI53H00010S",null,null,null,"0.6/1kv 트레이용 절연난연 제어케이블(F-CVV)","50C*2.5㎟","M",0,0,0,0,0,0,0,0,0,null,null,null,null,"",1]
["TDI53H00010S","자재","2612160320684284",null,"제어케이블","제어케이블, 0.6/1kV, TFR-CVV, 50C×2.5㎟","m",1,16928,16928,0,0,0,0,16928,16928,null,null,"N","N","",1]
["TDI53H00010S","자재","2612160320684284",null,"제어케이블","제어케이블, 0.6/1kV, TFR-CVV, 50C×2.5㎟","m",7.4999999999999997E-2,16928,1269.5999999999999,0,0,0,0,16928,1269.5999999999999,null,null,"N","N","",1]
["TDI53H00010S","손료","RENT000000000001",null,"잡재료비","배관배선의 2%","식",1,338.5,338.5,0,0,0,0,338.5,338.5,null,null,"N","N",2,1]
["TDI53H00010S","손료","RENT000000000002",null,"공구손료","인력품의 3%","식",1,1394.2,1394.2,0,0,0,0,1394.2,1394.2,null,null,"N","N",3,1]
[null,null,null,null,"[합 계]",null,null,0,0,19930,0,46473,0,0,0,66403,null,null,null,null,"",1]
["TDI54200010S",null,null,null,"0.6/1kv 트레이용 절연난연 제어케이블(F-CVV)","2C*4㎟","M",0,0,0,0,0,0,0,0,0,null,null,null,null,"",1]
["TDI54200010S","자재","2612160320684226",null,"제어케이블","제어케이블, 0.6/1kV, TFR-CVV, 2C×4㎟","m",1,1690,1690,0,0,0,0,1690,1690,null,null,"N","N","",1]
["TDI54200010S","손료","RENT000000000001",null,"잡재료비","배관배선의 2%","식",1,33.799999999999997,33.799999999999997,0,0,0,0,33.799999999999997,33.799999999999997,null,null,"N","N",2,1]
["TDI54200010S","노무","L001010101000089",null,"통신케이블공","일반공사 직종","인",1.6E-2,0,0,414944,6639.1,0,0,414944,6639.1,null,null,"N","N","",1]
["TDI54200010S","손료","RENT000000000002",null,"공구손료","인력품의 3%","식",1,199.1,199.1,0,0,0,0,199.1,199.1,null,null,"N","N",3,1]
[null,null,null,null,"[합 계]",null,null,0,0,2049,0,6639,0,0,0,8688,null,null,null,null,"",1]
["TDI54300010S",null,null,null,"0.6/1kv 트레이용 절연난연 제어케이블(F-CVV)","3C*4㎟","M",0,0,0,0,0,0,0,0,0,null,null,null,null,"",1]
["TDI54300010S","자재","2612160320684232",null,"제어케이블","제어케이블, 0.6/1kV, TFR-CVV, 3C×4㎟","m",1,2119,2119,0,0,0,0,2119,2119,null,null,"N","N","",1]
["TDI54300010S","손료","RENT000000000001",null,"잡재료비","배관배선의 2%","식",1,42.3,42.3,0,0,0,0,42.3,42.3,null,null,"N","N",2,1]
["TDI54300010S","노무","L001010101000089",null,"통신케이블공","일반공사 직종","인",2.1999999999999999E-2,0,0,414944,9128.7000000000007,0,0,414944,9128.7000000000007,null,null,"N","N","",1]
["TDI54300010S","손료","RENT000000000002",null,"공구손료","인력품의 3%","식",1,273.8,273.8,0,0,0,0,273.8,273.8,null,null,"N","N",3,1]
[null,null,null,null,"[합 계]",null,null,0,0,2594,0,9128,0,0,0,11722,null,null,null,null,"",1]
["TDI54400010S",null,null,null,"0.6/1kv 트레이용 절연난연 제어케이블(F-CVV)","4C*4㎟","M",0,0,0,0,0,0,0,0,0,null,null,null,null,"",1]
["TDI54400010S","자재","2612160320684236",null,"제어케이블","제어케이블, 0.6/1kV, TFR-CVV, 4C×4㎟","m",1,2625,2625,0,0,0,0,2625,2625,null,null,"N","N","",1]
["TDI54400010S","손료","RENT000000000001",null,"잡재료비","배관배선의 2%","식",1,52.5,52.5,0,0,0,0,52.5,52.5,null,null,"N","N",2,1]
["TDI54400010S","노무","L001010101000089",null,"통신케이블공","일반공사 직종","인",2.9000000000000001E-2,0,0,414944,12033.3,0,0,414944,12033.3,null,null,"N","N","",1]
[null,null,null,null,"[합 계]",null,null,0,0,3235,0,12033,0,0,0,15268,null,null,null,null,"",1]
[null,null,null,null,null,null,null,0,0,0,0,0,0,0,0,0,null,null,null,null,"",1]
["TDI54500010S",null,null,null,"0.6/1kv 트레이용 절연난연 제어케이블(F-CVV)","5C*4㎟","M",0,0,0,0,0,0,0,0,0,null,null,null,null,"",1]
["TDI54500010S","자재","2612160320684240",null,"제어케이블","제어케이블, 0.6/1kV, TFR-CVV, 5C×4㎟","m",1,3090,3090,0,0,0,0,3090,3090,null,null,"N","N","",1]
["TDI54500010S","손료","RENT000000000001",null,"잡재료비","배관배선의 2%","식",1,61.8,61.8,0,0,0,0,61.8,61.8,null,null,"N","N",2,1]
["TDI54500010S","노무","L001010101000089",null,"통신케이블공","일반공사 직종","인",3.4000000000000002E-2,0,0,414944,14108,0,0,414944,14108,null,null,"N","N","",1]
[null,null,null,null,"[합 계]",null,null,0,0,3806,0,14108,0,0,0,17914,null,null,null,null,"",1]
[null,null,null,null,null,null,null,0,0,0,0,0,0,0,0,0,null,null,null,null,"",1]
["TDI54600010S","자재","2612160320684244",null,"제어케이블","제어케이블, 0.6/1kV, TFR-CVV, 6C×4㎟","m",1,3670,3670,0,0,0,0,3670,3670,null,null,"N","N","",1]
["TDI54600010S","자재","2612160320684244",null,"제어케이블","제어케이블, 0.6/1kV, TFR-CVV, 6C×4㎟","m",7.4999999999999997E-2,3670,275.2,0,0,0,0,3670,275.2,null,null,"N","N","",1]
["TDI54600010S","손료","RENT000000000001",null,"잡재료비","배관배선의 2%","식",1,73.400000000000006,73.400000000000006,0,0,0,0,73.400000000000006,73.400000000000006,null,null,"N","N",2,1]
["TDI54600010S","노무","L001010101000089",null,"통신케이블공","일반공사 직종","인",3.7999999999999999E-2,0,0,414944,15767.8,0,0,414944,15767.8,null,null,"N","N","",1]
[null,null,null,null,"[합 계]",null,null,0,0,4491,0,15767,0,0,0,20258,null,null,null,null,"",1]
[null,null,null,null,null,null,null,0,0,0,0,0,0,0,0,0,null,null,null,null,"",1]
["TDI54700010S","자재","2612160320684248",null,"제어케이블","제어케이블, 0.6/1kV, TFR-CVV, 7C×4㎟","m",1,4056,4056,0,0,0,0,4056,4056,null,null,"N","N","",1]
["TDI54700010S","자재","2612160320684248",null,"제어케이블","제어케이블, 0.6/1kV, TFR-CVV, 7C×4㎟","m",7.4999999999999997E-2,4056,304.2,0,0,0,0,4056,304.2,null,null,"N","N","",1]
["TDI54700010S","노무","L001010101000089",null,"통신케이블공","일반공사 직종","인",4.2000000000000003E-2,0,0,414944,17427.599999999999,0,0,414944,17427.599999999999,null,null,"N","N","",1]
["TDI54700010S","손료","RENT000000000002",null,"공구손료","인력품의 3%","식",1,522.79999999999995,522.79999999999995,0,0,0,0,522.79999999999995,522.79999999999995,null,null,"N","N",3,1]
[null,null,null,null,"[합 계]",null,null,0,0,4964,0,17427,0,0,0,22391,null,null,null,null,"",1]
[null,null,null,null,null,null,null,0,0,0,0,0,0,0,0,0,null,null,null,null,"",1]
["TDI54800010S","자재","2612160320684252",null,"제어케이블","제어케이블, 0.6/1kV, TFR-CVV, 8C×4㎟","m",1,4570,4570,0,0,0,0,4570,4570,null,null,"N","N","",1]
["TDI54800010S","자재","2612160320684252",null,"제어케이블","제어케이블, 0.6/1kV, TFR-CVV, 8C×4㎟","m",7.4999999999999997E-2,4570,342.7,0,0,0,0,4570,342.7,null,null,"N","N","",1]
["TDI54800010S","노무","L001010101000089",null,"통신케이블공","일반공사 직종","인",4.5999999999999999E-2,0,0,414944,19087.400000000001,0,0,414944,19087.400000000001,null,null,"N","N","",1]
["TDI54800010S","손료","RENT000000000002",null,"공구손료","인력품의 3%","식",1,572.6,572.6,0,0,0,0,572.6,572.6,null,null,"N","N",3,1]
[null,null,null,null,null,null,null,0,0,0,0,0,0,0,0,0,null,null,null,null,"",1]
["TDI54A00010S",null,null,null,"0.6/1kv 트레이용 절연난연 제어케이블(F-CVV)","10C*4㎟","M",0,0,0,0,0,0,0,0,0,null,null,null,null,"",1]
["TDI54A00010S","자재","2612160320684256",null,"제어케이블","제어케이블, 0.6/1kV, TFR-CVV, 10C×4㎟","m",1,5885,5885,0,0,0,0,5885,5885,null,null,"N","N","",1]
["TDI54A00010S","자재","2612160320684256",null,"제어케이블","제어케이블, 0.6/1kV, TFR-CVV, 10C×4㎟","m",7.4999999999999997E-2,5885,441.3,0,0,0,0,5885,441.3,null,null,"N","N","",1]
["TDI54A00010S","노무","L001010101000089",null,"통신케이블공","일반공사 직종","인",5.1999999999999998E-2,0,0,414944,21577,0,0,414944,21577,null,null,"N","N","",1]
["TDI54A00010S","손료","RENT000000000002",null,"공구손료","인력품의 3%","식",1,647.29999999999995,647.29999999999995,0,0,0,0,647.29999999999995,647.29999999999995,null,null,"N","N",3,1]
[null,null,null,null,null,null,null,0,0,0,0,0,0,0,0,0,null,null,null,null,"",1]
["TDI54C00010S",null,null,null,"0.6/1kv 트레이용 절연난연 제어케이블(F-CVV)","12C*4㎟","M",0,0,0,0,0,0,0,0,0,null,null,null,null,"",1]
["TDI54C00010S","자재","2612160320684260",null,"제어케이블","제어케이블, 0.6/1kV, TFR-CVV, 12C×4㎟","m",7.4999999999999997E-2,6799,509.9,0,0,0,0,6799,509.9,null,null,"N","N","",1]
["TDI54C00010S","손료","RENT000000000001",null,"잡재료비","배관배선의 2%","식",1,135.9,135.9,0,0,0,0,135.9,135.9,null,null,"N","N",2,1]
["TDI54C00010S","노무","L001010101000089",null,"통신케이블공","일반공사 직종","인",5.8000000000000003E-2,0,0,414944,24066.7,0,0,414944,24066.7,null,null,"N","N","",1]
["TDI54C00010S","손료","RENT000000000002",null,"공구손료","인력품의 3%","식",1,722,722,0,0,0,0,722,722,null,null,"N","N",3,1]
[null,null,null,null,null,null,null,0,0,0,0,0,0,0,0,0,null,null,null,null,"",1]
["TDI54D00010S",null,null,null,"0.6/1kv 트레이용 절연난연 제어케이블(F-CVV)","15C*4㎟","M",0,0,0,0,0,0,0,0,0,null,null,null,null,"",1]
["TDI54D00010S","자재","2612160320684264",null,"제어케이블","제어케이블, 0.6/1kV, TFR-CVV, 15C×4㎟","m",7.4999999999999997E-2,8095,607.1,0,0,0,0,8095,607.1,null,null,"N","N","",1]
["TDI54D00010S","손료","RENT000000000001",null,"잡재료비","배관배선의 2%","식",1,161.9,161.9,0,0,0,0,161.9,161.9,null,null,"N","N",2,1]
["TDI54D00010S","손료","RENT000000000002",null,"공구손료","인력품의 3%","식",1,970.9,970.9,0,0,0,0,970.9,970.9,null,null,"N","N",3,1]
[null,null,null,null,"[합 계]",null,null,0,0,9834,0,32365,0,0,0,42199,null,null,null,null,"",1]
[null,null,null,null,null,null,null,0,0,0,0,0,0,0,0,0,null,null,null,null,"",1]
["TDI54E00010S",null,null,null,"0.6/1kv 트레이용 절연난연 제어케이블(F-CVV)","20C*4㎟","M",0,0,0,0,0,0,0,0,0,null,null,null,null,"",1]
["TDI54E00010S","자재","2612160320684269",null,"제어케이블","제어케이블, 0.6/1kV, TFR-CVV, 20C×4㎟","m",7.4999999999999997E-2,11030,827.2,0,0,0,0,11030,827.2,null,null,"N","N","",1]
["TDI54E00010S","손료","RENT000000000001",null,"잡재료비","배관배선의 2%","식",1,220.6,220.6,0,0,0,0,220.6,220.6,null,null,"N","N",2,1]
["TDI54E00010S","손료","RENT000000000002",null,"공구손료","인력품의 3%","식",1,1120.3,1120.3,0,0,0,0,1120.3,1120.3,null,null,"N","N",3,1]
[null,null,null,null,"[합 계]",null,null,0,0,13198,0,37344,0,0,0,50542,null,null,null,null,"",1]
[null,null,null,null,null,null,null,0,0,0,0,0,0,0,0,0,null,null,null,null,"",1]
["TDI54F00010S",null,null,null,"0.6/1kv 트레이용 절연난연 제어케이블(F-CVV)","25C*4㎟","M",0,0,0,0,0,0,0,0,0,null,null,null,null,"",1]
["TDI54F00010S","자재","2612160320684273",null,"제어케이블","제어케이블, 0.6/1kV, TFR-CVV, 25C×4㎟","m",7.4999999999999997E-2,13497,1012.2,0,0,0,0,13497,1012.2,null,null,"N","N","",1]
["TDI54F00010S","손료","RENT000000000001",null,"잡재료비","배관배선의 2%","식",1,269.89999999999998,269.89999999999998,0,0,0,0,269.89999999999998,269.89999999999998,null,null,"N","N",2,1]
["TDI54F00010S","손료","RENT000000000002",null,"공구손료","인력품의 3%","식",1,1120.3,1120.3,0,0,0,0,1120.3,1120.3,null,null,"N","N",3,1]
[null,null,null,null,"[합 계]",null,null,0,0,15899,0,37344,0,0,0,53243,null,null,null,null,"",1]
["TDI55200010S",null,null,null,"0.6/1kv 트레이용 절연난연 제어케이블(F-CVV)","2C*6㎟","M",0,0,0,0,0,0,0,0,0,null,null,null,null,"",1]
["TDI55200010S","자재","2612160320684227",null,"제어케이블","제어케이블, 0.6/1kV, TFR-CVV, 2C×6㎟","m",1,2048,2048,0,0,0,0,2048,2048,null,null,"N","N","",1]
["TDI55200010S","자재","2612160320684227",null,"제어케이블","제어케이블, 0.6/1kV, TFR-CVV, 2C×6㎟","m",7.4999999999999997E-2,2048,153.6,0,0,0,0,2048,153.6,null,null,"N","N","",1]
["TDI55200010S","손료","RENT000000000001",null,"잡재료비","배관배선의 2%","식",1,40.9,40.9,0,0,0,0,40.9,40.9,null,null,"N","N",2,1]
["TDI55200010S","손료","RENT000000000002",null,"공구손료","인력품의 3%","식",1,224,224,0,0,0,0,224,224,null,null,"N","N",3,1]
[null,null,null,null,"[합 계]",null,null,0,0,2466,0,7468,0,0,0,9934,null,null,null,null,"",1]
["TDI55300010S",null,null,null,"0.6/1kv 트레이용 절연난연 제어케이블(F-CVV)","3C*6㎟","M",0,0,0,0,0,0,0,0,0,null,null,null,null,"",1]
["TDI55300010S","자재","2612160320684233",null,"제어케이블","제어케이블, 0.6/1kV, TFR-CVV, 3C×6㎟","m",1,2641,2641,0,0,0,0,2641,2641,null,null,"N","N","",1]
["TDI55300010S","손료","RENT000000000001",null,"잡재료비","배관배선의 2%","식",1,52.8,52.8,0,0,0,0,52.8,52.8,null,null,"N","N",2,1]
["TDI55300010S","노무","L001010101000089",null,"통신케이블공","일반공사 직종","인",2.5999999999999999E-2,0,0,414944,10788.5,0,0,414944,10788.5,null,null,"N","N","",1]
["TDI55300010S","손료","RENT000000000002",null,"공구손료","인력품의 3%","식",1,323.60000000000002,323.60000000000002,0,0,0,0,323.60000000000002,323.60000000000002,null,null,"N","N",3,1]
[null,null,null,null,"[합 계]",null,null,0,0,3215,0,10788,0,0,0,14003,null,null,null,null,"",1]
["TDI55400010S",null,null,null,"0.6/1kv 트레이용 절연난연 제어케이블(F-CVV)","4C*6㎟","M",0,0,0,0,0,0,0,0,0,null,null,null,null,"",1]
["TDI55400010S","자재","2612160320684237",null,"제어케이블","제어케이블, 0.6/1kV, TFR-CVV, 4C×6㎟","m",1,3279,3279,0,0,0,0,3279,3279,null,null,"N","N","",1]
["TDI55400010S","손료","RENT000000000001",null,"잡재료비","배관배선의 2%","식",1,65.5,65.5,0,0,0,0,65.5,65.5,null,null,"N","N",2,1]
["TDI55400010S","노무","L001010101000089",null,"통신케이블공","일반공사 직종","인",3.4000000000000002E-2,0,0,414944,14108,0,0,414944,14108,null,null,"N","N","",1]
[null,null,null,null,"[합 계]",null,null,0,0,4013,0,14108,0,0,0,18121,null,null,null,null,"",1]
[null,null,null,null,null,null,null,0,0,0,0,0,0,0,0,0,null,null,null,null,"",1]
["TDI55500010S",null,null,null,"0.6/1kv 트레이용 절연난연 제어케이블(F-CVV)","5C*6㎟","M",0,0,0,0,0,0,0,0,0,null,null,null,null,"",1]
["TDI55500010S","자재","2612160320684241",null,"제어케이블","제어케이블, 0.6/1kV, TFR-CVV, 5C×6㎟","m",1,4009,4009,0,0,0,0,4009,4009,null,null,"N","N","",1]
["TDI55500010S","손료","RENT000000000001",null,"잡재료비","배관배선의 2%","식",1,80.099999999999994,80.099999999999994,0,0,0,0,80.099999999999994,80.099999999999994,null,null,"N","N",2,1]
["TDI55500010S","노무","L001010101000089",null,"통신케이블공","일반공사 직종","인",3.9E-2,0,0,414944,16182.8,0,0,414944,16182.8,null,null,"N","N","",1]
[null,null,null,null,"[합 계]",null,null,0,0,4875,0,16182,0,0,0,21057,null,null,null,null,"",1]
[null,null,null,null,null,null,null,0,0,0,0,0,0,0,0,0,null,null,null,null,"",1]
["TDI55600010S","자재","2612160320684245",null,"제어케이블","제어케이블, 0.6/1kV, TFR-CVV, 6C×6㎟","m",1,4683,4683,0,0,0,0,4683,4683,null,null,"N","N","",1]
["TDI55600010S","자재","2612160320684245",null,"제어케이블","제어케이블, 0.6/1kV, TFR-CVV, 6C×6㎟","m",7.4999999999999997E-2,4683,351.2,0,0,0,0,4683,351.2,null,null,"N","N","",1]
["TDI55600010S","손료","RENT000000000001",null,"잡재료비","배관배선의 2%","식",1,93.6,93.6,0,0,0,0,93.6,93.6,null,null,"N","N",2,1]
["TDI55600010S","노무","L001010101000089",null,"통신케이블공","일반공사 직종","인",4.3999999999999997E-2,0,0,414944,18257.5,0,0,414944,18257.5,null,null,"N","N","",1]
[null,null,null,null,"[합 계]",null,null,0,0,5675,0,18257,0,0,0,23932,null,null,null,null,"",1]
[null,null,null,null,null,null,null,0,0,0,0,0,0,0,0,0,null,null,null,null,"",1]
["TDI55700010S","자재","2612160320684249",null,"제어케이블","제어케이블, 0.6/1kV, TFR-CVV, 7C×6㎟","m",1,5221,5221,0,0,0,0,5221,5221,null,null,"N","N","",1]
["TDI55700010S","자재","2612160320684249",null,"제어케이블","제어케이블, 0.6/1kV, TFR-CVV, 7C×6㎟","m",7.4999999999999997E-2,5221,391.5,0,0,0,0,5221,391.5,null,null,"N","N","",1]
["TDI55700010S","노무","L001010101000089",null,"통신케이블공","일반공사 직종","인",4.8000000000000001E-2,0,0,414944,19917.3,0,0,414944,19917.3,null,null,"N","N","",1]
["TDI55700010S","손료","RENT000000000002",null,"공구손료","인력품의 3%","식",1,597.5,597.5,0,0,0,0,597.5,597.5,null,null,"N","N",3,1]
[null,null,null,null,"[합 계]",null,null,0,0,6314,0,19917,0,0,0,26231,null,null,null,null,"",1]
[null,null,null,null,null,null,null,0,0,0,0,0,0,0,0,0,null,null,null,null,"",1]
["TDI55800010S","자재","2612160320684253",null,"제어케이블","제어케이블, 0.6/1kV, TFR-CVV, 8C×6㎟","m",1,5902,5902,0,0,0,0,5902,5902,null,null,"N","N","",1]
["TDI55800010S","자재","2612160320684253",null,"제어케이블","제어케이블, 0.6/1kV, TFR-CVV, 8C×6㎟","m",7.4999999999999997E-2,5902,442.6,0,0,0,0,5902,442.6,null,null,"N","N","",1]
["TDI55800010S","노무","L001010101000089",null,"통신케이블공","일반공사 직종","인",5.1999999999999998E-2,0,0,414944,21577,0,0,414944,21577,null,null,"N","N","",1]
["TDI55800010S","손료","RENT000000000002",null,"공구손료","인력품의 3%","식",1,647.29999999999995,647.29999999999995,0,0,0,0,647.29999999999995,647.29999999999995,null,null,"N","N",3,1]
[null,null,null,null,"[합 계]",null,null,0,0,7109,0,21577,0,0,0,28686,null,null,null,null,"",1]
[null,null,null,null,null,null,null,0,0,0,0,0,0,0,0,0,null,null,null,null,"",1]
["TDI55A00010S","자재","2612160320684257",null,"제어케이블","제어케이블, 0.6/1kV, TFR-CVV, 10C×6㎟","m",1,7443,7443,0,0,0,0,7443,7443,null,null,"N","N","",1]
["TDI55A00010S","자재","2612160320684257",null,"제어케이블","제어케이블, 0.6/1kV, TFR-CVV, 10C×6㎟","m",7.4999999999999997E-2,7443,558.20000000000005,0,0,0,0,7443,558.20000000000005,null,null,"N","N","",1]
["TDI55A00010S","노무","L001010101000089",null,"통신케이블공","일반공사 직종","인",5.8999999999999997E-2,0,0,414944,24481.599999999999,0,0,414944,24481.599999999999,null,null,"N","N","",1]
["TDI55A00010S","손료","RENT000000000002",null,"공구손료","인력품의 3%","식",1,734.4,734.4,0,0,0,0,734.4,734.4,null,null,"N","N",3,1]
[null,null,null,null,null,null,null,0,0,0,0,0,0,0,0,0,null,null,null,null,"",1]
["TDI55C00010S",null,null,null,"0.6/1kv 트레이용 절연난연 제어케이블(F-CVV)","12C*6㎟","M",0,0,0,0,0,0,0,0,0,null,null,null,null,"",1]
["TDI55C00010S","자재","2612160320684261",null,"제어케이블","제어케이블, 0.6/1kV, TFR-CVV, 12C×6㎟","m",1,8650,8650,0,0,0,0,8650,8650,null,null,"N","N","",1]
["TDI55C00010S","자재","2612160320684261",null,"제어케이블","제어케이블, 0.6/1kV, TFR-CVV, 12C×6㎟","m",7.4999999999999997E-2,8650,648.70000000000005,0,0,0,0,8650,648.70000000000005,null,null,"N","N","",1]
["TDI55C00010S","노무","L001010101000089",null,"통신케이블공","일반공사 직종","인",6.6000000000000003E-2,0,0,414944,27386.3,0,0,414944,27386.3,null,null,"N","N","",1]
["TDI55C00010S","손료","RENT000000000002",null,"공구손료","인력품의 3%","식",1,821.5,821.5,0,0,0,0,821.5,821.5,null,null,"N","N",3,1]
[null,null,null,null,null,null,null,0,0,0,0,0,0,0,0,0,null,null,null,null,"",1]
["TDI55D00010S",null,null,null,"0.6/1kv 트레이용 절연난연 제어케이블(F-CVV)","15C*6㎟","M",0,0,0,0,0,0,0,0,0,null,null,null,null,"",1]
["TDI55D00010S","자재","2612160320684265",null,"제어케이블","제어케이블, 0.6/1kV, TFR-CVV, 15C×6㎟","m",7.4999999999999997E-2,10517,788.7,0,0,0,0,10517,788.7,null,null,"N","N","",1]
["TDI55D00010S","손료","RENT000000000001",null,"잡재료비","배관배선의 2%","식",1,210.3,210.3,0,0,0,0,210.3,210.3,null,null,"N","N",2,1]
["TDI55D00010S","노무","L001010101000089",null,"통신케이블공","일반공사 직종","인",8.8999999999999996E-2,0,0,414944,36930,0,0,414944,36930,null,null,"N","N","",1]
["TDI55D00010S","손료","RENT000000000002",null,"공구손료","인력품의 3%","식",1,1107.9000000000001,1107.9000000000001,0,0,0,0,1107.9000000000001,1107.9000000000001,null,null,"N","N",3,1]
[null,null,null,null,null,null,null,0,0,0,0,0,0,0,0,0,null,null,null,null,"",1]
["TDI61200010S",null,null,null,"0.6/1kv 트레이용 제어케이블(F-CVV-S)","2C*1.5㎟","M",0,0,0,0,0,0,0,0,0,null,null,null,null,"",1]
["TDI61200010S","자재","2612160320684349",null,"제어케이블","제어케이블, 0.6/1kV, TFR-CVV-S, 2C×1.5㎟","m",7.4999999999999997E-2,1351,101.3,0,0,0,0,1351,101.3,null,null,"N","N","",1]
["TDI61200010S","손료","RENT000000000001",null,"잡재료비","배관배선의 2%","식",1,27,27,0,0,0,0,27,27,null,null,"N","N",2,1]
["TDI61200010S","손료","RENT000000000002",null,"공구손료","인력품의 3%","식",1,179.2,179.2,0,0,0,0,179.2,179.2,null,null,"N","N",3,1]
[null,null,null,null,"[합 계]",null,null,0,0,1658,0,5975,0,0,0,7633,null,null,null,null,"",1]
[null,null,null,null,null,null,null,0,0,0,0,0,0,0,0,0,null,null,null,null,"",1]
["TDI61300010S",null,null,null,"0.6/1kv 트레이용 제어케이블(F-CVV-S)","3C*1.5㎟","M",0,0,0,0,0,0,0,0,0,null,null,null,null,"",1]
["TDI61300010S","자재","2612160320684353",null,"제어케이블","제어케이블, 0.6/1kV, TFR-CVV-S, 3C×1.5㎟","m",7.4999999999999997E-2,1697,127.2,0,0,0,0,1697,127.2,null,null,"N","N","",1]
["TDI61300010S","손료","RENT000000000001",null,"잡재료비","배관배선의 2%","식",1,33.9,33.9,0,0,0,0,33.9,33.9,null,null,"N","N",2,1]
["TDI61300010S","손료","RENT000000000002",null,"공구손료","인력품의 3%","식",1,253.9,253.9,0,0,0,0,253.9,253.9,null,null,"N","N",3,1]
[null,null,null,null,"[합 계]",null,null,0,0,2112,0,8464,0,0,0,10576,null,null,null,null,"",1]
["TDI61400010S",null,null,null,"0.6/1kv 트레이용 제어케이블(F-CVV-S)","4C*1.5㎟","M",0,0,0,0,0,0,0,0,0,null,null,null,null,"",1]
["TDI61400010S","자재","2612160320684357",null,"제어케이블","제어케이블, 0.6/1kV, TFR-CVV-S, 4C×1.5㎟","m",1,1983,1983,0,0,0,0,1983,1983,null,null,"N","N","",1]
["TDI61400010S","자재","2612160320684357",null,"제어케이블","제어케이블, 0.6/1kV, TFR-CVV-S, 4C×1.5㎟","m",7.4999999999999997E-2,1983,148.69999999999999,0,0,0,0,1983,148.69999999999999,null,null,"N","N","",1]
["TDI61400010S","손료","RENT000000000001",null,"잡재료비","배관배선의 2%","식",1,39.6,39.6,0,0,0,0,39.6,39.6,null,null,"N","N",2,1]
["TDI61400010S","손료","RENT000000000002",null,"공구손료","인력품의 3%","식",1,343.5,343.5,0,0,0,0,343.5,343.5,null,null,"N","N",3,1]
[null,null,null,null,"[합 계]",null,null,0,0,2514,0,11452,0,0,0,13966,null,null,null,null,"",1]
["TDI61500010S",null,null,null,"0.6/1kv 트레이용 제어케이블(F-CVV-S)","5C*1.5㎟","M",0,0,0,0,0,0,0,0,0,null,null,null,null,"",1]
["TDI61500010S","자재","2612160320684361",null,"제어케이블","제어케이블, 0.6/1kV, TFR-CVV-S, 5C×1.5㎟","m",1,2255,2255,0,0,0,0,2255,2255,null,null,"N","N","",1]
["TDI61500010S","손료","RENT000000000001",null,"잡재료비","배관배선의 2%","식",1,45.1,45.1,0,0,0,0,45.1,45.1,null,null,"N","N",2,1]
["TDI61500010S","노무","L001010101000089",null,"통신케이블공","일반공사 직종","인",3.4799999999999998E-2,0,0,414944,14440,0,0,414944,14440,null,null,"N","N","",1]
["TDI61500010S","손료","RENT000000000002",null,"공구손료","인력품의 3%","식",1,433.2,433.2,0,0,0,0,433.2,433.2,null,null,"N","N",3,1]
[null,null,null,null,"[합 계]",null,null,0,0,2902,0,14440,0,0,0,17342,null,null,null,null,"",1]
["TDI61600010S",null,null,null,"0.6/1kv 트레이용 제어케이블(F-CVV-S)","6C*1.5㎟","M",0,0,0,0,0,0,0,0,0,null,null,null,null,"",1]
["TDI61600010S","자재","2612160320684365",null,"제어케이블","제어케이블, 0.6/1kV, TFR-CVV-S, 6C×1.5㎟","m",1,2572,2572,0,0,0,0,2572,2572,null,null,"N","N","",1]
["TDI61600010S","손료","RENT000000000001",null,"잡재료비","배관배선의 2%","식",1,51.4,51.4,0,0,0,0,51.4,51.4,null,null,"N","N",2,1]
["TDI61600010S","노무","L001010101000089",null,"통신케이블공","일반공사 직종","인",3.8399999999999997E-2,0,0,414944,15933.8,0,0,414944,15933.8,null,null,"N","N","",1]
[null,null,null,null,"[합 계]",null,null,0,0,3294,0,15933,0,0,0,19227,null,null,null,null,"",1]
[null,null,null,null,null,null,null,0,0,0,0,0,0,0,0,0,null,null,null,null,"",1]
["TDI61700010S",null,null,null,"0.6/1kv 트레이용 제어케이블(F-CVV-S)","7C*1.5㎟","M",0,0,0,0,0,0,0,0,0,null,null,null,null,"",1]
["TDI61700010S","자재","2612160320684369",null,"제어케이블","제어케이블, 0.6/1kV, TFR-CVV-S, 7C×1.5㎟","m",1,2766,2766,0,0,0,0,2766,2766,null,null,"N","N","",1]
["TDI61700010S","손료","RENT000000000001",null,"잡재료비","배관배선의 2%","식",1,55.3,55.3,0,0,0,0,55.3,55.3,null,null,"N","N",2,1]
["TDI61700010S","노무","L001010101000089",null,"통신케이블공","일반공사 직종","인",4.2000000000000003E-2,0,0,414944,17427.599999999999,0,0,414944,17427.599999999999,null,null,"N","N","",1]
[null,null,null,null,"[합 계]",null,null,0,0,3551,0,17427,0,0,0,20978,null,null,null,null,"",1]
[null,null,null,null,null,null,null,0,0,0,0,0,0,0,0,0,null,null,null,null,"",1]
["TDI61800010S",null,null,null,"0.6/1kv 트레이용 제어케이블(F-CVV-S)","8C*1.5㎟","M",0,0,0,0,0,0,0,0,0,null,null,null,null,"",1]
["TDI61800010S","자재","2612160320684373",null,"제어케이블","제어케이블, 0.6/1kV, TFR-CVV-S, 8C×1.5㎟","m",1,3052,3052,0,0,0,0,3052,3052,null,null,"N","N","",1]
["TDI61800010S","손료","RENT000000000001",null,"잡재료비","배관배선의 2%","식",1,61,61,0,0,0,0,61,61,null,null,"N","N",2,1]
["TDI61800010S","노무","L001010101000089",null,"통신케이블공","일반공사 직종","인",4.5600000000000002E-2,0,0,414944,18921.400000000001,0,0,414944,18921.400000000001,null,null,"N","N","",1]
[null,null,null,null,"[합 계]",null,null,0,0,3909,0,18921,0,0,0,22830,null,null,null,null,"",1]
[null,null,null,null,null,null,null,0,0,0,0,0,0,0,0,0,null,null,null,null,"",1]
["TDI61A00010S","자재","2612160320684377",null,"제어케이블","제어케이블, 0.6/1kV, TFR-CVV-S, 10C×1.5㎟","m",1,3785,3785,0,0,0,0,3785,3785,null,null,"N","N","",1]
["TDI61A00010S","자재","2612160320684377",null,"제어케이블","제어케이블, 0.6/1kV, TFR-CVV-S, 10C×1.5㎟","m",7.4999999999999997E-2,3785,283.8,0,0,0,0,3785,283.8,null,null,"N","N","",1]
["TDI61A00010S","손료","RENT000000000001",null,"잡재료비","배관배선의 2%","식",1,75.7,75.7,0,0,0,0,75.7,75.7,null,null,"N","N",2,1]
["TDI61A00010S","노무","L001010101000089",null,"통신케이블공","일반공사 직종","인",5.16E-2,0,0,414944,21411.1,0,0,414944,21411.1,null,null,"N","N","",1]
[null,null,null,null,"[합 계]",null,null,0,0,4786,0,21411,0,0,0,26197,null,null,null,null,"",1]
[null,null,null,null,null,null,null,0,0,0,0,0,0,0,0,0,null,null,null,null,"",1]
["TDI61C00010S","자재","2612160320684381",null,"제어케이블","제어케이블, 0.6/1kV, TFR-CVV-S, 12C×1.5㎟","m",1,4224,4224,0,0,0,0,4224,4224,null,null,"N","N","",1]
["TDI61C00010S","자재","2612160320684381",null,"제어케이블","제어케이블, 0.6/1kV, TFR-CVV-S, 12C×1.5㎟","m",7.4999999999999997E-2,4224,316.8,0,0,0,0,4224,316.8,null,null,"N","N","",1]
["TDI61C00010S","노무","L001010101000089",null,"통신케이블공","일반공사 직종","인",5.8799999999999998E-2,0,0,414944,24398.7,0,0,414944,24398.7,null,null,"N","N","",1]
["TDI61C00010S","손료","RENT000000000002",null,"공구손료","인력품의 3%","식",1,731.9,731.9,0,0,0,0,731.9,731.9,null,null,"N","N",3,1]
[null,null,null,null,"[합 계]",null,null,0,0,5357,0,24398,0,0,0,29755,null,null,null,null,"",1]
[null,null,null,null,null,null,null,0,0,0,0,0,0,0,0,0,null,null,null,null,"",1]
["TDI61D00010S","자재","2612160320684385",null,"제어케이블","제어케이블, 0.6/1kV, TFR-CVV-S, 15C×1.5㎟","m",1,5030,5030,0,0,0,0,5030,5030,null,null,"N","N","",1]
["TDI61D00010S","자재","2612160320684385",null,"제어케이블","제어케이블, 0.6/1kV, TFR-CVV-S, 15C×1.5㎟","m",7.4999999999999997E-2,5030,377.2,0,0,0,0,5030,377.2,null,null,"N","N","",1]
["TDI61D00010S","노무","L001010101000089",null,"통신케이블공","일반공사 직종","인",7.8E-2,0,0,414944,32365.599999999999,0,0,414944,32365.599999999999,null,null,"N","N","",1]
["TDI61D00010S","손료","RENT000000000002",null,"공구손료","인력품의 3%","식",1,970.9,970.9,0,0,0,0,970.9,970.9,null,null,"N","N",3,1]
[null,null,null,null,null,null,null,0,0,0,0,0,0,0,0,0,null,null,null,null,"",1]
["TDI61E00010S",null,null,null,"0.6/1kv 트레이용 제어케이블(F-CVV-S)","20C*1.5㎟","M",0,0,0,0,0,0,0,0,0,null,null,null,null,"",1]
["TDI61E00010S","자재","2612160320684389",null,"제어케이블","제어케이블, 0.6/1kV, TFR-CVV-S, 20C×1.5㎟","m",1,6212,6212,0,0,0,0,6212,6212,null,null,"N","N","",1]
["TDI61E00010S","자재","2612160320684389",null,"제어케이블","제어케이블, 0.6/1kV, TFR-CVV-S, 20C×1.5㎟","m",7.4999999999999997E-2,6212,465.9,0,0,0,0,6212,465.9,null,null,"N","N","",1]
["TDI61E00010S","노무","L001010101000089",null,"통신케이블공","일반공사 직종","인",9.1200000000000003E-2,0,0,414944,37842.800000000003,0,0,414944,37842.800000000003,null,null,"N","N","",1]
["TDI61E00010S","손료","RENT000000000002",null,"공구손료","인력품의 3%","식",1,1135.2,1135.2,0,0,0,0,1135.2,1135.2,null,null,"N","N",3,1]
[null,null,null,null,null,null,null,0,0,0,0,0,0,0,0,0,null,null,null,null,"",1]
["TDI61F00010S",null,null,null,"0.6/1kv 트레이용 제어케이블(F-CVV-S)","25C*1.5㎟","M",0,0,0,0,0,0,0,0,0,null,null,null,null,"",1]
["TDI61F00010S","자재","2612160320684393",null,"제어케이블","제어케이블, 0.6/1kV, TFR-CVV-S, 25C×1.5㎟","m",7.4999999999999997E-2,7535,565.1,0,0,0,0,7535,565.1,null,null,"N","N","",1]
["TDI61F00010S","손료","RENT000000000001",null,"잡재료비","배관배선의 2%","식",1,150.69999999999999,150.69999999999999,0,0,0,0,150.69999999999999,150.69999999999999,null,null,"N","N",2,1]
["TDI61F00010S","노무","L001010101000089",null,"통신케이블공","일반공사 직종","인",0.1032,0,0,414944,42822.2,0,0,414944,42822.2,null,null,"N","N","",1]
["TDI61F00010S","손료","RENT000000000002",null,"공구손료","인력품의 3%","식",1,1284.5999999999999,1284.5999999999999,0,0,0,0,1284.5999999999999,1284.5999999999999,null,null,"N","N",3,1]
[null,null,null,null,null,null,null,0,0,0,0,0,0,0,0,0,null,null,null,null,"",1]
["TDI61G00010S",null,null,null,"0.6/1kv 트레이용 제어케이블(F-CVV-S)","30C*1.5㎟","M",0,0,0,0,0,0,0,0,0,null,null,null,null,"",1]
["TDI61G00010S","자재","2612160320684397",null,"제어케이블","제어케이블, 0.6/1kV, TFR-CVV-S, 30C×1.5㎟","m",7.4999999999999997E-2,8983,673.7,0,0,0,0,8983,673.7,null,null,"N","N","",1]
["TDI61G00010S","손료","RENT000000000001",null,"잡재료비","배관배선의 2%","식",1,179.6,179.6,0,0,0,0,179.6,179.6,null,null,"N","N",2,1]
["TDI61G00010S","손료","RENT000000000002",null,"공구손료","인력품의 3%","식",1,1284.5999999999999,1284.5999999999999,0,0,0,0,1284.5999999999999,1284.5999999999999,null,null,"N","N",3,1]
[null,null,null,null,"[합 계]",null,null,0,0,11120,0,42822,0,0,0,53942,null,null,null,null,"",1]
[null,null,null,null,null,null,null,0,0,0,0,0,0,0,0,0,null,null,null,null,"",1]
["TDI61G00020S",null,null,null,"0.6/1kv 트레이용 제어케이블(F-CVV-S)","40C*1.5㎟","M",0,0,0,0,0,0,0,0,0,null,null,null,null,"",1]
["TDI61G00020S","자재","2612160320684401",null,"제어케이블","제어케이블, 0.6/1kV, TFR-CVV-S, 40C×1.5㎟","m",7.4999999999999997E-2,12780,958.5,0,0,0,0,12780,958.5,null,null,"N","N","",1]
["TDI61G00020S","손료","RENT000000000001",null,"잡재료비","배관배선의 2%","식",1,255.6,255.6,0,0,0,0,255.6,255.6,null,null,"N","N",2,1]
["TDI61G00020S","손료","RENT000000000002",null,"공구손료","인력품의 3%","식",1,1508.7,1508.7,0,0,0,0,1508.7,1508.7,null,null,"N","N",3,1]
[null,null,null,null,"[합 계]",null,null,0,0,15502,0,50291,0,0,0,65793,null,null,null,null,"",1]
[null,null,null,null,null,null,null,0,0,0,0,0,0,0,0,0,null,null,null,null,"",1]
["TDI61H00010S",null,null,null,"0.6/1kv 트레이용 제어케이블(F-CVV-S)","50C*1.5㎟","M",0,0,0,0,0,0,0,0,0,null,null,null,null,"",1]
["TDI61H00010S","자재","2612160320684405",null,"제어케이블","제어케이블, 0.6/1kV, TFR-CVV-S, 50C×1.5㎟","m",7.4999999999999997E-2,15001,1125,0,0,0,0,15001,1125,null,null,"N","N","",1]
["TDI61H00010S","손료","RENT000000000001",null,"잡재료비","배관배선의 2%","식",1,300,300,0,0,0,0,300,300,null,null,"N","N",2,1]
["TDI61H00010S","손료","RENT000000000002",null,"공구손료","인력품의 3%","식",1,1508.7,1508.7,0,0,0,0,1508.7,1508.7,null,null,"N","N",3,1]
[null,null,null,null,"[합 계]",null,null,0,0,17934,0,50291,0,0,0,68225,null,null,null,null,"",1]
["TDI63200010S",null,null,null,"0.6/1kv 트레이용 제어케이블(F-CVV-S)","2C*2.5㎟","M",0,0,0,0,0,0,0,0,0,null,null,null,null,"",1]
["TDI63200010S","자재","2612160320684350",null,"제어케이블","제어케이블, 0.6/1kV, TFR-CVV-S, 2C×2.5㎟","m",1,1607,1607,0,0,0,0,1607,1607,null,null,"N","N","",1]
["TDI63200010S","자재","2612160320684350",null,"제어케이블","제어케이블, 0.6/1kV, TFR-CVV-S, 2C×2.5㎟","m",7.4999999999999997E-2,1607,120.5,0,0,0,0,1607,120.5,null,null,"N","N","",1]
["TDI63200010S","손료","RENT000000000001",null,"잡재료비","배관배선의 2%","식",1,32.1,32.1,0,0,0,0,32.1,32.1,null,null,"N","N",2,1]
["TDI63200010S","손료","RENT000000000002",null,"공구손료","인력품의 3%","식",1,209.1,209.1,0,0,0,0,209.1,209.1,null,null,"N","N",3,1]
[null,null,null,null,"[합 계]",null,null,0,0,1968,0,6971,0,0,0,8939,null,null,null,null,"",1]
["TDI63300010S",null,null,null,"0.6/1kv 트레이용 제어케이블(F-CVV-S)","3C*2.5㎟","M",0,0,0,0,0,0,0,0,0,null,null,null,null,"",1]
["TDI63300010S","자재","2612160320684354",null,"제어케이블","제어케이블, 0.6/1kV, TFR-CVV-S, 3C×2.5㎟","m",1,2007,2007,0,0,0,0,2007,2007,null,null,"N","N","",1]
["TDI63300010S","손료","RENT000000000001",null,"잡재료비","배관배선의 2%","식",1,40.1,40.1,0,0,0,0,40.1,40.1,null,null,"N","N",2,1]
["TDI63300010S","노무","L001010101000089",null,"통신케이블공","일반공사 직종","인",2.2800000000000001E-2,0,0,414944,9460.7000000000007,0,0,414944,9460.7000000000007,null,null,"N","N","",1]
["TDI63300010S","손료","RENT000000000002",null,"공구손료","인력품의 3%","식",1,283.8,283.8,0,0,0,0,283.8,283.8,null,null,"N","N",3,1]
[null,null,null,null,"[합 계]",null,null,0,0,2481,0,9460,0,0,0,11941,null,null,null,null,"",1]
["TDI63400010S",null,null,null,"0.6/1kv 트레이용 제어케이블(F-CVV-S)","4C*2.5㎟","M",0,0,0,0,0,0,0,0,0,null,null,null,null,"",1]
["TDI63400010S","자재","2612160320684358",null,"제어케이블","제어케이블, 0.6/1kV, TFR-CVV-S, 4C×2.5㎟","m",1,2444,2444,0,0,0,0,2444,2444,null,null,"N","N","",1]
["TDI63400010S","손료","RENT000000000001",null,"잡재료비","배관배선의 2%","식",1,48.8,48.8,0,0,0,0,48.8,48.8,null,null,"N","N",2,1]
["TDI63400010S","노무","L001010101000089",null,"통신케이블공","일반공사 직종","인",3.1199999999999999E-2,0,0,414944,12946.2,0,0,414944,12946.2,null,null,"N","N","",1]
[null,null,null,null,"[합 계]",null,null,0,0,3064,0,12946,0,0,0,16010,null,null,null,null,"",1]
[null,null,null,null,null,null,null,0,0,0,0,0,0,0,0,0,null,null,null,null,"",1]
["TDI63500010S",null,null,null,"0.6/1kv 트레이용 제어케이블(F-CVV-S)","5C*2.5㎟","M",0,0,0,0,0,0,0,0,0,null,null,null,null,"",1]
["TDI63500010S","자재","2612160320684362",null,"제어케이블","제어케이블, 0.6/1kV, TFR-CVV-S, 5C×2.5㎟","m",1,2790,2790,0,0,0,0,2790,2790,null,null,"N","N","",1]
["TDI63500010S","손료","RENT000000000001",null,"잡재료비","배관배선의 2%","식",1,55.8,55.8,0,0,0,0,55.8,55.8,null,null,"N","N",2,1]
["TDI63500010S","노무","L001010101000089",null,"통신케이블공","일반공사 직종","인",3.8399999999999997E-2,0,0,414944,15933.8,0,0,414944,15933.8,null,null,"N","N","",1]
[null,null,null,null,"[합 계]",null,null,0,0,3533,0,15933,0,0,0,19466,null,null,null,null,"",1]
[null,null,null,null,null,null,null,0,0,0,0,0,0,0,0,0,null,null,null,null,"",1]
["TDI63600010S","자재","2612160320684366",null,"제어케이블","제어케이블, 0.6/1kV, TFR-CVV-S, 6C×2.5㎟","m",1,3274,3274,0,0,0,0,3274,3274,null,null,"N","N","",1]
["TDI63600010S","자재","2612160320684366",null,"제어케이블","제어케이블, 0.6/1kV, TFR-CVV-S, 6C×2.5㎟","m",7.4999999999999997E-2,3274,245.5,0,0,0,0,3274,245.5,null,null,"N","N","",1]
["TDI63600010S","손료","RENT000000000001",null,"잡재료비","배관배선의 2%","식",1,65.400000000000006,65.400000000000006,0,0,0,0,65.400000000000006,65.400000000000006,null,null,"N","N",2,1]
["TDI63600010S","노무","L001010101000089",null,"통신케이블공","일반공사 직종","인",4.2000000000000003E-2,0,0,414944,17427.599999999999,0,0,414944,17427.599999999999,null,null,"N","N","",1]
[null,null,null,null,"[합 계]",null,null,0,0,4107,0,17427,0,0,0,21534,null,null,null,null,"",1]
[null,null,null,null,null,null,null,0,0,0,0,0,0,0,0,0,null,null,null,null,"",1]
["TDI63700010S","자재","2612160320684370",null,"제어케이블","제어케이블, 0.6/1kV, TFR-CVV-S, 7C×2.5㎟","m",1,3542,3542,0,0,0,0,3542,3542,null,null,"N","N","",1]
["TDI63700010S","자재","2612160320684370",null,"제어케이블","제어케이블, 0.6/1kV, TFR-CVV-S, 7C×2.5㎟","m",7.4999999999999997E-2,3542,265.60000000000002,0,0,0,0,3542,265.60000000000002,null,null,"N","N","",1]
["TDI63700010S","노무","L001010101000089",null,"통신케이블공","일반공사 직종","인",4.6800000000000001E-2,0,0,414944,19419.3,0,0,414944,19419.3,null,null,"N","N","",1]
["TDI63700010S","손료","RENT000000000002",null,"공구손료","인력품의 3%","식",1,582.5,582.5,0,0,0,0,582.5,582.5,null,null,"N","N",3,1]
[null,null,null,null,"[합 계]",null,null,0,0,4460,0,19419,0,0,0,23879,null,null,null,null,"",1]
[null,null,null,null,null,null,null,0,0,0,0,0,0,0,0,0,null,null,null,null,"",1]
["TDI63800010S","자재","2612160320684374",null,"제어케이블","제어케이블, 0.6/1kV, TFR-CVV-S, 8C×2.5㎟","m",1,3946,3946,0,0,0,0,3946,3946,null,null,"N","N","",1]
["TDI63800010S","자재","2612160320684374",null,"제어케이블","제어케이블, 0.6/1kV, TFR-CVV-S, 8C×2.5㎟","m",7.4999999999999997E-2,3946,295.89999999999998,0,0,0,0,3946,295.89999999999998,null,null,"N","N","",1]
["TDI63800010S","노무","L001010101000089",null,"통신케이블공","일반공사 직종","인",5.04E-2,0,0,414944,20913.099999999999,0,0,414944,20913.099999999999,null,null,"N","N","",1]
["TDI63800010S","손료","RENT000000000002",null,"공구손료","인력품의 3%","식",1,627.29999999999995,627.29999999999995,0,0,0,0,627.29999999999995,627.29999999999995,null,null,"N","N",3,1]
[null,null,null,null,null,null,null,0,0,0,0,0,0,0,0,0,null,null,null,null,"",1]
["TDI63A00010S",null,null,null,"0.6/1kv 트레이용 제어케이블(F-CVV-S)","10C*2.5㎟","M",0,0,0,0,0,0,0,0,0,null,null,null,null,"",1]
["TDI63A00010S","자재","2612160320684378",null,"제어케이블","제어케이블, 0.6/1kV, TFR-CVV-S, 10C×2.5㎟","m",1,4973,4973,0,0,0,0,4973,4973,null,null,"N","N","",1]
["TDI63A00010S","자재","2612160320684378",null,"제어케이블","제어케이블, 0.6/1kV, TFR-CVV-S, 10C×2.5㎟","m",7.4999999999999997E-2,4973,372.9,0,0,0,0,4973,372.9,null,null,"N","N","",1]
["TDI63A00010S","노무","L001010101000089",null,"통신케이블공","일반공사 직종","인",5.7599999999999998E-2,0,0,414944,23900.7,0,0,414944,23900.7,null,null,"N","N","",1]
["TDI63A00010S","손료","RENT000000000002",null,"공구손료","인력품의 3%","식",1,717,717,0,0,0,0,717,717,null,null,"N","N",3,1]
[null,null,null,null,null,null,null,0,0,0,0,0,0,0,0,0,null,null,null,null,"",1]
["TDI63C00010S",null,null,null,"0.6/1kv 트레이용 제어케이블(F-CVV-S)","12C*2.5㎟","M",0,0,0,0,0,0,0,0,0,null,null,null,null,"",1]
["TDI63C00010S","자재","2612160320684382",null,"제어케이블","제어케이블, 0.6/1kV, TFR-CVV-S, 12C×2.5㎟","m",1,5470,5470,0,0,0,0,5470,5470,null,null,"N","N","",1]
["TDI63C00010S","자재","2612160320684382",null,"제어케이블","제어케이블, 0.6/1kV, TFR-CVV-S, 12C×2.5㎟","m",7.4999999999999997E-2,5470,410.2,0,0,0,0,5470,410.2,null,null,"N","N","",1]
["TDI63C00010S","노무","L001010101000089",null,"통신케이블공","일반공사 직종","인",6.4799999999999996E-2,0,0,414944,26888.3,0,0,414944,26888.3,null,null,"N","N","",1]
["TDI63C00010S","손료","RENT000000000002",null,"공구손료","인력품의 3%","식",1,806.6,806.6,0,0,0,0,806.6,806.6,null,null,"N","N",3,1]
[null,null,null,null,null,null,null,0,0,0,0,0,0,0,0,0,null,null,null,null,"",1]
["TDI63D00010S",null,null,null,"0.6/1kv 트레이용 제어케이블(F-CVV-S)","15C*2.5㎟","M",0,0,0,0,0,0,0,0,0,null,null,null,null,"",1]
["TDI63D00010S","자재","2612160320684386",null,"제어케이블","제어케이블, 0.6/1kV, TFR-CVV-S, 15C×2.5㎟","m",7.4999999999999997E-2,6456,484.2,0,0,0,0,6456,484.2,null,null,"N","N","",1]
["TDI63D00010S","손료","RENT000000000001",null,"잡재료비","배관배선의 2%","식",1,129.1,129.1,0,0,0,0,129.1,129.1,null,null,"N","N",2,1]
["TDI63D00010S","노무","L001010101000089",null,"통신케이블공","일반공사 직종","인",8.6400000000000005E-2,0,0,414944,35851.1,0,0,414944,35851.1,null,null,"N","N","",1]
["TDI63D00010S","손료","RENT000000000002",null,"공구손료","인력품의 3%","식",1,1075.5,1075.5,0,0,0,0,1075.5,1075.5,null,null,"N","N",3,1]
[null,null,null,null,null,null,null,0,0,0,0,0,0,0,0,0,null,null,null,null,"",1]
["TDI63E00010S",null,null,null,"0.6/1kv 트레이용 제어케이블(F-CVV-S)","20C*2.5㎟","M",0,0,0,0,0,0,0,0,0,null,null,null,null,"",1]
["TDI63E00010S","자재","2612160320684390",null,"제어케이블","제어케이블, 0.6/1kV, TFR-CVV-S, 20C×2.5㎟","m",7.4999999999999997E-2,8204,615.29999999999995,0,0,0,0,8204,615.29999999999995,null,null,"N","N","",1]
["TDI63E00010S","손료","RENT000000000001",null,"잡재료비","배관배선의 2%","식",1,164,164,0,0,0,0,164,164,null,null,"N","N",2,1]
["TDI63E00010S","손료","RENT000000000002",null,"공구손료","인력품의 3%","식",1,125.4,125.4,0,0,0,0,125.4,125.4,null,null,"N","N",3,1]
[null,null,null,null,"[합 계]",null,null,0,0,9108,0,4182,0,0,0,13290,null,null,null,null,"",1]
[null,null,null,null,null,null,null,0,0,0,0,0,0,0,0,0,null,null,null,null,"",1]
["TDI63F00010S",null,null,null,"0.6/1kv 트레이용 제어케이블(F-CVV-S)","25C*2.5㎟","M",0,0,0,0,0,0,0,0,0,null,null,null,null,"",1]
["TDI63F00010S","자재","2612160320684394",null,"제어케이블","제어케이블, 0.6/1kV, TFR-CVV-S, 25C×2.5㎟","m",7.4999999999999997E-2,10087,756.5,0,0,0,0,10087,756.5,null,null,"N","N","",1]
["TDI63F00010S","손료","RENT000000000001",null,"잡재료비","배관배선의 2%","식",1,201.7,201.7,0,0,0,0,201.7,201.7,null,null,"N","N",2,1]
["TDI63F00010S","손료","RENT000000000002",null,"공구손료","인력품의 3%","식",1,1463.9,1463.9,0,0,0,0,1463.9,1463.9,null,null,"N","N",3,1]
[null,null,null,null,"[합 계]",null,null,0,0,12509,0,48797,0,0,0,61306,null,null,null,null,"",1]
["TDI63G00010S",null,null,null,"0.6/1kv 트레이용 제어케이블(F-CVV-S)","30C*2.5㎟","M",0,0,0,0,0,0,0,0,0,null,null,null,null,"",1]
["TDI63G00010S","자재","2612160320684398",null,"제어케이블","제어케이블, 0.6/1kV, TFR-CVV-S, 30C×2.5㎟","m",1,11989,11989,0,0,0,0,11989,11989,null,null,"N","N","",1]
["TDI63G00010S","자재","2612160320684398",null,"제어케이블","제어케이블, 0.6/1kV, TFR-CVV-S, 30C×2.5㎟","m",7.4999999999999997E-2,11989,899.1,0,0,0,0,11989,899.1,null,null,"N","N","",1]
["TDI63G00010S","손료","RENT000000000001",null,"잡재료비","배관배선의 2%","식",1,239.7,239.7,0,0,0,0,239.7,239.7,null,null,"N","N",2,1]
["TDI63G00010S","손료","RENT000000000002",null,"공구손료","인력품의 3%","식",1,1463.9,1463.9,0,0,0,0,1463.9,1463.9,null,null,"N","N",3,1]
[null,null,null,null,"[합 계]",null,null,0,0,14591,0,48797,0,0,0,63388,null,null,null,null,"",1]
["TDI63G00020S",null,null,null,"0.6/1kv 트레이용 제어케이블(F-CVV-S)","40C*2.5㎟","M",0,0,0,0,0,0,0,0,0,null,null,null,null,"",1]
["TDI63G00020S","자재","2612160320684402",null,"제어케이블","제어케이블, 0.6/1kV, TFR-CVV-S, 40C×2.5㎟","m",1,16708,16708,0,0,0,0,16708,16708,null,null,"N","N","",1]
["TDI63G00020S","손료","RENT000000000001",null,"잡재료비","배관배선의 2%","식",1,334.1,334.1,0,0,0,0,334.1,334.1,null,null,"N","N",2,1]
["TDI63G00020S","노무","L001010101000089",null,"통신케이블공","일반공사 직종","인",0.13439999999999999,0,0,414944,55768.4,0,0,414944,55768.4,null,null,"N","N","",1]
["TDI63G00020S","손료","RENT000000000002",null,"공구손료","인력품의 3%","식",1,1673,1673,0,0,0,0,1673,1673,null,null,"N","N",3,1]
[null,null,null,null,"[합 계]",null,null,0,0,19968,0,55768,0,0,0,75736,null,null,null,null,"",1]
["TDI63H00010S",null,null,null,"0.6/1kv 트레이용 제어케이블(F-CVV-S)","50C*2.5㎟","M",0,0,0,0,0,0,0,0,0,null,null,null,null,"",1]
["TDI63H00010S","자재","2612160320684406",null,"제어케이블","제어케이블, 0.6/1kV, TFR-CVV-S, 50C×2.5㎟","m",1,20579,20579,0,0,0,0,20579,20579,null,null,"N","N","",1]
["TDI63H00010S","손료","RENT000000000001",null,"잡재료비","배관배선의 2%","식",1,411.5,411.5,0,0,0,0,411.5,411.5,null,null,"N","N",2,1]
["TDI63H00010S","노무","L001010101000089",null,"통신케이블공","일반공사 직종","인",0.13439999999999999,0,0,414944,55768.4,0,0,414944,55768.4,null,null,"N","N","",1]
[null,null,null,null,"[합 계]",null,null,0,0,24206,0,55768,0,0,0,79974,null,null,null,null,"",1]
[null,null,null,null,null,null,null,0,0,0,0,0,0,0,0,0,null,null,null,null,"",1]
["TDI64200010S",null,null,null,"0.6/1kv 트레이용 제어케이블(F-CVV-S)","2C*4㎟","M",0,0,0,0,0,0,0,0,0,null,null,null,null,"",1]
["TDI64200010S","자재","2612160320684351",null,"제어케이블","제어케이블, 0.6/1kV, TFR-CVV-S, 2C×4㎟","m",1,2186,2186,0,0,0,0,2186,2186,null,null,"N","N","",1]
["TDI64200010S","손료","RENT000000000001",null,"잡재료비","배관배선의 2%","식",1,43.7,43.7,0,0,0,0,43.7,43.7,null,null,"N","N",2,1]
["TDI64200010S","노무","L001010101000089",null,"통신케이블공","일반공사 직종","인",1.9199999999999998E-2,0,0,414944,7966.9,0,0,414944,7966.9,null,null,"N","N","",1]
[null,null,null,null,"[합 계]",null,null,0,0,2632,0,7966,0,0,0,10598,null,null,null,null,"",1]
[null,null,null,null,null,null,null,0,0,0,0,0,0,0,0,0,null,null,null,null,"",1]
["TDI64300010S",null,null,null,"0.6/1kv 트레이용 제어케이블(F-CVV-S)","3C*4㎟","M",0,0,0,0,0,0,0,0,0,null,null,null,null,"",1]
["TDI64300010S","자재","2612160320684355",null,"제어케이블","제어케이블, 0.6/1kV, TFR-CVV-S, 3C×4㎟","m",1,2735,2735,0,0,0,0,2735,2735,null,null,"N","N","",1]
["TDI64300010S","손료","RENT000000000001",null,"잡재료비","배관배선의 2%","식",1,54.7,54.7,0,0,0,0,54.7,54.7,null,null,"N","N",2,1]
["TDI64300010S","노무","L001010101000089",null,"통신케이블공","일반공사 직종","인",2.64E-2,0,0,414944,10954.5,0,0,414944,10954.5,null,null,"N","N","",1]
[null,null,null,null,"[합 계]",null,null,0,0,3323,0,10954,0,0,0,14277,null,null,null,null,"",1]
[null,null,null,null,null,null,null,0,0,0,0,0,0,0,0,0,null,null,null,null,"",1]
["TDI64400010S","자재","2612160320684359",null,"제어케이블","제어케이블, 0.6/1kV, TFR-CVV-S, 4C×4㎟","m",1,3346,3346,0,0,0,0,3346,3346,null,null,"N","N","",1]
["TDI64400010S","자재","2612160320684359",null,"제어케이블","제어케이블, 0.6/1kV, TFR-CVV-S, 4C×4㎟","m",7.4999999999999997E-2,3346,250.9,0,0,0,0,3346,250.9,null,null,"N","N","",1]
["TDI64400010S","손료","RENT000000000001",null,"잡재료비","배관배선의 2%","식",1,66.900000000000006,66.900000000000006,0,0,0,0,66.900000000000006,66.900000000000006,null,null,"N","N",2,1]
["TDI64400010S","노무","L001010101000089",null,"통신케이블공","일반공사 직종","인",3.4799999999999998E-2,0,0,414944,14440,0,0,414944,14440,null,null,"N","N","",1]
[null,null,null,null,"[합 계]",null,null,0,0,4097,0,14440,0,0,0,18537,null,null,null,null,"",1]
[null,null,null,null,null,null,null,0,0,0,0,0,0,0,0,0,null,null,null,null,"",1]
["TDI64500010S","자재","2612160320684363",null,"제어케이블","제어케이블, 0.6/1kV, TFR-CVV-S, 5C×4㎟","m",1,3946,3946,0,0,0,0,3946,3946,null,null,"N","N","",1]
["TDI64500010S","자재","2612160320684363",null,"제어케이블","제어케이블, 0.6/1kV, TFR-CVV-S, 5C×4㎟","m",7.4999999999999997E-2,3946,295.89999999999998,0,0,0,0,3946,295.89999999999998,null,null,"N","N","",1]
["TDI64500010S","노무","L001010101000089",null,"통신케이블공","일반공사 직종","인",4.0800000000000003E-2,0,0,414944,16929.7,0,0,414944,16929.7,null,null,"N","N","",1]
["TDI64500010S","손료","RENT000000000002",null,"공구손료","인력품의 3%","식",1,507.8,507.8,0,0,0,0,507.8,507.8,null,null,"N","N",3,1]
[null,null,null,null,"[합 계]",null,null,0,0,4828,0,16929,0,0,0,21757,null,null,null,null,"",1]
[null,null,null,null,null,null,null,0,0,0,0,0,0,0,0,0,null,null,null,null,"",1]
["TDI64600010S","자재","2612160320684367",null,"제어케이블","제어케이블, 0.6/1kV, TFR-CVV-S, 6C×4㎟","m",1,4615,4615,0,0,0,0,4615,4615,null,null,"N","N","",1]
["TDI64600010S","자재","2612160320684367",null,"제어케이블","제어케이블, 0.6/1kV, TFR-CVV-S, 6C×4㎟","m",7.4999999999999997E-2,4615,346.1,0,0,0,0,4615,346.1,null,null,"N","N","",1]
["TDI64600010S","노무","L001010101000089",null,"통신케이블공","일반공사 직종","인",4.5600000000000002E-2,0,0,414944,18921.400000000001,0,0,414944,18921.400000000001,null,null,"N","N","",1]
["TDI64600010S","손료","RENT000000000002",null,"공구손료","인력품의 3%","식",1,567.6,567.6,0,0,0,0,567.6,567.6,null,null,"N","N",3,1]
[null,null,null,null,null,null,null,0,0,0,0,0,0,0,0,0,null,null,null,null,"",1]
["TDI64700010S",null,null,null,"0.6/1kv 트레이용 제어케이블(F-CVV-S)","7C*4㎟","M",0,0,0,0,0,0,0,0,0,null,null,null,null,"",1]
["TDI64700010S","자재","2612160320684371",null,"제어케이블","제어케이블, 0.6/1kV, TFR-CVV-S, 7C×4㎟","m",1,5056,5056,0,0,0,0,5056,5056,null,null,"N","N","",1]
["TDI64700010S","자재","2612160320684371",null,"제어케이블","제어케이블, 0.6/1kV, TFR-CVV-S, 7C×4㎟","m",7.4999999999999997E-2,5056,379.2,0,0,0,0,5056,379.2,null,null,"N","N","",1]
["TDI64700010S","노무","L001010101000089",null,"통신케이블공","일반공사 직종","인",5.04E-2,0,0,414944,20913.099999999999,0,0,414944,20913.099999999999,null,null,"N","N","",1]
["TDI64700010S","손료","RENT000000000002",null,"공구손료","인력품의 3%","식",1,627.29999999999995,627.29999999999995,0,0,0,0,627.29999999999995,627.29999999999995,null,null,"N","N",3,1]
[null,null,null,null,null,null,null,0,0,0,0,0,0,0,0,0,null,null,null,null,"",1]
["TDI64800010S",null,null,null,"0.6/1kv 트레이용 제어케이블(F-CVV-S)","8C*4㎟","M",0,0,0,0,0,0,0,0,0,null,null,null,null,"",1]
["TDI64800010S","자재","2612160320684375",null,"제어케이블","제어케이블, 0.6/1kV, TFR-CVV-S, 8C×4㎟","m",7.4999999999999997E-2,5848,438.6,0,0,0,0,5848,438.6,null,null,"N","N","",1]
["TDI64800010S","손료","RENT000000000001",null,"잡재료비","배관배선의 2%","식",1,116.9,116.9,0,0,0,0,116.9,116.9,null,null,"N","N",2,1]
["TDI64800010S","노무","L001010101000089",null,"통신케이블공","일반공사 직종","인",5.5199999999999999E-2,0,0,414944,22904.9,0,0,414944,22904.9,null,null,"N","N","",1]
["TDI64800010S","손료","RENT000000000002",null,"공구손료","인력품의 3%","식",1,687.1,687.1,0,0,0,0,687.1,687.1,null,null,"N","N",3,1]
[null,null,null,null,null,null,null,0,0,0,0,0,0,0,0,0,null,null,null,null,"",1]
["TDI64A00010S",null,null,null,"0.6/1kv 트레이용 제어케이블(F-CVV-S)","10C*4㎟","M",0,0,0,0,0,0,0,0,0,null,null,null,null,"",1]
["TDI64A00010S","자재","2612160320684379",null,"제어케이블","제어케이블, 0.6/1kV, TFR-CVV-S, 10C×4㎟","m",7.4999999999999997E-2,7169,537.6,0,0,0,0,7169,537.6,null,null,"N","N","",1]
["TDI64A00010S","손료","RENT000000000001",null,"잡재료비","배관배선의 2%","식",1,143.30000000000001,143.30000000000001,0,0,0,0,143.30000000000001,143.30000000000001,null,null,"N","N",2,1]
["TDI64A00010S","손료","RENT000000000002",null,"공구손료","인력품의 3%","식",1,776.7,776.7,0,0,0,0,776.7,776.7,null,null,"N","N",3,1]
[null,null,null,null,"[합 계]",null,null,0,0,8626,0,25892,0,0,0,34518,null,null,null,null,"",1]
[null,null,null,null,null,null,null,0,0,0,0,0,0,0,0,0,null,null,null,null,"",1]
["TDI64C00010S",null,null,null,"0.6/1kv 트레이용 제어케이블(F-CVV-S)","12C*4㎟","M",0,0,0,0,0,0,0,0,0,null,null,null,null,"",1]
["TDI64C00010S","자재","2612160320684383",null,"제어케이블","제어케이블, 0.6/1kV, TFR-CVV-S, 12C×4㎟","m",7.4999999999999997E-2,7875,590.6,0,0,0,0,7875,590.6,null,null,"N","N","",1]
["TDI64C00010S","손료","RENT000000000001",null,"잡재료비","배관배선의 2%","식",1,157.5,157.5,0,0,0,0,157.5,157.5,null,null,"N","N",2,1]
["TDI64C00010S","손료","RENT000000000002",null,"공구손료","인력품의 3%","식",1,866.4,866.4,0,0,0,0,866.4,866.4,null,null,"N","N",3,1]
[null,null,null,null,"[합 계]",null,null,0,0,9489,0,28880,0,0,0,38369,null,null,null,null,"",1]
["TDI64D00010S",null,null,null,"0.6/1kv 트레이용 제어케이블(F-CVV-S)","15C*4㎟","M",0,0,0,0,0,0,0,0,0,null,null,null,null,"",1]
["TDI64D00010S","자재","2612160320684387",null,"제어케이블","제어케이블, 0.6/1kV, TFR-CVV-S, 15C×4㎟","m",1,9524,9524,0,0,0,0,9524,9524,null,null,"N","N","",1]
["TDI64D00010S","자재","2612160320684387",null,"제어케이블","제어케이블, 0.6/1kV, TFR-CVV-S, 15C×4㎟","m",7.4999999999999997E-2,9524,714.3,0,0,0,0,9524,714.3,null,null,"N","N","",1]
["TDI64D00010S","손료","RENT000000000001",null,"잡재료비","배관배선의 2%","식",1,190.4,190.4,0,0,0,0,190.4,190.4,null,null,"N","N",2,1]
["TDI64D00010S","손료","RENT000000000002",null,"공구손료","인력품의 3%","식",1,1165.0999999999999,1165.0999999999999,0,0,0,0,1165.0999999999999,1165.0999999999999,null,null,"N","N",3,1]
[null,null,null,null,"[합 계]",null,null,0,0,11593,0,38838,0,0,0,50431,null,null,null,null,"",1]
["TDI64E00010S",null,null,null,"0.6/1kv 트레이용 제어케이블(F-CVV-S)","20C*4㎟","M",0,0,0,0,0,0,0,0,0,null,null,null,null,"",1]
["TDI64E00010S","자재","2612160320684391",null,"제어케이블","제어케이블, 0.6/1kV, TFR-CVV-S, 20C×4㎟","m",1,12618,12618,0,0,0,0,12618,12618,null,null,"N","N","",1]
["TDI64E00010S","자재","2612160320684391",null,"제어케이블","제어케이블, 0.6/1kV, TFR-CVV-S, 20C×4㎟","m",7.4999999999999997E-2,12618,946.3,0,0,0,0,12618,946.3,null,null,"N","N","",1]
["TDI64E00010S","손료","RENT000000000001",null,"잡재료비","배관배선의 2%","식",1,252.3,252.3,0,0,0,0,252.3,252.3,null,null,"N","N",2,1]
["TDI64E00010S","손료","RENT000000000002",null,"공구손료","인력품의 3%","식",1,1344.4,1344.4,0,0,0,0,1344.4,1344.4,null,null,"N","N",3,1]
[null,null,null,null,"[합 계]",null,null,0,0,15161,0,44813,0,0,0,59974,null,null,null,null,"",1]
["TDI64F00010S",null,null,null,"0.6/1kv 트레이용 제어케이블(F-CVV-S)","25C*4㎟","M",0,0,0,0,0,0,0,0,0,null,null,null,null,"",1]
["TDI64F00010S","자재","2612160320684395",null,"제어케이블","제어케이블, 0.6/1kV, TFR-CVV-S, 25C×4㎟","m",1,15534,15534,0,0,0,0,15534,15534,null,null,"N","N","",1]
["TDI64F00010S","손료","RENT000000000001",null,"잡재료비","배관배선의 2%","식",1,310.60000000000002,310.60000000000002,0,0,0,0,310.60000000000002,310.60000000000002,null,null,"N","N",2,1]
["TDI64F00010S","노무","L001010101000089",null,"통신케이블공","일반공사 직종","인",0.108,0,0,414944,44813.9,0,0,414944,44813.9,null,null,"N","N","",1]
["TDI64F00010S","손료","RENT000000000002",null,"공구손료","인력품의 3%","식",1,1344.4,1344.4,0,0,0,0,1344.4,1344.4,null,null,"N","N",3,1]
[null,null,null,null,"[합 계]",null,null,0,0,18354,0,44813,0,0,0,63167,null,null,null,null,"",1]
["TDI65200010S",null,null,null,"0.6/1kv 트레이용 제어케이블(F-CVV-S)","2C*6㎟","M",0,0,0,0,0,0,0,0,0,null,null,null,null,"",1]
["TDI65200010S","자재","2612160320684352",null,"제어케이블","제어케이블, 0.6/1kV, TFR-CVV-S, 2C×6㎟","m",1,2487,2487,0,0,0,0,2487,2487,null,null,"N","N","",1]
["TDI65200010S","손료","RENT000000000001",null,"잡재료비","배관배선의 2%","식",1,49.7,49.7,0,0,0,0,49.7,49.7,null,null,"N","N",2,1]
["TDI65200010S","노무","L001010101000089",null,"통신케이블공","일반공사 직종","인",2.1600000000000001E-2,0,0,414944,8962.7000000000007,0,0,414944,8962.7000000000007,null,null,"N","N","",1]
[null,null,null,null,"[합 계]",null,null,0,0,2992,0,8962,0,0,0,11954,null,null,null,null,"",1]
[null,null,null,null,null,null,null,0,0,0,0,0,0,0,0,0,null,null,null,null,"",1]
["TDI65300010S",null,null,null,"0.6/1kv 트레이용 제어케이블(F-CVV-S)","3C*6㎟","M",0,0,0,0,0,0,0,0,0,null,null,null,null,"",1]
["TDI65300010S","자재","2612160320684356",null,"제어케이블","제어케이블, 0.6/1kV, TFR-CVV-S, 3C×6㎟","m",1,3168,3168,0,0,0,0,3168,3168,null,null,"N","N","",1]
["TDI65300010S","손료","RENT000000000001",null,"잡재료비","배관배선의 2%","식",1,63.3,63.3,0,0,0,0,63.3,63.3,null,null,"N","N",2,1]
["TDI65300010S","노무","L001010101000089",null,"통신케이블공","일반공사 직종","인",3.1199999999999999E-2,0,0,414944,12946.2,0,0,414944,12946.2,null,null,"N","N","",1]
[null,null,null,null,"[합 계]",null,null,0,0,3857,0,12946,0,0,0,16803,null,null,null,null,"",1]
[null,null,null,null,null,null,null,0,0,0,0,0,0,0,0,0,null,null,null,null,"",1]
["TDI65400010S","자재","2612160320684360",null,"제어케이블","제어케이블, 0.6/1kV, TFR-CVV-S, 4C×6㎟","m",1,3878,3878,0,0,0,0,3878,3878,null,null,"N","N","",1]
["TDI65400010S","자재","2612160320684360",null,"제어케이블","제어케이블, 0.6/1kV, TFR-CVV-S, 4C×6㎟","m",7.4999999999999997E-2,3878,290.8,0,0,0,0,3878,290.8,null,null,"N","N","",1]
["TDI65400010S","손료","RENT000000000001",null,"잡재료비","배관배선의 2%","식",1,77.5,77.5,0,0,0,0,77.5,77.5,null,null,"N","N",2,1]
["TDI65400010S","노무","L001010101000089",null,"통신케이블공","일반공사 직종","인",4.0800000000000003E-2,0,0,414944,16929.7,0,0,414944,16929.7,null,null,"N","N","",1]
[null,null,null,null,"[합 계]",null,null,0,0,4754,0,16929,0,0,0,21683,null,null,null,null,"",1]
[null,null,null,null,null,null,null,0,0,0,0,0,0,0,0,0,null,null,null,null,"",1]
["TDI65500010S","자재","2612160320684364",null,"제어케이블","제어케이블, 0.6/1kV, TFR-CVV-S, 5C×6㎟","m",1,4348,4348,0,0,0,0,4348,4348,null,null,"N","N","",1]
["TDI65500010S","자재","2612160320684364",null,"제어케이블","제어케이블, 0.6/1kV, TFR-CVV-S, 5C×6㎟","m",7.4999999999999997E-2,4348,326.10000000000002,0,0,0,0,4348,326.10000000000002,null,null,"N","N","",1]
["TDI65500010S","노무","L001010101000089",null,"통신케이블공","일반공사 직종","인",4.6800000000000001E-2,0,0,414944,19419.3,0,0,414944,19419.3,null,null,"N","N","",1]
["TDI65500010S","손료","RENT000000000002",null,"공구손료","인력품의 3%","식",1,582.5,582.5,0,0,0,0,582.5,582.5,null,null,"N","N",3,1]
[null,null,null,null,"[합 계]",null,null,0,0,5343,0,19419,0,0,0,24762,null,null,null,null,"",1]
[null,null,null,null,null,null,null,0,0,0,0,0,0,0,0,0,null,null,null,null,"",1]
["TDI65600010S","자재","2612160320684368",null,"제어케이블","제어케이블, 0.6/1kV, TFR-CVV-S, 6C×6㎟","m",1,5480,5480,0,0,0,0,5480,5480,null,null,"N","N","",1]
["TDI65600010S","자재","2612160320684368",null,"제어케이블","제어케이블, 0.6/1kV, TFR-CVV-S, 6C×6㎟","m",7.4999999999999997E-2,5480,411,0,0,0,0,5480,411,null,null,"N","N","",1]
["TDI65600010S","노무","L001010101000089",null,"통신케이블공","일반공사 직종","인",5.28E-2,0,0,414944,21909,0,0,414944,21909,null,null,"N","N","",1]
["TDI65600010S","손료","RENT000000000002",null,"공구손료","인력품의 3%","식",1,657.2,657.2,0,0,0,0,657.2,657.2,null,null,"N","N",3,1]
[null,null,null,null,null,null,null,0,0,0,0,0,0,0,0,0,null,null,null,null,"",1]
["TDI65700010S",null,null,null,"0.6/1kv 트레이용 제어케이블(F-CVV-S)","7C*6㎟","M",0,0,0,0,0,0,0,0,0,null,null,null,null,"",1]
["TDI65700010S","자재","2612160320684372",null,"제어케이블","제어케이블, 0.6/1kV, TFR-CVV-S, 7C×6㎟","m",1,6044,6044,0,0,0,0,6044,6044,null,null,"N","N","",1]
["TDI65700010S","자재","2612160320684372",null,"제어케이블","제어케이블, 0.6/1kV, TFR-CVV-S, 7C×6㎟","m",7.4999999999999997E-2,6044,453.3,0,0,0,0,6044,453.3,null,null,"N","N","",1]
["TDI65700010S","노무","L001010101000089",null,"통신케이블공","일반공사 직종","인",5.7599999999999998E-2,0,0,414944,23900.7,0,0,414944,23900.7,null,null,"N","N","",1]
["TDI65700010S","손료","RENT000000000002",null,"공구손료","인력품의 3%","식",1,717,717,0,0,0,0,717,717,null,null,"N","N",3,1]
[null,null,null,null,null,null,null,0,0,0,0,0,0,0,0,0,null,null,null,null,"",1]
["TDI65800010S",null,null,null,"0.6/1kv 트레이용 제어케이블(F-CVV-S)","8C*6㎟","M",0,0,0,0,0,0,0,0,0,null,null,null,null,"",1]
["TDI65800010S","자재","2612160320684376",null,"제어케이블","제어케이블, 0.6/1kV, TFR-CVV-S, 8C×6㎟","m",1,6824,6824,0,0,0,0,6824,6824,null,null,"N","N","",1]
["TDI65800010S","자재","2612160320684376",null,"제어케이블","제어케이블, 0.6/1kV, TFR-CVV-S, 8C×6㎟","m",7.4999999999999997E-2,6824,511.8,0,0,0,0,6824,511.8,null,null,"N","N","",1]
["TDI65800010S","노무","L001010101000089",null,"통신케이블공","일반공사 직종","인",6.2399999999999997E-2,0,0,414944,25892.5,0,0,414944,25892.5,null,null,"N","N","",1]
["TDI65800010S","손료","RENT000000000002",null,"공구손료","인력품의 3%","식",1,776.7,776.7,0,0,0,0,776.7,776.7,null,null,"N","N",3,1]
[null,null,null,null,null,null,null,0,0,0,0,0,0,0,0,0,null,null,null,null,"",1]
["TDI65A00010S",null,null,null,"0.6/1kv 트레이용 제어케이블(F-CVV-S)","10C*6㎟","M",0,0,0,0,0,0,0,0,0,null,null,null,null,"",1]
["TDI65A00010S","자재","2612160320684380",null,"제어케이블","제어케이블, 0.6/1kV, TFR-CVV-S, 10C×6㎟","m",7.4999999999999997E-2,8574,643,0,0,0,0,8574,643,null,null,"N","N","",1]
["TDI65A00010S","손료","RENT000000000001",null,"잡재료비","배관배선의 2%","식",1,171.4,171.4,0,0,0,0,171.4,171.4,null,null,"N","N",2,1]
["TDI65A00010S","노무","L001010101000089",null,"통신케이블공","일반공사 직종","인",7.0800000000000002E-2,0,0,414944,29378,0,0,414944,29378,null,null,"N","N","",1]
["TDI65A00010S","손료","RENT000000000002",null,"공구손료","인력품의 3%","식",1,881.3,881.3,0,0,0,0,881.3,881.3,null,null,"N","N",3,1]
[null,null,null,null,null,null,null,0,0,0,0,0,0,0,0,0,null,null,null,null,"",1]
["TDI65C00010S",null,null,null,"0.6/1kv 트레이용 제어케이블(F-CVV-S)","12C*6㎟","M",0,0,0,0,0,0,0,0,0,null,null,null,null,"",1]
["TDI65C00010S","자재","2612160320684384",null,"제어케이블","제어케이블, 0.6/1kV, TFR-CVV-S, 12C×6㎟","m",7.4999999999999997E-2,9968,747.6,0,0,0,0,9968,747.6,null,null,"N","N","",1]
["TDI65C00010S","손료","RENT000000000001",null,"잡재료비","배관배선의 2%","식",1,199.3,199.3,0,0,0,0,199.3,199.3,null,null,"N","N",2,1]
["TDI65C00010S","손료","RENT000000000002",null,"공구손료","인력품의 3%","식",1,985.9,985.9,0,0,0,0,985.9,985.9,null,null,"N","N",3,1]
[null,null,null,null,"[합 계]",null,null,0,0,11900,0,32863,0,0,0,44763,null,null,null,null,"",1]
[null,null,null,null,null,null,null,0,0,0,0,0,0,0,0,0,null,null,null,null,"",1]
["TDI65D00010S",null,null,null,"0.6/1kv 트레이용 제어케이블(F-CVV-S)","15C*6㎟","M",0,0,0,0,0,0,0,0,0,null,null,null,null,"",1]
["TDI65D00010S","자재","2612160320684388",null,"제어케이블","제어케이블, 0.6/1kV, TFR-CVV-S, 15C×6㎟","m",7.4999999999999997E-2,12143,910.7,0,0,0,0,12143,910.7,null,null,"N","N","",1]
["TDI65D00010S","손료","RENT000000000001",null,"잡재료비","배관배선의 2%","식",1,242.8,242.8,0,0,0,0,242.8,242.8,null,null,"N","N",2,1]
["TDI65D00010S","손료","RENT000000000002",null,"공구손료","인력품의 3%","식",1,1329.4,1329.4,0,0,0,0,1329.4,1329.4,null,null,"N","N",3,1]
[null,null,null,null,"[합 계]",null,null,0,0,14625,0,44316,0,0,0,58941,null,null,null,null,"",1]
["TDI65E00010S",null,null,null,"0.6/1kv 트레이용 제어케이블(F-CVV-S)","20C*6㎟","M",0,0,0,0,0,0,0,0,0,null,null,null,null,"",1]
["TDI65E00010S","자재","2612160320684392",null,"제어케이블","제어케이블, 0.6/1kV, TFR-CVV-S, 20C×6㎟","m",1,16016,16016,0,0,0,0,16016,16016,null,null,"N","N","",1]
["TDI65E00010S","자재","2612160320684392",null,"제어케이블","제어케이블, 0.6/1kV, TFR-CVV-S, 20C×6㎟","m",7.4999999999999997E-2,16016,1201.2,0,0,0,0,16016,1201.2,null,null,"N","N","",1]
["TDI65E00010S","손료","RENT000000000001",null,"잡재료비","배관배선의 2%","식",1,320.3,320.3,0,0,0,0,320.3,320.3,null,null,"N","N",2,1]
["TDI65E00010S","손료","RENT000000000002",null,"공구손료","인력품의 3%","식",1,1538.6,1538.6,0,0,0,0,1538.6,1538.6,null,null,"N","N",3,1]
[null,null,null,null,"[합 계]",null,null,0,0,19076,0,51287,0,0,0,70363,null,null,null,null,"",1]
["TDI71200010S",null,null,null,"0.6/1kv 트레이용 동편조차폐 제어케이블(F-CVV-SB)","2C*1.5㎟","M",0,0,0,0,0,0,0,0,0,null,null,null,null,"",1]
["TDI71200010S","자재","2612160320684471",null,"제어케이블","제어케이블, 0.6/1kV, TFR-CVV-SB, 2C×1.5㎟","m",1,1503,1503,0,0,0,0,1503,1503,null,null,"N","N","",1]
["TDI71200010S","손료","RENT000000000001",null,"잡재료비","배관배선의 2%","식",1,30,30,0,0,0,0,30,30,null,null,"N","N",2,1]
["TDI71200010S","노무","L001010101000089",null,"통신케이블공","일반공사 직종","인",1.44E-2,0,0,414944,5975.1,0,0,414944,5975.1,null,null,"N","N","",1]
["TDI71200010S","손료","RENT000000000002",null,"공구손료","인력품의 3%","식",1,179.2,179.2,0,0,0,0,179.2,179.2,null,null,"N","N",3,1]
[null,null,null,null,"[합 계]",null,null,0,0,1824,0,5975,0,0,0,7799,null,null,null,null,"",1]
["TDI71300010S",null,null,null,"0.6/1kv 트레이용 동편조차폐 제어케이블(F-CVV-SB)","3C*1.5㎟","M",0,0,0,0,0,0,0,0,0,null,null,null,null,"",1]
["TDI71300010S","자재","2612160320684475",null,"제어케이블","제어케이블, 0.6/1kV, TFR-CVV-SB, 3C×1.5㎟","m",1,1835,1835,0,0,0,0,1835,1835,null,null,"N","N","",1]
["TDI71300010S","손료","RENT000000000001",null,"잡재료비","배관배선의 2%","식",1,36.700000000000003,36.700000000000003,0,0,0,0,36.700000000000003,36.700000000000003,null,null,"N","N",2,1]
["TDI71300010S","노무","L001010101000089",null,"통신케이블공","일반공사 직종","인",2.0400000000000001E-2,0,0,414944,8464.7999999999993,0,0,414944,8464.7999999999993,null,null,"N","N","",1]
[null,null,null,null,"[합 계]",null,null,0,0,2263,0,8464,0,0,0,10727,null,null,null,null,"",1]
[null,null,null,null,null,null,null,0,0,0,0,0,0,0,0,0,null,null,null,null,"",1]
["TDI71400010S",null,null,null,"0.6/1kv 트레이용 동편조차폐 제어케이블(F-CVV-SB)","4C*1.5㎟","M",0,0,0,0,0,0,0,0,0,null,null,null,null,"",1]
["TDI71400010S","자재","2612160320684479",null,"제어케이블","제어케이블, 0.6/1kV, TFR-CVV-SB, 4C×1.5㎟","m",1,1997,1997,0,0,0,0,1997,1997,null,null,"N","N","",1]
["TDI71400010S","손료","RENT000000000001",null,"잡재료비","배관배선의 2%","식",1,39.9,39.9,0,0,0,0,39.9,39.9,null,null,"N","N",2,1]
["TDI71400010S","노무","L001010101000089",null,"통신케이블공","일반공사 직종","인",2.76E-2,0,0,414944,11452.4,0,0,414944,11452.4,null,null,"N","N","",1]
[null,null,null,null,"[합 계]",null,null,0,0,2530,0,11452,0,0,0,13982,null,null,null,null,"",1]
[null,null,null,null,null,null,null,0,0,0,0,0,0,0,0,0,null,null,null,null,"",1]
["TDI71500010S","자재","2612160320684483",null,"제어케이블","제어케이블, 0.6/1kV, TFR-CVV-SB, 5C×1.5㎟","m",1,2378,2378,0,0,0,0,2378,2378,null,null,"N","N","",1]
["TDI71500010S","자재","2612160320684483",null,"제어케이블","제어케이블, 0.6/1kV, TFR-CVV-SB, 5C×1.5㎟","m",7.4999999999999997E-2,2378,178.3,0,0,0,0,2378,178.3,null,null,"N","N","",1]
["TDI71500010S","손료","RENT000000000001",null,"잡재료비","배관배선의 2%","식",1,47.5,47.5,0,0,0,0,47.5,47.5,null,null,"N","N",2,1]
["TDI71500010S","노무","L001010101000089",null,"통신케이블공","일반공사 직종","인",3.4799999999999998E-2,0,0,414944,14440,0,0,414944,14440,null,null,"N","N","",1]
[null,null,null,null,"[합 계]",null,null,0,0,3037,0,14440,0,0,0,17477,null,null,null,null,"",1]
[null,null,null,null,null,null,null,0,0,0,0,0,0,0,0,0,null,null,null,null,"",1]
["TDI71600010S","자재","2612160320684487",null,"제어케이블","제어케이블, 0.6/1kV, TFR-CVV-SB, 6C×1.5㎟","m",1,2663,2663,0,0,0,0,2663,2663,null,null,"N","N","",1]
["TDI71600010S","자재","2612160320684487",null,"제어케이블","제어케이블, 0.6/1kV, TFR-CVV-SB, 6C×1.5㎟","m",7.4999999999999997E-2,2663,199.7,0,0,0,0,2663,199.7,null,null,"N","N","",1]
["TDI71600010S","손료","RENT000000000001",null,"잡재료비","배관배선의 2%","식",1,53.2,53.2,0,0,0,0,53.2,53.2,null,null,"N","N",2,1]
["TDI71600010S","노무","L001010101000089",null,"통신케이블공","일반공사 직종","인",3.8399999999999997E-2,0,0,414944,15933.8,0,0,414944,15933.8,null,null,"N","N","",1]
[null,null,null,null,"[합 계]",null,null,0,0,3393,0,15933,0,0,0,19326,null,null,null,null,"",1]
[null,null,null,null,null,null,null,0,0,0,0,0,0,0,0,0,null,null,null,null,"",1]
["TDI71700010S","자재","2612160320684491",null,"제어케이블","제어케이블, 0.6/1kV, TFR-CVV-SB, 7C×1.5㎟","m",1,2920,2920,0,0,0,0,2920,2920,null,null,"N","N","",1]
["TDI71700010S","자재","2612160320684491",null,"제어케이블","제어케이블, 0.6/1kV, TFR-CVV-SB, 7C×1.5㎟","m",7.4999999999999997E-2,2920,219,0,0,0,0,2920,219,null,null,"N","N","",1]
["TDI71700010S","노무","L001010101000089",null,"통신케이블공","일반공사 직종","인",4.2000000000000003E-2,0,0,414944,17427.599999999999,0,0,414944,17427.599999999999,null,null,"N","N","",1]
["TDI71700010S","손료","RENT000000000002",null,"공구손료","인력품의 3%","식",1,522.79999999999995,522.79999999999995,0,0,0,0,522.79999999999995,522.79999999999995,null,null,"N","N",3,1]
[null,null,null,null,"[합 계]",null,null,0,0,3720,0,17427,0,0,0,21147,null,null,null,null,"",1]
[null,null,null,null,null,null,null,0,0,0,0,0,0,0,0,0,null,null,null,null,"",1]
["TDI71800010S","자재","2612160320684496",null,"제어케이블","제어케이블, 0.6/1kV, TFR-CVV-SB, 8C×1.5㎟","m",1,3257,3257,0,0,0,0,3257,3257,null,null,"N","N","",1]
["TDI71800010S","자재","2612160320684496",null,"제어케이블","제어케이블, 0.6/1kV, TFR-CVV-SB, 8C×1.5㎟","m",7.4999999999999997E-2,3257,244.2,0,0,0,0,3257,244.2,null,null,"N","N","",1]
["TDI71800010S","노무","L001010101000089",null,"통신케이블공","일반공사 직종","인",4.5600000000000002E-2,0,0,414944,18921.400000000001,0,0,414944,18921.400000000001,null,null,"N","N","",1]
["TDI71800010S","손료","RENT000000000002",null,"공구손료","인력품의 3%","식",1,567.6,567.6,0,0,0,0,567.6,567.6,null,null,"N","N",3,1]
[null,null,null,null,null,null,null,0,0,0,0,0,0,0,0,0,null,null,null,null,"",1]
["TDI71A00010S",null,null,null,"0.6/1kv 트레이용 동편조차폐 제어케이블(F-CVV-SB)","10C*1.5㎟","M",0,0,0,0,0,0,0,0,0,null,null,null,null,"",1]
["TDI71A00010S","자재","2612160320684500",null,"제어케이블","제어케이블, 0.6/1kV, TFR-CVV-SB, 10C×1.5㎟","m",1,3892,3892,0,0,0,0,3892,3892,null,null,"N","N","",1]
["TDI71A00010S","자재","2612160320684500",null,"제어케이블","제어케이블, 0.6/1kV, TFR-CVV-SB, 10C×1.5㎟","m",7.4999999999999997E-2,3892,291.89999999999998,0,0,0,0,3892,291.89999999999998,null,null,"N","N","",1]
["TDI71A00010S","노무","L001010101000089",null,"통신케이블공","일반공사 직종","인",5.16E-2,0,0,414944,21411.1,0,0,414944,21411.1,null,null,"N","N","",1]
["TDI71A00010S","손료","RENT000000000002",null,"공구손료","인력품의 3%","식",1,642.29999999999995,642.29999999999995,0,0,0,0,642.29999999999995,642.29999999999995,null,null,"N","N",3,1]
[null,null,null,null,null,null,null,0,0,0,0,0,0,0,0,0,null,null,null,null,"",1]
["TDI71C00010S",null,null,null,"0.6/1kv 트레이용 동편조차폐 제어케이블(F-CVV-SB)","12C*1.5㎟","M",0,0,0,0,0,0,0,0,0,null,null,null,null,"",1]
["TDI71C00010S","자재","2612160320684504",null,"제어케이블","제어케이블, 0.6/1kV, TFR-CVV-SB, 12C×1.5㎟","m",7.4999999999999997E-2,4662,349.6,0,0,0,0,4662,349.6,null,null,"N","N","",1]
["TDI71C00010S","손료","RENT000000000001",null,"잡재료비","배관배선의 2%","식",1,93.2,93.2,0,0,0,0,93.2,93.2,null,null,"N","N",2,1]
["TDI71C00010S","노무","L001010101000089",null,"통신케이블공","일반공사 직종","인",5.8799999999999998E-2,0,0,414944,24398.7,0,0,414944,24398.7,null,null,"N","N","",1]
["TDI71C00010S","손료","RENT000000000002",null,"공구손료","인력품의 3%","식",1,731.9,731.9,0,0,0,0,731.9,731.9,null,null,"N","N",3,1]
[null,null,null,null,null,null,null,0,0,0,0,0,0,0,0,0,null,null,null,null,"",1]
["TDI71D00010S",null,null,null,"0.6/1kv 트레이용 동편조차폐 제어케이블(F-CVV-SB)","15C*1.5㎟","M",0,0,0,0,0,0,0,0,0,null,null,null,null,"",1]
["TDI71D00010S","자재","2612160320684508",null,"제어케이블","제어케이블, 0.6/1kV, TFR-CVV-SB, 15C×1.5㎟","m",7.4999999999999997E-2,5578,418.3,0,0,0,0,5578,418.3,null,null,"N","N","",1]
["TDI71D00010S","손료","RENT000000000001",null,"잡재료비","배관배선의 2%","식",1,111.5,111.5,0,0,0,0,111.5,111.5,null,null,"N","N",2,1]
["TDI71D00010S","손료","RENT000000000002",null,"공구손료","인력품의 3%","식",1,970.9,970.9,0,0,0,0,970.9,970.9,null,null,"N","N",3,1]
[null,null,null,null,"[합 계]",null,null,0,0,7078,0,32365,0,0,0,39443,null,null,null,null,"",1]
[null,null,null,null,null,null,null,0,0,0,0,0,0,0,0,0,null,null,null,null,"",1]
["TDI71E00010S",null,null,null,"0.6/1kv 트레이용 동편조차폐 제어케이블(F-CVV-SB)","20C*1.5㎟","M",0,0,0,0,0,0,0,0,0,null,null,null,null,"",1]
["TDI71E00010S","자재","2612160320684512",null,"제어케이블","제어케이블, 0.6/1kV, TFR-CVV-SB, 20C×1.5㎟","m",7.4999999999999997E-2,7029,527.1,0,0,0,0,7029,527.1,null,null,"N","N","",1]
["TDI71E00010S","손료","RENT000000000001",null,"잡재료비","배관배선의 2%","식",1,140.5,140.5,0,0,0,0,140.5,140.5,null,null,"N","N",2,1]
["TDI71E00010S","손료","RENT000000000002",null,"공구손료","인력품의 3%","식",1,1135.2,1135.2,0,0,0,0,1135.2,1135.2,null,null,"N","N",3,1]
[null,null,null,null,"[합 계]",null,null,0,0,8831,0,37842,0,0,0,46673,null,null,null,null,"",1]
["TDI71F00010S",null,null,null,"0.6/1kv 트레이용 동편조차폐 제어케이블(F-CVV-SB)","25C*1.5㎟","M",0,0,0,0,0,0,0,0,0,null,null,null,null,"",1]
["TDI71F00010S","자재","2612160320684516",null,"제어케이블","제어케이블, 0.6/1kV, TFR-CVV-SB, 25C×1.5㎟","m",1,8725,8725,0,0,0,0,8725,8725,null,null,"N","N","",1]
["TDI71F00010S","자재","2612160320684516",null,"제어케이블","제어케이블, 0.6/1kV, TFR-CVV-SB, 25C×1.5㎟","m",7.4999999999999997E-2,8725,654.29999999999995,0,0,0,0,8725,654.29999999999995,null,null,"N","N","",1]
["TDI71F00010S","손료","RENT000000000001",null,"잡재료비","배관배선의 2%","식",1,174.5,174.5,0,0,0,0,174.5,174.5,null,null,"N","N",2,1]
["TDI71F00010S","손료","RENT000000000002",null,"공구손료","인력품의 3%","식",1,1284.5999999999999,1284.5999999999999,0,0,0,0,1284.5999999999999,1284.5999999999999,null,null,"N","N",3,1]
[null,null,null,null,"[합 계]",null,null,0,0,10838,0,42822,0,0,0,53660,null,null,null,null,"",1]
["TDI71G00010S",null,null,null,"0.6/1kv 트레이용 동편조차폐 제어케이블(F-CVV-SB)","30C*1.5㎟","M",0,0,0,0,0,0,0,0,0,null,null,null,null,"",1]
["TDI71G00010S","자재","2612160320684520",null,"제어케이블","제어케이블, 0.6/1kV, TFR-CVV-SB, 30C×1.5㎟","m",1,10113,10113,0,0,0,0,10113,10113,null,null,"N","N","",1]
["TDI71G00010S","자재","2612160320684520",null,"제어케이블","제어케이블, 0.6/1kV, TFR-CVV-SB, 30C×1.5㎟","m",7.4999999999999997E-2,10113,758.4,0,0,0,0,10113,758.4,null,null,"N","N","",1]
["TDI71G00010S","손료","RENT000000000001",null,"잡재료비","배관배선의 2%","식",1,202.2,202.2,0,0,0,0,202.2,202.2,null,null,"N","N",2,1]
["TDI71G00010S","손료","RENT000000000002",null,"공구손료","인력품의 3%","식",1,1284.5999999999999,1284.5999999999999,0,0,0,0,1284.5999999999999,1284.5999999999999,null,null,"N","N",3,1]
[null,null,null,null,"[합 계]",null,null,0,0,12358,0,42822,0,0,0,55180,null,null,null,null,"",1]
["TDI71G00020S",null,null,null,"0.6/1kv 트레이용 동편조차폐 제어케이블(F-CVV-SB)","40C*1.5㎟","M",0,0,0,0,0,0,0,0,0,null,null,null,null,"",1]
["TDI71G00020S","자재","2612160320684524",null,"제어케이블","제어케이블, 0.6/1kV, TFR-CVV-SB, 40C×1.5㎟","m",1,14245,14245,0,0,0,0,14245,14245,null,null,"N","N","",1]
["TDI71G00020S","손료","RENT000000000001",null,"잡재료비","배관배선의 2%","식",1,284.89999999999998,284.89999999999998,0,0,0,0,284.89999999999998,284.89999999999998,null,null,"N","N",2,1]
["TDI71G00020S","노무","L001010101000089",null,"통신케이블공","일반공사 직종","인",0.1212,0,0,414944,50291.199999999997,0,0,414944,50291.199999999997,null,null,"N","N","",1]
["TDI71G00020S","손료","RENT000000000002",null,"공구손료","인력품의 3%","식",1,1508.7,1508.7,0,0,0,0,1508.7,1508.7,null,null,"N","N",3,1]
[null,null,null,null,"[합 계]",null,null,0,0,17106,0,50291,0,0,0,67397,null,null,null,null,"",1]
["TDI71H00010S",null,null,null,"0.6/1kv 트레이용 동편조차폐 제어케이블(F-CVV-SB)","50C*1.5㎟","M",0,0,0,0,0,0,0,0,0,null,null,null,null,"",1]
["TDI71H00010S","자재","2612160320684528",null,"제어케이블","제어케이블, 0.6/1kV, TFR-CVV-SB, 50C×1.5㎟","m",1,16923,16923,0,0,0,0,16923,16923,null,null,"N","N","",1]
["TDI71H00010S","손료","RENT000000000001",null,"잡재료비","배관배선의 2%","식",1,338.4,338.4,0,0,0,0,338.4,338.4,null,null,"N","N",2,1]
["TDI71H00010S","노무","L001010101000089",null,"통신케이블공","일반공사 직종","인",0.1212,0,0,414944,50291.199999999997,0,0,414944,50291.199999999997,null,null,"N","N","",1]
[null,null,null,null,"[합 계]",null,null,0,0,20039,0,50291,0,0,0,70330,null,null,null,null,"",1]
[null,null,null,null,null,null,null,0,0,0,0,0,0,0,0,0,null,null,null,null,"",1]
["TDI73200010S",null,null,null,"0.6/1kv 트레이용 동편조차폐 제어케이블(F-CVV-SB)","2C*2.5㎟","M",0,0,0,0,0,0,0,0,0,null,null,null,null,"",1]
["TDI73200010S","자재","2612160320684472",null,"제어케이블","제어케이블, 0.6/1kV, TFR-CVV-SB, 2C×2.5㎟","m",1,1825,1825,0,0,0,0,1825,1825,null,null,"N","N","",1]
["TDI73200010S","손료","RENT000000000001",null,"잡재료비","배관배선의 2%","식",1,36.5,36.5,0,0,0,0,36.5,36.5,null,null,"N","N",2,1]
["TDI73200010S","노무","L001010101000089",null,"통신케이블공","일반공사 직종","인",1.6799999999999999E-2,0,0,414944,6971,0,0,414944,6971,null,null,"N","N","",1]
[null,null,null,null,"[합 계]",null,null,0,0,2207,0,6971,0,0,0,9178,null,null,null,null,"",1]
[null,null,null,null,null,null,null,0,0,0,0,0,0,0,0,0,null,null,null,null,"",1]
["TDI73300010S","자재","2612160320684476",null,"제어케이블","제어케이블, 0.6/1kV, TFR-CVV-SB, 3C×2.5㎟","m",1,2224,2224,0,0,0,0,2224,2224,null,null,"N","N","",1]
["TDI73300010S","자재","2612160320684476",null,"제어케이블","제어케이블, 0.6/1kV, TFR-CVV-SB, 3C×2.5㎟","m",7.4999999999999997E-2,2224,166.8,0,0,0,0,2224,166.8,null,null,"N","N","",1]
["TDI73300010S","손료","RENT000000000001",null,"잡재료비","배관배선의 2%","식",1,44.4,44.4,0,0,0,0,44.4,44.4,null,null,"N","N",2,1]
["TDI73300010S","노무","L001010101000089",null,"통신케이블공","일반공사 직종","인",2.2800000000000001E-2,0,0,414944,9460.7000000000007,0,0,414944,9460.7000000000007,null,null,"N","N","",1]
[null,null,null,null,"[합 계]",null,null,0,0,2719,0,9460,0,0,0,12179,null,null,null,null,"",1]
[null,null,null,null,null,null,null,0,0,0,0,0,0,0,0,0,null,null,null,null,"",1]
["TDI73400010S","자재","2612160320684480",null,"제어케이블","제어케이블, 0.6/1kV, TFR-CVV-SB, 4C×2.5㎟","m",1,2554,2554,0,0,0,0,2554,2554,null,null,"N","N","",1]
["TDI73400010S","자재","2612160320684480",null,"제어케이블","제어케이블, 0.6/1kV, TFR-CVV-SB, 4C×2.5㎟","m",7.4999999999999997E-2,2554,191.5,0,0,0,0,2554,191.5,null,null,"N","N","",1]
["TDI73400010S","노무","L001010101000089",null,"통신케이블공","일반공사 직종","인",3.1199999999999999E-2,0,0,414944,12946.2,0,0,414944,12946.2,null,null,"N","N","",1]
["TDI73400010S","손료","RENT000000000002",null,"공구손료","인력품의 3%","식",1,388.3,388.3,0,0,0,0,388.3,388.3,null,null,"N","N",3,1]
[null,null,null,null,"[합 계]",null,null,0,0,3184,0,12946,0,0,0,16130,null,null,null,null,"",1]
[null,null,null,null,null,null,null,0,0,0,0,0,0,0,0,0,null,null,null,null,"",1]
["TDI73500010S","자재","2612160320684484",null,"제어케이블","제어케이블, 0.6/1kV, TFR-CVV-SB, 5C×2.5㎟","m",1,3014,3014,0,0,0,0,3014,3014,null,null,"N","N","",1]
["TDI73500010S","자재","2612160320684484",null,"제어케이블","제어케이블, 0.6/1kV, TFR-CVV-SB, 5C×2.5㎟","m",7.4999999999999997E-2,3014,226,0,0,0,0,3014,226,null,null,"N","N","",1]
["TDI73500010S","노무","L001010101000089",null,"통신케이블공","일반공사 직종","인",3.8399999999999997E-2,0,0,414944,15933.8,0,0,414944,15933.8,null,null,"N","N","",1]
["TDI73500010S","손료","RENT000000000002",null,"공구손료","인력품의 3%","식",1,478,478,0,0,0,0,478,478,null,null,"N","N",3,1]
[null,null,null,null,null,null,null,0,0,0,0,0,0,0,0,0,null,null,null,null,"",1]
["TDI73600010S",null,null,null,"0.6/1kv 트레이용 동편조차폐 제어케이블(F-CVV-SB)","6C*2.5㎟","M",0,0,0,0,0,0,0,0,0,null,null,null,null,"",1]
["TDI73600010S","자재","2612160320684488",null,"제어케이블","제어케이블, 0.6/1kV, TFR-CVV-SB, 6C×2.5㎟","m",1,3462,3462,0,0,0,0,3462,3462,null,null,"N","N","",1]
["TDI73600010S","자재","2612160320684488",null,"제어케이블","제어케이블, 0.6/1kV, TFR-CVV-SB, 6C×2.5㎟","m",7.4999999999999997E-2,3462,259.60000000000002,0,0,0,0,3462,259.60000000000002,null,null,"N","N","",1]
["TDI73600010S","노무","L001010101000089",null,"통신케이블공","일반공사 직종","인",4.2000000000000003E-2,0,0,414944,17427.599999999999,0,0,414944,17427.599999999999,null,null,"N","N","",1]
["TDI73600010S","손료","RENT000000000002",null,"공구손료","인력품의 3%","식",1,522.79999999999995,522.79999999999995,0,0,0,0,522.79999999999995,522.79999999999995,null,null,"N","N",3,1]
[null,null,null,null,null,null,null,0,0,0,0,0,0,0,0,0,null,null,null,null,"",1]
["TDI73700010S",null,null,null,"0.6/1kv 트레이용 동편조차폐 제어케이블(F-CVV-SB)","7C*2.5㎟","M",0,0,0,0,0,0,0,0,0,null,null,null,null,"",1]
["TDI73700010S","자재","2612160320684492",null,"제어케이블","제어케이블, 0.6/1kV, TFR-CVV-SB, 7C×2.5㎟","m",7.4999999999999997E-2,3839,287.89999999999998,0,0,0,0,3839,287.89999999999998,null,null,"N","N","",1]
["TDI73700010S","손료","RENT000000000001",null,"잡재료비","배관배선의 2%","식",1,76.7,76.7,0,0,0,0,76.7,76.7,null,null,"N","N",2,1]
["TDI73700010S","노무","L001010101000089",null,"통신케이블공","일반공사 직종","인",4.6800000000000001E-2,0,0,414944,19419.3,0,0,414944,19419.3,null,null,"N","N","",1]
["TDI73700010S","손료","RENT000000000002",null,"공구손료","인력품의 3%","식",1,582.5,582.5,0,0,0,0,582.5,582.5,null,null,"N","N",3,1]
[null,null,null,null,null,null,null,0,0,0,0,0,0,0,0,0,null,null,null,null,"",1]
["TDI73800010S",null,null,null,"0.6/1kv 트레이용 동편조차폐 제어케이블(F-CVV-SB)","8C*2.5㎟","M",0,0,0,0,0,0,0,0,0,null,null,null,null,"",1]
["TDI73800010S","자재","2612160320684497",null,"제어케이블","제어케이블, 0.6/1kV, TFR-CVV-SB, 8C×2.5㎟","m",7.4999999999999997E-2,4287,321.5,0,0,0,0,4287,321.5,null,null,"N","N","",1]
["TDI73800010S","손료","RENT000000000001",null,"잡재료비","배관배선의 2%","식",1,85.7,85.7,0,0,0,0,85.7,85.7,null,null,"N","N",2,1]
["TDI73800010S","노무","L001010101000089",null,"통신케이블공","일반공사 직종","인",5.04E-2,0,0,414944,20913.099999999999,0,0,414944,20913.099999999999,null,null,"N","N","",1]
["TDI73800010S","손료","RENT000000000002",null,"공구손료","인력품의 3%","식",1,627.29999999999995,627.29999999999995,0,0,0,0,627.29999999999995,627.29999999999995,null,null,"N","N",3,1]
[null,null,null,null,null,null,null,0,0,0,0,0,0,0,0,0,null,null,null,null,"",1]
["TDI73A00010S",null,null,null,"0.6/1kv 트레이용 동편조차폐 제어케이블(F-CVV-SB)","10C*2.5㎟","M",0,0,0,0,0,0,0,0,0,null,null,null,null,"",1]
["TDI73A00010S","자재","2612160320684501",null,"제어케이블","제어케이블, 0.6/1kV, TFR-CVV-SB, 10C×2.5㎟","m",7.4999999999999997E-2,5378,403.3,0,0,0,0,5378,403.3,null,null,"N","N","",1]
["TDI73A00010S","손료","RENT000000000001",null,"잡재료비","배관배선의 2%","식",1,107.5,107.5,0,0,0,0,107.5,107.5,null,null,"N","N",2,1]
["TDI73A00010S","손료","RENT000000000002",null,"공구손료","인력품의 3%","식",1,717,717,0,0,0,0,717,717,null,null,"N","N",3,1]
[null,null,null,null,"[합 계]",null,null,0,0,6605,0,23900,0,0,0,30505,null,null,null,null,"",1]
[null,null,null,null,null,null,null,0,0,0,0,0,0,0,0,0,null,null,null,null,"",1]
["TDI73C00010S",null,null,null,"0.6/1kv 트레이용 동편조차폐 제어케이블(F-CVV-SB)","12C*2.5㎟","M",0,0,0,0,0,0,0,0,0,null,null,null,null,"",1]
["TDI73C00010S","자재","2612160320684505",null,"제어케이블","제어케이블, 0.6/1kV, TFR-CVV-SB, 12C×2.5㎟","m",7.4999999999999997E-2,6288,471.6,0,0,0,0,6288,471.6,null,null,"N","N","",1]
["TDI73C00010S","손료","RENT000000000001",null,"잡재료비","배관배선의 2%","식",1,125.7,125.7,0,0,0,0,125.7,125.7,null,null,"N","N",2,1]
["TDI73C00010S","손료","RENT000000000002",null,"공구손료","인력품의 3%","식",1,806.6,806.6,0,0,0,0,806.6,806.6,null,null,"N","N",3,1]
[null,null,null,null,"[합 계]",null,null,0,0,7691,0,26888,0,0,0,34579,null,null,null,null,"",1]
["TDI73D00010S",null,null,null,"0.6/1kv 트레이용 동편조차폐 제어케이블(F-CVV-SB)","15C*2.5㎟","M",0,0,0,0,0,0,0,0,0,null,null,null,null,"",1]
["TDI73D00010S","자재","2612160320684509",null,"제어케이블","제어케이블, 0.6/1kV, TFR-CVV-SB, 15C×2.5㎟","m",1,7508,7508,0,0,0,0,7508,7508,null,null,"N","N","",1]
["TDI73D00010S","자재","2612160320684509",null,"제어케이블","제어케이블, 0.6/1kV, TFR-CVV-SB, 15C×2.5㎟","m",7.4999999999999997E-2,7508,563.1,0,0,0,0,7508,563.1,null,null,"N","N","",1]
["TDI73D00010S","손료","RENT000000000001",null,"잡재료비","배관배선의 2%","식",1,150.1,150.1,0,0,0,0,150.1,150.1,null,null,"N","N",2,1]
["TDI73D00010S","손료","RENT000000000002",null,"공구손료","인력품의 3%","식",1,1075.5,1075.5,0,0,0,0,1075.5,1075.5,null,null,"N","N",3,1]
[null,null,null,null,"[합 계]",null,null,0,0,9296,0,35851,0,0,0,45147,null,null,null,null,"",1]
["TDI73E00010S",null,null,null,"0.6/1kv 트레이용 동편조차폐 제어케이블(F-CVV-SB)","20C*2.5㎟","M",0,0,0,0,0,0,0,0,0,null,null,null,null,"",1]
["TDI73E00010S","자재","2612160320684513",null,"제어케이블","제어케이블, 0.6/1kV, TFR-CVV-SB, 20C×2.5㎟","m",1,9402,9402,0,0,0,0,9402,9402,null,null,"N","N","",1]
["TDI73E00010S","손료","RENT000000000001",null,"잡재료비","배관배선의 2%","식",1,188,188,0,0,0,0,188,188,null,null,"N","N",2,1]
["TDI73E00010S","노무","L001010101000089",null,"통신케이블공","일반공사 직종","인",0.1008,0,0,414944,41826.300000000003,0,0,414944,41826.300000000003,null,null,"N","N","",1]
["TDI73E00010S","손료","RENT000000000002",null,"공구손료","인력품의 3%","식",1,1254.7,1254.7,0,0,0,0,1254.7,1254.7,null,null,"N","N",3,1]
[null,null,null,null,"[합 계]",null,null,0,0,11549,0,41826,0,0,0,53375,null,null,null,null,"",1]
["TDI73F00010S",null,null,null,"0.6/1kv 트레이용 동편조차폐 제어케이블(F-CVV-SB)","25C*2.5㎟","M",0,0,0,0,0,0,0,0,0,null,null,null,null,"",1]
["TDI73F00010S","자재","2612160320684517",null,"제어케이블","제어케이블, 0.6/1kV, TFR-CVV-SB, 25C×2.5㎟","m",1,11579,11579,0,0,0,0,11579,11579,null,null,"N","N","",1]
["TDI73F00010S","손료","RENT000000000001",null,"잡재료비","배관배선의 2%","식",1,231.5,231.5,0,0,0,0,231.5,231.5,null,null,"N","N",2,1]
["TDI73F00010S","노무","L001010101000089",null,"통신케이블공","일반공사 직종","인",0.1176,0,0,414944,48797.4,0,0,414944,48797.4,null,null,"N","N","",1]
[null,null,null,null,"[합 계]",null,null,0,0,14142,0,48797,0,0,0,62939,null,null,null,null,"",1]
[null,null,null,null,null,null,null,0,0,0,0,0,0,0,0,0,null,null,null,null,"",1]
["TDI73G00010S",null,null,null,"0.6/1kv 트레이용 동편조차폐 제어케이블(F-CVV-SB)","30C*2.5㎟","M",0,0,0,0,0,0,0,0,0,null,null,null,null,"",1]
["TDI73G00010S","자재","2612160320684521",null,"제어케이블","제어케이블, 0.6/1kV, TFR-CVV-SB, 30C×2.5㎟","m",1,14007,14007,0,0,0,0,14007,14007,null,null,"N","N","",1]
["TDI73G00010S","손료","RENT000000000001",null,"잡재료비","배관배선의 2%","식",1,280.10000000000002,280.10000000000002,0,0,0,0,280.10000000000002,280.10000000000002,null,null,"N","N",2,1]
["TDI73G00010S","노무","L001010101000089",null,"통신케이블공","일반공사 직종","인",0.1176,0,0,414944,48797.4,0,0,414944,48797.4,null,null,"N","N","",1]
[null,null,null,null,"[합 계]",null,null,0,0,16801,0,48797,0,0,0,65598,null,null,null,null,"",1]
[null,null,null,null,null,null,null,0,0,0,0,0,0,0,0,0,null,null,null,null,"",1]
["TDI73G00020S","자재","2612160320684525",null,"제어케이블","제어케이블, 0.6/1kV, TFR-CVV-SB, 40C×2.5㎟","m",1,19549,19549,0,0,0,0,19549,19549,null,null,"N","N","",1]
["TDI73G00020S","자재","2612160320684525",null,"제어케이블","제어케이블, 0.6/1kV, TFR-CVV-SB, 40C×2.5㎟","m",7.4999999999999997E-2,19549,1466.1,0,0,0,0,19549,1466.1,null,null,"N","N","",1]
["TDI73G00020S","손료","RENT000000000001",null,"잡재료비","배관배선의 2%","식",1,390.9,390.9,0,0,0,0,390.9,390.9,null,null,"N","N",2,1]
["TDI73G00020S","노무","L001010101000089",null,"통신케이블공","일반공사 직종","인",0.13439999999999999,0,0,414944,55768.4,0,0,414944,55768.4,null,null,"N","N","",1]
[null,null,null,null,"[합 계]",null,null,0,0,23079,0,55768,0,0,0,78847,null,null,null,null,"",1]
[null,null,null,null,null,null,null,0,0,0,0,0,0,0,0,0,null,null,null,null,"",1]
["TDI73H00010S","자재","2612160320684529",null,"제어케이블","제어케이블, 0.6/1kV, TFR-CVV-SB, 50C×2.5㎟","m",1,23221,23221,0,0,0,0,23221,23221,null,null,"N","N","",1]
["TDI73H00010S","자재","2612160320684529",null,"제어케이블","제어케이블, 0.6/1kV, TFR-CVV-SB, 50C×2.5㎟","m",7.4999999999999997E-2,23221,1741.5,0,0,0,0,23221,1741.5,null,null,"N","N","",1]
["TDI73H00010S","손료","RENT000000000001",null,"잡재료비","배관배선의 2%","식",1,464.4,464.4,0,0,0,0,464.4,464.4,null,null,"N","N",2,1]
["TDI73H00010S","노무","L001010101000089",null,"통신케이블공","일반공사 직종","인",0.13439999999999999,0,0,414944,55768.4,0,0,414944,55768.4,null,null,"N","N","",1]
[null,null,null,null,"[합 계]",null,null,0,0,27099,0,55768,0,0,0,82867,null,null,null,null,"",1]
[null,null,null,null,null,null,null,0,0,0,0,0,0,0,0,0,null,null,null,null,"",1]
["TDI74200010S","자재","2612160320684473",null,"제어케이블","제어케이블, 0.6/1kV, TFR-CVV-SB, 2C×4㎟","m",1,2302,2302,0,0,0,0,2302,2302,null,null,"N","N","",1]
["TDI74200010S","자재","2612160320684473",null,"제어케이블","제어케이블, 0.6/1kV, TFR-CVV-SB, 2C×4㎟","m",7.4999999999999997E-2,2302,172.6,0,0,0,0,2302,172.6,null,null,"N","N","",1]
["TDI74200010S","노무","L001010101000089",null,"통신케이블공","일반공사 직종","인",1.9199999999999998E-2,0,0,414944,7966.9,0,0,414944,7966.9,null,null,"N","N","",1]
["TDI74200010S","손료","RENT000000000002",null,"공구손료","인력품의 3%","식",1,239,239,0,0,0,0,239,239,null,null,"N","N",3,1]
[null,null,null,null,"[합 계]",null,null,0,0,2759,0,7966,0,0,0,10725,null,null,null,null,"",1]
[null,null,null,null,null,null,null,0,0,0,0,0,0,0,0,0,null,null,null,null,"",1]
["TDI74300010S","자재","2612160320684477",null,"제어케이블","제어케이블, 0.6/1kV, TFR-CVV-SB, 3C×4㎟","m",1,2977,2977,0,0,0,0,2977,2977,null,null,"N","N","",1]
["TDI74300010S","자재","2612160320684477",null,"제어케이블","제어케이블, 0.6/1kV, TFR-CVV-SB, 3C×4㎟","m",7.4999999999999997E-2,2977,223.2,0,0,0,0,2977,223.2,null,null,"N","N","",1]
["TDI74300010S","노무","L001010101000089",null,"통신케이블공","일반공사 직종","인",2.64E-2,0,0,414944,10954.5,0,0,414944,10954.5,null,null,"N","N","",1]
["TDI74300010S","손료","RENT000000000002",null,"공구손료","인력품의 3%","식",1,328.6,328.6,0,0,0,0,328.6,328.6,null,null,"N","N",3,1]
[null,null,null,null,null,null,null,0,0,0,0,0,0,0,0,0,null,null,null,null,"",1]
["TDI74400010S",null,null,null,"0.6/1kv 트레이용 동편조차폐 제어케이블(F-CVV-SB)","4C*4㎟","M",0,0,0,0,0,0,0,0,0,null,null,null,null,"",1]
["TDI74400010S","자재","2612160320684481",null,"제어케이블","제어케이블, 0.6/1kV, TFR-CVV-SB, 4C×4㎟","m",1,3103,3103,0,0,0,0,3103,3103,null,null,"N","N","",1]
["TDI74400010S","자재","2612160320684481",null,"제어케이블","제어케이블, 0.6/1kV, TFR-CVV-SB, 4C×4㎟","m",7.4999999999999997E-2,3103,232.7,0,0,0,0,3103,232.7,null,null,"N","N","",1]
["TDI74400010S","노무","L001010101000089",null,"통신케이블공","일반공사 직종","인",3.4799999999999998E-2,0,0,414944,14440,0,0,414944,14440,null,null,"N","N","",1]
["TDI74400010S","손료","RENT000000000002",null,"공구손료","인력품의 3%","식",1,433.2,433.2,0,0,0,0,433.2,433.2,null,null,"N","N",3,1]
[null,null,null,null,null,null,null,0,0,0,0,0,0,0,0,0,null,null,null,null,"",1]
["TDI74500010S",null,null,null,"0.6/1kv 트레이용 동편조차폐 제어케이블(F-CVV-SB)","5C*4㎟","M",0,0,0,0,0,0,0,0,0,null,null,null,null,"",1]
["TDI74500010S","자재","2612160320684485",null,"제어케이블","제어케이블, 0.6/1kV, TFR-CVV-SB, 5C×4㎟","m",7.4999999999999997E-2,4243,318.2,0,0,0,0,4243,318.2,null,null,"N","N","",1]
["TDI74500010S","손료","RENT000000000001",null,"잡재료비","배관배선의 2%","식",1,84.8,84.8,0,0,0,0,84.8,84.8,null,null,"N","N",2,1]
["TDI74500010S","노무","L001010101000089",null,"통신케이블공","일반공사 직종","인",4.0800000000000003E-2,0,0,414944,16929.7,0,0,414944,16929.7,null,null,"N","N","",1]
["TDI74500010S","손료","RENT000000000002",null,"공구손료","인력품의 3%","식",1,507.8,507.8,0,0,0,0,507.8,507.8,null,null,"N","N",3,1]
[null,null,null,null,null,null,null,0,0,0,0,0,0,0,0,0,null,null,null,null,"",1]
["TDI74600010S",null,null,null,"0.6/1kv 트레이용 동편조차폐 제어케이블(F-CVV-SB)","6C*4㎟","M",0,0,0,0,0,0,0,0,0,null,null,null,null,"",1]
["TDI74600010S","자재","2612160320684489",null,"제어케이블","제어케이블, 0.6/1kV, TFR-CVV-SB, 6C×4㎟","m",7.4999999999999997E-2,4982,373.6,0,0,0,0,4982,373.6,null,null,"N","N","",1]
["TDI74600010S","손료","RENT000000000001",null,"잡재료비","배관배선의 2%","식",1,99.6,99.6,0,0,0,0,99.6,99.6,null,null,"N","N",2,1]
["TDI74600010S","손료","RENT000000000002",null,"공구손료","인력품의 3%","식",1,567.6,567.6,0,0,0,0,567.6,567.6,null,null,"N","N",3,1]
[null,null,null,null,"[합 계]",null,null,0,0,6022,0,18921,0,0,0,24943,null,null,null,null,"",1]
[null,null,null,null,null,null,null,0,0,0,0,0,0,0,0,0,null,null,null,null,"",1]
["TDI74700010S",null,null,null,"0.6/1kv 트레이용 동편조차폐 제어케이블(F-CVV-SB)","7C*4㎟","M",0,0,0,0,0,0,0,0,0,null,null,null,null,"",1]
["TDI74700010S","자재","2612160320684494",null,"제어케이블","제어케이블, 0.6/1kV, TFR-CVV-SB, 7C×4㎟","m",7.4999999999999997E-2,5427,407,0,0,0,0,5427,407,null,null,"N","N","",1]
["TDI74700010S","손료","RENT000000000001",null,"잡재료비","배관배선의 2%","식",1,108.5,108.5,0,0,0,0,108.5,108.5,null,null,"N","N",2,1]
["TDI74700010S","손료","RENT000000000002",null,"공구손료","인력품의 3%","식",1,627.29999999999995,627.29999999999995,0,0,0,0,627.29999999999995,627.29999999999995,null,null,"N","N",3,1]
[null,null,null,null,"[합 계]",null,null,0,0,6569,0,20913,0,0,0,27482,null,null,null,null,"",1]
["TDI74800010S",null,null,null,"0.6/1kv 트레이용 동편조차폐 제어케이블(F-CVV-SB)","8C*4㎟","M",0,0,0,0,0,0,0,0,0,null,null,null,null,"",1]
["TDI74800010S","자재","2612160320684498",null,"제어케이블","제어케이블, 0.6/1kV, TFR-CVV-SB, 8C×4㎟","m",1,6050,6050,0,0,0,0,6050,6050,null,null,"N","N","",1]
["TDI74800010S","자재","2612160320684498",null,"제어케이블","제어케이블, 0.6/1kV, TFR-CVV-SB, 8C×4㎟","m",7.4999999999999997E-2,6050,453.7,0,0,0,0,6050,453.7,null,null,"N","N","",1]
["TDI74800010S","손료","RENT000000000001",null,"잡재료비","배관배선의 2%","식",1,121,121,0,0,0,0,121,121,null,null,"N","N",2,1]
["TDI74800010S","손료","RENT000000000002",null,"공구손료","인력품의 3%","식",1,687.1,687.1,0,0,0,0,687.1,687.1,null,null,"N","N",3,1]
[null,null,null,null,"[합 계]",null,null,0,0,7311,0,22904,0,0,0,30215,null,null,null,null,"",1]
["TDI74A00010S",null,null,null,"0.6/1kv 트레이용 동편조차폐 제어케이블(F-CVV-SB)","10C*4㎟","M",0,0,0,0,0,0,0,0,0,null,null,null,null,"",1]
["TDI74A00010S","자재","2612160320684502",null,"제어케이블","제어케이블, 0.6/1kV, TFR-CVV-SB, 10C×4㎟","m",1,7839,7839,0,0,0,0,7839,7839,null,null,"N","N","",1]
["TDI74A00010S","손료","RENT000000000001",null,"잡재료비","배관배선의 2%","식",1,156.69999999999999,156.69999999999999,0,0,0,0,156.69999999999999,156.69999999999999,null,null,"N","N",2,1]
["TDI74A00010S","노무","L001010101000089",null,"통신케이블공","일반공사 직종","인",6.2399999999999997E-2,0,0,414944,25892.5,0,0,414944,25892.5,null,null,"N","N","",1]
["TDI74A00010S","손료","RENT000000000002",null,"공구손료","인력품의 3%","식",1,776.7,776.7,0,0,0,0,776.7,776.7,null,null,"N","N",3,1]
[null,null,null,null,"[합 계]",null,null,0,0,9360,0,25892,0,0,0,35252,null,null,null,null,"",1]
["TDI74C00010S",null,null,null,"0.6/1kv 트레이용 동편조차폐 제어케이블(F-CVV-SB)","12C*4㎟","M",0,0,0,0,0,0,0,0,0,null,null,null,null,"",1]
["TDI74C00010S","자재","2612160320684506",null,"제어케이블","제어케이블, 0.6/1kV, TFR-CVV-SB, 12C×4㎟","m",1,8517,8517,0,0,0,0,8517,8517,null,null,"N","N","",1]
["TDI74C00010S","손료","RENT000000000001",null,"잡재료비","배관배선의 2%","식",1,170.3,170.3,0,0,0,0,170.3,170.3,null,null,"N","N",2,1]
["TDI74C00010S","노무","L001010101000089",null,"통신케이블공","일반공사 직종","인",6.9599999999999995E-2,0,0,414944,28880.1,0,0,414944,28880.1,null,null,"N","N","",1]
["TDI74C00010S","손료","RENT000000000002",null,"공구손료","인력품의 3%","식",1,866.4,866.4,0,0,0,0,866.4,866.4,null,null,"N","N",3,1]
[null,null,null,null,"[합 계]",null,null,0,0,10192,0,28880,0,0,0,39072,null,null,null,null,"",1]
["TDI74D00010S",null,null,null,"0.6/1kv 트레이용 동편조차폐 제어케이블(F-CVV-SB)","15C*4㎟","M",0,0,0,0,0,0,0,0,0,null,null,null,null,"",1]
["TDI74D00010S","자재","2612160320684510",null,"제어케이블","제어케이블, 0.6/1kV, TFR-CVV-SB, 15C×4㎟","m",1,10303,10303,0,0,0,0,10303,10303,null,null,"N","N","",1]
["TDI74D00010S","손료","RENT000000000001",null,"잡재료비","배관배선의 2%","식",1,206,206,0,0,0,0,206,206,null,null,"N","N",2,1]
["TDI74D00010S","노무","L001010101000089",null,"통신케이블공","일반공사 직종","인",9.3600000000000003E-2,0,0,414944,38838.699999999997,0,0,414944,38838.699999999997,null,null,"N","N","",1]
[null,null,null,null,"[합 계]",null,null,0,0,12446,0,38838,0,0,0,51284,null,null,null,null,"",1]
[null,null,null,null,null,null,null,0,0,0,0,0,0,0,0,0,null,null,null,null,"",1]
["TDI74E00010S",null,null,null,"0.6/1kv 트레이용 동편조차폐 제어케이블(F-CVV-SB)","20C*4㎟","M",0,0,0,0,0,0,0,0,0,null,null,null,null,"",1]
["TDI74E00010S","자재","2612160320684514",null,"제어케이블","제어케이블, 0.6/1kV, TFR-CVV-SB, 20C×4㎟","m",1,13543,13543,0,0,0,0,13543,13543,null,null,"N","N","",1]
["TDI74E00010S","손료","RENT000000000001",null,"잡재료비","배관배선의 2%","식",1,270.8,270.8,0,0,0,0,270.8,270.8,null,null,"N","N",2,1]
["TDI74E00010S","노무","L001010101000089",null,"통신케이블공","일반공사 직종","인",0.108,0,0,414944,44813.9,0,0,414944,44813.9,null,null,"N","N","",1]
[null,null,null,null,"[합 계]",null,null,0,0,16173,0,44813,0,0,0,60986,null,null,null,null,"",1]
[null,null,null,null,null,null,null,0,0,0,0,0,0,0,0,0,null,null,null,null,"",1]
["TDI74F00010S","자재","2612160320684518",null,"제어케이블","제어케이블, 0.6/1kV, TFR-CVV-SB, 25C×4㎟","m",1,16676,16676,0,0,0,0,16676,16676,null,null,"N","N","",1]
["TDI74F00010S","자재","2612160320684518",null,"제어케이블","제어케이블, 0.6/1kV, TFR-CVV-SB, 25C×4㎟","m",7.4999999999999997E-2,16676,1250.7,0,0,0,0,16676,1250.7,null,null,"N","N","",1]
["TDI74F00010S","손료","RENT000000000001",null,"잡재료비","배관배선의 2%","식",1,333.5,333.5,0,0,0,0,333.5,333.5,null,null,"N","N",2,1]
["TDI74F00010S","노무","L001010101000089",null,"통신케이블공","일반공사 직종","인",0.108,0,0,414944,44813.9,0,0,414944,44813.9,null,null,"N","N","",1]
[null,null,null,null,"[합 계]",null,null,0,0,19604,0,44813,0,0,0,64417,null,null,null,null,"",1]
[null,null,null,null,null,null,null,0,0,0,0,0,0,0,0,0,null,null,null,null,"",1]
["TDI75200010S","자재","2612160320684474",null,"제어케이블","제어케이블, 0.6/1kV, TFR-CVV-SB, 2C×6㎟","m",1,2674,2674,0,0,0,0,2674,2674,null,null,"N","N","",1]
["TDI75200010S","자재","2612160320684474",null,"제어케이블","제어케이블, 0.6/1kV, TFR-CVV-SB, 2C×6㎟","m",7.4999999999999997E-2,2674,200.5,0,0,0,0,2674,200.5,null,null,"N","N","",1]
["TDI75200010S","손료","RENT000000000001",null,"잡재료비","배관배선의 2%","식",1,53.4,53.4,0,0,0,0,53.4,53.4,null,null,"N","N",2,1]
["TDI75200010S","노무","L001010101000089",null,"통신케이블공","일반공사 직종","인",2.1600000000000001E-2,0,0,414944,8962.7000000000007,0,0,414944,8962.7000000000007,null,null,"N","N","",1]
["TDI75200010S","손료","RENT000000000002",null,"공구손료","인력품의 3%","식",1,268.8,268.8,0,0,0,0,268.8,268.8,null,null,"N","N",3,1]
[null,null,null,null,"[합 계]",null,null,0,0,3196,0,8962,0,0,0,12158,null,null,null,null,"",1]
[null,null,null,null,null,null,null,0,0,0,0,0,0,0,0,0,null,null,null,null,"",1]
["TDI75300010S",null,null,null,"0.6/1kv 트레이용 동편조차폐 제어케이블(F-CVV-SB)","3C*6㎟","M",0,0,0,0,0,0,0,0,0,null,null,null,null,"",1]
["TDI75300010S","자재","2612160320684478",null,"제어케이블","제어케이블, 0.6/1kV, TFR-CVV-SB, 3C×6㎟","m",1,3431,3431,0,0,0,0,3431,3431,null,null,"N","N","",1]
["TDI75300010S","자재","2612160320684478",null,"제어케이블","제어케이블, 0.6/1kV, TFR-CVV-SB, 3C×6㎟","m",7.4999999999999997E-2,3431,257.3,0,0,0,0,3431,257.3,null,null,"N","N","",1]
["TDI75300010S","손료","RENT000000000001",null,"잡재료비","배관배선의 2%","식",1,68.599999999999994,68.599999999999994,0,0,0,0,68.599999999999994,68.599999999999994,null,null,"N","N",2,1]
["TDI75300010S","노무","L001010101000089",null,"통신케이블공","일반공사 직종","인",3.1199999999999999E-2,0,0,414944,12946.2,0,0,414944,12946.2,null,null,"N","N","",1]
["TDI75300010S","손료","RENT000000000002",null,"공구손료","인력품의 3%","식",1,388.3,388.3,0,0,0,0,388.3,388.3,null,null,"N","N",3,1]
[null,null,null,null,"[합 계]",null,null,0,0,4145,0,12946,0,0,0,17091,null,null,null,null,"",1]
[null,null,null,null,null,null,null,0,0,0,0,0,0,0,0,0,null,null,null,null,"",1]
["TDI75400010S",null,null,null,"0.6/1kv 트레이용 동편조차폐 제어케이블(F-CVV-SB)","4C*6㎟","M",0,0,0,0,0,0,0,0,0,null,null,null,null,"",1]
["TDI75400010S","자재","2612160320684482",null,"제어케이블","제어케이블, 0.6/1kV, TFR-CVV-SB, 4C×6㎟","m",1,4201,4201,0,0,0,0,4201,4201,null,null,"N","N","",1]
["TDI75400010S","자재","2612160320684482",null,"제어케이블","제어케이블, 0.6/1kV, TFR-CVV-SB, 4C×6㎟","m",7.4999999999999997E-2,4201,315,0,0,0,0,4201,315,null,null,"N","N","",1]
["TDI75400010S","손료","RENT000000000001",null,"잡재료비","배관배선의 2%","식",1,84,84,0,0,0,0,84,84,null,null,"N","N",2,1]
["TDI75400010S","노무","L001010101000089",null,"통신케이블공","일반공사 직종","인",4.0800000000000003E-2,0,0,414944,16929.7,0,0,414944,16929.7,null,null,"N","N","",1]
["TDI75400010S","손료","RENT000000000002",null,"공구손료","인력품의 3%","식",1,507.8,507.8,0,0,0,0,507.8,507.8,null,null,"N","N",3,1]
[null,null,null,null,"[합 계]",null,null,0,0,5107,0,16929,0,0,0,22036,null,null,null,null,"",1]
[null,null,null,null,null,null,null,0,0,0,0,0,0,0,0,0,null,null,null,null,"",1]
["TDI75500010S",null,null,null,"0.6/1kv 트레이용 동편조차폐 제어케이블(F-CVV-SB)","5C*6㎟","M",0,0,0,0,0,0,0,0,0,null,null,null,null,"",1]
["TDI75500010S","자재","2612160320684486",null,"제어케이블","제어케이블, 0.6/1kV, TFR-CVV-SB, 5C×6㎟","m",1,5114,5114,0,0,0,0,5114,5114,null,null,"N","N","",1]
["TDI75500010S","자재","2612160320684486",null,"제어케이블","제어케이블, 0.6/1kV, TFR-CVV-SB, 5C×6㎟","m",7.4999999999999997E-2,5114,383.5,0,0,0,0,5114,383.5,null,null,"N","N","",1]
["TDI75500010S","손료","RENT000000000001",null,"잡재료비","배관배선의 2%","식",1,102.2,102.2,0,0,0,0,102.2,102.2,null,null,"N","N",2,1]
["TDI75500010S","노무","L001010101000089",null,"통신케이블공","일반공사 직종","인",4.6800000000000001E-2,0,0,414944,19419.3,0,0,414944,19419.3,null,null,"N","N","",1]
["TDI75500010S","손료","RENT000000000002",null,"공구손료","인력품의 3%","식",1,582.5,582.5,0,0,0,0,582.5,582.5,null,null,"N","N",3,1]
[null,null,null,null,"[합 계]",null,null,0,0,6182,0,19419,0,0,0,25601,null,null,null,null,"",1]
[null,null,null,null,null,null,null,0,0,0,0,0,0,0,0,0,null,null,null,null,"",1]
["TDI75600010S",null,null,null,"0.6/1kv 트레이용 동편조차폐 제어케이블(F-CVV-SB)","6C*6㎟","M",0,0,0,0,0,0,0,0,0,null,null,null,null,"",1]
["TDI75600010S","자재","2612160320684490",null,"제어케이블","제어케이블, 0.6/1kV, TFR-CVV-SB, 6C×6㎟","m",1,5920,5920,0,0,0,0,5920,5920,null,null,"N","N","",1]
["TDI75600010S","자재","2612160320684490",null,"제어케이블","제어케이블, 0.6/1kV, TFR-CVV-SB, 6C×6㎟","m",7.4999999999999997E-2,5920,444,0,0,0,0,5920,444,null,null,"N","N","",1]
["TDI75600010S","손료","RENT000000000001",null,"잡재료비","배관배선의 2%","식",1,118.4,118.4,0,0,0,0,118.4,118.4,null,null,"N","N",2,1]
["TDI75600010S","노무","L001010101000089",null,"통신케이블공","일반공사 직종","인",5.28E-2,0,0,414944,21909,0,0,414944,21909,null,null,"N","N","",1]
["TDI75600010S","손료","RENT000000000002",null,"공구손료","인력품의 3%","식",1,657.2,657.2,0,0,0,0,657.2,657.2,null,null,"N","N",3,1]
[null,null,null,null,"[합 계]",null,null,0,0,7139,0,21909,0,0,0,29048,null,null,null,null,"",1]
[null,null,null,null,null,null,null,0,0,0,0,0,0,0,0,0,null,null,null,null,"",1]
["TDI75700010S",null,null,null,"0.6/1kv 트레이용 동편조차폐 제어케이블(F-CVV-SB)","7C*6㎟","M",0,0,0,0,0,0,0,0,0,null,null,null,null,"",1]
["TDI75700010S","자재","2612160320684495",null,"제어케이블","제어케이블, 0.6/1kV, TFR-CVV-SB, 7C×6㎟","m",1,6525,6525,0,0,0,0,6525,6525,null,null,"N","N","",1]
["TDI75700010S","자재","2612160320684495",null,"제어케이블","제어케이블, 0.6/1kV, TFR-CVV-SB, 7C×6㎟","m",7.4999999999999997E-2,6525,489.3,0,0,0,0,6525,489.3,null,null,"N","N","",1]
["TDI75700010S","손료","RENT000000000001",null,"잡재료비","배관배선의 2%","식",1,130.5,130.5,0,0,0,0,130.5,130.5,null,null,"N","N",2,1]
["TDI75700010S","노무","L001010101000089",null,"통신케이블공","일반공사 직종","인",5.7599999999999998E-2,0,0,414944,23900.7,0,0,414944,23900.7,null,null,"N","N","",1]
["TDI75700010S","손료","RENT000000000002",null,"공구손료","인력품의 3%","식",1,717,717,0,0,0,0,717,717,null,null,"N","N",3,1]
[null,null,null,null,"[합 계]",null,null,0,0,7861,0,23900,0,0,0,31761,null,null,null,null,"",1]
[null,null,null,null,null,null,null,0,0,0,0,0,0,0,0,0,null,null,null,null,"",1]
["TDI75800010S",null,null,null,"0.6/1kv 트레이용 동편조차폐 제어케이블(F-CVV-SB)","8C*6㎟","M",0,0,0,0,0,0,0,0,0,null,null,null,null,"",1]
["TDI75800010S","자재","2612160320684499",null,"제어케이블","제어케이블, 0.6/1kV, TFR-CVV-SB, 8C×6㎟","m",1,7372,7372,0,0,0,0,7372,7372,null,null,"N","N","",1]
["TDI75800010S","자재","2612160320684499",null,"제어케이블","제어케이블, 0.6/1kV, TFR-CVV-SB, 8C×6㎟","m",7.4999999999999997E-2,7372,552.9,0,0,0,0,7372,552.9,null,null,"N","N","",1]
["TDI75800010S","손료","RENT000000000001",null,"잡재료비","배관배선의 2%","식",1,147.4,147.4,0,0,0,0,147.4,147.4,null,null,"N","N",2,1]
["TDI75800010S","노무","L001010101000089",null,"통신케이블공","일반공사 직종","인",6.2399999999999997E-2,0,0,414944,25892.5,0,0,414944,25892.5,null,null,"N","N","",1]
["TDI75800010S","손료","RENT000000000002",null,"공구손료","인력품의 3%","식",1,776.7,776.7,0,0,0,0,776.7,776.7,null,null,"N","N",3,1]
[null,null,null,null,"[합 계]",null,null,0,0,8849,0,25892,0,0,0,34741,null,null,null,null,"",1]
[null,null,null,null,null,null,null,0,0,0,0,0,0,0,0,0,null,null,null,null,"",1]
["TDI75A00010S",null,null,null,"0.6/1kv 트레이용 동편조차폐 제어케이블(F-CVV-SB)","10C*6㎟","M",0,0,0,0,0,0,0,0,0,null,null,null,null,"",1]
["TDI75A00010S","자재","2612160320684503",null,"제어케이블","제어케이블, 0.6/1kV, TFR-CVV-SB, 10C×6㎟","m",1,9270,9270,0,0,0,0,9270,9270,null,null,"N","N","",1]
["TDI75A00010S","자재","2612160320684503",null,"제어케이블","제어케이블, 0.6/1kV, TFR-CVV-SB, 10C×6㎟","m",7.4999999999999997E-2,9270,695.2,0,0,0,0,9270,695.2,null,null,"N","N","",1]
["TDI75A00010S","손료","RENT000000000001",null,"잡재료비","배관배선의 2%","식",1,185.4,185.4,0,0,0,0,185.4,185.4,null,null,"N","N",2,1]
["TDI75A00010S","노무","L001010101000089",null,"통신케이블공","일반공사 직종","인",7.0800000000000002E-2,0,0,414944,29378,0,0,414944,29378,null,null,"N","N","",1]
["TDI75A00010S","손료","RENT000000000002",null,"공구손료","인력품의 3%","식",1,881.3,881.3,0,0,0,0,881.3,881.3,null,null,"N","N",3,1]
[null,null,null,null,"[합 계]",null,null,0,0,11031,0,29378,0,0,0,40409,null,null,null,null,"",1]
[null,null,null,null,null,null,null,0,0,0,0,0,0,0,0,0,null,null,null,null,"",1]
["TDI75C00010S",null,null,null,"0.6/1kv 트레이용 동편조차폐 제어케이블(F-CVV-SB)","12C*6㎟","M",0,0,0,0,0,0,0,0,0,null,null,null,null,"",1]
["TDI75C00010S","자재","2612160320684507",null,"제어케이블","제어케이블, 0.6/1kV, TFR-CVV-SB, 12C×6㎟","m",1,10696,10696,0,0,0,0,10696,10696,null,null,"N","N","",1]
["TDI75C00010S","자재","2612160320684507",null,"제어케이블","제어케이블, 0.6/1kV, TFR-CVV-SB, 12C×6㎟","m",7.4999999999999997E-2,10696,802.2,0,0,0,0,10696,802.2,null,null,"N","N","",1]
["TDI75C00010S","손료","RENT000000000001",null,"잡재료비","배관배선의 2%","식",1,213.9,213.9,0,0,0,0,213.9,213.9,null,null,"N","N",2,1]
["TDI75C00010S","노무","L001010101000089",null,"통신케이블공","일반공사 직종","인",7.9200000000000007E-2,0,0,414944,32863.5,0,0,414944,32863.5,null,null,"N","N","",1]
["TDI75C00010S","손료","RENT000000000002",null,"공구손료","인력품의 3%","식",1,985.9,985.9,0,0,0,0,985.9,985.9,null,null,"N","N",3,1]
[null,null,null,null,"[합 계]",null,null,0,0,12698,0,32863,0,0,0,45561,null,null,null,null,"",1]
[null,null,null,null,null,null,null,0,0,0,0,0,0,0,0,0,null,null,null,null,"",1]
["TDP31100010S",null,null,null,"난연성 비닐절연접지용전선(통신)","0.6/1kv, F-GV, 2.5㎟","M",0,0,0,0,0,0,0,0,0,null,null,null,null,"",1]
["TDP31100010S","자재","2612152420683695",null,"접지용비닐절연전선","접지용비닐절연전선, F-GV, 2.5㎟","m",1,556,556,0,0,0,0,556,556,null,null,"N","N","",1]
["TDP31100010S","자재","2612152420683695",null,"접지용비닐절연전선","접지용비닐절연전선, F-GV, 2.5㎟","m",7.4999999999999997E-2,556,41.7,0,0,0,0,556,41.7,null,null,"N","N","",1]
["TDP31100010S","손료","RENT000000000001",null,"잡재료비","배관배선의 2%","식",1,11.1,11.1,0,0,0,0,11.1,11.1,null,null,"N","N",2,1]
["TDP31100010S","노무","L001010101000088",null,"통신외선공","일반공사 직종","인",0.01,0,0,387376,3873.7,0,0,387376,3873.7,null,null,"N","N","",1]
["TDP31100010S","손료","RENT000000000002",null,"공구손료","인력품의 3%","식",1,116.2,116.2,0,0,0,0,116.2,116.2,null,null,"N","N",3,1]
[null,null,null,null,"[합 계]",null,null,0,0,725,0,3873,0,0,0,4598,null,null,null,null,"",1]
[null,null,null,null,null,null,null,0,0,0,0,0,0,0,0,0,null,null,null,null,"",1]
["TDP31200010S",null,null,null,"난연성 비닐절연접지용전선(통신)","0.6/1kv, F-GV, 4㎟","M",0,0,0,0,0,0,0,0,0,null,null,null,null,"",1]
["TDP31200010S","자재","2612152420683696",null,"접지용비닐절연전선","접지용비닐절연전선, F-GV, 4㎟","m",1,787,787,0,0,0,0,787,787,null,null,"N","N","",1]
["TDP31200010S","자재","2612152420683696",null,"접지용비닐절연전선","접지용비닐절연전선, F-GV, 4㎟","m",7.4999999999999997E-2,787,59,0,0,0,0,787,59,null,null,"N","N","",1]
["TDP31200010S","손료","RENT000000000001",null,"잡재료비","배관배선의 2%","식",1,15.7,15.7,0,0,0,0,15.7,15.7,null,null,"N","N",2,1]
["TDP31200010S","노무","L001010101000088",null,"통신외선공","일반공사 직종","인",0.01,0,0,387376,3873.7,0,0,387376,3873.7,null,null,"N","N","",1]
["TDP31200010S","손료","RENT000000000002",null,"공구손료","인력품의 3%","식",1,116.2,116.2,0,0,0,0,116.2,116.2,null,null,"N","N",3,1]
[null,null,null,null,"[합 계]",null,null,0,0,977,0,3873,0,0,0,4850,null,null,null,null,"",1]
[null,null,null,null,null,null,null,0,0,0,0,0,0,0,0,0,null,null,null,null,"",1]
["TDP31300010S",null,null,null,"난연성 비닐절연접지용전선(통신)","0.6/1kv, F-GV, 6㎟","M",0,0,0,0,0,0,0,0,0,null,null,null,null,"",1]
["TDP31300010S","자재","2612152420683697",null,"접지용비닐절연전선","접지용비닐절연전선, F-GV, 6㎟","m",1,896,896,0,0,0,0,896,896,null,null,"N","N","",1]
["TDP31300010S","자재","2612152420683697",null,"접지용비닐절연전선","접지용비닐절연전선, F-GV, 6㎟","m",7.4999999999999997E-2,896,67.2,0,0,0,0,896,67.2,null,null,"N","N","",1]
["TDP31300010S","손료","RENT000000000001",null,"잡재료비","배관배선의 2%","식",1,17.899999999999999,17.899999999999999,0,0,0,0,17.899999999999999,17.899999999999999,null,null,"N","N",2,1]
["TDP31300010S","노무","L001010101000088",null,"통신외선공","일반공사 직종","인",0.01,0,0,387376,3873.7,0,0,387376,3873.7,null,null,"N","N","",1]
["TDP31300010S","손료","RENT000000000002",null,"공구손료","인력품의 3%","식",1,116.2,116.2,0,0,0,0,116.2,116.2,null,null,"N","N",3,1]
[null,null,null,null,"[합 계]",null,null,0,0,1097,0,3873,0,0,0,4970,null,null,null,null,"",1]
[null,null,null,null,null,null,null,0,0,0,0,0,0,0,0,0,null,null,null,null,"",1]
["TDP31400010S",null,null,null,"난연성 비닐절연접지용전선(통신)","0.6/1kv, F-GV, 10㎟","M",0,0,0,0,0,0,0,0,0,null,null,null,null,"",1]
["TDP31400010S","자재","2612152420683698",null,"접지용비닐절연전선","접지용비닐절연전선, F-GV, 10㎟","m",1,1523,1523,0,0,0,0,1523,1523,null,null,"N","N","",1]
["TDP31400010S","자재","2612152420683698",null,"접지용비닐절연전선","접지용비닐절연전선, F-GV, 10㎟","m",7.4999999999999997E-2,1523,114.2,0,0,0,0,1523,114.2,null,null,"N","N","",1]
["TDP31400010S","손료","RENT000000000001",null,"잡재료비","배관배선의 2%","식",1,30.4,30.4,0,0,0,0,30.4,30.4,null,null,"N","N",2,1]
["TDP31400010S","노무","L001010101000088",null,"통신외선공","일반공사 직종","인",0.01,0,0,387376,3873.7,0,0,387376,3873.7,null,null,"N","N","",1]
["TDP31400010S","손료","RENT000000000002",null,"공구손료","인력품의 3%","식",1,116.2,116.2,0,0,0,0,116.2,116.2,null,null,"N","N",3,1]
[null,null,null,null,"[합 계]",null,null,0,0,1783,0,3873,0,0,0,5656,null,null,null,null,"",1]
[null,null,null,null,null,null,null,0,0,0,0,0,0,0,0,0,null,null,null,null,"",1]
["TDP31500010S",null,null,null,"난연성 비닐절연접지용전선(통신)","0.6/1kv, F-GV, 16㎟","M",0,0,0,0,0,0,0,0,0,null,null,null,null,"",1]
["TDP31500010S","자재","2612152420683699",null,"접지용비닐절연전선","접지용비닐절연전선, F-GV, 16㎟","m",1,2061,2061,0,0,0,0,2061,2061,null,null,"N","N","",1]
["TDP31500010S","자재","2612152420683699",null,"접지용비닐절연전선","접지용비닐절연전선, F-GV, 16㎟","m",7.4999999999999997E-2,2061,154.5,0,0,0,0,2061,154.5,null,null,"N","N","",1]
["TDP31500010S","손료","RENT000000000001",null,"잡재료비","배관배선의 2%","식",1,41.2,41.2,0,0,0,0,41.2,41.2,null,null,"N","N",2,1]
["TDP31500010S","노무","L001010101000088",null,"통신외선공","일반공사 직종","인",1.2E-2,0,0,387376,4648.5,0,0,387376,4648.5,null,null,"N","N","",1]
["TDP31500010S","손료","RENT000000000002",null,"공구손료","인력품의 3%","식",1,139.4,139.4,0,0,0,0,139.4,139.4,null,null,"N","N",3,1]
[null,null,null,null,"[합 계]",null,null,0,0,2396,0,4648,0,0,0,7044,null,null,null,null,"",1]
[null,null,null,null,null,null,null,0,0,0,0,0,0,0,0,0,null,null,null,null,"",1]
["TDP31600010S",null,null,null,"난연성 비닐절연접지용전선(통신)","0.6/1kv, F-GV, 25㎟","M",0,0,0,0,0,0,0,0,0,null,null,null,null,"",1]
["TDP31600010S","자재","2612152420683700",null,"접지용비닐절연전선","접지용비닐절연전선, F-GV, 25㎟","m",1,3192,3192,0,0,0,0,3192,3192,null,null,"N","N","",1]
["TDP31600010S","자재","2612152420683700",null,"접지용비닐절연전선","접지용비닐절연전선, F-GV, 25㎟","m",7.4999999999999997E-2,3192,239.4,0,0,0,0,3192,239.4,null,null,"N","N","",1]
["TDP31600010S","손료","RENT000000000001",null,"잡재료비","배관배선의 2%","식",1,63.8,63.8,0,0,0,0,63.8,63.8,null,null,"N","N",2,1]
["TDP31600010S","노무","L001010101000088",null,"통신외선공","일반공사 직종","인",1.2E-2,0,0,387376,4648.5,0,0,387376,4648.5,null,null,"N","N","",1]
["TDP31600010S","손료","RENT000000000002",null,"공구손료","인력품의 3%","식",1,139.4,139.4,0,0,0,0,139.4,139.4,null,null,"N","N",3,1]
[null,null,null,null,"[합 계]",null,null,0,0,3634,0,4648,0,0,0,8282,null,null,null,null,"",1]
[null,null,null,null,null,null,null,0,0,0,0,0,0,0,0,0,null,null,null,null,"",1]
["TDP31700010S",null,null,null,"난연성 비닐절연접지용전선(통신)","0.6/1kv, F-GV, 35㎟","M",0,0,0,0,0,0,0,0,0,null,null,null,null,"",1]
["TDP31700010S","자재","2612152420683701",null,"접지용비닐절연전선","접지용비닐절연전선, F-GV, 35㎟","m",1,4487,4487,0,0,0,0,4487,4487,null,null,"N","N","",1]
["TDP31700010S","자재","2612152420683701",null,"접지용비닐절연전선","접지용비닐절연전선, F-GV, 35㎟","m",7.4999999999999997E-2,4487,336.5,0,0,0,0,4487,336.5,null,null,"N","N","",1]
["TDP31700010S","손료","RENT000000000001",null,"잡재료비","배관배선의 2%","식",1,89.7,89.7,0,0,0,0,89.7,89.7,null,null,"N","N",2,1]
["TDP31700010S","노무","L001010101000088",null,"통신외선공","일반공사 직종","인",1.2E-2,0,0,387376,4648.5,0,0,387376,4648.5,null,null,"N","N","",1]
["TDP31700010S","손료","RENT000000000002",null,"공구손료","인력품의 3%","식",1,139.4,139.4,0,0,0,0,139.4,139.4,null,null,"N","N",3,1]
[null,null,null,null,"[합 계]",null,null,0,0,5052,0,4648,0,0,0,9700,null,null,null,null,"",1]
[null,null,null,null,null,null,null,0,0,0,0,0,0,0,0,0,null,null,null,null,"",1]
["TDP31800010S",null,null,null,"난연성 비닐절연접지용전선(통신)","0.6/1kv, F-GV, 50㎟","M",0,0,0,0,0,0,0,0,0,null,null,null,null,"",1]
["TDP31800010S","자재","2612152420683702",null,"접지용비닐절연전선","접지용비닐절연전선, F-GV, 50㎟","m",1,6109,6109,0,0,0,0,6109,6109,null,null,"N","N","",1]
["TDP31800010S","자재","2612152420683702",null,"접지용비닐절연전선","접지용비닐절연전선, F-GV, 50㎟","m",7.4999999999999997E-2,6109,458.1,0,0,0,0,6109,458.1,null,null,"N","N","",1]
["TDP31800010S","손료","RENT000000000001",null,"잡재료비","배관배선의 2%","식",1,122.1,122.1,0,0,0,0,122.1,122.1,null,null,"N","N",2,1]
["TDP31800010S","노무","L001010101000088",null,"통신외선공","일반공사 직종","인",1.4999999999999999E-2,0,0,387376,5810.6,0,0,387376,5810.6,null,null,"N","N","",1]
["TDP31800010S","손료","RENT000000000002",null,"공구손료","인력품의 3%","식",1,174.3,174.3,0,0,0,0,174.3,174.3,null,null,"N","N",3,1]
[null,null,null,null,"[합 계]",null,null,0,0,6863,0,5810,0,0,0,12673,null,null,null,null,"",1]
[null,null,null,null,null,null,null,0,0,0,0,0,0,0,0,0,null,null,null,null,"",1]
["TDP31A00010S",null,null,null,"난연성 비닐절연접지용전선(통신)","0.6/1kv, F-GV, 70㎟","M",0,0,0,0,0,0,0,0,0,null,null,null,null,"",1]
["TDP31A00010S","자재","2612152420683703",null,"접지용비닐절연전선","접지용비닐절연전선, F-GV, 70㎟","m",1,8602,8602,0,0,0,0,8602,8602,null,null,"N","N","",1]
["TDP31A00010S","자재","2612152420683703",null,"접지용비닐절연전선","접지용비닐절연전선, F-GV, 70㎟","m",7.4999999999999997E-2,8602,645.1,0,0,0,0,8602,645.1,null,null,"N","N","",1]
["TDP31A00010S","손료","RENT000000000001",null,"잡재료비","배관배선의 2%","식",1,172,172,0,0,0,0,172,172,null,null,"N","N",2,1]
["TDP31A00010S","노무","L001010101000088",null,"통신외선공","일반공사 직종","인",1.4999999999999999E-2,0,0,387376,5810.6,0,0,387376,5810.6,null,null,"N","N","",1]
["TDP31A00010S","손료","RENT000000000002",null,"공구손료","인력품의 3%","식",1,174.3,174.3,0,0,0,0,174.3,174.3,null,null,"N","N",3,1]
[null,null,null,null,"[합 계]",null,null,0,0,9593,0,5810,0,0,0,15403,null,null,null,null,"",1]
[null,null,null,null,null,null,null,0,0,0,0,0,0,0,0,0,null,null,null,null,"",1]
["TDP31B00010S",null,null,null,"난연성 비닐절연접지용전선(통신)","0.6/1kv, F-GV, 95㎟","M",0,0,0,0,0,0,0,0,0,null,null,null,null,"",1]
["TDP31B00010S","자재","2612152420683704",null,"접지용비닐절연전선","접지용비닐절연전선, F-GV, 95㎟","m",1,11581,11581,0,0,0,0,11581,11581,null,null,"N","N","",1]
["TDP31B00010S","자재","2612152420683704",null,"접지용비닐절연전선","접지용비닐절연전선, F-GV, 95㎟","m",7.4999999999999997E-2,11581,868.5,0,0,0,0,11581,868.5,null,null,"N","N","",1]
["TDP31B00010S","손료","RENT000000000001",null,"잡재료비","배관배선의 2%","식",1,231.6,231.6,0,0,0,0,231.6,231.6,null,null,"N","N",2,1]
["TDP31B00010S","노무","L001010101000088",null,"통신외선공","일반공사 직종","인",1.4999999999999999E-2,0,0,387376,5810.6,0,0,387376,5810.6,null,null,"N","N","",1]
["TDP31B00010S","손료","RENT000000000002",null,"공구손료","인력품의 3%","식",1,174.3,174.3,0,0,0,0,174.3,174.3,null,null,"N","N",3,1]
[null,null,null,null,"[합 계]",null,null,0,0,12855,0,5810,0,0,0,18665,null,null,null,null,"",1]
[null,null,null,null,null,null,null,0,0,0,0,0,0,0,0,0,null,null,null,null,"",1]
["TDP31C00010S",null,null,null,"난연성 비닐절연접지용전선(통신)","0.6/1kv, F-GV, 120㎟","M",0,0,0,0,0,0,0,0,0,null,null,null,null,"",1]
["TDP31C00010S","자재","2612152420683705",null,"접지용비닐절연전선","접지용비닐절연전선, F-GV, 120㎟","m",1,14172,14172,0,0,0,0,14172,14172,null,null,"N","N","",1]
["TDP31C00010S","자재","2612152420683705",null,"접지용비닐절연전선","접지용비닐절연전선, F-GV, 120㎟","m",7.4999999999999997E-2,14172,1062.9000000000001,0,0,0,0,14172,1062.9000000000001,null,null,"N","N","",1]
["TDP31C00010S","손료","RENT000000000001",null,"잡재료비","배관배선의 2%","식",1,283.39999999999998,283.39999999999998,0,0,0,0,283.39999999999998,283.39999999999998,null,null,"N","N",2,1]
["TDP31C00010S","노무","L001010101000088",null,"통신외선공","일반공사 직종","인",0.02,0,0,387376,7747.5,0,0,387376,7747.5,null,null,"N","N","",1]
["TDP31C00010S","손료","RENT000000000002",null,"공구손료","인력품의 3%","식",1,232.4,232.4,0,0,0,0,232.4,232.4,null,null,"N","N",3,1]
[null,null,null,null,"[합 계]",null,null,0,0,15750,0,7747,0,0,0,23497,null,null,null,null,"",1]
[null,null,null,null,null,null,null,0,0,0,0,0,0,0,0,0,null,null,null,null,"",1]
["TDP31D00010S",null,null,null,"난연성 비닐절연접지용전선(통신)","0.6/1kv, F-GV, 150㎟","M",0,0,0,0,0,0,0,0,0,null,null,null,null,"",1]
["TDP31D00010S","자재","2612152420683706",null,"접지용비닐절연전선","접지용비닐절연전선, F-GV, 150㎟","m",1,17432,17432,0,0,0,0,17432,17432,null,null,"N","N","",1]
["TDP31D00010S","자재","2612152420683706",null,"접지용비닐절연전선","접지용비닐절연전선, F-GV, 150㎟","m",7.4999999999999997E-2,17432,1307.4000000000001,0,0,0,0,17432,1307.4000000000001,null,null,"N","N","",1]
["TDP31D00010S","손료","RENT000000000001",null,"잡재료비","배관배선의 2%","식",1,348.6,348.6,0,0,0,0,348.6,348.6,null,null,"N","N",2,1]
["TDP31D00010S","노무","L001010101000088",null,"통신외선공","일반공사 직종","인",0.02,0,0,387376,7747.5,0,0,387376,7747.5,null,null,"N","N","",1]
["TDP31D00010S","손료","RENT000000000002",null,"공구손료","인력품의 3%","식",1,232.4,232.4,0,0,0,0,232.4,232.4,null,null,"N","N",3,1]
[null,null,null,null,"[합 계]",null,null,0,0,19320,0,7747,0,0,0,27067,null,null,null,null,"",1]
[null,null,null,null,null,null,null,0,0,0,0,0,0,0,0,0,null,null,null,null,"",1]
["TDP31E00010S",null,null,null,"난연성 비닐절연접지용전선(통신)","0.6/1kv, F-GV, 185㎟","M",0,0,0,0,0,0,0,0,0,null,null,null,null,"",1]
["TDP31E00010S","자재","2612152420683707",null,"접지용비닐절연전선","접지용비닐절연전선, F-GV, 185㎟","m",1,21649,21649,0,0,0,0,21649,21649,null,null,"N","N","",1]
["TDP31E00010S","자재","2612152420683707",null,"접지용비닐절연전선","접지용비닐절연전선, F-GV, 185㎟","m",7.4999999999999997E-2,21649,1623.6,0,0,0,0,21649,1623.6,null,null,"N","N","",1]
["TDP31E00010S","손료","RENT000000000001",null,"잡재료비","배관배선의 2%","식",1,432.9,432.9,0,0,0,0,432.9,432.9,null,null,"N","N",2,1]
["TDP31E00010S","노무","L001010101000088",null,"통신외선공","일반공사 직종","인",2.5000000000000001E-2,0,0,387376,9684.4,0,0,387376,9684.4,null,null,"N","N","",1]
["TDP31E00010S","손료","RENT000000000002",null,"공구손료","인력품의 3%","식",1,290.5,290.5,0,0,0,0,290.5,290.5,null,null,"N","N",3,1]
[null,null,null,null,"[합 계]",null,null,0,0,23996,0,9684,0,0,0,33680,null,null,null,null,"",1]
[null,null,null,null,null,null,null,0,0,0,0,0,0,0,0,0,null,null,null,null,"",1]
["TDP31F00010S",null,null,null,"난연성 비닐절연접지용전선(통신)","0.6/1kv, F-GV, 200㎟","M",0,0,0,0,0,0,0,0,0,null,null,null,null,"",1]
["TDP31F00010S","자재","2612152420683708",null,"접지용비닐절연전선","접지용비닐절연전선, F-GV, 240㎟","m",1,28424,28424,0,0,0,0,28424,28424,null,null,"N","N","",1]
["TDP31F00010S","자재","2612152420683708",null,"접지용비닐절연전선","접지용비닐절연전선, F-GV, 240㎟","m",7.4999999999999997E-2,28424,2131.8000000000002,0,0,0,0,28424,2131.8000000000002,null,null,"N","N","",1]
["TDP31F00010S","손료","RENT000000000001",null,"잡재료비","배관배선의 2%","식",1,568.4,568.4,0,0,0,0,568.4,568.4,null,null,"N","N",2,1]
["TDP31F00010S","노무","L001010101000088",null,"통신외선공","일반공사 직종","인",2.5000000000000001E-2,0,0,387376,9684.4,0,0,387376,9684.4,null,null,"N","N","",1]
["TDP31F00010S","손료","RENT000000000002",null,"공구손료","인력품의 3%","식",1,290.5,290.5,0,0,0,0,290.5,290.5,null,null,"N","N",3,1]
[null,null,null,null,"[합 계]",null,null,0,0,31414,0,9684,0,0,0,41098,null,null,null,null,"",1]
[null,null,null,null,null,null,null,0,0,0,0,0,0,0,0,0,null,null,null,null,"",1]
["TDP31G00010S",null,null,null,"난연성 비닐절연접지용전선(통신)","0.6/1kv, F-GV, 300㎟","M",0,0,0,0,0,0,0,0,0,null,null,null,null,"",1]
["TDP31G00010S","자재","2612152420683709",null,"접지용비닐절연전선","접지용비닐절연전선, F-GV, 300㎟","m",1,35025,35025,0,0,0,0,35025,35025,null,null,"N","N","",1]
["TDP31G00010S","자재","2612152420683709",null,"접지용비닐절연전선","접지용비닐절연전선, F-GV, 300㎟","m",7.4999999999999997E-2,35025,2626.8,0,0,0,0,35025,2626.8,null,null,"N","N","",1]
["TDP31G00010S","손료","RENT000000000001",null,"잡재료비","배관배선의 2%","식",1,700.5,700.5,0,0,0,0,700.5,700.5,null,null,"N","N",2,1]
["TDP31G00010S","노무","L001010101000088",null,"통신외선공","일반공사 직종","인",2.5000000000000001E-2,0,0,387376,9684.4,0,0,387376,9684.4,null,null,"N","N","",1]
["TDP31G00010S","손료","RENT000000000002",null,"공구손료","인력품의 3%","식",1,290.5,290.5,0,0,0,0,290.5,290.5,null,null,"N","N",3,1]
[null,null,null,null,"[합 계]",null,null,0,0,38642,0,9684,0,0,0,48326,null,null,null,null,"",1]
[null,null,null,null,null,null,null,0,0,0,0,0,0,0,0,0,null,null,null,null,"",1]
["TDP32100010S",null,null,null,"난연성 비닐절연접지용전선(통신-옥내 포설시)","0.6/1kv, F-GV, 2.5㎟","M",0,0,0,0,0,0,0,0,0,null,null,null,null,"",1]
["TDP32100010S","자재","2612152420683695",null,"접지용비닐절연전선","접지용비닐절연전선, F-GV, 2.5㎟","m",1,556,556,0,0,0,0,556,556,null,null,"N","N","",1]
["TDP32100010S","자재","2612152420683695",null,"접지용비닐절연전선","접지용비닐절연전선, F-GV, 2.5㎟","m",7.4999999999999997E-2,556,41.7,0,0,0,0,556,41.7,null,null,"N","N","",1]
["TDP32100010S","손료","RENT000000000001",null,"잡재료비","배관배선의 2%","식",1,11.1,11.1,0,0,0,0,11.1,11.1,null,null,"N","N",2,1]
["TDP32100010S","노무","L001010101000088",null,"통신외선공","일반공사 직종","인",1.4999999999999999E-2,0,0,387376,5810.6,0,0,387376,5810.6,null,null,"N","N","",1]
["TDP32100010S","손료","RENT000000000002",null,"공구손료","인력품의 3%","식",1,174.3,174.3,0,0,0,0,174.3,174.3,null,null,"N","N",3,1]
[null,null,null,null,"[합 계]",null,null,0,0,783,0,5810,0,0,0,6593,null,null,null,null,"",1]
[null,null,null,null,null,null,null,0,0,0,0,0,0,0,0,0,null,null,null,null,"",1]
["TDP32200010S",null,null,null,"난연성 비닐절연접지용전선(통신-옥내 포설시)","0.6/1kv, F-GV, 4㎟","M",0,0,0,0,0,0,0,0,0,null,null,null,null,"",1]
["TDP32200010S","자재","2612152420683696",null,"접지용비닐절연전선","접지용비닐절연전선, F-GV, 4㎟","m",1,787,787,0,0,0,0,787,787,null,null,"N","N","",1]
["TDP32200010S","자재","2612152420683696",null,"접지용비닐절연전선","접지용비닐절연전선, F-GV, 4㎟","m",7.4999999999999997E-2,787,59,0,0,0,0,787,59,null,null,"N","N","",1]
["TDP32200010S","손료","RENT000000000001",null,"잡재료비","배관배선의 2%","식",1,15.7,15.7,0,0,0,0,15.7,15.7,null,null,"N","N",2,1]
["TDP32200010S","노무","L001010101000088",null,"통신외선공","일반공사 직종","인",1.4999999999999999E-2,0,0,387376,5810.6,0,0,387376,5810.6,null,null,"N","N","",1]
["TDP32200010S","손료","RENT000000000002",null,"공구손료","인력품의 3%","식",1,174.3,174.3,0,0,0,0,174.3,174.3,null,null,"N","N",3,1]
[null,null,null,null,"[합 계]",null,null,0,0,1036,0,5810,0,0,0,6846,null,null,null,null,"",1]
[null,null,null,null,null,null,null,0,0,0,0,0,0,0,0,0,null,null,null,null,"",1]
["TDP32300010S",null,null,null,"난연성 비닐절연접지용전선(통신-옥내 포설시)","0.6/1kv, F-GV, 6㎟","M",0,0,0,0,0,0,0,0,0,null,null,null,null,"",1]
["TDP32300010S","자재","2612152420683697",null,"접지용비닐절연전선","접지용비닐절연전선, F-GV, 6㎟","m",1,896,896,0,0,0,0,896,896,null,null,"N","N","",1]
["TDP32300010S","자재","2612152420683697",null,"접지용비닐절연전선","접지용비닐절연전선, F-GV, 6㎟","m",7.4999999999999997E-2,896,67.2,0,0,0,0,896,67.2,null,null,"N","N","",1]
["TDP32300010S","손료","RENT000000000001",null,"잡재료비","배관배선의 2%","식",1,17.899999999999999,17.899999999999999,0,0,0,0,17.899999999999999,17.899999999999999,null,null,"N","N",2,1]
["TDP32300010S","노무","L001010101000088",null,"통신외선공","일반공사 직종","인",1.4999999999999999E-2,0,0,387376,5810.6,0,0,387376,5810.6,null,null,"N","N","",1]
["TDP32300010S","손료","RENT000000000002",null,"공구손료","인력품의 3%","식",1,174.3,174.3,0,0,0,0,174.3,174.3,null,null,"N","N",3,1]
[null,null,null,null,"[합 계]",null,null,0,0,1155,0,5810,0,0,0,6965,null,null,null,null,"",1]
[null,null,null,null,null,null,null,0,0,0,0,0,0,0,0,0,null,null,null,null,"",1]
["TDP32400010S",null,null,null,"난연성 비닐절연접지용전선(통신-옥내 포설시)","0.6/1kv, F-GV, 10㎟","M",0,0,0,0,0,0,0,0,0,null,null,null,null,"",1]
["TDP32400010S","자재","2612152420683698",null,"접지용비닐절연전선","접지용비닐절연전선, F-GV, 10㎟","m",1,1523,1523,0,0,0,0,1523,1523,null,null,"N","N","",1]
["TDP32400010S","자재","2612152420683698",null,"접지용비닐절연전선","접지용비닐절연전선, F-GV, 10㎟","m",7.4999999999999997E-2,1523,114.2,0,0,0,0,1523,114.2,null,null,"N","N","",1]
["TDP32400010S","손료","RENT000000000001",null,"잡재료비","배관배선의 2%","식",1,30.4,30.4,0,0,0,0,30.4,30.4,null,null,"N","N",2,1]
["TDP32400010S","노무","L001010101000088",null,"통신외선공","일반공사 직종","인",1.4999999999999999E-2,0,0,387376,5810.6,0,0,387376,5810.6,null,null,"N","N","",1]
["TDP32400010S","손료","RENT000000000002",null,"공구손료","인력품의 3%","식",1,174.3,174.3,0,0,0,0,174.3,174.3,null,null,"N","N",3,1]
[null,null,null,null,"[합 계]",null,null,0,0,1841,0,5810,0,0,0,7651,null,null,null,null,"",1]
[null,null,null,null,null,null,null,0,0,0,0,0,0,0,0,0,null,null,null,null,"",1]
["TDP32500010S",null,null,null,"난연성 비닐절연접지용전선(통신-옥내 포설시)","0.6/1kv, F-GV, 16㎟","M",0,0,0,0,0,0,0,0,0,null,null,null,null,"",1]
["TDP32500010S","자재","2612152420683699",null,"접지용비닐절연전선","접지용비닐절연전선, F-GV, 16㎟","m",1,2061,2061,0,0,0,0,2061,2061,null,null,"N","N","",1]
["TDP32500010S","자재","2612152420683699",null,"접지용비닐절연전선","접지용비닐절연전선, F-GV, 16㎟","m",7.4999999999999997E-2,2061,154.5,0,0,0,0,2061,154.5,null,null,"N","N","",1]
["TDP32500010S","손료","RENT000000000001",null,"잡재료비","배관배선의 2%","식",1,41.2,41.2,0,0,0,0,41.2,41.2,null,null,"N","N",2,1]
["TDP32500010S","노무","L001010101000088",null,"통신외선공","일반공사 직종","인",1.7999999999999999E-2,0,0,387376,6972.7,0,0,387376,6972.7,null,null,"N","N","",1]
["TDP32500010S","손료","RENT000000000002",null,"공구손료","인력품의 3%","식",1,209.1,209.1,0,0,0,0,209.1,209.1,null,null,"N","N",3,1]
[null,null,null,null,"[합 계]",null,null,0,0,2465,0,6972,0,0,0,9437,null,null,null,null,"",1]
[null,null,null,null,null,null,null,0,0,0,0,0,0,0,0,0,null,null,null,null,"",1]
["TDP32600010S",null,null,null,"난연성 비닐절연접지용전선(통신-옥내 포설시)","0.6/1kv, F-GV, 25㎟","M",0,0,0,0,0,0,0,0,0,null,null,null,null,"",1]
["TDP32600010S","자재","2612152420683700",null,"접지용비닐절연전선","접지용비닐절연전선, F-GV, 25㎟","m",1,3192,3192,0,0,0,0,3192,3192,null,null,"N","N","",1]
["TDP32600010S","자재","2612152420683700",null,"접지용비닐절연전선","접지용비닐절연전선, F-GV, 25㎟","m",7.4999999999999997E-2,3192,239.4,0,0,0,0,3192,239.4,null,null,"N","N","",1]
["TDP32600010S","손료","RENT000000000001",null,"잡재료비","배관배선의 2%","식",1,63.8,63.8,0,0,0,0,63.8,63.8,null,null,"N","N",2,1]
["TDP32600010S","노무","L001010101000088",null,"통신외선공","일반공사 직종","인",1.7999999999999999E-2,0,0,387376,6972.7,0,0,387376,6972.7,null,null,"N","N","",1]
["TDP32600010S","손료","RENT000000000002",null,"공구손료","인력품의 3%","식",1,209.1,209.1,0,0,0,0,209.1,209.1,null,null,"N","N",3,1]
[null,null,null,null,"[합 계]",null,null,0,0,3704,0,6972,0,0,0,10676,null,null,null,null,"",1]
[null,null,null,null,null,null,null,0,0,0,0,0,0,0,0,0,null,null,null,null,"",1]
["TDP32700010S",null,null,null,"난연성 비닐절연접지용전선(통신-옥내 포설시)","0.6/1kv, F-GV, 35㎟","M",0,0,0,0,0,0,0,0,0,null,null,null,null,"",1]
["TDP32700010S","자재","2612152420683701",null,"접지용비닐절연전선","접지용비닐절연전선, F-GV, 35㎟","m",1,4487,4487,0,0,0,0,4487,4487,null,null,"N","N","",1]
["TDP32700010S","자재","2612152420683701",null,"접지용비닐절연전선","접지용비닐절연전선, F-GV, 35㎟","m",7.4999999999999997E-2,4487,336.5,0,0,0,0,4487,336.5,null,null,"N","N","",1]
["TDP32700010S","손료","RENT000000000001",null,"잡재료비","배관배선의 2%","식",1,89.7,89.7,0,0,0,0,89.7,89.7,null,null,"N","N",2,1]
["TDP32700010S","노무","L001010101000088",null,"통신외선공","일반공사 직종","인",1.7999999999999999E-2,0,0,387376,6972.7,0,0,387376,6972.7,null,null,"N","N","",1]
["TDP32700010S","손료","RENT000000000002",null,"공구손료","인력품의 3%","식",1,209.1,209.1,0,0,0,0,209.1,209.1,null,null,"N","N",3,1]
[null,null,null,null,"[합 계]",null,null,0,0,5122,0,6972,0,0,0,12094,null,null,null,null,"",1]
[null,null,null,null,null,null,null,0,0,0,0,0,0,0,0,0,null,null,null,null,"",1]
["TDP32800010S",null,null,null,"난연성 비닐절연접지용전선(통신-옥내 포설시)","0.6/1kv, F-GV, 50㎟","M",0,0,0,0,0,0,0,0,0,null,null,null,null,"",1]
["TDP32800010S","자재","2612152420683702",null,"접지용비닐절연전선","접지용비닐절연전선, F-GV, 50㎟","m",1,6109,6109,0,0,0,0,6109,6109,null,null,"N","N","",1]
["TDP32800010S","자재","2612152420683702",null,"접지용비닐절연전선","접지용비닐절연전선, F-GV, 50㎟","m",7.4999999999999997E-2,6109,458.1,0,0,0,0,6109,458.1,null,null,"N","N","",1]
["TDP32800010S","손료","RENT000000000001",null,"잡재료비","배관배선의 2%","식",1,122.1,122.1,0,0,0,0,122.1,122.1,null,null,"N","N",2,1]
["TDP32800010S","노무","L001010101000088",null,"통신외선공","일반공사 직종","인",2.2499999999999999E-2,0,0,387376,8715.9,0,0,387376,8715.9,null,null,"N","N","",1]
["TDP32800010S","손료","RENT000000000002",null,"공구손료","인력품의 3%","식",1,261.39999999999998,261.39999999999998,0,0,0,0,261.39999999999998,261.39999999999998,null,null,"N","N",3,1]
[null,null,null,null,"[합 계]",null,null,0,0,6950,0,8715,0,0,0,15665,null,null,null,null,"",1]
[null,null,null,null,null,null,null,0,0,0,0,0,0,0,0,0,null,null,null,null,"",1]
["TDP32A00010S",null,null,null,"난연성 비닐절연접지용전선(통신-옥내 포설시)","0.6/1kv, F-GV, 70㎟","M",0,0,0,0,0,0,0,0,0,null,null,null,null,"",1]
["TDP32A00010S","자재","2612152420683703",null,"접지용비닐절연전선","접지용비닐절연전선, F-GV, 70㎟","m",1,8602,8602,0,0,0,0,8602,8602,null,null,"N","N","",1]
["TDP32A00010S","자재","2612152420683703",null,"접지용비닐절연전선","접지용비닐절연전선, F-GV, 70㎟","m",7.4999999999999997E-2,8602,645.1,0,0,0,0,8602,645.1,null,null,"N","N","",1]
["TDP32A00010S","손료","RENT000000000001",null,"잡재료비","배관배선의 2%","식",1,172,172,0,0,0,0,172,172,null,null,"N","N",2,1]
["TDP32A00010S","노무","L001010101000088",null,"통신외선공","일반공사 직종","인",2.2499999999999999E-2,0,0,387376,8715.9,0,0,387376,8715.9,null,null,"N","N","",1]
["TDP32A00010S","손료","RENT000000000002",null,"공구손료","인력품의 3%","식",1,261.39999999999998,261.39999999999998,0,0,0,0,261.39999999999998,261.39999999999998,null,null,"N","N",3,1]
[null,null,null,null,"[합 계]",null,null,0,0,9680,0,8715,0,0,0,18395,null,null,null,null,"",1]
[null,null,null,null,null,null,null,0,0,0,0,0,0,0,0,0,null,null,null,null,"",1]
["TDP32B00010S",null,null,null,"난연성 비닐절연접지용전선(통신-옥내 포설시)","0.6/1kv, F-GV, 95㎟","M",0,0,0,0,0,0,0,0,0,null,null,null,null,"",1]
["TDP32B00010S","자재","2612152420683704",null,"접지용비닐절연전선","접지용비닐절연전선, F-GV, 95㎟","m",1,11581,11581,0,0,0,0,11581,11581,null,null,"N","N","",1]
["TDP32B00010S","자재","2612152420683704",null,"접지용비닐절연전선","접지용비닐절연전선, F-GV, 95㎟","m",7.4999999999999997E-2,11581,868.5,0,0,0,0,11581,868.5,null,null,"N","N","",1]
["TDP32B00010S","손료","RENT000000000001",null,"잡재료비","배관배선의 2%","식",1,231.6,231.6,0,0,0,0,231.6,231.6,null,null,"N","N",2,1]
["TDP32B00010S","노무","L001010101000088",null,"통신외선공","일반공사 직종","인",2.2499999999999999E-2,0,0,387376,8715.9,0,0,387376,8715.9,null,null,"N","N","",1]
["TDP32B00010S","손료","RENT000000000002",null,"공구손료","인력품의 3%","식",1,261.39999999999998,261.39999999999998,0,0,0,0,261.39999999999998,261.39999999999998,null,null,"N","N",3,1]
[null,null,null,null,"[합 계]",null,null,0,0,12942,0,8715,0,0,0,21657,null,null,null,null,"",1]
[null,null,null,null,null,null,null,0,0,0,0,0,0,0,0,0,null,null,null,null,"",1]
["TDP32C00010S",null,null,null,"난연성 비닐절연접지용전선(통신-옥내 포설시)","0.6/1kv, F-GV, 120㎟","M",0,0,0,0,0,0,0,0,0,null,null,null,null,"",1]
["TDP32C00010S","자재","2612152420683705",null,"접지용비닐절연전선","접지용비닐절연전선, F-GV, 120㎟","m",1,14172,14172,0,0,0,0,14172,14172,null,null,"N","N","",1]
["TDP32C00010S","자재","2612152420683705",null,"접지용비닐절연전선","접지용비닐절연전선, F-GV, 120㎟","m",7.4999999999999997E-2,14172,1062.9000000000001,0,0,0,0,14172,1062.9000000000001,null,null,"N","N","",1]
["TDP32C00010S","손료","RENT000000000001",null,"잡재료비","배관배선의 2%","식",1,283.39999999999998,283.39999999999998,0,0,0,0,283.39999999999998,283.39999999999998,null,null,"N","N",2,1]
["TDP32C00010S","노무","L001010101000088",null,"통신외선공","일반공사 직종","인",0.03,0,0,387376,11621.2,0,0,387376,11621.2,null,null,"N","N","",1]
["TDP32C00010S","손료","RENT000000000002",null,"공구손료","인력품의 3%","식",1,348.6,348.6,0,0,0,0,348.6,348.6,null,null,"N","N",3,1]
[null,null,null,null,"[합 계]",null,null,0,0,15866,0,11621,0,0,0,27487,null,null,null,null,"",1]
[null,null,null,null,null,null,null,0,0,0,0,0,0,0,0,0,null,null,null,null,"",1]
["TDP32D00010S",null,null,null,"난연성 비닐절연접지용전선(통신-옥내 포설시)","0.6/1kv, F-GV, 150㎟","M",0,0,0,0,0,0,0,0,0,null,null,null,null,"",1]
["TDP32D00010S","자재","2612152420683706",null,"접지용비닐절연전선","접지용비닐절연전선, F-GV, 150㎟","m",1,17432,17432,0,0,0,0,17432,17432,null,null,"N","N","",1]
["TDP32D00010S","자재","2612152420683706",null,"접지용비닐절연전선","접지용비닐절연전선, F-GV, 150㎟","m",7.4999999999999997E-2,17432,1307.4000000000001,0,0,0,0,17432,1307.4000000000001,null,null,"N","N","",1]
["TDP32D00010S","손료","RENT000000000001",null,"잡재료비","배관배선의 2%","식",1,348.6,348.6,0,0,0,0,348.6,348.6,null,null,"N","N",2,1]
["TDP32D00010S","노무","L001010101000088",null,"통신외선공","일반공사 직종","인",0.03,0,0,387376,11621.2,0,0,387376,11621.2,null,null,"N","N","",1]
["TDP32D00010S","손료","RENT000000000002",null,"공구손료","인력품의 3%","식",1,348.6,348.6,0,0,0,0,348.6,348.6,null,null,"N","N",3,1]
[null,null,null,null,"[합 계]",null,null,0,0,19436,0,11621,0,0,0,31057,null,null,null,null,"",1]
[null,null,null,null,null,null,null,0,0,0,0,0,0,0,0,0,null,null,null,null,"",1]
["TDP32E00010S",null,null,null,"난연성 비닐절연접지용전선(통신-옥내 포설시)","0.6/1kv, F-GV, 185㎟","M",0,0,0,0,0,0,0,0,0,null,null,null,null,"",1]
["TDP32E00010S","자재","2612152420683707",null,"접지용비닐절연전선","접지용비닐절연전선, F-GV, 185㎟","m",1,21649,21649,0,0,0,0,21649,21649,null,null,"N","N","",1]
["TDP32E00010S","자재","2612152420683707",null,"접지용비닐절연전선","접지용비닐절연전선, F-GV, 185㎟","m",7.4999999999999997E-2,21649,1623.6,0,0,0,0,21649,1623.6,null,null,"N","N","",1]
["TDP32E00010S","손료","RENT000000000001",null,"잡재료비","배관배선의 2%","식",1,432.9,432.9,0,0,0,0,432.9,432.9,null,null,"N","N",2,1]
["TDP32E00010S","노무","L001010101000088",null,"통신외선공","일반공사 직종","인",3.7499999999999999E-2,0,0,387376,14526.6,0,0,387376,14526.6,null,null,"N","N","",1]
["TDP32E00010S","손료","RENT000000000002",null,"공구손료","인력품의 3%","식",1,435.7,435.7,0,0,0,0,435.7,435.7,null,null,"N","N",3,1]
[null,null,null,null,"[합 계]",null,null,0,0,24141,0,14526,0,0,0,38667,null,null,null,null,"",1]
[null,null,null,null,null,null,null,0,0,0,0,0,0,0,0,0,null,null,null,null,"",1]
["TDP32F00010S",null,null,null,"난연성 비닐절연접지용전선(통신-옥내 포설시)","0.6/1kv, F-GV, 240㎟","M",0,0,0,0,0,0,0,0,0,null,null,null,null,"",1]
["TDP32F00010S","자재","2612152420683708",null,"접지용비닐절연전선","접지용비닐절연전선, F-GV, 240㎟","m",1,28424,28424,0,0,0,0,28424,28424,null,null,"N","N","",1]
["TDP32F00010S","자재","2612152420683708",null,"접지용비닐절연전선","접지용비닐절연전선, F-GV, 240㎟","m",7.4999999999999997E-2,28424,2131.8000000000002,0,0,0,0,28424,2131.8000000000002,null,null,"N","N","",1]
["TDP32F00010S","손료","RENT000000000001",null,"잡재료비","배관배선의 2%","식",1,568.4,568.4,0,0,0,0,568.4,568.4,null,null,"N","N",2,1]
["TDP32F00010S","노무","L001010101000088",null,"통신외선공","일반공사 직종","인",3.7499999999999999E-2,0,0,387376,14526.6,0,0,387376,14526.6,null,null,"N","N","",1]
["TDP32F00010S","손료","RENT000000000002",null,"공구손료","인력품의 3%","식",1,435.7,435.7,0,0,0,0,435.7,435.7,null,null,"N","N",3,1]
[null,null,null,null,"[합 계]",null,null,0,0,31559,0,14526,0,0,0,46085,null,null,null,null,"",1]
[null,null,null,null,null,null,null,0,0,0,0,0,0,0,0,0,null,null,null,null,"",1]
["TDP32G00010S",null,null,null,"난연성 비닐절연접지용전선(통신-옥내 포설시)","0.6/1kv, F-GV, 300㎟","M",0,0,0,0,0,0,0,0,0,null,null,null,null,"",1]
["TDP32G00010S","자재","2612152420683709",null,"접지용비닐절연전선","접지용비닐절연전선, F-GV, 300㎟","m",1,35025,35025,0,0,0,0,35025,35025,null,null,"N","N","",1]
["TDP32G00010S","자재","2612152420683709",null,"접지용비닐절연전선","접지용비닐절연전선, F-GV, 300㎟","m",7.4999999999999997E-2,35025,2626.8,0,0,0,0,35025,2626.8,null,null,"N","N","",1]
["TDP32G00010S","손료","RENT000000000001",null,"잡재료비","배관배선의 2%","식",1,700.5,700.5,0,0,0,0,700.5,700.5,null,null,"N","N",2,1]
["TDP32G00010S","노무","L001010101000088",null,"통신외선공","일반공사 직종","인",3.7499999999999999E-2,0,0,387376,14526.6,0,0,387376,14526.6,null,null,"N","N","",1]
["TDP32G00010S","손료","RENT000000000002",null,"공구손료","인력품의 3%","식",1,435.7,435.7,0,0,0,0,435.7,435.7,null,null,"N","N",3,1]
[null,null,null,null,"[합 계]",null,null,0,0,38788,0,14526,0,0,0,53314,null,null,null,null,"",1]
[null,null,null,null,null,null,null,0,0,0,0,0,0,0,0,0,null,null,null,null,"",1]
["TDP33100010S",null,null,null,"난연 비닐절연접지용전선(F-GV)-철거","0.6/1kv, 2.5㎟(50%)","M",0,0,0,0,0,0,0,0,0,null,null,null,null,"",1]
["TDP33100010S","노무","L001010101000088",null,"통신외선공","일반공사 직종","인",5.0000000000000001E-3,0,0,387376,1936.8,0,0,387376,1936.8,null,null,"N","N","",1]
["TDP33100010S","손료","RENT000000000003",null,"공구손료","노무비의 3%","식",1,58.1,58.1,0,0,0,0,58.1,58.1,null,null,"N","N",3,1]
[null,null,null,null,"[합 계]",null,null,0,0,58,0,1936,0,0,0,1994,null,null,null,null,"",1]
[null,null,null,null,null,null,null,0,0,0,0,0,0,0,0,0,null,null,null,null,"",1]
["TDP33200010S",null,null,null,"난연 비닐절연접지용전선(F-GV)-철거","0.6/1kv, 4㎟(50%)","M",0,0,0,0,0,0,0,0,0,null,null,null,null,"",1]
["TDP33200010S","노무","L001010101000088",null,"통신외선공","일반공사 직종","인",5.0000000000000001E-3,0,0,387376,1936.8,0,0,387376,1936.8,null,null,"N","N","",1]
["TDP33200010S","손료","RENT000000000003",null,"공구손료","노무비의 3%","식",1,58.1,58.1,0,0,0,0,58.1,58.1,null,null,"N","N",3,1]
[null,null,null,null,"[합 계]",null,null,0,0,58,0,1936,0,0,0,1994,null,null,null,null,"",1]
[null,null,null,null,null,null,null,0,0,0,0,0,0,0,0,0,null,null,null,null,"",1]
["TDP33300010S",null,null,null,"난연 비닐절연접지용전선(F-GV)-철거","0.6/1kv, 6㎟(50%)","M",0,0,0,0,0,0,0,0,0,null,null,null,null,"",1]
["TDP33300010S","노무","L001010101000088",null,"통신외선공","일반공사 직종","인",5.0000000000000001E-3,0,0,387376,1936.8,0,0,387376,1936.8,null,null,"N","N","",1]
["TDP33300010S","손료","RENT000000000003",null,"공구손료","노무비의 3%","식",1,58.1,58.1,0,0,0,0,58.1,58.1,null,null,"N","N",3,1]
[null,null,null,null,"[합 계]",null,null,0,0,58,0,1936,0,0,0,1994,null,null,null,null,"",1]
[null,null,null,null,null,null,null,0,0,0,0,0,0,0,0,0,null,null,null,null,"",1]
["TDP33400010S",null,null,null,"난연 비닐절연접지용전선(F-GV)-철거","0.6/1kv, 10㎟(50%)","M",0,0,0,0,0,0,0,0,0,null,null,null,null,"",1]
["TDP33400010S","노무","L001010101000088",null,"통신외선공","일반공사 직종","인",5.0000000000000001E-3,0,0,387376,1936.8,0,0,387376,1936.8,null,null,"N","N","",1]
["TDP33400010S","손료","RENT000000000003",null,"공구손료","노무비의 3%","식",1,58.1,58.1,0,0,0,0,58.1,58.1,null,null,"N","N",3,1]
[null,null,null,null,"[합 계]",null,null,0,0,58,0,1936,0,0,0,1994,null,null,null,null,"",1]
[null,null,null,null,null,null,null,0,0,0,0,0,0,0,0,0,null,null,null,null,"",1]
["TDP33500010S",null,null,null,"난연 비닐절연접지용전선(F-GV)-철거","0.6/1kv, 16㎟(50%)","M",0,0,0,0,0,0,0,0,0,null,null,null,null,"",1]
["TDP33500010S","노무","L001010101000088",null,"통신외선공","일반공사 직종","인",6.0000000000000001E-3,0,0,387376,2324.1999999999998,0,0,387376,2324.1999999999998,null,null,"N","N","",1]
["TDP33500010S","손료","RENT000000000003",null,"공구손료","노무비의 3%","식",1,69.7,69.7,0,0,0,0,69.7,69.7,null,null,"N","N",3,1]
[null,null,null,null,"[합 계]",null,null,0,0,69,0,2324,0,0,0,2393,null,null,null,null,"",1]
[null,null,null,null,null,null,null,0,0,0,0,0,0,0,0,0,null,null,null,null,"",1]
["TDP33600010S",null,null,null,"난연 비닐절연접지용전선(F-GV)-철거","0.6/1kv, 25㎟(50%)","M",0,0,0,0,0,0,0,0,0,null,null,null,null,"",1]
["TDP33600010S","노무","L001010101000088",null,"통신외선공","일반공사 직종","인",6.0000000000000001E-3,0,0,387376,2324.1999999999998,0,0,387376,2324.1999999999998,null,null,"N","N","",1]
["TDP33600010S","손료","RENT000000000003",null,"공구손료","노무비의 3%","식",1,69.7,69.7,0,0,0,0,69.7,69.7,null,null,"N","N",3,1]
[null,null,null,null,"[합 계]",null,null,0,0,69,0,2324,0,0,0,2393,null,null,null,null,"",1]
[null,null,null,null,null,null,null,0,0,0,0,0,0,0,0,0,null,null,null,null,"",1]
["TDP33700010S",null,null,null,"난연 비닐절연접지용전선(F-GV)-철거","0.6/1kv, 35㎟(50%)","M",0,0,0,0,0,0,0,0,0,null,null,null,null,"",1]
["TDP33700010S","노무","L001010101000088",null,"통신외선공","일반공사 직종","인",6.0000000000000001E-3,0,0,387376,2324.1999999999998,0,0,387376,2324.1999999999998,null,null,"N","N","",1]
["TDP33700010S","손료","RENT000000000003",null,"공구손료","노무비의 3%","식",1,69.7,69.7,0,0,0,0,69.7,69.7,null,null,"N","N",3,1]
[null,null,null,null,"[합 계]",null,null,0,0,69,0,2324,0,0,0,2393,null,null,null,null,"",1]
[null,null,null,null,null,null,null,0,0,0,0,0,0,0,0,0,null,null,null,null,"",1]
["TDP33800010S",null,null,null,"난연 비닐절연접지용전선(F-GV)-철거","0.6/1kv, 50㎟(50%)","M",0,0,0,0,0,0,0,0,0,null,null,null,null,"",1]
["TDP33800010S","노무","L001010101000088",null,"통신외선공","일반공사 직종","인",7.4999999999999997E-3,0,0,387376,2905.3,0,0,387376,2905.3,null,null,"N","N","",1]
["TDP33800010S","손료","RENT000000000003",null,"공구손료","노무비의 3%","식",1,87.1,87.1,0,0,0,0,87.1,87.1,null,null,"N","N",3,1]
[null,null,null,null,"[합 계]",null,null,0,0,87,0,2905,0,0,0,2992,null,null,null,null,"",1]
[null,null,null,null,null,null,null,0,0,0,0,0,0,0,0,0,null,null,null,null,"",1]
["TDP33A00010S",null,null,null,"난연 비닐절연접지용전선(F-GV)-철거","0.6/1kv, 70㎟(50%)","M",0,0,0,0,0,0,0,0,0,null,null,null,null,"",1]
["TDP33A00010S","노무","L001010101000088",null,"통신외선공","일반공사 직종","인",7.4999999999999997E-3,0,0,387376,2905.3,0,0,387376,2905.3,null,null,"N","N","",1]
["TDP33A00010S","손료","RENT000000000003",null,"공구손료","노무비의 3%","식",1,87.1,87.1,0,0,0,0,87.1,87.1,null,null,"N","N",3,1]
[null,null,null,null,"[합 계]",null,null,0,0,87,0,2905,0,0,0,2992,null,null,null,null,"",1]
[null,null,null,null,null,null,null,0,0,0,0,0,0,0,0,0,null,null,null,null,"",1]
["TDP33B00010S",null,null,null,"난연 비닐절연접지용전선(F-GV)-철거","0.6/1kv, 95㎟(50%)","M",0,0,0,0,0,0,0,0,0,null,null,null,null,"",1]
["TDP33B00010S","노무","L001010101000088",null,"통신외선공","일반공사 직종","인",7.4999999999999997E-3,0,0,387376,2905.3,0,0,387376,2905.3,null,null,"N","N","",1]
["TDP33B00010S","손료","RENT000000000003",null,"공구손료","노무비의 3%","식",1,87.1,87.1,0,0,0,0,87.1,87.1,null,null,"N","N",3,1]
[null,null,null,null,"[합 계]",null,null,0,0,87,0,2905,0,0,0,2992,null,null,null,null,"",1]
[null,null,null,null,null,null,null,0,0,0,0,0,0,0,0,0,null,null,null,null,"",1]
["TDP33C00010S",null,null,null,"난연 비닐절연접지용전선(F-GV)-철거","0.6/1kv, 120㎟(50%)","M",0,0,0,0,0,0,0,0,0,null,null,null,null,"",1]
["TDP33C00010S","노무","L001010101000088",null,"통신외선공","일반공사 직종","인",0.01,0,0,387376,3873.7,0,0,387376,3873.7,null,null,"N","N","",1]
["TDP33C00010S","손료","RENT000000000003",null,"공구손료","노무비의 3%","식",1,116.2,116.2,0,0,0,0,116.2,116.2,null,null,"N","N",3,1]
[null,null,null,null,"[합 계]",null,null,0,0,116,0,3873,0,0,0,3989,null,null,null,null,"",1]
[null,null,null,null,null,null,null,0,0,0,0,0,0,0,0,0,null,null,null,null,"",1]
["TDP33D00010S",null,null,null,"난연 비닐절연접지용전선(F-GV)-철거","0.6/1kv, 150㎟(50%)","M",0,0,0,0,0,0,0,0,0,null,null,null,null,"",1]
["TDP33D00010S","노무","L001010101000088",null,"통신외선공","일반공사 직종","인",0.01,0,0,387376,3873.7,0,0,387376,3873.7,null,null,"N","N","",1]
["TDP33D00010S","손료","RENT000000000003",null,"공구손료","노무비의 3%","식",1,116.2,116.2,0,0,0,0,116.2,116.2,null,null,"N","N",3,1]
[null,null,null,null,"[합 계]",null,null,0,0,116,0,3873,0,0,0,3989,null,null,null,null,"",1]
[null,null,null,null,null,null,null,0,0,0,0,0,0,0,0,0,null,null,null,null,"",1]
["TDP33E00010S",null,null,null,"난연 비닐절연접지용전선(F-GV)-철거","0.6/1kv, 150㎟(50%)","M",0,0,0,0,0,0,0,0,0,null,null,null,null,"",1]
["TDP33E00010S","노무","L001010101000088",null,"통신외선공","일반공사 직종","인",1.2500000000000001E-2,0,0,387376,4842.2,0,0,387376,4842.2,null,null,"N","N","",1]
["TDP33E00010S","손료","RENT000000000003",null,"공구손료","노무비의 3%","식",1,145.19999999999999,145.19999999999999,0,0,0,0,145.19999999999999,145.19999999999999,null,null,"N","N",3,1]
[null,null,null,null,"[합 계]",null,null,0,0,145,0,4842,0,0,0,4987,null,null,null,null,"",1]
[null,null,null,null,null,null,null,0,0,0,0,0,0,0,0,0,null,null,null,null,"",1]
["TDP33F00010S",null,null,null,"난연 비닐절연접지용전선(F-GV)-철거","0.6/1kv, 200㎟(50%)","M",0,0,0,0,0,0,0,0,0,null,null,null,null,"",1]
["TDP33F00010S","노무","L001010101000088",null,"통신외선공","일반공사 직종","인",1.2500000000000001E-2,0,0,387376,4842.2,0,0,387376,4842.2,null,null,"N","N","",1]
["TDP33F00010S","손료","RENT000000000003",null,"공구손료","노무비의 3%","식",1,145.19999999999999,145.19999999999999,0,0,0,0,145.19999999999999,145.19999999999999,null,null,"N","N",3,1]
[null,null,null,null,"[합 계]",null,null,0,0,145,0,4842,0,0,0,4987,null,null,null,null,"",1]
[null,null,null,null,null,null,null,0,0,0,0,0,0,0,0,0,null,null,null,null,"",1]
["TDP33G00010S",null,null,null,"난연 비닐절연접지용전선(F-GV)-철거","0.6/1kv, 300㎟(50%)","M",0,0,0,0,0,0,0,0,0,null,null,null,null,"",1]
["TDP33G00010S","노무","L001010101000088",null,"통신외선공","일반공사 직종","인",1.2500000000000001E-2,0,0,387376,4842.2,0,0,387376,4842.2,null,null,"N","N","",1]
["TDP33G00010S","손료","RENT000000000003",null,"공구손료","노무비의 3%","식",1,145.19999999999999,145.19999999999999,0,0,0,0,145.19999999999999,145.19999999999999,null,null,"N","N",3,1]
[null,null,null,null,"[합 계]",null,null,0,0,145,0,4842,0,0,0,4987,null,null,null,null,"",1]
[null,null,null,null,null,null,null,0,0,0,0,0,0,0,0,0,null,null,null,null,"",1]
["TIC61100001S",null,null,null,"CCTV Pole 설치","3m 이하, 설계하중 200kg 이하","기",0,0,0,0,0,0,0,0,0,null,null,null,null,"",1]
["TIC61100001S","노무","L001010101000088",null,"통신외선공","일반공사 직종","인",0.28999999999999998,0,0,387376,112339,0,0,387376,112339,null,null,"N","N","",1]
["TIC61100001S","노무","L001010101000002",null,"보통인부","일반공사 직종","인",0.56000000000000005,0,0,165545,92705.2,0,0,165545,92705.2,null,null,"N","N","",1]
["TIC61100001S","손료","RENT000000000001",null,"공구손료","노무비의 3%","식",1,6151.3,6151.3,0,0,0,0,6151.3,6151.3,null,null,"N","N",3,1]
[null,null,null,null,"[합 계]",null,null,0,0,6151,0,205044,0,0,0,211195,null,null,null,null,"",1]
[null,null,null,null,null,null,null,0,0,0,0,0,0,0,0,0,null,null,null,null,"",1]
["TIC63100001S",null,null,null,"CCTV Pole 설치","5m 이하, 설계하중 200kg 이하","기",0,0,0,0,0,0,0,0,0,null,null,null,null,"",1]
["TIC63100001S","노무","L001010101000088",null,"통신외선공","일반공사 직종","인",0.5,0,0,387376,193688,0,0,387376,193688,null,null,"N","N","",1]
["TIC63100001S","노무","L001010101000002",null,"보통인부","일반공사 직종","인",0.56000000000000005,0,0,165545,92705.2,0,0,165545,92705.2,null,null,"N","N","",1]
["TIC63100001S","손료","RENT000000000001",null,"공구손료","노무비의 3%","식",1,8591.7000000000007,8591.7000000000007,0,0,0,0,8591.7000000000007,8591.7000000000007,null,null,"N","N",3,1]
[null,null,null,null,"[합 계]",null,null,0,0,8591,0,286393,0,0,0,294984,null,null,null,null,"",1]
[null,null,null,null,null,null,null,0,0,0,0,0,0,0,0,0,null,null,null,null,"",1]
["TIC63200001S",null,null,null,"CCTV Pole 설치","5m 이하, 설계하중 200kg 초과","기",0,0,0,0,0,0,0,0,0,null,null,null,null,"",1]
["TIC63200001S","노무","L001010101000088",null,"통신외선공","일반공사 직종","인",0.65,0,0,387376,251794.4,0,0,387376,251794.4,null,null,"N","N","",1]
["TIC63200001S","노무","L001010101000002",null,"보통인부","일반공사 직종","인",0.73,0,0,165545,120847.8,0,0,165545,120847.8,null,null,"N","N","",1]
["TIC63200001S","손료","RENT000000000001",null,"공구손료","노무비의 3%","식",1,11179.2,11179.2,0,0,0,0,11179.2,11179.2,null,null,"N","N",3,1]
[null,null,null,null,"[합 계]",null,null,0,0,11179,0,372642,0,0,0,383821,null,null,null,null,"",1]
[null,null,null,null,null,null,null,0,0,0,0,0,0,0,0,0,null,null,null,null,"",1]
["TIC64100001S",null,null,null,"CCTV Pole 설치","6m 이하, 설계하중 200kg 이하","기",0,0,0,0,0,0,0,0,0,null,null,null,null,"",1]
["TIC64100001S","노무","L001010101000088",null,"통신외선공","일반공사 직종","인",0.55000000000000004,0,0,387376,213056.8,0,0,387376,213056.8,null,null,"N","N","",1]
["TIC64100001S","노무","L001010101000002",null,"보통인부","일반공사 직종","인",0.62,0,0,165545,102637.9,0,0,165545,102637.9,null,null,"N","N","",1]
["TIC64100001S","손료","RENT000000000001",null,"공구손료","노무비의 3%","식",1,9470.7999999999993,9470.7999999999993,0,0,0,0,9470.7999999999993,9470.7999999999993,null,null,"N","N",3,1]
[null,null,null,null,"[합 계]",null,null,0,0,9470,0,315694,0,0,0,325164,null,null,null,null,"",1]
[null,null,null,null,null,null,null,0,0,0,0,0,0,0,0,0,null,null,null,null,"",1]
["TIC64200001S",null,null,null,"CCTV Pole 설치","6m 이하, 설계하중 200kg 초과","기",0,0,0,0,0,0,0,0,0,null,null,null,null,"",1]
["TIC64200001S","노무","L001010101000088",null,"통신외선공","일반공사 직종","인",0.72,0,0,387376,278910.7,0,0,387376,278910.7,null,null,"N","N","",1]
["TIC64200001S","노무","L001010101000002",null,"보통인부","일반공사 직종","인",0.81,0,0,165545,134091.4,0,0,165545,134091.4,null,null,"N","N","",1]
["TIC64200001S","손료","RENT000000000001",null,"공구손료","노무비의 3%","식",1,12390,12390,0,0,0,0,12390,12390,null,null,"N","N",3,1]
[null,null,null,null,"[합 계]",null,null,0,0,12390,0,413002,0,0,0,425392,null,null,null,null,"",1]
[null,null,null,null,null,null,null,0,0,0,0,0,0,0,0,0,null,null,null,null,"",1]
["TIC65100001S",null,null,null,"CCTV Pole 설치","7m 이하, 설계하중 200kg 이하","기",0,0,0,0,0,0,0,0,0,null,null,null,null,"",1]
["TIC65100001S","노무","L001010101000088",null,"통신외선공","일반공사 직종","인",0.95,0,0,387376,368007.2,0,0,387376,368007.2,null,null,"N","N","",1]
["TIC65100001S","노무","L001010101000002",null,"보통인부","일반공사 직종","인",1.08,0,0,165545,178788.6,0,0,165545,178788.6,null,null,"N","N","",1]
["TIC65100001S","손료","RENT000000000001",null,"공구손료","노무비의 3%","식",1,16403.8,16403.8,0,0,0,0,16403.8,16403.8,null,null,"N","N",3,1]
[null,null,null,null,"[합 계]",null,null,0,0,16403,0,546795,0,0,0,563198,null,null,null,null,"",1]
[null,null,null,null,null,null,null,0,0,0,0,0,0,0,0,0,null,null,null,null,"",1]
["TIC65200001S",null,null,null,"CCTV Pole 설치","7m 이하, 설계하중 200kg 초과","기",0,0,0,0,0,0,0,0,0,null,null,null,null,"",1]
["TIC65200001S","노무","L001010101000088",null,"통신외선공","일반공사 직종","인",1.23,0,0,387376,476472.4,0,0,387376,476472.4,null,null,"N","N","",1]
["TIC65200001S","노무","L001010101000002",null,"보통인부","일반공사 직종","인",1.4,0,0,165545,231763,0,0,165545,231763,null,null,"N","N","",1]
["TIC65200001S","손료","RENT000000000001",null,"공구손료","노무비의 3%","식",1,21247,21247,0,0,0,0,21247,21247,null,null,"N","N",3,1]
[null,null,null,null,"[합 계]",null,null,0,0,21247,0,708235,0,0,0,729482,null,null,null,null,"",1]
[null,null,null,null,null,null,null,0,0,0,0,0,0,0,0,0,null,null,null,null,"",1]
["TIC66100001S",null,null,null,"CCTV Pole 설치","8m 이하, 설계하중 200kg 이하","기",0,0,0,0,0,0,0,0,0,null,null,null,null,"",1]
["TIC66100001S","노무","L001010101000088",null,"통신외선공","일반공사 직종","인",1.28,0,0,387376,495841.2,0,0,387376,495841.2,null,null,"N","N","",1]
["TIC66100001S","노무","L001010101000002",null,"보통인부","일반공사 직종","인",1.45,0,0,165545,240040.2,0,0,165545,240040.2,null,null,"N","N","",1]
["TIC66100001S","손료","RENT000000000001",null,"공구손료","노무비의 3%","식",1,22076.400000000001,22076.400000000001,0,0,0,0,22076.400000000001,22076.400000000001,null,null,"N","N",3,1]
[null,null,null,null,"[합 계]",null,null,0,0,22076,0,735881,0,0,0,757957,null,null,null,null,"",1]
[null,null,null,null,null,null,null,0,0,0,0,0,0,0,0,0,null,null,null,null,"",1]
["TIC66200001S",null,null,null,"CCTV Pole 설치","8m 이하, 설계하중 200kg 초과","기",0,0,0,0,0,0,0,0,0,null,null,null,null,"",1]
["TIC66200001S","노무","L001010101000088",null,"통신외선공","일반공사 직종","인",1.66,0,0,387376,643044.1,0,0,387376,643044.1,null,null,"N","N","",1]
["TIC66200001S","노무","L001010101000002",null,"보통인부","일반공사 직종","인",1.88,0,0,165545,311224.59999999998,0,0,165545,311224.59999999998,null,null,"N","N","",1]
["TIC66200001S","손료","RENT000000000001",null,"공구손료","노무비의 3%","식",1,28628,28628,0,0,0,0,28628,28628,null,null,"N","N",3,1]
[null,null,null,null,"[합 계]",null,null,0,0,28628,0,954268,0,0,0,982896,null,null,null,null,"",1]
[null,null,null,null,null,null,null,0,0,0,0,0,0,0,0,0,null,null,null,null,"",1]
["TIC67100001S",null,null,null,"CCTV Pole 설치","9m 이하, 설계하중 200kg 이하","기",0,0,0,0,0,0,0,0,0,null,null,null,null,"",1]
["TIC67100001S","노무","L001010101000088",null,"통신외선공","일반공사 직종","인",1.29,0,0,387376,499715,0,0,387376,499715,null,null,"N","N","",1]
["TIC67100001S","노무","L001010101000002",null,"보통인부","일반공사 직종","인",1.64,0,0,165545,271493.8,0,0,165545,271493.8,null,null,"N","N","",1]
["TIC67100001S","손료","RENT000000000001",null,"공구손료","노무비의 3%","식",1,23136.2,23136.2,0,0,0,0,23136.2,23136.2,null,null,"N","N",3,1]
[null,null,null,null,"[합 계]",null,null,0,0,23136,0,771208,0,0,0,794344,null,null,null,null,"",1]
[null,null,null,null,null,null,null,0,0,0,0,0,0,0,0,0,null,null,null,null,"",1]
["TIC67200001S",null,null,null,"CCTV Pole 설치","9m 이하, 설계하중 200kg 초과","기",0,0,0,0,0,0,0,0,0,null,null,null,null,"",1]
["TIC67200001S","노무","L001010101000088",null,"통신외선공","일반공사 직종","인",1.68,0,0,387376,650791.6,0,0,387376,650791.6,null,null,"N","N","",1]
["TIC67200001S","노무","L001010101000002",null,"보통인부","일반공사 직종","인",2.13,0,0,165545,352610.8,0,0,165545,352610.8,null,null,"N","N","",1]
["TIC67200001S","손료","RENT000000000001",null,"공구손료","노무비의 3%","식",1,30102,30102,0,0,0,0,30102,30102,null,null,"N","N",3,1]
[null,null,null,null,"[합 계]",null,null,0,0,30102,0,1003402,0,0,0,1033504,null,null,null,null,"",1]
[null,null,null,null,null,null,null,0,0,0,0,0,0,0,0,0,null,null,null,null,"",1]
["TIC68100001S",null,null,null,"CCTV Pole 설치","10m 이하, 설계하중 200kg 이하","기",0,0,0,0,0,0,0,0,0,null,null,null,null,"",1]
["TIC68100001S","노무","L001010101000088",null,"통신외선공","일반공사 직종","인",1.55,0,0,387376,600432.80000000005,0,0,387376,600432.80000000005,null,null,"N","N","",1]
["TIC68100001S","노무","L001010101000002",null,"보통인부","일반공사 직종","인",1.96,0,0,165545,324468.2,0,0,165545,324468.2,null,null,"N","N","",1]
["TIC68100001S","손료","RENT000000000001",null,"공구손료","노무비의 3%","식",1,27747,27747,0,0,0,0,27747,27747,null,null,"N","N",3,1]
[null,null,null,null,"[합 계]",null,null,0,0,27747,0,924901,0,0,0,952648,null,null,null,null,"",1]
[null,null,null,null,null,null,null,0,0,0,0,0,0,0,0,0,null,null,null,null,"",1]
["TIC68200001S",null,null,null,"CCTV Pole 설치","10m 이하, 설계하중 200kg 초과","기",0,0,0,0,0,0,0,0,0,null,null,null,null,"",1]
["TIC68200001S","노무","L001010101000088",null,"통신외선공","일반공사 직종","인",2.0099999999999998,0,0,387376,778625.7,0,0,387376,778625.7,null,null,"N","N","",1]
["TIC68200001S","노무","L001010101000002",null,"보통인부","일반공사 직종","인",2.5499999999999998,0,0,165545,422139.7,0,0,165545,422139.7,null,null,"N","N","",1]
["TIC68200001S","손료","RENT000000000001",null,"공구손료","노무비의 3%","식",1,36022.9,36022.9,0,0,0,0,36022.9,36022.9,null,null,"N","N",3,1]
[null,null,null,null,"[합 계]",null,null,0,0,36022,0,1200765,0,0,0,1236787,null,null,null,null,"",1]
[null,null,null,null,null,null,null,0,0,0,0,0,0,0,0,0,null,null,null,null,"",1]
["TIC69100001S",null,null,null,"CCTV Pole 설치","11m 이하, 설계하중 200kg 이하","기",0,0,0,0,0,0,0,0,0,null,null,null,null,"",1]
["TIC69100001S","노무","L001010101000088",null,"통신외선공","일반공사 직종","인",1.93,0,0,387376,747635.6,0,0,387376,747635.6,null,null,"N","N","",1]
["TIC69100001S","노무","L001010101000002",null,"보통인부","일반공사 직종","인",2.0299999999999998,0,0,165545,336056.3,0,0,165545,336056.3,null,null,"N","N","",1]
["TIC69100001S","손료","RENT000000000001",null,"공구손료","노무비의 3%","식",1,32510.7,32510.7,0,0,0,0,32510.7,32510.7,null,null,"N","N",3,1]
[null,null,null,null,"[합 계]",null,null,0,0,32510,0,1083691,0,0,0,1116201,null,null,null,null,"",1]
[null,null,null,null,null,null,null,0,0,0,0,0,0,0,0,0,null,null,null,null,"",1]
["TIC69200001S",null,null,null,"CCTV Pole 설치","11m 이하, 설계하중 200kg 초과","기",0,0,0,0,0,0,0,0,0,null,null,null,null,"",1]
["TIC69200001S","노무","L001010101000088",null,"통신외선공","일반공사 직종","인",2.5,0,0,387376,968440,0,0,387376,968440,null,null,"N","N","",1]
["TIC69200001S","노무","L001010101000002",null,"보통인부","일반공사 직종","인",2.63,0,0,165545,435383.3,0,0,165545,435383.3,null,null,"N","N","",1]
["TIC69200001S","손료","RENT000000000001",null,"공구손료","노무비의 3%","식",1,42114.6,42114.6,0,0,0,0,42114.6,42114.6,null,null,"N","N",3,1]
[null,null,null,null,"[합 계]",null,null,0,0,42114,0,1403823,0,0,0,1445937,null,null,null,null,"",1]
[null,null,null,null,null,null,null,0,0,0,0,0,0,0,0,0,null,null,null,null,"",1]
["TIC6A100001S",null,null,null,"CCTV Pole 설치","12m 이하, 설계하중 200kg 이하","기",0,0,0,0,0,0,0,0,0,null,null,null,null,"",1]
["TIC6A100001S","노무","L001010101000088",null,"통신외선공","일반공사 직종","인",2.2000000000000002,0,0,387376,852227.2,0,0,387376,852227.2,null,null,"N","N","",1]
["TIC6A100001S","노무","L001010101000002",null,"보통인부","일반공사 직종","인",2.31,0,0,165545,382408.9,0,0,165545,382408.9,null,null,"N","N","",1]
["TIC6A100001S","손료","RENT000000000001",null,"공구손료","노무비의 3%","식",1,37039,37039,0,0,0,0,37039,37039,null,null,"N","N",3,1]
[null,null,null,null,"[합 계]",null,null,0,0,37039,0,1234636,0,0,0,1271675,null,null,null,null,"",1]
[null,null,null,null,null,null,null,0,0,0,0,0,0,0,0,0,null,null,null,null,"",1]
["TIC6A200001S",null,null,null,"CCTV Pole 설치","12m 이하, 설계하중 200kg 초과","기",0,0,0,0,0,0,0,0,0,null,null,null,null,"",1]
["TIC6A200001S","노무","L001010101000088",null,"통신외선공","일반공사 직종","인",2.86,0,0,387376,1107895.3,0,0,387376,1107895.3,null,null,"N","N","",1]
["TIC6A200001S","노무","L001010101000002",null,"보통인부","일반공사 직종","인",3,0,0,165545,496635,0,0,165545,496635,null,null,"N","N","",1]
["TIC6A200001S","손료","RENT000000000001",null,"공구손료","노무비의 3%","식",1,48135.9,48135.9,0,0,0,0,48135.9,48135.9,null,null,"N","N",3,1]
[null,null,null,null,"[합 계]",null,null,0,0,48135,0,1604530,0,0,0,1652665,null,null,null,null,"",1]
[null,null,null,null,null,null,null,0,0,0,0,0,0,0,0,0,null,null,null,null,"",1]
["TIC6C100001S",null,null,null,"CCTV Pole 설치","14m 이하, 설계하중 200kg 이하","기",0,0,0,0,0,0,0,0,0,null,null,null,null,"",1]
["TIC6C100001S","노무","L001010101000088",null,"통신외선공","일반공사 직종","인",2.77,0,0,387376,1073031.5,0,0,387376,1073031.5,null,null,"N","N","",1]
["TIC6C100001S","노무","L001010101000002",null,"보통인부","일반공사 직종","인",3.26,0,0,165545,539676.69999999995,0,0,165545,539676.69999999995,null,null,"N","N","",1]
["TIC6C100001S","손료","RENT000000000001",null,"공구손료","노무비의 3%","식",1,48381.2,48381.2,0,0,0,0,48381.2,48381.2,null,null,"N","N",3,1]
[null,null,null,null,"[합 계]",null,null,0,0,48381,0,1612708,0,0,0,1661089,null,null,null,null,"",1]
[null,null,null,null,null,null,null,0,0,0,0,0,0,0,0,0,null,null,null,null,"",1]
["TIC6C200001S",null,null,null,"CCTV Pole 설치","14m 이하, 설계하중 200kg 초과","기",0,0,0,0,0,0,0,0,0,null,null,null,null,"",1]
["TIC6C200001S","노무","L001010101000088",null,"통신외선공","일반공사 직종","인",3.6,0,0,387376,1394553.6,0,0,387376,1394553.6,null,null,"N","N","",1]
["TIC6C200001S","노무","L001010101000002",null,"보통인부","일반공사 직종","인",4.24,0,0,165545,701910.8,0,0,165545,701910.8,null,null,"N","N","",1]
["TIC6C200001S","손료","RENT000000000001",null,"공구손료","노무비의 3%","식",1,62893.9,62893.9,0,0,0,0,62893.9,62893.9,null,null,"N","N",3,1]
[null,null,null,null,"[합 계]",null,null,0,0,62893,0,2096464,0,0,0,2159357,null,null,null,null,"",1]
[null,null,null,null,null,null,null,0,0,0,0,0,0,0,0,0,null,null,null,null,"",1]